{"text_format":"2","workbook":"xlsx","n_sheets":19,"sheets":["RESUMO MODULO TOTAL","CRONOGRAMA TOTAL","SERVIÇOS PRELI","Projeto Executivo","Ensaios","CPU CODEVASF","CPU SINAPI","BDI","ENC. SOCIAIS","Mob e Desmob","CPU_SICRO","RESUMO MODULO MINIMO","CRONOGRAMA MINIMO","MC MODULO","Relação Insumos","INSUMOS SINAPI","COMPOSIÇÃO ANALI sinapi","COMP Sint. Sinapi","INSUMOS SICRO"],"not_rendered":{"charts":0,"images":2,"macros":0,"external_links":0,"defined_names":797,"comments":0,"pivot_tables":0},"unopened":[],"bounds":{"document_bytes":16777216,"sheet_cells":100000,"run_cost":"one","rows_first":2000,"rows_last":500,"rows_between":2000,"halvings":0,"cell_chars":16384,"cell_head_chars":4096},"cells_cut":0,"cells_raw":0,"read":"whole","date_system":"1900"}

{"sheet":"RESUMO MODULO TOTAL","index":0,"n_rows":33,"n_cols":20,"rows_kept":33,"cut":false,"hidden":false,"merged":[[27,3,27,6],[29,3,29,6],[31,3,31,6],[32,0,32,9],[20,3,20,6],[21,3,21,6],[22,3,22,6],[23,3,23,6],[25,3,25,6],[15,3,15,6],[16,3,16,6],[17,3,17,6],[18,3,18,6],[19,3,19,6],[10,3,10,6],[11,3,11,6],[12,3,12,6],[13,3,13,6],[14,3,14,6],[9,14,9,15],[1,0,3,11],[4,0,4,11],[5,0,8,0],[5,1,8,1],[5,2,8,2],[5,3,8,6],[6,8,7,8],[6,11,7,11],[9,3,9,6]]}
[{"$f":"'RESUMO MODULO MINIMO'!A1","v":"EXECUÇÃO DE SERVIÇOS DE IMPLANTAÇÃO DE PAVIMENTAÇÃO EM BLOCO DE CONCRETO INTERTRAVADO, EM VIAS URBANAS E RURAIS DE MUNÍCIPIOS DIVERSOS INSERIDOS NA ÁREA DE ATUAÇÃO DA CODEVASF, NO ESTADO DO RIO GRANDE DO NORTE"}]
[]
[]
[]
[{"$f":"A1","v":"EXECUÇÃO DE SERVIÇOS DE IMPLANTAÇÃO DE PAVIMENTAÇÃO EM BLOCO DE CONCRETO INTERTRAVADO, EM VIAS URBANAS E RURAIS DE MUNÍCIPIOS DIVERSOS INSERIDOS NA ÁREA DE ATUAÇÃO DA CODEVASF, NO ESTADO DO RIO GRANDE DO NORTE"}]
["ITEM","ORIGEM\nCOMPOSIÇÃO","CÓDIGO\nCOMPOSIÇÃO","DISCRIMINAÇÃO DOS SERVIÇOS",null,null,null,"BDI %:",{"$f":"BDI!D24","v":0.21583817516677417},"R$/m²",{"$f":"L33/I15","v":98.971482532476202},"PERCENTUAL DE RISCO"]
[{"$nulls":7},"Total de m²","Encargos Sociais:","Horista","Mensalista",1.0500000000000001E-2]
[{"$nulls":7},{"$f":"I15","v":630000},null,{"$f":"'ENC. SOCIAIS'!$E$51","v":113.22999999999999},{"$f":"'ENC. SOCIAIS'!$F$51","v":70.12}]
[{"$nulls":7},"UND","QTDE.","PREÇO UNITÁRIO COM BDI COM RISCO 0 (R$)","PREÇO TOTAL COM BDI RISCO 0 (R$)","PREÇO TOTAL COM CONTINGÊNCIA (R$)",{"$nulls":7},"TOTAL"]
[null,null,null,"MOBILIZAÇÃO",{"$nulls":10},"Índices de reajustamento"]
[1,"Codevasf","Composição Própria","Implantação da Obra",null,null,null,"MÓDULO",{"$f":"'MC MODULO'!N17","v":90},{"$f":"'SERVIÇOS PRELI'!I15","v":1362.42},{"$f":"ROUND(I11*J11,2)","v":122617.8},{"$f":"K11*(1+$L$7)","v":123905.28689999999},"INCC",{"$f":"SUMIF(M11:M32,\"INCC\",L11:L32)","v":2046995.63796},{"$f":"N11/$N$15","v":3.2829652968643278E-2},"INCC",null,null,null,123615]
[2,"Codevasf","Composição Própria","Administração da Obra",null,null,null,"MÓDULO",{"$f":"'MC MODULO'!N22","v":90},{"$f":"'SERVIÇOS PRELI'!$I$24","v":4757.2},{"$f":"ROUND(I12*J12,2)","v":428148},{"$f":"K12*(1+$L$7)","v":432643.554},"INCC",{"$f":"SUMIF(M11:M32,\"T\",L11:L32)","v":795132.13500000001},{"$f":"N12/$N$15","v":1.2752304681157562E-2},"T",null,null,null,431631]
[3,"Codevasf","Composição Própria","Placa de Obra em Chapa de Aço Galvanizado",null,null,null,"und",90,{"$f":"'SERVIÇOS PRELI'!I19","v":416.32},37468.800000000003,37862.222399999999,"INCC",{"$f":"SUMIF(M11:M32,\"P\",L11:L32)","v":54507931.222500004},0.87419652142332438,"P",null,null,null,37773]
[null,null,null,"TERRAPLENAGEM",{"$nulls":9},{"$f":"SUMIF(M11:M32,\"D\",L11:L32)","v":5001975},8.0221520926874748E-2,"D"]
[4,"Codevasf","Composição Própria","serviços topográficos para pavimentação, inclusive notas de serviços, acompanhamento e greide",null,null,null,"m²",{"$f":"'MC MODULO'!P29","v":630000},{"$f":"'CPU CODEVASF'!H90","v":0.47000000000000003},{"$f":"ROUND(I15*J15,2)","v":296100},{"$f":"K15*(1+$L$7)","v":299209.05},"T",{"$f":"SUM(N11:N14)","v":62352033.995460004},{"$f":"SUM(O11:O14)","v":1},{"$nulls":4},302400]
[5,"SICRO",5502114,"Escavação, carga e transporte de material de 1ª categoria - DMT de 1.000 a 1.200 m - caminho de serviço em leito natural - com escavadeira e caminhão basculante de 14 m³",null,null,null,"m³",{"$f":"'MC MODULO'!R34","v":63000},{"$f":"CPU_SICRO!I215","v":6.29},396270,400430.83499999996,"T",{"$nulls":6},399420]
[6,"SICRO",4413942,"Espalhamento de material em bota-fora",null,null,null,"m³",{"$f":"'MC MODULO'!R41","v":63000},{"$f":"CPU_SICRO!I247","v":1.5},94500,95492.25,"T",{"$nulls":6},95130]
[null,null,null,"PAVIMENTAÇÃO",{"$nulls":9},0.4]
[7,"SINAPI",92394,"Execução de Pavimento em Piso Intertravado, com Bloco Sextavado de 25 X 25 cm, espessura 8 cm. AF_12/2015",null,null,null,"m²",{"$f":"'MC MODULO'!P49","v":630000},{"$f":"'CPU SINAPI'!$G$5","v":61.789999999999992},{"$f":"ROUND(I19*J19,2)","v":38927700},{"$f":"K19*(1+$L$7)","v":39336440.850000001},"P",{"$f":"I19*N18","v":252000},{"$nulls":5},39242700]
[8,"SICRO",4011276,"Base ou sub-base de brita graduada com brita comercial",null,null,null,"m³",{"$f":"'MC MODULO'!R55","v":94500},{"$f":"CPU_SICRO!$I$36","v":152.61000000000001},14421645,14573072.272499999,"P",{"$f":"I20*N18","v":37800},{"$nulls":5},14538825]
[9,"SICRO",4011209,"Regularização do subleito",null,null,null,"m²",{"$f":"'MC MODULO'!R61","v":630000},{"$f":"CPU_SICRO!$I$72","v":0.94},592200,598418.1,"P",{"$nulls":6},598500]
[null,null,null,"SINALIZAÇÃO",{"$nulls":10},{"$f":"164*I22","v":0}]
[10,"SICRO",5213440,"Fornecimento e implantação de placa de regulamentação em aço D = 0,60 m - película retrorrefletiva tipo I + SI",null,null,null,"und",{"$f":"'MC MODULO'!R69","v":45},{"$f":"CPU_SICRO!$I$107","v":234.54},{"$f":"ROUND(I23*J23,2)","v":10554.3},{"$f":"K23*(1+$L$7)","v":10665.120149999999},"INCC",{"$nulls":6},10640.25]
[11,"SICRO",5213863,"Fornecimento e implantação de suporte metálico galvanizado para placa de regulamentação - D = 0,60 m",null,null,null,"und",{"$f":"'MC MODULO'!R75","v":45},{"$f":"CPU_SICRO!$I$147","v":329.49},14827.05,14982.734024999998,"INCC",{"$nulls":6},14947.65]
[null,null,null,"DRENAGEM"]
[12,"SICRO",2003373,"Meio fio de concreto - MFC 03 - areia e brita comerciais - fôrma de madeira",null,null,null,"m",{"$f":"'MC MODULO'!R82","v":180000},{"$f":"CPU_SICRO!I181","v":27.5},{"$f":"ROUND(I26*J26,2)","v":4950000},{"$f":"K26*(1+$L$7)","v":5001975},"D",{"$f":"I26*N18","v":72000},{"$nulls":5},4989600]
[null,null,null,"LIMPEZA GERAL"]
[13,"Codevasf","Composição Própria","Limpeza Geral",null,null,null,"m²",{"$f":"'MC MODULO'!R90","v":630000},{"$f":"'CPU CODEVASF'!$H$66","v":0.94000000000000006},{"$f":"ROUND(I28*J28,2)","v":592200},{"$f":"K28*(1+$L$7)","v":598418.1},"INCC",{"$nulls":6},592200]
[null,null,null,"SERVIÇOS COMPLEMENTARES"]
[14,"Codevasf","Composição Própria","Conserto de quebra no ramal na rua sem pavimento com fornecimento de material hidráulico",null,null,null,"m",{"$f":"'MC MODULO'!R97","v":9000},{"$f":"'CPU CODEVASF'!H77","v":16.32},{"$f":"ROUND(I30*J30,2)","v":146880},{"$f":"K30*(1+$L$7)","v":148422.24},"INCC",{"$nulls":6},148050]
[null,null,null,"PROJETO EXECUTIVO"]
[15,"Codevasf","Composição Própria","Projeto Executivo",null,null,null,"km",{"$f":"'MC MODULO'!R104","v":90},{"$f":"'Projeto Executivo'!G32","v":7478.1063677072898},{"$f":"ROUND(I32*J32,2)","v":673029.57},{"$f":"K32*(1+$L$7)","v":680096.38048499997},"INCC",{"$nulls":6},673029.57]
["VALOR TOTAL DO SRP",{"$nulls":9},{"$f":"SUM(K11:K32)","v":61704140.519999996},{"$f":"SUM(L11:L32)","v":62352033.995460004},{"$nulls":7},{"$f":"SUM(T11:T32)","v":62198461.469999999}]

{"sheet":"CRONOGRAMA TOTAL","index":1,"n_rows":27,"n_cols":19,"rows_kept":27,"cut":false,"hidden":false,"merged":[[24,0,24,1],[1,0,1,14],[2,0,2,14],[21,0,21,1],[22,0,22,1],[23,0,23,1]]}
[]
[{"$f":"'RESUMO MODULO MINIMO'!$A$5","v":"EXECUÇÃO DE SERVIÇOS DE IMPLANTAÇÃO DE PAVIMENTAÇÃO EM BLOCO DE CONCRETO INTERTRAVADO, EM VIAS URBANAS E RURAIS DE MUNÍCIPIOS DIVERSOS INSERIDOS NA ÁREA DE ATUAÇÃO DA CODEVASF, NO ESTADO DO RIO GRANDE DO NORTE"}]
["Cronograma Físico e Financeiro "]
["Item","Descrição","Total Por Etapa","30 DIAS","60 DIAS","90 DIAS","120 DIAS","150 DIAS","180 DIAS","210 DIAS","240 DIAS","270 DIAS","300 DIAS","330 DIAS","360 DIAS"]
[null,{"$f":"'RESUMO MODULO MINIMO'!$D$10","v":"MOBILIZAÇÃO"},1,null,{"$f":"$C$5/11","v":9.0909090909090912E-2},9.0909090909090912E-2,9.0909090909090912E-2,9.0909090909090912E-2,9.0909090909090912E-2,9.0909090909090912E-2,9.0909090909090912E-2,9.0909090909090912E-2,9.0909090909090912E-2,9.0909090909090912E-2,9.0909090909090912E-2,null,{"$f":"SUM(D5:O5)","v":1.0000000000000002}]
[null,null,{"$f":"SUM('RESUMO MODULO TOTAL'!L11:L13)","v":594411.06329999992},null,{"$f":"$C$6*E5","v":54037.369390909087},54037.369390909087,54037.369390909087,54037.369390909087,54037.369390909087,54037.369390909087,54037.369390909087,54037.369390909087,54037.369390909087,54037.369390909087,54037.369390909087,null,{"$f":"SUM(D6:O6)","v":594411.06329999992},{"$f":"C6","v":594411.06329999992},{"$f":"Q6-R6","v":0}]
[null,{"$f":"'RESUMO MODULO MINIMO'!D14","v":"TERRAPLENAGEM"},1,null,null,{"$f":"$C$9/10","v":0.1},0.1,0.1,0.1,0.1,0.1,0.1,0.1,0.1,0.1,null,{"$f":"SUM(F7:O7)","v":0.99999999999999989}]
[null,null,{"$f":"SUM('RESUMO MODULO TOTAL'!L15:L17)","v":795132.13500000001},null,null,{"$f":"$C$8*F7","v":79513.213500000013},79513.213500000013,79513.213500000013,79513.213500000013,79513.213500000013,79513.213500000013,79513.213500000013,79513.213500000013,79513.213500000013,79513.213500000013,null,795132.13500000024,{"$f":"C8","v":795132.13500000001},{"$f":"Q8-R8","v":0}]
[null,{"$f":"'RESUMO MODULO MINIMO'!$D$18","v":"PAVIMENTAÇÃO"},1,null,null,{"$f":"$C$9/10","v":0.1},0.1,0.1,0.1,0.1,0.1,0.1,0.1,0.1,0.1,null,0.99999999999999989]
[null,null,{"$f":"SUM('RESUMO MODULO TOTAL'!L19:L21)","v":54507931.222500004},null,null,{"$f":"$C$10*F9","v":5450793.1222500009},5450793.1222500009,5450793.1222500009,5450793.1222500009,5450793.1222500009,5450793.1222500009,5450793.1222500009,5450793.1222500009,5450793.1222500009,5450793.1222500009,null,54507931.222500004,{"$f":"C10","v":54507931.222500004},{"$f":"Q10-R10","v":0}]
[null,{"$f":"'RESUMO MODULO MINIMO'!$D$22","v":"SINALIZAÇÃO"},1,null,null,{"$f":"$C$11/10","v":0.1},{"$f":"(100%-$F$11)/9","v":0.1},0.1,0.1,0.1,0.1,0.1,0.1,0.1,0.1,null,0.99999999999999989]
[null,null,{"$f":"SUM('RESUMO MODULO TOTAL'!L23:L24)","v":25647.854174999997},null,null,{"$f":"$C$12*F11","v":2564.7854174999998},2564.7854174999998,2564.7854174999998,2564.7854174999998,2564.7854174999998,2564.7854174999998,2564.7854174999998,2564.7854174999998,2564.7854174999998,2564.7854174999998,null,25647.854174999997,{"$f":"C12","v":25647.854174999997},{"$f":"Q12-R12","v":0}]
[null,{"$f":"'RESUMO MODULO MINIMO'!$D$25","v":"DRENAGEM"},1,null,null,{"$f":"$C$13/10","v":0.1},0.1,0.1,0.1,0.1,0.1,0.1,0.1,0.1,0.1,null,{"$f":"SUM(D13:O13)","v":0.99999999999999989}]
[null,null,{"$f":"SUM('RESUMO MODULO TOTAL'!L26)","v":5001975},null,null,{"$f":"$C$14*F13","v":500197.5},500197.5,500197.5,500197.5,500197.5,500197.5,500197.5,500197.5,500197.5,500197.5,null,5001975,{"$f":"C14","v":5001975},{"$f":"Q14-R14","v":0}]
[null,{"$f":"'RESUMO MODULO MINIMO'!$D$27","v":"LIMPEZA GERAL"},1,null,null,{"$f":"100%/10","v":0.1},0.1,0.1,0.1,0.1,0.1,0.1,0.1,0.1,0.1,null,0.99999999999999989]
[null,null,{"$f":"'RESUMO MODULO TOTAL'!L28","v":598418.1},null,null,{"$f":"$C$16*F15","v":59841.81},59841.81,59841.81,59841.81,59841.81,59841.81,59841.81,59841.81,59841.81,59841.81,null,598418.10000000009,{"$f":"C16","v":598418.1},{"$f":"Q16-R16","v":0}]
[null,{"$f":"'RESUMO MODULO MINIMO'!D29","v":"SERVIÇOS COMPLEMENTARES"},1,null,null,{"$f":"100%/10","v":0.1},0.1,0.1,0.1,0.1,0.1,0.1,0.1,0.1,0.1,null,0.99999999999999989]
[null,null,{"$f":"'RESUMO MODULO TOTAL'!L30","v":148422.24},null,null,{"$f":"$C$18*F17","v":14842.224},14842.224,14842.224,14842.224,14842.224,14842.224,14842.224,14842.224,14842.224,14842.224,null,148422.24,{"$f":"C18","v":148422.24},{"$f":"Q18-R18","v":0}]
[null,{"$f":"'RESUMO MODULO MINIMO'!$D$31","v":"PROJETO EXECUTIVO"},1,0.5,0.5,{"$nulls":11},1]
[null,null,{"$f":"'RESUMO MODULO TOTAL'!L32","v":680096.38048499997},{"$f":"$C$20*D19","v":340048.19024249999},{"$f":"$C$20*E19","v":340048.19024249999},{"$nulls":11},680096.38048499997,{"$f":"C20","v":680096.38048499997},{"$f":"Q20-R20","v":0}]
[]
["Porcentagem",null,null,{"$f":"SUM(D6+D8+D10+D12+D14+D16+D18+D20)/$O$27","v":5.4536823973899504E-3},6.3203320626573842E-3,9.8822598553995278E-2,9.8822598553995278E-2,9.8822598553995278E-2,9.8822598553995278E-2,9.8822598553995278E-2,9.8822598553995278E-2,9.8822598553995278E-2,9.8822598553995278E-2,9.8822598553995278E-2,9.8822598553995278E-2]
["Custo",null,null,{"$f":"$O$27*D22","v":340048.19024249999},394085.55963340908,6161790.02455841,6161790.02455841,6161790.02455841,6161790.02455841,6161790.02455841,6161790.02455841,6161790.02455841,6161790.02455841,6161790.02455841,6161790.02455841]
["Porcentagem Acumulado",null,null,{"$f":"D22","v":5.4536823973899504E-3},{"$f":"D24+E22","v":1.1774014460047335E-2},0.11059661301404261,0.20941921156803789,0.30824181012203317,0.40706440867602844,0.50588700723002367,0.60470960578401889,0.70353220433801411,0.80235480289200933,0.90117740144600456,0.99999999999999978]
["Custo Acumulado",null,null,{"$f":"D23","v":340048.19024249999},{"$f":"D25+E23","v":734133.74987590907},6895923.7744343188,13057713.798992729,19219503.823551141,25381293.848109551,31543083.872667961,37704873.897226371,43866663.921784781,50028453.946343191,56190243.970901601,62352033.995460011]
[]
[null,null,null,"Total Geral",{"$nulls":9},"R$",{"$f":"'RESUMO MODULO TOTAL'!L33","v":62352033.995460004}]

{"sheet":"SERVIÇOS PRELI","index":2,"n_rows":24,"n_cols":9,"rows_kept":24,"cut":false,"hidden":false,"merged":[[23,0,23,4],[23,5,23,6],[18,0,18,4],[18,5,18,6],[19,0,19,8],[20,1,20,4],[20,5,20,8],[14,0,14,4],[14,5,14,6],[15,0,15,8],[16,1,16,4],[16,5,16,8],[7,0,7,8],[8,0,8,8],[10,0,10,8],[11,1,11,4],[11,5,11,8],[0,0,2,8],[3,0,3,8],[4,0,6,4],[4,7,4,8],[5,5,6,6]]}
[]
[]
[]
[{"$f":"'RESUMO MODULO MINIMO'!A1","v":"EXECUÇÃO DE SERVIÇOS DE IMPLANTAÇÃO DE PAVIMENTAÇÃO EM BLOCO DE CONCRETO INTERTRAVADO, EM VIAS URBANAS E RURAIS DE MUNÍCIPIOS DIVERSOS INSERIDOS NA ÁREA DE ATUAÇÃO DA CODEVASF, NO ESTADO DO RIO GRANDE DO NORTE"}]
[{"$nulls":6},"BDI %:",{"$f":"BDI!D24","v":0.21583817516677417}]
[{"$nulls":5},"Encargos Sociais:",null,"Horista","Mensalista"]
[{"$nulls":7},{"$f":"'ENC. SOCIAIS'!$E$51/100","v":1.1322999999999999},{"$f":"'ENC. SOCIAIS'!$F$51/100","v":0.70120000000000005}]
["Anexo VI - Planilhas Orçamentárias"]
["PLANILHA ORÇAMENTARIA NÁO DESONERADA -Janeiro/2020"]
["ITEM","CPUs","Fonte","Cód.","DISCRIMINAÇÃO DOS SERVIÇOS","UND","QTDE.","PREÇO UNITÁRIO (R$)","TOTAL"]
[]
[1,"IMPLANTAÇÃO DA OBRA"]
["1.1","SERVIÇOS INICIAIS"]
["1.1.1","CPU-02","CODEVASF",72840,"MOBILIZAÇÃO E DESMOBILIZAÇÃO","und",1,{"$f":"'CPU CODEVASF'!$H$36","v":1362.42},{"$f":"ROUND(G14*H14,2)","v":1362.42}]
[{"$nulls":5}," ITEM 1:",null,"TOTAL",{"$f":"SUM(I14:I14)","v":1362.42}]
[]
[2,"PLACA DE OBRA EM CHAPA DE ACO GALVANIZADO"]
["2.1","CPU-01","CODEVASF","74209/1","PLACA DE OBRA EM CHAPA DE ACO GALVANIZADO","und",1,{"$f":"'CPU CODEVASF'!$H$24","v":416.31999999999994},{"$f":"ROUND(G18*H18,2)","v":416.32}]
[{"$nulls":5}," ITEM 1:",null,"TOTAL",{"$f":"SUM(I18:I18)","v":416.32}]
[]
[3,"ADMINISTRAÇÃO DA OBRA"]
["3.1","CPU-03","CODEVASF","2.1","ADMINISTRAÇÃO LOCAL","%",1,{"$f":"'CPU CODEVASF'!$H$49","v":4455.82},{"$f":"ROUND(G22*H22,2)","v":4455.82}]
["3.2","CPU-04","CODEVASF","2.2","CANTEIRO DE OBRAS E ALMOXARIFADO","MÊS",1,{"$f":"'CPU CODEVASF'!$H$58","v":301.38},{"$f":"ROUND(G23*H23,2)","v":301.38}]
[{"$nulls":5}," ITEM 2:",null,"TOTAL",{"$f":"SUM(I22:I23)","v":4757.2}]

{"sheet":"Projeto Executivo","index":3,"n_rows":32,"n_cols":7,"rows_kept":32,"cut":false,"hidden":false,"merged":[[2,0,2,1],[0,0,0,6],[1,2,3,4],[18,0,18,1],[20,0,20,1],[31,0,31,1],[13,0,13,1],[22,0,22,1],[28,0,28,1],[29,0,29,1],[30,0,30,1],[27,0,27,1],[21,0,21,1],[23,0,23,1],[24,0,24,1],[25,0,25,1]]}
["COMPOSIÇAO PREÇO PROJETO EXECUTIVO (POR KM)"]
[]
["DISCRIMINAÇAO",{"$nulls":4},"Pr. Unit.","Pr. Total"]
[]
["A· EOUIPE TECNICA",{"$nulls":5},3342.2]
[null,"A. 1 - Pessoal de Nível Superior","Unidade","Quantitativo","Código SINAPI",null,2483.5]
[null,"Engenheiro","h",20,34780,109.91,2198.1999999999998]
[null,"Topógrafo","h",10,7592,28.53,285.3]
[null,"A.2 - Pessoal de Nível Técnico e Aux.",{"$nulls":4},858.7]
[null,"Auxiliar de topógrafo","h",10,244,11.63,116.30000000000001]
[null,"Cadista/calculista","h",20,2359,37.119999999999997,742.4]
["B - ENCARGOS SOCIAIS",{"$nulls":5},0]
[null,"Taxas 72,23 % do item \"A\"",{"$nulls":4},0]
["C - DESPESAS GERAIS",{"$nulls":5},466.08599999999996]
[null,"C.1 - MATERIAIS DE CONSUMO","Estimativa % como referência de equipe técnica com encargos sociais ",0.03,null,3342.2,100.26599999999999]
[null,"C.2 - VEÍCULOS","H",8,92144,40,320]
[null,"C.3 - COMBUSTÍVEL","L",2,4221,4.91,9.82]
[null,"C.3 - EQUIPAMENTOS, INSTALAÇÕES E MOBILIÁRIO","H",16,7247,2.25,36]
["D - ENSAIOS",{"$nulls":5},1720.21]
[null,"D.1 - ENSAIOS","Composição Ensaios",null,null,1720.21,1720.21]
["I - SOMA (A+B+C+D)",{"$nulls":5},5528.4959999999992]
["II - CUSTOS ADMINISTRATIVOS (23,74 %)",null,null,0.22572947174313907,null,null,1247.9444816140572]
["II - SOMA",{"$nulls":5},6776.4404816140559]
["VI - RELATÓRIOS",null,"Estimativa % como referência soma II",2.5000000000000001E-2,null,6776.4404816140559,169.41101204035141]
["V - DESPESAS DIRETAS (3,74%)",null,"Percentual VI",3.7400000000000003E-2,null,6.3359718503091429,6.3359718503091429]
["VI - REMUNERAÇAO DA EMPRESA"]
[null,"Taxas 4,75%",null,4.7500000000000001E-2,null,0.30095866288968431,0.30095866288968431]
["VII - CONTIGÊNCIAS",null,null,5.7700000000000001E-2,null,6776.4404816140559,391.00061578913102]
["VIII - SOMA",{"$nulls":5},567.04855834268119]
["IX - CUSTOS ADMINISTRATIVOS (23,74 %)",null,null,0.2374,null,null,134.6173277505525]
["III - SOMA",{"$nulls":5},701.66588609323367]
["X - TOTAL",{"$nulls":5},7478.1063677072898]

{"sheet":"Ensaios","index":4,"n_rows":29,"n_cols":6,"rows_kept":29,"cut":false,"hidden":false,"merged":[[28,0,28,3],[5,0,5,2],[5,3,5,4],[25,0,25,4],[26,0,26,3],[27,0,27,3],[0,0,1,5],[2,0,2,5],[3,0,3,5],[4,0,4,2],[4,3,4,4]]}
["SERVIÇOS GEOLÓGICOS/GEOTÉCNICOS"]
[]
["NOME DA EMPRESA:"]
[]
["PROJETO:",null,null,"CONTRATANTE:",null,"EDITAL:"]
[null,null,null,"Codevasf (Sede)"]
["Cod.","Insumos","Uni","Qde","Preço Unitário (PU)","Preço Total (PT)"]
["GT01","Ensaios em solos Umidade Natural ","un",1,68.45,{"$f":"ROUND(E8*D8,2)","v":68.45}]
["GT02","Ensaios do Frasco de Areia (in Situ)","un",1,68.45,68.45]
["GT03","Ensaios em solos Limite de Liquidez","un",1,93.94,93.94]
["GT04","Ensaios em solos Limite de Plasticidade","un",1,93.94,93.94]
["GT05","Granulometria por Peneiramento","un",1,107.53,107.53]
["GT06","Granulometria Completa","un",1,324,324]
["GT07","Massa Específica Real dos Grãos","un",1,93.15,93.15]
["GT08","Proctor Normal","un",2,137.22999999999999,274.45999999999998]
["GT09","Abrasão \"Los Angeles \"","un",1,353.09,353.09]
["GT10","Química da Areia","un",1,392.27,392.27]
["GT11","Mineralogia da Areia","un",1,451.17,451.17]
["GT12","Índice de plasticidade (IP) ","un",1,100,100]
["GT13","Índice de Grupo (IG)","un",1,100,100]
["GT14","Compactação","un",1,100,100]
["GT15","Índice de Suporte Califórnia","un",5,300,1500]
["GT16","Equivalente de Areia","un",1,100,100]
["GT17","Ensaio de Expansão","un",1,100,100]
["GT18","Unidade Higroscópica","un",1,100,100]
["TOTAL SERVIÇOS GEOTÉCNICOS",{"$nulls":4},{"$f":"SUM(F8:F25)","v":4420.45}]
["NOME DO INFORMANTE:",null,null,null,"QUALIFICAÇÃO:"]
[]
["ASSINATURA:",null,null,null,"DATA:"]

{"sheet":"CPU CODEVASF","index":5,"n_rows":90,"n_cols":8,"rows_kept":90,"cut":false,"hidden":false,"merged":[[86,4,86,6],[89,5,89,6],[66,7,67,7],[73,4,73,6],[76,5,76,6],[77,5,77,6],[78,5,79,5],[78,6,79,6],[78,7,79,7],[78,0,79,0],[78,1,79,1],[78,2,79,2],[78,3,79,3],[78,4,79,4],[62,4,62,6],[65,5,65,6],[66,0,67,0],[66,1,67,1],[66,2,67,2],[66,3,67,3],[66,4,67,4],[66,5,67,5],[66,6,67,6],[50,7,51,7],[54,4,54,6],[57,5,57,6],[59,0,60,0],[59,1,60,1],[59,2,60,2],[59,3,60,3],[59,4,60,4],[59,5,60,5],[59,6,60,6],[59,7,60,7],[45,4,45,6],[46,4,46,6],[47,4,47,6],[48,5,48,6],[50,0,51,0],[50,1,51,1],[50,2,51,2],[50,3,51,3],[50,4,51,4],[50,5,51,5],[50,6,51,6],[25,7,26,7],[32,4,32,6],[35,5,35,6],[37,0,38,0],[37,1,38,1],[37,2,38,2],[37,3,38,3],[37,4,38,4],[37,5,38,5],[37,6,38,6],[37,7,38,7],[20,4,20,6],[23,5,23,6],[25,0,26,0],[25,1,26,1],[25,2,26,2],[25,3,26,3],[25,4,26,4],[25,5,26,5],[25,6,26,6],[7,0,7,7],[8,0,9,0],[8,1,9,1],[8,2,9,2],[8,3,9,3],[8,4,9,4],[8,5,9,5],[8,6,9,6],[8,7,9,7],[0,0,2,7],[3,0,3,7],[4,0,6,3],[4,6,4,7],[5,4,6,5]]}
[]
[]
[]
[{"$f":"'RESUMO MODULO MINIMO'!A1","v":"EXECUÇÃO DE SERVIÇOS DE IMPLANTAÇÃO DE PAVIMENTAÇÃO EM BLOCO DE CONCRETO INTERTRAVADO, EM VIAS URBANAS E RURAIS DE MUNÍCIPIOS DIVERSOS INSERIDOS NA ÁREA DE ATUAÇÃO DA CODEVASF, NO ESTADO DO RIO GRANDE DO NORTE"}]
[{"$nulls":5},"BDI %:",{"$f":"BDI!$D$24","v":0.21583817516677417}]
[{"$nulls":4},"Encargos Sociais:",null,"Horista","Mensalista"]
[{"$nulls":6},{"$f":"'ENC. SOCIAIS'!E51/100","v":1.1322999999999999},{"$f":"'ENC. SOCIAIS'!F51/100","v":0.70120000000000005}]
["COMPOSIÇÕES DE CUSTO UNITARIO"]
["CPU-01","CODEVASF","74209/1","PLACA DE OBRA EM CHAPA DE ACO GALVANIZADO","M2","COEF.","PRECO UNITÁRIO (R$)","TOTAL (R$)"]
[]
["INS. SINAPI","SINAPI",5075,"PREGO 18X30.","kg",0.11,{"$f":"VLOOKUP($C11,'INSUMOS SINAPI'!$A$8:$E$5281,5,0)","v":"20,34"},{"$f":"ROUND(F11*G11,2)","v":2.2400000000000002}]
["INS. SINAPI","SINAPI",4491,"PECA DE MADEIRA NATIVA / REGIONAL 7,5 X 7,5CM (3X3) NAO APARELHADA (P/FORMA)","m",4,{"$f":"VLOOKUP($C12,'INSUMOS SINAPI'!$A$8:$E$5281,5,0)","v":"14,47"},57.88]
["INS. SINAPI","SINAPI",4417,"PECA DE MADEIRA DE LEI *2,5 X 7,5* CM (1\" X 3\"), NÃO APARELHADA, (P/TELHADO)","m",1,{"$f":"VLOOKUP($C13,'INSUMOS SINAPI'!$A$8:$E$5281,5,0)","v":"4,89"},4.8899999999999997]
["INS. SINAPI","SINAPI",4813,"PLACA DE OBRA (PARA CONSTRUCAO CIVIL) EM CHAPA GALVANIZADA *Nº 22*, DE *2,0 X 1,125* M","m²",1,{"$f":"VLOOKUP($C14,'INSUMOS SINAPI'!$A$8:$E$5281,5,0)","v":"225,00"},225]
["INS. SINAPI","SINAPI",370,"AREIA MÉDIA","m³",4.8999999999999998E-3,{"$f":"VLOOKUP($C15,'INSUMOS SINAPI'!$A$8:$E$5281,5,0)","v":"82,50"},0.4]
["INS. SINAPI","SINAPI",1379,"CIMENTO PORTLAND CP-II-32","kg",1.5,{"$f":"VLOOKUP($C16,'INSUMOS SINAPI'!$A$8:$E$5281,5,0)","v":"0,54"},0.81]
["INS. SINAPI","SINAPI",4718,"PEDRA BRITADA Nº 2","m³",9.7999999999999997E-3,{"$f":"VLOOKUP($C17,'INSUMOS SINAPI'!$A$8:$E$5281,5,0)","v":"95,00"},0.93]
["COMP. SINAPI","SINAPI",87445,"BETONEIRA CAPACIDADE NOMINAL 400 L, CAPACIDADE DE MISTURA 310 L, MOTOR A D ","h",6.4999999999999997E-3,{"$f":"VLOOKUP($C18,'COMP Sint. Sinapi'!$A$7:$E$6679,5,0)","v":"4,14"},0.03]
["COMP. SINAPI","SINAPI",88262,"CARPINTEIRO DE FORMAS COM ENCARGOS COMPLEMENTARES","h",1,{"$f":"VLOOKUP($C19,'COMP Sint. Sinapi'!$A$7:$E$6679,5,0)","v":"18,67"},18.670000000000002]
["COMP. SINAPI","SINAPI",88316,"SERVENTE COM ENCARGOS COMPLEMENTARES","h",2.06,{"$f":"VLOOKUP($C20,'COMP Sint. Sinapi'!$A$7:$E$6679,5,0)","v":"15,32"},31.56]
[{"$nulls":4},"Sub total:",null,null,{"$f":"SUM(H11:H20)","v":342.40999999999997}]
[{"$nulls":5},"BDI ",{"$f":"BDI!D24","v":0.21583817516677417},{"$f":"ROUND(H21*G22,2)","v":73.91}]
[{"$nulls":6},"Total Serviços:",{"$f":"H21+H22","v":416.31999999999994}]
[{"$nulls":4},{"$f":"A9","v":"CPU-01"},"PREÇO UNITÁRIO TOTAL:",null,{"$f":"H23","v":416.31999999999994}]
[]
["CPU-02","CODEVASF","Propria","MOBILIZAÇÃO E DESMOBILIZAÇÃO","T X KM","COEF.","PRECO UNITÁRIO (R$)","TOTAL (R$)"]
[]
["COMP. SINAPI","SINAPI",73340,"CAMINHÃO TOCO, PBT 14.300 KG, CARGA ÚTIL MÁX. 9.710 KG, DIST. ENTRE EIXOS 3,56 M, POTÊNCIA 185 CV, INCLUSIVE CARROCERIA FIXA ABERTA DE MADEIRA P/ TR ANSPORTE GERAL DE CARGA SECA, DIMEN. APROX. 2,50 X 6,50 X 0,50 M - MATERIA IS NA OPERAÇÃO. AF_06/2014","H",2,{"$f":"VLOOKUP($C28,'COMP Sint. Sinapi'!$A$7:$E$6679,5,0)","v":"64,15"},{"$f":"ROUND(F28*G28,2)","v":128.30000000000001}]
["COMP. SINAPI","SINAPI",67826,"CAMINHÃO BASCULANTE 6 M3 TOCO, PESO BRUTO TOTAL 16.000 KG, CARGA ÚTIL MÁXI CHP MA 11.130 KG, DISTÂNCIA ENTRE EIXOS 5,36 M, POTÊNCIA 185 CV, INCLUSIVE CAÇAMBA METÁLICA - CHP DIURNO. AF_06/2014","CHP",2,{"$f":"VLOOKUP($C29,'COMP Sint. Sinapi'!$A$7:$E$6679,5,0)","v":"151,00"},{"$f":"ROUND(F29*G29,2)","v":302}]
["COMP. SINAPI","SINAPI",6259,"CAMINHÃO PIPA 6.000 L, PESO BRUTO TOTAL 13.000 KG, DISTÂNCIA ENTRE EIXOS 4 CHP ,80 M, POTÊNCIA 189 CV INCLUSIVE TANQUE DE AÇO PARA TRANSPORTE DE ÁGUA, CAPACIDADE 6 M3 - CHP DIURNO. AF_06/2014","CHP",2,{"$f":"VLOOKUP($C30,'COMP Sint. Sinapi'!$A$7:$E$6679,5,0)","v":"200,29"},{"$f":"ROUND(F30*G30,2)","v":400.58}]
["COMP. SICRO","SICRO",5914640,"TRANSPORTE COM CAVALO MECÂNICO COM SEMIRREBOQUE COM CAPACIDADE DE 30 T - RODOVIA PAVIMENTADA","t.km",{"$f":"'Mob e Desmob'!E31","v":678.7},{"$f":"VLOOKUP($C31,'INSUMOS SICRO'!$B$1749:$E$1749,4,0)","v":0.39},{"$f":"ROUND(F31*G31,2)","v":264.69}]
["INSUMO","ORSE",5896,"VEÍCULO TIPO SEDAN OU PICK-UP CAPACIDADE 0,6 TON","h",3,{"$f":"VLOOKUP(C32,'Relação Insumos'!C:F,4,0)","v":8.33},{"$f":"ROUND(F32*G32,2)","v":24.99}]
[{"$nulls":4},"Sub total:",null,null,{"$f":"SUM(H28:H32)","v":1120.56}]
[{"$nulls":5},"BDI ",{"$f":"BDI!D24","v":0.21583817516677417},{"$f":"ROUND(H33*G34,2)","v":241.86}]
[{"$nulls":6},"Total Serviços:",{"$f":"H33+H34","v":1362.42}]
[{"$nulls":4},{"$f":"A26","v":"CPU-02"},"PREÇO UNITÁRIO TOTAL:",null,{"$f":"H35","v":1362.42}]
[]
["CPU-03","CODEVASF",null,"ADMINISTRAÇÃO LOCAL","%","COEF.","PRECO UNITÁRIO (R$)","TOTAL (R$)"]
[]
["COMP. SINAPI","SINAPI",90777,"ENGENHEIRO CIVIL DE OBRA JUNIOR COM ENCARGOS COMPLEMENTARES","H",20,{"$f":"VLOOKUP(C40,'COMP Sint. Sinapi'!A19:E6691,5,0)","v":"92,74"},{"$f":"ROUND(F40*G40,2)","v":1854.8}]
["COMP. SINAPI","SINAPI",90780,"MESTRE DE OBRAS COM ENCARGOS COMPLEMENTARES","H",40,{"$f":"VLOOKUP(C41,'COMP Sint. Sinapi'!A20:E6692,5,0)","v":"25,73"},1029.2]
["COMP. SINAPI","SINAPI",90772,"AUXILIAR DE ESCRITORIO COM ENCARGOS COMPLEMENTARES","H",40,{"$f":"VLOOKUP(C42,'COMP Sint. Sinapi'!A21:E6693,5,0)","v":"12,95"},518]
["INS. SINAPI","SINAPI",14250,"ENERGIA","KW/H",100,{"$f":"VLOOKUP(C43,'Relação Insumos'!C:F,4,0)","v":"0,73"},73]
["INS. SINAPI","SINAPI",14583,"ÁGUA TARIFA \"A\" ENTRE 0 E 20M3 FORNECIMENTO D'AGUA","M3",1,{"$f":"VLOOKUP(C44,'Relação Insumos'!C:F,4,0)","v":"13,81"},13.81]
["INSUMO","ORSE",4415,"VEÍCULO LEVE - VOLKSWAGEN:GOL 1000 - AUTOMÓVEL ATÉ 100 HP","H",40,4.4000000000000004,176]
[{"$nulls":4},"ADM. LOCAL :",null,null,{"$f":"SUM(H40:H45)","v":3664.81}]
[{"$nulls":4},"Total para 6 meses:"]
[{"$nulls":4},{"$f":"BDI!D24","v":0.21583817516677417},null,null,{"$f":"ROUND(E48*H46,2)","v":791.01}]
[{"$nulls":4},{"$f":"A38","v":"CPU-03"},"PREÇO TOTAL:",null,{"$f":"H46+H48","v":4455.82}]
[]
["CPU-04","CODEVASF",null,"CANTEIRO DE OBRAS E ALMOXARIFADO","MÊS","COEF.","PRECO UNITÁRIO (R$)","TOTAL (R$)"]
[]
["INS. SINAPI","SINAPI",10775,"LOCACAO DE CONTAINER 2,30 X 6,00 M, ALT. 2,50 M, COM 1 SANITARIO, PARA ESCRITORIO, COMPLETO, SEM DIVISÓRIAS INTERNAS","mês",0.2,{"$f":"VLOOKUP(C53,'Relação Insumos'!C:F,4,0)","v":"585,00"},{"$f":"ROUND(F53*G53,2)","v":117}]
["COMP. ORSE","ORSE",4299,"ALUGUEL DE CONTAINER - ALMOXARIFADO SEM BANHEIRO - 6,00 X 2,40M","mês",0.2,654.41999999999996,{"$f":"ROUND(F54*G54,2)","v":130.88}]
[{"$nulls":4},"Sub total:",null,null,{"$f":"SUM(H53:H54)","v":247.88}]
[{"$nulls":5},"BDI ",{"$f":"BDI!D24","v":0.21583817516677417},{"$f":"ROUND(H55*G56,2)","v":53.5}]
[{"$nulls":6},"Total Serviços:",{"$f":"H55+H56","v":301.38}]
[{"$nulls":4},{"$f":"A51","v":"CPU-04"},"PREÇO UNITÁRIO TOTAL:",null,{"$f":"H57","v":301.38}]
[]
["CPU-11","CODEVASF",null,"LIMPEZA GERAL","UNID","COEF.","PRECO UNITÁRIO (R$)","TOTAL (R$)"]
[]
["COMP. SINAPI","SINAPI",88316,"SERVENTE COM ENCARGOS COMPLEMENTARES","H",0.05,{"$f":"VLOOKUP(C62,'COMP Sint. Sinapi'!A41:E6713,5,0)","v":"15,32"},{"$f":"ROUND(F62*G62,2)","v":0.77}]
[{"$nulls":4},"Sub total:",null,null,{"$f":"SUM(H62:H62)","v":0.77}]
[{"$nulls":5},"BDI",{"$f":"BDI!D24","v":0.21583817516677417},{"$f":"ROUND(H63*G64,2)","v":0.17}]
[{"$nulls":6},"Total Serviços:",{"$f":"H63+H64","v":0.94000000000000006}]
[{"$nulls":4},{"$f":"A60","v":"CPU-11"},"PREÇO UNITÁRIO TOTAL:",null,{"$f":"H65","v":0.94000000000000006}]
["CPU-12","CODEVASF",null,"Correção de vazamentos no ramal na rua sem pavimento com fornecimento do material hidráulico","UNID","COEF.","PRECO UNITÁRIO (R$)","TOTAL (R$)"]
[]
["Composição Auxiliar","SINAPI",88316,"SERVENTE COM ENCARGOS COMPLEMENTARES","H",0.2,{"$f":"VLOOKUP(C69,'COMP Sint. Sinapi'!A41:E6713,5,0)","v":"15,32"},{"$f":"ROUND(F69*G69,2)","v":3.06}]
["Composição Auxiliar","SINAPI",88267,"ENCANADOR OU BOMBEIRO HIDRÁULICO COM ENCARGOS COMPLEMENTARES","H",0.1,{"$f":"VLOOKUP(C70,'COMP Sint. Sinapi'!A42:E6714,5,0)","v":"19,21"},{"$f":"ROUND(F70*G70,2)","v":1.92}]
["Insumo","SINAPI",9867,"TUBO PVC, SOLDAVEL, DN 20 MM, AGUA FRIA (NBR-5648)","m",1,{"$f":"VLOOKUP(C71,'INSUMOS SINAPI'!A:E,5,0)","v":"3,25"},{"$f":"ROUND(F71*G71,2)","v":3.25}]
["Insumo","ORSE",10585,"Arco de serra","un",0.1,21.25,{"$f":"ROUND(F72*G72,2)","v":2.13}]
["Insumo","SINAPI",3859,"LUVA SOLDAVEL COM ROSCA, PVC, 20 MM X 1/2\", PARA AGUA FRIA PREDIAL","un",2,{"$f":"VLOOKUP(C73,'INSUMOS SINAPI'!A:E,5,0)","v":"1,53"},{"$f":"ROUND(F73*G73,2)","v":3.06}]
[{"$nulls":4},"Sub total:",null,null,{"$f":"SUM(H69:H73)","v":13.42}]
[{"$nulls":5},"BDI",{"$f":"BDI!D24","v":0.21583817516677417},{"$f":"ROUND(H74*G75,2)","v":2.9}]
[{"$nulls":6},"Total Serviços:",{"$f":"H74+H75","v":16.32}]
[{"$nulls":4},{"$f":"A67","v":"CPU-12"},"PREÇO UNITÁRIO TOTAL:",null,{"$f":"H76","v":16.32}]
[]
["CPU-13","CODEVASF",null,"SERVIÇOS TOPOGRÁFICOS PARA PAVIMENTAÇÃO, INCLUSIVE NOTAS DE SERVIÇOS, ACOMPANHAMENTO E GREIDE","UNID","COEF.","PRECO UNITÁRIO (R$)","TOTAL (R$)"]
[]
["Insumo","SINAPI",20206,{"$f":"VLOOKUP(C81,'INSUMOS SINAPI'!A:E,2,0)","v":"SARRAFO APARELHADO *2 X 10* CM, EM MACARANDUBA, ANGELIM OU EQUIVALENTE DA REGIAO                                                                                                                                                                                                                                                                                                                                                                                                                          "},"m",2.8860000000000001E-3,{"$f":"VLOOKUP(C81,'INSUMOS SINAPI'!A:E,5,0)","v":"6,18"},{"$f":"ROUND(F81*G81,2)","v":0.02}]
["Composição","SINAPI",88253,{"$f":"VLOOKUP(C82,'COMP Sint. Sinapi'!A:F,2,0)","v":"AUXILIAR DE TOPÓGRAFO COM ENCARGOS COMPLEMENTARES"},"h",2.5000000000000001E-3,{"$f":"VLOOKUP(C82,'COMP Sint. Sinapi'!A:F,5,0)","v":"15,49"},0.04]
["Composição","SINAPI",88288,{"$f":"VLOOKUP(C83,'COMP Sint. Sinapi'!A:F,2,0)","v":"NIVELADOR COM ENCARGOS COMPLEMENTARES"},"h",2.5000000000000001E-3,{"$f":"VLOOKUP(C83,'COMP Sint. Sinapi'!A:F,5,0)","v":"19,20"},0.05]
["Composição","SINAPI",88316,{"$f":"VLOOKUP(C84,'COMP Sint. Sinapi'!A:F,2,0)","v":"SERVENTE COM ENCARGOS COMPLEMENTARES"},"h",7.4999999999999997E-3,{"$f":"VLOOKUP(C84,'COMP Sint. Sinapi'!A:F,5,0)","v":"15,32"},0.11]
["Composição","SINAPI",88597,{"$f":"VLOOKUP(C85,'COMP Sint. Sinapi'!A:F,2,0)","v":"DESENHISTA DETALHISTA COM ENCARGOS COMPLEMENTARES"},"h",2E-3,{"$f":"VLOOKUP(C85,'COMP Sint. Sinapi'!A:F,5,0)","v":"50,80"},0.1]
["Composição","SINAPI",92145,{"$f":"VLOOKUP(C86,'COMP Sint. Sinapi'!A:F,2,0)","v":"CAMINHONETE CABINE SIMPLES COM MOTOR 1.6 FLEX, CÂMBIO MANUAL, POTÊNCIA 101/104 CV, 2 PORTAS - CHP DIURNO. AF_11/2015"},"chp",1E-3,{"$f":"VLOOKUP(C86,'COMP Sint. Sinapi'!A:F,5,0)","v":"69,59"},7.0000000000000007E-2]
[{"$nulls":4},"Sub total:",null,null,{"$f":"SUM(H81:H86)","v":0.39}]
[{"$nulls":5},"BDI",{"$f":"BDI!D24","v":0.21583817516677417},{"$f":"ROUND(H87*G88,2)","v":0.08}]
[{"$nulls":6},"Total Serviços:",{"$f":"H87+H88","v":0.47000000000000003}]
[{"$nulls":4},{"$f":"A79","v":"CPU-13"},"PREÇO UNITÁRIO TOTAL:",null,{"$f":"H89","v":0.47000000000000003}]

{"sheet":"CPU SINAPI","index":6,"n_rows":17,"n_cols":7,"rows_kept":17,"cut":false,"hidden":false,"merged":[[14,3,14,5],[15,3,15,4],[16,3,16,5],[0,0,0,4],[0,5,1,6],[1,0,1,1],[1,2,1,4],[2,0,2,4]]}
["SINAPI - SISTEMA NACIONAL DE PESQUISA DE CUSTOS E ÍNDICES DA CONSTRUÇÃO CIVIL",{"$nulls":4},{"$f":"CPU_SICRO!M1","v":"Rio Grande do Norte"}]
["PCI.818.01 - COMPOSIÇÕES ATIVAS ANALÍTICAS COM CUSTO",null,"ABRANGENCIA: NACIONAL                                                                               DATA DE PREÇO          :   7/2021                                                                                                             DATA REFERENCIA TECNICA: 13/8/2021"]
["* Composições constantes nos Relatórios publicados de Composições Analíticas para as 27 Unidades da Federação"]
["MACROCLASSE.CLASSE.GRUPO","CÓDIGOS","DESCRIÇÃO","UNIDADE","COEFICIENTE","CADERNO TÉCNICO","PREÇO UNITÁRIO"]
["03.PAVI.INTE.004/001",92394,"EXECUÇÃO DE PAVIMENTO EM PISO INTERTRAVADO, COM BLOCO SEXTAVADO DE 25 X 25 CM, ESPESSURA 8 CM. AF_12/2015","M2",null,"Pavimento Intertravado",{"$f":"G17","v":61.789999999999992}]
["INSUMO",370,"AREIA MEDIA - POSTO JAZIDA/FORNECEDOR (RETIRADO NA JAZIDA, SEM TRANSPORTE)","M3","0,0568000",{"$f":"VLOOKUP($B6,'INSUMOS SINAPI'!$A$8:$E$5281,5,0)","v":"82,50"},4.68]
["INSUMO",712,"BLOQUETE/PISO INTERTRAVADO DE CONCRETO - MODELO SEXTAVADO / HEXAGONAL, 25 CM X 25 CM, E = 8 CM, RESISTENCIA DE 35 MPA (NBR 9781), COR NATURAL","M2","1,0174000",{"$f":"VLOOKUP($B7,'INSUMOS SINAPI'!$A$8:$E$5281,5,0)","v":"38,16"},{"$f":"ROUND(E7*F7,2)","v":38.82}]
["INSUMO",4741,"PO DE PEDRA (POSTO PEDREIRA/FORNECEDOR, SEM FRETE)","M3","0,0064000",{"$f":"VLOOKUP($B8,'INSUMOS SINAPI'!$A$8:$E$5281,5,0)","v":"89,26"},{"$f":"ROUND(E8*F8,2)","v":0.56999999999999995}]
["COMPOSICAO",88260,"CALCETEIRO COM ENCARGOS COMPLEMENTARES","H","0,1853000",{"$f":"VLOOKUP($B9,'COMP Sint. Sinapi'!A:F,5,0)","v":"18,77"},3.47]
["COMPOSICAO",88316,"SERVENTE COM ENCARGOS COMPLEMENTARES","H","0,1853000",{"$f":"VLOOKUP($B10,'COMP Sint. Sinapi'!A:F,5,0)","v":"15,32"},2.83]
["COMPOSICAO",91277,"PLACA VIBRATÓRIA REVERSÍVEL COM MOTOR 4 TEMPOS A GASOLINA, FORÇA CENTRÍFUGA DE 25 KN (2500 KGF), POTÊNCIA 5,5 CV - CHP DIURNO. AF_08/2015","CHP","0,0055000",{"$f":"VLOOKUP($B11,'COMP Sint. Sinapi'!A:F,5,0)","v":"9,83"},{"$f":"ROUND(E11*F11,2)","v":0.05}]
["COMPOSICAO",91278,"PLACA VIBRATÓRIA REVERSÍVEL COM MOTOR 4 TEMPOS A GASOLINA, FORÇA CENTRÍFUGA DE 25 KN (2500 KGF), POTÊNCIA 5,5 CV - CHI DIURNO. AF_08/2015","CHI","0,0872000",{"$f":"VLOOKUP($B12,'COMP Sint. Sinapi'!A:F,5,0)","v":"0,52"},0.04]
["COMPOSICAO",91283,"CORTADORA DE PISO COM MOTOR 4 TEMPOS A GASOLINA, POTÊNCIA DE 13 HP, COM DISCO DE CORTE DIAMANTADO SEGMENTADO PARA CONCRETO, DIÂMETRO DE 350 MM, FURO DE 1\" (14 X 1\") - CHP DIURNO. AF_08/2015","CHP","0,0135000",{"$f":"VLOOKUP($B13,'COMP Sint. Sinapi'!A:F,5,0)","v":"22,66"},0.3]
["COMPOSICAO",91285,"CORTADORA DE PISO COM MOTOR 4 TEMPOS A GASOLINA, POTÊNCIA DE 13 HP, COM DISCO DE CORTE DIAMANTADO SEGMENTADO PARA CONCRETO, DIÂMETRO DE 350 MM, FURO DE 1\" (14 X 1\") - CHI DIURNO. AF_08/2015","CHI","0,0792000",{"$f":"VLOOKUP($B14,'COMP Sint. Sinapi'!A:F,5,0)","v":"0,84"},0.06]
[null,null,null,"Sub total:",null,null,{"$f":"SUM(G6:G14)","v":50.819999999999993}]
[null,null,null,"BDI",null,{"$f":"BDI!$D$24","v":0.21583817516677417},{"$f":"ROUND(G15*F16,2)","v":10.97}]
[null,null,null,"Total Serviços:",null,null,{"$f":"G15+G16","v":61.789999999999992}]

{"sheet":"BDI","index":7,"n_rows":27,"n_cols":5,"rows_kept":27,"cut":false,"hidden":false,"merged":[[23,0,23,2],[1,0,1,3],[2,0,2,3],[3,0,3,3],[10,0,10,2],[11,0,11,2],[13,0,13,2],[14,0,14,2],[19,0,19,2],[20,3,20,4],[21,0,21,2],[20,0,20,2]]}
[]
["DETALHAMENTO DO BDI"]
["Serviços"]
["Atualização em 2013."]
[]
["Item","Descrição dos serviços",null,"Preço de Venda (%)","Custo Direto (%)"]
["A","ADMINISTRAÇÃO CENTRAL","Váriável - f (CD)",4.895044247787611E-2,0.06]
["B","CUSTOS FINANCEIROS","0,43% s/ PV - Lucro Operacional",4.1000000000000003E-3,5.025490834146871E-3]
["C ","RISCOS","0,50% de PV",null,6.1286473587156953E-3]
["D ","SEGUROS E GARANTIAS CONTRATUAIS","0,25% do PV",null,3.0643236793578476E-3]
["SUBTOTAL",null,null,6.055044247787611E-2,7.4218461872220406E-2]
["LUCRO",null,null,"% SOBRE PV","% SOBRE  CD"]
["E","LUCRO OPERACIONAL","Variável - f (CD)",5.7108849557522136E-2,7.0000000000000007E-2]
["SUBTOTAL",null,null,5.7108849557522136E-2,7.0000000000000007E-2]
["TAXAS E IMPOSTOS",null,null,"% SOBRE PV","% SOBRE  CD"]
["F","PIS","0,65% de PV",6.4999999999999997E-3,7.9672415663304044E-3]
["G","COFINS","3,00% de PV",0.03,3.6771884152294168E-2]
["H","ISSQN","3,00% de PV",0.03,3.6771884152294168E-2]
["I","Contribuição Previdenciaria","0,00% de PV",0,0]
["SUBTOTAL",null,null,6.6500000000000004E-2,8.1511009870918749E-2]
["BDI COM IMPOSTOS",null,null,{"$f":"(1+(E7+E13))/(1-(D8+D9+D10+D16+D17+D18+D19))-1","v":0.21583817516677417}]
["CUSTO DIRETO - CD",null,null,0.81584070796460173]
[null,null,null,1]
["BDI",null,null,{"$f":"D21","v":0.21583817516677417}]
["Observação: O percentual de ISSQN aqui utilizado consiste apenas em um referencial médio."]
[" O valor real do ISSQN a ser adotado deve ser aquele proveniente das alíquotas dos municípios situados na área de "]
["influência das obras."]

{"sheet":"ENC. SOCIAIS","index":8,"n_rows":51,"n_cols":6,"rows_kept":51,"cut":false,"hidden":false,"merged":[[50,0,50,1],[15,0,15,5],[26,0,26,5],[38,0,38,5],[45,0,45,5],[49,0,49,5],[13,0,14,1],[13,2,14,2],[13,3,14,3],[13,4,14,4],[13,5,14,5],[8,0,9,5],[10,0,10,5],[11,2,11,3],[11,4,11,5],[12,0,12,5]]}
[]
[]
[]
[]
[]
["NOME DA CONCORRENTE:"]
["EDITAL:"]
["FOLHA:"]
[{"$f":"'RESUMO MODULO MINIMO'!A1","v":"EXECUÇÃO DE SERVIÇOS DE IMPLANTAÇÃO DE PAVIMENTAÇÃO EM BLOCO DE CONCRETO INTERTRAVADO, EM VIAS URBANAS E RURAIS DE MUNÍCIPIOS DIVERSOS INSERIDOS NA ÁREA DE ATUAÇÃO DA CODEVASF, NO ESTADO DO RIO GRANDE DO NORTE"}]
[]
["DETALHAMENTO DOS ENCARGOS SOCIAIS (%)"]
["VIGÊNCIA A PARTIR DE 10/2020",null,"COM DESONERAÇÃO",null,"SEM DESONERAÇÃO"]
[]
[null,null,"HORISTA","MENSALISTA","HORISTA","MENSALISTA"]
[]
["GRUPO A"]
["A1","INSS",0,0,20,20]
["A2","SESI",1.5,1.5,1.5,1.5]
["A3","SENAI",1,1,1,1]
["A4","INCRA",0.2,0.2,0.2,0.2]
["A5","SEBRAE",0.6,0.6,0.6,0.6]
["A6","Salário Educação",2.5,2.5,2.5,2.5]
["A7","Seguro Contra Acidentes de Trabalho",3,3,3,3]
["A8","FGTS",8,8,8,8]
["A9","SECONCI",1,1,0,0]
["A","Total",{"$f":"SUM(C17:C25)","v":17.8},{"$f":"SUM(D17:D25)","v":17.8},{"$f":"SUM(E17:E25)","v":36.799999999999997},{"$f":"SUM(F17:F25)","v":36.799999999999997}]
["GRUPO B"]
["B1","Repouso Semanal Remunerado",17.88,"-",17.98,"-"]
["B2","Feriados",3.94,"-",4.28,"-"]
["B3","Auxílio-enfermidade",0.91,0.69,0.88,0.67]
["B4","13° salário",10.98,8.33,10.9,8.33]
["B5","Licença-paternidade",7.0000000000000007E-2,0.06,7.0000000000000007E-2,0.06]
["B6","Faltas Justificadas",0.73,0.56000000000000005,0.73,0.56000000000000005]
["B7","Dias de chuva",1.45,"-",1.77,0]
["B8","Auxílio Acidente de Trabalho",0.11,0.09,0.11,0.08]
["B9","Férias Gozadas",11.35,8.6199999999999992,9.11,6.97]
["B10","Salário Maternidade",0.03,0.03,0.03,0.03]
["B","Total ",{"$f":"SUM(C28:C37)","v":47.45},{"$f":"SUM(D28:D37)","v":18.380000000000003},{"$f":"SUM(E28:E37)","v":45.86},{"$f":"SUM(F28:F37)","v":16.700000000000003}]
["GRUPO C"]
["C1","Aviso Prévio Indenizado",6.76,5.14,5.1100000000000003,3.91]
["C2","Aviso Prévio Trabalhado",0.16,0.12,0.12,0.09]
["C3","Férias Indenizadas",2.2799999999999998,1.73,4.0199999999999996,3.07]
["C4","Depósito Rescisão Sem Justa Causa",3.81,2.89,3.56,2.72]
["C5","Indenização Adicional",0.56999999999999995,0.43,0.43,0.33]
["C","Total ",{"$f":"SUM(C40:C44)","v":13.58},{"$f":"SUM(D40:D44)","v":10.31},{"$f":"SUM(E40:E44)","v":13.24},{"$f":"SUM(F40:F44)","v":10.120000000000001}]
["GRUPO D"]
["D1","Reincidência de A sobre B",8.4499999999999993,3.27,16.88,6.15]
["D2","Reincidência de Grupo A sobre Aviso Prévio Trabalhado e Reincidência do FGTS sobre Aviso Prévio Indenizado",0.56999999999999995,0.43,0.45,0.35]
["D","Total",{"$f":"SUM(C47:C48)","v":9.02},{"$f":"SUM(D47:D48)","v":3.7},{"$f":"SUM(E47:E48)","v":17.329999999999998},{"$f":"SUM(F47:F48)","v":6.5}]
[]
["T O T A L (%)",null,{"$f":"C26+C38+C45+C49","v":87.85},{"$f":"D26+D38+D45+D49","v":50.190000000000012},{"$f":"E26+E38+E45+E49","v":113.22999999999999},{"$f":"F26+F38+F45+F49","v":70.12}]

{"sheet":"Mob e Desmob","index":9,"n_rows":69,"n_cols":9,"rows_kept":69,"cut":false,"hidden":false,"merged":[[65,1,65,7],[66,1,66,7],[67,1,67,7],[68,1,68,7],[59,1,59,7],[61,1,61,7],[62,1,62,7],[63,1,63,7],[64,1,64,7],[54,1,54,7],[55,1,55,7],[56,1,56,7],[57,1,57,7],[58,1,58,7],[47,1,47,7],[48,1,48,7],[49,1,49,7],[52,1,52,7],[53,1,53,7],[42,1,42,7],[43,1,43,7],[44,1,44,7],[45,1,45,7],[46,1,46,7],[31,0,31,3],[38,1,38,7],[39,1,39,7],[40,1,40,7],[41,1,41,7],[15,0,15,3],[16,0,16,3],[19,0,19,1],[29,0,29,1],[30,0,30,3],[9,0,9,1],[11,0,11,1],[12,0,12,1],[13,0,13,1],[14,0,14,1],[1,0,1,13],[2,0,2,13],[3,0,3,13],[4,0,4,13],[6,0,7,13]]}
[]
[]
[]
[]
[{"$f":"'RESUMO MODULO MINIMO'!A1","v":"EXECUÇÃO DE SERVIÇOS DE IMPLANTAÇÃO DE PAVIMENTAÇÃO EM BLOCO DE CONCRETO INTERTRAVADO, EM VIAS URBANAS E RURAIS DE MUNÍCIPIOS DIVERSOS INSERIDOS NA ÁREA DE ATUAÇÃO DA CODEVASF, NO ESTADO DO RIO GRANDE DO NORTE"}]
[]
["MEMÓRIA DE CÁLCULO DOS MOMENTOS DE TRANSPORTE PARA MOBILIZAÇÃO E DESMOBILIZAÇÃO"]
[]
[]
["Deslocamento:"]
[null,null,"Distancia méd. (Km)","Qtde. ","Total (Km)"]
["Mobilização (entre os trechos de serviço):",null,1,1,{"$f":"C12*D12","v":1}]
["Desmobilização   (entre os trechos de serviço):",null,1,1,{"$f":"C13*D13","v":1}]
["Mobilização inter-municipal (entre as localidades):",null,10,1,{"$f":"C14*D14","v":10}]
["Desmobilização   inter-municipal (entre as localidades):",null,10,1,{"$f":"C15*D15","v":10}]
["Mobilização - Total (km)",null,null,null,{"$f":"E12+E14","v":11}]
["Desmobilização - Total (km)",null,null,null,{"$f":"E13+E15","v":11}]
[]
[]
["Peso das máquinas:"]
[{"$nulls":4},"Pá carregadeira ",null,null,10.1," ton"]
[{"$nulls":4},"Motoniveladora ",null,null,12.47," ton"]
[{"$nulls":4},"Trator de pneus",null,null,2.8," ton"]
[{"$nulls":4},"Rolo Compactador ",null,null,15.33," ton"]
[{"$nulls":4},"Grade de disco",null,null,1," ton"]
[{"$nulls":4},"Usina misturadora",null,null,20," ton"]
[]
[{"$nulls":4},"Total",null,null,{"$f":"ROUND(SUM(H20:H27),2)","v":61.7}," ton"]
[]
["Portanto:","Portanto"]
["Mobilização - Total (km)",null,null,null,{"$f":"E16*H28","v":678.7}," t x km"]
["Desmobilização - Total (km)",null,null,null,{"$f":"E17*H28","v":678.7}," t x km"]
[]
[]
[]
[]
[]
[]
["E9010","Balança plataforma digital com mesa de 75 x 75 cm com capacidade de 500 kg",{"$nulls":6},"Caminhão carroceria"]
["E9064","Transportador manual gerica com capacidade de 180 l",{"$nulls":6},"Caminhão carroceria"]
["E9066","Grupo gerador - 13/14 kVA",{"$nulls":6},"Caminhão carroceria"]
["E9071","Transportador manual carrinho de mão com capacidade de 80 l",{"$nulls":6},"Caminhão carroceria"]
["E9076","Equipamento de pintura com cabine de 7,00 kW e estufa de 80.000 kCal para pintura eletrostática",{"$nulls":6},"Caminhão carroceria"]
["E9519","Betoneira com motor a gasolina com capacidade de 600 l - 10 kW",{"$nulls":6},"Caminhão carroceria"]
["E9521","Grupo gerador - 2,5/3 kVA",{"$nulls":6},"Caminhão carroceria"]
["E9568","Furadeira de impacto de 12,5 mm - 0,8 kW",{"$nulls":6},"Caminhão carroceria"]
["E9622","Máquina de bancada universal para corte de chapa - 1,5 kW",{"$nulls":6},"Caminhão carroceria"]
["E9623","Máquina de bancada guilhotina - 4 kW",{"$nulls":6},"Caminhão carroceria"]
["E9675","Martelete perfurador/rompedor elétrico - 1,5 kW",{"$nulls":6},"Caminhão carroceria"]
["E9779","Grupo gerador - 100/110 kVA",{"$nulls":6},"Caminhão carroceria"]
[]
[]
["E9506","Caminhão basculante com capacidade de 6 m³ - 136 kW",{"$nulls":6},"Rodoviario"]
["E9571","Caminhão tanque com capacidade de 10.000 l - 188 kW",{"$nulls":6},"Rodoviario"]
["E9579","Caminhão basculante com capacidade de 10 m³ - 188 kW",{"$nulls":6},"Rodoviario"]
["E9592","Caminhão carroceria com capacidade de 15 t - 188 kW",{"$nulls":6},"Rodoviario"]
["E9644","Caminhão demarcador de faixas com sistema de pintura a frio - 28 kW/115 kW",{"$nulls":6},"Rodoviario"]
["E9686","Caminhão carroceria com guindauto com capacidade de 20 t.m - 136 kW",{"$nulls":6},"Rodoviario"]
["E9687","Caminhão carroceria com capacidade de 5 t - 115 kW",{"$nulls":6},"Rodoviario"]
["E9514","Distribuidor de agregados autopropelido - 130 kW",{"$nulls":6},"Rodoviario"]
[]
["E9511","Carregadeira de pneus com capacidade de 3,40 m³ - 195 kW",{"$nulls":6},"TRANSPORTE COM CAVALO MECÂNICO COM SEMIRREBOQUE COM CAPACIDADE DE 30 T - RODOVIA PAVIMENTADA"]
["E9524","Motoniveladora - 93 kW",{"$nulls":6},"TRANSPORTE COM CAVALO MECÂNICO COM SEMIRREBOQUE COM CAPACIDADE DE 30 T - RODOVIA PAVIMENTADA"]
["E9530","Rolo compactador liso autopropelido vibratório de 11 t - 97 kW",{"$nulls":6},"TRANSPORTE COM CAVALO MECÂNICO COM SEMIRREBOQUE COM CAPACIDADE DE 30 T - RODOVIA PAVIMENTADA"]
["E9577","Trator agrícola - 77 kW",{"$nulls":6},"TRANSPORTE COM CAVALO MECÂNICO COM SEMIRREBOQUE COM CAPACIDADE DE 30 T - RODOVIA PAVIMENTADA"]
["E9685","Rolo compactador pé de carneiro vibratório autopropelido de 11,6 t - 82 kW",{"$nulls":6},"TRANSPORTE COM CAVALO MECÂNICO COM SEMIRREBOQUE COM CAPACIDADE DE 30 T - RODOVIA PAVIMENTADA"]
["E9762","Rolo compactador de pneus autopropelido de 27 t - 85 kW",{"$nulls":6},"TRANSPORTE COM CAVALO MECÂNICO COM SEMIRREBOQUE COM CAPACIDADE DE 30 T - RODOVIA PAVIMENTADA"]
["E9518","Grade de 24 discos rebocável de 24\"",{"$nulls":6},"TRANSPORTE COM CAVALO MECÂNICO COM SEMIRREBOQUE COM CAPACIDADE DE 30 T - RODOVIA PAVIMENTADA"]
["E9615","Usina misturadora de solos com capacidade de 300 t/h",{"$nulls":6},"TRANSPORTE COM CAVALO MECÂNICO COM SEMIRREBOQUE COM CAPACIDADE DE 30 T - RODOVIA PAVIMENTADA"]

{"sheet":"CPU_SICRO","index":10,"n_rows":247,"n_cols":17,"rows_kept":247,"cut":false,"hidden":false,"merged":[[239,2,239,6],[240,0,241,1],[240,2,241,2],[240,3,241,3],[240,4,240,6],[240,8,241,8],[243,2,243,6],[244,4,244,6],[228,2,228,6],[231,4,231,5],[231,6,231,8],[232,2,232,6],[233,4,233,5],[233,6,233,8],[235,2,235,6],[237,5,237,6],[237,7,237,8],[220,0,221,1],[220,2,221,2],[220,3,220,4],[220,5,220,6],[224,4,224,5],[224,6,224,8],[226,2,226,6],[226,7,226,8],[227,2,227,6],[207,2,207,6],[208,0,209,1],[208,2,209,2],[208,3,209,3],[208,4,208,6],[208,8,209,8],[211,2,211,6],[212,4,212,6],[219,1,219,6],[219,7,219,8],[196,2,196,6],[199,4,199,5],[199,6,199,8],[200,2,200,6],[201,4,201,5],[201,6,201,8],[203,2,203,6],[205,5,205,6],[205,7,205,8],[187,0,188,1],[187,2,188,2],[187,3,187,4],[187,5,187,6],[192,4,192,5],[192,6,192,8],[194,2,194,6],[194,7,194,8],[195,2,195,6],[174,2,174,6],[175,0,176,1],[175,2,176,2],[175,3,176,3],[175,4,175,6],[175,8,176,8],[177,2,177,6],[178,4,178,6],[186,1,186,6],[186,7,186,8],[161,2,161,6],[164,4,164,5],[164,6,164,8],[165,2,165,6],[166,4,166,5],[166,6,166,8],[171,2,171,6],[173,5,173,6],[173,7,173,8],[155,0,156,1],[155,2,156,2],[155,3,155,4],[155,5,155,6],[158,4,158,5],[158,6,158,8],[159,2,159,6],[159,7,159,8],[160,2,160,6],[138,2,138,6],[139,0,140,1],[139,2,140,2],[139,3,140,3],[139,4,139,6],[139,8,140,8],[143,2,143,6],[144,4,144,6],[154,1,154,6],[154,7,154,8],[123,2,123,6],[126,4,126,5],[126,6,126,8],[129,2,129,6],[130,4,130,5],[130,6,130,8],[133,2,133,6],[135,5,135,6],[135,7,135,8],[114,0,115,1],[114,2,115,2],[114,3,114,4],[114,5,114,6],[118,4,118,5],[118,6,118,8],[121,2,121,6],[121,7,121,8],[122,2,122,6],[99,2,99,6],[100,0,101,1],[100,2,101,2],[100,3,101,3],[100,4,100,6],[100,8,101,8],[103,2,103,6],[104,4,104,6],[113,1,113,6],[113,7,113,8],[88,2,88,6],[91,4,91,5],[91,6,91,8],[92,2,92,6],[93,4,93,5],[93,6,93,8],[95,2,95,6],[97,5,97,6],[97,7,97,8],[79,0,80,1],[79,2,80,2],[79,3,79,4],[79,5,79,6],[83,4,83,5],[83,6,83,8],[86,2,86,6],[86,7,86,8],[87,2,87,6],[65,2,65,6],[66,0,67,1],[66,2,67,2],[66,3,67,3],[66,4,66,6],[66,8,67,8],[68,2,68,6],[69,4,69,6],[78,1,78,6],[78,7,78,8],[56,2,56,6],[59,4,59,5],[59,6,59,8],[60,2,60,6],[61,4,61,5],[61,6,61,8],[62,2,62,6],[64,5,64,6],[64,7,64,8],[43,0,44,1],[43,2,44,2],[43,3,43,4],[43,5,43,6],[52,4,52,5],[52,6,52,8],[54,2,54,6],[54,7,54,8],[55,2,55,6],[28,2,28,6],[29,0,30,1],[29,2,30,2],[29,3,30,3],[29,4,29,6],[29,8,30,8],[32,2,32,6],[33,4,33,6],[42,1,42,6],[42,7,42,8],[16,2,16,6],[17,2,17,6],[20,4,20,5],[20,6,20,8],[21,2,21,6],[22,4,22,5],[22,6,22,8],[24,5,24,6],[26,5,26,6],[26,7,26,8],[5,1,5,6],[5,7,5,8],[6,0,7,1],[6,2,7,2],[6,3,6,4],[6,5,6,6],[13,4,13,5],[13,6,13,8],[15,2,15,6],[15,7,15,8]]}
[{"$nulls":12},"Rio Grande do Norte",null,null,"DMT",10]
[{"$nulls":12},"2021-04-12"]
["CGCIT",{"$nulls":7},"DNIT"]
["SISTEMA DE CUSTOS REFERENCIAIS DE OBRAS - SICRO",null,null,"Rio Grande do Norte",null,null,"FIC 0,00353"]
["Custo Unitário de Referência",null,null,{"$f":"$M$2","v":"2021-04-12"},null,null,"Produção da equipe",113.18,"m³"]
[4011276,"Base ou sub-base de brita graduada com brita comercial",{"$nulls":5},"Valores em reais (R$)"]
["A - EQUIPAMENTOS",null,"Quantidade","Utilização",null,"Custo Horário",null,null,"Custo"]
[null,null,null,"Operativa","Improdutiva","Produtivo","Improdutivo",null,"Horário Total"]
["E9571","Caminhão tanque com capacidade de 10.000 l - 188 kW",1,0.34,0.66,236.63249999999999,58.850900000000003,null,{"$f":"ROUND((C9*(D9*F9))+(C9*(E9*G9)),4)","v":119.2966}]
["E9514","Distribuidor de agregados autopropelido - 130 kW",1,1,0,207.3038,74.110600000000005,null,{"$f":"ROUND((C10*(D10*F10))+(C10*(E10*G10)),4)","v":207.3038}]
["E9762","Rolo compactador de pneus autopropelido de 27 t - 85 kW",1,0.65,0.35,157.4468,73.397400000000005,null,{"$f":"ROUND((C11*(D11*F11))+(C11*(E11*G11)),4)","v":128.02950000000001}]
["E9530","Rolo compactador liso autopropelido vibratório de 11 t - 97 kW",1,0.52,0.48,154.34790000000001,62.178800000000003,null,{"$f":"ROUND((C12*(D12*F12))+(C12*(E12*G12)),4)","v":110.1067}]
[{"$nulls":6},"Custo horário total de equipamentos",null,{"$f":"SUM(I9:I12)","v":564.73660000000007}]
["B - MÃO DE OBRA",null,"Quantidade","Unidade","Custo Horário",null,"Custo Horário Total"]
["P9824","Servente",1,"h",16.5761,null,null,null,{"$f":"ROUND(C15*E15,4)","v":16.5761}]
[null,null,"Custo horário total de mão de obra",{"$nulls":4},{"$f":"SUM(I15)","v":16.5761}]
[null,null,"Custo horário total de execução",{"$nulls":5},{"$f":"SUM(H16,I13)","v":581.31270000000006}]
[null,null,"Custo unitário de execução",{"$nulls":5},{"$f":"I17/H5","v":5.1361786534723448}]
[{"$nulls":6},"Custo do FIC",null,1.8100000000000002E-2]
[{"$nulls":6},"Custo do FIT",null,"-"]
["C - MATERIAL",null,"Quantidade","Unidade","Preço Unitário",null,"Custo Unitário"]
[null,null,"Custo unitário total de material"]
["D - ATIVIDADES AUXILIARES",null,"Quantidade","Unidade","Custo Unitário",null,"Custo Unitário"]
[6416040,"Usinagem de brita graduada com brita comercial em usina de 300 t/h",1,"m³",null,110.32,null,null,{"$f":"ROUND(C24*F24,4)","v":110.32}]
[{"$nulls":5},"Custo total de atividades auxiliares",null,null,{"$f":"SUM(I24)","v":110.32}]
[{"$nulls":6},"Subtotal",null,{"$f":"SUM(I25,I18,I19,I20)","v":115.47427865347234}]
["E - TEMPO FIXO",null,"Código","Quantidade","Unidade","Custo Unitário",null,"Custo Unitário"]
[6416040,"Usinagem de brita graduada com brita comercial em usina de 300 t/h - Caminhão basculante 10 m³",5914652,2.2000000000000002,"t",null,2.2000000000000002,null,{"$f":"ROUND(D28*G28,4)","v":4.84}]
[null,null,"Custo unitário total de tempo fixo",{"$nulls":5},{"$f":"SUM(I28)","v":4.84}]
["F - MOMENTO DE TRANSPORTE",null,"Quantidade","Unidade","DMT",null,null,null,"Custo Unitário"]
[{"$nulls":4},"LN","RP","P"]
[6416040,"Usinagem de brita graduada com brita comercial em usina de 300 t/h - Caminhão basculante 10 m³",2.2000000000000002,"tkm",null,null,10,null,0.52]
[null,null,"Custo unitário total de transporte",{"$nulls":5},{"$f":"I32*G32","v":5.2}]
[{"$nulls":4},"Custo unitário direto total",null,null,null,{"$f":"SUM(I33,I29,I26)","v":125.51427865347233}]
[{"$nulls":5},"BDI",{"$f":"BDI!D24","v":0.21583817516677417},null,{"$f":"ROUND(I34*G35,4)","v":27.090800000000002}]
[{"$nulls":6},"Preço Unitário:",null,{"$f":"ROUND(SUM(I34,I35),2)","v":152.61000000000001}]
["Obs."]
[]
[]
["CGCIT",{"$nulls":7},"DNIT"]
["SISTEMA DE CUSTOS REFERENCIAIS DE OBRAS - SICRO",null,null,"Rio Grande do Norte",null,null,"FIC 0,01059"]
["Custo Unitário de Referência",null,null,{"$f":"$M$2","v":"2021-04-12"},null,null,"Produção da equipe",1121.33,"m²"]
[4011209,"Regularização do subleito",{"$nulls":5},"Valores em reais (R$)"]
["A - EQUIPAMENTOS",null,"Quantidade","Utilização",null,"Custo Horário",null,null,"Custo"]
[null,null,null,"Operativa","Improdutiva","Produtivo","Improdutivo",null,"Horário Total"]
["E9571","Caminhão tanque com capacidade de 10.000 l - 188 kW",2,0.51,0.49,236.63249999999999,58.850900000000003,null,{"$f":"ROUND((C46*(D46*F46))+(C46*(E46*G46)),4)","v":299.03899999999999}]
["E9518","Grade de 24 discos rebocável de D = 60 cm (24\")",1,0.69,0.31,3.0379999999999998,2.0560999999999998,null,2.7336]
["E9524","Motoniveladora - 93 kW",1,0.71,0.28999999999999998,186.6148,77.408600000000007,null,154.94499999999999]
["E9762","Rolo compactador de pneus autopropelido de 27 t - 85 kW",1,0.96,0.04,157.4468,73.397400000000005,null,154.0848]
["E9685","Rolo compactador pé de carneiro vibratório autopropelido de 11,6 t - 82 kW",1,1,0,155.38069999999999,67.863200000000006,null,155.38069999999999]
["E9577","Trator agrícola - 77 kW",1,0.69,0.31,97.376400000000004,32.295000000000002,null,77.2012]
[{"$nulls":6},"Custo horário total de equipamentos",null,{"$f":"SUM(I46:I51)","v":843.38429999999994}]
["B - MÃO DE OBRA",null,"Quantidade","Unidade","Custo Horário",null,"Custo Horário Total"]
["P9824","Servente",1,"h",16.5761,null,null,null,{"$f":"ROUND(C54*E54,4)","v":16.5761}]
[null,null,"Custo horário total de mão de obra",{"$nulls":4},{"$f":"SUM(I54)","v":16.5761}]
[null,null,"Custo horário total de execução",{"$nulls":5},{"$f":"SUM(H55,I52)","v":859.96039999999994}]
[null,null,"Custo unitário de execução",{"$nulls":5},{"$f":"I56/H42","v":0.76691107880820097}]
[{"$nulls":6},"Custo do FIC",null,8.0999999999999996E-3]
[{"$nulls":6},"Custo do FIT",null,"-"]
["C - MATERIAL",null,"Quantidade","Unidade","Preço Unitário",null,"Custo Unitário"]
[null,null,"Custo unitário total de material"]
["D - ATIVIDADES AUXILIARES",null,"Quantidade","Unidade","Custo Unitário",null,"Custo Unitário"]
[null,null,"Custo total de atividades auxiliares"]
[{"$nulls":6},"Subtotal",null,{"$f":"SUM(I57,I58,I59)","v":0.77501107880820097}]
["E - TEMPO FIXO",null,"Código","Quantidade","Unidade","Custo Unitário",null,"Custo Unitário"]
[null,null,"Custo unitário total de tempo fixo"]
["F - MOMENTO DE TRANSPORTE",null,"Quantidade","Unidade","DMT",null,null,null,"Custo Unitário"]
[{"$nulls":4},"LN","RP","P"]
[null,null,"Custo unitário total de transporte",{"$nulls":5},"-"]
[{"$nulls":4},"Custo unitário direto total",null,null,null,{"$f":"SUM(I64)","v":0.77501107880820097}]
[{"$nulls":5},"BDI",{"$f":"BDI!$D$24","v":0.21583817516677417},null,{"$f":"ROUND(I70*G71,4)","v":0.1673}]
[{"$nulls":6},"Preço Unitário:",null,{"$f":"ROUND(SUM(I70,I71),2)","v":0.94}]
["Obs."]
[]
[]
["CGCIT",{"$nulls":7},"DNIT"]
["SISTEMA DE CUSTOS REFERENCIAIS DE OBRAS - SICRO",null,null,"Rio Grande do Norte"]
["Custo Unitário de Referência",null,null,{"$f":"$M$2","v":"2021-04-12"},null,null,"Produção da equipe",3,"un"]
[5213440,"Fornecimento e implantação de placa de regulamentação em aço D = 0,60 m - película retrorrefletiva tipo I + SI – fornecimento e implantação",{"$nulls":5},"Valores em reais (R$)"]
["A - EQUIPAMENTOS",null,"Quantidade","Utilização",null,"Custo Horário",null,null,"Custo"]
[null,null,null,"Operativa","Improdutiva","Produtivo","Improdutivo",null,"Horário Total"]
["E9687","Caminhão carroceria com capacidade de 5 t - 115 kW",1,0.3,0.7,108.554,42.905700000000003,null,{"$f":"ROUND((C82*(D82*F82))+(C82*(E82*G82)),4)","v":62.600200000000001}]
[{"$nulls":6},"Custo horário total de equipamentos",null,{"$f":"SUM(I82)","v":62.600200000000001}]
["B - MÃO DE OBRA",null,"Quantidade","Unidade","Custo Horário",null,"Custo Horário Total"]
["P9830","Montador",1,"h",25.035599999999999,null,null,null,{"$f":"ROUND(C85*E85,4)","v":25.035599999999999}]
["P9824","Servente",2,"h",16.5761,null,null,null,{"$f":"ROUND(C86*E86,4)","v":33.152200000000001}]
[null,null,"Custo horário total de mão de obra",{"$nulls":4},{"$f":"SUM(I85:I86)","v":58.187799999999996}]
[null,null,"Custo horário total de execução",{"$nulls":5},{"$f":"SUM(H87,I83)","v":120.788}]
[null,null,"Custo unitário de execução",{"$nulls":5},{"$f":"I88/H78","v":40.262666666666668}]
[{"$nulls":6},"Custo do FIC",null,"-"]
[{"$nulls":6},"Custo do FIT",null,"-"]
["C - MATERIAL",null,"Quantidade","Unidade","Preço Unitário",null,"Custo Unitário"]
[null,null,"Custo unitário total de material"]
["D - ATIVIDADES AUXILIARES",null,"Quantidade","Unidade","Custo Unitário",null,"Custo Unitário"]
[5213414,"Placa em aço nº 16 galvanizado com película retrorrefletiva tipo I + SI – confecção",0.36,"m²",null,424.01,null,null,{"$f":"ROUND(C95*F95,4)","v":152.64359999999999}]
[null,null,"Custo total de atividades auxiliares",{"$nulls":5},{"$f":"SUM(I95)","v":152.64359999999999}]
[{"$nulls":6},"Subtotal",null,{"$f":"SUM(I96,I89,I90,I91)","v":192.90626666666665}]
["E - TEMPO FIXO",null,"Código","Quantidade","Unidade","Custo Unitário",null,"Custo Unitário"]
[]
[null,null,"Custo unitário total de tempo fixo"]
["F - MOMENTO DE TRANSPORTE",null,"Quantidade","Unidade","DMT",null,null,null,"Custo Unitário"]
[{"$nulls":4},"LN","RP","P"]
[]
[null,null,"Custo unitário total de transporte"]
[{"$nulls":4},"Custo unitário direto total",null,null,null,{"$f":"SUM(I104,I100,I97)","v":192.90626666666665}]
[{"$nulls":5},"BDI",{"$f":"BDI!$D$24","v":0.21583817516677417},null,{"$f":"ROUND(I105*G106,4)","v":41.636499999999998}]
[{"$nulls":6},"Preço Unitário:",null,{"$f":"ROUND(SUM(I105,I106),2)","v":234.54}]
["Obs."]
[]
[]
["CGCIT",{"$nulls":7},"DNIT"]
["SISTEMA DE CUSTOS REFERENCIAIS DE OBRAS - SICRO",null,null,"Rio Grande do Norte"]
["Custo Unitário de Referência",null,null,{"$f":"$M$2","v":"2021-04-12"},null,null,"Produção da equipe",4.0999999999999996,"un"]
[5213863,"Suporte metálico galvanizado para placa de advertência ou regulamentação – lado ou diâmetro de 0,60 m – fornecimento e implantação",{"$nulls":5},"Valores em reais (R$)"]
["A - EQUIPAMENTOS",null,"Quantidade","Utilização",null,"Custo Horário",null,null,"Custo"]
[null,null,null,"Operativa","Improdutiva","Produtivo","Improdutivo",null,"Horário Total"]
["E9687","Caminhão carroceria com capacidade de 5 t - 115 kW",1,0.3,0.7,108.554,42.905700000000003,null,{"$f":"ROUND((C117*(D117*F117))+(C117*(E117*G117)),4)","v":62.600200000000001}]
[{"$nulls":6},"Custo horário total de equipamentos",null,{"$f":"SUM(I117)","v":62.600200000000001}]
["B - MÃO DE OBRA",null,"Quantidade","Unidade","Custo Horário",null,"Custo Horário Total"]
["P9830","Montador",1,"h",25.035599999999999,null,null,null,{"$f":"ROUND(C120*E120,4)","v":25.035599999999999}]
["P9824","Servente",1,"h",16.5761,null,null,null,{"$f":"ROUND(C121*E121,4)","v":16.5761}]
[null,null,"Custo horário total de mão de obra",{"$nulls":4},{"$f":"SUM(I120:I121)","v":41.611699999999999}]
[null,null,"Custo horário total de execução",{"$nulls":5},{"$f":"SUM(I118,H122)","v":104.2119}]
[null,null,"Custo unitário de execução",{"$nulls":5},{"$f":"I123/H113","v":25.417536585365855}]
[{"$nulls":6},"Custo do FIC",null,"-"]
[{"$nulls":6},"Custo do FIT",null,"-"]
["C - MATERIAL",null,"Quantidade","Unidade","Preço Unitário",null,"Custo Unitário"]
["M0789","Conjunto para fixação de placas em aço galvanizado composto por barra chata, abraçadeira, parafusos, porcas e arruelas",0.69621999999999995,"kg",null,13.9115,null,null,{"$f":"ROUND(C128*F128,4)","v":9.6854999999999993}]
["M0787","Suporte em aço-carbono galvanizado tipo perfil C para placa de sinalização",12.717000000000001,"kg",null,16.2776,null,null,{"$f":"ROUND(C129*F129,4)","v":207.00219999999999}]
[null,null,"Custo unitário total de material",{"$nulls":5},{"$f":"SUM(I128:I129)","v":216.68769999999998}]
["D - ATIVIDADES AUXILIARES",null,"Quantidade","Unidade","Custo Unitário",null,"Custo Unitário"]
[1107892,"Concreto fck = 20 MPa - confecção em betoneira e lançamento manual - areia e brita comerciais",5.0299999999999997E-2,"m³",null,327.63,null,null,{"$f":"ROUND(C132*F132,4)","v":16.479800000000001}]
[4805750,"Escavação manual em material de 1ª categoria na profundidade de até 1 m",5.0299999999999997E-2,"m³",null,33.5,null,null,{"$f":"ROUND(C133*F133,4)","v":1.6851}]
[null,null,"Custo total de atividades auxiliares",{"$nulls":5},{"$f":"SUM(I132:I133)","v":18.164899999999999}]
[{"$nulls":6},"Subtotal",null,{"$f":"SUM(I134,I130,I124,I125,I126)","v":260.27013658536583}]
["E - TEMPO FIXO",null,"Código","Quantidade","Unidade","Custo Unitário",null,"Custo Unitário"]
["M0789","Conjunto de cantoneiras e parafusos galvanizados para fixação de placas - Caminhão carroceria 15 t",5914655,6.9999999999999999E-4,"t",null,24.48,null,{"$f":"ROUND(D137*G137,4)","v":1.7100000000000001E-2}]
["M0787","Suporte em aço-carbono galvanizado tipo perfil C para placa de sinalização",5914655,1.272E-2,"t",null,24.48,null,{"$f":"ROUND(D138*G138,4)","v":0.31140000000000001}]
[null,null,"Custo unitário total de tempo fixo",{"$nulls":5},{"$f":"SUM(I137:I138)","v":0.32850000000000001}]
["F - MOMENTO DE TRANSPORTE",null,"Quantidade","Unidade","DMT",null,null,null,"Custo Unitário"]
[{"$nulls":4},"LN","RP","P"]
["M0789","Conjunto para fixação de placas em aço galvanizado composto por barra chata, abraçadeira, parafusos, porcas e arruelas",6.9999999999999999E-4,"tkm",null,null,10,null,0.52]
["M0787","Suporte em aço-carbono galvanizado tipo perfil C para placa de sinalização",1.272E-2,"tkm",null,null,10,null,0.52]
[null,null,"Custo unitário total de transporte",{"$nulls":5},{"$f":"G142*I142+G143*I143","v":10.4}]
[{"$nulls":4},"Custo unitário direto total",null,null,null,{"$f":"SUM(I144,I139,I135)","v":270.99863658536583}]
[{"$nulls":5},"BDI",{"$f":"BDI!$D$24","v":0.21583817516677417},null,{"$f":"ROUND(I145*G146,4)","v":58.491900000000001}]
[{"$nulls":6},"Preço Unitário:",null,{"$f":"ROUND(SUM(I145,I146),2)","v":329.49}]
["Obs."]
[]
[]
[]
["CGCIT",{"$nulls":7},"DNIT"]
["SISTEMA DE CUSTOS REFERENCIAIS DE OBRAS - SICRO",null,null,"Rio Grande do Norte"]
["Custo Unitário de Referência",null,null,{"$f":"$M$2","v":"2021-04-12"},null,null,"Produção da equipe",1,"m"]
[2003373,"Meio fio de concreto - MFC 03 - areia e brita comerciais - fôrma de madeira",{"$nulls":5},"Valores em reais (R$)"]
["A - EQUIPAMENTOS",null,"Quantidade","Utilização",null,"Custo Horário",null,null,"Custo"]
[null,null,null,"Operativa","Improdutiva","Produtivo","Improdutivo",null,"Horário Total"]
[{"$nulls":6},"Custo horário total de equipamentos"]
["B - MÃO DE OBRA",null,"Quantidade","Unidade","Custo Horário",null,"Custo Horário Total"]
[null,null,"Custo horário total de mão de obra",{"$nulls":4},"-"]
[null,null,"Custo horário total de execução",{"$nulls":5},"-"]
[null,null,"Custo unitário de execução",{"$nulls":5},"-"]
[{"$nulls":6},"Custo do FIC",null,"-"]
[{"$nulls":6},"Custo do FIT",null,"-"]
["C - MATERIAL",null,"Quantidade","Unidade","Preço Unitário",null,"Custo Unitário"]
[null,null,"Custo unitário total de material"]
["D - ATIVIDADES AUXILIARES",null,"Quantidade","Unidade","Custo Unitário",null,"Custo Unitário"]
[1107892,"Concreto fck = 20 MPa - confecção em betoneira e lançamento manual - areia e brita comerciais",4.2000000000000003E-2,"m³",null,327.63,null,null,{"$f":"ROUND(C168*F168,4)","v":13.7605}]
[2003842,"Enchimento de junta de concreto com argamassa asfáltica de densidade 1.700 kg/m³ - espessura de 1 cm",5.9499999999999997E-2,"kg",null,46.56,null,null,{"$f":"ROUND(C169*F169,4)","v":2.7703000000000002}]
[4805750,"Escavação manual em material de 1ª categoria na profundidade de até 1 m",0.03,"m³",null,33.5,null,null,{"$f":"ROUND(C170*F170,4)","v":1.0049999999999999}]
[3103302,"Formas de tábuas de pinho para dispositivos de drenagem - utilização de 3 vezes - confecção, instalação e retirada",8.6699999999999999E-2,"m²",null,58.6,null,null,{"$f":"ROUND(C171*F171,4)","v":5.0805999999999996}]
[null,null,"Custo total de atividades auxiliares",{"$nulls":5},{"$f":"SUM(I168:I171)","v":22.616399999999999}]
[{"$nulls":6},"Subtotal",null,{"$f":"SUM(I172,I162,I163,I164)","v":22.616399999999999}]
["E - TEMPO FIXO",null,"Código","Quantidade","Unidade","Custo Unitário",null,"Custo Unitário"]
[null,null,"Custo unitário total de tempo fixo"]
["F - MOMENTO DE TRANSPORTE",null,"Quantidade","Unidade","DMT",null,null,null,"Custo Unitário"]
[{"$nulls":4},"LN","RP","P"]
[null,null,"Custo unitário total de transporte",{"$nulls":5},"-"]
[{"$nulls":4},"Custo unitário direto total",null,null,null,{"$f":"SUM(I173)","v":22.616399999999999}]
[{"$nulls":5},"BDI",{"$f":"BDI!$D$24","v":0.21583817516677417},null,{"$f":"ROUND(I179*G180,4)","v":4.8815}]
[{"$nulls":6},"Preço Unitário:",null,{"$f":"ROUND(SUM(I179,I180),2)","v":27.5}]
["Obs."]
[]
["CGCIT",{"$nulls":7},"DNIT"]
["SISTEMA DE CUSTOS REFERENCIAIS DE OBRAS - SICRO",null,null,"Rio Grande do Norte",null,null,"FIC 0,01059"]
["Custo Unitário de Referência",null,null,{"$f":"$M$2","v":"2021-04-12"},null,null,"Produção da equipe",230.19,"m³"]
[5502114,"Escavação, carga e transporte de material de 1ª categoria - DMT de 1.000 a 1.200 m - caminho de serviço em leito natural -\ncom escavadeira e caminhão basculante de 14 m³",{"$nulls":5},"Valores em reais (R$)"]
["A - EQUIPAMENTOS",null,"Quantidade","Utilização",null,"Custo Horário",null,null,"Custo"]
[null,null,null,"Operativa","Improdutiva","Produtivo","Improdutivo",null,"Horário Total"]
["E9667","Caminhão basculante com capacidade de 14 m³ - 188 Kw",5,0.96,0.04,197.42529999999999,58.697499999999998,null,{"$f":"ROUND((C190*(D190*F190))+(C190*(E190*G190)),4)","v":959.3809}]
["E9515","Escavadeira hidráulica sobre esteiras com caçamba com capacidade de 1,56 m³ - 118 kW",1,1,0,202.91659999999999,88.573899999999995,null,{"$f":"ROUND((C191*(D191*F191))+(C191*(E191*G191)),4)","v":202.91659999999999}]
[{"$nulls":6},"Custo horário total de equipamentos",null,{"$f":"SUM(I190:I191)","v":1162.2974999999999}]
["B - MÃO DE OBRA",null,"Quantidade","Unidade","Custo Horário",null,"Custo Horário Total"]
["P9824","Servente",1,"h",16.5761,null,null,null,{"$f":"ROUND(C194*E194,4)","v":16.5761}]
[null,null,"Custo horário total de mão de obra",{"$nulls":4},{"$f":"SUM(I194)","v":16.5761}]
[null,null,"Custo horário total de execução",{"$nulls":5},{"$f":"SUM(H195,I192)","v":1178.8735999999999}]
[null,null,"Custo unitário de execução",{"$nulls":5},{"$f":"I196/H186","v":5.1213067466006335}]
[{"$nulls":6},"Custo do FIC",null,5.4199999999999998E-2]
[{"$nulls":6},"Custo do FIT",null,"-"]
["C - MATERIAL",null,"Quantidade","Unidade","Preço Unitário",null,"Custo Unitário"]
[null,null,"Custo unitário total de material"]
["D - ATIVIDADES AUXILIARES",null,"Quantidade","Unidade","Custo Unitário",null,"Custo Unitário"]
[]
[null,null,"Custo total de atividades auxiliares"]
[{"$nulls":6},"Subtotal",null,{"$f":"SUM(I204,I197,I198,I199)","v":5.1755067466006333}]
["E - TEMPO FIXO",null,"Código","Quantidade","Unidade","Custo Unitário",null,"Custo Unitário"]
[]
[null,null,"Custo unitário total de tempo fixo"]
["F - MOMENTO DE TRANSPORTE",null,"Quantidade","Unidade","DMT",null,null,null,"Custo Unitário"]
[{"$nulls":4},"LN","RP","P"]
[]
[null,null,"Custo unitário total de transporte"]
[{"$nulls":4},"Custo unitário direto total",null,null,null,{"$f":"SUM(I212,I208,I205)","v":5.1755067466006333}]
[{"$nulls":5},"BDI",{"$f":"BDI!$D$24","v":0.21583817516677417},null,{"$f":"ROUND($I$213*$G$214,4)","v":1.1171}]
[{"$nulls":6},"Preço Unitário:",null,{"$f":"ROUND(SUM($I$213,$I$214),2)","v":6.29}]
["Obs."]
["CGCIT",{"$nulls":7},"DNIT"]
["SISTEMA DE CUSTOS REFERENCIAIS DE OBRAS - SICRO",null,null,"Rio Grande do Norte",null,null,"FIC 0,01059"]
["Custo Unitário de Referência",null,null,{"$f":"$M$2","v":"2021-04-12"},null,null,"Produção da equipe",176.81,"m³"]
[4413942,"Espalhamento de material em bota-fora",{"$nulls":5},"Valores em reais (R$)"]
["A - EQUIPAMENTOS",null,"Quantidade","Utilização",null,"Custo Horário",null,null,"Custo"]
[null,null,null,"Operativa","Improdutiva","Produtivo","Improdutivo",null,"Horário Total"]
["E9540","Trator sobre esteiras com lâmina - 127 kW",1,1,0,198.78210000000001,74.332599999999999,null,{"$f":"ROUND((C223*(D223*F223))+(C223*(E223*G223)),4)","v":198.78210000000001}]
[{"$nulls":6},"Custo horário total de equipamentos",null,{"$f":"SUM(I223:I223)","v":198.78210000000001}]
["B - MÃO DE OBRA",null,"Quantidade","Unidade","Custo Horário",null,"Custo Horário Total"]
["P9824","Servente",1,"h",16.5761,null,null,null,{"$f":"ROUND(C226*E226,4)","v":16.5761}]
[null,null,"Custo horário total de mão de obra",{"$nulls":4},{"$f":"SUM(I226)","v":16.5761}]
[null,null,"Custo horário total de execução",{"$nulls":5},{"$f":"SUM(H227,I224)","v":215.35820000000001}]
[null,null,"Custo unitário de execução",{"$nulls":5},{"$f":"I228/H219","v":1.2180204739550931}]
[{"$nulls":6},"Custo do FIC",null,1.29E-2]
[{"$nulls":6},"Custo do FIT",null,"-"]
["C - MATERIAL",null,"Quantidade","Unidade","Preço Unitário",null,"Custo Unitário"]
[null,null,"Custo unitário total de material"]
["D - ATIVIDADES AUXILIARES",null,"Quantidade","Unidade","Custo Unitário",null,"Custo Unitário"]
[]
[null,null,"Custo total de atividades auxiliares"]
[{"$nulls":6},"Subtotal",null,{"$f":"SUM(I236,I229,I230,I231)","v":1.230920473955093}]
["E - TEMPO FIXO",null,"Código","Quantidade","Unidade","Custo Unitário",null,"Custo Unitário"]
[]
[null,null,"Custo unitário total de tempo fixo"]
["F - MOMENTO DE TRANSPORTE",null,"Quantidade","Unidade","DMT",null,null,null,"Custo Unitário"]
[{"$nulls":4},"LN","RP","P"]
[]
[null,null,"Custo unitário total de transporte"]
[{"$nulls":4},"Custo unitário direto total",null,null,null,{"$f":"SUM(I244,I240,I237)","v":1.230920473955093}]
[{"$nulls":5},"BDI",{"$f":"BDI!$D$24","v":0.21583817516677417},null,{"$f":"ROUND(I245*G246,4)","v":0.26569999999999999}]
[{"$nulls":6},"Preço Unitário:",null,{"$f":"ROUND(SUM(I245,I246),2)","v":1.5}]

{"sheet":"RESUMO MODULO MINIMO","index":11,"n_rows":33,"n_cols":15,"rows_kept":33,"cut":false,"hidden":false,"merged":[[25,3,25,6],[27,3,27,6],[29,3,29,6],[31,3,31,6],[32,0,32,9],[19,3,19,6],[20,3,20,6],[21,3,21,6],[22,3,22,6],[23,3,23,6],[14,3,14,6],[15,3,15,6],[16,3,16,6],[17,3,17,6],[18,3,18,6],[9,3,9,6],[10,3,10,6],[11,3,11,6],[12,3,12,6],[13,3,13,6],[3,2,3,9],[4,0,4,11],[5,0,8,0],[5,1,8,1],[5,2,8,2],[5,3,8,6],[6,8,7,8],[6,11,7,11]]}
["EXECUÇÃO DE SERVIÇOS DE IMPLANTAÇÃO DE PAVIMENTAÇÃO EM BLOCO DE CONCRETO INTERTRAVADO, EM VIAS URBANAS E RURAIS DE MUNÍCIPIOS DIVERSOS INSERIDOS NA ÁREA DE ATUAÇÃO DA CODEVASF, NO ESTADO DO RIO GRANDE DO NORTE",{"$nulls":8},"Extensão (km)"]
[]
[]
[null,null,"MÓDULO MÍNIMO"]
[{"$f":"A1","v":"EXECUÇÃO DE SERVIÇOS DE IMPLANTAÇÃO DE PAVIMENTAÇÃO EM BLOCO DE CONCRETO INTERTRAVADO, EM VIAS URBANAS E RURAIS DE MUNÍCIPIOS DIVERSOS INSERIDOS NA ÁREA DE ATUAÇÃO DA CODEVASF, NO ESTADO DO RIO GRANDE DO NORTE"}]
["ITEM","ORIGEM\nCOMPOSIÇÃO","CÓDIGO\nCOMPOSIÇÃO","DISCRIMINAÇÃO DOS SERVIÇOS",null,null,null,"BDI %:",{"$f":"BDI!D24","v":0.21583817516677417},"R$/m²",{"$f":"L33/I15","v":98.971483783571429},"PERCENTUAL DE RISCO"]
[{"$nulls":7},"Total de m²","Encargos Sociais:","Horista","Mensalista",1.0500000000000001E-2]
[{"$nulls":7},{"$f":"I15","v":7000},null,{"$f":"'ENC. SOCIAIS'!$E$51","v":113.22999999999999},{"$f":"'ENC. SOCIAIS'!$F$51","v":70.12}]
[{"$nulls":7},"UND","QTDE.","PREÇO UNITÁRIO COM BDI COM RISCO 0 (R$)","PREÇO TOTAL COM BDI RISCO 0 (R$)","PREÇO TOTAL COM CONTINGÊNCIA (R$)",null,null,"TOTAL"]
[null,null,null,"MOBILIZAÇÃO"]
[1,"Codevasf","Composição Própria","Implantação da Obra",null,null,null,"MÓDULO",{"$f":"'MC MODULO'!$D$17","v":1},{"$f":"'SERVIÇOS PRELI'!I15","v":1362.42},{"$f":"ROUND(I11*J11,2)","v":1362.42},{"$f":"K11*(1+$L$7)","v":1376.72541},null,null,1373.5]
[2,"Codevasf","Composição Própria","Administração da Obra",null,null,null,"MÓDULO",{"$f":"'MC MODULO'!$D$22","v":1},{"$f":"'SERVIÇOS PRELI'!$I$24","v":4757.2},{"$f":"ROUND(I12*J12,2)","v":4757.2},{"$f":"K12*(1+$L$7)","v":4807.1505999999999},null,null,4795.8999999999996]
[3,"Codevasf","Composição Própria","Placa de Obra em Chapa de Aço Galvanizado",null,null,null,"und",1,{"$f":"'SERVIÇOS PRELI'!I19","v":416.32},416.32,420.69135999999997,null,null,419.7]
[null,null,null,"TERRAPLENAGEM"]
[4,"Codevasf","Composição Própria","serviços topográficos para pavimentação, inclusive notas de serviços, acompanhamento e greide",null,null,null,"m²",{"$f":"'MC MODULO'!F29","v":7000},{"$f":"'CPU CODEVASF'!H90","v":0.47000000000000003},{"$f":"ROUND(I15*J15,2)","v":3290},{"$f":"K15*(1+$L$7)","v":3324.5450000000001},null,null,3360]
[5,"SICRO",5502114,"Escavação, carga e transporte de material de 1ª categoria - DMT de 1.000 a 1.200 m - caminho de serviço em leito natural - com escavadeira e caminhão basculante de 14 m³",null,null,null,"m³",{"$f":"'MC MODULO'!$H$34","v":700},{"$f":"CPU_SICRO!I215","v":6.29},4403,4449.2314999999999,null,null,4438]
[6,"SICRO",5502114,"Espalhamento de material em bota-fora",null,null,null,"m³",{"$f":"'MC MODULO'!$H$41","v":700},{"$f":"CPU_SICRO!I247","v":1.5},1050,1061.0249999999999,null,null,1057]
[null,null,null,"PAVIMENTAÇÃO"]
[7,"SINAPI",92394,"Execução de Pavimento em Piso Intertravado, com Bloco Sextavado de 25 X 25 cm, espessura 8 cm. AF_12/2015",null,null,null,"m²",{"$f":"'MC MODULO'!$F$49","v":7000},{"$f":"'CPU SINAPI'!$G$5","v":61.789999999999992},{"$f":"ROUND(I19*J19,2)","v":432530},{"$f":"K19*(1+$L$7)","v":437071.565},null,null,436030]
[8,"SICRO",4011276,"Base ou sub-base de brita graduada com brita comercial",null,null,null,"m³",{"$f":"'MC MODULO'!$H$55","v":1050},{"$f":"CPU_SICRO!$I$36","v":152.61000000000001},160240.5,161923.02525000001,null,null,161542.5]
[9,"SICRO",4011209,"Regularização do subleito",null,null,null,"m²",{"$f":"'MC MODULO'!$H$61","v":7000},{"$f":"CPU_SICRO!$I$72","v":0.94},6580,6649.09,null,null,6650]
[null,null,null,"SINALIZAÇÃO"]
[10,"SICRO",5213440,"Fornecimento e implantação de placa de regulamentação em aço D = 0,60 m - película retrorrefletiva tipo I + SI",null,null,null,"und",{"$f":"'MC MODULO'!$H$69","v":0.5},{"$f":"CPU_SICRO!$I$107","v":234.54},{"$f":"ROUND(I23*J23,2)","v":117.27},{"$f":"K23*(1+$L$7)","v":118.501335},null,null,118.23]
[11,"SICRO",5213863,"Fornecimento e implantação de suporte metálico galvanizado para placa de regulamentação - D = 0,60 m",null,null,null,"und",{"$f":"'MC MODULO'!$H$75","v":0.5},{"$f":"CPU_SICRO!$I$147","v":329.49},164.75,166.47987499999999,null,null,166.09]
[null,null,null,"DRENAGEM"]
[12,"SICRO",2003373,"Meio fio de concreto - MFC 03 - areia e brita comerciais - fôrma de madeira",null,null,null,"m",{"$f":"'MC MODULO'!$H$82","v":2000},{"$f":"CPU_SICRO!I181","v":27.5},{"$f":"ROUND(I26*J26,2)","v":55000},{"$f":"K26*(1+$L$7)","v":55577.5},null,null,55440]
[null,null,null,"LIMPEZA GERAL"]
[13,"Codevasf","Composição Própria","Limpeza Geral",null,null,null,"m²",{"$f":"'MC MODULO'!$H$90","v":7000},{"$f":"'CPU CODEVASF'!$H$66","v":0.94000000000000006},{"$f":"ROUND(I28*J28,2)","v":6580},{"$f":"K28*(1+$L$7)","v":6649.09},null,null,6580]
[null,null,null,"SERVIÇOS COMPLEMENTARES"]
[14,"Codevasf","Composição Própria","Conserto de quebra no ramal na rua sem pavimento com fornecimento de material hidráulico",null,null,null,"m",{"$f":"'MC MODULO'!H97","v":100},{"$f":"'CPU CODEVASF'!H77","v":16.32},{"$f":"ROUND(I30*J30,2)","v":1632},{"$f":"K30*(1+$L$7)","v":1649.136},null,null,1645]
[null,null,null,"PROJETO EXECUTIVO"]
[15,"Codevasf","Composição Própria","Projeto Executivo",null,null,null,"km",{"$f":"'MC MODULO'!$H$104","v":1},{"$f":"'Projeto Executivo'!G32","v":7478.1063677072898},{"$f":"ROUND(I32*J32,2)","v":7478.11},{"$f":"K32*(1+$L$7)","v":7556.6301549999989},null,null,7478.11]
["VALOR TOTAL DO SRP",{"$nulls":9},{"$f":"SUM(K11:K32)","v":685601.57},{"$f":"SUM(L11:L32)","v":692800.38648500002},null,null,{"$f":"SUM(O11:O32)","v":691094.02999999991}]

{"sheet":"CRONOGRAMA MINIMO","index":12,"n_rows":28,"n_cols":19,"rows_kept":28,"cut":false,"hidden":false,"merged":[[24,0,24,1],[25,0,25,1],[1,0,1,14],[2,0,2,14],[3,0,3,14],[22,0,22,1],[23,0,23,1]]}
[]
["MÓDULO MÍNIMO"]
[{"$f":"'RESUMO MODULO MINIMO'!$A$5","v":"EXECUÇÃO DE SERVIÇOS DE IMPLANTAÇÃO DE PAVIMENTAÇÃO EM BLOCO DE CONCRETO INTERTRAVADO, EM VIAS URBANAS E RURAIS DE MUNÍCIPIOS DIVERSOS INSERIDOS NA ÁREA DE ATUAÇÃO DA CODEVASF, NO ESTADO DO RIO GRANDE DO NORTE"}]
["Cronograma Físico e Financeiro "]
["Item","Descrição","Total Por Etapa","30 DIAS","60 DIAS","90 DIAS","120 DIAS","150 DIAS","180 DIAS","210 DIAS","240 DIAS","270 DIAS","300 DIAS","330 DIAS","360 DIAS"]
[null,{"$f":"'RESUMO MODULO MINIMO'!$D$10","v":"MOBILIZAÇÃO"},1,null,{"$f":"$C$6/11","v":9.0909090909090912E-2},9.0909090909090912E-2,9.0909090909090912E-2,9.0909090909090912E-2,9.0909090909090912E-2,9.0909090909090912E-2,9.0909090909090912E-2,9.0909090909090912E-2,9.0909090909090912E-2,9.0909090909090912E-2,9.0909090909090912E-2,null,{"$f":"SUM(D6:O6)","v":1.0000000000000002}]
[null,null,{"$f":"SUM('RESUMO MODULO MINIMO'!L11:L13)","v":6604.5673699999998},null,{"$f":"$C$7*E6","v":600.41521545454543},600.41521545454543,600.41521545454543,600.41521545454543,600.41521545454543,600.41521545454543,600.41521545454543,600.41521545454543,600.41521545454543,600.41521545454543,600.41521545454543,null,{"$f":"SUM(D7:O7)","v":6604.5673699999998},{"$f":"C7","v":6604.5673699999998},{"$f":"Q7-R7","v":0}]
[null,{"$f":"'RESUMO MODULO MINIMO'!D14","v":"TERRAPLENAGEM"},1,null,null,{"$f":"$C$10/10","v":0.1},0.1,0.1,0.1,0.1,0.1,0.1,0.1,0.1,0.1,null,{"$f":"SUM(F8:O8)","v":0.99999999999999989}]
[null,null,{"$f":"SUM('RESUMO MODULO MINIMO'!L15:L17)","v":8834.8014999999996},null,null,{"$f":"$C$9*F8","v":883.48014999999998},883.48014999999998,883.48014999999998,883.48014999999998,883.48014999999998,883.48014999999998,883.48014999999998,883.48014999999998,883.48014999999998,883.48014999999998,null,8834.8015000000014,{"$f":"C9","v":8834.8014999999996},{"$f":"Q9-R9","v":0}]
[null,{"$f":"'RESUMO MODULO MINIMO'!$D$18","v":"PAVIMENTAÇÃO"},1,null,null,{"$f":"$C$10/10","v":0.1},0.1,0.1,0.1,0.1,0.1,0.1,0.1,0.1,0.1,null,0.99999999999999989]
[null,null,{"$f":"SUM('RESUMO MODULO MINIMO'!L19:L21)","v":605643.68024999998},null,null,{"$f":"$C$11*F10","v":60564.368025000003},60564.368025000003,60564.368025000003,60564.368025000003,60564.368025000003,60564.368025000003,60564.368025000003,60564.368025000003,60564.368025000003,60564.368025000003,null,605643.68024999986,{"$f":"C11","v":605643.68024999998},{"$f":"Q11-R11","v":0}]
[null,{"$f":"'RESUMO MODULO MINIMO'!$D$22","v":"SINALIZAÇÃO"},1,null,null,{"$f":"$C$12/10","v":0.1},{"$f":"(100%-$F$12)/9","v":0.1},0.1,0.1,0.1,0.1,0.1,0.1,0.1,0.1,null,0.99999999999999989]
[null,null,{"$f":"SUM('RESUMO MODULO MINIMO'!L23:L24)","v":284.98120999999998},null,null,{"$f":"$C$13*F12","v":28.498120999999998},28.498120999999998,28.498120999999998,28.498120999999998,28.498120999999998,28.498120999999998,28.498120999999998,28.498120999999998,28.498120999999998,28.498120999999998,null,284.98120999999992,{"$f":"C13","v":284.98120999999998},{"$f":"Q13-R13","v":0}]
[null,{"$f":"'RESUMO MODULO MINIMO'!$D$25","v":"DRENAGEM"},1,null,null,{"$f":"$C$14/10","v":0.1},0.1,0.1,0.1,0.1,0.1,0.1,0.1,0.1,0.1,null,{"$f":"SUM(D14:O14)","v":0.99999999999999989}]
[null,null,{"$f":"SUM('RESUMO MODULO MINIMO'!L26)","v":55577.5},null,null,{"$f":"$C$15*F14","v":5557.75},5557.75,5557.75,5557.75,5557.75,5557.75,5557.75,5557.75,5557.75,5557.75,null,55577.5,{"$f":"C15","v":55577.5},{"$f":"Q15-R15","v":0}]
[null,{"$f":"'RESUMO MODULO MINIMO'!$D$27","v":"LIMPEZA GERAL"},1,null,null,{"$f":"100%/10","v":0.1},0.1,0.1,0.1,0.1,0.1,0.1,0.1,0.1,0.1,null,0.99999999999999989]
[null,null,{"$f":"SUM('RESUMO MODULO MINIMO'!L28)","v":6649.09},null,null,{"$f":"$C$17*F16","v":664.90900000000011},664.90900000000011,664.90900000000011,664.90900000000011,664.90900000000011,664.90900000000011,664.90900000000011,664.90900000000011,664.90900000000011,664.90900000000011,null,6649.09,{"$f":"C17","v":6649.09},{"$f":"Q17-R17","v":0}]
[null,{"$f":"'RESUMO MODULO MINIMO'!D29","v":"SERVIÇOS COMPLEMENTARES"},1,null,null,{"$f":"100%/10","v":0.1},0.1,0.1,0.1,0.1,0.1,0.1,0.1,0.1,0.1,null,0.99999999999999989]
[null,null,{"$f":"'RESUMO MODULO MINIMO'!L30","v":1649.136},null,null,{"$f":"$C$19*F18","v":164.9136},164.9136,164.9136,164.9136,164.9136,164.9136,164.9136,164.9136,164.9136,164.9136,null,1649.1360000000002,{"$f":"C19","v":1649.136},{"$f":"Q19-R19","v":0}]
[null,{"$f":"'RESUMO MODULO MINIMO'!$D$31","v":"PROJETO EXECUTIVO"},1,0.5,0.5,{"$nulls":11},1]
[null,null,{"$f":"'RESUMO MODULO MINIMO'!L32","v":7556.6301549999989},{"$f":"$C$21*D20","v":3778.3150774999995},{"$f":"$C$21*E20","v":3778.3150774999995},{"$nulls":11},7556.6301549999989,{"$f":"C21","v":7556.6301549999989},{"$f":"Q21-R21","v":0}]
[]
["Porcentagem",null,null,{"$f":"SUM(D7+D9+D11+D13+D15+D17+D19+D21)/$O$28","v":5.4536850025007954E-3},6.3203346568129403E-3,9.8822598034068621E-2,9.8822598034068621E-2,9.8822598034068621E-2,9.8822598034068621E-2,9.8822598034068621E-2,9.8822598034068621E-2,9.8822598034068621E-2,9.8822598034068621E-2,9.8822598034068621E-2,9.8822598034068621E-2]
["Custo",null,null,{"$f":"$O$28*D23","v":3778.3150774999995},4378.7302929545449,68464.334111454547,68464.334111454547,68464.334111454547,68464.334111454547,68464.334111454547,68464.334111454547,68464.334111454547,68464.334111454547,68464.334111454547,68464.334111454547]
["Porcentagem Acumulado",null,null,{"$f":"D23","v":5.4536850025007954E-3},{"$f":"D25+E23","v":1.1774019659313736E-2},0.11059661769338236,0.20941921572745098,0.3082418137615196,0.40706441179558822,0.50588700982965684,0.60470960786372552,0.70353220589779419,0.80235480393186287,0.90117740196593155,1.0000000000000002]
["Custo Acumulado",null,null,{"$f":"D24","v":3778.3150774999995},{"$f":"D26+E24","v":8157.0453704545444},76621.379481909098,145085.71359336365,213550.04770481819,282014.38181627274,350478.71592772729,418943.05003918184,487407.38415063638,555871.71826209093,624336.05237354548,692800.38648500002]
[]
[null,null,null,"Total Geral",{"$nulls":9},"R$",{"$f":"'RESUMO MODULO MINIMO'!L33","v":692800.38648500002}]

{"sheet":"MC MODULO","index":13,"n_rows":104,"n_cols":18,"rows_kept":104,"cut":false,"hidden":false,"merged":[[51,1,51,4],[51,11,51,14],[57,1,57,4],[57,11,57,14],[65,1,65,4],[65,11,65,14],[30,1,30,4],[30,11,30,14],[37,1,37,4],[37,11,37,14],[45,1,45,5],[45,11,45,15],[13,1,13,4],[13,11,13,14],[18,1,18,4],[18,11,18,14],[25,1,25,5],[25,11,25,15]]}
{"$rows_empty":7}
[null,null,"Extensão","=",1000,"m",null,"QUANTIDADE DE MODULOS",90]
[null,null,"Largura","=",7,"m"]
[]
[null,null,"Extensão","=",1,"km"]
[]
[null,"MOBUILIZAÇÃO",{"$nulls":9},"MOBUILIZAÇÃO"]
[1,"Implantação da obra",{"$nulls":8},1,"Implantação da obra"]
[]
[null,"Extensão (km)",null,"Extensão (km)",{"$nulls":7},"Extensão (km)",null,"Extensão (km)"]
[null,{"$f":"E11","v":1},"=",{"$f":"B17","v":1},{"$nulls":7},{"$f":"E11*$I$8","v":90},"=",{"$f":"L17","v":90}]
[]
[2,"Administração da obra",{"$nulls":8},2,"Administração da obra"]
[]
[null,"Extensão (km)",null,"Extensão (km)",{"$nulls":7},"Extensão (km)",null,"Extensão (km)"]
[null,{"$f":"E11","v":1},"=",{"$f":"B22","v":1},{"$nulls":7},{"$f":"E11*$I$8","v":90},"=",{"$f":"L22","v":90}]
[]
[null,"TERRAPLENAGEM",{"$nulls":9},"TERRAPLENAGEM"]
[]
[4,"serviços topográficos para pavimentação, inclusive notas de serviços, acompanhamento e greide",{"$nulls":8},4,"serviços topográficos para pavimentação, inclusive notas de serviços, acompanhamento e greide"]
[]
[null,"Extensão (m)",null,"Largura (m)",null,"Área (m2)",{"$nulls":5},"Extensão (m)",null,"Largura (m)",null,"Área (m2)"]
[null,{"$f":"E8","v":1000},"x",{"$f":"$E$9","v":7},"=",{"$f":"B29*D29","v":7000},{"$nulls":5},{"$f":"E8*I8","v":90000},"x",{"$f":"$E$9","v":7},"=",{"$f":"L29*N29","v":630000}]
[]
[5,{"$f":"'RESUMO MODULO MINIMO'!D16","v":"Escavação, carga e transporte de material de 1ª categoria - DMT de 1.000 a 1.200 m - caminho de serviço em leito natural - com escavadeira e caminhão basculante de 14 m³"},{"$nulls":8},5]
[]
[null,"Extensão (m)",null,"Largura (m)",null,"Espessura (m)",null,"Volume (m3)",null,null,null,"Extensão (m)",null,"Largura (m)",null,"Espessura (m)",null,"Volume (m3)"]
[null,{"$f":"E8","v":1000},"x",{"$f":"$E$9","v":7},"x",0.1,"=",{"$f":"B34*D34*F34","v":700},null,null,null,{"$f":"E8*I8","v":90000},"x",{"$f":"$E$9","v":7},"x",0.1,"=",{"$f":"L34*N34*P34","v":63000}]
[]
[]
[]
[6,{"$f":"'RESUMO MODULO MINIMO'!D17","v":"Espalhamento de material em bota-fora"},{"$nulls":8},6]
[]
[null,"Extensão (m)",null,"Largura (m)",null,"Espessura (m)",null,"Volume (m3)",null,null,null,"Extensão (m)",null,"Largura (m)",null,"Espessura (m)",null,"Volume (m3)"]
[null,{"$f":"$E$8","v":1000},"x",{"$f":"$E$9","v":7},"x",0.1,"=",{"$f":"B41*D41*F41","v":700},null,null,null,{"$f":"$E$8*I8","v":90000},"x",{"$f":"$E$9","v":7},"x",0.1,"=",{"$f":"L41*N41*P41","v":63000}]
[]
[]
[null,"PAVIMENTAÇÃO",{"$nulls":9},"PAVIMENTAÇÃO"]
[]
[7,"Execução de pavimento em piso intertravado, com bloco sextavado de 25 x 25 cm, espessura 8 cm. af_12/2015",{"$nulls":8},7,"Execução de pavimento em piso intertravado, com bloco sextavado de 25 x 25 cm, espessura 8 cm. af_12/2015"]
[]
[null,"Extensão (m)",null,"Largura (m)",null,"Área (m2)",{"$nulls":5},"Extensão (m)",null,"Largura (m)",null,"Área (m2)"]
[null,{"$f":"E8","v":1000},"x",{"$f":"$E$9","v":7},"=",{"$f":"B49*D49","v":7000},{"$nulls":5},{"$f":"E8*I8","v":90000},"x",{"$f":"$E$9","v":7},"=",{"$f":"L49*N49","v":630000}]
[]
[]
[8,"Base ou sub-base de brita graduada com brita comercial",{"$nulls":8},8,"Base ou sub-base de brita graduada com brita comercial"]
[]
[null,"Extensão (m)",null,"Largura (m)",null,"Espessura (m)",null,"Volume (m3)",null,null,null,"Extensão (m)",null,"Largura (m)",null,"Espessura (m)",null,"Volume (m3)"]
[null,{"$f":"$E$8","v":1000},"x",{"$f":"$E$9","v":7},"x",0.15,"=",{"$f":"B55*D55*F55","v":1050},null,null,null,{"$f":"$E$8*$I$8","v":90000},"x",{"$f":"$E$9","v":7},"x",0.15,"=",{"$f":"L55*N55*P55","v":94500}]
[]
[]
[9,"Regularização do subleito",{"$nulls":8},9,"Regularização do subleito"]
[]
[null,"Extensão (m)",null,"Largura (m)",null,null,null,"Volume (m2)",null,null,null,"Extensão (m)",null,"Largura (m)",null,null,null,"Volume (m2)"]
[null,{"$f":"$E$8","v":1000},"x",{"$f":"$E$9","v":7},null,null,"=",{"$f":"B61*D61","v":7000},null,null,null,{"$f":"$E$8*$I$8","v":90000},"x",{"$f":"$E$9","v":7},null,null,"=",{"$f":"L61*N61","v":630000}]
[]
[]
[null,"SINALIZAÇÃO",{"$nulls":9},"SINALIZAÇÃO"]
[]
[10,"Fornecimento e implantação de placa de regulamentação em aço D = 0,60 m - película retrorrefletiva tipo I + SI",{"$nulls":8},10,"Fornecimento e implantação de placa de regulamentação em aço D = 0,60 m - película retrorrefletiva tipo I + SI"]
[]
[null,"Extensão (km)",null,"Quant. (un)",null,null,null,"Quant. (un)",null,null,null,"Extensão (km)",null,"Quant. (un)",null,null,null,"Quant. (un)"]
[null,{"$f":"$E$11","v":1},"x",0.5,null,null,"=",{"$f":"B69*D69","v":0.5},null,null,null,{"$f":"$E$11*$I$8","v":90},"x",0.5,null,null,"=",{"$f":"L69*N69","v":45}]
[]
[]
[11,"Fornecimento e implantação de suporte metálico galvanizado para placa de regulamentação - D = 0,60 m",{"$nulls":8},11,"Fornecimento e implantação de suporte metálico galvanizado para placa de regulamentação - D = 0,60 m"]
[]
[null,"Extensão (km)",null,"Quant. (un)",null,null,null,"Quant. (un)",null,null,null,"Extensão (km)",null,"Quant. (un)",null,null,null,"Quant. (un)"]
[null,{"$f":"$E$11","v":1},"x",0.5,null,null,"=",{"$f":"B75*D75","v":0.5},null,null,null,{"$f":"$E$11*$I$8","v":90},"x",0.5,null,null,"=",{"$f":"L75*N75","v":45}]
[]
[]
[null,"DRENAGEM",{"$nulls":9},"DRENAGEM"]
[12,"Meio fio de concreto - MFC 04 - areia e brita comerciais - fôrma de madeira",{"$nulls":8},12,"Meio fio de concreto - MFC 04 - areia e brita comerciais - fôrma de madeira"]
[]
[null,"Extensão (m)",null,"Quant. (un)",null,null,null,"Volume (m)",null,null,null,"Extensão (m)",null,"Quant. (un)",null,null,null,"Volume (m)"]
[null,{"$f":"$E$8","v":1000},"x",2,null,null,"=",{"$f":"B82*D82","v":2000},null,null,null,{"$f":"$E$8*$I$8","v":90000},"x",2,null,null,"=",{"$f":"L82*N82","v":180000}]
[]
[]
[]
[null,"LIMPEZA GERAL",{"$nulls":9},"LIMPEZA GERAL"]
[13,"Limpeza Geral",{"$nulls":8},13,"Limpeza Geral"]
[]
[null,"Extensão (m)",null,"Largura (m)",null,"Quant. (un)",null,"Volume (m2)",null,null,null,"Extensão (m)",null,"Largura (m)",null,"Quant. (un)",null,"Volume (m2)"]
[null,{"$f":"$E$8","v":1000},"x",7,"x",1,"=",{"$f":"B90*D90*F90","v":7000},null,null,null,{"$f":"$E$8*$I$8","v":90000},"x",7,"x",1,"=",{"$f":"L90*N90*P90","v":630000}]
[]
[]
[null,"SERVIÇOS COMPLEMENTARES",{"$nulls":9},"SERVIÇOS COMPLEMENTARES"]
[14,{"$f":"'RESUMO MODULO MINIMO'!D30","v":"Conserto de quebra no ramal na rua sem pavimento com fornecimento de material hidráulico"},{"$nulls":8},14,{"$f":"'RESUMO MODULO MINIMO'!O30","v":1645}]
[]
[null,"Extensão (m)",null,"Largura (m)",null,null,0.1,"extensão (m)",null,null,null,"Extensão (m)",null,"Largura (m)",null,null,0.1,"extensão (m)"]
[null,{"$f":"$E$8","v":1000},"x",1,"x",null,"=",{"$f":"G96*B97","v":100},null,null,null,{"$f":"$E$8*I8","v":90000},"x",1,"x",null,"=",{"$f":"Q96*L97","v":9000}]
[]
[]
[null,"PROJETO EXECUTIVO",{"$nulls":9},"PROJETO EXECUTIVO"]
[15,"Projeto Executivo",{"$nulls":8},15,"Projeto Executivo"]
[]
[null,"Extensão (m)",null,"Largura (m)",null,"Quant. (un)",null,"Volume (Km)",null,null,null,"Extensão (m)",null,"Largura (m)",null,"Quant. (un)",null,"Volume (Km)"]
[null,{"$f":"E11","v":1},"x",null,"x",1,"=",{"$f":"B104*F104","v":1},null,null,null,{"$f":"E11*I8","v":90},"x",null,"x",1,"=",{"$f":"L104*P104","v":90}]

{"sheet":"Relação Insumos","index":14,"n_rows":103,"n_cols":6,"rows_kept":103,"cut":false,"hidden":false,"merged":[]}
["cls","fonte","cod","descrição","unid","PRECO UNITÁRIO (R$)"]
["INS. SINAPI","SINAPI",370,"AREIA MEDIA - POSTO JAZIDA/FORNECEDOR (RETIRADO NA JAZIDA, SEM TRANSPORTE)","M3","82,50"]
["INS. SINAPI","SINAPI",1379,"CIMENTO PORTLAND COMPOSTO CP II-32","KG","0,54"]
["INS. SINAPI","SINAPI",1518,"CONCRETO BETUMINOSO USINADO A QUENTE (CBUQ) PARA PAVIMENTACAO ASFALTICA, PADRAO DNIT, FAIXA C, COM CAP 50/70 - AQUISICAO POSTO USINA","T","407,50"]
["INS. SINAPI","SINAPI",4059,"MEIO-FIO OU GUIA DE CONCRETO, PRE-MOLDADO, COMP 1 M, *30 X 15/ 12* CM (H X L1/L2)","M","28,10"]
["COMP. ORSE","ORSE",4299,"Aluguel de container - Almoxarifado sem banheiro - 6,00 x 2,40m","mês",600]
["INSUMO","ORSE",5896,"Veículo leve - Volkswagen:GOL 1000 - automóvel até 100 hp","H",8.33]
["INS. SINAPI","SINAPI",4417,"Peca de madeira de lei *2,5 x 7,5* cm (1\" x 3\"), não aparelhada, (p/telhado)","m","4,89"]
["INS. SINAPI","SINAPI",4491,"Peca de madeira nativa / regional 7,5 x 7,5cm (3x3) nao aparelhada (p/forma)","m","14,47"]
["INS. SINAPI","SINAPI",4718,"Pedra Britada nº 2","m³","95,00"]
["INS. SINAPI","SINAPI",4721,"PEDRA BRITADA N. 1 (9,5 a 19 MM) POSTO PEDREIRA/FORNECEDOR, SEM FRETE","M3","94,50"]
["INS. SINAPI","SINAPI",4730,"PEDRA DE MÃO","m³","88,82"]
["INS. SINAPI","SINAPI",4813,"Placa de obra (para construcao civil) em chapa galvanizada *nº 22*, de *2,0 x 1,125* m","m²","225,00"]
["INS. SINAPI","SINAPI",5075,"Prego 18x30.","kg","20,34"]
["INS. SINAPI","SINAPI",5318,"SOLVENTE DILUENTE A BASE DE AGUARRAS","L","16,35"]
["COMP. SINAPI","SINAPI",5689,"GRADE DE 24 DISCOS REBOCÁVEL DE 24\"","CHP","6,07"]
["COMP. SINAPI","SINAPI",5690,"GRADE DE 24 DISCOS REBOCÁVEL DE 24\"","CHI","3,77"]
["COMP. SINAPI","SINAPI",5795,"MARTELETE PERFURADOR/ROMPEDOR A AR COMPRIMIDO DE 25 KG","CHP","24,43"]
["COMP. SINAPI","SINAPI",5845,"TRATOR AGRÍCOLA - 77 KW","CHI","41,81"]
["COMP. SINAPI","SINAPI",5855,"TRATOR DE ESTEIRAS COM LÂMINA - 259 KW","CHP","505,89"]
["COMP. SINAPI","SINAPI",5875,"RETROESCAVADEIRA DE PNEUS - 58 KW","H","104,19"]
["COMP. SINAPI","SINAPI",5901,"CAMINHÃO TANQUE COM CAPACIDADE DE 10.000 L - 188 KW","CHP","241,97"]
["COMP. SINAPI","SINAPI",5903,"CAMINHÃO TANQUE COM CAPACIDADE DE 10.000 L - 188 KW","CHI","51,24"]
["COMP. SINAPI","SINAPI",5932,"MOTONIVELADORA - 93 KW","CHP","181,23"]
["COMP. SINAPI","SINAPI",5934,"MOTONIVELADORA - 93 KW","CHI","67,38"]
["COMP. SINAPI","SINAPI",5944,"CARREGADEIRA DE PNEUS PARA ROCHA COM CAPACIDADE DE 2,9 M³ - 96 KW","CHP","166,02"]
["COMP. SINAPI","SINAPI",5946,"CARREGADEIRA DE PNEUS PARA ROCHA COM CAPACIDADE DE 2,9 M³ - 96 KW","CHI","65,31"]
["COMP. SINAPI","SINAPI",5953,"COMPRESSOR DE AR PORTÁTIL DE 124 PCM - 27 Kw","CHP","45,35"]
["COMP. SINAPI","SINAPI",7049,"ROLO COMP. PÉ DE CARNEIRO VIBR. AUTOP. DE 11,6 T - 82 KW","H","165,60"]
["INS. SINAPI","SINAPI",7343,"TINTA A BASE DE RESINA ACRILICA, PARA SINALIZACAO HORIZONTAL VIARIA (NBR 11862)","L","9,86"]
["INS. SINAPI","SINAPI",7348,"TINTA ACRILICA PREMIUM PARA PISO","L","13,10"]
["INS. SINAPI","SINAPI",10775,"Locação de container - Escritório com banheiro - 6,20 x 2,20m","mês","585,00"]
["INS. SINAPI","SINAPI",14250,"ENERGIA","KW/H","0,73"]
["INS. SINAPI","SINAPI",14583,"ÁGUA","M3","13,81"]
["INS. SINAPI","SINAPI",25972,"MICROESFERAS DE VIDRO PARA SINALIZACAO HORIZONTAL VIARIA, TIPO I-B (PREMIX) - NBR 16184","KG","13,88"]
["INS. SINAPI","SINAPI",41899,"CIMENTO ASFÁLTICO CAP 50/70","T","4.478,94"]
["INS. SINAPI","SINAPI",41903,"EMULSAO ASFALTICA CATIONICA RR-2C PARA USO EM PAVIMENTACAO ASFALTICA (COLETADO CAIXA NA ANP ACRESCIDO DE ICMS)","KG","3,33"]
["COMP. SINAPI","SINAPI",100574,"ESPALHAMENTO DE MATERIAL COM TRATOR DE ESTEIRAS. AF_11/2019","M³","1,09"]
["COMP. SINAPI","SINAPI",83356,"TRANSPORTE PEDRA DE MAO","m² X KM"]
["COMP. SINAPI","SINAPI",87445,"Betoneira 320 l, diesel, potencia de 5,5 hp, sem carregador mecanico (locacao)","h","4,14"]
["COMP. SINAPI","SINAPI",88257,"BLASTER","H","21,96"]
["COMP. SINAPI","SINAPI",88262,"CARPINTEIRO DE FORMAS COM ENCARGOS COMPLEMENTARES","h","18,67"]
["COMP. SINAPI","SINAPI",88309,"PEDREIRO COM ENCARGOS COMPLEMENTARES","H","18,87"]
["COMP. SINAPI","SINAPI",88377,"OPERADOR DE BETONEIRA ESTACIONÁRIA/MISTURADOR COM ENCARGOS COMPLEMENTARES","H","21,58"]
["COMP. SINAPI","SINAPI",88629,"ARGAMASSA TRAÇO 1:3 (EM VOLUME DE CIMENTO E AREIA MÉDIA ÚMIDA), PREPARO MANUAL. AF_08/2019","M3","480,35"]
["COMP. SINAPI","SINAPI",88830,"BETONEIRA CAPACIDADE NOMINAL DE 400 L, CAPACIDADE DE MISTURA 280 L, MOTOR ELÉTRICO TRIFÁSICO POTÊNCIA DE 2 CV, SEM CARREGADOR - CHP DIURNO. AF_10/2014","CHP","1,47"]
["COMP. SINAPI","SINAPI",88831,"BETONEIRA CAPACIDADE NOMINAL DE 400 L, CAPACIDADE DE MISTURA 280 L, MOTOR ELÉTRICO TRIFÁSICO POTÊNCIA DE 2 CV, SEM CARREGADOR - CHI DIURNO. AF_10/2014","CHI","0,32"]
["COMP. SINAPI","SINAPI",88843,"TRATOR DE ESTEIRAS COM LÂMINA - 112 KW","CHP","163,12"]
["COMP. SINAPI","SINAPI",88844,"TRATOR DE ESTEIRAS COM LÂMINA - 112 KW","CHI","56,28"]
["COMP. SINAPI","SINAPI",89035,"TRATOR AGRÍCOLA - 77 KW","CHP","143,34"]
["COMP. SINAPI","SINAPI",89876,"CAMINHÃO BASCULANTE COM CAPACIDADE DE 14 M³ - 323 KW","CHP","238,58"]
["COMP. SINAPI","SINAPI",89877,"CAMINHÃO BASCULANTE COM CAPACIDADE DE 14 M³ - 323 KW","CHI","53,82"]
["COMP. SINAPI","SINAPI",90772,"AUXILIAR DE ESCRITORIO COM ENCARGOS COMPLEMENTARES","H","12,95"]
["COMP. SINAPI","SINAPI",90777,"ENGENHEIRO CIVIL DE OBRA JUNIOR COM ENCARGOS COMPLEMENTARES","H","92,74"]
["COMP. SINAPI","SINAPI",90780,"MESTRE DE OBRAS COM ENCARGOS COMPLEMENTARES","H","25,73"]
["COMP. SINAPI","SINAPI",94964,"CONCRETO FCK = 20 MPA - CONFECÇÃO EM BETONEIRA E LANÇAMENTO MANUAL - AREIA E BRITA COMERCIAIS","M3","367,12"]
["COMP.SICRO","DNIT",4816126,"CONFECÇÃO DE TUBOS DE CONCRETO D = 0,60 M - AREIA E BRITA COMERCIAIS","m",""]
["COMP. SINAPI","SINAPI",95708,"PERFURATRIZ SOBRE ESTEIRAS - 145 KW","CHP","124,92"]
["COMP. SINAPI","SINAPI",95720,"ESCAVADEIRA HIDRÁULICA SOBRE ESTEIRA COM CAÇAMBA COM CAPACIDADE DE 1,5 M³ - 110 KW","CHP","186,25"]
["COMP. SINAPI","SINAPI",96035,"CAMINHÃO BASCULANTE PARA ROCHA COM CAPACIDADE DE 12 M³ - 188 KW","CHI","220,29"]
["COMP.SICRO","DNIT",407820,"ARMAÇÃO EM AÇO CA-60 - FORNECIMENTO, PREPARO E COLOCAÇÃO","kg",9.17]
["COMP.SICRO","DNIT",1506055,"PEDRA ARGAMASSADA COM CIMENTO E AREIA 1:3 - AREIA E PEDRA DE MÃO COMERCIAL - FORNECIMENTO E ASSENTAMENTO","m²",238.53]
["COMP.SICRO","DNIT",2003842,"ENCHIMENTO DE JUNTA DE CONCRETO COM ARGAMASSA ASFÁLTICA DE DENSIDADE 1.700 KG/M³ - ESPESSURA DE 1 CM","kg",46.55]
["COMP.SICRO","DNIT",4805751,"ESCAVAÇÃO MANUAL EM MATERIAL DE 1ª CATEGORIA NA PROFUNDIDADE DE ATÉ 2M","m³",40.99]
["COMP.SICRO","DNIT",3103302,"FORMAS DE TÁBUAS DE PINHO PARA DISPOSITIVOS DE DRENAGEM - UTILIZAÇÃO DE 3 VEZES - CONFECÇÃO, INSTALAÇÃO E RETIRADA","m²",54.98]
["COMP.SICRO","DNIT",3108022,"GUIA DE MADEIRA DE 2,5 X 8,0 CM - CONFECÇÃO E INSTALAÇÃO","m",2.6]
["COMP.SICRO","DNIT",4413996,"ENLEIVAMENTO","M²",5.79]
["COMP. SICRO","DNIT",5213414,"CONFECÇÃO DE PLACA EM AÇO Nº 16 GALVANIZADO, COM PELÍCULA RETRORREFLETIVA TIPO I + SI  ","M²",414.64]
["COMP. ORSE","ORSE","12651/ORSE","APILOAMENTO MANUAL","m³",19.46]
["COMP. SINAPI","SINAPI",5824,"CAMINHÃO TOCO, PBT 16.000 KG, CARGA ÚTIL MÁX. 10.685 KG, DIST. ENTRE EIXOS 4,8 M, POTÊNCIA 189 CV, INCLUSIVE CARROCERIA FIXA ABERTA DE MADEIRA P/ TRANSPORTE GERAL DE CARGA SECA, DIMEN. APROX. 2,5 X 7,00 X 0,50 M - CHP DIURNO. AF_06/2014","CHP","157,99"]
["COMP. SINAPI","SINAPI",5835,"VIBROACABADORA DE ASFALTO SOBRE ESTEIRAS, LARGURA DE PAVIMENTAÇÃO 1,90 M A 5,30 M, POTÊNCIA 105 HP CAPACIDADE 450 T/H - CHP DIURNO. AF_11/2014","CHP","331,88"]
["COMP. SINAPI","SINAPI",5837,"VIBROACABADORA DE ASFALTO SOBRE ESTEIRAS, LARGURA DE PAVIMENTAÇÃO 1,90 M A 5,30 M, POTÊNCIA 105 HP CAPACIDADE 450 T/H - CHI DIURNO. AF_11/2014","CHI","126,77"]
["COMP. ORSE","ORSE",4,"Limpeza mecanizada do terreno c/ trator esteira (vegetação rasteira) inclusive carga e transporte - dmt até 1 km","M2",4.17]
["COMP. SINAPI","SINAPI",83362,"ESPARGIDOR DE ASFALTO PRESSURIZADO, TANQUE 6 M3 COM ISOLAÇÃO TÉRMICA, AQUECIDO COM 2 MAÇARICOS, COM BARRA ESPARGIDORA 3,60 M, MONTADO SOBRE CAMINHÃO  TOCO, PBT 14.300 KG, POTÊNCIA 185 CV - CHP DIURNO. AF_08/2015","CHP","237,64"]
["COMP. SINAPI","SINAPI",88278,"Montador","H","25,25"]
["COMP. SINAPI","SINAPI",88314,"RASTELEIRO COM ENCARGOS COMPLEMENTARES","H","19,84"]
["COMP. SINAPI","SINAPI",88316,"SERVENTE COM ENCARGOS COMPLEMENTARES","H","15,32"]
["COMP. SINAPI","SINAPI",91386,"CAMINHÃO BASCULANTE 10 M3, TRUCADO CABINE SIMPLES, PESO BRUTO TOTAL 23.000 KG, CARGA ÚTIL MÁXIMA 15.935 KG, DISTÂNCIA ENTRE EIXOS 4,80 M, POTÊNCIA 230 CV INCLUSIVE CAÇAMBA METÁLICA - CHP DIURNO. AF_06/2014","CHP","210,18"]
["COMP. SINAPI","SINAPI",94970,"Concreto fck = 20 MPa - confecção em betoneira e lançamento manual - areia e brita comerciais ","M³","356,37"]
["COMP. SINAPI","SINAPI",95133,"MÁQUINA DEMARCADORA DE FAIXA DE TRÁFEGO À FRIO, AUTOPROPELIDA, POTÊNCIA 38 HP - CHP DIURNO. AF_07/2016","CHP","139,02"]
["COMP. SINAPI","SINAPI",95631,"ROLO COMPACTADOR VIBRATORIO TANDEM, ACO LISO, POTENCIA 125 HP, PESO SEM/COM LASTRO 10,20/11,65 T, LARGURA DE TRABALHO 1,73 M - CHP DIURNO. AF_11/2016","CHP","171,06"]
["COMP. SINAPI","SINAPI",95632,"ROLO COMPACTADOR VIBRATORIO TANDEM, ACO LISO, POTENCIA 125 HP, PESO SEM/COM LASTRO 10,20/11,65 T, LARGURA DE TRABALHO 1,73 M - CHI DIURNO. AF_11/2016","CHI","61,83"]
["COMP. SINAPI","SINAPI",96013,"TRATOR DE PNEUS COM POTÊNCIA DE 122 CV, TRAÇÃO 4X4, COM VASSOURA MECÂNICA ACOPLADA - CHP DIURNO. AF_02/2017","CHP","201,17"]
["COMP. SINAPI","SINAPI",96014,"TRATOR DE PNEUS COM POTÊNCIA DE 122 CV, TRAÇÃO 4X4, COM VASSOURA MECÂNICA ACOPLADA - CHI DIURNO. AF_02/2017","CHI","45,95"]
["COMP. SINAPI","SINAPI",96155,"TRATOR DE PNEUS COM POTÊNCIA DE 85 CV, TRAÇÃO 4X4, COM VASSOURA MECÂNICA ACOPLADA - CHI DIURNO. AF_02/2017","CHI","41,52"]
["COMP. SINAPI","SINAPI",96157,"TRATOR DE PNEUS COM POTÊNCIA DE 85 CV, TRAÇÃO 4X4, COM VASSOURA MECÂNICA ACOPLADA - CHP DIURNO. AF_03/2017","CHP","151,46"]
["COMP. SINAPI","SINAPI",96463,"ROLO COMPACTADOR DE PNEUS, ESTATICO, PRESSAO VARIAVEL, POTENCIA 110 HP, PESO SEM/COM LASTRO 10,8/27 T, LARGURA DE ROLAGEM 2,30 M - CHP DIURNO. AF_06/2017","CHP","159,16"]
["COMP. SINAPI","SINAPI",96464,"ROLO COMPACTADOR DE PNEUS, ESTATICO, PRESSAO VARIAVEL, POTENCIA 110 HP, PESO SEM/COM LASTRO 10,8/27 T, LARGURA DE ROLAGEM 2,30 M - CHI DIURNO. AF_06/2017","CHI","65,70"]
["COMP.SICRO","DNIT","E9647","COMPACTADOR MANUAL COM SOQUETE VIBRATÓRIO - 4,1 KW","H",{"$f":"VLOOKUP($C89,'INSUMOS SICRO'!$B$1760:$I$2246,8,0)","v":6.5686}]
["COMP. SICRO","DNIT","E9687","Caminhão carroceria com capacidade de 5 t - 115 kW","CHP",{"$f":"VLOOKUP($C90,'INSUMOS SICRO'!$B$1760:$I$2246,8,0)","v":86.525800000000004}]
["COMP. SICRO","DNIT","E9687","Caminhão carroceria com capacidade de 5 t - 115 kW","CHI",{"$f":"VLOOKUP($C91,'INSUMOS SICRO'!$B$1760:$I$2246,7,0)","v":36.477899999999998}]
["INS. SICRO","DNIT","M0787","Suporte em aço carbono galvanizado perfil \"C\"","kg",{"$f":"VLOOKUP($C92,'INSUMOS SICRO'!$B$6:$F$1632,5,0)","v":14.026199999999999}]
["INS. SICRO","DNIT","M0789","Conjunto de cantoneiras e parafusos galvanizados para fixação de placas","kg",{"$f":"VLOOKUP($C93,'INSUMOS SICRO'!$B$6:$F$1632,5,0)","v":9.9070999999999998}]
["INS. SICRO","DNIT","M2042","EMULSÃO EXPLOSIVA ENCARTUCHADA","kg",{"$f":"VLOOKUP($C94,'INSUMOS SICRO'!$B$6:$F$1632,5,0)","v":10.151300000000001}]
["INS. SICRO","DNIT","M2062","COROA PARA PERFURATRIZ T38 - D = 2 1/2\"","und",{"$f":"VLOOKUP($C95,'INSUMOS SICRO'!$B$6:$F$1632,5,0)","v":559.80719999999997}]
["INS. SICRO","DNIT","M2065","HASTE PARA PERFURATRIZ DE ESTEIRA T38 DE 1 1/2\" X 3 M","und",{"$f":"VLOOKUP($C96,'INSUMOS SICRO'!$B$6:$F$1632,5,0)","v":1232.135}]
["INS. SICRO","DNIT","M2066","LUVA PARA PERFURATRIZ DE ESTEIRA T38 - D = 1 1/2\"","und",{"$f":"VLOOKUP($C97,'INSUMOS SICRO'!$B$6:$F$1632,5,0)","v":220.80359999999999}]
["INS. SICRO","DNIT","M2067","PUNHO PARA PERFURATRIZ DE ESTEIRA T38 - D = 1 1/2\"","und",{"$f":"VLOOKUP($C98,'INSUMOS SICRO'!$B$6:$F$1632,5,0)","v":998.19069999999999}]
["INS. SICRO","DNIT","M2141","NONEL DE INICIAÇÃO PARA FOGACHO COM 6 M","und",{"$f":"VLOOKUP($C99,'INSUMOS SICRO'!$B$6:$F$1632,5,0)","v":13.4415}]
["INS. SICRO","DNIT","M2143","NONEL DE LIGAÇÃO","und",{"$f":"VLOOKUP($C100,'INSUMOS SICRO'!$B$6:$F$1632,5,0)","v":10.7075}]
["INS. SICRO","DNIT","M2144","NONEL DE COLUNA COM 6 M","und",{"$f":"VLOOKUP($C101,'INSUMOS SICRO'!$B$6:$F$1632,5,0)","v":15.6128}]
["INS. SICRO","DNIT","M2145","SÉRIE DE BROCAS S-12 - D = 22 MM","und",{"$f":"VLOOKUP($C102,'INSUMOS SICRO'!$B$6:$F$1632,5,0)","v":548.53520000000003}]
["INS. SICRO","DNIT","M2146","NONEL INICIADOR COM 150 M","und",{"$f":"VLOOKUP($C103,'INSUMOS SICRO'!$B$6:$F$1632,5,0)","v":153.42750000000001}]

{"sheet":"INSUMOS SINAPI","index":15,"n_rows":5182,"n_cols":5,"rows_kept":5182,"cut":false,"hidden":false,"merged":[]}
["        PRECOS DE INSUMOS"]
[]
["MES DE COLETA: 06/2021"]
["LOCALIDADE: 4260 - GOIANIA"]
["ENCARGOS SOCIAIS (%) HORISTA 114,70  MENSALISTA  72,66"]
[]
["CODIGO  ","DESCRICAO DO INSUMO","UNIDADE","ORIGEM DO PRECO","  PRECO MEDIANO R$"]
[1363,"!EM PROCESSO DE DESATIVACAO! CHAPA DE MADEIRA COMPENSADA DE PINUS, VIROLA OU EQUIVALENTE, DE *2,2 X 1,6* M, E = 6 MM                                                                                                                                                                                                                                                                                                                                                                                      ","M2    ","C ","19,09"]
[1344,"!EM PROCESSO DE DESATIVACAO! CHAPA DE MADEIRA COMPENSADA PLASTIFICADA PARA FORMA DE CONCRETO, DE 2,20 x 1,10 M, E = 6 MM                                                                                                                                                                                                                                                                                                                                                                                  ","UN    ","CR","60,20"]
[1342,"!EM PROCESSO DE DESATIVACAO! CHAPA DE MADEIRA COMPENSADA PLASTIFICADA PARA FORMA DE CONCRETO, DE 2,20 X 1,10 m, E = 14 MM                                                                                                                                                                                                                                                                                                                                                                                 ","UN    ","CR","106,41"]
[1349,"!EM PROCESSO DE DESATIVACAO! CHAPA DE MADEIRA COMPENSADA PLASTIFICADA PARA FORMA DE CONCRETO, DE 2,20 X 1,10 M, E = 20 MM                                                                                                                                                                                                                                                                                                                                                                                 ","UN    ","CR","151,75"]
[1350,"!EM PROCESSO DE DESATIVACAO! CHAPA DE MADEIRA COMPENSADA RESINADA PARA FORMA DE CONCRETO, DE *2,2 X 1,1* M, E = 10 MM                                                                                                                                                                                                                                                                                                                                                                                     ","UN    ","C ","97,45"]
[1359,"!EM PROCESSO DE DESATIVACAO! CHAPA DE MADEIRA COMPENSADA RESINADA PARA FORMA DE CONCRETO, DE *2,2 X 1,1* M, E = 20 MM                                                                                                                                                                                                                                                                                                                                                                                     ","UN    ","CR","191,78"]
[1351,"!EM PROCESSO DE DESATIVACAO! CHAPA DE MADEIRA COMPENSADA RESINADA PARA FORMA DE CONCRETO, DE *2,2 X 1,1* M, E = 6 MM                                                                                                                                                                                                                                                                                                                                                                                      ","UN    ","CR","61,80"]
[2418,"!EM PROCESSO DE DESATIVACAO! DOBRADICA EM ACO/FERRO, 3\" X 2 1/2\", E= 1,2 A 1,8 MM, SEM ANEL,  CROMADO OU ZINCADO, TAMPA BOLA, COM PARAFUSOS                                                                                                                                                                                                                                                                                                                                                               ","UN    ","C ","18,87"]
[6086,"!EM PROCESSO DE DESATIVACAO! FUNDO SINTETICO NIVELADOR BRANCO FOSCO PARA MADEIRA                                                                                                                                                                                                                                                                                                                                                                                                                          ","GL    ","CR","50,75"]
[3378,"!EM PROCESSO DE DESATIVACAO! HASTE DE ATERRAMENTO EM ACO COM 3,00 M DE COMPRIMENTO E DN = 3/4\", REVESTIDA COM BAIXA CAMADA DE COBRE, SEM CONECTOR                                                                                                                                                                                                                                                                                                                                                         ","UN    ","CR","76,04"]
[3380,"!EM PROCESSO DE DESATIVACAO! HASTE DE ATERRAMENTO EM ACO COM 3,00 M DE COMPRIMENTO E DN = 5/8\", REVESTIDA COM BAIXA CAMADA DE COBRE, COM CONECTOR TIPO GRAMPO                                                                                                                                                                                                                                                                                                                                             ","UN    ","C ","53,23"]
[3379,"!EM PROCESSO DE DESATIVACAO! HASTE DE ATERRAMENTO EM ACO COM 3,00 M DE COMPRIMENTO E DN = 5/8\", REVESTIDA COM BAIXA CAMADA DE COBRE, SEM CONECTOR                                                                                                                                                                                                                                                                                                                                                         ","UN    ","CR","51,39"]
[615,"!EM PROCESSO DE DESATIVACAO! JANELA BASCULANTE, ACO, COM BATENTE/REQUADRO, 60 X 80 CM (SEM VIDROS)                                                                                                                                                                                                                                                                                                                                                                                                        ","M2    ","AS","502,03"]
[606,"!EM PROCESSO DE DESATIVACAO! JANELA DE CORRER, ACO, BATENTE/REQUADRO DE 6 A 14 CM, QUADRICULADA, PINTURA ANTICORROSIVA, SEM VIDRO, BANDEIRA COM BASCULA, 4 FLS, 120  X 150 CM (A X L)                                                                                                                                                                                                                                                                                                                     ","M2    ","AS","788,64"]
[13382,"!EM PROCESSO DE DESATIVACAO! LUMINARIA FECHADA P/ ILUMINACAO PUBLICA, TIPO ABL 50/F OU EQUIV, P/ LAMPADA A VAPOR DE MERCURIO 400W                                                                                                                                                                                                                                                                                                                                                                         ","UN    ","CR","219,44"]
[4047,"!EM PROCESSO DE DESATIVACAO! MASSA CORRIDA PVA PARA PAREDES INTERNAS                                                                                                                                                                                                                                                                                                                                                                                                                                      ","GL    ","C ","10,27"]
[7344,"!EM PROCESSO DE DESATIVACAO! TINTA LATEX PVA PREMIUM, COR BRANCA                                                                                                                                                                                                                                                                                                                                                                                                                                          ","GL    ","C ","61,09"]
[40514,"!EM PROCESSO DE DESATIVACAO! VERNIZ POLIURETANO BRILHANTE PARA MADEIRA, SEM FILTRO SOLAR, USO INTERNO E EXTERNO                                                                                                                                                                                                                                                                                                                                                                                           ","L     ","C ","24,58"]
[11199,"!EM PROCESSO DE DESATIVACAO!JANELA DE CORRER, ACO, BATENTE/REQUADRO DE 6 A 14 CM,  COM DIVISAO HORIZ , PINT ANTICORROSIVA, SEM VIDRO, BANDEIRA COM BASCULA, 4 FLS, 120  X 150 CM (A X L)                                                                                                                                                                                                                                                                                                                  ","UN    ","AS","1.131,62"]
[4053,"!EM PROCESSO DE DESATIVACAO!MASSA A OLEO PARA MADEIRA                                                                                                                                                                                                                                                                                                                                                                                                                                                     ","GL    ","CR","39,12"]
[4056,"!EM PROCESSO DE DESATIVACAO!MASSA ACRILICA PARA PAREDES INTERIOR/EXTERIOR                                                                                                                                                                                                                                                                                                                                                                                                                                 ","GL    ","CR","20,57"]
[21136,"!EM PROCESSO DESATIVACAO! ELETRODUTO EM ACO GALVANIZADO ELETROLITICO, LEVE, DIAMETRO 1\", PAREDE DE 0,90 MM                                                                                                                                                                                                                                                                                                                                                                                                ","M     ","CR","12,53"]
[21128,"!EM PROCESSO DESATIVACAO! ELETRODUTO EM ACO GALVANIZADO ELETROLITICO, LEVE, DIAMETRO 3/4\", PAREDE DE 0,90 MM                                                                                                                                                                                                                                                                                                                                                                                              ","M     ","C ","9,70"]
[21130,"!EM PROCESSO DESATIVACAO! ELETRODUTO EM ACO GALVANIZADO ELETROLITICO, SEMI-PESADO, DIAMETRO 1 1/2\", PAREDE DE 1,20 MM                                                                                                                                                                                                                                                                                                                                                                                     ","M     ","CR","24,50"]
[21135,"!EM PROCESSO DESATIVACAO! ELETRODUTO EM ACO GALVANIZADO ELETROLITICO, SEMI-PESADO, DIAMETRO 1 1/4\", PAREDE DE 1,20 MM                                                                                                                                                                                                                                                                                                                                                                                     ","M     ","CR","24,12"]
[38605,"ABERTURA PARA ENCAIXE DE CUBA OU LAVATORIO EM BANCADA DE MARMORE/ GRANITO OU OUTRO TIPO DE PEDRA NATURAL                                                                                                                                                                                                                                                                                                                                                                                                  ","UN    ","AS","134,51"]
[11270,"ABRACADEIRA DE LATAO PARA FIXACAO DE CABO PARA-RAIO, DIMENSOES 32 X 24 X 24 MM                                                                                                                                                                                                                                                                                                                                                                                                                            ","UN    ","AS","1,71"]
[412,"ABRACADEIRA DE NYLON PARA AMARRACAO DE CABOS, COMPRIMENTO DE *230* X *7,6* MM                                                                                                                                                                                                                                                                                                                                                                                                                             ","UN    ","CR","0,87"]
[414,"ABRACADEIRA DE NYLON PARA AMARRACAO DE CABOS, COMPRIMENTO DE 100 X 2,5 MM                                                                                                                                                                                                                                                                                                                                                                                                                                 ","UN    ","CR","0,05"]
[410,"ABRACADEIRA DE NYLON PARA AMARRACAO DE CABOS, COMPRIMENTO DE 150 X *3,6* MM                                                                                                                                                                                                                                                                                                                                                                                                                               ","UN    ","CR","0,13"]
[411,"ABRACADEIRA DE NYLON PARA AMARRACAO DE CABOS, COMPRIMENTO DE 200 X *4,6* MM                                                                                                                                                                                                                                                                                                                                                                                                                               ","UN    ","C ","0,17"]
[408,"ABRACADEIRA DE NYLON PARA AMARRACAO DE CABOS, COMPRIMENTO DE 390 X *4,6* MM                                                                                                                                                                                                                                                                                                                                                                                                                               ","UN    ","CR","0,84"]
[39131,"ABRACADEIRA EM ACO PARA AMARRACAO DE ELETRODUTOS, TIPO D, COM 1 1/2\" E CUNHA DE FIXACAO                                                                                                                                                                                                                                                                                                                                                                                                                   ","UN    ","CR","2,85"]
[394,"ABRACADEIRA EM ACO PARA AMARRACAO DE ELETRODUTOS, TIPO D, COM 1 1/2\" E PARAFUSO DE FIXACAO                                                                                                                                                                                                                                                                                                                                                                                                                ","UN    ","CR","2,89"]
[39130,"ABRACADEIRA EM ACO PARA AMARRACAO DE ELETRODUTOS, TIPO D, COM 1 1/4\" E CUNHA DE FIXACAO                                                                                                                                                                                                                                                                                                                                                                                                                   ","UN    ","CR","2,60"]
[395,"ABRACADEIRA EM ACO PARA AMARRACAO DE ELETRODUTOS, TIPO D, COM 1 1/4\" E PARAFUSO DE FIXACAO                                                                                                                                                                                                                                                                                                                                                                                                                ","UN    ","CR","2,78"]
[39127,"ABRACADEIRA EM ACO PARA AMARRACAO DE ELETRODUTOS, TIPO D, COM 1/2\" E CUNHA DE FIXACAO                                                                                                                                                                                                                                                                                                                                                                                                                     ","UN    ","CR","1,37"]
[392,"ABRACADEIRA EM ACO PARA AMARRACAO DE ELETRODUTOS, TIPO D, COM 1/2\" E PARAFUSO DE FIXACAO                                                                                                                                                                                                                                                                                                                                                                                                                  ","UN    ","CR","1,41"]
[39129,"ABRACADEIRA EM ACO PARA AMARRACAO DE ELETRODUTOS, TIPO D, COM 1\" E CUNHA DE FIXACAO                                                                                                                                                                                                                                                                                                                                                                                                                       ","UN    ","CR","1,60"]
[393,"ABRACADEIRA EM ACO PARA AMARRACAO DE ELETRODUTOS, TIPO D, COM 1\" E PARAFUSO DE FIXACAO                                                                                                                                                                                                                                                                                                                                                                                                                    ","UN    ","C ","1,68"]
[39133,"ABRACADEIRA EM ACO PARA AMARRACAO DE ELETRODUTOS, TIPO D, COM 2 1/2\" E CUNHA DE FIXACAO                                                                                                                                                                                                                                                                                                                                                                                                                   ","UN    ","CR","3,75"]
[397,"ABRACADEIRA EM ACO PARA AMARRACAO DE ELETRODUTOS, TIPO D, COM 2 1/2\" E PARAFUSO DE FIXACAO                                                                                                                                                                                                                                                                                                                                                                                                                ","UN    ","CR","4,14"]
[39132,"ABRACADEIRA EM ACO PARA AMARRACAO DE ELETRODUTOS, TIPO D, COM 2\" E CUNHA DE FIXACAO                                                                                                                                                                                                                                                                                                                                                                                                                       ","UN    ","CR","3,00"]
[396,"ABRACADEIRA EM ACO PARA AMARRACAO DE ELETRODUTOS, TIPO D, COM 2\" E PARAFUSO DE FIXACAO                                                                                                                                                                                                                                                                                                                                                                                                                    ","UN    ","CR","3,21"]
[39135,"ABRACADEIRA EM ACO PARA AMARRACAO DE ELETRODUTOS, TIPO D, COM 3 1/2\" E CUNHA DE FIXACAO                                                                                                                                                                                                                                                                                                                                                                                                                   ","UN    ","CR","6,00"]
[39128,"ABRACADEIRA EM ACO PARA AMARRACAO DE ELETRODUTOS, TIPO D, COM 3/4\" E CUNHA DE FIXACAO                                                                                                                                                                                                                                                                                                                                                                                                                     ","UN    ","CR","1,50"]
[400,"ABRACADEIRA EM ACO PARA AMARRACAO DE ELETRODUTOS, TIPO D, COM 3/4\" E PARAFUSO DE FIXACAO                                                                                                                                                                                                                                                                                                                                                                                                                  ","UN    ","CR","1,46"]
[39125,"ABRACADEIRA EM ACO PARA AMARRACAO DE ELETRODUTOS, TIPO D, COM 3/8\" E PARAFUSO DE FIXACAO                                                                                                                                                                                                                                                                                                                                                                                                                  ","UN    ","CR","1,50"]
[39134,"ABRACADEIRA EM ACO PARA AMARRACAO DE ELETRODUTOS, TIPO D, COM 3\" E CUNHA DE FIXACAO                                                                                                                                                                                                                                                                                                                                                                                                                       ","UN    ","CR","5,00"]
[398,"ABRACADEIRA EM ACO PARA AMARRACAO DE ELETRODUTOS, TIPO D, COM 3\" E PARAFUSO DE FIXACAO                                                                                                                                                                                                                                                                                                                                                                                                                    ","UN    ","CR","4,61"]
[39126,"ABRACADEIRA EM ACO PARA AMARRACAO DE ELETRODUTOS, TIPO D, COM 4\" E CUNHA DE FIXACAO                                                                                                                                                                                                                                                                                                                                                                                                                       ","UN    ","CR","6,75"]
[399,"ABRACADEIRA EM ACO PARA AMARRACAO DE ELETRODUTOS, TIPO D, COM 4\" E PARAFUSO DE FIXACAO                                                                                                                                                                                                                                                                                                                                                                                                                    ","UN    ","CR","5,95"]
[39158,"ABRACADEIRA EM ACO PARA AMARRACAO DE ELETRODUTOS, TIPO ECONOMICA (GOTA), COM 8\"                                                                                                                                                                                                                                                                                                                                                                                                                           ","UN    ","CR","15,97"]
[39141,"ABRACADEIRA EM ACO PARA AMARRACAO DE ELETRODUTOS, TIPO U SIMPLES, COM 1 1/2\"                                                                                                                                                                                                                                                                                                                                                                                                                              ","UN    ","CR","1,16"]
[39140,"ABRACADEIRA EM ACO PARA AMARRACAO DE ELETRODUTOS, TIPO U SIMPLES, COM 1 1/4\"                                                                                                                                                                                                                                                                                                                                                                                                                              ","UN    ","CR","1,05"]
[39137,"ABRACADEIRA EM ACO PARA AMARRACAO DE ELETRODUTOS, TIPO U SIMPLES, COM 1/2\"                                                                                                                                                                                                                                                                                                                                                                                                                                ","UN    ","CR","0,60"]
[39139,"ABRACADEIRA EM ACO PARA AMARRACAO DE ELETRODUTOS, TIPO U SIMPLES, COM 1\"                                                                                                                                                                                                                                                                                                                                                                                                                                  ","UN    ","CR","0,87"]
[39143,"ABRACADEIRA EM ACO PARA AMARRACAO DE ELETRODUTOS, TIPO U SIMPLES, COM 2 1/2\"                                                                                                                                                                                                                                                                                                                                                                                                                              ","UN    ","CR","2,39"]
[39142,"ABRACADEIRA EM ACO PARA AMARRACAO DE ELETRODUTOS, TIPO U SIMPLES, COM 2\"                                                                                                                                                                                                                                                                                                                                                                                                                                  ","UN    ","CR","1,71"]
[39138,"ABRACADEIRA EM ACO PARA AMARRACAO DE ELETRODUTOS, TIPO U SIMPLES, COM 3/4\"                                                                                                                                                                                                                                                                                                                                                                                                                                ","UN    ","CR","0,64"]
[39136,"ABRACADEIRA EM ACO PARA AMARRACAO DE ELETRODUTOS, TIPO U SIMPLES, COM 3/8\"                                                                                                                                                                                                                                                                                                                                                                                                                                ","UN    ","CR","0,42"]
[39144,"ABRACADEIRA EM ACO PARA AMARRACAO DE ELETRODUTOS, TIPO U SIMPLES, COM 3\"                                                                                                                                                                                                                                                                                                                                                                                                                                  ","UN    ","CR","2,78"]
[39145,"ABRACADEIRA EM ACO PARA AMARRACAO DE ELETRODUTOS, TIPO U SIMPLES, COM 4\"                                                                                                                                                                                                                                                                                                                                                                                                                                  ","UN    ","CR","4,59"]
[12615,"ABRACADEIRA PVC, PARA CALHA PLUVIAL, DIAMETRO ENTRE 80 E 100 MM, PARA DRENAGEM PREDIAL                                                                                                                                                                                                                                                                                                                                                                                                                    ","UN    ","AS","4,26"]
[11927,"ABRACADEIRA, GALVANIZADA/ZINCADA, ROSCA SEM FIM, PARAFUSO INOX, LARGURA  FITA *12,6 A *14 MM, D = 2\" A 2 1/2\"                                                                                                                                                                                                                                                                                                                                                                                             ","UN    ","AS","5,12"]
[11928,"ABRACADEIRA, GALVANIZADA/ZINCADA, ROSCA SEM FIM, PARAFUSO INOX, LARGURA  FITA *12,6 A *14 MM, D = 3\" A 3 3/4\"                                                                                                                                                                                                                                                                                                                                                                                             ","UN    ","AS","5,86"]
[11929,"ABRACADEIRA, GALVANIZADA/ZINCADA, ROSCA SEM FIM, PARAFUSO INOX, LARGURA  FITA *12,6 A *14 MM, D = 4\" A 4 3/4\"                                                                                                                                                                                                                                                                                                                                                                                             ","UN    ","AS","9,07"]
[36801,"ACABAMENTO CROMADO PARA REGISTRO PEQUENO, 1/2 \" OU 3/4 \"                                                                                                                                                                                                                                                                                                                                                                                                                                                  ","UN    ","CR","21,79"]
[36246,"ACABAMENTO SIMPLES/CONVENCIONAL PARA FORRO PVC, TIPO \"U\" OU \"C\", COR BRANCA, COMPRIMENTO 6 M                                                                                                                                                                                                                                                                                                                                                                                                              ","M     ","CR","5,98"]
[37600,"ACESSORIO DE LIGACAO NAO ELETRICO PARA CARGAS EXPLOSIVAS, TUBO DE 6 M                                                                                                                                                                                                                                                                                                                                                                                                                                     ","UN    ","AS","93,16"]
[37599,"ACESSORIO INICIADOR NAO ELETRICO, TUBO DE 6 M, TEMPO DE RETARDO DE *160* MS                                                                                                                                                                                                                                                                                                                                                                                                                               ","UN    ","AS","86,71"]
[1,"ACETILENO (RECARGA PARA CILINDRO DE CONJUNTO OXICORTE GRANDE)                                                                                                                                                                                                                                                                                                                                                                                                                                             ","KG    ","AS","51,40"]
[3,"ACIDO MURIATICO, DILUICAO 10% A 12% PARA USO EM LIMPEZA                                                                                                                                                                                                                                                                                                                                                                                                                                                   ","L     ","CR","6,58"]
[43054,"ACO CA-25, 10,0 MM, OU 12,5 MM, OU 16,0 MM, OU 20,0 MM, OU 25,0 MM, VERGALHAO                                                                                                                                                                                                                                                                                                                                                                                                                             ","KG    ","CR","7,79"]
[42402,"ACO CA-25, 16,0 MM, BARRA DE TRANSFERENCIA                                                                                                                                                                                                                                                                                                                                                                                                                                                                ","KG    ","CR","7,44"]
[42403,"ACO CA-25, 20,0 MM, BARRA DE TRANSFERENCIA                                                                                                                                                                                                                                                                                                                                                                                                                                                                ","KG    ","CR","9,55"]
[42404,"ACO CA-25, 25,0 MM, BARRA DE TRANSFERENCIA                                                                                                                                                                                                                                                                                                                                                                                                                                                                ","KG    ","CR","9,49"]
[42405,"ACO CA-25, 32,0 MM, BARRA DE TRANSFERENCIA                                                                                                                                                                                                                                                                                                                                                                                                                                                                ","KG    ","CR","10,11"]
[34341,"ACO CA-25, 32,0 MM, VERGALHAO                                                                                                                                                                                                                                                                                                                                                                                                                                                                             ","KG    ","CR","8,78"]
[43053,"ACO CA-25, 6,3 MM OU 8,0 MM, VERGALHAO                                                                                                                                                                                                                                                                                                                                                                                                                                                                    ","KG    ","CR","6,96"]
[43058,"ACO CA-50, 10,0 MM, OU 12,5 MM, OU 16,0 MM, OU 20,0 MM, DOBRADO E CORTADO                                                                                                                                                                                                                                                                                                                                                                                                                                 ","KG    ","CR","7,21"]
[34,"ACO CA-50, 10,0 MM, VERGALHAO                                                                                                                                                                                                                                                                                                                                                                                                                                                                             ","KG    ","CR","7,25"]
[43055,"ACO CA-50, 12,5 MM OU 16,0 MM, VERGALHAO                                                                                                                                                                                                                                                                                                                                                                                                                                                                  ","KG    ","C ","6,28"]
[43056,"ACO CA-50, 20,0 MM OU 25,0 MM, VERGALHAO                                                                                                                                                                                                                                                                                                                                                                                                                                                                  ","KG    ","CR","7,24"]
[43057,"ACO CA-50, 32,0 MM, VERGALHAO                                                                                                                                                                                                                                                                                                                                                                                                                                                                             ","KG    ","CR","7,96"]
[34449,"ACO CA-50, 6,3 MM, DOBRADO E CORTADO                                                                                                                                                                                                                                                                                                                                                                                                                                                                      ","KG    ","CR","8,50"]
[32,"ACO CA-50, 6,3 MM, VERGALHAO                                                                                                                                                                                                                                                                                                                                                                                                                                                                              ","KG    ","CR","7,65"]
[33,"ACO CA-50, 8,0 MM, VERGALHAO                                                                                                                                                                                                                                                                                                                                                                                                                                                                              ","KG    ","CR","7,69"]
[43061,"ACO CA-60, 4,2 MM OU 5,0 MM, DOBRADO E CORTADO                                                                                                                                                                                                                                                                                                                                                                                                                                                            ","KG    ","CR","7,19"]
[43059,"ACO CA-60, 4,2 MM, OU 5,0 MM, OU 6,0 MM, OU 7,0 MM, VERGALHAO                                                                                                                                                                                                                                                                                                                                                                                                                                             ","KG    ","CR","6,86"]
[43062,"ACO CA-60, 6,0 MM OU 7,0 MM, DOBRADO E CORTADO                                                                                                                                                                                                                                                                                                                                                                                                                                                            ","KG    ","CR","7,60"]
[43060,"ACO CA-60, 8,0 MM OU 9,5 MM, VERGALHAO                                                                                                                                                                                                                                                                                                                                                                                                                                                                    ","KG    ","CR","5,97"]
[20063,"ACOPLAMENTO DE CONDUTOR PLUVIAL, EM PVC, DIAMETRO ENTRE 80 E 100 MM, PARA DRENAGEM PREDIAL                                                                                                                                                                                                                                                                                                                                                                                                                ","UN    ","AS","4,23"]
[40410,"ACOPLAMENTO RIGIDO EM FERRO FUNDIDO PARA SISTEMA DE TUBULACAO RANHURADA, DN 50 MM (2\")                                                                                                                                                                                                                                                                                                                                                                                                                    ","UN    ","AS","24,22"]
[40411,"ACOPLAMENTO RIGIDO EM FERRO FUNDIDO PARA SISTEMA DE TUBULACAO RANHURADA, DN 65 MM (2 1/2\")                                                                                                                                                                                                                                                                                                                                                                                                                ","UN    ","AS","26,28"]
[40412,"ACOPLAMENTO RIGIDO EM FERRO FUNDIDO PARA SISTEMA DE TUBULACAO RANHURADA, DN 80 MM (3\")                                                                                                                                                                                                                                                                                                                                                                                                                    ","UN    ","AS","29,50"]
[38838,"ADAPTADOR DE COBRE PARA TUBULACAO PEX, DN 16 X 15 MM                                                                                                                                                                                                                                                                                                                                                                                                                                                      ","UN    ","AS","11,73"]
[38839,"ADAPTADOR DE COBRE PARA TUBULACAO PEX, DN 20 X 22 MM                                                                                                                                                                                                                                                                                                                                                                                                                                                      ","UN    ","AS","13,81"]
[55,"ADAPTADOR DE COMPRESSAO EM POLIPROPILENO (PP), PARA TUBO EM PEAD, 20 MM X 1/2\", PARA LIGACAO PREDIAL DE AGUA (NTS 179)                                                                                                                                                                                                                                                                                                                                                                                    ","UN    ","AS","4,88"]
[61,"ADAPTADOR DE COMPRESSAO EM POLIPROPILENO (PP), PARA TUBO EM PEAD, 20 MM X 3/4\", PARA LIGACAO PREDIAL DE AGUA (NTS 179)                                                                                                                                                                                                                                                                                                                                                                                    ","UN    ","AS","4,61"]
[62,"ADAPTADOR DE COMPRESSAO EM POLIPROPILENO (PP), PARA TUBO EM PEAD, 32 MM X 1\", PARA LIGACAO PREDIAL DE AGUA (NTS 179)                                                                                                                                                                                                                                                                                                                                                                                      ","UN    ","AS","9,56"]
[77,"ADAPTADOR PVC PARA SIFAO METALICO, SOLDAVEL, COM ANEL BORRACHA (JE), 40 MM X 1 1/2\"                                                                                                                                                                                                                                                                                                                                                                                                                       ","UN    ","CR","1,28"]
[76,"ADAPTADOR PVC PARA SIFAO, ROSCAVEL, 40 MM X 1 1/4\"                                                                                                                                                                                                                                                                                                                                                                                                                                                        ","UN    ","CR","1,30"]
[67,"ADAPTADOR PVC ROSCAVEL, COM FLANGES E ANEL DE VEDACAO, 1/2\", PARA CAIXA D' AGUA                                                                                                                                                                                                                                                                                                                                                                                                                           ","UN    ","CR","12,54"]
[71,"ADAPTADOR PVC ROSCAVEL, COM FLANGES E ANEL DE VEDACAO, 1\", PARA CAIXA D' AGUA                                                                                                                                                                                                                                                                                                                                                                                                                             ","UN    ","CR","23,05"]
[73,"ADAPTADOR PVC ROSCAVEL, COM FLANGES E ANEL DE VEDACAO, 3/4\", PARA CAIXA D' AGUA                                                                                                                                                                                                                                                                                                                                                                                                                           ","UN    ","CR","17,21"]
[103,"ADAPTADOR PVC SOLDAVEL CURTO COM BOLSA E ROSCA, 110 MM X 4\", PARA AGUA FRIA                                                                                                                                                                                                                                                                                                                                                                                                                               ","UN    ","CR","51,20"]
[107,"ADAPTADOR PVC SOLDAVEL CURTO COM BOLSA E ROSCA, 20 MM X 1/2\", PARA AGUA FRIA                                                                                                                                                                                                                                                                                                                                                                                                                              ","UN    ","CR","0,80"]
[65,"ADAPTADOR PVC SOLDAVEL CURTO COM BOLSA E ROSCA, 25 MM X 3/4\", PARA AGUA FRIA                                                                                                                                                                                                                                                                                                                                                                                                                              ","UN    ","CR","0,99"]
[108,"ADAPTADOR PVC SOLDAVEL CURTO COM BOLSA E ROSCA, 32 MM X 1\", PARA AGUA FRIA                                                                                                                                                                                                                                                                                                                                                                                                                                ","UN    ","CR","2,04"]
[110,"ADAPTADOR PVC SOLDAVEL CURTO COM BOLSA E ROSCA, 40 MM X 1 1/2\", PARA AGUA FRIA                                                                                                                                                                                                                                                                                                                                                                                                                            ","UN    ","CR","7,90"]
[109,"ADAPTADOR PVC SOLDAVEL CURTO COM BOLSA E ROSCA, 40 MM X 1 1/4\", PARA AGUA FRIA                                                                                                                                                                                                                                                                                                                                                                                                                            ","UN    ","CR","3,89"]
[111,"ADAPTADOR PVC SOLDAVEL CURTO COM BOLSA E ROSCA, 50 MM X 1 1/4\", PARA AGUA FRIA                                                                                                                                                                                                                                                                                                                                                                                                                            ","UN    ","CR","9,12"]
[112,"ADAPTADOR PVC SOLDAVEL CURTO COM BOLSA E ROSCA, 50 MM X1 1/2\", PARA AGUA FRIA                                                                                                                                                                                                                                                                                                                                                                                                                             ","UN    ","CR","4,96"]
[113,"ADAPTADOR PVC SOLDAVEL CURTO COM BOLSA E ROSCA, 60 MM X 2\", PARA AGUA FRIA                                                                                                                                                                                                                                                                                                                                                                                                                                ","UN    ","CR","13,47"]
[104,"ADAPTADOR PVC SOLDAVEL CURTO COM BOLSA E ROSCA, 75 MM X 2 1/2\", PARA AGUA FRIA                                                                                                                                                                                                                                                                                                                                                                                                                            ","UN    ","CR","19,59"]
[102,"ADAPTADOR PVC SOLDAVEL CURTO COM BOLSA E ROSCA, 85 MM X 3\", PARA AGUA FRIA                                                                                                                                                                                                                                                                                                                                                                                                                                ","UN    ","CR","32,15"]
[95,"ADAPTADOR PVC SOLDAVEL, COM FLANGE E ANEL DE VEDACAO, 20 MM X 1/2\", PARA CAIXA D'AGUA                                                                                                                                                                                                                                                                                                                                                                                                                     ","UN    ","CR","10,88"]
[96,"ADAPTADOR PVC SOLDAVEL, COM FLANGE E ANEL DE VEDACAO, 25 MM X 3/4\", PARA CAIXA D'AGUA                                                                                                                                                                                                                                                                                                                                                                                                                     ","UN    ","CR","12,52"]
[97,"ADAPTADOR PVC SOLDAVEL, COM FLANGE E ANEL DE VEDACAO, 32 MM X 1\", PARA CAIXA D'AGUA                                                                                                                                                                                                                                                                                                                                                                                                                       ","UN    ","CR","16,25"]
[98,"ADAPTADOR PVC SOLDAVEL, COM FLANGE E ANEL DE VEDACAO, 40 MM X 1 1/4\", PARA CAIXA D'AGUA                                                                                                                                                                                                                                                                                                                                                                                                                   ","UN    ","CR","21,91"]
[99,"ADAPTADOR PVC SOLDAVEL, COM FLANGE E ANEL DE VEDACAO, 50 MM X 1 1/2\", PARA CAIXA D'AGUA                                                                                                                                                                                                                                                                                                                                                                                                                   ","UN    ","CR","26,57"]
[100,"ADAPTADOR PVC SOLDAVEL, COM FLANGES E ANEL DE VEDACAO, 60 MM X 2\", PARA CAIXA D' AGUA                                                                                                                                                                                                                                                                                                                                                                                                                     ","UN    ","CR","37,07"]
[75,"ADAPTADOR PVC SOLDAVEL, COM FLANGES LIVRES, 110 MM X 4\", PARA CAIXA D' AGUA                                                                                                                                                                                                                                                                                                                                                                                                                               ","UN    ","CR","386,33"]
[114,"ADAPTADOR PVC SOLDAVEL, COM FLANGES LIVRES, 25 MM X 3/4\", PARA CAIXA D' AGUA                                                                                                                                                                                                                                                                                                                                                                                                                              ","UN    ","CR","14,08"]
[68,"ADAPTADOR PVC SOLDAVEL, COM FLANGES LIVRES, 32 MM X 1\", PARA CAIXA D' AGUA                                                                                                                                                                                                                                                                                                                                                                                                                                ","UN    ","CR","21,53"]
[86,"ADAPTADOR PVC SOLDAVEL, COM FLANGES LIVRES, 40 MM X 1  1/4\", PARA CAIXA D' AGUA                                                                                                                                                                                                                                                                                                                                                                                                                           ","UN    ","CR","40,02"]
[66,"ADAPTADOR PVC SOLDAVEL, COM FLANGES LIVRES, 50 MM X 1  1/2\", PARA CAIXA D' AGUA                                                                                                                                                                                                                                                                                                                                                                                                                           ","UN    ","CR","40,16"]
[69,"ADAPTADOR PVC SOLDAVEL, COM FLANGES LIVRES, 60 MM X 2\", PARA CAIXA D' AGUA                                                                                                                                                                                                                                                                                                                                                                                                                                ","UN    ","CR","61,39"]
[83,"ADAPTADOR PVC SOLDAVEL, COM FLANGES LIVRES, 75 MM X 2  1/2\", PARA CAIXA D' AGUA                                                                                                                                                                                                                                                                                                                                                                                                                           ","UN    ","CR","196,06"]
[74,"ADAPTADOR PVC SOLDAVEL, COM FLANGES LIVRES, 85 MM X 3\", PARA CAIXA D' AGUA                                                                                                                                                                                                                                                                                                                                                                                                                                ","UN    ","CR","273,72"]
[106,"ADAPTADOR PVC SOLDAVEL, LONGO, COM FLANGE LIVRE,  110 MM X 4\", PARA CAIXA D' AGUA                                                                                                                                                                                                                                                                                                                                                                                                                         ","UN    ","CR","415,83"]
[87,"ADAPTADOR PVC SOLDAVEL, LONGO, COM FLANGE LIVRE,  25 MM X 3/4\", PARA CAIXA D' AGUA                                                                                                                                                                                                                                                                                                                                                                                                                        ","UN    ","CR","19,77"]
[88,"ADAPTADOR PVC SOLDAVEL, LONGO, COM FLANGE LIVRE,  32 MM X 1\", PARA CAIXA D' AGUA                                                                                                                                                                                                                                                                                                                                                                                                                          ","UN    ","CR","22,06"]
[89,"ADAPTADOR PVC SOLDAVEL, LONGO, COM FLANGE LIVRE,  40 MM X 1 1/4\", PARA CAIXA D' AGUA                                                                                                                                                                                                                                                                                                                                                                                                                      ","UN    ","CR","32,62"]
[90,"ADAPTADOR PVC SOLDAVEL, LONGO, COM FLANGE LIVRE,  50 MM X 1 1/2\", PARA CAIXA D' AGUA                                                                                                                                                                                                                                                                                                                                                                                                                      ","UN    ","CR","37,37"]
[81,"ADAPTADOR PVC SOLDAVEL, LONGO, COM FLANGE LIVRE,  60 MM X 2\", PARA CAIXA D' AGUA                                                                                                                                                                                                                                                                                                                                                                                                                          ","UN    ","CR","63,91"]
[82,"ADAPTADOR PVC SOLDAVEL, LONGO, COM FLANGE LIVRE,  75 MM X 2 1/2\", PARA CAIXA D' AGUA                                                                                                                                                                                                                                                                                                                                                                                                                      ","UN    ","CR","248,11"]
[105,"ADAPTADOR PVC SOLDAVEL, LONGO, COM FLANGE LIVRE,  85 MM X 3\", PARA CAIXA D' AGUA                                                                                                                                                                                                                                                                                                                                                                                                                          ","UN    ","CR","290,48"]
[60,"ADAPTADOR PVC, COM REGISTRO, PARA PEAD, 20 MM X 3/4\", PARA LIGACAO PREDIAL DE AGUA                                                                                                                                                                                                                                                                                                                                                                                                                        ","UN    ","AS","6,33"]
[72,"ADAPTADOR PVC, ROSCAVEL, COM FLANGES E ANEL DE VEDACAO, 1 1/2\", PARA CAIXA D'AGUA                                                                                                                                                                                                                                                                                                                                                                                                                         ","UN    ","CR","39,07"]
[70,"ADAPTADOR PVC, ROSCAVEL, COM FLANGES E ANEL DE VEDACAO, 1 1/4\", PARA CAIXA D' AGUA                                                                                                                                                                                                                                                                                                                                                                                                                        ","UN    ","CR","32,67"]
[85,"ADAPTADOR PVC, ROSCAVEL, COM FLANGES E ANEL DE VEDACAO, 2\", PARA CAIXA D' AGUA                                                                                                                                                                                                                                                                                                                                                                                                                            ","UN    ","CR","47,42"]
[84,"ADAPTADOR PVC, ROSCAVEL, PARA VALVULA PIA OU LAVATORIO, 40 MM                                                                                                                                                                                                                                                                                                                                                                                                                                             ","UN    ","CR","0,55"]
[37997,"ADAPTADOR, CPVC, SOLDAVEL, 15 MM, PARA AGUA QUENTE                                                                                                                                                                                                                                                                                                                                                                                                                                                        ","UN    ","AS","5,56"]
[37998,"ADAPTADOR, CPVC, SOLDAVEL, 22 MM, PARA AGUA QUENTE                                                                                                                                                                                                                                                                                                                                                                                                                                                        ","UN    ","AS","5,76"]
[10899,"ADAPTADOR, EM LATAO, ENGATE RAPIDO 2 1/2\" X ROSCA INTERNA 5 FIOS 2 1/2\",  PARA INSTALACAO PREDIAL DE COMBATE A INCENDIO                                                                                                                                                                                                                                                                                                                                                                                   ","UN    ","CR","96,38"]
[10900,"ADAPTADOR, EM LATAO, ENGATE RAPIDO1 1/2\" X ROSCA INTERNA 5 FIOS 2 1/2\",  PARA INSTALACAO PREDIAL DE COMBATE A INCENDIO                                                                                                                                                                                                                                                                                                                                                                                    ","UN    ","CR","75,42"]
[46,"ADAPTADOR, PVC PBA,  BOLSA/ROSCA, JE, DN 75 / DE  85 MM                                                                                                                                                                                                                                                                                                                                                                                                                                                   ","UN    ","AS","52,23"]
[51,"ADAPTADOR, PVC PBA, A BOLSA DEFOFO, JE, DN 100 / DE 110 MM                                                                                                                                                                                                                                                                                                                                                                                                                                                ","UN    ","AS","144,10"]
[12863,"ADAPTADOR, PVC PBA, A BOLSA DEFOFO, JE, DN 50 / DE 60 MM                                                                                                                                                                                                                                                                                                                                                                                                                                                  ","UN    ","AS","33,19"]
[50,"ADAPTADOR, PVC PBA, A BOLSA DEFOFO, JE, DN 75 / DE  85 MM                                                                                                                                                                                                                                                                                                                                                                                                                                                 ","UN    ","AS","75,25"]
[47,"ADAPTADOR, PVC PBA, BOLSA/ROSCA, JE, DN 100 / DE 110 MM                                                                                                                                                                                                                                                                                                                                                                                                                                                   ","UN    ","AS","89,31"]
[48,"ADAPTADOR, PVC PBA, BOLSA/ROSCA, JE, DN 50 / DE 60 MM                                                                                                                                                                                                                                                                                                                                                                                                                                                     ","UN    ","AS","23,30"]
[52,"ADAPTADOR, PVC PBA, PONTA/ROSCA, JE, DN 50 / DE  60 MM                                                                                                                                                                                                                                                                                                                                                                                                                                                    ","UN    ","AS","17,70"]
[43,"ADAPTADOR, PVC PBA, PONTA/ROSCA, JE, DN 75 / DE  85 MM                                                                                                                                                                                                                                                                                                                                                                                                                                                    ","UN    ","AS","59,73"]
[4791,"ADESIVO ACRILICO/COLA DE CONTATO                                                                                                                                                                                                                                                                                                                                                                                                                                                                          ","KG    ","CR","17,35"]
[157,"ADESIVO ESTRUTURAL A BASE DE RESINA EPOXI PARA INJECAO EM TRINCAS, BICOMPONENTE, BAIXA VISCOSIDADE                                                                                                                                                                                                                                                                                                                                                                                                        ","KG    ","CR","148,41"]
[156,"ADESIVO ESTRUTURAL A BASE DE RESINA EPOXI, BICOMPONENTE, FLUIDO                                                                                                                                                                                                                                                                                                                                                                                                                                           ","KG    ","CR","52,84"]
[131,"ADESIVO ESTRUTURAL A BASE DE RESINA EPOXI, BICOMPONENTE, PASTOSO (TIXOTROPICO)                                                                                                                                                                                                                                                                                                                                                                                                                            ","KG    ","CR","45,19"]
[39719,"ADESIVO LIQUIDO A BASE DE RESINAS PARA COLAGEM DE ESPUMA DE ISOLAMENTO TERMICO FLEXIVEL                                                                                                                                                                                                                                                                                                                                                                                                                   ","L     ","CR","76,89"]
[21114,"ADESIVO PARA TUBOS CPVC, *75* G                                                                                                                                                                                                                                                                                                                                                                                                                                                                           ","UN    ","CR","16,47"]
[119,"ADESIVO PLASTICO PARA PVC, BISNAGA COM 75 GR                                                                                                                                                                                                                                                                                                                                                                                                                                                              ","UN    ","C ","6,50"]
[20080,"ADESIVO PLASTICO PARA PVC, FRASCO COM 175 GR                                                                                                                                                                                                                                                                                                                                                                                                                                                              ","UN    ","CR","18,63"]
[122,"ADESIVO PLASTICO PARA PVC, FRASCO COM 850 GR                                                                                                                                                                                                                                                                                                                                                                                                                                                              ","UN    ","CR","58,71"]
[3410,"ADESIVO/COLA PARA EPS (ISOPOR) E OUTROS MATERIAIS                                                                                                                                                                                                                                                                                                                                                                                                                                                         ","KG    ","AS","30,64"]
[124,"ADITIVO ACELERADOR DE PEGA E ENDURECIMENTO PARA ARGAMASSAS E CONCRETOS, LIQUIDO E ISENTO DE CLORETOS                                                                                                                                                                                                                                                                                                                                                                                                      ","L     ","CR","17,43"]
[7334,"ADITIVO ADESIVO LIQUIDO PARA ARGAMASSAS DE REVESTIMENTOS CIMENTICIOS                                                                                                                                                                                                                                                                                                                                                                                                                                      ","L     ","CR","11,47"]
[123,"ADITIVO IMPERMEABILIZANTE DE PEGA NORMAL PARA ARGAMASSAS E CONCRETOS SEM ARMACAO, LIQUIDO E ISENTO DE CLORETOS                                                                                                                                                                                                                                                                                                                                                                                            ","L     ","C ","7,13"]
[127,"ADITIVO IMPERMEABILIZANTE DE PEGA ULTRARRAPIDA, LIQUIDO E ISENTO DE CLORETOS                                                                                                                                                                                                                                                                                                                                                                                                                              ","L     ","CR","17,02"]
[41373,"ADITIVO LIQUIDO IMPERMEABILIZANTE CRISTALIZANTE                                                                                                                                                                                                                                                                                                                                                                                                                                                           ","L     ","CR","23,71"]
[133,"ADITIVO LIQUIDO INCORPORADOR DE AR PARA CONCRETO E ARGAMASSA, LIQUIDO E ISENTO DE CLORETOS                                                                                                                                                                                                                                                                                                                                                                                                                ","L     ","CR","7,07"]
[43617,"ADITIVO PLASTIFICANTE E ESTABILIZADOR PARA ARGAMASSAS DE ASSENTAMENTO E REBOCO, LIQUIDO E ISENTO DE CLORETOS                                                                                                                                                                                                                                                                                                                                                                                              ","L     ","CR","7,90"]
[132,"ADITIVO PLASTIFICANTE RETARDADOR DE PEGA E REDUTOR DE AGUA PARA CONCRETO, LIQUIDO E ISENTO DE CLORETOS                                                                                                                                                                                                                                                                                                                                                                                                    ","L     ","CR","7,33"]
[43618,"ADITIVO SUPERPLASTIFICANTE DE PEGA NORMAL PARA CONCRETO, LIQUIDO E ISENTO DE CLORETOS                                                                                                                                                                                                                                                                                                                                                                                                                     ","KG    ","CR","18,45"]
[37476,"ADUELA/ GALERIA PRE-MOLDADA DE CONCRETO ARMADO, SECAO QUADRADA INTERNA DE 1,50 X 1,50 M (L X A), MISULA DE 20 X 20 CM, C = 1,00 M, ESPESSURA MIN = 15 CM, TB-45 E FCK DO CONCRETO = 30 MPA                                                                                                                                                                                                                                                                                                                ","UN    ","CR","2.994,95"]
[37478,"ADUELA/ GALERIA PRE-MOLDADA DE CONCRETO ARMADO, SECAO RETANGULAR INTERNA DE 2,00 X 2,00 M (L X A), MISULA DE 20 X 20 CM, C = 1,00 M, ESPESSURA MIN = 15 CM, TB-45 E FCK DO CONCRETO = 30 MPA                                                                                                                                                                                                                                                                                                              ","UN    ","CR","3.751,26"]
[37477,"ADUELA/ GALERIA PRE-MOLDADA DE CONCRETO ARMADO, SECAO RETANGULAR INTERNA DE 2,50 X 2,50 M (L X A), MISULA DE 20 X 20 CM, C = 1,00 M, ESPESSURA MIN = 15 CM, TB-45 E FCK DO CONCRETO = 30 MPA                                                                                                                                                                                                                                                                                                              ","UN    ","CR","5.082,35"]
[37479,"ADUELA/ GALERIA PRE-MOLDADA DE CONCRETO ARMADO, SECAO RETANGULAR INTERNA DE 3,00 X 3,00 M (L X A), MISULA DE 20 X 20 CM, C = 1.00 M, ESPESSURA MIN = 20 CM, TB-45 E FCK DO CONCRETO = 30 MPA                                                                                                                                                                                                                                                                                                              ","UN    ","CR","6.027,73"]
[4319,"AFASTADOR PARA TELHA DE FIBROCIMENTO CANALETE 90 OU KALHETAO                                                                                                                                                                                                                                                                                                                                                                                                                                              ","UN    ","CR","1,92"]
[42409,"AGENTE DE CURA, PROTETOR DA EVAPORACAO DA AGUA DE HIDRATACAO DO CONCRETO                                                                                                                                                                                                                                                                                                                                                                                                                                  ","KG    ","CR","11,62"]
[40553,"AGREGADO RECICLADO, TIPO RACHAO RECICLADO CINZA, CLASSE A                                                                                                                                                                                                                                                                                                                                                                                                                                                 ","M3    ","AS","36,40"]
[6114,"AJUDANTE DE ARMADOR                                                                                                                                                                                                                                                                                                                                                                                                                                                                                       ","H     ","CR","9,80"]
[40912,"AJUDANTE DE ARMADOR (MENSALISTA)                                                                                                                                                                                                                                                                                                                                                                                                                                                                          ","MES   ","CR","1.723,09"]
[247,"AJUDANTE DE ELETRICISTA                                                                                                                                                                                                                                                                                                                                                                                                                                                                                   ","H     ","CR","12,40"]
[40919,"AJUDANTE DE ELETRICISTA (MENSALISTA)                                                                                                                                                                                                                                                                                                                                                                                                                                                                      ","MES   ","CR","2.179,91"]
[25958,"AJUDANTE DE ESTRUTURAS METALICAS                                                                                                                                                                                                                                                                                                                                                                                                                                                                          ","H     ","CR","13,19"]
[40984,"AJUDANTE DE ESTRUTURAS METALICAS (MENSALISTA)                                                                                                                                                                                                                                                                                                                                                                                                                                                             ","MES   ","CR","2.319,99"]
[248,"AJUDANTE DE OPERACAO EM GERAL                                                                                                                                                                                                                                                                                                                                                                                                                                                                             ","H     ","CR","10,14"]
[41086,"AJUDANTE DE OPERACAO EM GERAL (MENSALISTA)                                                                                                                                                                                                                                                                                                                                                                                                                                                                ","MES   ","CR","1.783,01"]
[34466,"AJUDANTE DE PINTOR                                                                                                                                                                                                                                                                                                                                                                                                                                                                                        ","H     ","CR","10,72"]
[41083,"AJUDANTE DE PINTOR (MENSALISTA)                                                                                                                                                                                                                                                                                                                                                                                                                                                                           ","MES   ","CR","1.885,66"]
[252,"AJUDANTE DE SERRALHEIRO                                                                                                                                                                                                                                                                                                                                                                                                                                                                                   ","H     ","CR","10,51"]
[40909,"AJUDANTE DE SERRALHEIRO (MENSALISTA)                                                                                                                                                                                                                                                                                                                                                                                                                                                                      ","MES   ","CR","1.848,20"]
[242,"AJUDANTE ESPECIALIZADO                                                                                                                                                                                                                                                                                                                                                                                                                                                                                    ","H     ","CR","13,85"]
[41085,"AJUDANTE ESPECIALIZADO (MENSALISTA)                                                                                                                                                                                                                                                                                                                                                                                                                                                                       ","MES   ","CR","2.433,58"]
[427,"ALCA PREFORMADA DE CONTRA POSTE, EM ACO GALVANIZADO, PARA CABO 3/16\", COMPRIMENTO *860* MM                                                                                                                                                                                                                                                                                                                                                                                                                ","UN    ","AS","7,50"]
[417,"ALCA PREFORMADA DE DISTRIBUICAO, EM ACO GALVANIZADO, PARA CABO DE ALUMINIO DIAMETRO 16 A 25 MM                                                                                                                                                                                                                                                                                                                                                                                                            ","UN    ","AS","3,53"]
[11273,"ALCA PREFORMADA DE DISTRIBUICAO, EM ACO GALVANIZADO, PARA CONDUTORES DE ALUMINIO AWG 1/0 (CAA 6/1 OU CA 7 FIOS)                                                                                                                                                                                                                                                                                                                                                                                           ","UN    ","AS","10,96"]
[11272,"ALCA PREFORMADA DE DISTRIBUICAO, EM ACO GALVANIZADO, PARA CONDUTORES DE ALUMINIO AWG 2 (CAA 6/1 OU CA 7 FIOS)                                                                                                                                                                                                                                                                                                                                                                                             ","UN    ","AS","6,62"]
[11275,"ALCA PREFORMADA DE SERVICO, EM ACO GALVANIZADO, PARA CONDUTORES DE ALUMINIO AWG 4 (CAA 6/1)                                                                                                                                                                                                                                                                                                                                                                                                               ","UN    ","AS","2,65"]
[11274,"ALCA PREFORMADA DE SERVICO, EM ACO GALVANIZADO, PARA CONDUTORES DE ALUMINIO AWG 6 (CAA 6/1)                                                                                                                                                                                                                                                                                                                                                                                                               ","UN    ","AS","2,02"]
[38470,"ALICATE DE CORTE DIAGONAL 6 \" COM ISOLAMENTO                                                                                                                                                                                                                                                                                                                                                                                                                                                              ","UN    ","C ","36,68"]
[38547,"ALICATE DE CRIMPAR RJ11, RJ12 E RJ45                                                                                                                                                                                                                                                                                                                                                                                                                                                                      ","UN    ","CR","100,09"]
[38469,"ALICATE DE PRESSAO PARA SOLDA DE CHAPA 18 \"                                                                                                                                                                                                                                                                                                                                                                                                                                                               ","UN    ","CR","107,62"]
[38467,"ALICATE DE PRESSAO 11 \" PARA SOLDA, TIPO C                                                                                                                                                                                                                                                                                                                                                                                                                                                                ","UN    ","CR","60,56"]
[38468,"ALICATE DE PRESSAO 11 \" PARA SOLDA, TIPO U                                                                                                                                                                                                                                                                                                                                                                                                                                                                ","UN    ","CR","66,64"]
[38471,"ALICATE PARA ANEIS DE PISTAO, CAPACIDADE 50 A 100 MM                                                                                                                                                                                                                                                                                                                                                                                                                                                      ","UN    ","CR","86,54"]
[37370,"ALIMENTACAO - HORISTA (COLETADO CAIXA)                                                                                                                                                                                                                                                                                                                                                                                                                                                                    ","H     ","C ","1,67"]
[40862,"ALIMENTACAO - MENSALISTA (COLETADO CAIXA)                                                                                                                                                                                                                                                                                                                                                                                                                                                                 ","MES   ","C ","314,14"]
[10658,"ALISADORA DE CONCRETO COM MOTOR A GASOLINA DE 5,5 HP, PESO COM MOTOR DE 78 KG, 4 PAS                                                                                                                                                                                                                                                                                                                                                                                                                      ","UN    ","AS","7.000,00"]
[253,"ALMOXARIFE                                                                                                                                                                                                                                                                                                                                                                                                                                                                                                ","H     ","C ","15,26"]
[40809,"ALMOXARIFE (MENSALISTA)                                                                                                                                                                                                                                                                                                                                                                                                                                                                                   ","MES   ","CR","2.679,73"]
[42428,"ALONGADOR COM TRES ALTURAS, EM TUBO DE ACO CARBONO, PINTURA NO PROCESSO ELETROSTATICO - EQUIPAMENTO DE GINASTICA PARA ACADEMIA AO AR LIVRE / ACADEMIA DA TERCEIRA IDADE - ATI                                                                                                                                                                                                                                                                                                                             ","UN    ","AS","1.740,00"]
[583,"ALUMINIO ANODIZADO                                                                                                                                                                                                                                                                                                                                                                                                                                                                                        ","KG    ","AS","39,79"]
[299,"ANEL BORRACHA DN 100 MM, PARA TUBO SERIE REFORCADA ESGOTO PREDIAL                                                                                                                                                                                                                                                                                                                                                                                                                                         ","UN    ","CR","2,95"]
[298,"ANEL BORRACHA DN 75 MM, PARA TUBO SERIE REFORCADA ESGOTO PREDIAL                                                                                                                                                                                                                                                                                                                                                                                                                                          ","UN    ","CR","2,97"]
[295,"ANEL BORRACHA PARA TUBO ESGOTO PREDIAL DN 40 MM (NBR 5688)                                                                                                                                                                                                                                                                                                                                                                                                                                                ","UN    ","CR","1,77"]
[296,"ANEL BORRACHA PARA TUBO ESGOTO PREDIAL DN 50 MM (NBR 5688)                                                                                                                                                                                                                                                                                                                                                                                                                                                ","UN    ","CR","1,83"]
[297,"ANEL BORRACHA PARA TUBO ESGOTO PREDIAL DN 75 MM (NBR 5688)                                                                                                                                                                                                                                                                                                                                                                                                                                                ","UN    ","CR","2,59"]
[301,"ANEL BORRACHA PARA TUBO ESGOTO PREDIAL, DN 100 MM (NBR 5688)                                                                                                                                                                                                                                                                                                                                                                                                                                              ","UN    ","C ","3,25"]
[300,"ANEL BORRACHA, DN 150 MM, PARA TUBO SERIE REFORCADA ESGOTO PREDIAL                                                                                                                                                                                                                                                                                                                                                                                                                                        ","UN    ","CR","13,65"]
[20084,"ANEL BORRACHA, DN 40 MM, PARA TUBO SERIE REFORCADA ESGOTO PREDIAL                                                                                                                                                                                                                                                                                                                                                                                                                                         ","UN    ","CR","1,77"]
[20085,"ANEL BORRACHA, DN 50 MM, PARA TUBO SERIE REFORCADA ESGOTO PREDIAL                                                                                                                                                                                                                                                                                                                                                                                                                                         ","UN    ","CR","1,64"]
[311,"ANEL BORRACHA, PARA TUBO PVC DEFOFO, DN 100 MM (NBR 7665)                                                                                                                                                                                                                                                                                                                                                                                                                                                 ","UN    ","CR","10,57"]
[318,"ANEL BORRACHA, PARA TUBO PVC DEFOFO, DN 150 MM (NBR 7665)                                                                                                                                                                                                                                                                                                                                                                                                                                                 ","UN    ","CR","18,51"]
[319,"ANEL BORRACHA, PARA TUBO PVC DEFOFO, DN 200 MM (NBR 7665)                                                                                                                                                                                                                                                                                                                                                                                                                                                 ","UN    ","CR","34,96"]
[320,"ANEL BORRACHA, PARA TUBO PVC DEFOFO, DN 250 MM (NBR 7665)                                                                                                                                                                                                                                                                                                                                                                                                                                                 ","UN    ","CR","111,14"]
[314,"ANEL BORRACHA, PARA TUBO PVC DEFOFO, DN 300 MM (NBR 7665)                                                                                                                                                                                                                                                                                                                                                                                                                                                 ","UN    ","CR","170,70"]
[303,"ANEL BORRACHA, PARA TUBO PVC, REDE COLETOR ESGOTO, DN 100 MM (NBR 7362)                                                                                                                                                                                                                                                                                                                                                                                                                                   ","UN    ","CR","4,43"]
[305,"ANEL BORRACHA, PARA TUBO PVC, REDE COLETOR ESGOTO, DN 150 MM (NBR 7362)                                                                                                                                                                                                                                                                                                                                                                                                                                   ","UN    ","CR","11,55"]
[306,"ANEL BORRACHA, PARA TUBO PVC, REDE COLETOR ESGOTO, DN 200 MM (NBR 7362)                                                                                                                                                                                                                                                                                                                                                                                                                                   ","UN    ","CR","13,88"]
[307,"ANEL BORRACHA, PARA TUBO PVC, REDE COLETOR ESGOTO, DN 250 MM (NBR 7362)                                                                                                                                                                                                                                                                                                                                                                                                                                   ","UN    ","CR","27,41"]
[309,"ANEL BORRACHA, PARA TUBO PVC, REDE COLETOR ESGOTO, DN 350 MM (NBR 7362)                                                                                                                                                                                                                                                                                                                                                                                                                                   ","UN    ","CR","56,16"]
[310,"ANEL BORRACHA, PARA TUBO PVC, REDE COLETOR ESGOTO, DN 400 MM (NBR 7362)                                                                                                                                                                                                                                                                                                                                                                                                                                   ","UN    ","CR","71,23"]
[328,"ANEL BORRACHA, PARA TUBO/CONEXAO PVC PBA, DN 100 MM, PARA REDE AGUA                                                                                                                                                                                                                                                                                                                                                                                                                                       ","UN    ","CR","8,50"]
[325,"ANEL BORRACHA, PARA TUBO/CONEXAO PVC PBA, DN 50 MM, PARA REDE AGUA                                                                                                                                                                                                                                                                                                                                                                                                                                        ","UN    ","CR","3,29"]
[20326,"ANEL BORRACHA, PARA TUBO/CONEXAO PVC PBA, DN 60 MM, PARA REDE AGUA                                                                                                                                                                                                                                                                                                                                                                                                                                        ","UN    ","CR","8,83"]
[329,"ANEL BORRACHA, PARA TUBO/CONEXAO PVC PBA, DN 75 MM, PARA REDE AGUA                                                                                                                                                                                                                                                                                                                                                                                                                                        ","UN    ","CR","10,86"]
[308,"ANEL BORRACHA, PARA TUBO, PVC REDE COLETOR ESGOTO, DN 300 MM (NBR 7362)                                                                                                                                                                                                                                                                                                                                                                                                                                   ","UN    ","CR","36,60"]
[39642,"ANEL DE BORRACHA PARA VEDACAO DE DUTO PEAD CORRUGADO PARA ELETRICA, DN 1 1/2\"                                                                                                                                                                                                                                                                                                                                                                                                                             ","UN    ","CR","2,22"]
[39641,"ANEL DE BORRACHA PARA VEDACAO DE DUTO PEAD CORRUGADO PARA ELETRICA, DN 1 1/4\"                                                                                                                                                                                                                                                                                                                                                                                                                             ","UN    ","CR","1,55"]
[39643,"ANEL DE BORRACHA PARA VEDACAO DE DUTO PEAD CORRUGADO PARA ELETRICA, DN 2\"                                                                                                                                                                                                                                                                                                                                                                                                                                 ","UN    ","CR","6,17"]
[39644,"ANEL DE BORRACHA PARA VEDACAO DE DUTO PEAD CORRUGADO PARA ELETRICA, DN 3\"                                                                                                                                                                                                                                                                                                                                                                                                                                 ","UN    ","CR","7,97"]
[39645,"ANEL DE BORRACHA PARA VEDACAO DE DUTO PEAD CORRUGADO PARA ELETRICA, DN 4\"                                                                                                                                                                                                                                                                                                                                                                                                                                 ","UN    ","CR","10,30"]
[41610,"ANEL DE CONCRETO ARMADO COM FUNDO, PARA FOSSA E POCO 1,50 X *0,50* M                                                                                                                                                                                                                                                                                                                                                                                                                                      ","UN    ","CR","555,64"]
[41611,"ANEL DE CONCRETO ARMADO COM FUNDO, PARA FOSSA E POCO 2,00 X *0,50* M                                                                                                                                                                                                                                                                                                                                                                                                                                      ","UN    ","CR","875,79"]
[41612,"ANEL DE CONCRETO ARMADO COM FUNDO, PARA FOSSA E POCO 2,50 X *0,50* M                                                                                                                                                                                                                                                                                                                                                                                                                                      ","UN    ","CR","1.229,74"]
[41637,"ANEL DE CONCRETO ARMADO, COM FUROS/DRENO PARA SUMIDOURO, D = 0,80 M, H = 0,50 M                                                                                                                                                                                                                                                                                                                                                                                                                           ","UN    ","CR","114,95"]
[41638,"ANEL DE CONCRETO ARMADO, COM FUROS/DRENO PARA SUMIDOURO, D = 1,00 M, H = 0,50M                                                                                                                                                                                                                                                                                                                                                                                                                            ","UN    ","CR","149,74"]
[41639,"ANEL DE CONCRETO ARMADO, COM FUROS/DRENO PARA SUMIDOURO, D = 1,50 M, H = 0,50 M                                                                                                                                                                                                                                                                                                                                                                                                                           ","UN    ","CR","362,26"]
[11789,"ANEL DE DISTRIBUICAO EM ACO GALVANIZADO PARA FIO FE-160                                                                                                                                                                                                                                                                                                                                                                                                                                                   ","UN    ","AS","1,00"]
[20975,"ANEL DE EXPANSAO EM COBRE, ENGATE RAPIDO 1 1/2\", PARA EMPATACAO MANGUEIRA DE COMBATE A INCENDIO PREDIAL                                                                                                                                                                                                                                                                                                                                                                                                   ","UN    ","CR","15,11"]
[20976,"ANEL DE EXPANSAO EM COBRE, ENGATE RAPIDO 2 1/2\", PARA EMPATACAO MANGUEIRA DE COMBATE A INCENDIO PREDIAL                                                                                                                                                                                                                                                                                                                                                                                                   ","UN    ","CR","22,83"]
[40340,"ANEL DE VEDACAO/JUNTA ELASTICA, H = *16* MM, PARA TUBO DE CONCRETO DN 300 MM                                                                                                                                                                                                                                                                                                                                                                                                                              ","UN    ","CR","86,07"]
[40341,"ANEL DE VEDACAO/JUNTA ELASTICA, H = *16* MM, PARA TUBO DE CONCRETO DN 400 MM                                                                                                                                                                                                                                                                                                                                                                                                                              ","UN    ","CR","101,91"]
[40342,"ANEL DE VEDACAO/JUNTA ELASTICA, H = *16* MM, PARA TUBO DE CONCRETO DN 500 MM                                                                                                                                                                                                                                                                                                                                                                                                                              ","UN    ","CR","129,20"]
[40343,"ANEL DE VEDACAO/JUNTA ELASTICA, H = *16* MM, PARA TUBO DE CONCRETO DN 600 MM                                                                                                                                                                                                                                                                                                                                                                                                                              ","UN    ","CR","158,50"]
[40344,"ANEL DE VEDACAO/JUNTA ELASTICA, H = *18* MM, PARA TUBO DE CONCRETO DN 700 MM                                                                                                                                                                                                                                                                                                                                                                                                                              ","UN    ","CR","167,59"]
[40345,"ANEL DE VEDACAO/JUNTA ELASTICA, H = *19* MM, PARA TUBO DE CONCRETO DN 800 MM                                                                                                                                                                                                                                                                                                                                                                                                                              ","UN    ","CR","209,24"]
[40346,"ANEL DE VEDACAO/JUNTA ELASTICA, H = *19* MM, PARA TUBO DE CONCRETO DN 900 MM                                                                                                                                                                                                                                                                                                                                                                                                                              ","UN    ","CR","196,84"]
[40347,"ANEL DE VEDACAO/JUNTA ELASTICA, H = *21* MM, PARA TUBO DE CONCRETO DN 1000 MM                                                                                                                                                                                                                                                                                                                                                                                                                             ","UN    ","CR","243,38"]
[38840,"ANEL DESLIZANTE / TRADICIONAL, METALICO, PARA TUBO PEX, DN 16 MM                                                                                                                                                                                                                                                                                                                                                                                                                                          ","UN    ","AS","3,29"]
[38841,"ANEL DESLIZANTE / TRADICIONAL, METALICO, PARA TUBO PEX, DN 20 MM                                                                                                                                                                                                                                                                                                                                                                                                                                          ","UN    ","AS","3,64"]
[38842,"ANEL DESLIZANTE / TRADICIONAL, METALICO, PARA TUBO PEX, DN 25 MM                                                                                                                                                                                                                                                                                                                                                                                                                                          ","UN    ","AS","7,20"]
[38843,"ANEL DESLIZANTE / TRADICIONAL, METALICO, PARA TUBO PEX, DN 32 MM                                                                                                                                                                                                                                                                                                                                                                                                                                          ","UN    ","AS","11,25"]
[43424,"ANEL EM CONCRETO ARMADO, LISO,  PARA FOSSAS SEPTICAS E SUMIDOUROS, COM FUNDO, DIAMETRO INTERNO DE 1,20 M E ALTURA DE 0,50 M                                                                                                                                                                                                                                                                                                                                                                               ","UN    ","CR","465,53"]
[43426,"ANEL EM CONCRETO ARMADO, LISO, PARA FOSSAS SEPTICAS E SUMIDOUROS, COM FUNDO, DIAMETRO INTERNO DE 3,00 M E ALTURA DE 0,50 M                                                                                                                                                                                                                                                                                                                                                                                ","UN    ","CR","1.605,63"]
[12565,"ANEL EM CONCRETO ARMADO, LISO, PARA FOSSAS SEPTICAS E SUMIDOUROS, SEM FUNDO, DIAMETRO INTERNO DE 2,00 M E ALTURA DE 0,50 M                                                                                                                                                                                                                                                                                                                                                                                ","UN    ","CR","563,07"]
[12567,"ANEL EM CONCRETO ARMADO, LISO, PARA FOSSAS SEPTICAS E SUMIDOUROS, SEM FUNDO, DIAMETRO INTERNO DE 2,50 M E ALTURA DE 0,50 M                                                                                                                                                                                                                                                                                                                                                                                ","UN    ","CR","756,30"]
[12568,"ANEL EM CONCRETO ARMADO, LISO, PARA FOSSAS SEPTICAS E SUMIDOUROS, SEM FUNDO, DIAMETRO INTERNO DE 3,00 M E ALTURA DE 0,50 M                                                                                                                                                                                                                                                                                                                                                                                ","UN    ","CR","1.058,82"]
[43441,"ANEL EM CONCRETO ARMADO, LISO, PARA POCOS DE INSPECAO, COM FUNDO, DIAMETRO INTERNO DE 0,60 M E ALTURA DE 0,50 M                                                                                                                                                                                                                                                                                                                                                                                           ","UN    ","CR","136,13"]
[43423,"ANEL EM CONCRETO ARMADO, LISO, PARA POCOS DE INSPECAO, SEM FUNDO, DIAMETRO INTERNO DE 0,60 M E ALTURA DE 0,20 M                                                                                                                                                                                                                                                                                                                                                                                           ","UN    ","CR","63,52"]
[12532,"ANEL EM CONCRETO ARMADO, LISO, PARA POCOS DE INSPECAO, SEM FUNDO, DIAMETRO INTERNO DE 0,60 M E ALTURA DE 0,50 M                                                                                                                                                                                                                                                                                                                                                                                           ","UN    ","CR","97,97"]
[43444,"ANEL EM CONCRETO ARMADO, LISO, PARA POCOS DE VISITA, POCOS DE INSPECAO, FOSSAS SEPTICAS E SUMIDOUROS, COM FUNDO, DIAMETRO INTERNO DE 1,20 M E ALTURA DE 0,75 M                                                                                                                                                                                                                                                                                                                                            ","UN    ","CR","328,99"]
[12551,"ANEL EM CONCRETO ARMADO, LISO, PARA POCOS DE VISITA, POCOS DE INSPECAO, FOSSAS SEPTICAS E SUMIDOUROS, SEM FUNDO, DIAMETRO INTERNO DE 1,20 M E ALTURA DE 0,50 M                                                                                                                                                                                                                                                                                                                                            ","UN    ","CR","234,72"]
[43442,"ANEL EM CONCRETO ARMADO, LISO, PARA POCOS DE VISITAS, POCOS DE INSPECAO, FOSSAS SEPTICAS E SUMIDOUROS, COM FUNDO, DIAMETRO INTERNO DE 0,80 M E ALTURA DE 0,50 M                                                                                                                                                                                                                                                                                                                                           ","UN    ","CR","181,51"]
[43443,"ANEL EM CONCRETO ARMADO, LISO, PARA POCOS DE VISITAS, POCOS DE INSPECAO, FOSSAS SEPTICAS E SUMIDOUROS, COM FUNDO, DIAMETRO INTERNO DE 1,00 M E ALTURA DE 0,50 M                                                                                                                                                                                                                                                                                                                                           ","UN    ","CR","238,23"]
[12544,"ANEL EM CONCRETO ARMADO, LISO, PARA POCOS DE VISITAS, POCOS DE INSPECAO, FOSSAS SEPTICAS E SUMIDOUROS, SEM FUNDO, DIAMETRO INTERNO DE 0,80 M E ALTURA DE 0,50 M                                                                                                                                                                                                                                                                                                                                           ","UN    ","CR","128,57"]
[12547,"ANEL EM CONCRETO ARMADO, LISO, PARA POCOS DE VISITAS, POCOS DE INSPECAO, FOSSAS SEPTICAS E SUMIDOUROS, SEM FUNDO, DIAMETRO INTERNO DE 1,00 M E ALTURA DE 0,50 M                                                                                                                                                                                                                                                                                                                                           ","UN    ","CR","172,92"]
[43445,"ANEL EM CONCRETO ARMADO, LISO, PARA, POCOS DE VISITA, POCOS DE INSPECAO, FOSSAS SEPTICAS E SUMIDOUROS, COM FUNDO, DIAMETRO INTERNO DE 1,50 M E ALTURA DE 1,00 M                                                                                                                                                                                                                                                                                                                                           ","UN    ","CR","453,78"]
[12563,"ANEL EM CONCRETO ARMADO, LISO, PARA, POCOS DE VISITA, POCOS DE INSPECAO, FOSSAS SEPTICAS E SUMIDOUROS, SEM FUNDO, DIAMETRO INTERNO DE 1,50 M E ALTURA DE 0,50 M                                                                                                                                                                                                                                                                                                                                           ","UN    ","CR","324,66"]
[43425,"ANEL EM CONCRETO ARMADO, PERFURADO,  PARA FOSSAS SEPTICAS E SUMIDOUROS, SEM FUNDO, DIAMETRO INTERNO DE 1,20 M E ALTURA DE 0,50 M                                                                                                                                                                                                                                                                                                                                                                          ","UN    ","CR","204,20"]
[43446,"ANEL EM CONCRETO ARMADO, PERFURADO, PARA FOSSAS SEPTICAS E SUMIDOUROS, SEM FUNDO, DIAMETRO INTERNO DE 2,00 M E ALTURA DE 0,50 M                                                                                                                                                                                                                                                                                                                                                                           ","UN    ","CR","431,09"]
[43447,"ANEL EM CONCRETO ARMADO, PERFURADO, PARA FOSSAS SEPTICAS E SUMIDOUROS, SEM FUNDO, DIAMETRO INTERNO DE 2,50 M E ALTURA DE 0,50 M                                                                                                                                                                                                                                                                                                                                                                           ","UN    ","CR","529,41"]
[43448,"ANEL EM CONCRETO ARMADO, PERFURADO, PARA FOSSAS SEPTICAS E SUMIDOUROS, SEM FUNDO, DIAMETRO INTERNO DE 3,00 M E ALTURA DE 0,50 M                                                                                                                                                                                                                                                                                                                                                                           ","UN    ","CR","741,17"]
[13761,"APARELHO CORTE OXI-ACETILENO PARA SOLDA E CORTE CONTENDO MACARICO SOLDA, BICO DE CORTE, CILINDROS, REGULADORES, MANGUEIRAS E CARRINHO                                                                                                                                                                                                                                                                                                                                                                     ","UN    ","CR","3.543,09"]
[12888,"APARELHO DE APOIO DE NEOPRENE FRETADO, 60 X 45 X 7,6 CM, COM FRETAGEM DE ACO DE 4 MM INTERCALADAS COM ELASTOMERO DE 11 MM E REVESTIMENTO FINAL COM ELASTOMERO DE 6 MM                                                                                                                                                                                                                                                                                                                                     ","DM3   ","AS","104,77"]
[12889,"APARELHO DE APOIO DE NEOPRENE SIMPLES/ NAO FRETADO, 100 X 100 CM, ESPESSURA 6,3 MM                                                                                                                                                                                                                                                                                                                                                                                                                        ","DM3   ","AS","68,42"]
[4814,"APARELHO SINALIZADOR LUMINOSO COM LED, PARA SAIDA GARAGEM, COM 2 LENTES EM POLICARBONATO, BIVOLT (INCLUI SUPORTE DE FIXACAO)                                                                                                                                                                                                                                                                                                                                                                              ","UN    ","CR","98,28"]
[25967,"APOIO DO PORTA DENTE PARA FRESADORA DE ASFALTO                                                                                                                                                                                                                                                                                                                                                                                                                                                            ","UN    ","AS","2.368,59"]
[6122,"APONTADOR OU APROPRIADOR DE MAO DE OBRA                                                                                                                                                                                                                                                                                                                                                                                                                                                                   ","H     ","CR","16,14"]
[40810,"APONTADOR OU APROPRIADOR DE MAO DE OBRA (MENSALISTA)                                                                                                                                                                                                                                                                                                                                                                                                                                                      ","MES   ","CR","2.833,92"]
[21100,"AQUECEDOR DE AGUA A GAS GLP/GN COM CAPACIDADE DE ARMAZENAMENTO DE 50 A 80 L                                                                                                                                                                                                                                                                                                                                                                                                                               ","UN    ","AS","2.766,60"]
[11816,"AQUECEDOR DE AGUA ELETRICO  RESERVATORIO DE 100 L CILINDRICO EM COBRE, REFORCADO COM ACO CARBONO, MONOFASICO, TENSAO NOMINAL 220 V                                                                                                                                                                                                                                                                                                                                                                        ","UN    ","AS","2.950,00"]
[11814,"AQUECEDOR DE AGUA ELETRICO  RESERVATORIO DE 500 L CILINDRICO EM COBRE, REFORCADO COM ACO CARBONO, MONOFASICO, TENSAO NOMINAL 220 V                                                                                                                                                                                                                                                                                                                                                                        ","UN    ","AS","6.421,41"]
[14186,"AQUECEDOR DE AGUA ELETRICO  RESERVATORIO DE 500 L CILINDRICO EM COBRE, REFORCADO COM ACO CARBONO, TRIFASICO, TENSAO NOMINAL 220/380/400 V, POTENCIA 24 KW                                                                                                                                                                                                                                                                                                                                                 ","UN    ","AS","8.062,94"]
[14185,"AQUECEDOR DE AGUA ELETRICO  RESERVATORIO DE 700 L CILINDRICO EM COBRE, REFORCADO COM ACO CARBONO, MONOFASICO, TENSAO NOMINAL 220 V                                                                                                                                                                                                                                                                                                                                                                        ","UN    ","AS","10.444,66"]
[11811,"AQUECEDOR DE AGUA ELETRICO HORIZONTAL, RESERVATORIO DE 200 L CILINDRICO EM COBRE, REFORCADO COM ACO CARBONO, MONOFASICO, TENSAO NOMINAL 220 V                                                                                                                                                                                                                                                                                                                                                             ","UN    ","AS","3.993,64"]
[26038,"AQUECEDOR DE OLEO BPF (FLUIDO) TERMICO, CAPACIDADE DE 300.000 KCAL/H                                                                                                                                                                                                                                                                                                                                                                                                                                      ","UN    ","AS","286.109,72"]
[34482,"AQUECEDOR SOLAR  CAPACIDADE DO RESERVATORIO 800 L, INCLUI 8 PLACAS COLETORAS DE 1,42 M2                                                                                                                                                                                                                                                                                                                                                                                                                   ","UN    ","AS","5.423,12"]
[34469,"AQUECEDOR SOLAR CAPACIDADE DO RESERVATORIO 1000 L, INCLUI 10 PLACAS COLETORAS DE 1,42 M2                                                                                                                                                                                                                                                                                                                                                                                                                  ","UN    ","AS","8.388,89"]
[34472,"AQUECEDOR SOLAR CAPACIDADE DO RESERVATORIO 200 L, INCLUI 2 PLACAS COLETORAS DE 1,42 M2                                                                                                                                                                                                                                                                                                                                                                                                                    ","UN    ","AS","2.581,00"]
[34476,"AQUECEDOR SOLAR CAPACIDADE DO RESERVATORIO 400L, INCLUI 4 PLACAS COLETORAS DE 1,42 M2                                                                                                                                                                                                                                                                                                                                                                                                                     ","UN    ","AS","4.375,16"]
[34477,"AQUECEDOR SOLAR CAPACIDADE DO RESERVATORIO 600 L, INCLUI 6 PLACAS COLETORAS DE 1,42 M2                                                                                                                                                                                                                                                                                                                                                                                                                    ","UN    ","AS","5.806,68"]
[42425,"AR CONDICIONADO SPLIT INVERTER, HI-WALL (PAREDE), 12000 BTU/H, CICLO FRIO, 60HZ, CLASSIFICACAO A (SELO PROCEL), GAS HFC, CONTROLE S/FIO                                                                                                                                                                                                                                                                                                                                                                   ","UN    ","CR","1.858,49"]
[42422,"AR CONDICIONADO SPLIT INVERTER, HI-WALL (PAREDE), 18000 BTU/H, CICLO FRIO, 60HZ, CLASSIFICACAO A (SELO PROCEL), GAS HFC, CONTROLE S/FIO                                                                                                                                                                                                                                                                                                                                                                   ","UN    ","C ","2.759,00"]
[43184,"AR CONDICIONADO SPLIT INVERTER, HI-WALL (PAREDE), 24000 BTU/H, CICLO FRIO, 60HZ, CLASSIFICACAO A - SELO PROCEL, GAS HFC, CONTROLE S/FIO                                                                                                                                                                                                                                                                                                                                                                   ","UN    ","CR","3.813,20"]
[42424,"AR CONDICIONADO SPLIT INVERTER, HI-WALL (PAREDE), 9000 BTU/H, CICLO FRIO, 60HZ, CLASSIFICACAO A (SELO PROCEL), GAS HFC, CONTROLE S/FIO                                                                                                                                                                                                                                                                                                                                                                    ","UN    ","CR","1.659,80"]
[42421,"AR CONDICIONADO SPLIT INVERTER, PISO TETO, APRESENTANDO ENTRE 54000 E 58000 BTU/H, CICLO FRIO, 60HZ, CLASSIFICACAO ENERGETICA A OU B (SELO PROCEL), GAS HFC, CONTROLE S/FIO                                                                                                                                                                                                                                                                                                                               ","UN    ","CR","15.112,29"]
[42416,"AR CONDICIONADO SPLIT INVERTER, PISO TETO, 18000 BTU/H, CICLO FRIO, 60HZ, CLASSIFICACAO ENERGETICA A OU B (SELO PROCEL), GAS HFC, CONTROLE S/FIO                                                                                                                                                                                                                                                                                                                                                          ","UN    ","CR","7.155,20"]
[42417,"AR CONDICIONADO SPLIT INVERTER, PISO TETO, 24000 BTU/H, CICLO FRIO, 60HZ, CLASSIFICACAO ENERGETICA A OU B (SELO PROCEL), GAS HFC, CONTROLE S/FIO                                                                                                                                                                                                                                                                                                                                                          ","UN    ","CR","8.021,57"]
[42419,"AR CONDICIONADO SPLIT INVERTER, PISO TETO, 36000 BTU/H, CICLO FRIO, 60HZ, CLASSIFICACAO ENERGETICA A OU B (SELO PROCEL), GAS HFC, CONTROLE S/FIO                                                                                                                                                                                                                                                                                                                                                          ","UN    ","CR","9.062,67"]
[42420,"AR CONDICIONADO SPLIT INVERTER, PISO TETO, 48000 BTU/H, CICLO FRIO, 60HZ, CLASSIFICACAO ENERGETICA A OU B (SELO PROCEL), GAS HFC, CONTROLE S/FIO                                                                                                                                                                                                                                                                                                                                                          ","UN    ","CR","12.455,97"]
[43195,"AR CONDICIONADO SPLIT ON/OFF, CASSETE (TETO), FRIO 4 VIAS 18000 BTUS/H, CLASSIFICACAO ENERGETICA C - SELO PROCEL, GAS HFC, CONTROLE S/ FIO                                                                                                                                                                                                                                                                                                                                                                ","UN    ","CR","4.385,92"]
[43196,"AR CONDICIONADO SPLIT ON/OFF, CASSETE (TETO), FRIO 4 VIAS 24000 BTUS/H, CLASSIFICACAO ENERGETICA C - SELO PROCEL, GAS HFC, CONTROLE S/ FIO                                                                                                                                                                                                                                                                                                                                                                ","UN    ","CR","5.435,72"]
[43198,"AR CONDICIONADO SPLIT ON/OFF, CASSETE (TETO), FRIO 4 VIAS 36000 BTUS/H, CLASSIFICACAO ENERGETICA C - SELO PROCEL, GAS HFC, CONTROLE S/ FIO                                                                                                                                                                                                                                                                                                                                                                ","UN    ","CR","8.077,35"]
[43199,"AR CONDICIONADO SPLIT ON/OFF, CASSETE (TETO), FRIO 4 VIAS 48000 BTUS/H, CLASSIFICACAO ENERGETICA C - SELO PROCEL, GAS HFC, CONTROLE S/ FIO                                                                                                                                                                                                                                                                                                                                                                ","UN    ","CR","8.373,33"]
[43200,"AR CONDICIONADO SPLIT ON/OFF, CASSETE (TETO), FRIO 4 VIAS 60000 BTUS/H, CLASSIFICACAO ENERGETICA C - SELO PROCEL, GAS HFC, CONTROLE S/ FIO                                                                                                                                                                                                                                                                                                                                                                ","UN    ","CR","9.609,01"]
[39556,"AR CONDICIONADO SPLIT ON/OFF, CASSETE (TETO), 18000 BTUS/H, CICLO QUENTE/FRIO, 60 HZ, CLASSIFICACAO ENERGETICA C - SELO PROCEL, GAS HFC, CONTROLE S/ FIO                                                                                                                                                                                                                                                                                                                                                  ","UN    ","CR","5.248,16"]
[39557,"AR CONDICIONADO SPLIT ON/OFF, CASSETE (TETO), 24000 BTUS/H, CICLO QUENTE/FRIO, 60 HZ, CLASSIFICACAO ENERGETICA C - SELO PROCEL, GAS HFC, CONTROLE S/ FIO                                                                                                                                                                                                                                                                                                                                                  ","UN    ","CR","5.651,12"]
[39559,"AR CONDICIONADO SPLIT ON/OFF, CASSETE (TETO), 36000 BTUS/H, CICLO QUENTE/FRIO, 60 HZ, CLASSIFICACAO ENERGETICA A - SELO PROCEL, GAS HFC, CONTROLE S/ FIO                                                                                                                                                                                                                                                                                                                                                  ","UN    ","CR","8.351,27"]
[39560,"AR CONDICIONADO SPLIT ON/OFF, CASSETE (TETO), 48000 BTUS/H, CICLO QUENTE/FRIO, 60 HZ, CLASSIFICACAO ENERGETICA A - SELO PROCEL, GAS HFC, CONTROLE S/ FIO                                                                                                                                                                                                                                                                                                                                                  ","UN    ","CR","9.661,60"]
[39561,"AR CONDICIONADO SPLIT ON/OFF, CASSETE (TETO), 60000 BTUS/H, CICLO QUENTE/FRIO, 60 HZ, CLASSIFICACAO ENERGETICA A - SELO PROCEL, GAS HFC, CONTROLE S/ FIO                                                                                                                                                                                                                                                                                                                                                  ","UN    ","CR","10.107,27"]
[43190,"AR CONDICIONADO SPLIT ON/OFF, HI-WALL (PAREDE), 12000 BTUS/H, CICLO FRIO, 60 HZ, CLASSIFICACAO ENERGETICA A - SELO PROCEL, GAS HFC, CONTROLE S/ FIO                                                                                                                                                                                                                                                                                                                                                       ","UN    ","CR","1.491,56"]
[39555,"AR CONDICIONADO SPLIT ON/OFF, HI-WALL (PAREDE), 12000 BTUS/H, CICLO QUENTE/FRIO, 60 HZ, CLASSIFICACAO ENERGETICA A - SELO PROCEL, GAS HFC, CONTROLE S/ FIO                                                                                                                                                                                                                                                                                                                                                ","UN    ","CR","1.613,49"]
[43191,"AR CONDICIONADO SPLIT ON/OFF, HI-WALL (PAREDE), 18000 BTUS/H, CICLO FRIO, 60 HZ, CLASSIFICACAO ENERGETICA A - SELO PROCEL, GAS HFC, CONTROLE S/ FIO                                                                                                                                                                                                                                                                                                                                                       ","UN    ","CR","2.146,16"]
[39548,"AR CONDICIONADO SPLIT ON/OFF, HI-WALL (PAREDE), 18000 BTUS/H, CICLO QUENTE/FRIO, 60 HZ, CLASSIFICACAO ENERGETICA A - SELO PROCEL, GAS HFC, CONTROLE S/ FIO                                                                                                                                                                                                                                                                                                                                                ","UN    ","CR","2.393,30"]
[43192,"AR CONDICIONADO SPLIT ON/OFF, HI-WALL (PAREDE), 24000 BTUS/H, CICLO FRIO, 60 HZ, CLASSIFICACAO ENERGETICA A - SELO PROCEL, GAS HFC, CONTROLE S/ FIO                                                                                                                                                                                                                                                                                                                                                       ","UN    ","CR","2.811,28"]
[39554,"AR CONDICIONADO SPLIT ON/OFF, HI-WALL (PAREDE), 24000 BTUS/H, CICLO QUENTE/FRIO, 60 HZ, CLASSIFICACAO ENERGETICA A - SELO PROCEL, GAS HFC, CONTROLE S/ FIO                                                                                                                                                                                                                                                                                                                                                ","UN    ","CR","3.164,78"]
[43194,"AR CONDICIONADO SPLIT ON/OFF, HI-WALL (PAREDE), 9000 BTUS/H, CICLO FRIO, 60 HZ, CLASSIFICACAO ENERGETICA A - SELO PROCEL, GAS HFC, CONTROLE S/ FIO                                                                                                                                                                                                                                                                                                                                                        ","UN    ","CR","1.277,78"]
[39551,"AR CONDICIONADO SPLIT ON/OFF, HI-WALL (PAREDE), 9000 BTUS/H, CICLO QUENTE/FRIO, 60 HZ, CLASSIFICACAO ENERGETICA A - SELO PROCEL, GAS HFC, CONTROLE S/ FIO                                                                                                                                                                                                                                                                                                                                                 ","UN    ","CR","1.406,97"]
[43185,"AR CONDICIONADO SPLIT ON/OFF, PISO TETO, 18.000 BTU/H, CICLO FRIO, 60HZ, CLASSIFICACAO ENERGETICA C - SELO PROCEL, GAS HFC, CONTROLE S/FIO                                                                                                                                                                                                                                                                                                                                                                ","UN    ","CR","3.998,36"]
[43186,"AR CONDICIONADO SPLIT ON/OFF, PISO TETO, 24.000 BTU/H, CICLO FRIO, 60HZ, CLASSIFICACAO ENERGETICA C - SELO PROCEL, GAS HFC, CONTROLE S/FIO                                                                                                                                                                                                                                                                                                                                                                ","UN    ","CR","4.217,46"]
[43187,"AR CONDICIONADO SPLIT ON/OFF, PISO TETO, 36.000 BTU/H, CICLO FRIO, 60HZ, CLASSIFICACAO ENERGETICA C - SELO PROCEL, GAS HFC, CONTROLE S/FIO                                                                                                                                                                                                                                                                                                                                                                ","UN    ","CR","5.596,62"]
[43188,"AR CONDICIONADO SPLIT ON/OFF, PISO TETO, 48.000 BTU/H, CICLO FRIO, 60HZ, CLASSIFICACAO ENERGETICA C - SELO PROCEL, GAS HFC, CONTROLE S/FIO                                                                                                                                                                                                                                                                                                                                                                ","UN    ","CR","6.781,04"]
[43189,"AR CONDICIONADO SPLIT ON/OFF, PISO TETO, 60.000 BTU/H, CICLO FRIO, 60HZ, CLASSIFICACAO ENERGETICA C - SELO PROCEL, GAS HFC, CONTROLE S/FIO                                                                                                                                                                                                                                                                                                                                                                ","UN    ","CR","7.627,54"]
[39580,"AR-CONDICIONADO FRIO SPLITAO INVERTER 30 TR                                                                                                                                                                                                                                                                                                                                                                                                                                                               ","UN    ","CR","60.108,18"]
[39577,"AR-CONDICIONADO FRIO SPLITAO MODULAR 10 TR                                                                                                                                                                                                                                                                                                                                                                                                                                                                ","UN    ","CR","18.813,73"]
[39578,"AR-CONDICIONADO FRIO SPLITAO MODULAR 15 TR                                                                                                                                                                                                                                                                                                                                                                                                                                                                ","UN    ","CR","24.279,49"]
[39579,"AR-CONDICIONADO FRIO SPLITAO MODULAR 20 TR                                                                                                                                                                                                                                                                                                                                                                                                                                                                ","UN    ","CR","35.324,76"]
[39826,"AR-CONDICIONADO SPLIT INVERTER, PISO TETO, 24000 BTU/H, QUENTE/FRIO, 60HZ, CLASSIFICACAO ENERGETICA A - SELO PROCEL, GAS HFC, CONTROLE S/FIO                                                                                                                                                                                                                                                                                                                                                              ","UN    ","CR","4.338,52"]
[10700,"ARADO REVERSIVEL COM 3 DISCOS DE 26\" X 6MM REBOCAVEL                                                                                                                                                                                                                                                                                                                                                                                                                                                      ","UN    ","AS","23.388,69"]
[346,"ARAME DE ACO OVALADO 15 X 17 ( 45,7 KG, 700 KGF), ROLO 1000 M                                                                                                                                                                                                                                                                                                                                                                                                                                             ","KG    ","CR","29,61"]
[3312,"ARAME DE AMARRACAO PARA GABIAO GALVANIZADO, DIAMETRO 2,2 MM                                                                                                                                                                                                                                                                                                                                                                                                                                               ","KG    ","AS","21,12"]
[339,"ARAME FARPADO GALVANIZADO, 14 BWG (2,11 MM), CLASSE 250                                                                                                                                                                                                                                                                                                                                                                                                                                                   ","M     ","CR","1,52"]
[340,"ARAME FARPADO GALVANIZADO, 16 BWG (1,65 MM), CLASSE 250                                                                                                                                                                                                                                                                                                                                                                                                                                                   ","M     ","CR","1,38"]
[43130,"ARAME GALVANIZADO 12 BWG, D = 2,76 MM (0,048 KG/M) OU 14 BWG, D = 2,11 MM (0,026 KG/M)                                                                                                                                                                                                                                                                                                                                                                                                                    ","KG    ","C ","25,00"]
[344,"ARAME GALVANIZADO 16 BWG, D = 1,65MM (0,0166 KG/M)                                                                                                                                                                                                                                                                                                                                                                                                                                                        ","KG    ","CR","32,86"]
[345,"ARAME GALVANIZADO 18 BWG, D = 1,24MM (0,009 KG/M)                                                                                                                                                                                                                                                                                                                                                                                                                                                         ","KG    ","CR","35,66"]
[43131,"ARAME GALVANIZADO 6 BWG, D = 5,16 MM (0,157 KG/M), OU 8 BWG, D = 4,19 MM (0,101 KG/M), OU 10 BWG, D = 3,40 MM (0,0713 KG/M)                                                                                                                                                                                                                                                                                                                                                                               ","KG    ","CR","29,04"]
[3313,"ARAME PROTEGIDO COM POLIMERO PARA GABIAO, DIAMETRO 2,2 MM                                                                                                                                                                                                                                                                                                                                                                                                                                                 ","KG    ","AS","27,18"]
[43132,"ARAME RECOZIDO 16 BWG, D = 1,65 MM (0,016 KG/M) OU 18 BWG, D = 1,25 MM (0,01 KG/M)                                                                                                                                                                                                                                                                                                                                                                                                                        ","KG    ","CR","25,00"]
[366,"AREIA FINA - POSTO JAZIDA/FORNECEDOR (RETIRADO NA JAZIDA, SEM TRANSPORTE)                                                                                                                                                                                                                                                                                                                                                                                                                                 ","M3    ","C ","88,00"]
[367,"AREIA GROSSA - POSTO JAZIDA/FORNECEDOR (RETIRADO NA JAZIDA, SEM TRANSPORTE)                                                                                                                                                                                                                                                                                                                                                                                                                               ","M3    ","C ","82,50"]
[370,"AREIA MEDIA - POSTO JAZIDA/FORNECEDOR (RETIRADO NA JAZIDA, SEM TRANSPORTE)                                                                                                                                                                                                                                                                                                                                                                                                                                ","M3    ","C ","82,50"]
[368,"AREIA PARA ATERRO - POSTO JAZIDA/FORNECEDOR (RETIRADO NA JAZIDA, SEM TRANSPORTE)                                                                                                                                                                                                                                                                                                                                                                                                                          ","M3    ","CR","61,87"]
[11075,"AREIA PARA LEITO FILTRANTE (0,42 A 1,68 MM) - POSTO JAZIDA/FORNECEDOR (RETIRADO NA JAZIDA, SEM TRANSPORTE)                                                                                                                                                                                                                                                                                                                                                                                                ","M3    ","CR","1.350,93"]
[1381,"ARGAMASSA COLANTE AC I PARA CERAMICAS                                                                                                                                                                                                                                                                                                                                                                                                                                                                     ","KG    ","C ","0,48"]
[34353,"ARGAMASSA COLANTE AC II                                                                                                                                                                                                                                                                                                                                                                                                                                                                                   ","KG    ","CR","0,89"]
[37595,"ARGAMASSA COLANTE TIPO AC III                                                                                                                                                                                                                                                                                                                                                                                                                                                                             ","KG    ","CR","1,47"]
[37596,"ARGAMASSA COLANTE TIPO AC III E                                                                                                                                                                                                                                                                                                                                                                                                                                                                           ","KG    ","CR","1,69"]
[371,"ARGAMASSA INDUSTRIALIZADA MULTIUSO, PARA REVESTIMENTO INTERNO E EXTERNO E ASSENTAMENTO DE BLOCOS DIVERSOS                                                                                                                                                                                                                                                                                                                                                                                                 ","KG    ","CR","0,52"]
[37553,"ARGAMASSA INDUSTRIALIZADA PARA CHAPISCO COLANTE                                                                                                                                                                                                                                                                                                                                                                                                                                                           ","KG    ","CR","0,98"]
[37552,"ARGAMASSA INDUSTRIALIZADA PARA CHAPISCO ROLADO                                                                                                                                                                                                                                                                                                                                                                                                                                                            ","KG    ","CR","1,57"]
[36880,"ARGAMASSA PARA REVESTIMENTO DECORATIVO MONOCAMADA                                                                                                                                                                                                                                                                                                                                                                                                                                                         ","KG    ","CR","1,60"]
[34355,"ARGAMASSA PISO SOBRE PISO                                                                                                                                                                                                                                                                                                                                                                                                                                                                                 ","KG    ","CR","1,38"]
[130,"ARGAMASSA POLIMERICA DE REPARO ESTRUTURAL, BICOMPONENTE                                                                                                                                                                                                                                                                                                                                                                                                                                                   ","KG    ","CR","4,06"]
[135,"ARGAMASSA POLIMERICA IMPERMEABILIZANTE SEMIFLEXIVEL, BICOMPONENTE (MEMBRANA IMPERMEABILIZANTE ACRILICA)                                                                                                                                                                                                                                                                                                                                                                                                   ","KG    ","CR","3,27"]
[36886,"ARGAMASSA PRONTA PARA CONTRAPISO                                                                                                                                                                                                                                                                                                                                                                                                                                                                          ","KG    ","CR","0,49"]
[38546,"ARGAMASSA USINADA AUTOADENSAVEL E AUTONIVELANTE PARA CONTRAPISO, INCLUI BOMBEAMENTO                                                                                                                                                                                                                                                                                                                                                                                                                       ","M3    ","CR","376,44"]
[34549,"ARGILA EXPANDIDA, GRANULOMETRIA 2215                                                                                                                                                                                                                                                                                                                                                                                                                                                                      ","M3    ","CR","205,31"]
[6081,"ARGILA OU BARRO PARA ATERRO/REATERRO (COM TRANSPORTE ATE 10 KM)                                                                                                                                                                                                                                                                                                                                                                                                                                           ","M3    ","CR","29,08"]
[6077,"ARGILA OU BARRO PARA ATERRO/REATERRO (RETIRADO NA JAZIDA, SEM TRANSPORTE)                                                                                                                                                                                                                                                                                                                                                                                                                                 ","M3    ","CR","16,76"]
[6079,"ARGILA, ARGILA VERMELHA OU ARGILA ARENOSA (RETIRADA NA JAZIDA, SEM TRANSPORTE)                                                                                                                                                                                                                                                                                                                                                                                                                            ","M3    ","CR","9,58"]
[1091,"ARMACAO VERTICAL COM HASTE E CONTRA-PINO, EM CHAPA DE ACO GALVANIZADO 3/16\", COM 1 ESTRIBO E 1 ISOLADOR                                                                                                                                                                                                                                                                                                                                                                                                   ","UN    ","AS","29,86"]
[1094,"ARMACAO VERTICAL COM HASTE E CONTRA-PINO, EM CHAPA DE ACO GALVANIZADO 3/16\", COM 1 ESTRIBO, SEM ISOLADOR                                                                                                                                                                                                                                                                                                                                                                                                  ","UN    ","AS","20,89"]
[1095,"ARMACAO VERTICAL COM HASTE E CONTRA-PINO, EM CHAPA DE ACO GALVANIZADO 3/16\", COM 2 ESTRIBOS, E 2 ISOLADORES                                                                                                                                                                                                                                                                                                                                                                                               ","UN    ","AS","44,39"]
[1092,"ARMACAO VERTICAL COM HASTE E CONTRA-PINO, EM CHAPA DE ACO GALVANIZADO 3/16\", COM 2 ESTRIBOS, SEM ISOLADOR                                                                                                                                                                                                                                                                                                                                                                                                 ","UN    ","AS","34,35"]
[1093,"ARMACAO VERTICAL COM HASTE E CONTRA-PINO, EM CHAPA DE ACO GALVANIZADO 3/16\", COM 3 ESTRIBOS E 3 ISOLADORES                                                                                                                                                                                                                                                                                                                                                                                                ","UN    ","AS","80,22"]
[1090,"ARMACAO VERTICAL COM HASTE E CONTRA-PINO, EM CHAPA DE ACO GALVANIZADO 3/16\", COM 3 ESTRIBOS, SEM ISOLADOR                                                                                                                                                                                                                                                                                                                                                                                                 ","UN    ","AS","57,43"]
[1096,"ARMACAO VERTICAL COM HASTE E CONTRA-PINO, EM CHAPA DE ACO GALVANIZADO 3/16\", COM 4 ESTRIBOS E 4 ISOLADORES                                                                                                                                                                                                                                                                                                                                                                                                ","UN    ","AS","103,36"]
[1097,"ARMACAO VERTICAL COM HASTE E CONTRA-PINO, EM CHAPA DE ACO GALVANIZADO 3/16\", COM 4 ESTRIBOS, SEM ISOLADOR                                                                                                                                                                                                                                                                                                                                                                                                 ","UN    ","AS","87,74"]
[378,"ARMADOR                                                                                                                                                                                                                                                                                                                                                                                                                                                                                                   ","H     ","CR","14,49"]
[40911,"ARMADOR (MENSALISTA)                                                                                                                                                                                                                                                                                                                                                                                                                                                                                      ","MES   ","CR","2.546,30"]
[33939,"ARQUITETO JUNIOR                                                                                                                                                                                                                                                                                                                                                                                                                                                                                          ","H     ","CR","66,78"]
[40815,"ARQUITETO JUNIOR (MENSALISTA)                                                                                                                                                                                                                                                                                                                                                                                                                                                                             ","MES   ","CR","11.724,48"]
[34760,"ARQUITETO PAISAGISTA                                                                                                                                                                                                                                                                                                                                                                                                                                                                                      ","H     ","CR","94,61"]
[40935,"ARQUITETO PAISAGISTA (MENSALISTA)                                                                                                                                                                                                                                                                                                                                                                                                                                                                         ","MES   ","CR","16.606,14"]
[33952,"ARQUITETO PLENO                                                                                                                                                                                                                                                                                                                                                                                                                                                                                           ","H     ","CR","94,86"]
[40816,"ARQUITETO PLENO (MENSALISTA)                                                                                                                                                                                                                                                                                                                                                                                                                                                                              ","MES   ","CR","16.653,64"]
[33953,"ARQUITETO SENIOR                                                                                                                                                                                                                                                                                                                                                                                                                                                                                          ","H     ","CR","125,42"]
[40817,"ARQUITETO SENIOR (MENSALISTA)                                                                                                                                                                                                                                                                                                                                                                                                                                                                             ","MES   ","CR","22.017,59"]
[13348,"ARRUELA  EM ACO GALVANIZADO, DIAMETRO EXTERNO = 35MM, ESPESSURA = 3MM, DIAMETRO DO FURO= 18MM                                                                                                                                                                                                                                                                                                                                                                                                             ","UN    ","AS","1,03"]
[39211,"ARRUELA EM ALUMINIO, COM ROSCA, DE  1 1/4\", PARA ELETRODUTO                                                                                                                                                                                                                                                                                                                                                                                                                                               ","UN    ","CR","1,30"]
[39212,"ARRUELA EM ALUMINIO, COM ROSCA, DE 1 1/2\", PARA ELETRODUTO                                                                                                                                                                                                                                                                                                                                                                                                                                                ","UN    ","CR","1,45"]
[39208,"ARRUELA EM ALUMINIO, COM ROSCA, DE 1/2\", PARA ELETRODUTO                                                                                                                                                                                                                                                                                                                                                                                                                                                  ","UN    ","CR","0,39"]
[39210,"ARRUELA EM ALUMINIO, COM ROSCA, DE 1\", PARA ELETRODUTO                                                                                                                                                                                                                                                                                                                                                                                                                                                    ","UN    ","CR","0,73"]
[39214,"ARRUELA EM ALUMINIO, COM ROSCA, DE 2 1/2\", PARA ELETRODUTO                                                                                                                                                                                                                                                                                                                                                                                                                                                ","UN    ","CR","2,69"]
[39213,"ARRUELA EM ALUMINIO, COM ROSCA, DE 2\", PARA ELETRODUTO                                                                                                                                                                                                                                                                                                                                                                                                                                                    ","UN    ","CR","1,90"]
[39209,"ARRUELA EM ALUMINIO, COM ROSCA, DE 3/4\", PARA ELETRODUTO                                                                                                                                                                                                                                                                                                                                                                                                                                                  ","UN    ","CR","0,47"]
[39207,"ARRUELA EM ALUMINIO, COM ROSCA, DE 3/8\", PARA ELETRODUTO                                                                                                                                                                                                                                                                                                                                                                                                                                                  ","UN    ","CR","0,73"]
[39215,"ARRUELA EM ALUMINIO, COM ROSCA, DE 3\", PARA ELETRODUTO                                                                                                                                                                                                                                                                                                                                                                                                                                                    ","UN    ","CR","4,91"]
[39216,"ARRUELA EM ALUMINIO, COM ROSCA, DE 4\", PARA ELETRODUTO                                                                                                                                                                                                                                                                                                                                                                                                                                                    ","UN    ","CR","6,85"]
[11267,"ARRUELA LISA, REDONDA, DE LATAO POLIDO, DIAMETRO NOMINAL 5/8\", DIAMETRO EXTERNO = 34 MM, DIAMETRO DO FURO = 17 MM, ESPESSURA = *2,5* MM                                                                                                                                                                                                                                                                                                                                                                   ","UN    ","AS","0,90"]
[379,"ARRUELA QUADRADA EM ACO GALVANIZADO, DIMENSAO = 38 MM, ESPESSURA = 3MM, DIAMETRO DO FURO= 18 MM                                                                                                                                                                                                                                                                                                                                                                                                           ","UN    ","AS","0,90"]
[510,"ASFALTO MODIFICADO TIPO I - NBR 9910 (ASFALTO OXIDADO PARA IMPERMEABILIZACAO, COEFICIENTE DE PENETRACAO 25-40)                                                                                                                                                                                                                                                                                                                                                                                            ","KG    ","CR","8,05"]
[516,"ASFALTO MODIFICADO TIPO II - NBR 9910 (ASFALTO OXIDADO PARA IMPERMEABILIZACAO, COEFICIENTE DE PENETRACAO 20-35)                                                                                                                                                                                                                                                                                                                                                                                           ","KG    ","CR","9,54"]
[509,"ASFALTO MODIFICADO TIPO III - NBR 9910 (ASFALTO OXIDADO PARA IMPERMEABILIZACAO, COEFICIENTE DE PENETRACAO 15-25)                                                                                                                                                                                                                                                                                                                                                                                          ","KG    ","CR","10,71"]
[40331,"ASSENTADOR DE MANILHAS                                                                                                                                                                                                                                                                                                                                                                                                                                                                                    ","H     ","CR","18,03"]
[40930,"ASSENTADOR DE MANILHAS (MENSALISTA)                                                                                                                                                                                                                                                                                                                                                                                                                                                                       ","MES   ","CR","3.167,92"]
[11761,"ASSENTO  VASO SANITARIO INFANTIL EM PLASTICO BRANCO                                                                                                                                                                                                                                                                                                                                                                                                                                                       ","UN    ","CR","69,05"]
[377,"ASSENTO SANITARIO DE PLASTICO, TIPO CONVENCIONAL                                                                                                                                                                                                                                                                                                                                                                                                                                                          ","UN    ","C ","32,45"]
[7588,"AUTOMATICO DE BOIA SUPERIOR / INFERIOR, *15* A / 250 V                                                                                                                                                                                                                                                                                                                                                                                                                                                    ","UN    ","C ","40,42"]
[34392,"AUXILIAR  DE ALMOXARIFE                                                                                                                                                                                                                                                                                                                                                                                                                                                                                   ","H     ","CR","11,68"]
[40908,"AUXILIAR DE ALMOXARIFE (MENSALISTA)                                                                                                                                                                                                                                                                                                                                                                                                                                                                       ","MES   ","CR","2.053,33"]
[34551,"AUXILIAR DE AZULEJISTA                                                                                                                                                                                                                                                                                                                                                                                                                                                                                    ","H     ","CR","10,25"]
[41078,"AUXILIAR DE AZULEJISTA (MENSALISTA)                                                                                                                                                                                                                                                                                                                                                                                                                                                                       ","MES   ","CR","1.800,61"]
[246,"AUXILIAR DE ENCANADOR OU BOMBEIRO HIDRAULICO                                                                                                                                                                                                                                                                                                                                                                                                                                                              ","H     ","CR","10,53"]
[40927,"AUXILIAR DE ENCANADOR OU BOMBEIRO HIDRAULICO (MENSALISTA)                                                                                                                                                                                                                                                                                                                                                                                                                                                 ","MES   ","CR","1.852,13"]
[2350,"AUXILIAR DE ESCRITORIO                                                                                                                                                                                                                                                                                                                                                                                                                                                                                    ","H     ","CR","11,68"]
[40812,"AUXILIAR DE ESCRITORIO (MENSALISTA)                                                                                                                                                                                                                                                                                                                                                                                                                                                                       ","MES   ","CR","2.051,35"]
[245,"AUXILIAR DE LABORATORISTA DE SOLOS E DE CONCRETO                                                                                                                                                                                                                                                                                                                                                                                                                                                          ","H     ","CR","27,27"]
[41090,"AUXILIAR DE LABORATORISTA DE SOLOS E DE CONCRETO (MENSALISTA)                                                                                                                                                                                                                                                                                                                                                                                                                                             ","MES   ","CR","4.789,40"]
[251,"AUXILIAR DE MECANICO                                                                                                                                                                                                                                                                                                                                                                                                                                                                                      ","H     ","CR","16,09"]
[40975,"AUXILIAR DE MECANICO (MENSALISTA)                                                                                                                                                                                                                                                                                                                                                                                                                                                                         ","MES   ","CR","2.829,29"]
[6127,"AUXILIAR DE PEDREIRO                                                                                                                                                                                                                                                                                                                                                                                                                                                                                      ","H     ","CR","10,55"]
[41072,"AUXILIAR DE PEDREIRO (MENSALISTA)                                                                                                                                                                                                                                                                                                                                                                                                                                                                         ","MES   ","CR","1.854,44"]
[6121,"AUXILIAR DE SERVICOS GERAIS                                                                                                                                                                                                                                                                                                                                                                                                                                                                               ","H     ","CR","11,49"]
[41071,"AUXILIAR DE SERVICOS GERAIS (MENSALISTA)                                                                                                                                                                                                                                                                                                                                                                                                                                                                  ","MES   ","CR","2.018,67"]
[244,"AUXILIAR DE TOPOGRAFO                                                                                                                                                                                                                                                                                                                                                                                                                                                                                     ","H     ","CR","14,22"]
[41093,"AUXILIAR DE TOPOGRAFO (MENSALISTA)                                                                                                                                                                                                                                                                                                                                                                                                                                                                        ","MES   ","CR","2.498,09"]
[532,"AUXILIAR TECNICO / ASSISTENTE DE ENGENHARIA                                                                                                                                                                                                                                                                                                                                                                                                                                                               ","H     ","CR","30,87"]
[40931,"AUXILIAR TECNICO / ASSISTENTE DE ENGENHARIA (MENSALISTA)                                                                                                                                                                                                                                                                                                                                                                                                                                                  ","MES   ","CR","5.422,57"]
[36150,"AVENTAL DE SEGURANCA DE RASPA DE COURO 1,00 X 0,60 M                                                                                                                                                                                                                                                                                                                                                                                                                                                      ","UN    ","CR","38,37"]
[4760,"AZULEJISTA OU LADRILHEIRO                                                                                                                                                                                                                                                                                                                                                                                                                                                                                 ","H     ","CR","18,44"]
[41069,"AZULEJISTA OU LADRILHEIRO (MENSALISTA)                                                                                                                                                                                                                                                                                                                                                                                                                                                                    ","MES   ","CR","3.237,87"]
[10422,"BACIA SANITARIA (VASO) COM CAIXA ACOPLADA, SIFAO APARENTE, DE LOUCA BRANCA (SEM ASSENTO)                                                                                                                                                                                                                                                                                                                                                                                                                  ","UN    ","CR","267,20"]
[44019,"BACIA SANITARIA (VASO) COM CAIXA ACOPLADA, SIFAO OCULTO / CARENADO, DE LOUCA BRANCA (SEM ASSENTO ) - PADRAO ALTO                                                                                                                                                                                                                                                                                                                                                                                          ","UN    ","CR","369,87"]
[36520,"BACIA SANITARIA (VASO) CONVENCIONAL PARA PCD, SEM FURO FRONTAL, DE LOUCA BRANCA (SEM ASSENTO)                                                                                                                                                                                                                                                                                                                                                                                                             ","UN    ","CR","449,72"]
[42319,"BACIA SANITARIA (VASO) CONVENCIONAL PARA USO ESPECIFICO (HOSPITAIS, CLINICAS), COM FURO FRONTAL, DE LOUCA BRANCA, SEM ASSENTO                                                                                                                                                                                                                                                                                                                                                                             ","UN    ","CR","402,98"]
[10420,"BACIA SANITARIA (VASO) CONVENCIONAL, DE LOUCA BRANCA, SIFAO APARENTE, SAIDA VERTICAL (SEM ASSENTO)                                                                                                                                                                                                                                                                                                                                                                                                        ","UN    ","C ","142,95"]
[10421,"BACIA SANITARIA (VASO) CONVENCIONAL, DE LOUCA COLORIDA, SIFAO APARENTE, SAIDA VERTICAL (SEM ASSENTO)                                                                                                                                                                                                                                                                                                                                                                                                      ","UN    ","CR","157,08"]
[11786,"BACIA SANITARIA (VASO) INFANTIL, SIFONADO, DE LOUCA BRANCA, (SEM ASSENTO)                                                                                                                                                                                                                                                                                                                                                                                                                                 ","UN    ","CR","316,74"]
[10,"BALDE PLASTICO CAPACIDADE *10* L                                                                                                                                                                                                                                                                                                                                                                                                                                                                          ","UN    ","CR","7,66"]
[4815,"BALDE VERMELHO PARA SINALIZACAO DE VIAS                                                                                                                                                                                                                                                                                                                                                                                                                                                                   ","UN    ","CR","5,42"]
[541,"BANCADA DE MARMORE SINTETICO COM UMA CUBA, 120 X *60* CM                                                                                                                                                                                                                                                                                                                                                                                                                                                  ","UN    ","C ","97,90"]
[542,"BANCADA DE MARMORE SINTETICO COM UMA CUBA, 150 X *60* CM                                                                                                                                                                                                                                                                                                                                                                                                                                                  ","UN    ","CR","122,71"]
[540,"BANCADA DE MARMORE SINTETICO COM UMA CUBA, 200 X *60* CM                                                                                                                                                                                                                                                                                                                                                                                                                                                  ","UN    ","CR","276,54"]
[38364,"BANCADA/ BANCA EM GRANITO, POLIDO, TIPO ANDORINHA/ QUARTZ/ CASTELO/ CORUMBA OU OUTROS EQUIVALENTES DA REGIAO, COM CUBA INOX, FORMATO *120 X 60* CM, E=  *2* CM                                                                                                                                                                                                                                                                                                                                            ","UN    ","AS","587,00"]
[11692,"BANCADA/ BANCA EM MARMORE, POLIDO, BRANCO COMUM, E=  *3* CM                                                                                                                                                                                                                                                                                                                                                                                                                                               ","M2    ","AS","455,27"]
[1746,"BANCADA/BANCA/PIA DE ACO INOXIDAVEL (AISI 430) COM 1 CUBA CENTRAL, COM VALVULA, ESCORREDOR DUPLO, DE *0,55 X 1,20* M                                                                                                                                                                                                                                                                                                                                                                                      ","UN    ","C ","198,00"]
[1748,"BANCADA/BANCA/PIA DE ACO INOXIDAVEL (AISI 430) COM 1 CUBA CENTRAL, COM VALVULA, ESCORREDOR DUPLO, DE *0,55 X 1,40* M                                                                                                                                                                                                                                                                                                                                                                                      ","UN    ","CR","263,29"]
[1749,"BANCADA/BANCA/PIA DE ACO INOXIDAVEL (AISI 430) COM 1 CUBA CENTRAL, COM VALVULA, ESCORREDOR DUPLO, DE *0,55 X 1,80* M                                                                                                                                                                                                                                                                                                                                                                                      ","UN    ","CR","381,46"]
[37412,"BANCADA/BANCA/PIA DE ACO INOXIDAVEL (AISI 430) COM 1 CUBA CENTRAL, COM VALVULA, LISA (SEM ESCORREDOR), DE *0,55 X 1,20* M                                                                                                                                                                                                                                                                                                                                                                                 ","UN    ","CR","193,54"]
[1745,"BANCADA/BANCA/PIA DE ACO INOXIDAVEL (AISI 430) COM 1 CUBA CENTRAL, SEM VALVULA, ESCORREDOR DUPLO, DE *0,55 X 1,60* M                                                                                                                                                                                                                                                                                                                                                                                      ","UN    ","CR","230,15"]
[1750,"BANCADA/BANCA/PIA DE ACO INOXIDAVEL (AISI 430) COM 2 CUBAS, COM VALVULAS, ESCORREDOR DUPLO, DE *0,55 X 2,00* M                                                                                                                                                                                                                                                                                                                                                                                            ","UN    ","CR","537,82"]
[11687,"BANCADA/TAMPO ACO INOX (AISI 304), LARGURA 60 CM, COM RODABANCA (NAO INCLUI PES DE APOIO)                                                                                                                                                                                                                                                                                                                                                                                                                 ","M     ","CR","856,92"]
[11689,"BANCADA/TAMPO ACO INOX (AISI 304), LARGURA 70 CM, COM RODABANCA (NAO INCLUI PES DE APOIO)                                                                                                                                                                                                                                                                                                                                                                                                                 ","M     ","CR","1.073,67"]
[11693,"BANCADA/TAMPO LISO (SEM CUBA) EM MARMORE SINTETICO                                                                                                                                                                                                                                                                                                                                                                                                                                                        ","M2    ","CR","108,55"]
[36215,"BANCO ARTICULADO PARA BANHO, EM ACO INOX POLIDO, 70* CM X 45* CM                                                                                                                                                                                                                                                                                                                                                                                                                                          ","UN    ","CR","722,97"]
[42439,"BANCO COM ENCOSTO, 1,60M* DE COMPRIMENTO, EM TUBO DE ACO CARBONO E PINTURA NO PROCESSO ELETROSTATICO - PARA ACADEMIA AO AR LIVRE / ACADEMIA DA TERCEIRA IDADE - ATI                                                                                                                                                                                                                                                                                                                                       ","UN    ","AS","925,43"]
[38381,"BANDEJA DE PINTURA PARA ROLO 23 CM                                                                                                                                                                                                                                                                                                                                                                                                                                                                        ","UN    ","CR","7,53"]
[39621,"BARRA ANTIPANICO DUPLA, CEGA EM LADO OPOSTO, COR CINZA                                                                                                                                                                                                                                                                                                                                                                                                                                                    ","PAR   ","CR","847,73"]
[39624,"BARRA ANTIPANICO DUPLA, PARA PORTA DE VIDRO, COR CINZA                                                                                                                                                                                                                                                                                                                                                                                                                                                    ","PAR   ","CR","935,14"]
[39615,"BARRA ANTIPANICO SIMPLES, CEGA EM LADO OPOSTO, COR CINZA                                                                                                                                                                                                                                                                                                                                                                                                                                                  ","UN    ","CR","377,88"]
[39620,"BARRA ANTIPANICO SIMPLES, COM FECHADURA LADO OPOSTO, COR CINZA                                                                                                                                                                                                                                                                                                                                                                                                                                            ","UN    ","CR","577,13"]
[39623,"BARRA ANTIPANICO SIMPLES, PARA PORTA DE VIDRO, COR CINZA                                                                                                                                                                                                                                                                                                                                                                                                                                                  ","UN    ","CR","618,15"]
[36207,"BARRA DE APOIO EM \"L\", EM ACO INOX POLIDO 70 X 70 CM, DIAMETRO MINIMO 3 CM                                                                                                                                                                                                                                                                                                                                                                                                                                ","UN    ","CR","320,22"]
[36209,"BARRA DE APOIO EM \"L\", EM ACO INOX POLIDO 80 X 80 CM, DIAMETRO MINIMO 3 CM                                                                                                                                                                                                                                                                                                                                                                                                                                ","UN    ","CR","367,51"]
[36210,"BARRA DE APOIO LATERAL ARTICULADA, COM TRAVA, EM ACO INOX POLIDO, 70 CM, DIAMETRO MINIMO 3 CM                                                                                                                                                                                                                                                                                                                                                                                                             ","UN    ","CR","397,63"]
[36204,"BARRA DE APOIO RETA, EM ACO INOX POLIDO, COMPRIMENTO 60CM, DIAMETRO MINIMO 3 CM                                                                                                                                                                                                                                                                                                                                                                                                                           ","UN    ","CR","140,98"]
[36205,"BARRA DE APOIO RETA, EM ACO INOX POLIDO, COMPRIMENTO 70CM, DIAMETRO MINIMO 3 CM                                                                                                                                                                                                                                                                                                                                                                                                                           ","UN    ","CR","156,57"]
[36081,"BARRA DE APOIO RETA, EM ACO INOX POLIDO, COMPRIMENTO 80CM, DIAMETRO MINIMO 3 CM                                                                                                                                                                                                                                                                                                                                                                                                                           ","UN    ","C ","166,95"]
[36206,"BARRA DE APOIO RETA, EM ACO INOX POLIDO, COMPRIMENTO 90 CM, DIAMETRO MINIMO 3 CM                                                                                                                                                                                                                                                                                                                                                                                                                          ","UN    ","CR","174,91"]
[36218,"BARRA DE APOIO RETA, EM ALUMINIO, COMPRIMENTO 60CM, DIAMETRO MINIMO 3 CM                                                                                                                                                                                                                                                                                                                                                                                                                                  ","UN    ","AS","97,84"]
[36220,"BARRA DE APOIO RETA, EM ALUMINIO, COMPRIMENTO 70CM, DIAMETRO MINIMO 3 CM                                                                                                                                                                                                                                                                                                                                                                                                                                  ","UN    ","AS","112,20"]
[36080,"BARRA DE APOIO RETA, EM ALUMINIO, COMPRIMENTO 80 CM, DIAMETRO MINIMO 3 CM                                                                                                                                                                                                                                                                                                                                                                                                                                 ","UN    ","AS","121,36"]
[36223,"BARRA DE APOIO RETA, EM ALUMINIO, COMPRIMENTO 90 CM, DIAMETRO MINIMO 3 CM                                                                                                                                                                                                                                                                                                                                                                                                                                 ","UN    ","AS","127,08"]
[546,"BARRA DE FERRO CHATA, RETANGULAR (QUALQUER BITOLA)                                                                                                                                                                                                                                                                                                                                                                                                                                                        ","KG    ","C ","10,94"]
[566,"BARRA DE FERRO CHATO, RETANGULAR, 19,05 MM X 3,17 MM (L X E), 0,47 KG/M                                                                                                                                                                                                                                                                                                                                                                                                                                   ","M     ","CR","5,19"]
[565,"BARRA DE FERRO CHATO, RETANGULAR, 25,4 MM X 4,76 MM (L X E), 1,73 KG/M                                                                                                                                                                                                                                                                                                                                                                                                                                    ","M     ","CR","18,92"]
[555,"BARRA DE FERRO CHATO, RETANGULAR, 25,4 MM X 6,35 MM (L X E), 1,2265 KG/M                                                                                                                                                                                                                                                                                                                                                                                                                                  ","M     ","CR","13,41"]
[557,"BARRA DE FERRO CHATO, RETANGULAR, 38,1 MM X 12,7 MM (L X E), 3,79 KG/M                                                                                                                                                                                                                                                                                                                                                                                                                                    ","M     ","CR","42,09"]
[552,"BARRA DE FERRO CHATO, RETANGULAR, 38,1 MM X 6,35 MM (L X E), 1,89 KG/M                                                                                                                                                                                                                                                                                                                                                                                                                                    ","M     ","CR","20,88"]
[563,"BARRA DE FERRO CHATO, RETANGULAR, 38,1 MM X 9,53 MM (L X E), 2,84 KG/M                                                                                                                                                                                                                                                                                                                                                                                                                                    ","M     ","CR","31,38"]
[549,"BARRA DE FERRO CHATO, RETANGULAR, 50,8 MM X 12,7 MM (L X E), 5,06 KG/M                                                                                                                                                                                                                                                                                                                                                                                                                                    ","M     ","CR","56,48"]
[551,"BARRA DE FERRO CHATO, RETANGULAR, 50,8 MM X 25,4 MM (L X E), 10,12 KG/M                                                                                                                                                                                                                                                                                                                                                                                                                                   ","M     ","CR","111,84"]
[559,"BARRA DE FERRO CHATO, RETANGULAR, 50,8 MM X 6,35 MM (L X E), 2,53 KG/M                                                                                                                                                                                                                                                                                                                                                                                                                                    ","M     ","CR","27,96"]
[560,"BARRA DE FERRO CHATO, RETANGULAR, 50,8 MM X 7,94 MM (L X E), 3,162 KG/M                                                                                                                                                                                                                                                                                                                                                                                                                                   ","M     ","CR","34,98"]
[547,"BARRA DE FERRO CHATO, RETANGULAR, 50,8 MM X 9,53 MM (L X E), 3,79KG/M                                                                                                                                                                                                                                                                                                                                                                                                                                     ","M     ","CR","41,88"]
[38127,"BASE DE MISTURADOR MONOCOMANDO PARA CHUVEIRO                                                                                                                                                                                                                                                                                                                                                                                                                                                              ","UN    ","CR","381,72"]
[38060,"BASE PARA MASTRO DE PARA-RAIOS DIAMETRO NOMINAL 1 1/2\"                                                                                                                                                                                                                                                                                                                                                                                                                                                    ","UN    ","CR","68,18"]
[10956,"BASE PARA MASTRO DE PARA-RAIOS DIAMETRO NOMINAL 2\"                                                                                                                                                                                                                                                                                                                                                                                                                                                        ","UN    ","CR","70,83"]
[39380,"BASE PARA RELE COM SUPORTE METALICO                                                                                                                                                                                                                                                                                                                                                                                                                                                                       ","UN    ","CR","11,41"]
[13374,"BASE UNIPOLAR PARA FUSIVEL NH1, CORRENTE NOMINAL DE 250 A, SEM CAPA                                                                                                                                                                                                                                                                                                                                                                                                                                       ","UN    ","CR","67,35"]
[37597,"BATE-ESTACAS POR GRAVIDADE, POTENCIA160 HP, PESO DO MARTELO ATE 3 TONELADAS                                                                                                                                                                                                                                                                                                                                                                                                                               ","UN    ","AS","533.781,25"]
[183,"BATENTE / PORTAL / ADUELA / MARCO EM MADEIRA MACICA COM REBAIXO, E = *3* CM, L = *14* CM, PARA PORTAS DE  GIRO DE *60 CM A 120* CM  X *210* CM, CEDRINHO / ANGELIM COMERCIAL / TAURI / CURUPIXA / PEROBA / CUMARU OU EQUIVALENTE DA REGIAO (NAO INCLUI ALIZARES)                                                                                                                                                                                                                                          ","JG    ","C ","175,00"]
[184,"BATENTE / PORTAL / ADUELA / MARCO EM MADEIRA MACICA COM REBAIXO, E = *3* CM, L = *14* CM, PARA PORTAS DE  GIRO DE *60 CM A 120* CM  X *210* CM, PINUS / EUCALIPTO / VIROLA OU EQUIVALENTE DA REGIAO (NAO INCLUI ALIZARES)                                                                                                                                                                                                                                                                                 ","JG    ","CR","108,38"]
[181,"BATENTE / PORTAL / ADUELA / MARCO EM MADEIRA MACICA COM REBAIXO, E = *3* CM, L = *16* CM, PARA PORTAS DE  GIRO DE *60 CM A 120* CM  X *210* CM, CEDRINHO / ANGELIM COMERCIAL / TAURI / CURUPIXA / PEROBA / CUMARU OU EQUIVALENTE DA REGIAO (NAO INCLUI ALIZARES)                                                                                                                                                                                                                                          ","JG    ","CR","233,70"]
[20001,"BATENTE / PORTAL / ADUELA / MARCO EM MADEIRA MACICA COM REBAIXO, E = *3* CM, L = *16* CM, PARA PORTAS DE  GIRO DE *60 CM A 120* CM  X *210* CM, PINUS / EUCALIPTO / VIROLA OU EQUIVALENTE DA REGIAO (NAO INCLUI ALIZARES)                                                                                                                                                                                                                                                                                 ","JG    ","CR","135,48"]
[39837,"BATENTE/PORTAL/ADUELA/MARCO, EM MDF/PVC WOOD/POLIESTIRENO OU MADEIRA LAMINADA, L = *9,0* CM COM GUARNICAO REGULAVEL 2 FACES = *35* MM, PRIMER                                                                                                                                                                                                                                                                                                                                                             ","JG    ","CR","342,66"]
[10535,"BETONEIRA CAPACIDADE NOMINAL 400 L, CAPACIDADE DE MISTURA  280 L, MOTOR ELETRICO TRIFASICO 220/380 V POTENCIA 2 CV, SEM CARREGADOR                                                                                                                                                                                                                                                                                                                                                                        ","UN    ","AS","4.550,00"]
[10537,"BETONEIRA CAPACIDADE NOMINAL 400 L, CAPACIDADE DE MISTURA 310 L, MOTOR A DIESEL POTENCIA 5 CV, SEM CARREGADOR                                                                                                                                                                                                                                                                                                                                                                                             ","UN    ","AS","6.204,96"]
[13891,"BETONEIRA CAPACIDADE NOMINAL 400 L, CAPACIDADE DE MISTURA 310 L, MOTOR A GASOLINA POTENCIA 5,5 CV, SEM CARREGADOR                                                                                                                                                                                                                                                                                                                                                                                         ","UN    ","AS","5.691,35"]
[25975,"BETONEIRA CAPACIDADE NOMINAL 600 L, CAPACIDADE DE MISTURA 440 L, MOTOR A GASOLINA POTENCIA 10 HP, COM CARREGADOR                                                                                                                                                                                                                                                                                                                                                                                          ","UN    ","AS","24.755,08"]
[36396,"BETONEIRA, CAPACIDADE NOMINAL 400 L, CAPACIDADE DE MISTURA 310L, MOTOR ELETRICO TRIFASICO 220/380V POTENCIA 2 CV, SEM CARREGADOR                                                                                                                                                                                                                                                                                                                                                                          ","UN    ","AS","5.205,50"]
[36397,"BETONEIRA, CAPACIDADE NOMINAL 600 L, CAPACIDADE DE MISTURA  360L, MOTOR ELETRICO TRIFASICO 220/380V, POTENCIA 4CV, EXCLUSO CARREGADOR                                                                                                                                                                                                                                                                                                                                                                     ","UN    ","AS","18.508,47"]
[36398,"BETONEIRA, CAPACIDADE NOMINAL 600 L, CAPACIDADE DE MISTURA 440 L, MOTOR A DIESEL POTENCIA 10 CV, COM CARREGADOR                                                                                                                                                                                                                                                                                                                                                                                           ","UN    ","AS","22.495,50"]
[647,"BLASTER, DINAMITADOR OU CABO DE FOGO                                                                                                                                                                                                                                                                                                                                                                                                                                                                      ","H     ","CR","18,03"]
[40920,"BLASTER, DINAMITADOR OU CABO DE FOGO (MENSALISTA)                                                                                                                                                                                                                                                                                                                                                                                                                                                         ","MES   ","CR","3.167,92"]
[38783,"BLOCO CERAMICO DE VEDACAO COM FUROS NA HORIZONTAL, 11,5 X 19 X 19 CM - 4,5 MPA (NBR 15270)                                                                                                                                                                                                                                                                                                                                                                                                                ","UN    ","CR","0,82"]
[37593,"BLOCO CERAMICO DE VEDACAO COM FUROS NA VERTICAL, 14 X 19 X 39 CM - 4,5 MPA (NBR 15270)                                                                                                                                                                                                                                                                                                                                                                                                                    ","UN    ","CR","2,01"]
[37594,"BLOCO CERAMICO DE VEDACAO COM FUROS NA VERTICAL, 19 X 19 X 39 CM - 4,5 MPA (NBR 15270)                                                                                                                                                                                                                                                                                                                                                                                                                    ","UN    ","CR","2,50"]
[37592,"BLOCO CERAMICO DE VEDACAO COM FUROS NA VERTICAL, 9 X 19 X 39 CM - 4,5 MPA (NBR 15270)                                                                                                                                                                                                                                                                                                                                                                                                                     ","UN    ","CR","1,58"]
[7266,"BLOCO CERAMICO VAZADO PARA ALVENARIA DE VEDACAO, DE 9 X 19 X 19 CM (L X A X C)                                                                                                                                                                                                                                                                                                                                                                                                                            ","MIL   ","C ","612,50"]
[7270,"BLOCO CERAMICO VAZADO PARA ALVENARIA DE VEDACAO, 4 FUROS, DE 9 X 9 X 19 CM (L X A X C)                                                                                                                                                                                                                                                                                                                                                                                                                    ","UN    ","CR","0,70"]
[7267,"BLOCO CERAMICO VAZADO PARA ALVENARIA DE VEDACAO, 6 FUROS, DE 9 X 14 X 19 CM (L X A X C)                                                                                                                                                                                                                                                                                                                                                                                                                   ","UN    ","CR","0,55"]
[7269,"BLOCO CERAMICO VAZADO PARA ALVENARIA DE VEDACAO, 6 FUROS, DE 9 X 9 X 19 CM (L X A X C)                                                                                                                                                                                                                                                                                                                                                                                                                    ","UN    ","CR","0,56"]
[7271,"BLOCO CERAMICO VAZADO PARA ALVENARIA DE VEDACAO, 8 FUROS, DE 9 X 19 X 19 CM (L XA X C)                                                                                                                                                                                                                                                                                                                                                                                                                    ","UN    ","CR","0,61"]
[7268,"BLOCO CERAMICO VAZADO PARA ALVENARIA DE VEDACAO, 8 FUROS, DE 9 X 19 X 29 CM (L X A X C)                                                                                                                                                                                                                                                                                                                                                                                                                   ","UN    ","CR","0,85"]
[34556,"BLOCO DE CONCRETO ESTRUTURAL 14 X 19 X 29 CM, FBK 10 MPA (NBR 6136)                                                                                                                                                                                                                                                                                                                                                                                                                                       ","UN    ","CR","2,85"]
[37873,"BLOCO DE CONCRETO ESTRUTURAL 14 X 19 X 29 CM, FBK 12 MPA (NBR 6136)                                                                                                                                                                                                                                                                                                                                                                                                                                       ","UN    ","CR","2,90"]
[34564,"BLOCO DE CONCRETO ESTRUTURAL 14 X 19 X 29 CM, FBK 14 MPA (NBR 6136)                                                                                                                                                                                                                                                                                                                                                                                                                                       ","UN    ","CR","3,04"]
[34565,"BLOCO DE CONCRETO ESTRUTURAL 14 X 19 X 29 CM, FBK 16 MPA (NBR 6136)                                                                                                                                                                                                                                                                                                                                                                                                                                       ","UN    ","CR","3,21"]
[38590,"BLOCO DE CONCRETO ESTRUTURAL 14 X 19 X 29 CM, FBK 4,5 MPA (NBR 6136)                                                                                                                                                                                                                                                                                                                                                                                                                                      ","UN    ","CR","2,37"]
[34566,"BLOCO DE CONCRETO ESTRUTURAL 14 X 19 X 29 CM, FBK 6 MPA (NBR 6136)                                                                                                                                                                                                                                                                                                                                                                                                                                        ","UN    ","CR","2,49"]
[34567,"BLOCO DE CONCRETO ESTRUTURAL 14 X 19 X 29 CM, FBK 8 MPA (NBR 6136)                                                                                                                                                                                                                                                                                                                                                                                                                                        ","UN    ","CR","2,64"]
[38591,"BLOCO DE CONCRETO ESTRUTURAL 14 X 19 X 34 CM, FBK 4,5 MPA (NBR 6136)                                                                                                                                                                                                                                                                                                                                                                                                                                      ","UN    ","CR","2,40"]
[34568,"BLOCO DE CONCRETO ESTRUTURAL 14 X 19 X 39 CM, FBK 10 MPA (NBR 6136)                                                                                                                                                                                                                                                                                                                                                                                                                                       ","UN    ","CR","3,12"]
[34569,"BLOCO DE CONCRETO ESTRUTURAL 14 X 19 X 39 CM, FBK 12 MPA (NBR 6136)                                                                                                                                                                                                                                                                                                                                                                                                                                       ","UN    ","CR","3,21"]
[34570,"BLOCO DE CONCRETO ESTRUTURAL 14 X 19 X 39 CM, FBK 14 MPA (NBR 6136)                                                                                                                                                                                                                                                                                                                                                                                                                                       ","UN    ","CR","3,49"]
[25070,"BLOCO DE CONCRETO ESTRUTURAL 14 X 19 X 39 CM, FBK 4,5 MPA (NBR 6136)                                                                                                                                                                                                                                                                                                                                                                                                                                      ","UN    ","CR","2,62"]
[34571,"BLOCO DE CONCRETO ESTRUTURAL 14 X 19 X 39 CM, FBK 6 MPA (NBR 6136)                                                                                                                                                                                                                                                                                                                                                                                                                                        ","UN    ","CR","2,65"]
[34573,"BLOCO DE CONCRETO ESTRUTURAL 14 X 19 X 39 CM, FBK 8 MPA (NBR 6136)                                                                                                                                                                                                                                                                                                                                                                                                                                        ","UN    ","CR","2,79"]
[37107,"BLOCO DE CONCRETO ESTRUTURAL 14 X 19 X 39, FCK 16 MPA (NBR 6136)                                                                                                                                                                                                                                                                                                                                                                                                                                          ","UN    ","CR","3,68"]
[34576,"BLOCO DE CONCRETO ESTRUTURAL 19 X 19 X 39 CM, FBK 10 MPA (NBR 6136)                                                                                                                                                                                                                                                                                                                                                                                                                                       ","UN    ","CR","4,06"]
[34577,"BLOCO DE CONCRETO ESTRUTURAL 19 X 19 X 39 CM, FBK 12 MPA (NBR 6136)                                                                                                                                                                                                                                                                                                                                                                                                                                       ","UN    ","CR","4,24"]
[34578,"BLOCO DE CONCRETO ESTRUTURAL 19 X 19 X 39 CM, FBK 14 MPA (NBR 6136)                                                                                                                                                                                                                                                                                                                                                                                                                                       ","UN    ","CR","4,60"]
[34579,"BLOCO DE CONCRETO ESTRUTURAL 19 X 19 X 39 CM, FBK 16 MPA (NBR 6136)                                                                                                                                                                                                                                                                                                                                                                                                                                       ","UN    ","CR","4,90"]
[25067,"BLOCO DE CONCRETO ESTRUTURAL 19 X 19 X 39 CM, FBK 4,5 MPA (NBR 6136)                                                                                                                                                                                                                                                                                                                                                                                                                                      ","UN    ","CR","3,28"]
[34580,"BLOCO DE CONCRETO ESTRUTURAL 19 X 19 X 39 CM, FBK 8 MPA (NBR 6136)                                                                                                                                                                                                                                                                                                                                                                                                                                        ","UN    ","CR","3,66"]
[25071,"BLOCO DE CONCRETO ESTRUTURAL 9 X 19 X 39 CM, FBK 4,5 MPA (NBR 6136)                                                                                                                                                                                                                                                                                                                                                                                                                                       ","UN    ","CR","1,82"]
[38395,"BLOCO DE ESPUMA MULTIUSO *23 X 13 X 8* CM                                                                                                                                                                                                                                                                                                                                                                                                                                                                 ","UN    ","CR","6,29"]
[34583,"BLOCO DE GESSO COMPACTO / MACICO, BRANCO, E = 10 CM, DIMENSOES *67 X 50* CM                                                                                                                                                                                                                                                                                                                                                                                                                               ","M2    ","CR","46,14"]
[34584,"BLOCO DE GESSO VAZADO, BRANCO, E = *7* CM, DIMENSOES *67 X 50* CM                                                                                                                                                                                                                                                                                                                                                                                                                                         ","M2    ","CR","25,82"]
[709,"BLOCO DE POLIETILENO ALTA DENSIDADE, *27* X *30* X *100* CM, ACOMPANHADOS PLACAS  TERMINAIS  E LONGARINAS, PARA FUNDO DE FILTRO                                                                                                                                                                                                                                                                                                                                                                           ","M2    ","AS","883,19"]
[34599,"BLOCO DE VEDACAO CONCRETO APARENTE 9 X 19 X 39 CM (CLASSE C - NBR 6136)                                                                                                                                                                                                                                                                                                                                                                                                                                   ","UN    ","CR","1,87"]
[34592,"BLOCO DE VEDACAO CONCRETO 14 X 19 X 29 CM (CLASSE C - NBR 6136)                                                                                                                                                                                                                                                                                                                                                                                                                                           ","UN    ","CR","2,09"]
[37103,"BLOCO DE VEDACAO DE CONCRETO APARENTE 14 X 19 X 39 CM (CLASSE C - NBR 6136)                                                                                                                                                                                                                                                                                                                                                                                                                               ","UN    ","CR","2,39"]
[34555,"BLOCO DE VEDACAO DE CONCRETO APARENTE 19 X 19 X 39 CM  (CLASSE C - NBR 6136)                                                                                                                                                                                                                                                                                                                                                                                                                              ","UN    ","CR","3,03"]
[674,"BLOCO DE VEDACAO DE CONCRETO CELULAR AUTOCLAVADO 10 X 30 X 60 CM (E X A X C)                                                                                                                                                                                                                                                                                                                                                                                                                              ","M2    ","AS","61,27"]
[34600,"BLOCO DE VEDACAO DE CONCRETO CELULAR AUTOCLAVADO 15 X 30 X 60 CM (E X A X C)                                                                                                                                                                                                                                                                                                                                                                                                                              ","M2    ","AS","90,00"]
[652,"BLOCO DE VEDACAO DE CONCRETO CELULAR AUTOCLAVADO 20 X 30 X 60 CM (E X A X C)                                                                                                                                                                                                                                                                                                                                                                                                                              ","M2    ","AS","137,87"]
[651,"BLOCO DE VEDACAO DE CONCRETO 14 X 19 X 39 CM (CLASSE C - NBR 6136)                                                                                                                                                                                                                                                                                                                                                                                                                                        ","UN    ","CR","2,30"]
[654,"BLOCO DE VEDACAO DE CONCRETO 19 X 19 X 39 CM (CLASSE C - NBR 6136)                                                                                                                                                                                                                                                                                                                                                                                                                                        ","UN    ","CR","2,85"]
[650,"BLOCO DE VEDACAO DE CONCRETO, 9 X 19 X 39 CM (CLASSE C - NBR 6136)                                                                                                                                                                                                                                                                                                                                                                                                                                        ","UN    ","C ","1,84"]
[716,"BLOCO DE VIDRO INCOLOR XADREZ, DE *20 X 20 X 10* CM                                                                                                                                                                                                                                                                                                                                                                                                                                                       ","UN    ","AS","16,63"]
[715,"BLOCO DE VIDRO INCOLOR, CANELADO, DE *19 X 19 X 8* CM                                                                                                                                                                                                                                                                                                                                                                                                                                                     ","UN    ","AS","16,45"]
[718,"BLOCO DE VIDRO/ELEMENTO VAZADO INCOLOR, VENEZIANA, DE *20 X 20 X 6* CM                                                                                                                                                                                                                                                                                                                                                                                                                                    ","UN    ","AS","24,51"]
[11981,"BLOCO DE VIDRO/ELEMENTO VAZADO, INCOLOR, VENEZIANA, *20 X 10 X 8* CM                                                                                                                                                                                                                                                                                                                                                                                                                                      ","UN    ","AS","16,80"]
[34586,"BLOCO ESTRUTURAL CERAMICO 14 X 19 X 29 CM, 6,0 MPA (NBR 15270)                                                                                                                                                                                                                                                                                                                                                                                                                                            ","UN    ","CR","1,72"]
[38603,"BLOCO ESTRUTURAL CERAMICO 14 X 19 X 34 CM, 6,0 MPA (NBR 15270)                                                                                                                                                                                                                                                                                                                                                                                                                                            ","UN    ","CR","2,08"]
[34588,"BLOCO ESTRUTURAL CERAMICO 14 X 19 X 39 CM, 6,0 MPA (NBR 15270)                                                                                                                                                                                                                                                                                                                                                                                                                                            ","UN    ","CR","2,24"]
[34590,"BLOCO ESTRUTURAL CERAMICO 19 X 19 X 29 CM, 6,0 MPA (NBR 15270)                                                                                                                                                                                                                                                                                                                                                                                                                                            ","UN    ","CR","2,05"]
[34591,"BLOCO ESTRUTURAL CERAMICO 19 X 19 X 39 CM, 6,0 MPA (NBR 15270)                                                                                                                                                                                                                                                                                                                                                                                                                                            ","UN    ","CR","2,77"]
[41372,"BLOCO VEDACAO CONCRETO CELULAR AUTOCLAVADO 12,5 X 30 X 60 CM (E X A X C)                                                                                                                                                                                                                                                                                                                                                                                                                                  ","M2    ","AS","85,99"]
[41371,"BLOCO VEDACAO CONCRETO CELULAR AUTOCLAVADO 7,5 X 30 X 60 CM (E X A X C)                                                                                                                                                                                                                                                                                                                                                                                                                                   ","M2    ","AS","50,83"]
[40517,"BLOQUETE/PISO DE CONCRETO - MODELO BLOCO PISOGRAMA/CONCREGRAMA 2 FUROS, DIMENSOES APROX. DE 35 CM X 15 CM E ESPESSURA DE 7 CM (+/- 1 CM), COR NATURAL                                                                                                                                                                                                                                                                                                                                                     ","M2    ","CR","31,86"]
[40515,"BLOQUETE/PISO DE CONCRETO - MODELO PISOGRAMA/CONCREGRAMA/PAVI-GRADE/GRAMEIRO, DIMENSOES APROXIMADAS DE 60 CM X 45 CM E ESPESSURA DE 8 CM (+/- 1 CM), COR NATURAL                                                                                                                                                                                                                                                                                                                                          ","M2    ","CR","71,68"]
[40529,"BLOQUETE/PISO INTERTRAVADO DE CONCRETO - MODELO ONDA/16 FACES/RETANGULAR/TIJOLINHO/PAVER/HOLANDES/PARALELEPIPEDO, *22 CM X *11 CM, E = 10 CM, RESISTENCIA DE 50 MPA (NBR 9781), COR NATURAL                                                                                                                                                                                                                                                                                                               ","M2    ","CR","45,80"]
[36170,"BLOQUETE/PISO INTERTRAVADO DE CONCRETO - MODELO ONDA/16 FACES/RETANGULAR/TIJOLINHO/PAVER/HOLANDES/PARALELEPIPEDO, *22 CM X 11* CM, E = 8 CM, RESISTENCIA DE 35 MPA (NBR 9781), COR NATURAL                                                                                                                                                                                                                                                                                                                ","M2    ","C ","38,00"]
[40524,"BLOQUETE/PISO INTERTRAVADO DE CONCRETO - MODELO ONDA/16 FACES/RETANGULAR/TIJOLINHO/PAVER/HOLANDES/PARALELEPIPEDO, 20 CM X 10 CM, E = 10 CM, RESISTENCIA DE 35 MPA (NBR 9781), COR NATURAL                                                                                                                                                                                                                                                                                                                 ","M2    ","CR","44,80"]
[36156,"BLOQUETE/PISO INTERTRAVADO DE CONCRETO - MODELO ONDA/16 FACES/RETANGULAR/TIJOLINHO/PAVER/HOLANDES/PARALELEPIPEDO, 20 CM X 10 CM, E = 6 CM, RESISTENCIA DE 35 MPA (NBR 9781), COLORIDO                                                                                                                                                                                                                                                                                                                     ","M2    ","CR","34,84"]
[36155,"BLOQUETE/PISO INTERTRAVADO DE CONCRETO - MODELO ONDA/16 FACES/RETANGULAR/TIJOLINHO/PAVER/HOLANDES/PARALELEPIPEDO, 20 CM X 10 CM, E = 6 CM, RESISTENCIA DE 35 MPA (NBR 9781), COR NATURAL                                                                                                                                                                                                                                                                                                                  ","M2    ","CR","30,08"]
[36154,"BLOQUETE/PISO INTERTRAVADO DE CONCRETO - MODELO ONDA/16 FACES/RETANGULAR/TIJOLINHO/PAVER/HOLANDES/PARALELEPIPEDO, 20 CM X 10 CM, E = 8 CM, RESISTENCIA DE 35 MPA (NBR 9781), COLORIDO                                                                                                                                                                                                                                                                                                                     ","M2    ","CR","41,81"]
[695,"BLOQUETE/PISO INTERTRAVADO DE CONCRETO - MODELO RAQUETE, *22 CM X 13,5* CM, E = 6 CM, RESISTENCIA DE 35 MPA (NBR 9781), COR NATURAL                                                                                                                                                                                                                                                                                                                                                                       ","M2    ","CR","30,71"]
[679,"BLOQUETE/PISO INTERTRAVADO DE CONCRETO - MODELO SEXTAVADO / HEXAGONAL, 25 CM X 25 CM, E = 10 CM, RESISTENCIA DE 35 MPA (NBR 9781), COR NATURAL                                                                                                                                                                                                                                                                                                                                                            ","M2    ","CR","45,80"]
[711,"BLOQUETE/PISO INTERTRAVADO DE CONCRETO - MODELO SEXTAVADO / HEXAGONAL, 25 CM X 25 CM, E = 6 CM, RESISTENCIA DE 35 MPA (NBR 9781), COR NATURAL                                                                                                                                                                                                                                                                                                                                                             ","M2    ","CR","30,29"]
[712,"BLOQUETE/PISO INTERTRAVADO DE CONCRETO - MODELO SEXTAVADO / HEXAGONAL, 25 CM X 25 CM, E = 8 CM, RESISTENCIA DE 35 MPA (NBR 9781), COR NATURAL                                                                                                                                                                                                                                                                                                                                                             ","M2    ","CR","38,16"]
[12614,"BOCAL PVC, PARA CALHA PLUVIAL, DIAMETRO DA SAIDA ENTRE 80 E 100 MM, PARA DRENAGEM PREDIAL                                                                                                                                                                                                                                                                                                                                                                                                                 ","UN    ","AS","19,79"]
[6140,"BOLSA DE LIGACAO EM PVC FLEXIVEL PARA VASO SANITARIO 1.1/2 \" (40 MM)                                                                                                                                                                                                                                                                                                                                                                                                                                      ","UN    ","CR","3,19"]
[38399,"BOLSA DE LONA PARA FERRAMENTAS *50 X 35 X 25* CM                                                                                                                                                                                                                                                                                                                                                                                                                                                          ","UN    ","CR","185,36"]
[735,"BOMBA CENTRIFUGA  MOTOR ELETRICO TRIFASICO 1,48HP  DIAMETRO DE SUCCAO X ELEVACAO 1\" X 1\", 4 ESTAGIOS, DIAMETRO DOS ROTORES 3 X 107 MM + 1 X 100 MM, HM/Q: 10 M / 5,3 M3/H A 70 M / 1,8 M3/H                                                                                                                                                                                                                                                                                                               ","UN    ","CR","2.057,53"]
[736,"BOMBA CENTRIFUGA  MOTOR ELETRICO TRIFASICO 2,96HP, DIAMETRO DE SUCCAO X ELEVACAO 1 1/2\" X 1 1/4\", DIAMETRO DO ROTOR 148 MM, HM/Q: 34 M / 14,80 M3/H A 40 M / 8,60 M3/H                                                                                                                                                                                                                                                                                                                                    ","UN    ","CR","1.730,01"]
[729,"BOMBA CENTRIFUGA COM MOTOR ELETRICO MONOFASICO, POTENCIA 0,33 HP,  BOCAIS 1\" X 3/4\", DIAMETRO DO ROTOR 99 MM, HM/Q = 4 MCA / 8,5 M3/H A 18 MCA / 0,90 M3/H                                                                                                                                                                                                                                                                                                                                                ","UN    ","C ","705,00"]
[39925,"BOMBA CENTRIFUGA MONOESTAGIO COM MOTOR ELETRICO MONOFASICO, POTENCIA 15 HP,  DIAMETRO DO ROTOR *173* MM, HM/Q = *30* MCA / *90* M3/H A *45* MCA / *55* M3/H                                                                                                                                                                                                                                                                                                                                               ","UN    ","CR","10.187,18"]
[731,"BOMBA CENTRIFUGA MOTOR ELETRICO MONOFASICO 0,49 HP  BOCAIS 1\" X 3/4\", DIAMETRO DO ROTOR 110 MM, HM/Q: 6 M / 8,3 M3/H A 20 M / 1,2 M3/H                                                                                                                                                                                                                                                                                                                                                                    ","UN    ","CR","686,14"]
[10575,"BOMBA CENTRIFUGA MOTOR ELETRICO MONOFASICO 0,50 CV DIAMETRO DE SUCCAO X ELEVACAO 3/4\" X 3/4\", MONOESTAGIO, DIAMETRO DOS ROTORES 114 MM, HM/Q: 2 M / 2,99 M3/H A 24 M / 0,71 M3/H                                                                                                                                                                                                                                                                                                                          ","UN    ","CR","1.070,77"]
[733,"BOMBA CENTRIFUGA MOTOR ELETRICO MONOFASICO 0,74HP  DIAMETRO DE SUCCAO X ELEVACAO 1 1/4\" X 1\", DIAMETRO DO ROTOR 120 MM, HM/Q: 8 M / 7,70 M3/H A 24 M / 2,80 M3/H                                                                                                                                                                                                                                                                                                                                          ","UN    ","CR","1.172,36"]
[732,"BOMBA CENTRIFUGA MOTOR ELETRICO TRIFASICO 0,99HP  DIAMETRO DE SUCCAO X ELEVACAO 1\" X 1\", DIAMETRO DO ROTOR 145 MM, HM/Q: 14 M / 8,4 M3/H A 40 M / 0,60 M3/H                                                                                                                                                                                                                                                                                                                                               ","UN    ","CR","1.156,60"]
[737,"BOMBA CENTRIFUGA MOTOR ELETRICO TRIFASICO 14,8 HP, DIAMETRO DE SUCCAO X ELEVACAO 2 1/2\" X 2\", DIAMETRO DO ROTOR 195 MM, HM/Q: 62 M / 55,5 M3/H A 80 M / 31,50 M3/H                                                                                                                                                                                                                                                                                                                                        ","UN    ","CR","6.485,88"]
[738,"BOMBA CENTRIFUGA MOTOR ELETRICO TRIFASICO 5HP, DIAMETRO DE SUCCAO X ELEVACAO 2\" X 1 1/2\", DIAMETRO DO ROTOR 155 MM, HM/Q: 40 M / 20,40 M3/H A 46 M / 9,20 M3/H                                                                                                                                                                                                                                                                                                                                            ","UN    ","CR","3.007,46"]
[740,"BOMBA CENTRIFUGA MOTOR ELETRICO TRIFASICO 9,86 DIAMETRO DE SUCCAO X ELEVACAO 1\" X 1\", 4 ESTAGIOS, DIAMETRO DOS ROTORES 4 X 146 MM, HM/Q: 85 M / 14,9 M3/H A 140 M / 4,2 M3/H                                                                                                                                                                                                                                                                                                                              ","UN    ","CR","6.101,51"]
[734,"BOMBA CENTRIFUGA,  MOTOR ELETRICO TRIFASICO 1,48HP  DIAMETRO DE SUCCAO X ELEVACAO 1 1/2\" X 1\", DIAMETRO DO ROTOR 117 MM, HM/Q: 10 M / 21,9 M3/H A 24 M / 6,1 M3/H                                                                                                                                                                                                                                                                                                                                         ","UN    ","CR","1.239,87"]
[39008,"BOMBA DE PROJECAO DE CONCRETO SECO, POTENCIA 10 CV, VAZAO 3 M3/H                                                                                                                                                                                                                                                                                                                                                                                                                                          ","UN    ","AS","55.465,89"]
[39009,"BOMBA DE PROJECAO DE CONCRETO SECO, POTENCIA 10 CV, VAZAO 6 M3/H                                                                                                                                                                                                                                                                                                                                                                                                                                          ","UN    ","AS","59.424,82"]
[10587,"BOMBA SUBMERSA PARA POCOS TUBULARES PROFUNDOS DIAMETRO DE 4 POLEGADAS, ELETRICA, MONOFASICA, POTENCIA 0,49 HP, 13 ESTAGIOS, BOCAL DE DESCARGA DIAMETRO DE UMA POLEGADA E MEIA, HM/Q = 18 M / 1,90 M3/H A 85 M / 0,60 M3/H                                                                                                                                                                                                                                                                                 ","UN    ","CR","2.950,11"]
[759,"BOMBA SUBMERSA PARA POCOS TUBULARES PROFUNDOS DIAMETRO DE 4 POLEGADAS, ELETRICA, TRIFASICA, POTENCIA 1,97 HP, 20 ESTAGIOS, BOCAL DE DESCARGA DIAMETRO DE UMA POLEGADA E MEIA, HM/Q = 18 M / 5,40 M3/H A 164 M / 0,80 M3/H                                                                                                                                                                                                                                                                                 ","UN    ","CR","4.241,68"]
[761,"BOMBA SUBMERSA PARA POCOS TUBULARES PROFUNDOS DIAMETRO DE 4 POLEGADAS, ELETRICA, TRIFASICA, POTENCIA 5,42 HP, 15 ESTAGIOS, BOCAL DE DESCARGA DIAMETRO DE 2 POLEGADAS, HM/Q = 18 M / 18,10 M3/H A 121 M / 2,90 M3/H                                                                                                                                                                                                                                                                                        ","UN    ","CR","7.190,01"]
[750,"BOMBA SUBMERSA PARA POCOS TUBULARES PROFUNDOS DIAMETRO DE 4 POLEGADAS, ELETRICA, TRIFASICA, POTENCIA 5,42 HP, 29 ESTAGIOS, BOCAL DE DESCARGA DE UMA POLEGADA E MEIA, HM/Q = 18 M / 8,10 M3/H A 201 M / 3,2 M3/H                                                                                                                                                                                                                                                                                           ","UN    ","CR","6.826,34"]
[755,"BOMBA SUBMERSA PARA POCOS TUBULARES PROFUNDOS DIAMETRO DE 6 POLEGADAS, ELETRICA, TRIFASICA, POTENCIA 27,12 HP, 7 ESTAGIOS, BOCAL DE DESCARGA DIAMETRO DE 4 POLEGADAS, HM/Q = 13,9 M / 90 M3/H A 44,0 M / 25,0 M3/H                                                                                                                                                                                                                                                                                        ","UN    ","CR","28.012,01"]
[749,"BOMBA SUBMERSA PARA POCOS TUBULARES PROFUNDOS DIAMETRO DE 6 POLEGADAS, ELETRICA, TRIFASICA, POTENCIA 3,45 HP, 5 ESTAGIOS, BOCAL DE DESCARGA DIAMETRO DE 2 POLEGADAS, HM/Q = 68,5 M / 6,12 M3/H A 39,5 M / 14,04 M3/H                                                                                                                                                                                                                                                                                      ","UN    ","CR","10.302,29"]
[756,"BOMBA SUBMERSA PARA POCOS TUBULARES PROFUNDOS DIAMETRO DE 6 POLEGADAS, ELETRICA, TRIFASICA, POTENCIA 32 HP, 9 ESTAGIOS, BOCAL DE DESCARGA DIAMETRO DE 4 POLEGADAS, HM/Q = 114,0 M / 13,9 M3/H A 57,0 M / 25,0 M3/H                                                                                                                                                                                                                                                                                        ","UN    ","CR","30.550,85"]
[757,"BOMBA SUBMERSIVEL,  ELETRICA, TRIFASICA, POTENCIA 6 HP, DIAMETRO DO ROTOR 127 MM, BOCAL DE SAIDA DIAMETRO DE 3 POLEGADAS, HM/Q = 7 M / 66,90 M3/H A 26 M / 2,88 M3/H                                                                                                                                                                                                                                                                                                                                      ","UN    ","CR","13.872,03"]
[10588,"BOMBA SUBMERSIVEL, ELETRICA, TRIFASICA, POTENCIA 0,98 HP, DIAMETRO DO ROTOR 142 MM SEMIABERTO, BOCAL DE SAIDA DIAMETRO DE 2 POLEGADAS, HM/Q = 2 M / 32 M3/H A 8 M / 16 M3/H                                                                                                                                                                                                                                                                                                                               ","UN    ","CR","3.062,59"]
[10592,"BOMBA SUBMERSIVEL, ELETRICA, TRIFASICA, POTENCIA 0,99 HP, DIAMETRO ROTOR 98 MM SEMIABERTO, BOCAL DE SAIDA DIAMETRO 2 POLEGADAS, HM/Q = 2 M / 28,90 M3/H A 14 M / 7 M3/H                                                                                                                                                                                                                                                                                                                                   ","UN    ","C ","3.699,21"]
[10589,"BOMBA SUBMERSIVEL, ELETRICA, TRIFASICA, POTENCIA 1,97 HP, DIAMETRO DO ROTOR 144 MM SEMIABERTO, BOCAL DE SAIDA DIAMETRO DE 2 POLEGADAS, HM/Q = 2 M / 26,8 M3/H A 28 M / 4,6 M3/H                                                                                                                                                                                                                                                                                                                           ","UN    ","CR","4.969,65"]
[760,"BOMBA SUBMERSIVEL, ELETRICA, TRIFASICA, POTENCIA 13 HP, DIAMETRO DO ROTOR 170 MM, BOCAL DE SAIDA DIAMETRO DE 3 POLEGADAS, HM/Q = 11 M / 68,40 M3/H A 72 M / 3,6 M3/H                                                                                                                                                                                                                                                                                                                                      ","UN    ","CR","27.744,07"]
[751,"BOMBA SUBMERSIVEL, ELETRICA, TRIFASICA, POTENCIA 2,96 HP, DIAMETRO DO ROTOR 144 MM SEMIABERTO, BOCAL DE SAIDA DIAMETRO DE DUAS POLEGADAS, HM/Q = 2 M / 38,8 M3/H A 28 M / 5 M3/H                                                                                                                                                                                                                                                                                                                          ","UN    ","CR","4.369,69"]
[754,"BOMBA SUBMERSIVEL, ELETRICA, TRIFASICA, POTENCIA 3,75 HP, DIAMETRO DO ROTOR 90 MM SEMIABERTO, BOCAL DE SAIDA DIAMETRO DE 2 POLEGADAS, HM/Q = 5 M / 61,2 M3/H A 25,5 M / 3,6 M3/H                                                                                                                                                                                                                                                                                                                          ","UN    ","CR","6.936,01"]
[14013,"BOMBA TRIPLEX COM MOTOR A DIESEL, NACIONAL, DIAMETRO DE SUCCAO DE 2 1/2''                                                                                                                                                                                                                                                                                                                                                                                                                                 ","UN    ","CR","175.262,68"]
[39917,"BOMBA TRIPLEX, PARA INJECAO DE CALDA DE CIMENTO, VAZAO MAXIMA DE *100* LITROS/MINUTO, PRESSAO MAXIMA DE *70* BAR, POTENCIA DE 15 CV                                                                                                                                                                                                                                                                                                                                                                       ","UN    ","AS","85.199,60"]
[38167,"BORBOLETA PARA JANELA TIPO GUILHOTINA, EM ZAMAC CROMADO                                                                                                                                                                                                                                                                                                                                                                                                                                                   ","PAR   ","CR","21,80"]
[36145,"BOTA DE PVC PRETA, CANO MEDIO, SEM FORRO                                                                                                                                                                                                                                                                                                                                                                                                                                                                  ","PAR   ","CR","37,20"]
[12893,"BOTA DE SEGURANCA COM BIQUEIRA DE ACO E COLARINHO ACOLCHOADO                                                                                                                                                                                                                                                                                                                                                                                                                                              ","PAR   ","CR","62,01"]
[11685,"BRACO / CANO PARA CHUVEIRO ELETRICO, EM ALUMINIO, 30 CM X 1/2 \"                                                                                                                                                                                                                                                                                                                                                                                                                                           ","UN    ","CR","21,71"]
[11679,"BRACO OU HASTE COM CANOPLA PLASTICA, 1/2 \", PARA CHUVEIRO ELETRICO                                                                                                                                                                                                                                                                                                                                                                                                                                        ","UN    ","CR","8,95"]
[11680,"BRACO OU HASTE COM CANOPLA PLASTICA, 1/2 \", PARA CHUVEIRO SIMPLES                                                                                                                                                                                                                                                                                                                                                                                                                                         ","UN    ","CR","7,38"]
[2512,"BRACO P/ LUMINARIA PUBLICA 1 X 1,50M ROMAGNOLE OU EQUIV                                                                                                                                                                                                                                                                                                                                                                                                                                                   ","UN    ","CR","21,94"]
[4374,"BUCHA DE NYLON SEM ABA S10                                                                                                                                                                                                                                                                                                                                                                                                                                                                                ","UN    ","CR","0,55"]
[7568,"BUCHA DE NYLON SEM ABA S10, COM PARAFUSO DE 6,10 X 65 MM EM ACO ZINCADO COM ROSCA SOBERBA, CABECA CHATA E FENDA PHILLIPS                                                                                                                                                                                                                                                                                                                                                                                  ","UN    ","CR","0,92"]
[7584,"BUCHA DE NYLON SEM ABA S12, COM PARAFUSO DE 5/16\" X 80 MM EM ACO ZINCADO COM ROSCA SOBERBA E CABECA SEXTAVADA                                                                                                                                                                                                                                                                                                                                                                                             ","UN    ","CR","1,40"]
[11945,"BUCHA DE NYLON SEM ABA S4                                                                                                                                                                                                                                                                                                                                                                                                                                                                                 ","UN    ","CR","0,09"]
[11946,"BUCHA DE NYLON SEM ABA S5                                                                                                                                                                                                                                                                                                                                                                                                                                                                                 ","UN    ","CR","0,10"]
[4375,"BUCHA DE NYLON SEM ABA S6                                                                                                                                                                                                                                                                                                                                                                                                                                                                                 ","UN    ","C ","0,15"]
[11950,"BUCHA DE NYLON SEM ABA S6, COM PARAFUSO DE 4,20 X 40 MM EM ACO ZINCADO COM ROSCA SOBERBA, CABECA CHATA E FENDA PHILLIPS                                                                                                                                                                                                                                                                                                                                                                                   ","UN    ","CR","0,31"]
[4376,"BUCHA DE NYLON SEM ABA S8                                                                                                                                                                                                                                                                                                                                                                                                                                                                                 ","UN    ","CR","0,29"]
[7583,"BUCHA DE NYLON SEM ABA S8, COM PARAFUSO DE 4,80 X 50 MM EM ACO ZINCADO COM ROSCA SOBERBA, CABECA CHATA E FENDA PHILLIPS                                                                                                                                                                                                                                                                                                                                                                                   ","UN    ","CR","0,62"]
[4350,"BUCHA DE NYLON, DIAMETRO DO FURO 8 MM, COMPRIMENTO 40 MM, COM PARAFUSO DE ROSCA SOBERBA, CABECA CHATA, FENDA SIMPLES, 4,8 X 50 MM                                                                                                                                                                                                                                                                                                                                                                         ","UN    ","AS","0,42"]
[39886,"BUCHA DE REDUCAO DE COBRE (REF 600-2) SEM ANEL DE SOLDA, PONTA X BOLSA, 22 X 15 MM                                                                                                                                                                                                                                                                                                                                                                                                                        ","UN    ","AS","6,17"]
[39887,"BUCHA DE REDUCAO DE COBRE (REF 600-2) SEM ANEL DE SOLDA, PONTA X BOLSA, 28 X 22 MM                                                                                                                                                                                                                                                                                                                                                                                                                        ","UN    ","AS","9,26"]
[39888,"BUCHA DE REDUCAO DE COBRE (REF 600-2) SEM ANEL DE SOLDA, PONTA X BOLSA, 35 X 28 MM                                                                                                                                                                                                                                                                                                                                                                                                                        ","UN    ","AS","21,18"]
[39890,"BUCHA DE REDUCAO DE COBRE (REF 600-2) SEM ANEL DE SOLDA, PONTA X BOLSA, 42 X 35 MM                                                                                                                                                                                                                                                                                                                                                                                                                        ","UN    ","AS","36,16"]
[39891,"BUCHA DE REDUCAO DE COBRE (REF 600-2) SEM ANEL DE SOLDA, PONTA X BOLSA, 54 X 42 MM                                                                                                                                                                                                                                                                                                                                                                                                                        ","UN    ","AS","50,98"]
[39892,"BUCHA DE REDUCAO DE COBRE (REF 600-2) SEM ANEL DE SOLDA, PONTA X BOLSA, 66 X 54 MM                                                                                                                                                                                                                                                                                                                                                                                                                        ","UN    ","AS","158,91"]
[790,"BUCHA DE REDUCAO DE FERRO GALVANIZADO, COM ROSCA BSP, DE 1 1/2\" X 1 1/4\"                                                                                                                                                                                                                                                                                                                                                                                                                                  ","UN    ","AS","20,01"]
[766,"BUCHA DE REDUCAO DE FERRO GALVANIZADO, COM ROSCA BSP, DE 1 1/2\" X 1/2\"                                                                                                                                                                                                                                                                                                                                                                                                                                    ","UN    ","AS","20,01"]
[791,"BUCHA DE REDUCAO DE FERRO GALVANIZADO, COM ROSCA BSP, DE 1 1/2\" X 1\"                                                                                                                                                                                                                                                                                                                                                                                                                                      ","UN    ","AS","20,01"]
[767,"BUCHA DE REDUCAO DE FERRO GALVANIZADO, COM ROSCA BSP, DE 1 1/2\" X 3/4\"                                                                                                                                                                                                                                                                                                                                                                                                                                    ","UN    ","AS","20,01"]
[768,"BUCHA DE REDUCAO DE FERRO GALVANIZADO, COM ROSCA BSP, DE 1 1/4\" X 1/2\"                                                                                                                                                                                                                                                                                                                                                                                                                                    ","UN    ","AS","15,71"]
[789,"BUCHA DE REDUCAO DE FERRO GALVANIZADO, COM ROSCA BSP, DE 1 1/4\" X 1\"                                                                                                                                                                                                                                                                                                                                                                                                                                      ","UN    ","AS","15,38"]
[769,"BUCHA DE REDUCAO DE FERRO GALVANIZADO, COM ROSCA BSP, DE 1 1/4\" X 3/4\"                                                                                                                                                                                                                                                                                                                                                                                                                                    ","UN    ","AS","15,71"]
[770,"BUCHA DE REDUCAO DE FERRO GALVANIZADO, COM ROSCA BSP, DE 1/2\" X 1/4\"                                                                                                                                                                                                                                                                                                                                                                                                                                      ","UN    ","AS","5,54"]
[12394,"BUCHA DE REDUCAO DE FERRO GALVANIZADO, COM ROSCA BSP, DE 1/2\" X 3/8\"                                                                                                                                                                                                                                                                                                                                                                                                                                      ","UN    ","AS","5,54"]
[764,"BUCHA DE REDUCAO DE FERRO GALVANIZADO, COM ROSCA BSP, DE 1\" X 1/2\"                                                                                                                                                                                                                                                                                                                                                                                                                                        ","UN    ","AS","9,67"]
[765,"BUCHA DE REDUCAO DE FERRO GALVANIZADO, COM ROSCA BSP, DE 1\" X 3/4\"                                                                                                                                                                                                                                                                                                                                                                                                                                        ","UN    ","AS","9,67"]
[787,"BUCHA DE REDUCAO DE FERRO GALVANIZADO, COM ROSCA BSP, DE 2 1/2\" X 1 1/2\"                                                                                                                                                                                                                                                                                                                                                                                                                                  ","UN    ","AS","43,19"]
[774,"BUCHA DE REDUCAO DE FERRO GALVANIZADO, COM ROSCA BSP, DE 2 1/2\" X 1 1/4\"                                                                                                                                                                                                                                                                                                                                                                                                                                  ","UN    ","AS","43,19"]
[773,"BUCHA DE REDUCAO DE FERRO GALVANIZADO, COM ROSCA BSP, DE 2 1/2\" X 1\"                                                                                                                                                                                                                                                                                                                                                                                                                                      ","UN    ","AS","43,19"]
[775,"BUCHA DE REDUCAO DE FERRO GALVANIZADO, COM ROSCA BSP, DE 2 1/2\" X 2\"                                                                                                                                                                                                                                                                                                                                                                                                                                      ","UN    ","AS","43,19"]
[788,"BUCHA DE REDUCAO DE FERRO GALVANIZADO, COM ROSCA BSP, DE 2\" X 1 1/2\"                                                                                                                                                                                                                                                                                                                                                                                                                                      ","UN    ","AS","26,85"]
[772,"BUCHA DE REDUCAO DE FERRO GALVANIZADO, COM ROSCA BSP, DE 2\" X 1 1/4\"                                                                                                                                                                                                                                                                                                                                                                                                                                      ","UN    ","AS","26,85"]
[771,"BUCHA DE REDUCAO DE FERRO GALVANIZADO, COM ROSCA BSP, DE 2\" X 1\"                                                                                                                                                                                                                                                                                                                                                                                                                                          ","UN    ","AS","26,85"]
[779,"BUCHA DE REDUCAO DE FERRO GALVANIZADO, COM ROSCA BSP, DE 3/4\" X 1/2\"                                                                                                                                                                                                                                                                                                                                                                                                                                      ","UN    ","AS","6,67"]
[776,"BUCHA DE REDUCAO DE FERRO GALVANIZADO, COM ROSCA BSP, DE 3\" X 1 1/2\"                                                                                                                                                                                                                                                                                                                                                                                                                                      ","UN    ","AS","63,68"]
[777,"BUCHA DE REDUCAO DE FERRO GALVANIZADO, COM ROSCA BSP, DE 3\" X 1 1/4\"                                                                                                                                                                                                                                                                                                                                                                                                                                      ","UN    ","AS","61,90"]
[780,"BUCHA DE REDUCAO DE FERRO GALVANIZADO, COM ROSCA BSP, DE 3\" X 2 1/2\"                                                                                                                                                                                                                                                                                                                                                                                                                                      ","UN    ","AS","62,21"]
[778,"BUCHA DE REDUCAO DE FERRO GALVANIZADO, COM ROSCA BSP, DE 3\" X 2\"                                                                                                                                                                                                                                                                                                                                                                                                                                          ","UN    ","AS","63,68"]
[781,"BUCHA DE REDUCAO DE FERRO GALVANIZADO, COM ROSCA BSP, DE 4\" X 2 1/2\"                                                                                                                                                                                                                                                                                                                                                                                                                                      ","UN    ","AS","117,65"]
[786,"BUCHA DE REDUCAO DE FERRO GALVANIZADO, COM ROSCA BSP, DE 4\" X 2\"                                                                                                                                                                                                                                                                                                                                                                                                                                          ","UN    ","AS","117,65"]
[782,"BUCHA DE REDUCAO DE FERRO GALVANIZADO, COM ROSCA BSP, DE 4\" X 3\"                                                                                                                                                                                                                                                                                                                                                                                                                                          ","UN    ","AS","117,65"]
[783,"BUCHA DE REDUCAO DE FERRO GALVANIZADO, COM ROSCA BSP, DE 5\" X 4\"                                                                                                                                                                                                                                                                                                                                                                                                                                          ","UN    ","AS","322,00"]
[785,"BUCHA DE REDUCAO DE FERRO GALVANIZADO, COM ROSCA BSP, DE 6\" X 4\"                                                                                                                                                                                                                                                                                                                                                                                                                                          ","UN    ","AS","340,22"]
[784,"BUCHA DE REDUCAO DE FERRO GALVANIZADO, COM ROSCA BSP, DE 6\" X 5\"                                                                                                                                                                                                                                                                                                                                                                                                                                          ","UN    ","AS","364,97"]
[831,"BUCHA DE REDUCAO DE PVC, SOLDAVEL, CURTA, COM 110 X 85 MM, PARA AGUA FRIA PREDIAL                                                                                                                                                                                                                                                                                                                                                                                                                         ","UN    ","CR","83,79"]
[828,"BUCHA DE REDUCAO DE PVC, SOLDAVEL, CURTA, COM 25 X 20 MM, PARA AGUA FRIA PREDIAL                                                                                                                                                                                                                                                                                                                                                                                                                          ","UN    ","CR","0,48"]
[829,"BUCHA DE REDUCAO DE PVC, SOLDAVEL, CURTA, COM 32 X 25 MM, PARA AGUA FRIA PREDIAL                                                                                                                                                                                                                                                                                                                                                                                                                          ","UN    ","CR","1,01"]
[812,"BUCHA DE REDUCAO DE PVC, SOLDAVEL, CURTA, COM 40 X 32 MM, PARA AGUA FRIA PREDIAL                                                                                                                                                                                                                                                                                                                                                                                                                          ","UN    ","CR","2,20"]
[819,"BUCHA DE REDUCAO DE PVC, SOLDAVEL, CURTA, COM 50 X 40 MM, PARA AGUA FRIA PREDIAL                                                                                                                                                                                                                                                                                                                                                                                                                          ","UN    ","CR","3,62"]
[818,"BUCHA DE REDUCAO DE PVC, SOLDAVEL, CURTA, COM 60 X 50 MM, PARA AGUA FRIA PREDIAL                                                                                                                                                                                                                                                                                                                                                                                                                          ","UN    ","CR","6,08"]
[823,"BUCHA DE REDUCAO DE PVC, SOLDAVEL, CURTA, COM 75 X 60 MM, PARA AGUA FRIA PREDIAL                                                                                                                                                                                                                                                                                                                                                                                                                          ","UN    ","CR","18,33"]
[830,"BUCHA DE REDUCAO DE PVC, SOLDAVEL, CURTA, COM 85 X 75 MM, PARA AGUA FRIA PREDIAL                                                                                                                                                                                                                                                                                                                                                                                                                          ","UN    ","CR","15,10"]
[826,"BUCHA DE REDUCAO DE PVC, SOLDAVEL, LONGA, COM 110 X 60 MM, PARA AGUA FRIA PREDIAL                                                                                                                                                                                                                                                                                                                                                                                                                         ","UN    ","CR","46,99"]
[827,"BUCHA DE REDUCAO DE PVC, SOLDAVEL, LONGA, COM 110 X 75 MM, PARA AGUA FRIA PREDIAL                                                                                                                                                                                                                                                                                                                                                                                                                         ","UN    ","CR","39,70"]
[832,"BUCHA DE REDUCAO DE PVC, SOLDAVEL, LONGA, COM 32 X 20 MM, PARA AGUA FRIA PREDIAL                                                                                                                                                                                                                                                                                                                                                                                                                          ","UN    ","CR","2,74"]
[833,"BUCHA DE REDUCAO DE PVC, SOLDAVEL, LONGA, COM 40 X 20 MM, PARA AGUA FRIA PREDIAL                                                                                                                                                                                                                                                                                                                                                                                                                          ","UN    ","CR","3,89"]
[834,"BUCHA DE REDUCAO DE PVC, SOLDAVEL, LONGA, COM 40 X 25 MM, PARA AGUA FRIA PREDIAL                                                                                                                                                                                                                                                                                                                                                                                                                          ","UN    ","CR","4,27"]
[825,"BUCHA DE REDUCAO DE PVC, SOLDAVEL, LONGA, COM 50 X 20 MM, PARA AGUA FRIA PREDIAL                                                                                                                                                                                                                                                                                                                                                                                                                          ","UN    ","CR","4,77"]
[813,"BUCHA DE REDUCAO DE PVC, SOLDAVEL, LONGA, COM 50 X 25 MM, PARA AGUA FRIA PREDIAL                                                                                                                                                                                                                                                                                                                                                                                                                          ","UN    ","CR","4,68"]
[820,"BUCHA DE REDUCAO DE PVC, SOLDAVEL, LONGA, COM 50 X 32 MM, PARA AGUA FRIA PREDIAL                                                                                                                                                                                                                                                                                                                                                                                                                          ","UN    ","CR","5,94"]
[816,"BUCHA DE REDUCAO DE PVC, SOLDAVEL, LONGA, COM 60 X 25 MM, PARA AGUA FRIA PREDIAL                                                                                                                                                                                                                                                                                                                                                                                                                          ","UN    ","CR","10,12"]
[814,"BUCHA DE REDUCAO DE PVC, SOLDAVEL, LONGA, COM 60 X 32 MM, PARA AGUA FRIA PREDIAL                                                                                                                                                                                                                                                                                                                                                                                                                          ","UN    ","CR","12,22"]
[815,"BUCHA DE REDUCAO DE PVC, SOLDAVEL, LONGA, COM 60 X 40 MM, PARA AGUA FRIA PREDIAL                                                                                                                                                                                                                                                                                                                                                                                                                          ","UN    ","CR","13,21"]
[822,"BUCHA DE REDUCAO DE PVC, SOLDAVEL, LONGA, COM 60 X 50 MM, PARA AGUA FRIA PREDIAL                                                                                                                                                                                                                                                                                                                                                                                                                          ","UN    ","CR","16,09"]
[821,"BUCHA DE REDUCAO DE PVC, SOLDAVEL, LONGA, COM 75 X 50 MM, PARA AGUA FRIA PREDIAL                                                                                                                                                                                                                                                                                                                                                                                                                          ","UN    ","CR","18,80"]
[817,"BUCHA DE REDUCAO DE PVC, SOLDAVEL, LONGA, COM 85 X 60 MM, PARA AGUA FRIA PREDIAL                                                                                                                                                                                                                                                                                                                                                                                                                          ","UN    ","CR","22,36"]
[20086,"BUCHA DE REDUCAO DE PVC, SOLDAVEL, LONGA, 50 X 40 MM, PARA ESGOTO PREDIAL                                                                                                                                                                                                                                                                                                                                                                                                                                 ","UN    ","CR","2,42"]
[39191,"BUCHA DE REDUCAO EM ALUMINIO, COM ROSCA, DE 1 1/2\" X 1 1/4\", PARA ELETRODUTO                                                                                                                                                                                                                                                                                                                                                                                                                              ","UN    ","CR","15,30"]
[39190,"BUCHA DE REDUCAO EM ALUMINIO, COM ROSCA, DE 1 1/2\" X 1\", PARA ELETRODUTO                                                                                                                                                                                                                                                                                                                                                                                                                                  ","UN    ","CR","15,98"]
[39189,"BUCHA DE REDUCAO EM ALUMINIO, COM ROSCA, DE 1 1/2\" X 3/4\", PARA ELETRODUTO                                                                                                                                                                                                                                                                                                                                                                                                                                ","UN    ","CR","16,91"]
[39186,"BUCHA DE REDUCAO EM ALUMINIO, COM ROSCA, DE 1 1/4\" X 1/2\", PARA ELETRODUTO                                                                                                                                                                                                                                                                                                                                                                                                                                ","UN    ","CR","15,13"]
[39188,"BUCHA DE REDUCAO EM ALUMINIO, COM ROSCA, DE 1 1/4\" X 1\", PARA ELETRODUTO                                                                                                                                                                                                                                                                                                                                                                                                                                  ","UN    ","CR","12,45"]
[39187,"BUCHA DE REDUCAO EM ALUMINIO, COM ROSCA, DE 1 1/4\" X 3/4\", PARA ELETRODUTO                                                                                                                                                                                                                                                                                                                                                                                                                                ","UN    ","CR","13,05"]
[39184,"BUCHA DE REDUCAO EM ALUMINIO, COM ROSCA, DE 1\" X 1/2\", PARA ELETRODUTO                                                                                                                                                                                                                                                                                                                                                                                                                                    ","UN    ","CR","4,91"]
[39185,"BUCHA DE REDUCAO EM ALUMINIO, COM ROSCA, DE 1\" X 3/4\", PARA ELETRODUTO                                                                                                                                                                                                                                                                                                                                                                                                                                    ","UN    ","CR","4,47"]
[39198,"BUCHA DE REDUCAO EM ALUMINIO, COM ROSCA, DE 2 1/2\" X 1 1/2\", PARA ELETRODUTO                                                                                                                                                                                                                                                                                                                                                                                                                              ","UN    ","CR","50,19"]
[39197,"BUCHA DE REDUCAO EM ALUMINIO, COM ROSCA, DE 2 1/2\" X 1 1/4\", PARA ELETRODUTO                                                                                                                                                                                                                                                                                                                                                                                                                              ","UN    ","CR","52,43"]
[39196,"BUCHA DE REDUCAO EM ALUMINIO, COM ROSCA, DE 2 1/2\" X 1\", PARA ELETRODUTO                                                                                                                                                                                                                                                                                                                                                                                                                                  ","UN    ","CR","54,07"]
[39199,"BUCHA DE REDUCAO EM ALUMINIO, COM ROSCA, DE 2 1/2\" X 2\", PARA ELETRODUTO                                                                                                                                                                                                                                                                                                                                                                                                                                  ","UN    ","CR","48,30"]
[39195,"BUCHA DE REDUCAO EM ALUMINIO, COM ROSCA, DE 2\" X 1 1/2\", PARA ELETRODUTO                                                                                                                                                                                                                                                                                                                                                                                                                                  ","UN    ","CR","27,88"]
[39194,"BUCHA DE REDUCAO EM ALUMINIO, COM ROSCA, DE 2\" X 1 1/4\", PARA ELETRODUTO                                                                                                                                                                                                                                                                                                                                                                                                                                  ","UN    ","CR","29,83"]
[39193,"BUCHA DE REDUCAO EM ALUMINIO, COM ROSCA, DE 2\" X 1\", PARA ELETRODUTO                                                                                                                                                                                                                                                                                                                                                                                                                                      ","UN    ","CR","32,70"]
[39192,"BUCHA DE REDUCAO EM ALUMINIO, COM ROSCA, DE 2\" X 3/4\", PARA ELETRODUTO                                                                                                                                                                                                                                                                                                                                                                                                                                    ","UN    ","CR","34,01"]
[39920,"BUCHA DE REDUCAO EM ALUMINIO, COM ROSCA, DE 3/4\" X 1/2\",  PARA ELETRODUTO                                                                                                                                                                                                                                                                                                                                                                                                                                 ","UN    ","CR","4,12"]
[39201,"BUCHA DE REDUCAO EM ALUMINIO, COM ROSCA, DE 3\" X 1 1/2\", PARA ELETRODUTO                                                                                                                                                                                                                                                                                                                                                                                                                                  ","UN    ","CR","60,00"]
[39200,"BUCHA DE REDUCAO EM ALUMINIO, COM ROSCA, DE 3\" X 1 1/4\", PARA ELETRODUTO                                                                                                                                                                                                                                                                                                                                                                                                                                  ","UN    ","CR","60,49"]
[39203,"BUCHA DE REDUCAO EM ALUMINIO, COM ROSCA, DE 3\" X 2 1/2\", PARA ELETRODUTO                                                                                                                                                                                                                                                                                                                                                                                                                                  ","UN    ","CR","48,84"]
[39202,"BUCHA DE REDUCAO EM ALUMINIO, COM ROSCA, DE 3\" X 2\", PARA ELETRODUTO                                                                                                                                                                                                                                                                                                                                                                                                                                      ","UN    ","CR","57,37"]
[39205,"BUCHA DE REDUCAO EM ALUMINIO, COM ROSCA, DE 4\" X 2 1/2\", PARA ELETRODUTO                                                                                                                                                                                                                                                                                                                                                                                                                                  ","UN    ","CR","95,72"]
[39204,"BUCHA DE REDUCAO EM ALUMINIO, COM ROSCA, DE 4\" X 2\", PARA ELETRODUTO                                                                                                                                                                                                                                                                                                                                                                                                                                      ","UN    ","CR","98,04"]
[39206,"BUCHA DE REDUCAO EM ALUMINIO, COM ROSCA, DE 4\" X 3\", PARA ELETRODUTO                                                                                                                                                                                                                                                                                                                                                                                                                                      ","UN    ","CR","93,01"]
[797,"BUCHA DE REDUCAO PVC ROSCAVEL 1 1/2\" X 1\"                                                                                                                                                                                                                                                                                                                                                                                                                                                                 ","UN    ","CR","8,74"]
[798,"BUCHA DE REDUCAO PVC ROSCAVEL 3/4\" X 1/2\"                                                                                                                                                                                                                                                                                                                                                                                                                                                                 ","UN    ","CR","1,20"]
[796,"BUCHA DE REDUCAO PVC ROSCAVEL, 1 1/2\" X 3/4\"                                                                                                                                                                                                                                                                                                                                                                                                                                                              ","UN    ","CR","8,38"]
[799,"BUCHA DE REDUCAO PVC ROSCAVEL, 1\" X 1/2\"                                                                                                                                                                                                                                                                                                                                                                                                                                                                  ","UN    ","CR","3,94"]
[792,"BUCHA DE REDUCAO PVC ROSCAVEL, 1\" X 3/4\"                                                                                                                                                                                                                                                                                                                                                                                                                                                                  ","UN    ","CR","4,00"]
[804,"BUCHA DE REDUCAO PVC, ROSCAVEL,  2\"  X 1 1/2 \"                                                                                                                                                                                                                                                                                                                                                                                                                                                            ","UN    ","CR","19,86"]
[793,"BUCHA DE REDUCAO PVC, ROSCAVEL, 1 1/2\"  X1 1/4 \"                                                                                                                                                                                                                                                                                                                                                                                                                                                          ","UN    ","CR","8,52"]
[801,"BUCHA DE REDUCAO PVC, ROSCAVEL, 1 1/4\"  X 3/4 \"                                                                                                                                                                                                                                                                                                                                                                                                                                                           ","UN    ","CR","6,08"]
[794,"BUCHA DE REDUCAO PVC, ROSCAVEL, 1 1/4\" X 1 \"                                                                                                                                                                                                                                                                                                                                                                                                                                                              ","UN    ","CR","6,28"]
[802,"BUCHA DE REDUCAO PVC, ROSCAVEL, 2\"  X 1 \"                                                                                                                                                                                                                                                                                                                                                                                                                                                                 ","UN    ","CR","17,51"]
[803,"BUCHA DE REDUCAO PVC, ROSCAVEL, 2\"  X 1 1/4 \"                                                                                                                                                                                                                                                                                                                                                                                                                                                             ","UN    ","CR","15,27"]
[38001,"BUCHA DE REDUCAO, CPVC, SOLDAVEL, 22 X 15 MM, PARA AGUA QUENTE                                                                                                                                                                                                                                                                                                                                                                                                                                            ","UN    ","AS","0,91"]
[38002,"BUCHA DE REDUCAO, CPVC, SOLDAVEL, 28 X 22 MM, PARA AGUA QUENTE                                                                                                                                                                                                                                                                                                                                                                                                                                            ","UN    ","AS","1,69"]
[38003,"BUCHA DE REDUCAO, CPVC, SOLDAVEL, 35 X 28 MM, PARA AGUA QUENTE                                                                                                                                                                                                                                                                                                                                                                                                                                            ","UN    ","AS","20,35"]
[38004,"BUCHA DE REDUCAO, CPVC, SOLDAVEL, 42 X 22 MM, PARA AGUA QUENTE                                                                                                                                                                                                                                                                                                                                                                                                                                            ","UN    ","AS","27,21"]
[36327,"BUCHA DE REDUCAO, PPR, DN 25 X 20 MM, PARA AGUA QUENTE PREDIAL                                                                                                                                                                                                                                                                                                                                                                                                                                            ","UN    ","CR","2,40"]
[38992,"BUCHA DE REDUCAO, PPR, DN 32 X 25 MM, PARA AGUA QUENTE E FRIA PREDIAL                                                                                                                                                                                                                                                                                                                                                                                                                                     ","UN    ","CR","3,83"]
[38993,"BUCHA DE REDUCAO, PPR, DN 40 X 25 MM, PARA AGUA QUENTE E FRIA PREDIAL                                                                                                                                                                                                                                                                                                                                                                                                                                     ","UN    ","CR","10,93"]
[38418,"BUCHA DE REDUCAO, PVC, LONGA, SERIE R, DN 50 X 40 MM, PARA ESGOTO OU AGUAS PLUVIAIS PREDIAIS                                                                                                                                                                                                                                                                                                                                                                                                              ","UN    ","CR","7,02"]
[39178,"BUCHA EM ALUMINIO, COM ROSCA, DE  1 1/2\", PARA ELETRODUTO                                                                                                                                                                                                                                                                                                                                                                                                                                                 ","UN    ","CR","1,65"]
[39177,"BUCHA EM ALUMINIO, COM ROSCA, DE 1 1/4\", PARA ELETRODUTO                                                                                                                                                                                                                                                                                                                                                                                                                                                  ","UN    ","CR","1,49"]
[39174,"BUCHA EM ALUMINIO, COM ROSCA, DE 1/2\", PARA ELETRODUTO                                                                                                                                                                                                                                                                                                                                                                                                                                                    ","UN    ","CR","0,74"]
[39176,"BUCHA EM ALUMINIO, COM ROSCA, DE 1\", PARA ELETRODUTO                                                                                                                                                                                                                                                                                                                                                                                                                                                      ","UN    ","CR","0,98"]
[39180,"BUCHA EM ALUMINIO, COM ROSCA, DE 2 1/2\", PARA ELETRODUTO                                                                                                                                                                                                                                                                                                                                                                                                                                                  ","UN    ","CR","4,49"]
[39179,"BUCHA EM ALUMINIO, COM ROSCA, DE 2\", PARA ELETRODUTO                                                                                                                                                                                                                                                                                                                                                                                                                                                      ","UN    ","CR","3,97"]
[39175,"BUCHA EM ALUMINIO, COM ROSCA, DE 3/4\", PARA ELETRODUTO                                                                                                                                                                                                                                                                                                                                                                                                                                                    ","UN    ","CR","0,91"]
[39217,"BUCHA EM ALUMINIO, COM ROSCA, DE 3/8\", PARA ELETRODUTO                                                                                                                                                                                                                                                                                                                                                                                                                                                    ","UN    ","CR","0,70"]
[39181,"BUCHA EM ALUMINIO, COM ROSCA, DE 3\", PARA ELETRODUTO                                                                                                                                                                                                                                                                                                                                                                                                                                                      ","UN    ","CR","6,02"]
[39182,"BUCHA EM ALUMINIO, COM ROSCA, DE 4\", PARA ELETRODUTO                                                                                                                                                                                                                                                                                                                                                                                                                                                      ","UN    ","CR","8,47"]
[12616,"CABECEIRA DIREITA OU ESQUERDA, PVC, PARA CALHA PLUVIAL, DIAMETRO ENTRE 119 E 170 MM, PARA DRENAGEM PREDIAL                                                                                                                                                                                                                                                                                                                                                                                                ","UN    ","AS","5,87"]
[1049,"CABECOTE PARA ENTRADA DE LINHA DE ALIMENTACAO PARA ELETRODUTO, EM LIGA DE ALUMINIO COM ACABAMENTO ANTI CORROSIVO, COM FIXACAO POR ENCAIXE LISO DE 360 GRAUS, DE 1 1/2\"                                                                                                                                                                                                                                                                                                                                    ","UN    ","CR","7,09"]
[1099,"CABECOTE PARA ENTRADA DE LINHA DE ALIMENTACAO PARA ELETRODUTO, EM LIGA DE ALUMINIO COM ACABAMENTO ANTI CORROSIVO, COM FIXACAO POR ENCAIXE LISO DE 360 GRAUS, DE 1 1/4\"                                                                                                                                                                                                                                                                                                                                    ","UN    ","CR","5,42"]
[39678,"CABECOTE PARA ENTRADA DE LINHA DE ALIMENTACAO PARA ELETRODUTO, EM LIGA DE ALUMINIO COM ACABAMENTO ANTI CORROSIVO, COM FIXACAO POR ENCAIXE LISO DE 360 GRAUS, DE 1/2\"                                                                                                                                                                                                                                                                                                                                      ","UN    ","CR","2,18"]
[1050,"CABECOTE PARA ENTRADA DE LINHA DE ALIMENTACAO PARA ELETRODUTO, EM LIGA DE ALUMINIO COM ACABAMENTO ANTI CORROSIVO, COM FIXACAO POR ENCAIXE LISO DE 360 GRAUS, DE 1\"                                                                                                                                                                                                                                                                                                                                        ","UN    ","CR","3,71"]
[1101,"CABECOTE PARA ENTRADA DE LINHA DE ALIMENTACAO PARA ELETRODUTO, EM LIGA DE ALUMINIO COM ACABAMENTO ANTI CORROSIVO, COM FIXACAO POR ENCAIXE LISO DE 360 GRAUS, DE 2 1/2\"                                                                                                                                                                                                                                                                                                                                    ","UN    ","CR","23,39"]
[1100,"CABECOTE PARA ENTRADA DE LINHA DE ALIMENTACAO PARA ELETRODUTO, EM LIGA DE ALUMINIO COM ACABAMENTO ANTI CORROSIVO, COM FIXACAO POR ENCAIXE LISO DE 360 GRAUS, DE 2\"                                                                                                                                                                                                                                                                                                                                        ","UN    ","CR","12,07"]
[39679,"CABECOTE PARA ENTRADA DE LINHA DE ALIMENTACAO PARA ELETRODUTO, EM LIGA DE ALUMINIO COM ACABAMENTO ANTI CORROSIVO, COM FIXACAO POR ENCAIXE LISO DE 360 GRAUS, DE 3 1/2\"                                                                                                                                                                                                                                                                                                                                    ","UN    ","CR","46,62"]
[1098,"CABECOTE PARA ENTRADA DE LINHA DE ALIMENTACAO PARA ELETRODUTO, EM LIGA DE ALUMINIO COM ACABAMENTO ANTI CORROSIVO, COM FIXACAO POR ENCAIXE LISO DE 360 GRAUS, DE 3/4\"                                                                                                                                                                                                                                                                                                                                      ","UN    ","CR","2,89"]
[1102,"CABECOTE PARA ENTRADA DE LINHA DE ALIMENTACAO PARA ELETRODUTO, EM LIGA DE ALUMINIO COM ACABAMENTO ANTI CORROSIVO, COM FIXACAO POR ENCAIXE LISO DE 360 GRAUS, DE 3\"                                                                                                                                                                                                                                                                                                                                        ","UN    ","CR","34,88"]
[1051,"CABECOTE PARA ENTRADA DE LINHA DE ALIMENTACAO PARA ELETRODUTO, EM LIGA DE ALUMINIO COM ACABAMENTO ANTI CORROSIVO, COM FIXACAO POR ENCAIXE LISO DE 360 GRAUS, DE 4\"                                                                                                                                                                                                                                                                                                                                        ","UN    ","CR","50,70"]
[37399,"CABIDE/GANCHO DE BANHEIRO SIMPLES EM METAL CROMADO                                                                                                                                                                                                                                                                                                                                                                                                                                                        ","UN    ","CR","18,95"]
[41955,"CABO DE ACO GALVANIZADO, DIAMETRO 12,7 MM (1/2\"), COM ALMA DE ACO CABO INDEPENDENTE 6 X 25 F                                                                                                                                                                                                                                                                                                                                                                                                              ","KG    ","CR","83,67"]
[41953,"CABO DE ACO GALVANIZADO, DIAMETRO 12,7 MM (1/2\"), COM ALMA DE FIBRA 6 X 25 F                                                                                                                                                                                                                                                                                                                                                                                                                              ","KG    ","CR","79,85"]
[41954,"CABO DE ACO GALVANIZADO, DIAMETRO 9,53 MM (3/8\"), COM ALMA DE FIBRA 6 X 25 F                                                                                                                                                                                                                                                                                                                                                                                                                              ","KG    ","CR","79,09"]
[25004,"CABO DE ALUMINIO NU COM ALMA DE ACO, BITOLA 1/0 AWG                                                                                                                                                                                                                                                                                                                                                                                                                                                       ","KG    ","CR","39,75"]
[25002,"CABO DE ALUMINIO NU COM ALMA DE ACO, BITOLA 2 AWG                                                                                                                                                                                                                                                                                                                                                                                                                                                         ","KG    ","CR","40,08"]
[37409,"CABO DE ALUMINIO NU COM ALMA DE ACO, BITOLA 2/0 AWG                                                                                                                                                                                                                                                                                                                                                                                                                                                       ","KG    ","CR","39,42"]
[841,"CABO DE ALUMINIO NU COM ALMA DE ACO, BITOLA 4 AWG                                                                                                                                                                                                                                                                                                                                                                                                                                                         ","KG    ","C ","40,72"]
[25005,"CABO DE ALUMINIO NU SEM ALMA DE ACO, BITOLA 1/0 AWG                                                                                                                                                                                                                                                                                                                                                                                                                                                       ","KG    ","CR","44,65"]
[25003,"CABO DE ALUMINIO NU SEM ALMA DE ACO, BITOLA 2 AWG                                                                                                                                                                                                                                                                                                                                                                                                                                                         ","KG    ","CR","47,69"]
[37410,"CABO DE ALUMINIO NU SEM ALMA DE ACO, BITOLA 2/0 AWG                                                                                                                                                                                                                                                                                                                                                                                                                                                       ","KG    ","CR","44,65"]
[842,"CABO DE ALUMINIO NU SEM ALMA DE ACO, BITOLA 4 AWG                                                                                                                                                                                                                                                                                                                                                                                                                                                         ","KG    ","CR","50,23"]
[862,"CABO DE COBRE NU 10 MM2 MEIO-DURO                                                                                                                                                                                                                                                                                                                                                                                                                                                                         ","M     ","CR","12,76"]
[866,"CABO DE COBRE NU 120 MM2 MEIO-DURO                                                                                                                                                                                                                                                                                                                                                                                                                                                                        ","M     ","CR","156,89"]
[892,"CABO DE COBRE NU 150 MM2 MEIO-DURO                                                                                                                                                                                                                                                                                                                                                                                                                                                                        ","M     ","CR","199,51"]
[857,"CABO DE COBRE NU 16 MM2 MEIO-DURO                                                                                                                                                                                                                                                                                                                                                                                                                                                                         ","M     ","C ","20,31"]
[37404,"CABO DE COBRE NU 185 MM2 MEIO-DURO                                                                                                                                                                                                                                                                                                                                                                                                                                                                        ","M     ","CR","239,91"]
[868,"CABO DE COBRE NU 25 MM2 MEIO-DURO                                                                                                                                                                                                                                                                                                                                                                                                                                                                         ","M     ","CR","31,36"]
[870,"CABO DE COBRE NU 300 MM2 MEIO-DURO                                                                                                                                                                                                                                                                                                                                                                                                                                                                        ","M     ","CR","413,40"]
[863,"CABO DE COBRE NU 35 MM2 MEIO-DURO                                                                                                                                                                                                                                                                                                                                                                                                                                                                         ","M     ","CR","43,34"]
[867,"CABO DE COBRE NU 50 MM2 MEIO-DURO                                                                                                                                                                                                                                                                                                                                                                                                                                                                         ","M     ","CR","60,36"]
[891,"CABO DE COBRE NU 500 MM2 MEIO-DURO                                                                                                                                                                                                                                                                                                                                                                                                                                                                        ","M     ","CR","694,26"]
[864,"CABO DE COBRE NU 70 MM2 MEIO-DURO                                                                                                                                                                                                                                                                                                                                                                                                                                                                         ","M     ","CR","85,03"]
[865,"CABO DE COBRE NU 95 MM2 MEIO-DURO                                                                                                                                                                                                                                                                                                                                                                                                                                                                         ","M     ","CR","119,76"]
[1006,"CABO DE COBRE RIGIDO, CLASSE 2, ISOLACAO EM PVC, ANTI-CHAMA BWF-B, 1 CONDUTOR, 450/750 V, DIAMETRO 120 MM2                                                                                                                                                                                                                                                                                                                                                                                                ","M     ","CR","118,46"]
[948,"CABO DE COBRE UNIPOLAR 10 MM2, BLINDADO, ISOLACAO 3,6/6 KV EPR, COBERTURA EM PVC                                                                                                                                                                                                                                                                                                                                                                                                                          ","M     ","CR","61,69"]
[947,"CABO DE COBRE UNIPOLAR 16 MM2, BLINDADO, ISOLACAO 3,6/6 KV EPR, COBERTURA EM PVC                                                                                                                                                                                                                                                                                                                                                                                                                          ","M     ","CR","62,75"]
[911,"CABO DE COBRE UNIPOLAR 16 MM2, BLINDADO, ISOLACAO 6/10 KV EPR, COBERTURA EM PVC                                                                                                                                                                                                                                                                                                                                                                                                                           ","M     ","CR","91,25"]
[925,"CABO DE COBRE UNIPOLAR 25 MM2, BLINDADO, ISOLACAO 3,6/6 KV EPR, COBERTURA EM PVC                                                                                                                                                                                                                                                                                                                                                                                                                          ","M     ","CR","84,34"]
[954,"CABO DE COBRE UNIPOLAR 25MM2, BLINDADO, ISOLACAO 6/10 KV EPR, COBERTURA EM PVC                                                                                                                                                                                                                                                                                                                                                                                                                            ","M     ","CR","93,17"]
[901,"CABO DE COBRE UNIPOLAR 35 MM2, BLINDADO, ISOLACAO 12/20 KV EPR, COBERTURA EM PVC                                                                                                                                                                                                                                                                                                                                                                                                                          ","M     ","CR","99,71"]
[926,"CABO DE COBRE UNIPOLAR 35 MM2, BLINDADO, ISOLACAO 3,6/6 KV EPR, COBERTURA EM PVC                                                                                                                                                                                                                                                                                                                                                                                                                          ","M     ","CR","105,38"]
[912,"CABO DE COBRE UNIPOLAR 35 MM2, BLINDADO, ISOLACAO 6/10 KV EPR, COBERTURA EM PVC                                                                                                                                                                                                                                                                                                                                                                                                                           ","M     ","CR","106,03"]
[955,"CABO DE COBRE UNIPOLAR 50 MM2, BLINDADO, ISOLACAO 12/20 KV EPR, COBERTURA EM PVC                                                                                                                                                                                                                                                                                                                                                                                                                          ","M     ","CR","126,56"]
[946,"CABO DE COBRE UNIPOLAR 50 MM2, BLINDADO, ISOLACAO 3,6/6 KV EPR, COBERTURA EM PVC                                                                                                                                                                                                                                                                                                                                                                                                                          ","M     ","CR","142,28"]
[953,"CABO DE COBRE UNIPOLAR 50 MM2, BLINDADO, ISOLACAO 6/10 KV EPR, COBERTURA EM PVC                                                                                                                                                                                                                                                                                                                                                                                                                           ","M     ","CR","129,48"]
[902,"CABO DE COBRE UNIPOLAR 70 MM2, BLINDADO, ISOLACAO 12/20 KV EPR, COBERTURA EM PVC                                                                                                                                                                                                                                                                                                                                                                                                                          ","M     ","CR","157,40"]
[927,"CABO DE COBRE UNIPOLAR 70 MM2, BLINDADO, ISOLACAO 3,6/6 KV EPR, COBERTURA EM PVC                                                                                                                                                                                                                                                                                                                                                                                                                          ","M     ","CR","152,57"]
[913,"CABO DE COBRE UNIPOLAR 70 MM2, BLINDADO, ISOLACAO 6/10 KV EPR, COBERTURA EM PVC                                                                                                                                                                                                                                                                                                                                                                                                                           ","M     ","CR","170,29"]
[903,"CABO DE COBRE UNIPOLAR 95 MM2, BLINDADO, ISOLACAO 12/20 KV EPR, COBERTURA EM PVC                                                                                                                                                                                                                                                                                                                                                                                                                          ","M     ","CR","192,71"]
[945,"CABO DE COBRE UNIPOLAR 95 MM2, BLINDADO, ISOLACAO 3,6/6 KV EPR, COBERTURA EM PVC                                                                                                                                                                                                                                                                                                                                                                                                                          ","M     ","CR","203,86"]
[914,"CABO DE COBRE UNIPOLAR 95 MM2, BLINDADO, ISOLACAO 6/10 KV EPR, COBERTURA EM PVC                                                                                                                                                                                                                                                                                                                                                                                                                           ","M     ","CR","208,84"]
[993,"CABO DE COBRE, FLEXIVEL, CLASSE 4 OU 5, ISOLACAO EM PVC/A, ANTICHAMA BWF-B, COBERTURA PVC-ST1, ANTICHAMA BWF-B, 1 CONDUTOR, 0,6/1 KV, SECAO NOMINAL 1,5 MM2                                                                                                                                                                                                                                                                                                                                               ","M     ","CR","2,55"]
[1020,"CABO DE COBRE, FLEXIVEL, CLASSE 4 OU 5, ISOLACAO EM PVC/A, ANTICHAMA BWF-B, COBERTURA PVC-ST1, ANTICHAMA BWF-B, 1 CONDUTOR, 0,6/1 KV, SECAO NOMINAL 10 MM2                                                                                                                                                                                                                                                                                                                                                ","M     ","CR","11,10"]
[1017,"CABO DE COBRE, FLEXIVEL, CLASSE 4 OU 5, ISOLACAO EM PVC/A, ANTICHAMA BWF-B, COBERTURA PVC-ST1, ANTICHAMA BWF-B, 1 CONDUTOR, 0,6/1 KV, SECAO NOMINAL 120 MM2                                                                                                                                                                                                                                                                                                                                               ","M     ","CR","122,03"]
[999,"CABO DE COBRE, FLEXIVEL, CLASSE 4 OU 5, ISOLACAO EM PVC/A, ANTICHAMA BWF-B, COBERTURA PVC-ST1, ANTICHAMA BWF-B, 1 CONDUTOR, 0,6/1 KV, SECAO NOMINAL 150 MM2                                                                                                                                                                                                                                                                                                                                               ","M     ","CR","151,21"]
[995,"CABO DE COBRE, FLEXIVEL, CLASSE 4 OU 5, ISOLACAO EM PVC/A, ANTICHAMA BWF-B, COBERTURA PVC-ST1, ANTICHAMA BWF-B, 1 CONDUTOR, 0,6/1 KV, SECAO NOMINAL 16 MM2                                                                                                                                                                                                                                                                                                                                                ","M     ","CR","17,03"]
[1000,"CABO DE COBRE, FLEXIVEL, CLASSE 4 OU 5, ISOLACAO EM PVC/A, ANTICHAMA BWF-B, COBERTURA PVC-ST1, ANTICHAMA BWF-B, 1 CONDUTOR, 0,6/1 KV, SECAO NOMINAL 185 MM2                                                                                                                                                                                                                                                                                                                                               ","M     ","CR","185,35"]
[1022,"CABO DE COBRE, FLEXIVEL, CLASSE 4 OU 5, ISOLACAO EM PVC/A, ANTICHAMA BWF-B, COBERTURA PVC-ST1, ANTICHAMA BWF-B, 1 CONDUTOR, 0,6/1 KV, SECAO NOMINAL 2,5 MM2                                                                                                                                                                                                                                                                                                                                               ","M     ","CR","3,54"]
[1015,"CABO DE COBRE, FLEXIVEL, CLASSE 4 OU 5, ISOLACAO EM PVC/A, ANTICHAMA BWF-B, COBERTURA PVC-ST1, ANTICHAMA BWF-B, 1 CONDUTOR, 0,6/1 KV, SECAO NOMINAL 240 MM2                                                                                                                                                                                                                                                                                                                                               ","M     ","CR","244,07"]
[996,"CABO DE COBRE, FLEXIVEL, CLASSE 4 OU 5, ISOLACAO EM PVC/A, ANTICHAMA BWF-B, COBERTURA PVC-ST1, ANTICHAMA BWF-B, 1 CONDUTOR, 0,6/1 KV, SECAO NOMINAL 25 MM2                                                                                                                                                                                                                                                                                                                                                ","M     ","CR","25,93"]
[1001,"CABO DE COBRE, FLEXIVEL, CLASSE 4 OU 5, ISOLACAO EM PVC/A, ANTICHAMA BWF-B, COBERTURA PVC-ST1, ANTICHAMA BWF-B, 1 CONDUTOR, 0,6/1 KV, SECAO NOMINAL 300 MM2                                                                                                                                                                                                                                                                                                                                               ","M     ","CR","305,44"]
[1019,"CABO DE COBRE, FLEXIVEL, CLASSE 4 OU 5, ISOLACAO EM PVC/A, ANTICHAMA BWF-B, COBERTURA PVC-ST1, ANTICHAMA BWF-B, 1 CONDUTOR, 0,6/1 KV, SECAO NOMINAL 35 MM2                                                                                                                                                                                                                                                                                                                                                ","M     ","CR","35,74"]
[1021,"CABO DE COBRE, FLEXIVEL, CLASSE 4 OU 5, ISOLACAO EM PVC/A, ANTICHAMA BWF-B, COBERTURA PVC-ST1, ANTICHAMA BWF-B, 1 CONDUTOR, 0,6/1 KV, SECAO NOMINAL 4 MM2                                                                                                                                                                                                                                                                                                                                                 ","M     ","CR","5,07"]
[39249,"CABO DE COBRE, FLEXIVEL, CLASSE 4 OU 5, ISOLACAO EM PVC/A, ANTICHAMA BWF-B, COBERTURA PVC-ST1, ANTICHAMA BWF-B, 1 CONDUTOR, 0,6/1 KV, SECAO NOMINAL 400 MM2                                                                                                                                                                                                                                                                                                                                               ","M     ","CR","398,45"]
[1018,"CABO DE COBRE, FLEXIVEL, CLASSE 4 OU 5, ISOLACAO EM PVC/A, ANTICHAMA BWF-B, COBERTURA PVC-ST1, ANTICHAMA BWF-B, 1 CONDUTOR, 0,6/1 KV, SECAO NOMINAL 50 MM2                                                                                                                                                                                                                                                                                                                                                ","M     ","CR","50,94"]
[39250,"CABO DE COBRE, FLEXIVEL, CLASSE 4 OU 5, ISOLACAO EM PVC/A, ANTICHAMA BWF-B, COBERTURA PVC-ST1, ANTICHAMA BWF-B, 1 CONDUTOR, 0,6/1 KV, SECAO NOMINAL 500 MM2                                                                                                                                                                                                                                                                                                                                               ","M     ","CR","511,85"]
[994,"CABO DE COBRE, FLEXIVEL, CLASSE 4 OU 5, ISOLACAO EM PVC/A, ANTICHAMA BWF-B, COBERTURA PVC-ST1, ANTICHAMA BWF-B, 1 CONDUTOR, 0,6/1 KV, SECAO NOMINAL 6 MM2                                                                                                                                                                                                                                                                                                                                                 ","M     ","CR","6,93"]
[977,"CABO DE COBRE, FLEXIVEL, CLASSE 4 OU 5, ISOLACAO EM PVC/A, ANTICHAMA BWF-B, COBERTURA PVC-ST1, ANTICHAMA BWF-B, 1 CONDUTOR, 0,6/1 KV, SECAO NOMINAL 70 MM2                                                                                                                                                                                                                                                                                                                                                ","M     ","CR","70,57"]
[998,"CABO DE COBRE, FLEXIVEL, CLASSE 4 OU 5, ISOLACAO EM PVC/A, ANTICHAMA BWF-B, COBERTURA PVC-ST1, ANTICHAMA BWF-B, 1 CONDUTOR, 0,6/1 KV, SECAO NOMINAL 95 MM2                                                                                                                                                                                                                                                                                                                                                ","M     ","CR","93,75"]
[39251,"CABO DE COBRE, FLEXIVEL, CLASSE 4 OU 5, ISOLACAO EM PVC/A, ANTICHAMA BWF-B, 1 CONDUTOR, 450/750 V, SECAO NOMINAL 0,5 MM2                                                                                                                                                                                                                                                                                                                                                                                  ","M     ","CR","0,68"]
[1011,"CABO DE COBRE, FLEXIVEL, CLASSE 4 OU 5, ISOLACAO EM PVC/A, ANTICHAMA BWF-B, 1 CONDUTOR, 450/750 V, SECAO NOMINAL 0,75 MM2                                                                                                                                                                                                                                                                                                                                                                                 ","M     ","CR","0,94"]
[39252,"CABO DE COBRE, FLEXIVEL, CLASSE 4 OU 5, ISOLACAO EM PVC/A, ANTICHAMA BWF-B, 1 CONDUTOR, 450/750 V, SECAO NOMINAL 1,0 MM2                                                                                                                                                                                                                                                                                                                                                                                  ","M     ","CR","1,13"]
[1013,"CABO DE COBRE, FLEXIVEL, CLASSE 4 OU 5, ISOLACAO EM PVC/A, ANTICHAMA BWF-B, 1 CONDUTOR, 450/750 V, SECAO NOMINAL 1,5 MM2                                                                                                                                                                                                                                                                                                                                                                                  ","M     ","CR","1,49"]
[980,"CABO DE COBRE, FLEXIVEL, CLASSE 4 OU 5, ISOLACAO EM PVC/A, ANTICHAMA BWF-B, 1 CONDUTOR, 450/750 V, SECAO NOMINAL 10 MM2                                                                                                                                                                                                                                                                                                                                                                                   ","M     ","CR","10,18"]
[39237,"CABO DE COBRE, FLEXIVEL, CLASSE 4 OU 5, ISOLACAO EM PVC/A, ANTICHAMA BWF-B, 1 CONDUTOR, 450/750 V, SECAO NOMINAL 120 MM2                                                                                                                                                                                                                                                                                                                                                                                  ","M     ","CR","120,76"]
[39238,"CABO DE COBRE, FLEXIVEL, CLASSE 4 OU 5, ISOLACAO EM PVC/A, ANTICHAMA BWF-B, 1 CONDUTOR, 450/750 V, SECAO NOMINAL 150 MM2                                                                                                                                                                                                                                                                                                                                                                                  ","M     ","CR","150,76"]
[979,"CABO DE COBRE, FLEXIVEL, CLASSE 4 OU 5, ISOLACAO EM PVC/A, ANTICHAMA BWF-B, 1 CONDUTOR, 450/750 V, SECAO NOMINAL 16 MM2                                                                                                                                                                                                                                                                                                                                                                                   ","M     ","CR","15,69"]
[39239,"CABO DE COBRE, FLEXIVEL, CLASSE 4 OU 5, ISOLACAO EM PVC/A, ANTICHAMA BWF-B, 1 CONDUTOR, 450/750 V, SECAO NOMINAL 185 MM2                                                                                                                                                                                                                                                                                                                                                                                  ","M     ","CR","183,48"]
[1014,"CABO DE COBRE, FLEXIVEL, CLASSE 4 OU 5, ISOLACAO EM PVC/A, ANTICHAMA BWF-B, 1 CONDUTOR, 450/750 V, SECAO NOMINAL 2,5 MM2                                                                                                                                                                                                                                                                                                                                                                                  ","M     ","CR","2,38"]
[39240,"CABO DE COBRE, FLEXIVEL, CLASSE 4 OU 5, ISOLACAO EM PVC/A, ANTICHAMA BWF-B, 1 CONDUTOR, 450/750 V, SECAO NOMINAL 240 MM2                                                                                                                                                                                                                                                                                                                                                                                  ","M     ","CR","242,50"]
[39232,"CABO DE COBRE, FLEXIVEL, CLASSE 4 OU 5, ISOLACAO EM PVC/A, ANTICHAMA BWF-B, 1 CONDUTOR, 450/750 V, SECAO NOMINAL 25 MM2                                                                                                                                                                                                                                                                                                                                                                                   ","M     ","CR","25,18"]
[39233,"CABO DE COBRE, FLEXIVEL, CLASSE 4 OU 5, ISOLACAO EM PVC/A, ANTICHAMA BWF-B, 1 CONDUTOR, 450/750 V, SECAO NOMINAL 35 MM2                                                                                                                                                                                                                                                                                                                                                                                   ","M     ","CR","34,62"]
[981,"CABO DE COBRE, FLEXIVEL, CLASSE 4 OU 5, ISOLACAO EM PVC/A, ANTICHAMA BWF-B, 1 CONDUTOR, 450/750 V, SECAO NOMINAL 4 MM2                                                                                                                                                                                                                                                                                                                                                                                    ","M     ","C ","4,26"]
[39234,"CABO DE COBRE, FLEXIVEL, CLASSE 4 OU 5, ISOLACAO EM PVC/A, ANTICHAMA BWF-B, 1 CONDUTOR, 450/750 V, SECAO NOMINAL 50 MM2                                                                                                                                                                                                                                                                                                                                                                                   ","M     ","CR","50,81"]
[982,"CABO DE COBRE, FLEXIVEL, CLASSE 4 OU 5, ISOLACAO EM PVC/A, ANTICHAMA BWF-B, 1 CONDUTOR, 450/750 V, SECAO NOMINAL 6 MM2                                                                                                                                                                                                                                                                                                                                                                                    ","M     ","CR","5,96"]
[39235,"CABO DE COBRE, FLEXIVEL, CLASSE 4 OU 5, ISOLACAO EM PVC/A, ANTICHAMA BWF-B, 1 CONDUTOR, 450/750 V, SECAO NOMINAL 70 MM2                                                                                                                                                                                                                                                                                                                                                                                   ","M     ","CR","71,46"]
[39236,"CABO DE COBRE, FLEXIVEL, CLASSE 4 OU 5, ISOLACAO EM PVC/A, ANTICHAMA BWF-B, 1 CONDUTOR, 450/750 V, SECAO NOMINAL 95 MM2                                                                                                                                                                                                                                                                                                                                                                                   ","M     ","CR","93,68"]
[876,"CABO DE COBRE, RIGIDO, CLASSE 2, COMPACTADO, BLINDADO, ISOLACAO EM EPR OU XLPE, COBERTURA ANTICHAMA EM PVC, PEAD OU HFFR, 1 CONDUTOR, 20/35 KV, SECAO NOMINAL 120 MM2                                                                                                                                                                                                                                                                                                                                     ","M     ","CR","241,82"]
[877,"CABO DE COBRE, RIGIDO, CLASSE 2, COMPACTADO, BLINDADO, ISOLACAO EM EPR OU XLPE, COBERTURA ANTICHAMA EM PVC, PEAD OU HFFR, 1 CONDUTOR, 20/35 KV, SECAO NOMINAL 150 MM2                                                                                                                                                                                                                                                                                                                                     ","M     ","CR","284,29"]
[882,"CABO DE COBRE, RIGIDO, CLASSE 2, COMPACTADO, BLINDADO, ISOLACAO EM EPR OU XLPE, COBERTURA ANTICHAMA EM PVC, PEAD OU HFFR, 1 CONDUTOR, 20/35 KV, SECAO NOMINAL 185 MM2                                                                                                                                                                                                                                                                                                                                     ","M     ","CR","309,78"]
[878,"CABO DE COBRE, RIGIDO, CLASSE 2, COMPACTADO, BLINDADO, ISOLACAO EM EPR OU XLPE, COBERTURA ANTICHAMA EM PVC, PEAD OU HFFR, 1 CONDUTOR, 20/35 KV, SECAO NOMINAL 240 MM2                                                                                                                                                                                                                                                                                                                                     ","M     ","CR","385,13"]
[879,"CABO DE COBRE, RIGIDO, CLASSE 2, COMPACTADO, BLINDADO, ISOLACAO EM EPR OU XLPE, COBERTURA ANTICHAMA EM PVC, PEAD OU HFFR, 1 CONDUTOR, 20/35 KV, SECAO NOMINAL 300 MM2                                                                                                                                                                                                                                                                                                                                     ","M     ","CR","453,93"]
[880,"CABO DE COBRE, RIGIDO, CLASSE 2, COMPACTADO, BLINDADO, ISOLACAO EM EPR OU XLPE, COBERTURA ANTICHAMA EM PVC, PEAD OU HFFR, 1 CONDUTOR, 20/35 KV, SECAO NOMINAL 400 MM2                                                                                                                                                                                                                                                                                                                                     ","M     ","CR","534,11"]
[873,"CABO DE COBRE, RIGIDO, CLASSE 2, COMPACTADO, BLINDADO, ISOLACAO EM EPR OU XLPE, COBERTURA ANTICHAMA EM PVC, PEAD OU HFFR, 1 CONDUTOR, 20/35 KV, SECAO NOMINAL 50 MM2                                                                                                                                                                                                                                                                                                                                      ","M     ","CR","162,40"]
[881,"CABO DE COBRE, RIGIDO, CLASSE 2, COMPACTADO, BLINDADO, ISOLACAO EM EPR OU XLPE, COBERTURA ANTICHAMA EM PVC, PEAD OU HFFR, 1 CONDUTOR, 20/35 KV, SECAO NOMINAL 500 MM2                                                                                                                                                                                                                                                                                                                                     ","M     ","CR","730,03"]
[874,"CABO DE COBRE, RIGIDO, CLASSE 2, COMPACTADO, BLINDADO, ISOLACAO EM EPR OU XLPE, COBERTURA ANTICHAMA EM PVC, PEAD OU HFFR, 1 CONDUTOR, 20/35 KV, SECAO NOMINAL 70 MM2                                                                                                                                                                                                                                                                                                                                      ","M     ","CR","192,73"]
[875,"CABO DE COBRE, RIGIDO, CLASSE 2, COMPACTADO, BLINDADO, ISOLACAO EM EPR OU XLPE, COBERTURA ANTICHAMA EM PVC, PEAD OU HFFR, 1 CONDUTOR, 20/35 KV, SECAO NOMINAL 95 MM2                                                                                                                                                                                                                                                                                                                                      ","M     ","CR","229,95"]
[983,"CABO DE COBRE, RIGIDO, CLASSE 2, ISOLACAO EM PVC/A, ANTICHAMA BWF-B, 1 CONDUTOR, 450/750 V, SECAO NOMINAL 1,5 MM2                                                                                                                                                                                                                                                                                                                                                                                         ","M     ","CR","1,44"]
[985,"CABO DE COBRE, RIGIDO, CLASSE 2, ISOLACAO EM PVC/A, ANTICHAMA BWF-B, 1 CONDUTOR, 450/750 V, SECAO NOMINAL 10 MM2                                                                                                                                                                                                                                                                                                                                                                                          ","M     ","CR","10,80"]
[990,"CABO DE COBRE, RIGIDO, CLASSE 2, ISOLACAO EM PVC/A, ANTICHAMA BWF-B, 1 CONDUTOR, 450/750 V, SECAO NOMINAL 150 MM2                                                                                                                                                                                                                                                                                                                                                                                         ","M     ","CR","147,82"]
[39241,"CABO DE COBRE, RIGIDO, CLASSE 2, ISOLACAO EM PVC/A, ANTICHAMA BWF-B, 1 CONDUTOR, 450/750 V, SECAO NOMINAL 16 MM2                                                                                                                                                                                                                                                                                                                                                                                          ","M     ","CR","16,90"]
[1005,"CABO DE COBRE, RIGIDO, CLASSE 2, ISOLACAO EM PVC/A, ANTICHAMA BWF-B, 1 CONDUTOR, 450/750 V, SECAO NOMINAL 185 MM2                                                                                                                                                                                                                                                                                                                                                                                         ","M     ","CR","181,43"]
[984,"CABO DE COBRE, RIGIDO, CLASSE 2, ISOLACAO EM PVC/A, ANTICHAMA BWF-B, 1 CONDUTOR, 450/750 V, SECAO NOMINAL 2,5 MM2                                                                                                                                                                                                                                                                                                                                                                                         ","M     ","CR","3,73"]
[991,"CABO DE COBRE, RIGIDO, CLASSE 2, ISOLACAO EM PVC/A, ANTICHAMA BWF-B, 1 CONDUTOR, 450/750 V, SECAO NOMINAL 240 MM2                                                                                                                                                                                                                                                                                                                                                                                         ","M     ","CR","239,74"]
[986,"CABO DE COBRE, RIGIDO, CLASSE 2, ISOLACAO EM PVC/A, ANTICHAMA BWF-B, 1 CONDUTOR, 450/750 V, SECAO NOMINAL 25 MM2                                                                                                                                                                                                                                                                                                                                                                                          ","M     ","CR","25,83"]
[1024,"CABO DE COBRE, RIGIDO, CLASSE 2, ISOLACAO EM PVC/A, ANTICHAMA BWF-B, 1 CONDUTOR, 450/750 V, SECAO NOMINAL 300 MM2                                                                                                                                                                                                                                                                                                                                                                                         ","M     ","CR","296,72"]
[987,"CABO DE COBRE, RIGIDO, CLASSE 2, ISOLACAO EM PVC/A, ANTICHAMA BWF-B, 1 CONDUTOR, 450/750 V, SECAO NOMINAL 35 MM2                                                                                                                                                                                                                                                                                                                                                                                          ","M     ","CR","35,10"]
[1003,"CABO DE COBRE, RIGIDO, CLASSE 2, ISOLACAO EM PVC/A, ANTICHAMA BWF-B, 1 CONDUTOR, 450/750 V, SECAO NOMINAL 4 MM2                                                                                                                                                                                                                                                                                                                                                                                           ","M     ","CR","5,46"]
[992,"CABO DE COBRE, RIGIDO, CLASSE 2, ISOLACAO EM PVC/A, ANTICHAMA BWF-B, 1 CONDUTOR, 450/750 V, SECAO NOMINAL 400 MM2                                                                                                                                                                                                                                                                                                                                                                                         ","M     ","CR","383,90"]
[1007,"CABO DE COBRE, RIGIDO, CLASSE 2, ISOLACAO EM PVC/A, ANTICHAMA BWF-B, 1 CONDUTOR, 450/750 V, SECAO NOMINAL 50 MM2                                                                                                                                                                                                                                                                                                                                                                                          ","M     ","CR","49,79"]
[39242,"CABO DE COBRE, RIGIDO, CLASSE 2, ISOLACAO EM PVC/A, ANTICHAMA BWF-B, 1 CONDUTOR, 450/750 V, SECAO NOMINAL 500 MM2                                                                                                                                                                                                                                                                                                                                                                                         ","M     ","CR","475,66"]
[1008,"CABO DE COBRE, RIGIDO, CLASSE 2, ISOLACAO EM PVC/A, ANTICHAMA BWF-B, 1 CONDUTOR, 450/750 V, SECAO NOMINAL 6 MM2                                                                                                                                                                                                                                                                                                                                                                                           ","M     ","CR","6,20"]
[988,"CABO DE COBRE, RIGIDO, CLASSE 2, ISOLACAO EM PVC/A, ANTICHAMA BWF-B, 1 CONDUTOR, 450/750 V, SECAO NOMINAL 70 MM2                                                                                                                                                                                                                                                                                                                                                                                          ","M     ","CR","68,77"]
[989,"CABO DE COBRE, RIGIDO, CLASSE 2, ISOLACAO EM PVC/A, ANTICHAMA BWF-B, 1 CONDUTOR, 450/750 V, SECAO NOMINAL 95 MM2                                                                                                                                                                                                                                                                                                                                                                                          ","M     ","CR","93,15"]
[39598,"CABO DE PAR TRANCADO UTP, 4 PARES, CATEGORIA 5E                                                                                                                                                                                                                                                                                                                                                                                                                                                           ","M     ","CR","1,62"]
[39599,"CABO DE PAR TRANCADO UTP, 4 PARES, CATEGORIA 6                                                                                                                                                                                                                                                                                                                                                                                                                                                            ","M     ","CR","2,45"]
[34602,"CABO FLEXIVEL PVC 750 V, 2 CONDUTORES DE 1,5 MM2                                                                                                                                                                                                                                                                                                                                                                                                                                                          ","M     ","CR","5,81"]
[34603,"CABO FLEXIVEL PVC 750 V, 2 CONDUTORES DE 10,0 MM2                                                                                                                                                                                                                                                                                                                                                                                                                                                         ","M     ","CR","27,95"]
[34607,"CABO FLEXIVEL PVC 750 V, 2 CONDUTORES DE 4,0 MM2                                                                                                                                                                                                                                                                                                                                                                                                                                                          ","M     ","CR","12,46"]
[34609,"CABO FLEXIVEL PVC 750 V, 2 CONDUTORES DE 6,0 MM2                                                                                                                                                                                                                                                                                                                                                                                                                                                          ","M     ","CR","18,69"]
[34618,"CABO FLEXIVEL PVC 750 V, 3 CONDUTORES DE 1,5 MM2                                                                                                                                                                                                                                                                                                                                                                                                                                                          ","M     ","CR","7,71"]
[34620,"CABO FLEXIVEL PVC 750 V, 3 CONDUTORES DE 10,0 MM2                                                                                                                                                                                                                                                                                                                                                                                                                                                         ","M     ","CR","38,57"]
[34621,"CABO FLEXIVEL PVC 750 V, 3 CONDUTORES DE 4,0 MM2                                                                                                                                                                                                                                                                                                                                                                                                                                                          ","M     ","CR","17,89"]
[34622,"CABO FLEXIVEL PVC 750 V, 3 CONDUTORES DE 6,0 MM2                                                                                                                                                                                                                                                                                                                                                                                                                                                          ","M     ","CR","25,35"]
[34624,"CABO FLEXIVEL PVC 750 V, 4 CONDUTORES DE 1,5 MM2                                                                                                                                                                                                                                                                                                                                                                                                                                                          ","M     ","CR","9,84"]
[34626,"CABO FLEXIVEL PVC 750 V, 4 CONDUTORES DE 10,0 MM2                                                                                                                                                                                                                                                                                                                                                                                                                                                         ","M     ","CR","53,01"]
[34627,"CABO FLEXIVEL PVC 750 V, 4 CONDUTORES DE 4,0 MM2                                                                                                                                                                                                                                                                                                                                                                                                                                                          ","M     ","CR","22,84"]
[34629,"CABO FLEXIVEL PVC 750 V, 4 CONDUTORES DE 6,0 MM2                                                                                                                                                                                                                                                                                                                                                                                                                                                          ","M     ","CR","33,44"]
[39257,"CABO MULTIPOLAR DE COBRE, FLEXIVEL, CLASSE 4 OU 5, ISOLACAO EM HEPR, COBERTURA EM PVC-ST2, ANTICHAMA BWF-B, 0,6/1 KV, 3 CONDUTORES DE 1,5 MM2                                                                                                                                                                                                                                                                                                                                                             ","M     ","CR","6,50"]
[39261,"CABO MULTIPOLAR DE COBRE, FLEXIVEL, CLASSE 4 OU 5, ISOLACAO EM HEPR, COBERTURA EM PVC-ST2, ANTICHAMA BWF-B, 0,6/1 KV, 3 CONDUTORES DE 10 MM2                                                                                                                                                                                                                                                                                                                                                              ","M     ","CR","34,65"]
[39268,"CABO MULTIPOLAR DE COBRE, FLEXIVEL, CLASSE 4 OU 5, ISOLACAO EM HEPR, COBERTURA EM PVC-ST2, ANTICHAMA BWF-B, 0,6/1 KV, 3 CONDUTORES DE 120 MM2                                                                                                                                                                                                                                                                                                                                                             ","M     ","CR","399,82"]
[39262,"CABO MULTIPOLAR DE COBRE, FLEXIVEL, CLASSE 4 OU 5, ISOLACAO EM HEPR, COBERTURA EM PVC-ST2, ANTICHAMA BWF-B, 0,6/1 KV, 3 CONDUTORES DE 16 MM2                                                                                                                                                                                                                                                                                                                                                              ","M     ","CR","54,18"]
[39258,"CABO MULTIPOLAR DE COBRE, FLEXIVEL, CLASSE 4 OU 5, ISOLACAO EM HEPR, COBERTURA EM PVC-ST2, ANTICHAMA BWF-B, 0,6/1 KV, 3 CONDUTORES DE 2,5 MM2                                                                                                                                                                                                                                                                                                                                                             ","M     ","CR","9,64"]
[39263,"CABO MULTIPOLAR DE COBRE, FLEXIVEL, CLASSE 4 OU 5, ISOLACAO EM HEPR, COBERTURA EM PVC-ST2, ANTICHAMA BWF-B, 0,6/1 KV, 3 CONDUTORES DE 25 MM2                                                                                                                                                                                                                                                                                                                                                              ","M     ","CR","83,83"]
[39264,"CABO MULTIPOLAR DE COBRE, FLEXIVEL, CLASSE 4 OU 5, ISOLACAO EM HEPR, COBERTURA EM PVC-ST2, ANTICHAMA BWF-B, 0,6/1 KV, 3 CONDUTORES DE 35 MM2                                                                                                                                                                                                                                                                                                                                                              ","M     ","CR","113,51"]
[39259,"CABO MULTIPOLAR DE COBRE, FLEXIVEL, CLASSE 4 OU 5, ISOLACAO EM HEPR, COBERTURA EM PVC-ST2, ANTICHAMA BWF-B, 0,6/1 KV, 3 CONDUTORES DE 4 MM2                                                                                                                                                                                                                                                                                                                                                               ","M     ","CR","14,68"]
[39265,"CABO MULTIPOLAR DE COBRE, FLEXIVEL, CLASSE 4 OU 5, ISOLACAO EM HEPR, COBERTURA EM PVC-ST2, ANTICHAMA BWF-B, 0,6/1 KV, 3 CONDUTORES DE 50 MM2                                                                                                                                                                                                                                                                                                                                                              ","M     ","CR","167,22"]
[39260,"CABO MULTIPOLAR DE COBRE, FLEXIVEL, CLASSE 4 OU 5, ISOLACAO EM HEPR, COBERTURA EM PVC-ST2, ANTICHAMA BWF-B, 0,6/1 KV, 3 CONDUTORES DE 6 MM2                                                                                                                                                                                                                                                                                                                                                               ","M     ","CR","20,90"]
[39266,"CABO MULTIPOLAR DE COBRE, FLEXIVEL, CLASSE 4 OU 5, ISOLACAO EM HEPR, COBERTURA EM PVC-ST2, ANTICHAMA BWF-B, 0,6/1 KV, 3 CONDUTORES DE 70 MM2                                                                                                                                                                                                                                                                                                                                                              ","M     ","CR","234,63"]
[39267,"CABO MULTIPOLAR DE COBRE, FLEXIVEL, CLASSE 4 OU 5, ISOLACAO EM HEPR, COBERTURA EM PVC-ST2, ANTICHAMA BWF-B, 0,6/1 KV, 3 CONDUTORES DE 95 MM2                                                                                                                                                                                                                                                                                                                                                              ","M     ","CR","307,56"]
[11901,"CABO TELEFONICO CCI 50, 1 PAR, USO INTERNO, SEM BLINDAGEM                                                                                                                                                                                                                                                                                                                                                                                                                                                 ","M     ","C ","0,46"]
[11902,"CABO TELEFONICO CCI 50, 2 PARES, USO INTERNO, SEM BLINDAGEM                                                                                                                                                                                                                                                                                                                                                                                                                                               ","M     ","CR","0,80"]
[11903,"CABO TELEFONICO CCI 50, 3 PARES, USO INTERNO, SEM BLINDAGEM                                                                                                                                                                                                                                                                                                                                                                                                                                               ","M     ","CR","1,24"]
[11904,"CABO TELEFONICO CCI 50, 4 PARES, USO INTERNO, SEM BLINDAGEM                                                                                                                                                                                                                                                                                                                                                                                                                                               ","M     ","CR","1,57"]
[11905,"CABO TELEFONICO CCI 50, 5 PARES, USO INTERNO, SEM BLINDAGEM                                                                                                                                                                                                                                                                                                                                                                                                                                               ","M     ","CR","2,12"]
[11906,"CABO TELEFONICO CCI 50, 6 PARES, USO INTERNO, SEM BLINDAGEM                                                                                                                                                                                                                                                                                                                                                                                                                                               ","M     ","CR","2,44"]
[11919,"CABO TELEFONICO CI 50, 10 PARES, USO INTERNO                                                                                                                                                                                                                                                                                                                                                                                                                                                              ","M     ","CR","4,79"]
[11920,"CABO TELEFONICO CI 50, 20 PARES, USO INTERNO                                                                                                                                                                                                                                                                                                                                                                                                                                                              ","M     ","CR","9,28"]
[11924,"CABO TELEFONICO CI 50, 200 PARES, USO INTERNO                                                                                                                                                                                                                                                                                                                                                                                                                                                             ","M     ","CR","90,27"]
[11921,"CABO TELEFONICO CI 50, 30 PARES, USO INTERNO                                                                                                                                                                                                                                                                                                                                                                                                                                                              ","M     ","CR","12,63"]
[11922,"CABO TELEFONICO CI 50, 50 PARES, USO INTERNO                                                                                                                                                                                                                                                                                                                                                                                                                                                              ","M     ","CR","22,43"]
[11923,"CABO TELEFONICO CI 50, 75 PARES, USO INTERNO                                                                                                                                                                                                                                                                                                                                                                                                                                                              ","M     ","CR","36,64"]
[11916,"CABO TELEFONICO CTP - APL - 50, 10 PARES, USO EXTERNO                                                                                                                                                                                                                                                                                                                                                                                                                                                     ","M     ","CR","6,22"]
[11914,"CABO TELEFONICO CTP - APL - 50, 100 PARES, USO EXTERNO                                                                                                                                                                                                                                                                                                                                                                                                                                                    ","M     ","CR","45,15"]
[11917,"CABO TELEFONICO CTP - APL - 50, 20 PARES, USO EXTERNO                                                                                                                                                                                                                                                                                                                                                                                                                                                     ","M     ","CR","10,82"]
[11918,"CABO TELEFONICO CTP - APL - 50, 30 PARES, USO EXTERNO                                                                                                                                                                                                                                                                                                                                                                                                                                                     ","M     ","CR","14,68"]
[37734,"CACAMBA METALICA BASCULANTE COM CAPACIDADE DE 10 M3 (INCLUI MONTAGEM, NAO INCLUI CAMINHAO)                                                                                                                                                                                                                                                                                                                                                                                                                ","UN    ","AS","73.223,15"]
[42251,"CACAMBA METALICA BASCULANTE COM CAPACIDADE DE 12 M3 (INCLUI MONTAGEM, NAO INCLUI CAMINHAO)                                                                                                                                                                                                                                                                                                                                                                                                                ","UN    ","AS","83.149,35"]
[37733,"CACAMBA METALICA BASCULANTE COM CAPACIDADE DE 6 M3 (INCLUI MONTAGEM, NAO INCLUI CAMINHAO)                                                                                                                                                                                                                                                                                                                                                                                                                 ","UN    ","AS","54.902,44"]
[37735,"CACAMBA METALICA BASCULANTE COM CAPACIDADE DE 8 M3 (INCLUI MONTAGEM, NAO INCLUI CAMINHAO)                                                                                                                                                                                                                                                                                                                                                                                                                 ","UN    ","AS","66.157,44"]
[5090,"CADEADO SIMPLES, CORPO EM LATAO MACICO, COM LARGURA DE 25 MM E ALTURA DE APROX 25 MM, HASTE CEMENTADA (NAO LONGA), EM ACO TEMPERADO COM DIAMETRO DE APROX 5,0 MM, INCLUINDO 2 CHAVES                                                                                                                                                                                                                                                                                                                      ","UN    ","C ","16,00"]
[5085,"CADEADO SIMPLES, CORPO EM LATAO MACICO, COM LARGURA DE 35 MM E ALTURA DE APROX 30 MM, HASTE CEMENTADA (NAO LONGA), EM ACO TEMPERADO COM DIAMETRO DE APROX 6,0 MM, INCLUINDO 2 CHAVES                                                                                                                                                                                                                                                                                                                      ","UN    ","CR","23,82"]
[43603,"CADEADO SIMPLES, CORPO EM LATAO MACICO, COM LARGURA DE 50 MM E ALTURA DE APROX 40 MM, HASTE CEMENTADA EM ACO TEMPERADO COM DIAMETRO DE APROX 8,0 MM, INCLUINDO 2 CHAVES                                                                                                                                                                                                                                                                                                                                   ","UN    ","CR","34,03"]
[38374,"CADEIRA SUSPENSA MANUAL / BALANCIM INDIVIDUAL (NBR 14751)                                                                                                                                                                                                                                                                                                                                                                                                                                                 ","UN    ","CR","932,76"]
[20209,"CAIBRO APARELHADO  *7,5 X 7,5* CM, EM MACARANDUBA, ANGELIM OU EQUIVALENTE DA REGIAO                                                                                                                                                                                                                                                                                                                                                                                                                       ","M     ","CR","18,37"]
[20212,"CAIBRO APARELHADO *6 X 8* CM, EM MACARANDUBA, ANGELIM OU EQUIVALENTE DA REGIAO                                                                                                                                                                                                                                                                                                                                                                                                                            ","M     ","CR","15,38"]
[4433,"CAIBRO NAO APARELHADO  *7,5 X 7,5* CM, EM MACARANDUBA, ANGELIM OU EQUIVALENTE DA REGIAO -  BRUTA                                                                                                                                                                                                                                                                                                                                                                                                          ","M     ","CR","17,60"]
[4430,"CAIBRO NAO APARELHADO *5 X 6* CM, EM MACARANDUBA, ANGELIM OU EQUIVALENTE DA REGIAO -  BRUTA                                                                                                                                                                                                                                                                                                                                                                                                               ","M     ","C ","9,00"]
[4400,"CAIBRO NAO APARELHADO,  *6 X 8* CM,  EM MACARANDUBA, ANGELIM OU EQUIVALENTE DA REGIAO -  BRUTA                                                                                                                                                                                                                                                                                                                                                                                                            ","M     ","CR","14,32"]
[2729,"CAIBRO ROLICO DE MADEIRA TRATADA, D = 4 A 7 CM, H = 3,00 M, EM EUCALIPTO OU EQUIVALENTE DA REGIAO                                                                                                                                                                                                                                                                                                                                                                                                         ","UN    ","AS","20,28"]
[4513,"CAIBRO 5 X 5 CM EM PINUS, MISTA OU EQUIVALENTE DA REGIAO - BRUTA                                                                                                                                                                                                                                                                                                                                                                                                                                          ","M     ","CR","10,19"]
[11871,"CAIXA D'AGUA DE FIBRA DE VIDRO, PARA 500 LITROS, COM TAMPA                                                                                                                                                                                                                                                                                                                                                                                                                                                ","UN    ","AS","376,82"]
[34636,"CAIXA D'AGUA EM POLIETILENO 1000 LITROS, COM TAMPA                                                                                                                                                                                                                                                                                                                                                                                                                                                        ","UN    ","C ","390,71"]
[34639,"CAIXA D'AGUA EM POLIETILENO 1500 LITROS, COM TAMPA                                                                                                                                                                                                                                                                                                                                                                                                                                                        ","UN    ","CR","793,53"]
[34640,"CAIXA D'AGUA EM POLIETILENO 2000 LITROS, COM TAMPA                                                                                                                                                                                                                                                                                                                                                                                                                                                        ","UN    ","CR","891,34"]
[34637,"CAIXA D'AGUA EM POLIETILENO 500 LITROS, COM TAMPA                                                                                                                                                                                                                                                                                                                                                                                                                                                         ","UN    ","CR","224,32"]
[34638,"CAIXA D'AGUA EM POLIETILENO 750 LITROS, COM TAMPA                                                                                                                                                                                                                                                                                                                                                                                                                                                         ","UN    ","CR","384,69"]
[11868,"CAIXA D'AGUA FIBRA DE VIDRO PARA 1000 LITROS, COM TAMPA                                                                                                                                                                                                                                                                                                                                                                                                                                                   ","UN    ","AS","517,89"]
[37106,"CAIXA D'AGUA FIBRA DE VIDRO PARA 10000 LITROS, COM TAMPA                                                                                                                                                                                                                                                                                                                                                                                                                                                  ","UN    ","AS","5.002,20"]
[11869,"CAIXA D'AGUA FIBRA DE VIDRO PARA 1500 LITROS, COM TAMPA                                                                                                                                                                                                                                                                                                                                                                                                                                                   ","UN    ","AS","840,26"]
[37104,"CAIXA D'AGUA FIBRA DE VIDRO PARA 2000 LITROS, COM TAMPA                                                                                                                                                                                                                                                                                                                                                                                                                                                   ","UN    ","AS","1.083,15"]
[37105,"CAIXA D'AGUA FIBRA DE VIDRO PARA 5000 LITROS, COM TAMPA                                                                                                                                                                                                                                                                                                                                                                                                                                                   ","UN    ","AS","2.412,35"]
[34641,"CAIXA DE ATERRAMENTO EM CONCRETO PRÃ\u0089-MOLDADO, DIAMETRO DE 0,30 M E ALTURA DE 0,35 M, SEM FUNDO E COM TAMPA                                                                                                                                                                                                                                                                                                                                                                                               ","UN    ","CR","83,94"]
[43434,"CAIXA DE CONCRETO ARMADO PRE-MOLDADO, COM FUNDO E SEM TAMPA, DIMENSOES DE 0,30 X 0,30 X 0,30 M                                                                                                                                                                                                                                                                                                                                                                                                            ","UN    ","CR","90,75"]
[43435,"CAIXA DE CONCRETO ARMADO PRE-MOLDADO, COM FUNDO E SEM TAMPA, DIMENSOES DE 0,40 X 0,40 X 0,40 M                                                                                                                                                                                                                                                                                                                                                                                                            ","UN    ","CR","166,38"]
[43436,"CAIXA DE CONCRETO ARMADO PRE-MOLDADO, COM FUNDO E SEM TAMPA, DIMENSOES DE 0,60 X 0,60 X 0,50 M                                                                                                                                                                                                                                                                                                                                                                                                            ","UN    ","CR","291,17"]
[43437,"CAIXA DE CONCRETO ARMADO PRE-MOLDADO, COM FUNDO E SEM TAMPA, DIMENSOES DE 0,80 X 0,80 X 0,50 M                                                                                                                                                                                                                                                                                                                                                                                                            ","UN    ","CR","527,89"]
[43438,"CAIXA DE CONCRETO ARMADO PRE-MOLDADO, COM FUNDO E SEM TAMPA, DIMENSOES DE 1,00 X 1,00 X 0,50 M                                                                                                                                                                                                                                                                                                                                                                                                            ","UN    ","CR","945,37"]
[41627,"CAIXA DE CONCRETO ARMADO PRE-MOLDADO, COM FUNDO E TAMPA, DIMENSOES DE 0,30 X 0,30 X 0,30 M                                                                                                                                                                                                                                                                                                                                                                                                                ","UN    ","CR","139,91"]
[41628,"CAIXA DE CONCRETO ARMADO PRE-MOLDADO, COM FUNDO E TAMPA, DIMENSOES DE 0,40 X 0,40 X 0,40 M                                                                                                                                                                                                                                                                                                                                                                                                                ","UN    ","CR","257,14"]
[41629,"CAIXA DE CONCRETO ARMADO PRE-MOLDADO, COM FUNDO E TAMPA, DIMENSOES DE 0,60 X 0,60 X 0,50 M                                                                                                                                                                                                                                                                                                                                                                                                                ","UN    ","CR","326,72"]
[43429,"CAIXA DE CONCRETO ARMADO PRE-MOLDADO, SEM FUNDO, QUADRADA, DIMENSOES DE 0,30 X 0,30 X 0,30 M                                                                                                                                                                                                                                                                                                                                                                                                              ","UN    ","CR","72,39"]
[43430,"CAIXA DE CONCRETO ARMADO PRE-MOLDADO, SEM FUNDO, QUADRADA, DIMENSOES DE 0,40 X 0,40 X 0,40 M                                                                                                                                                                                                                                                                                                                                                                                                              ","UN    ","CR","120,25"]
[43431,"CAIXA DE CONCRETO ARMADO PRE-MOLDADO, SEM FUNDO, QUADRADA, DIMENSOES DE 0,60 X 0,60 X 0,50 M                                                                                                                                                                                                                                                                                                                                                                                                              ","UN    ","CR","232,94"]
[43432,"CAIXA DE CONCRETO ARMADO PRE-MOLDADO, SEM FUNDO, QUADRADA, DIMENSOES DE 0,80 X 0,80 X 0,50 M                                                                                                                                                                                                                                                                                                                                                                                                              ","UN    ","CR","484,03"]
[43433,"CAIXA DE CONCRETO ARMADO PRE-MOLDADO, SEM FUNDO, QUADRADA, DIMENSOES DE 1,00 X 1,00 X 0,50 M                                                                                                                                                                                                                                                                                                                                                                                                              ","UN    ","CR","763,10"]
[43094,"CAIXA DE DERIVACAO PARA MEDIDOR DE ENERGIA, COM BARRAMENTO MONOFASICO, EM POLICARBONATO / TERMOPLASTICO - MODULO (PADRAO CONCESSIONARIA LOCAL)                                                                                                                                                                                                                                                                                                                                                            ","UN    ","CR","163,99"]
[43093,"CAIXA DE DERIVACAO PARA MEDIDOR DE ENERGIA, COM BARRAMENTO POLIFASICO, EM POLICARBONATO / TERMOPLASTICO - MODULO (PADRAO CONCESSIONARIA LOCAL)                                                                                                                                                                                                                                                                                                                                                            ","UN    ","CR","174,27"]
[1030,"CAIXA DE DESCARGA DE PLASTICO EXTERNA, DE *9* L, PUXADOR FIO DE NYLON, NAO INCLUSO CANO, BOLSA, ENGATE                                                                                                                                                                                                                                                                                                                                                                                                    ","UN    ","C ","36,70"]
[11694,"CAIXA DE DESCARGA PLASTICA DE EMBUTIR COMPLETA, COM ESPELHO PLASTICO, CAPACIDADE 6 A 10 L, ACESSORIOS INCLUSOS                                                                                                                                                                                                                                                                                                                                                                                            ","UN    ","CR","811,26"]
[11881,"CAIXA DE GORDURA CILINDRICA EM CONCRETO SIMPLES,  PRE-MOLDADA, COM DIAMETRO DE 40 CM E ALTURA DE 45 CM, COM TAMPA                                                                                                                                                                                                                                                                                                                                                                                         ","UN    ","CR","128,57"]
[35277,"CAIXA DE GORDURA EM PVC, DIAMETRO MINIMO 300 MM, DIAMETRO DE SAIDA 100 MM, CAPACIDADE  APROXIMADA 18 LITROS, COM TAMPA                                                                                                                                                                                                                                                                                                                                                                                    ","UN    ","CR","520,94"]
[10521,"CAIXA DE INCENDIO/ABRIGO PARA MANGUEIRA, DE EMBUTIR/INTERNA, COM 75 X 45 X 17 CM, EM CHAPA DE ACO, PORTA COM VENTILACAO, VISOR COM A INSCRICAO \"INCENDIO\", SUPORTE/CESTA INTERNA PARA A MANGUEIRA, PINTURA ELETROSTATICA VERMELHA                                                                                                                                                                                                                                                                         ","UN    ","AS","267,27"]
[10885,"CAIXA DE INCENDIO/ABRIGO PARA MANGUEIRA, DE EMBUTIR/INTERNA, COM 90 X 60 X 17 CM, EM CHAPA DE ACO, PORTA COM VENTILACAO, VISOR COM A INSCRICAO \"INCENDIO\", SUPORTE/CESTA INTERNA PARA A MANGUEIRA, PINTURA ELETROSTATICA VERMELHA                                                                                                                                                                                                                                                                         ","UN    ","AS","338,06"]
[20962,"CAIXA DE INCENDIO/ABRIGO PARA MANGUEIRA, DE SOBREPOR/EXTERNA, COM 75 X 45 X 17 CM, EM CHAPA DE ACO, PORTA COM VENTILACAO, VISOR COM A INSCRICAO \"INCENDIO\", SUPORTE/CESTA INTERNA PARA A MANGUEIRA, PINTURA ELETROSTATICA VERMELHA                                                                                                                                                                                                                                                                        ","UN    ","AS","280,00"]
[20963,"CAIXA DE INCENDIO/ABRIGO PARA MANGUEIRA, DE SOBREPOR/EXTERNA, COM 90 X 60 X 17 CM, EM CHAPA DE ACO, PORTA COM VENTILACAO, VISOR COM A INSCRICAO \"INCENDIO\", SUPORTE/CESTA INTERNA PARA A MANGUEIRA, PINTURA ELETROSTATICA VERMELHA                                                                                                                                                                                                                                                                        ","UN    ","AS","342,04"]
[2555,"CAIXA DE LUZ \"3 X 3\" EM ACO ESMALTADA                                                                                                                                                                                                                                                                                                                                                                                                                                                                     ","UN    ","CR","1,49"]
[2556,"CAIXA DE LUZ \"4 X 2\" EM ACO ESMALTADA                                                                                                                                                                                                                                                                                                                                                                                                                                                                     ","UN    ","CR","1,55"]
[2557,"CAIXA DE LUZ \"4 X 4\" EM ACO ESMALTADA                                                                                                                                                                                                                                                                                                                                                                                                                                                                     ","UN    ","CR","3,27"]
[10569,"CAIXA DE PASSAGEM / DERIVACAO / LUZ, OCTOGONAL 4 X4, EM ACO ESMALTADA, COM FUNDO MOVEL SIMPLES (FMS)                                                                                                                                                                                                                                                                                                                                                                                                      ","UN    ","CR","3,27"]
[39810,"CAIXA DE PASSAGEM ELETRICA DE PAREDE, DE EMBUTIR, EM PVC, COM TAMPA APARAFUSADA, DIMENSOES 120 X 120 X *75* MM                                                                                                                                                                                                                                                                                                                                                                                            ","UN    ","CR","22,13"]
[39811,"CAIXA DE PASSAGEM ELETRICA DE PAREDE, DE EMBUTIR, EM PVC, COM TAMPA APARAFUSADA, DIMENSOES 150 X 150 X *75* MM                                                                                                                                                                                                                                                                                                                                                                                            ","UN    ","CR","27,07"]
[39812,"CAIXA DE PASSAGEM ELETRICA DE PAREDE, DE EMBUTIR, EM PVC, COM TAMPA APARAFUSADA, DIMENSOES 200 X 200 X *90* MM                                                                                                                                                                                                                                                                                                                                                                                            ","UN    ","CR","44,51"]
[43096,"CAIXA DE PASSAGEM ELETRICA DE PAREDE, DE EMBUTIR, EM TERMOPLASTICO / PVC, COM TAMPA APARAFUSADA, DIMENSOES 400 X 400 X *120* MM                                                                                                                                                                                                                                                                                                                                                                           ","UN    ","CR","147,54"]
[43102,"CAIXA DE PASSAGEM ELETRICA DE PAREDE, DE SOBREPOR, EM PVC, COM TAMPA APARAFUSADA, DIMENSOES 300 X 300 X *100* MM                                                                                                                                                                                                                                                                                                                                                                                          ","UN    ","CR","89,71"]
[43103,"CAIXA DE PASSAGEM ELETRICA DE PAREDE, DE SOBREPOR, EM PVC, COM TAMPA APARAFUSADA, DIMENSOES, 400 X 400 X *120* MM                                                                                                                                                                                                                                                                                                                                                                                         ","UN    ","CR","132,10"]
[43098,"CAIXA DE PASSAGEM ELETRICA DE PAREDE, DE SOBREPOR, EM TERMOPLASTICO / PVC, COM TAMPA APARAFUSA, DIMENSOES 200 X 200 X *100* MM                                                                                                                                                                                                                                                                                                                                                                            ","UN    ","CR","49,97"]
[43097,"CAIXA DE PASSAGEM ELETRICA DE PAREDE, DE SOBREPOR, EM TERMOPLASTICO / PVC, COM TAMPA APARAFUSADA, DIMENSOES, 150 X 150 X *100* MM                                                                                                                                                                                                                                                                                                                                                                         ","UN    ","CR","29,61"]
[43104,"CAIXA DE PASSAGEM ELETRICA, PARA PISO, EM PVC, DIMENSOES DE 3/4\" A 4\"                                                                                                                                                                                                                                                                                                                                                                                                                                     ","UN    ","CR","350,24"]
[39771,"CAIXA DE PASSAGEM METALICA DE SOBREPOR COM TAMPA PARAFUSADA, DIMENSOES 20 X 20 X 10 CM                                                                                                                                                                                                                                                                                                                                                                                                                    ","UN    ","CR","31,42"]
[39772,"CAIXA DE PASSAGEM METALICA DE SOBREPOR COM TAMPA PARAFUSADA, DIMENSOES 30 X 30 X 10 CM                                                                                                                                                                                                                                                                                                                                                                                                                    ","UN    ","CR","61,76"]
[39773,"CAIXA DE PASSAGEM METALICA DE SOBREPOR COM TAMPA PARAFUSADA, DIMENSOES 40 X 40 X 15 CM                                                                                                                                                                                                                                                                                                                                                                                                                    ","UN    ","CR","99,27"]
[39774,"CAIXA DE PASSAGEM METALICA DE SOBREPOR COM TAMPA PARAFUSADA, DIMENSOES 50 X 50 X 15 CM                                                                                                                                                                                                                                                                                                                                                                                                                    ","UN    ","CR","148,48"]
[39775,"CAIXA DE PASSAGEM METALICA DE SOBREPOR COM TAMPA PARAFUSADA, DIMENSOES 60 X 60 X 20 CM                                                                                                                                                                                                                                                                                                                                                                                                                    ","UN    ","CR","198,17"]
[39776,"CAIXA DE PASSAGEM METALICA DE SOBREPOR COM TAMPA PARAFUSADA, DIMENSOES 70 X 70 X 20 CM                                                                                                                                                                                                                                                                                                                                                                                                                    ","UN    ","CR","239,49"]
[39777,"CAIXA DE PASSAGEM METALICA DE SOBREPOR COM TAMPA PARAFUSADA, DIMENSOES 80 X 80 X 20 CM                                                                                                                                                                                                                                                                                                                                                                                                                    ","UN    ","CR","303,55"]
[20254,"CAIXA DE PASSAGEM METALICA, DE SOBREPOR, COM TAMPA APARAFUSADA, DIMENSOES 15 X 15 X *10* CM                                                                                                                                                                                                                                                                                                                                                                                                               ","UN    ","CR","22,03"]
[20253,"CAIXA DE PASSAGEM METALICA, DE SOBREPOR, COM TAMPA APARAFUSADA, DIMENSOES 35 X 35 X *12* CM                                                                                                                                                                                                                                                                                                                                                                                                               ","UN    ","CR","72,35"]
[11247,"CAIXA DE PASSAGEM/ LUZ / TELEFONIA, DE EMBUTIR,  EM CHAPA DE ACO GALVANIZADO, DIMENSOES 150 X 150 X 15 CM (PADRAO CONCESSIONARIA LOCAL)                                                                                                                                                                                                                                                                                                                                                                   ","UN    ","CR","1.391,15"]
[11250,"CAIXA DE PASSAGEM/ LUZ / TELEFONIA, DE EMBUTIR,  EM CHAPA DE ACO GALVANIZADO, DIMENSOES 20 X 20 X *12* CM (PADRAO CONCESSIONARIA LOCAL)                                                                                                                                                                                                                                                                                                                                                                   ","UN    ","CR","59,89"]
[11249,"CAIXA DE PASSAGEM/ LUZ / TELEFONIA, DE EMBUTIR,  EM CHAPA DE ACO GALVANIZADO, DIMENSOES 200 X 200 X 20 CM (PADRAO CONCESSIONARIA LOCAL)                                                                                                                                                                                                                                                                                                                                                                   ","UN    ","CR","2.717,41"]
[11251,"CAIXA DE PASSAGEM/ LUZ / TELEFONIA, DE EMBUTIR,  EM CHAPA DE ACO GALVANIZADO, DIMENSOES 40 X 40 X *12* CM (PADRAO CONCESSIONARIA LOCAL)                                                                                                                                                                                                                                                                                                                                                                   ","UN    ","CR","132,66"]
[11253,"CAIXA DE PASSAGEM/ LUZ / TELEFONIA, DE EMBUTIR,  EM CHAPA DE ACO GALVANIZADO, DIMENSOES 60 X 60 X *12* CM (PADRAO CONCESSIONARIA LOCAL)                                                                                                                                                                                                                                                                                                                                                                   ","UN    ","CR","219,83"]
[11255,"CAIXA DE PASSAGEM/ LUZ / TELEFONIA, DE EMBUTIR,  EM CHAPA DE ACO GALVANIZADO, DIMENSOES 80 X 80 X *12* CM (PADRAO CONCESSIONARIA LOCAL)                                                                                                                                                                                                                                                                                                                                                                   ","UN    ","CR","328,65"]
[14055,"CAIXA DE PASSAGEM/ LUZ / TELEFONIA, DE EMBUTIR, EM CHAPA DE ACO GALVANIZADO, DIMENSOES 120 X 120 X *12* CM (PADRAO CONCESSIONARIA LOCAL)                                                                                                                                                                                                                                                                                                                                                                  ","UN    ","CR","661,12"]
[11256,"CAIXA DE PASSAGEM/ LUZ / TELEFONIA, DE SOBREPOR,  EM CHAPA DE ACO GALVANIZADO, DIMENSOES 80 X 80 X *12* CM (PADRAO CONCESSIONARIA LOCAL)                                                                                                                                                                                                                                                                                                                                                                  ","UN    ","CR","411,66"]
[1872,"CAIXA DE PASSAGEM, EM PVC, DE 4\" X 2\", PARA ELETRODUTO FLEXIVEL CORRUGADO                                                                                                                                                                                                                                                                                                                                                                                                                                 ","UN    ","CR","1,49"]
[1873,"CAIXA DE PASSAGEM, EM PVC, DE 4\" X 4\", PARA ELETRODUTO FLEXIVEL CORRUGADO                                                                                                                                                                                                                                                                                                                                                                                                                                 ","UN    ","CR","2,97"]
[39693,"CAIXA DE PROTECAO EXTERNA PARA MEDIDOR HOROSAZONAL, DE BAIXA TENSAO, COM MODULO, EM CHAPA DE ACO (PADRAO DA CONCESSIONARIA LOCAL)                                                                                                                                                                                                                                                                                                                                                                         ","UN    ","CR","2.585,45"]
[39692,"CAIXA DE PROTECAO PARA TRANSFORMADOR CORRENTE, EM CHAPA DE ACO 18 USG (PADRAO DA CONCESSIONARIA LOCAL)                                                                                                                                                                                                                                                                                                                                                                                                    ","UN    ","CR","827,29"]
[34643,"CAIXA INSPECAO EM POLIETILENO PARA ATERRAMENTO E PARA RAIOS DIAMETRO = 300 MM                                                                                                                                                                                                                                                                                                                                                                                                                             ","UN    ","CR","16,86"]
[1062,"CAIXA INTERNA/EXTERNA DE MEDICAO PARA 1 MEDIDOR TRIFASICO, COM VISOR, EM CHAPA DE ACO 18 USG (PADRAO DA CONCESSIONARIA LOCAL)                                                                                                                                                                                                                                                                                                                                                                             ","UN    ","CR","262,18"]
[39686,"CAIXA INTERNA/EXTERNA DE MEDICAO PARA 4 MEDIDORES MONOFASICOS, COM VISOR, EM CHAPA DE ACO 18 USG (PADRAO DA CONCESSIONARIA LOCAL)                                                                                                                                                                                                                                                                                                                                                                         ","UN    ","CR","424,52"]
[43095,"CAIXA MODULAR PARA MEDIDOR DE ENERGIA AGRUPADA, EM POLICARBONATO /  TERMOPLASTICO, COM SUPORTE PARA DISJUNTOR (PADRAO DA CONCESSIONARIA LOCAL)                                                                                                                                                                                                                                                                                                                                                            ","UN    ","CR","97,22"]
[1871,"CAIXA OCTOGONAL DE FUNDO MOVEL, EM PVC, DE 3\" X 3\", PARA ELETRODUTO FLEXIVEL CORRUGADO                                                                                                                                                                                                                                                                                                                                                                                                                    ","UN    ","CR","2,67"]
[12001,"CAIXA OCTOGONAL DE FUNDO MOVEL, EM PVC, DE 4\" X 4\", PARA ELETRODUTO FLEXIVEL CORRUGADO                                                                                                                                                                                                                                                                                                                                                                                                                    ","UN    ","CR","3,86"]
[11882,"CAIXA PARA HIDROMETRO CONCRETO PRE MOLDADO, *0,24 M X 0,45 M X 0,30* M (L X C X A)                                                                                                                                                                                                                                                                                                                                                                                                                        ","UN    ","CR","92,26"]
[1068,"CAIXA PARA MEDICAO COLETIVA TIPO L, PADRAO BIFASICO OU TRIFASICO, PARA ATE 4 MEDIDORES, SEM BARRAMENTO E COM PORTAS INFERIOR E SUPERIOR                                                                                                                                                                                                                                                                                                                                                                   ","UN    ","CR","1.729,36"]
[39690,"CAIXA PARA MEDICAO COLETIVA TIPO M, PADRAO BIFASICO OU TRIFASICO, PARA ATE 8 MEDIDORES, SEM BARRAMENTO E COM PORTAS INFERIOR E SUPERIOR                                                                                                                                                                                                                                                                                                                                                                   ","UN    ","CR","2.901,29"]
[39691,"CAIXA PARA MEDICAO COLETIVA TIPO N, PADRAO BIFASICO OU TRIFASICO, PARA ATE 12 MEDIDORES, SEM BARRAMENTO E COM PORTAS INFERIOR E SUPERIOR                                                                                                                                                                                                                                                                                                                                                                  ","UN    ","CR","3.649,01"]
[39808,"CAIXA PARA MEDIDOR MONOFASICO, EM POLICARBONATO / TERMOPLASTICO, PARA ALOJAR 1 DISJUNTOR (PADRAO DA CONCESSIONARIA LOCAL)                                                                                                                                                                                                                                                                                                                                                                                 ","UN    ","CR","50,76"]
[39809,"CAIXA PARA MEDIDOR POLIFASICO, EM POLICARBONATO / TERMOPLASTICO, PARA ALOJAR 1 DISJUNTOR (PADRAO DA CONCESSIONARIA LOCAL)                                                                                                                                                                                                                                                                                                                                                                                 ","UN    ","CR","120,39"]
[43439,"CAIXA PRE-MOLDADA PARA BOCA DE LOBO, EM CONCRETO ARMADO, COM FCK DE 25 MPA, COM DIMENSOES 1,10 X 0,65 X 1,00 M (COMPRIMENTO X LARGURA X ALTURA)                                                                                                                                                                                                                                                                                                                                                           ","UN    ","CR","423,52"]
[5103,"CAIXA SIFONADA PVC, 100 X 100 X 50 MM, COM GRELHA REDONDA BRANCA                                                                                                                                                                                                                                                                                                                                                                                                                                          ","UN    ","CR","15,84"]
[11712,"CAIXA SIFONADA PVC, 150 X 150 X 50 MM, COM GRELHA QUADRADA BRANCA (NBR 5688)                                                                                                                                                                                                                                                                                                                                                                                                                              ","UN    ","C ","36,90"]
[11717,"CAIXA SIFONADA PVC, 150 X 150 X 50 MM, COM GRELHA REDONDA BRANCA                                                                                                                                                                                                                                                                                                                                                                                                                                          ","UN    ","CR","40,09"]
[11714,"CAIXA SIFONADA PVC, 150 X 185 X 75 MM, COM GRELHA QUADRADA BRANCA                                                                                                                                                                                                                                                                                                                                                                                                                                         ","UN    ","CR","49,88"]
[11880,"CAIXA SIFONADA PVC, 250 X 230 X 75 MM, COM TAMPA E PORTA TAMPA QUADRADA BRANCA                                                                                                                                                                                                                                                                                                                                                                                                                            ","UN    ","CR","103,18"]
[1106,"CAL HIDRATADA CH-I PARA ARGAMASSAS                                                                                                                                                                                                                                                                                                                                                                                                                                                                        ","KG    ","C ","0,40"]
[11161,"CAL HIDRATADA PARA PINTURA                                                                                                                                                                                                                                                                                                                                                                                                                                                                                ","KG    ","CR","0,66"]
[1107,"CAL VIRGEM COMUM PARA ARGAMASSAS (NBR 6453)                                                                                                                                                                                                                                                                                                                                                                                                                                                               ","KG    ","CR","0,34"]
[25963,"CALCARIO DOLOMITICO A (POSTO PEDREIRA/FORNECEDOR, SEM FRETE)                                                                                                                                                                                                                                                                                                                                                                                                                                              ","KG    ","CR","0,14"]
[4759,"CALCETEIRO                                                                                                                                                                                                                                                                                                                                                                                                                                                                                                ","H     ","CR","14,07"]
[41068,"CALCETEIRO  (MENSALISTA)                                                                                                                                                                                                                                                                                                                                                                                                                                                                                  ","MES   ","CR","2.470,14"]
[1108,"CALHA MOLDURA AMERICANA DE CHAPA DE ACO GALVANIZADA NUM 26, CORTE 33 CM                                                                                                                                                                                                                                                                                                                                                                                                                                   ","M     ","CR","28,20"]
[1117,"CALHA PARA AGUA FURTADA DE CHAPA DE ACO GALVANIZADA NUM 26, CORTE 40 CM                                                                                                                                                                                                                                                                                                                                                                                                                                   ","M     ","CR","28,42"]
[1118,"CALHA PARA AGUA FURTADA DE CHAPA DE ACO GALVANIZADA NUM 26, CORTE 50 CM                                                                                                                                                                                                                                                                                                                                                                                                                                   ","M     ","CR","33,59"]
[1110,"CALHA PLATIBANDA DE CHAPA DE ACO GALVANIZADA NUM 26, CORTE 45 CM                                                                                                                                                                                                                                                                                                                                                                                                                                          ","M     ","CR","33,59"]
[12618,"CALHA PLUVIAL DE PVC, DIAMETRO ENTRE 119 E 170 MM, COMPRIMENTO DE 3 M, PARA DRENAGEM PREDIAL                                                                                                                                                                                                                                                                                                                                                                                                              ","UN    ","AS","47,20"]
[40784,"CALHA QUADRADA DE CHAPA DE ACO GALVANIZADA NUM 24, CORTE 100 CM                                                                                                                                                                                                                                                                                                                                                                                                                                           ","M     ","CR","92,66"]
[40782,"CALHA QUADRADA DE CHAPA DE ACO GALVANIZADA NUM 24, CORTE 33 CM                                                                                                                                                                                                                                                                                                                                                                                                                                            ","M     ","CR","36,36"]
[40783,"CALHA QUADRADA DE CHAPA DE ACO GALVANIZADA NUM 24, CORTE 50 CM                                                                                                                                                                                                                                                                                                                                                                                                                                            ","M     ","CR","47,36"]
[1109,"CALHA QUADRADA DE CHAPA DE ACO GALVANIZADA NUM 26, CORTE 33 CM                                                                                                                                                                                                                                                                                                                                                                                                                                            ","M     ","CR","28,20"]
[1119,"CALHA QUADRADA DE CHAPA DE ACO GALVANIZADA NUM 28, CORTE 25 CM                                                                                                                                                                                                                                                                                                                                                                                                                                            ","M     ","CR","18,18"]
[13115,"CALHA/CANALETA DE CONCRETO SIMPLES, TIPO MEIA CANA, DIAMETRO DE 20 CM, PARA AGUA PLUVIAL                                                                                                                                                                                                                                                                                                                                                                                                                  ","M     ","CR","25,54"]
[10541,"CALHA/CANALETA DE CONCRETO SIMPLES, TIPO MEIA CANA, DIAMETRO DE 30 CM, PARA AGUA PLUVIAL                                                                                                                                                                                                                                                                                                                                                                                                                  ","M     ","CR","31,21"]
[10542,"CALHA/CANALETA DE CONCRETO SIMPLES, TIPO MEIA CANA, DIAMETRO DE 40 CM, PARA AGUA PLUVIAL                                                                                                                                                                                                                                                                                                                                                                                                                  ","M     ","CR","40,81"]
[10543,"CALHA/CANALETA DE CONCRETO SIMPLES, TIPO MEIA CANA, DIAMETRO DE 50 CM, PARA AGUA PLUVIAL                                                                                                                                                                                                                                                                                                                                                                                                                  ","M     ","CR","66,21"]
[10544,"CALHA/CANALETA DE CONCRETO SIMPLES, TIPO MEIA CANA, DIAMETRO DE 60 CM, PARA AGUA PLUVIAL                                                                                                                                                                                                                                                                                                                                                                                                                  ","M     ","CR","85,64"]
[10545,"CALHA/CANALETA DE CONCRETO SIMPLES, TIPO MEIA CANA, DIAMETRO DE 80 CM, PARA AGUA PLUVIAL                                                                                                                                                                                                                                                                                                                                                                                                                  ","M     ","CR","160,05"]
[38365,"CAMADA SEPARADORA DE FILME DE POLIETILENO 20 A 25 MICRA                                                                                                                                                                                                                                                                                                                                                                                                                                                   ","M2    ","CR","1,95"]
[37745,"CAMINHAO TOCO, PESO BRUTO TOTAL 13000 KG, CARGA UTIL MAXIMA 7925 KG, DISTANCIA ENTRE EIXOS 4,80 M, POTENCIA 189 CV (INCLUI CABINE E CHASSI, NAO INCLUI CARROCERIA)                                                                                                                                                                                                                                                                                                                                        ","UN    ","C ","408.000,00"]
[37754,"CAMINHAO TOCO, PESO BRUTO TOTAL 14300 KG, CARGA UTIL MAXIMA 9590 KG, DISTANCIA ENTRE EIXOS 4,76 M, POTENCIA 185 CV (INCLUI CABINE E CHASSI, NAO INCLUI CARROCERIA)                                                                                                                                                                                                                                                                                                                                        ","UN    ","CR","426.075,95"]
[37748,"CAMINHAO TOCO, PESO BRUTO TOTAL 14300 KG, CARGA UTIL MAXIMA 9710 KG, DISTANCIA ENTRE EIXOS 3,56 M, POTENCIA 185 CV (INCLUI CABINE E CHASSI, NAO INCLUI CARROCERIA)                                                                                                                                                                                                                                                                                                                                        ","UN    ","CR","433.758,22"]
[37761,"CAMINHAO TOCO, PESO BRUTO TOTAL 16000 KG, CARGA UTIL MAXIMA DE 10685 KG, DISTANCIA ENTRE EIXOS 4,8M, POTENCIA 189 CV (INCLUI CABINE E CHASSI, NAO INCLUI CARROCERIA)                                                                                                                                                                                                                                                                                                                                      ","UN    ","CR","358.936,69"]
[37757,"CAMINHAO TOCO, PESO BRUTO TOTAL 16000 KG, CARGA UTIL MAXIMA 10600 KG, DISTANCIA ENTRE EIXOS 4,80 M, POTENCIA 275 CV (INCLUI CABINE E CHASSI, NAO INCLUI CARROCERIA)                                                                                                                                                                                                                                                                                                                                       ","UN    ","CR","499.670,86"]
[37759,"CAMINHAO TOCO, PESO BRUTO TOTAL 16000 KG, CARGA UTIL MAXIMA 10780 KG, DISTANCIA ENTRE EIXOS 3,56 M, POTENCIA 275 CV (INCLUI CABINE E CHASSI, NAO INCLUI CARROCERIA)                                                                                                                                                                                                                                                                                                                                       ","UN    ","CR","501.607,60"]
[37766,"CAMINHAO TOCO, PESO BRUTO TOTAL 16000 KG, CARGA UTIL MAXIMA 11030 KG, DISTANCIA ENTRE EIXOS 3,56M, POTENCIA 186 CV (INCLUI CABINE E CHASSI, NAO INCLUI CARROCERIA)                                                                                                                                                                                                                                                                                                                                        ","UN    ","CR","501.607,56"]
[37752,"CAMINHAO TOCO, PESO BRUTO TOTAL 16000 KG, CARGA UTIL MAXIMA 11130 KG, DISTANCIA ENTRE EIXOS 5,36 M, POTENCIA 185 CV (INCLUI CABINE E CHASSI, NAO INCLUI CARROCERIA)                                                                                                                                                                                                                                                                                                                                       ","UN    ","CR","454.868,34"]
[37760,"CAMINHAO TOCO, PESO BRUTO TOTAL 16000 KG, CARGA UTIL MAXIMA 13071 KG, DISTANCIA ENTRE EIXOS 4,80 M, POTENCIA 230 CV (INCLUI CABINE E CHASSI, NAO INCLUI CARROCERIA)                                                                                                                                                                                                                                                                                                                                       ","UN    ","CR","479.012,64"]
[37765,"CAMINHAO TOCO, PESO BRUTO TOTAL 8250 KG, CARGA UTIL MAXIMA 5110 KG, DISTANCIA ENTRE EIXOS 4,30 M, POTENCIA 162 CV (INCLUI CABINE E CHASSI, NAO INCLUI CARROCERIA)                                                                                                                                                                                                                                                                                                                                         ","UN    ","CR","334.405,08"]
[37746,"CAMINHAO TOCO, PESO BRUTO TOTAL 9000 KG, CARGA UTIL MAXIMA 5940 KG, DISTANCIA ENTRE EIXOS 3,69 M, POTENCIA 177 CV (INCLUI CABINE E CHASSI, NAO INCLUI CARROCERIA)                                                                                                                                                                                                                                                                                                                                         ","UN    ","CR","366.618,96"]
[37750,"CAMINHAO TOCO, PESO BRUTO TOTAL 9600 KG, CARGA UTIL MAXIMA 6110 KG, DISTANCIA ENTRE EIXOS 3,70 M, POTENCIA 156 CV (INCLUI CABINE E CHASSI, NAO INCLUI CARROCERIA)                                                                                                                                                                                                                                                                                                                                         ","UN    ","CR","365.327,85"]
[37753,"CAMINHAO TOCO, PESO BRUTO TOTAL 9600 KG, CARGA UTIL MAXIMA 6200 KG, DISTANCIA ENTRE EIXOS 3,10 M, POTENCIA 156 CV (INCLUI CABINE E CHASSI, NAO INCLUI CARROCERIA)                                                                                                                                                                                                                                                                                                                                         ","UN    ","CR","364.036,69"]
[37756,"CAMINHAO TOCO, PESO BRUTO TOTAL 9700 KG, CARGA UTIL MAXIMA 6360 KG, DISTANCIA ENTRE EIXOS 4,30 M, POTENCIA 160 CV (INCLUI CABINE E CHASSI, NAO INCLUI CARROCERIA)                                                                                                                                                                                                                                                                                                                                         ","UN    ","CR","358.936,69"]
[37755,"CAMINHAO TRUCADO, PESO BRUTO TOTAL 22000 KG, CARGA UTIL MAXIMA 15350 KG, DISTANCIA ENTRE EIXOS 5,17 M, POTENCIA 238 CV (INCLUI CABINE E CHASSI, NAO INCLUI CARROCERIA)                                                                                                                                                                                                                                                                                                                                    ","UN    ","CR","521.620,24"]
[37758,"CAMINHAO TRUCADO, PESO BRUTO TOTAL 23000 KG, CARGA UTIL MAXIMA 15378 KG, DISTANCIA ENTRE EIXOS 4,80 M, POTENCIA 326 CV (INCLUI CABINE E CHASSI, NAO INCLUI CARROCERIA)                                                                                                                                                                                                                                                                                                                                    ","UN    ","CR","588.759,50"]
[37747,"CAMINHAO TRUCADO, PESO BRUTO TOTAL 23000 KG, CARGA UTIL MAXIMA 15935 KG, DISTANCIA ENTRE EIXOS 4,80 M, POTENCIA 230 CV (INCLUI CABINE E CHASSI, NAO INCLUI CARROCERIA)                                                                                                                                                                                                                                                                                                                                    ","UN    ","CR","529.754,42"]
[37767,"CAMINHAO TRUCADO, PESO BRUTO TOTAL 23000 KG, CARGA UTIL MAXIMA 15940 KG, DISTANCIA ENTRE EIXOS 3,60 M, POTENCIA 286 CV (INCLUI CABINE E CHASSI, NAO INCLUI CARROCERIA)                                                                                                                                                                                                                                                                                                                                    ","UN    ","CR","559.063,30"]
[37751,"CAMINHAO TRUCADO, PESO BRUTO TOTAL 23000 KG, CARGA UTIL MAXIMA 16190 KG, DISTANCIA ENTRE EIXOS 3,60 M, POTENCIA 286 CV (INCLUI CABINE E CHASSI, NAO INCLUI CARROCERIA)                                                                                                                                                                                                                                                                                                                                    ","UN    ","CR","559.063,30"]
[37749,"CAMINHAO TRUCADO, PESO BRUTO TOTAL 23000 KG, CARGA UTIL MAXIMA 16360 KG, CABINE ESTENDIDA, DISTANCIA ENTRE EIXOS 3,56 M, POTENCIA 275 CV (INCLUI CABINE E CHASSI, NAO INCLUI CARROCERIA)                                                                                                                                                                                                                                                                                                                  ","UN    ","CR","552.607,60"]
[1159,"CAMINHONETE COM MOTOR A DIESEL, POTENCIA *160* CV, CABINE DUPLA, 4X4                                                                                                                                                                                                                                                                                                                                                                                                                                      ","UN    ","C ","199.414,33"]
[12114,"CAMPAINHA ALTA POTENCIA 110V / 220V, DIAMETRO 150 MM                                                                                                                                                                                                                                                                                                                                                                                                                                                      ","UN    ","CR","140,09"]
[38106,"CAMPAINHA CIGARRA 127 V / 220 V (APENAS MODULO)                                                                                                                                                                                                                                                                                                                                                                                                                                                           ","UN    ","CR","19,04"]
[38085,"CAMPAINHA CIGARRA 127 V / 220 V, CONJUNTO MONTADO PARA EMBUTIR 4\" X 2\" (PLACA + SUPORTE + MODULO)                                                                                                                                                                                                                                                                                                                                                                                                         ","UN    ","CR","22,49"]
[38599,"CANALETA DE CONCRETO ESTRUTURAL 14 X 19 X 29 CM, FBK 14 MPA (NBR 6136)                                                                                                                                                                                                                                                                                                                                                                                                                                    ","UN    ","CR","3,54"]
[38596,"CANALETA DE CONCRETO ESTRUTURAL 14 X 19 X 29 CM, FBK 4,5 MPA (NBR 6136)                                                                                                                                                                                                                                                                                                                                                                                                                                   ","UN    ","CR","2,94"]
[38600,"CANALETA DE CONCRETO ESTRUTURAL 14 X 19 X 39 CM, FBK 14 MPA (NBR 6136)                                                                                                                                                                                                                                                                                                                                                                                                                                    ","UN    ","CR","3,75"]
[38597,"CANALETA DE CONCRETO ESTRUTURAL 14 X 19 X 39 CM, FBK 4,5 MPA (NBR 6136)                                                                                                                                                                                                                                                                                                                                                                                                                                   ","UN    ","CR","2,96"]
[659,"CANALETA DE CONCRETO 14 X 19 X 19 CM (CLASSE C - NBR 6136)                                                                                                                                                                                                                                                                                                                                                                                                                                                ","UN    ","CR","1,70"]
[660,"CANALETA DE CONCRETO 19 X 19 X 19 CM (CLASSE C - NBR 6136)                                                                                                                                                                                                                                                                                                                                                                                                                                                ","UN    ","CR","2,04"]
[658,"CANALETA DE CONCRETO 9 X 19 X 19 CM (CLASSE C - NBR 6136)                                                                                                                                                                                                                                                                                                                                                                                                                                                 ","UN    ","CR","1,15"]
[38548,"CANALETA ESTRUTURAL CERAMICA, 14 X 19 X 19 CM, 6,0 MPA (NBR 15270)                                                                                                                                                                                                                                                                                                                                                                                                                                        ","UN    ","CR","1,49"]
[34649,"CANALETA ESTRUTURAL CERAMICA, 14 X 19 X 29 CM, 6,0 MPA (NBR 15270)                                                                                                                                                                                                                                                                                                                                                                                                                                        ","UN    ","CR","2,01"]
[34655,"CANALETA ESTRUTURAL CERAMICA, 14 X 19 X 39 CM, 6,0 MPA (NBR 15270)                                                                                                                                                                                                                                                                                                                                                                                                                                        ","UN    ","CR","2,68"]
[40607,"CANOPLA ACABAMENTO CROMADO PARA INSTALACAO DE SPRINKLER, SOB FORRO, 15 MM                                                                                                                                                                                                                                                                                                                                                                                                                                 ","UN    ","AS","3,92"]
[567,"CANTONEIRA (ABAS IGUAIS) EM FERRO GALVANIZADO, 25,4 MM X 3,17 MM (L X E), 1,27KG/M                                                                                                                                                                                                                                                                                                                                                                                                                        ","M     ","CR","13,87"]
[574,"CANTONEIRA (ABAS IGUAIS) EM FERRO GALVANIZADO, 38,1 MM X 3,17 MM (L X E), 3,48 KG/M                                                                                                                                                                                                                                                                                                                                                                                                                       ","M     ","CR","36,47"]
[568,"CANTONEIRA (ABAS IGUAIS) EM FERRO GALVANIZADO, 50,8 MM X 9,53 MM (L X E), 6,99 KG/M                                                                                                                                                                                                                                                                                                                                                                                                                       ","M     ","CR","76,86"]
[585,"CANTONEIRA \"U\" ALUMINIO ABAS IGUAIS 1 \", E = 3/32 \"                                                                                                                                                                                                                                                                                                                                                                                                                                                       ","KG    ","AS","32,29"]
[4777,"CANTONEIRA ACO ABAS IGUAIS (QUALQUER BITOLA), ESPESSURA ENTRE 1/8\" E 1/4\"                                                                                                                                                                                                                                                                                                                                                                                                                                 ","KG    ","AS","9,61"]
[587,"CANTONEIRA ALUMINIO ABAS DESIGUAIS 1\" X 3/4 \", E = 1/8 \"                                                                                                                                                                                                                                                                                                                                                                                                                                                  ","KG    ","AS","34,60"]
[590,"CANTONEIRA ALUMINIO ABAS DESIGUAIS 2 1/2\" X 1/2 \", E = 3/16 \"                                                                                                                                                                                                                                                                                                                                                                                                                                             ","KG    ","AS","33,44"]
[592,"CANTONEIRA ALUMINIO ABAS IGUAIS 1 \", E = 1/8 \", 25,40 X 3,17 MM (0,408 KG/M)                                                                                                                                                                                                                                                                                                                                                                                                                              ","KG    ","AS","34,60"]
[586,"CANTONEIRA ALUMINIO ABAS IGUAIS 1 \", E = 3 /16 \"                                                                                                                                                                                                                                                                                                                                                                                                                                                          ","M     ","AS","20,34"]
[591,"CANTONEIRA ALUMINIO ABAS IGUAIS 1 1/2 \", E = 3/16 \"                                                                                                                                                                                                                                                                                                                                                                                                                                                       ","KG    ","AS","32,29"]
[588,"CANTONEIRA ALUMINIO ABAS IGUAIS 1 1/4 \", E = 3/16 \"                                                                                                                                                                                                                                                                                                                                                                                                                                                       ","M     ","AS","32,17"]
[589,"CANTONEIRA ALUMINIO ABAS IGUAIS 2 \", E = 1/4 \"                                                                                                                                                                                                                                                                                                                                                                                                                                                            ","M     ","AS","54,39"]
[584,"CANTONEIRA ALUMINIO ABAS IGUAIS 2 \", E = 1/8 \"                                                                                                                                                                                                                                                                                                                                                                                                                                                            ","M     ","AS","34,36"]
[1165,"CAP OU TAMPAO DE FERRO GALVANIZADO, COM ROSCA BSP, DE 1 1/2\"                                                                                                                                                                                                                                                                                                                                                                                                                                              ","UN    ","AS","18,54"]
[1164,"CAP OU TAMPAO DE FERRO GALVANIZADO, COM ROSCA BSP, DE 1 1/4\"                                                                                                                                                                                                                                                                                                                                                                                                                                              ","UN    ","AS","15,02"]
[1162,"CAP OU TAMPAO DE FERRO GALVANIZADO, COM ROSCA BSP, DE 1/2\"                                                                                                                                                                                                                                                                                                                                                                                                                                                ","UN    ","AS","5,22"]
[12395,"CAP OU TAMPAO DE FERRO GALVANIZADO, COM ROSCA BSP, DE 1/4\"                                                                                                                                                                                                                                                                                                                                                                                                                                                ","UN    ","AS","5,07"]
[1170,"CAP OU TAMPAO DE FERRO GALVANIZADO, COM ROSCA BSP, DE 1\"                                                                                                                                                                                                                                                                                                                                                                                                                                                  ","UN    ","AS","9,84"]
[1169,"CAP OU TAMPAO DE FERRO GALVANIZADO, COM ROSCA BSP, DE 2 1/2\"                                                                                                                                                                                                                                                                                                                                                                                                                                              ","UN    ","AS","48,31"]
[1166,"CAP OU TAMPAO DE FERRO GALVANIZADO, COM ROSCA BSP, DE 2\"                                                                                                                                                                                                                                                                                                                                                                                                                                                  ","UN    ","AS","26,78"]
[1163,"CAP OU TAMPAO DE FERRO GALVANIZADO, COM ROSCA BSP, DE 3/4\"                                                                                                                                                                                                                                                                                                                                                                                                                                                ","UN    ","AS","6,75"]
[12396,"CAP OU TAMPAO DE FERRO GALVANIZADO, COM ROSCA BSP, DE 3/8\"                                                                                                                                                                                                                                                                                                                                                                                                                                                ","UN    ","AS","5,07"]
[1168,"CAP OU TAMPAO DE FERRO GALVANIZADO, COM ROSCA BSP, DE 3\"                                                                                                                                                                                                                                                                                                                                                                                                                                                  ","UN    ","AS","68,86"]
[1167,"CAP OU TAMPAO DE FERRO GALVANIZADO, COM ROSCA BSP, DE 4\"                                                                                                                                                                                                                                                                                                                                                                                                                                                  ","UN    ","AS","115,19"]
[36331,"CAP PPR DN 20 MM, PARA AGUA QUENTE PREDIAL                                                                                                                                                                                                                                                                                                                                                                                                                                                                ","UN    ","CR","1,85"]
[36346,"CAP PPR DN 25 MM, PARA AGUA QUENTE PREDIAL                                                                                                                                                                                                                                                                                                                                                                                                                                                                ","UN    ","CR","3,18"]
[1210,"CAP PVC, ROSCAVEL, 1 1/2\",  AGUA FRIA PREDIAL                                                                                                                                                                                                                                                                                                                                                                                                                                                             ","UN    ","CR","13,54"]
[1203,"CAP PVC, ROSCAVEL, 1 1/4\",  AGUA FRIA PREDIAL                                                                                                                                                                                                                                                                                                                                                                                                                                                             ","UN    ","CR","13,12"]
[1197,"CAP PVC, ROSCAVEL, 1/2\", PARA AGUA FRIA PREDIAL                                                                                                                                                                                                                                                                                                                                                                                                                                                           ","UN    ","CR","1,68"]
[1202,"CAP PVC, ROSCAVEL, 1\",  PARA AGUA FRIA PREDIAL                                                                                                                                                                                                                                                                                                                                                                                                                                                            ","UN    ","CR","4,51"]
[1188,"CAP PVC, ROSCAVEL, 2 1/2\",  AGUA FRIA PREDIAL                                                                                                                                                                                                                                                                                                                                                                                                                                                             ","UN    ","CR","26,67"]
[1211,"CAP PVC, ROSCAVEL, 2\",  AGUA FRIA PREDIAL                                                                                                                                                                                                                                                                                                                                                                                                                                                                 ","UN    ","CR","13,76"]
[1198,"CAP PVC, ROSCAVEL, 3/4\",  PARA AGUA FRIA PREDIAL                                                                                                                                                                                                                                                                                                                                                                                                                                                          ","UN    ","CR","2,48"]
[1199,"CAP PVC, ROSCAVEL, 3\",  AGUA FRIA PREDIAL                                                                                                                                                                                                                                                                                                                                                                                                                                                                 ","UN    ","CR","34,83"]
[20088,"CAP PVC, SERIE R, DN 100 MM, PARA ESGOTO OU AGUAS PLUVIAIS PREDIAIS                                                                                                                                                                                                                                                                                                                                                                                                                                       ","UN    ","CR","16,17"]
[20089,"CAP PVC, SERIE R, DN 150 MM, PARA ESGOTO OU AGUAS PLUVIAIS PREDIAIS                                                                                                                                                                                                                                                                                                                                                                                                                                       ","UN    ","CR","77,08"]
[20087,"CAP PVC, SERIE R, DN 75 MM, PARA ESGOTO OU AGUAS PLUVIAIS PREDIAIS                                                                                                                                                                                                                                                                                                                                                                                                                                        ","UN    ","CR","11,64"]
[1200,"CAP PVC, SOLDAVEL, DN 100 MM, SERIE NORMAL, PARA ESGOTO PREDIAL                                                                                                                                                                                                                                                                                                                                                                                                                                           ","UN    ","CR","9,46"]
[12909,"CAP PVC, SOLDAVEL, DN 50 MM, SERIE NORMAL, PARA ESGOTO PREDIAL                                                                                                                                                                                                                                                                                                                                                                                                                                            ","UN    ","CR","4,29"]
[12910,"CAP PVC, SOLDAVEL, DN 75 MM, SERIE NORMAL, PARA ESGOTO PREDIAL                                                                                                                                                                                                                                                                                                                                                                                                                                            ","UN    ","CR","7,15"]
[1184,"CAP PVC, SOLDAVEL, 110 MM, PARA AGUA FRIA PREDIAL                                                                                                                                                                                                                                                                                                                                                                                                                                                         ","UN    ","CR","85,64"]
[1191,"CAP PVC, SOLDAVEL, 20 MM, PARA AGUA FRIA PREDIAL                                                                                                                                                                                                                                                                                                                                                                                                                                                          ","UN    ","CR","1,22"]
[1185,"CAP PVC, SOLDAVEL, 25 MM, PARA AGUA FRIA PREDIAL                                                                                                                                                                                                                                                                                                                                                                                                                                                          ","UN    ","CR","1,39"]
[1189,"CAP PVC, SOLDAVEL, 32 MM, PARA AGUA FRIA PREDIAL                                                                                                                                                                                                                                                                                                                                                                                                                                                          ","UN    ","CR","2,41"]
[1193,"CAP PVC, SOLDAVEL, 40 MM, PARA AGUA FRIA PREDIAL                                                                                                                                                                                                                                                                                                                                                                                                                                                          ","UN    ","CR","4,64"]
[1194,"CAP PVC, SOLDAVEL, 50 MM, PARA AGUA FRIA PREDIAL                                                                                                                                                                                                                                                                                                                                                                                                                                                          ","UN    ","CR","8,78"]
[1195,"CAP PVC, SOLDAVEL, 60 MM, PARA AGUA FRIA PREDIAL                                                                                                                                                                                                                                                                                                                                                                                                                                                          ","UN    ","CR","13,21"]
[1204,"CAP PVC, SOLDAVEL, 75 MM, PARA AGUA FRIA PREDIAL                                                                                                                                                                                                                                                                                                                                                                                                                                                          ","UN    ","CR","24,02"]
[1205,"CAP PVC, SOLDAVEL, 85 MM, PARA AGUA FRIA PREDIAL                                                                                                                                                                                                                                                                                                                                                                                                                                                          ","UN    ","CR","56,98"]
[1207,"CAP, PVC PBA, JE, DN 100 / DE 110 MM,  PARA REDE DE AGUA (NBR 10351)                                                                                                                                                                                                                                                                                                                                                                                                                                      ","UN    ","AS","36,58"]
[1206,"CAP, PVC PBA, JE, DN 50 / DE 60 MM,  PARA REDE DE AGUA (NBR 10351)                                                                                                                                                                                                                                                                                                                                                                                                                                        ","UN    ","AS","9,17"]
[1183,"CAP, PVC PBA, JE, DN 75 / DE 85 MM,  PARA REDE DE AGUA (NBR 10351)                                                                                                                                                                                                                                                                                                                                                                                                                                        ","UN    ","AS","23,89"]
[42685,"CAP, PVC, JE, OCRE, DN 150 MM (CONEXAO PARA TUBO COLETOR DE ESGOTO)                                                                                                                                                                                                                                                                                                                                                                                                                                       ","UN    ","AS","96,99"]
[42686,"CAP, PVC, JE, OCRE, DN 200 MM (CONEXAO PARA TUBO COLETOR DE ESGOTO)                                                                                                                                                                                                                                                                                                                                                                                                                                       ","UN    ","AS","151,00"]
[12894,"CAPA PARA CHUVA EM PVC COM FORRO DE POLIESTER, COM CAPUZ (AMARELA OU AZUL)                                                                                                                                                                                                                                                                                                                                                                                                                                ","UN    ","CR","16,79"]
[12895,"CAPACETE DE SEGURANCA ABA FRONTAL COM SUSPENSAO DE POLIETILENO, SEM JUGULAR (CLASSE B)                                                                                                                                                                                                                                                                                                                                                                                                                    ","UN    ","C ","12,92"]
[1631,"CAPACITOR TRIFASICO, POTENCIA 2,5 KVAR, TENSAO 220 V, FORNECIDO COM CAPA PROTETORA, RESISTOR INTERNO A UNIDADE CAPACITIVA                                                                                                                                                                                                                                                                                                                                                                                 ","UN    ","CR","134,49"]
[1633,"CAPACITOR TRIFASICO, POTENCIA 5 KVAR, TENSAO 220 V, FORNECIDO COM CAPA PROTETORA, RESISTOR INTERNO A UNIDADE CAPACITIVA                                                                                                                                                                                                                                                                                                                                                                                   ","UN    ","CR","228,51"]
[10818,"CAPIM BRAQUIARIA DECUMBENS/ BRAQUIARINHA, VC *70*% MINIMO                                                                                                                                                                                                                                                                                                                                                                                                                                                 ","KG    ","CR","27,92"]
[39359,"CARENAGEM /TAMPA, EM PLASTICO, COR BRANCA, UTILIZADO EM KIT CHASSI METALICO PARA INSTALACAO HIDRAULICA DE CUBA SIMPLES SEM MAQUINA DE LAVAR ROUPA, LARGURA *355* MM X ALTURA *670* MM (COM FUROS E DEMAIS ENCAIXES)                                                                                                                                                                                                                                                                                       ","UN    ","AS","37,13"]
[39360,"CARENAGEM /TAMPA, EM PLASTICO, COR BRANCA, UTILIZADO EM KIT CHASSI METALICO PARA INSTALACAO HIDRAULICA DE TANQUE COM MAQUINA DE LAVAR ROUPA, LARGURA *360* MM X ALTURA *470* MM (COM FUROS E DEMAIS ENCAIXES)                                                                                                                                                                                                                                                                                             ","UN    ","AS","33,75"]
[10710,"CARPETE DE NYLON EM MANTA PARA TRAFEGO COMERCIAL PESADO, E = 6 A 7 MM (INSTALADO)                                                                                                                                                                                                                                                                                                                                                                                                                         ","M2    ","AS","126,50"]
[10709,"CARPETE DE NYLON EM MANTA PARA TRAFEGO COMERCIAL PESADO, E = 9 A 10 MM (INSTALADO)                                                                                                                                                                                                                                                                                                                                                                                                                        ","M2    ","AS","155,41"]
[39636,"CARPETE DE NYLON EM PLACAS 50 X 50 CM PARA TRAFEGO COMERCIAL PESADO, E = 6,5 MM (INSTALADO)                                                                                                                                                                                                                                                                                                                                                                                                               ","M2    ","AS","158,70"]
[10708,"CARPETE DE POLIESTER EM MANTA PARA TRAFEGO COMERCIAL PESADO, E = 4 A 5 MM (INSTALADO)                                                                                                                                                                                                                                                                                                                                                                                                                     ","M2    ","AS","48,97"]
[39635,"CARPETE DE POLIPROPILENO EM MANTA PARA TRAFEGO COMERCIAL MEDIO, E = 5 A 6 MM (INSTALADO)                                                                                                                                                                                                                                                                                                                                                                                                                  ","M2    ","AS","83,37"]
[6117,"CARPINTEIRO AUXILIAR                                                                                                                                                                                                                                                                                                                                                                                                                                                                                      ","H     ","CR","11,06"]
[40913,"CARPINTEIRO AUXILIAR (MENSALISTA)                                                                                                                                                                                                                                                                                                                                                                                                                                                                         ","MES   ","CR","1.946,10"]
[1214,"CARPINTEIRO DE ESQUADRIAS                                                                                                                                                                                                                                                                                                                                                                                                                                                                                 ","H     ","CR","13,19"]
[40915,"CARPINTEIRO DE ESQUADRIAS (MENSALISTA)                                                                                                                                                                                                                                                                                                                                                                                                                                                                    ","MES   ","CR","2.319,41"]
[1213,"CARPINTEIRO DE FORMAS                                                                                                                                                                                                                                                                                                                                                                                                                                                                                     ","H     ","C ","14,07"]
[40914,"CARPINTEIRO DE FORMAS (MENSALISTA)                                                                                                                                                                                                                                                                                                                                                                                                                                                                        ","MES   ","CR","2.470,14"]
[5091,"CARRANCA PARA JANELA VENEZIANA DE ABRIR, EM LATAO CROMADO, SIMPLES, PARA APARAFUSAR NA PAREDE                                                                                                                                                                                                                                                                                                                                                                                                             ","UN    ","CR","15,62"]
[14615,"CARRINHO COM 2 PNEUS PARA TRANSPORTAR TUBO CONCRETO, ALTURA ATE 1,0 M E DIAMETRO ATE 1000MM, COM ESTRUTURA EM PERFIL OU TUBO METALICO                                                                                                                                                                                                                                                                                                                                                                     ","UN    ","AS","3.711,75"]
[2711,"CARRINHO DE MAO DE ACO CAPACIDADE 50 A 60 L, PNEU COM CAMARA                                                                                                                                                                                                                                                                                                                                                                                                                                              ","UN    ","C ","150,00"]
[37727,"CARROCERIA FIXA ABERTA DE MADEIRA PARA TRANSPORTE GERAL DE CARGA SECA DIMENSOES APROXIMADAS 2,25 X 4,10 X 0,50 M (INCLUI MONTAGEM, NAO INCLUI CAMINHAO)                                                                                                                                                                                                                                                                                                                                                   ","UN    ","AS","17.067,50"]
[37728,"CARROCERIA FIXA ABERTA DE MADEIRA PARA TRANSPORTE GERAL DE CARGA SECA DIMENSOES APROXIMADAS 2,5 X 5,5 X 0,50 M (INCLUI MONTAGEM, NAO INCLUI CAMINHAO)                                                                                                                                                                                                                                                                                                                                                     ","UN    ","AS","23.154,51"]
[37729,"CARROCERIA FIXA ABERTA DE MADEIRA PARA TRANSPORTE GERAL DE CARGA SECA DIMENSOES APROXIMADAS 2,5 X 6,00 X 0,50 M (INCLUI MONTAGEM, NAO INCLUI CAMINHAO)                                                                                                                                                                                                                                                                                                                                                    ","UN    ","AS","25.064,16"]
[37730,"CARROCERIA FIXA ABERTA DE MADEIRA PARA TRANSPORTE GERAL DE CARGA SECA DIMENSOES APROXIMADAS 2,5 X 6,5 X 0,50 M (INCLUI MONTAGEM, NAO INCLUI CAMINHAO)                                                                                                                                                                                                                                                                                                                                                     ","UN    ","AS","26.973,81"]
[37731,"CARROCERIA FIXA ABERTA DE MADEIRA PARA TRANSPORTE GERAL DE CARGA SECA DIMENSOES APROXIMADAS 2,5 X 7,00 X 0,50 M (INCLUI MONTAGEM, NAO INCLUI CAMINHAO)                                                                                                                                                                                                                                                                                                                                                    ","UN    ","AS","28.883,46"]
[37732,"CARROCERIA FIXA ABERTA DE MADEIRA PARA TRANSPORTE GERAL DE CARGA SECA DIMENSOES APROXIMADAS 2,5 X 7,5 X 0,50 M (INCLUI MONTAGEM, NAO INCLUI CAMINHAO)                                                                                                                                                                                                                                                                                                                                                     ","UN    ","AS","32.941,46"]
[42250,"CARVAO ANTRACITO PARA FILTRO, GRAO VARIANDO DE 0,8 ATE 1,1 MM, COEFICIENTE DE UNIFORMIDADE MENOR QUE 1,7 MM                                                                                                                                                                                                                                                                                                                                                                                               ","T     ","CR","2.539,79"]
[42256,"CARVAO ANTRACITO PARA FILTRO, GRAO VARIANDO DE 0,8 ATE 1,1 MM, COEFICIENTE DE UNIFORMIDADE MENOR QUE 1,7 MM (DISTRIBUIDOR)                                                                                                                                                                                                                                                                                                                                                                                ","KG    ","CR","7,15"]
[4743,"CASCALHO DE CAVA                                                                                                                                                                                                                                                                                                                                                                                                                                                                                          ","M3    ","CR","55,10"]
[4744,"CASCALHO DE RIO                                                                                                                                                                                                                                                                                                                                                                                                                                                                                           ","M3    ","CR","88,16"]
[4745,"CASCALHO LAVADO                                                                                                                                                                                                                                                                                                                                                                                                                                                                                           ","M3    ","CR","105,74"]
[36496,"CAVALETE PARA TALHA COM ESTRUTURA EM TUBO METALICO ALTURA MINIMA 3,2 M EQUIPADO COM RODAS DE BORRACHA PARA MOVIMENTACAO DE TUBOS DE CONCRETO NA CENTRAL DE PREMOLDADOS COM CAPACIDADE DE CARGA DE 3 TONELADAS                                                                                                                                                                                                                                                                                             ","UN    ","AS","9.424,07"]
[10630,"CAVALO MECANICO TRACAO 4X2, PESO BRUTO TOTAL COMBINADO 49000 KG, CAPACIDADE MAXIMA DE TRACAO *66000* KG, POTENCIA *360* CV (INCLUI CABINE E CHASSI, NAO INCLUI SEMIRREBOQUE)                                                                                                                                                                                                                                                                                                                              ","UN    ","CR","466.150,56"]
[37762,"CAVALO MECANICO TRACAO 4X2, PESO BRUTO TOTAL 16000 KG, CAPACIDADE MAXIMA DE TRACAO *36000* KG, DISTANCIA ENTRE EIXOS *3,56* M, POTENCIA *286* CV (INCLUI CABINE E CHASSI, NAO INCLUI SEMIRREBOQUE)                                                                                                                                                                                                                                                                                                        ","UN    ","CR","399.788,89"]
[37763,"CAVALO MECANICO TRACAO 4X2, PESO BRUTO TOTAL 16000 KG, CAPACIDADE MAXIMA DE TRACAO *45000* KG, DISTANCIA ENTRE EIXOS *3,56* M, POTENCIA *330* CV (INCLUI CABINE E CHASSI, NAO INCLUI SEMIRREBOQUE)                                                                                                                                                                                                                                                                                                        ","UN    ","CR","404.644,56"]
[41992,"CAVALO MECANICO TRACAO 4X2, PESO BRUTO TOTAL 16000 KG, CAPACIDADE MAXIMA DE TRACAO *80000* KG, POTENCIA *380* CV (INCLUI CABINE E CHASSI, NAO INCLUI SEMIRREBOQUE)                                                                                                                                                                                                                                                                                                                                        ","UN    ","C ","460.000,00"]
[13215,"CAVALO MECANICO TRACAO 6X2, PESO BRUTO TOTAL COMBINADO 56000 KG, CAPACIDADE MAXIMA DE TRACAO *66000* KG, POTENCIA *360* CV (INCLUI CABINE E CHASSI, NAO INCLUI SEMIRREBOQUE)                                                                                                                                                                                                                                                                                                                              ","UN    ","CR","564.074,54"]
[4235,"CAVOUQUEIRO OU OPERADOR DE PERFURATRIZ / ROMPEDOR                                                                                                                                                                                                                                                                                                                                                                                                                                                         ","H     ","CR","15,80"]
[40976,"CAVOUQUEIRO OU OPERADOR DE PERFURATRIZ / ROMPEDOR (MENSALISTA)                                                                                                                                                                                                                                                                                                                                                                                                                                            ","MES   ","CR","2.774,91"]
[39013,"CENTRALIZADOR DE BARRA DE ACO (CHUMBADOR TIPO CARAMBOLA), PARA ACO ATE 20 MM                                                                                                                                                                                                                                                                                                                                                                                                                              ","UN    ","AS","1,43"]
[43091,"CENTRO DE MEDICAO AGRUPADA, EM POLICARBONATO / PVC, COM 12 MEDIDORES E PROTECAO GERAL (INCLUI BARRAMENTO, DISJUNTORES E ACESSORIOS DE FIXACAO) (PADRAO CONCESSIONARIA LOCAL)                                                                                                                                                                                                                                                                                                                              ","UN    ","CR","4.060,85"]
[43092,"CENTRO DE MEDICAO AGRUPADA, EM POLICARBONATO / PVC, COM 16 MEDIDORES E PROTECAO GERAL (INCLUI BARRAMENTO, DISJUNTORES E ACESSORIOS DE FIXACAO) (PADRAO CONCESSIONARIA LOCAL)                                                                                                                                                                                                                                                                                                                              ","UN    ","CR","5.414,47"]
[43089,"CENTRO DE MEDICAO AGRUPADA, EM POLICARBONATO / PVC, COM 4 MEDIDORES E PROTECAO GERAL (INCLUI BARRAMENTO, DISJUNTORES E ACESSORIOS DE FIXACAO) (PADRAO CONCESSIONARIA LOCAL)                                                                                                                                                                                                                                                                                                                               ","UN    ","CR","943,62"]
[43090,"CENTRO DE MEDICAO AGRUPADA, EM POLICARBONATO / PVC, COM 8 MEDIDORES E PROTECAO GERAL (INCLUI BARRAMENTO, DISJUNTORES E ACESSORIOS DE FIXACAO) (PADRAO CONCESSIONARIA LOCAL)                                                                                                                                                                                                                                                                                                                               ","UN    ","CR","2.082,49"]
[41967,"CERA  LIQUIDA                                                                                                                                                                                                                                                                                                                                                                                                                                                                                             ","L     ","CR","9,58"]
[12760,"CHAPA ACO INOX AISI 304 NUMERO 4 (E = 6 MM), ACABAMENTO NUMERO 1 (LAMINADO A QUENTE, FOSCO)                                                                                                                                                                                                                                                                                                                                                                                                               ","M2    ","CR","1.151,37"]
[12759,"CHAPA ACO INOX AISI 304 NUMERO 9 (E = 4 MM), ACABAMENTO NUMERO 1 (LAMINADO A QUENTE, FOSCO)                                                                                                                                                                                                                                                                                                                                                                                                               ","M2    ","CR","767,56"]
[43105,"CHAPA DE ACO CARBONO GALVANIZADA, PERFURADA (GRADE FUROS) E = 1,5 MM, DIAMETRO DO FURO = 9,52 MM (FUROS ALTERNADOS HORIZ.)                                                                                                                                                                                                                                                                                                                                                                                ","KG    ","CR","36,67"]
[40424,"CHAPA DE ACO CARBONO LAMINADO A QUENTE, QUALIDADE ESTRUTURAL, BITOLA 3/16\", E =4,75 MM (37,29 KG/M2)                                                                                                                                                                                                                                                                                                                                                                                                      ","KG    ","CR","9,32"]
[1325,"CHAPA DE ACO FINA A FRIO BITOLA MSG 20, E = 0,90 MM (7,20 KG/M2)                                                                                                                                                                                                                                                                                                                                                                                                                                          ","KG    ","CR","10,20"]
[1327,"CHAPA DE ACO FINA A FRIO BITOLA MSG 24, E = 0,60 MM (4,80 KG/M2)                                                                                                                                                                                                                                                                                                                                                                                                                                          ","KG    ","CR","10,87"]
[1328,"CHAPA DE ACO FINA A FRIO BITOLA MSG 26, E = 0,45 MM (3,60 KG/M2)                                                                                                                                                                                                                                                                                                                                                                                                                                          ","KG    ","CR","10,23"]
[1321,"CHAPA DE ACO FINA A QUENTE BITOLA MSG 13, E = 2,25 MM (18,00 KG/M2)                                                                                                                                                                                                                                                                                                                                                                                                                                       ","KG    ","CR","9,47"]
[1318,"CHAPA DE ACO FINA A QUENTE BITOLA MSG 14, E = 2,00 MM (16,0 KG/M2)                                                                                                                                                                                                                                                                                                                                                                                                                                        ","KG    ","CR","9,48"]
[1322,"CHAPA DE ACO FINA A QUENTE BITOLA MSG 16, E = 1,50 MM (12,00 KG/M2)                                                                                                                                                                                                                                                                                                                                                                                                                                       ","KG    ","CR","10,01"]
[1323,"CHAPA DE ACO FINA A QUENTE BITOLA MSG 18, E = 1,20 MM (9,60 KG/M2)                                                                                                                                                                                                                                                                                                                                                                                                                                        ","KG    ","CR","10,01"]
[1319,"CHAPA DE ACO FINA A QUENTE BITOLA MSG 3/16 \", E = 4,75 MM (38,00 KG/M2)                                                                                                                                                                                                                                                                                                                                                                                                                                   ","KG    ","CR","8,44"]
[11026,"CHAPA DE ACO GALVANIZADA BITOLA GSG 14, E = 1,95 MM (15,60 KG/M2)                                                                                                                                                                                                                                                                                                                                                                                                                                         ","KG    ","CR","11,61"]
[11027,"CHAPA DE ACO GALVANIZADA BITOLA GSG 16, E = 1,55 MM (12,40 KG/M2)                                                                                                                                                                                                                                                                                                                                                                                                                                         ","KG    ","CR","12,08"]
[11046,"CHAPA DE ACO GALVANIZADA BITOLA GSG 18, E = 1,25 MM (10,00 KG/M2)                                                                                                                                                                                                                                                                                                                                                                                                                                         ","KG    ","CR","11,57"]
[11047,"CHAPA DE ACO GALVANIZADA BITOLA GSG 19, E = 1,11 MM (8,88 KG/M2)                                                                                                                                                                                                                                                                                                                                                                                                                                          ","KG    ","CR","12,61"]
[43668,"CHAPA DE ACO GALVANIZADA BITOLA GSG 20, E = 0,95 MM (7,60 KG/M2)                                                                                                                                                                                                                                                                                                                                                                                                                                          ","KG    ","CR","11,13"]
[11049,"CHAPA DE ACO GALVANIZADA BITOLA GSG 22, E = 0,80 MM (6,40 KG/M2)                                                                                                                                                                                                                                                                                                                                                                                                                                          ","KG    ","C ","12,06"]
[43106,"CHAPA DE ACO GALVANIZADA BITOLA GSG 24, E = 0,64 (5,12 KG/M2)                                                                                                                                                                                                                                                                                                                                                                                                                                             ","KG    ","CR","12,13"]
[11051,"CHAPA DE ACO GALVANIZADA BITOLA GSG 26, E = 0,50 MM (4,00 KG/M2)                                                                                                                                                                                                                                                                                                                                                                                                                                          ","KG    ","CR","12,66"]
[11061,"CHAPA DE ACO GALVANIZADA BITOLA GSG 30, E = 0,35 MM (2,80 KG/M2)                                                                                                                                                                                                                                                                                                                                                                                                                                          ","KG    ","CR","15,19"]
[43667,"CHAPA DE ACO GROSSA, ASTM A36, E = 1 \" (25,40 MM) 199,18 KG/M2                                                                                                                                                                                                                                                                                                                                                                                                                                            ","KG    ","CR","11,04"]
[1333,"CHAPA DE ACO GROSSA, ASTM A36, E = 1/2 \" (12,70 MM) 99,59 KG/M2                                                                                                                                                                                                                                                                                                                                                                                                                                           ","KG    ","CR","9,20"]
[1330,"CHAPA DE ACO GROSSA, ASTM A36, E = 1/4 \" (6,35 MM) 49,79 KG/M2                                                                                                                                                                                                                                                                                                                                                                                                                                            ","KG    ","CR","9,11"]
[10957,"CHAPA DE ACO GROSSA, ASTM A36, E = 3/4 \" (19,05 MM) 149,39 KG/M2                                                                                                                                                                                                                                                                                                                                                                                                                                          ","KG    ","CR","10,50"]
[1332,"CHAPA DE ACO GROSSA, ASTM A36, E = 3/8 \" (9,53 MM) 74,69 KG/M2                                                                                                                                                                                                                                                                                                                                                                                                                                            ","KG    ","CR","9,34"]
[1334,"CHAPA DE ACO GROSSA, ASTM A36, E = 5/8 \" (15,88 MM) 124,49 KG/M2                                                                                                                                                                                                                                                                                                                                                                                                                                          ","KG    ","CR","10,36"]
[1335,"CHAPA DE ACO GROSSA, ASTM A36, E = 7/8 \" (22,23 MM) 174,28 KG/M2                                                                                                                                                                                                                                                                                                                                                                                                                                          ","KG    ","CR","10,70"]
[40425,"CHAPA DE ACO GROSSA, SAE 1020, BITOLA 1/4\", E = 6,35 MM (49,85 KG/M2)                                                                                                                                                                                                                                                                                                                                                                                                                                     ","KG    ","CR","9,16"]
[1337,"CHAPA DE ACO XADREZ PARA PISOS, E = 1/4 \" (6,30 MM) 54,53 KG/M2                                                                                                                                                                                                                                                                                                                                                                                                                                           ","KG    ","CR","10,50"]
[1338,"CHAPA DE LAMINADO MELAMINICO, LISO BRILHANTE, DE *1,25 X 3,08* M, E = 0,8 MM                                                                                                                                                                                                                                                                                                                                                                                                                              ","M2    ","C ","40,22"]
[1340,"CHAPA DE LAMINADO MELAMINICO, LISO FOSCO, DE *1,25 X 3,08* M, E = 0,8 MM                                                                                                                                                                                                                                                                                                                                                                                                                                  ","M2    ","CR","46,50"]
[1341,"CHAPA DE LAMINADO MELAMINICO, TEXTURIZADO, DE *1,25 X 3,08* M, E = 0,8 MM                                                                                                                                                                                                                                                                                                                                                                                                                                 ","M2    ","CR","44,78"]
[11134,"CHAPA DE MADEIRA COMPENSADA NAVAL (COM COLA FENOLICA), E = 10 MM, DE *1,60 X 2,20* M                                                                                                                                                                                                                                                                                                                                                                                                                      ","M2    ","C ","44,97"]
[11135,"CHAPA DE MADEIRA COMPENSADA NAVAL (COM COLA FENOLICA), E = 12 MM, DE *1,60 X 2,20* M                                                                                                                                                                                                                                                                                                                                                                                                                      ","M2    ","CR","54,82"]
[11136,"CHAPA DE MADEIRA COMPENSADA NAVAL (COM COLA FENOLICA), E = 15 MM, DE *1,60 X 2,20* M                                                                                                                                                                                                                                                                                                                                                                                                                      ","M2    ","CR","59,30"]
[34743,"CHAPA DE MADEIRA COMPENSADA NAVAL (COM COLA FENOLICA), E = 18 MM, DE *1,60 X 2,20* M                                                                                                                                                                                                                                                                                                                                                                                                                      ","M2    ","CR","75,48"]
[11137,"CHAPA DE MADEIRA COMPENSADA NAVAL (COM COLA FENOLICA), E = 20 MM, DE *1,60 X 2,20* M                                                                                                                                                                                                                                                                                                                                                                                                                      ","M2    ","CR","84,18"]
[34745,"CHAPA DE MADEIRA COMPENSADA NAVAL (COM COLA FENOLICA), E = 25 MM, DE *1,60 X 2,20* M                                                                                                                                                                                                                                                                                                                                                                                                                      ","M2    ","CR","95,93"]
[34746,"CHAPA DE MADEIRA COMPENSADA NAVAL (COM COLA FENOLICA), E = 4 MM, DE *1,60 X 2,20* M                                                                                                                                                                                                                                                                                                                                                                                                                       ","M2    ","CR","24,70"]
[1360,"CHAPA DE MADEIRA COMPENSADA NAVAL (COM COLA FENOLICA), E = 6 MM, DE *1,60 X 2,20* M                                                                                                                                                                                                                                                                                                                                                                                                                       ","M2    ","CR","30,51"]
[1346,"CHAPA DE MADEIRA COMPENSADA PLASTIFICADA PARA FORMA DE CONCRETO, DE 2,20 x 1,10 M, E = 10 MM                                                                                                                                                                                                                                                                                                                                                                                                              ","M2    ","CR","34,55"]
[1345,"CHAPA DE MADEIRA COMPENSADA PLASTIFICADA PARA FORMA DE CONCRETO, DE 2,20 x 1,10 M, E = 18 MM                                                                                                                                                                                                                                                                                                                                                                                                              ","M2    ","CR","55,97"]
[1347,"CHAPA DE MADEIRA COMPENSADA PLASTIFICADA PARA FORMA DE CONCRETO, DE 2,20 X 1,10 M, E = 12 MM                                                                                                                                                                                                                                                                                                                                                                                                              ","M2    ","C ","41,28"]
[1355,"CHAPA DE MADEIRA COMPENSADA RESINADA PARA FORMA DE CONCRETO, DE *2,2 X 1,1* M, E = 14 MM                                                                                                                                                                                                                                                                                                                                                                                                                  ","M2    ","CR","57,13"]
[1358,"CHAPA DE MADEIRA COMPENSADA RESINADA PARA FORMA DE CONCRETO, DE *2,2 X 1,1* M, E = 17 MM                                                                                                                                                                                                                                                                                                                                                                                                                  ","M2    ","CR","66,19"]
[34659,"CHAPA DE MDF BRANCO LISO 1 FACE, E = 12 MM, DE *2,75 X 1,85* M                                                                                                                                                                                                                                                                                                                                                                                                                                            ","M2    ","AS","44,93"]
[34514,"CHAPA DE MDF BRANCO LISO 1 FACE, E = 15 MM, DE *2,75 X 1,85* M                                                                                                                                                                                                                                                                                                                                                                                                                                            ","M2    ","AS","49,77"]
[34660,"CHAPA DE MDF BRANCO LISO 1 FACE, E = 18 MM, DE *2,75 X 1,85* M                                                                                                                                                                                                                                                                                                                                                                                                                                            ","M2    ","AS","63,16"]
[34661,"CHAPA DE MDF BRANCO LISO 1 FACE, E = 25 MM, DE *2,75 X 1,85* M                                                                                                                                                                                                                                                                                                                                                                                                                                            ","M2    ","AS","90,72"]
[34667,"CHAPA DE MDF BRANCO LISO 1 FACE, E = 6 MM, DE *2,75 X 1,85* M                                                                                                                                                                                                                                                                                                                                                                                                                                             ","M2    ","AS","32,85"]
[34668,"CHAPA DE MDF BRANCO LISO 1 FACE, E = 9 MM, DE *2,75 X 1,85* M                                                                                                                                                                                                                                                                                                                                                                                                                                             ","M2    ","AS","42,93"]
[34741,"CHAPA DE MDF BRANCO LISO 2 FACES, E = 12 MM, DE *2,75 X 1,85* M                                                                                                                                                                                                                                                                                                                                                                                                                                           ","M2    ","AS","47,23"]
[34664,"CHAPA DE MDF BRANCO LISO 2 FACES, E = 15 MM, DE *2,75 X 1,85* M                                                                                                                                                                                                                                                                                                                                                                                                                                           ","M2    ","AS","51,55"]
[34665,"CHAPA DE MDF BRANCO LISO 2 FACES, E = 18 MM, DE *2,75 X 1,85* M                                                                                                                                                                                                                                                                                                                                                                                                                                           ","M2    ","AS","63,99"]
[34666,"CHAPA DE MDF BRANCO LISO 2 FACES, E = 25 MM, DE *2,75 X 1,85* M                                                                                                                                                                                                                                                                                                                                                                                                                                           ","M2    ","AS","96,65"]
[34669,"CHAPA DE MDF BRANCO LISO 2 FACES, E = 6 MM, DE *2,75 X 1,85* M                                                                                                                                                                                                                                                                                                                                                                                                                                            ","M2    ","AS","35,44"]
[34670,"CHAPA DE MDF BRANCO LISO 2 FACES, E = 9 MM, DE *2,75 X 1,85* M                                                                                                                                                                                                                                                                                                                                                                                                                                            ","M2    ","AS","43,34"]
[34671,"CHAPA DE MDF CRU, E = 12 MM, DE *2,75 X 1,85* M                                                                                                                                                                                                                                                                                                                                                                                                                                                           ","M2    ","AS","36,18"]
[34672,"CHAPA DE MDF CRU, E = 15 MM, DE *2,75 X 1,85* M                                                                                                                                                                                                                                                                                                                                                                                                                                                           ","M2    ","AS","38,15"]
[34673,"CHAPA DE MDF CRU, E = 18 MM, DE *2,75 X 1,85* M                                                                                                                                                                                                                                                                                                                                                                                                                                                           ","M2    ","AS","46,55"]
[34674,"CHAPA DE MDF CRU, E = 20 MM, DE *2,75 X 1,85* M                                                                                                                                                                                                                                                                                                                                                                                                                                                           ","M2    ","AS","61,89"]
[34675,"CHAPA DE MDF CRU, E = 25 MM, DE *2,75 X 1,85* M                                                                                                                                                                                                                                                                                                                                                                                                                                                           ","M2    ","AS","75,46"]
[34676,"CHAPA DE MDF CRU, E = 6 MM, DE *2,75 X 1,85* M                                                                                                                                                                                                                                                                                                                                                                                                                                                            ","M2    ","AS","21,72"]
[34677,"CHAPA DE MDF CRU, E = 9 MM, DE *2,75 X 1,85* M                                                                                                                                                                                                                                                                                                                                                                                                                                                            ","M2    ","AS","29,20"]
[43126,"CHAPA EM ACO GALVANIZADO PARA STEEL DECK, COM NERVURAS TRAPEZOIDAIS, LARGURA UTIL DE 915 MM E ESPESSURA DE 0,80 MM                                                                                                                                                                                                                                                                                                                                                                                        ","M2    ","AS","152,42"]
[43124,"CHAPA EM ACO GALVANIZADO PARA STEEL DECK, COM NERVURAS TRAPEZOIDAIS, LARGURA UTIL DE 915 MM E ESPESSURA DE 0,95 MM                                                                                                                                                                                                                                                                                                                                                                                        ","M2    ","AS","177,97"]
[43125,"CHAPA EM ACO GALVANIZADO PARA STEEL DECK, COM NERVURAS TRAPEZOIDAIS, LARGURA UTIL DE 915 MM E ESPESSURA DE 1,25 MM                                                                                                                                                                                                                                                                                                                                                                                        ","M2    ","AS","230,80"]
[40623,"CHAPA PARA EMENDA DE VIGA, EM ACO GROSSO, QUALIDADE ESTRUTURAL, BITOLA 3/16 \", E= 4,75 MM, 4 FUROS, LARGURA 45 MM, COMPRIMENTO 500 MM                                                                                                                                                                                                                                                                                                                                                                     ","PAR   ","CR","102,29"]
[43701,"CHAPA/BOBINA LISA EM ALUMINIO, LIGA 1.200 - H14, QUALQUER ESPESSURA, QUALQUER LARGURA                                                                                                                                                                                                                                                                                                                                                                                                                     ","KG    ","AS","41,84"]
[12083,"CHAVE BLINDADA TRIPOLAR PARA MOTORES, DO TIPO FACA, COM PORTA FUSIVEL DO TIPO CARTUCHO, CORRENTE NOMINAL DE 100 A, TENSAO NOMINAL DE 250 V                                                                                                                                                                                                                                                                                                                                                                ","UN    ","CR","476,09"]
[12081,"CHAVE BLINDADA TRIPOLAR PARA MOTORES, DO TIPO FACA, COM PORTA FUSIVEL DO TIPO CARTUCHO, CORRENTE NOMINAL DE 30 A, TENSAO NOMINAL DE 250 V                                                                                                                                                                                                                                                                                                                                                                 ","UN    ","C ","161,00"]
[12082,"CHAVE BLINDADA TRIPOLAR PARA MOTORES, DO TIPO FACA, COM PORTA FUSIVEL DO TIPO CARTUCHO, CORRENTE NOMINAL DE 60 A, TENSAO NOMINAL DE 250 V                                                                                                                                                                                                                                                                                                                                                                 ","UN    ","CR","253,03"]
[13354,"CHAVE DE PARTIDA DIRETA TRIFASICA, COM CAIXA TERMOPLASTICA, COM FUSIVEL DE 25 A, PARA MOTOR COM POTENCIA DE 7,5 CV E TENSAO DE 380 V                                                                                                                                                                                                                                                                                                                                                                      ","UN    ","CR","377,90"]
[14057,"CHAVE DE PARTIDA DIRETA TRIFASICA, COM CAIXA TERMOPLASTICA, COM FUSIVEL DE 35 A, PARA MOTOR COM POTENCIA DE 5 CV E TENSAO DE 220 V                                                                                                                                                                                                                                                                                                                                                                        ","UN    ","CR","210,99"]
[14058,"CHAVE DE PARTIDA DIRETA TRIFASICA, COM CAIXA TERMOPLASTICA, COM FUSIVEL DE 63 A, PARA MOTOR COM POTENCIA DE 10 CV E TENSAO DE 220 V                                                                                                                                                                                                                                                                                                                                                                       ","UN    ","CR","332,83"]
[20971,"CHAVE DUPLA PARA CONEXOES TIPO STORZ, ENGATE RAPIDO 1 1/2\" X 2 1/2\", EM LATAO, PARA INSTALACAO PREDIAL COMBATE A INCENDIO                                                                                                                                                                                                                                                                                                                                                                                 ","UN    ","CR","20,95"]
[5047,"CHAVE FUSIVEL PARA REDES DE DISTRIBUICAO, TENSAO DE 15,0 KV, CORRENTE NOMINAL DO PORTA FUSIVEL DE 100 A, CAPACIDADE DE INTERRUPCAO SIMETRICA DE 7,10 KA, CAPACIDADE DE INTERRUPCAO ASSIMETRICA 10,00 KA                                                                                                                                                                                                                                                                                                   ","UN    ","CR","226,76"]
[13369,"CHAVE SECCIONADORA-FUSIVEL BLINDADA TRIPOLAR, ABERTURA COM CARGA, PARA FUSIVEL NH00, CORRENTE NOMINAL DE 160 A, TENSAO DE 500 V                                                                                                                                                                                                                                                                                                                                                                           ","UN    ","CR","245,98"]
[13370,"CHAVE SECCIONADORA-FUSIVEL BLINDADA TRIPOLAR, ABERTURA COM CARGA, PARA FUSIVEL NH01, CORRENTE NOMINAL DE 250 A, TENSAO DE 500 V                                                                                                                                                                                                                                                                                                                                                                           ","UN    ","CR","340,98"]
[13279,"CHUMBADOR DE ACO TIPO PARABOLT, * 5/8\" X 200* MM,  COM PORCA E ARRUELA                                                                                                                                                                                                                                                                                                                                                                                                                                    ","KG    ","AS","13,67"]
[11977,"CHUMBADOR DE ACO, DIAMETRO 1/2\", COMPRIMENTO 75 MM                                                                                                                                                                                                                                                                                                                                                                                                                                                        ","UN    ","AS","7,08"]
[11975,"CHUMBADOR DE ACO, DIAMETRO 5/8\", COMPRIMENTO 6\", COM PORCA                                                                                                                                                                                                                                                                                                                                                                                                                                                ","UN    ","AS","15,53"]
[39746,"CHUMBADOR DE ACO, 1\" X 600 MM, PARA POSTES DE ACO COM BASE, INCLUSO PORCA E ARRUELA                                                                                                                                                                                                                                                                                                                                                                                                                       ","UN    ","AS","172,81"]
[11976,"CHUMBADOR, DIAMETRO 1/4\" COM PARAFUSO 1/4\" X 40 MM                                                                                                                                                                                                                                                                                                                                                                                                                                                        ","UN    ","AS","0,79"]
[1368,"CHUVEIRO COMUM EM PLASTICO BRANCO, COM CANO, 3 TEMPERATURAS, 5500 W (110/220 V)                                                                                                                                                                                                                                                                                                                                                                                                                           ","UN    ","C ","62,40"]
[1367,"CHUVEIRO COMUM EM PLASTICO CROMADO, COM CANO, 4 TEMPERATURAS (110/220 V)                                                                                                                                                                                                                                                                                                                                                                                                                                  ","UN    ","CR","201,84"]
[7608,"CHUVEIRO PLASTICO BRANCO SIMPLES 5 '' PARA ACOPLAR EM HASTE 1/2 \", AGUA FRIA                                                                                                                                                                                                                                                                                                                                                                                                                              ","UN    ","CR","6,34"]
[41899,"CIMENTO ASFALTICO DE PETROLEO A GRANEL (CAP) 50/70 (COLETADO CAIXA NA ANP ACRESCIDO DE ICMS)                                                                                                                                                                                                                                                                                                                                                                                                              ","T     ","AS","4.478,94"]
[1380,"CIMENTO BRANCO                                                                                                                                                                                                                                                                                                                                                                                                                                                                                            ","KG    ","CR","1,70"]
[1375,"CIMENTO IMPERMEABILIZANTE DE PEGA ULTRARRAPIDA PARA TAMPONAMENTOS                                                                                                                                                                                                                                                                                                                                                                                                                                         ","KG    ","CR","16,79"]
[1379,"CIMENTO PORTLAND COMPOSTO CP II-32                                                                                                                                                                                                                                                                                                                                                                                                                                                                        ","KG    ","C ","0,54"]
[13284,"CIMENTO PORTLAND DE ALTO FORNO (AF) CP III-40                                                                                                                                                                                                                                                                                                                                                                                                                                                             ","KG    ","CR","0,54"]
[25974,"CIMENTO PORTLAND ESTRUTURAL BRANCO CPB-32                                                                                                                                                                                                                                                                                                                                                                                                                                                                 ","KG    ","CR","2,03"]
[34753,"CIMENTO PORTLAND POZOLANICO CP IV-32                                                                                                                                                                                                                                                                                                                                                                                                                                                                      ","KG    ","CR","0,59"]
[420,"CINTA CIRCULAR EM ACO GALVANIZADO DE 150 MM DE DIAMETRO PARA FIXACAO DE CAIXA MEDICAO, INCLUI PARAFUSOS E PORCAS                                                                                                                                                                                                                                                                                                                                                                                          ","UN    ","AS","31,15"]
[12327,"CINTA CIRCULAR EM ACO GALVANIZADO DE 210 MM DE DIAMETRO PARA INSTALACAO DE TRANSFORMADOR EM POSTE DE CONCRETO                                                                                                                                                                                                                                                                                                                                                                                             ","UN    ","AS","37,10"]
[36148,"CINTURAO DE SEGURANCA TIPO PARAQUEDISTA, FIVELA EM ACO, AJUSTE NO SUSPENSARIO, CINTURA E PERNAS                                                                                                                                                                                                                                                                                                                                                                                                           ","UN    ","CR","62,01"]
[12329,"COBRE ELETROLITICO EM BARRA OU CHAPA                                                                                                                                                                                                                                                                                                                                                                                                                                                                      ","KG    ","CR","186,28"]
[1339,"COLA A BASE DE RESINA SINTETICA PARA CHAPA DE LAMINADO MELAMINICO                                                                                                                                                                                                                                                                                                                                                                                                                                         ","KG    ","CR","40,32"]
[11849,"COLA BRANCA BASE PVA                                                                                                                                                                                                                                                                                                                                                                                                                                                                                      ","L     ","CR","11,92"]
[37418,"COLAR DE TOMADA EM POLIPROPILENO, PP, COM PARAFUSOS, PARA PEAD, 63 X 1/2\" - LIGACAO PREDIAL DE AGUA                                                                                                                                                                                                                                                                                                                                                                                                       ","UN    ","AS","19,42"]
[37419,"COLAR DE TOMADA EM POLIPROPILENO, PP, COM PARAFUSOS, PARA PEAD, 63 X 3/4\" - LIGACAO PREDIAL DE AGUA                                                                                                                                                                                                                                                                                                                                                                                                       ","UN    ","AS","19,94"]
[1427,"COLAR TOMADA PVC, COM TRAVAS, SAIDA COM ROSCA, DE 110 MM X 1/2\" OU 110 MM X 3/4\", PARA LIGACAO PREDIAL DE AGUA                                                                                                                                                                                                                                                                                                                                                                                            ","UN    ","AS","21,52"]
[1402,"COLAR TOMADA PVC, COM TRAVAS, SAIDA COM ROSCA, DE 32 MM X 1/2\" OU 32 MM X 3/4\", PARA LIGACAO PREDIAL DE AGUA                                                                                                                                                                                                                                                                                                                                                                                              ","UN    ","AS","7,44"]
[1420,"COLAR TOMADA PVC, COM TRAVAS, SAIDA COM ROSCA, DE 40 MM X 1/2\" OU 40 MM X 3/4\", PARA LIGACAO PREDIAL DE AGUA                                                                                                                                                                                                                                                                                                                                                                                              ","UN    ","AS","9,57"]
[1419,"COLAR TOMADA PVC, COM TRAVAS, SAIDA COM ROSCA, DE 50 MM X 1/2\" OU 50 MM X 3/4\", PARA LIGACAO PREDIAL DE AGUA                                                                                                                                                                                                                                                                                                                                                                                              ","UN    ","AS","11,56"]
[1414,"COLAR TOMADA PVC, COM TRAVAS, SAIDA COM ROSCA, DE 60 MM X 1/2\" OU 60 MM X 3/4\", PARA LIGACAO PREDIAL DE AGUA                                                                                                                                                                                                                                                                                                                                                                                              ","UN    ","AS","11,31"]
[1413,"COLAR TOMADA PVC, COM TRAVAS, SAIDA COM ROSCA, DE 75 MM X 1/2\" OU 75 MM X 3/4\", PARA LIGACAO PREDIAL DE AGUA                                                                                                                                                                                                                                                                                                                                                                                              ","UN    ","AS","16,71"]
[1412,"COLAR TOMADA PVC, COM TRAVAS, SAIDA COM ROSCA, DE 85 MM X 1/2\" OU 85 MM X 3/4\", PARA LIGACAO PREDIAL DE AGUA                                                                                                                                                                                                                                                                                                                                                                                              ","UN    ","AS","14,16"]
[1411,"COLAR TOMADA PVC, COM TRAVAS, SAIDA ROSCAVEL COM BUCHA DE LATAO, DE 110 MM X 1/2\" OU 110 MM X 3/4\", PARA LIGACAO PREDIAL DE AGUA                                                                                                                                                                                                                                                                                                                                                                          ","UN    ","AS","25,76"]
[1406,"COLAR TOMADA PVC, COM TRAVAS, SAIDA ROSCAVEL COM BUCHA DE LATAO, DE 60 MM X 1/2\" OU 60 MM X 3/4\", PARA LIGACAO PREDIAL DE AGUA                                                                                                                                                                                                                                                                                                                                                                            ","UN    ","AS","17,08"]
[1407,"COLAR TOMADA PVC, COM TRAVAS, SAIDA ROSCAVEL COM BUCHA DE LATAO, DE 75 MM X 1/2\" OU 75 MM X 3/4\", PARA LIGACAO PREDIAL DE AGUA                                                                                                                                                                                                                                                                                                                                                                            ","UN    ","AS","21,30"]
[1404,"COLAR TOMADA PVC, COM TRAVAS, SAIDA ROSCAVEL COM BUCHA DE LATAO, DE 85 MM X 1/2\" OU 85 MM X 3/4\", PARA LIGACAO PREDIAL DE AGUA                                                                                                                                                                                                                                                                                                                                                                            ","UN    ","AS","22,65"]
[11281,"COMPACTADOR DE SOLO A PERCUSSAO (SOQUETE), COM MOTOR GASOLINA DE 4 TEMPOS, PESO ENTRE 55 E 65 KG, FORCA DE IMPACTO DE 1.000 A 1.500 KGF, FREQUENCIA DE 600 A 700 GOLPES POR MINUTO, VELOCIDADE DE TRABALHO ENTRE 10 E 15 M/MIN, POTENCIA ENTRE 2,00 E 3,00 HP                                                                                                                                                                                                                                             ","UN    ","AS","10.399,50"]
[1442,"COMPACTADOR DE SOLO TIPO PLACA VIBRATORIA REVERSIVEL, A GASOLINA, 4 TEMPOS, PESO DE 125 A 150 KG, FORCA CENTRIFUGA DE 2500 A 2800 KGF, LARG. TRABALHO DE 400 A 450 MM, FREQ VIBRACAO DE 4300 A 4500 RPM, VELOC. TRABALHO DE 15 A 20 M/MIN, POT. DE 5,5 A 6,0 HP                                                                                                                                                                                                                                           ","UN    ","AS","8.730,30"]
[13457,"COMPACTADOR DE SOLO TIPO PLACA VIBRATORIA REVERSIVEL, A GASOLINA, 4 TEMPOS, PESO DE 150 A 175 KG, FORCA CENTRIFUGA DE 2800 A 3100 KGF, LARG. TRABALHO DE 450 A 520 MM, FREQ VIBRACAO DE 4000 A 4300 RPM, VELOC. TRABALHO DE 15 A 20 M/MIN, POT. DE 6,0 A 7,0 HP                                                                                                                                                                                                                                           ","UN    ","AS","7.535,86"]
[40699,"COMPACTADOR DE SOLO, TIPO PLACA VIBRATORIA NAO REVERSIVEL, COM MOTOR A GASOLINA DE 4 TEMPOS, PESO ENTRE 80 E 120 KG, FORCA CENTRIFUGA ENTRE 1300 E 2000 KGF, LARGURA DE TRABALHO ENTRE 400 E 500 MM, FREQUENCIA DE VIBRACAO ENTRE 4800 E 6000 RPM, VELOCIDADEDE TRABALHO ENTRE 20 E 30 M/MIN, POTENCIA ENTRE 5,0 E 6,0 HP                                                                                                                                                                                 ","UN    ","AS","5.825,51"]
[40701,"COMPACTADOR DE SOLO, TIPO PLACA VIBRATORIA REVERSIVEL, COM MOTOR A DIESEL, PESO ENTRE 700 E 820 KG, FORCA CENTRIFUGA ENTRE 6.200 E 10.000 KGF, LARGURA DE TRABALHO ENTRE 650 E 720 MM, FREQUENCIA DE VIBRACAO ENTRE 3.000 E 3.500 RPM, VELOCIDADE DE TRABALHOENTRE 25 E 30 M/MIN, POTENCIA ENTRE 13,0 E 15,0 HP                                                                                                                                                                                           ","UN    ","AS","103.003,04"]
[40700,"COMPACTADOR DE SOLO, TIPO PLACA VIBRATORIA REVERSIVEL, COM MOTOR A GASOLINA DE 4 TEMPOS, PESO ENTRE 160 E 265 KG, FORCA CENTRIFUGA ENTRE 2750 E 4000 KGF, LARGURA DE TRABALHO ENTRE 430 E 550 MM, FREQUENCIA DE VIBRACAO ENTRE 4000 E 5500 RPM, VELOCIDADE DETRABALHO ENTRE 20 E 25 M/MIN, POTENCIA ENTRE 7,5 E 9,0 HP                                                                                                                                                                                    ","UN    ","AS","13.561,03"]
[13458,"COMPACTADOR DE SOLOS DE PERCURSAO (SOQUETE) COM MOTOR A GASOLINA 4 TEMPOS DE 4 HP (4 CV)                                                                                                                                                                                                                                                                                                                                                                                                                  ","UN    ","AS","12.886,33"]
[36524,"COMPRESSOR DE AR ESTACIONARIO, VAZAO 620 PCM, PRESSAO EFETIVA DE TRABALHO 109 PSI, MOTOR ELETRICO, POTENCIA 127 CV                                                                                                                                                                                                                                                                                                                                                                                        ","UN    ","AS","127.758,92"]
[36526,"COMPRESSOR DE AR REBOCAVEL VAZAO 400 PCM, PRESSAO EFETIVA DE TRABALHO 102 PSI, MOTOR DIESEL, POTENCIA 110 CV                                                                                                                                                                                                                                                                                                                                                                                              ","UN    ","AS","102.953,34"]
[36523,"COMPRESSOR DE AR REBOCAVEL VAZAO 748 PCM, PRESSAO EFETIVA DE TRABALHO 102 PSI, MOTOR DIESEL, POTENCIA 210 CV                                                                                                                                                                                                                                                                                                                                                                                              ","UN    ","AS","220.409,21"]
[36527,"COMPRESSOR DE AR REBOCAVEL VAZAO 860 PCM, PRESSAO EFETIVA DE TRABALHO 102 PSI, MOTOR DIESEL, POTENCIA 250 CV                                                                                                                                                                                                                                                                                                                                                                                              ","UN    ","AS","239.409,80"]
[13803,"COMPRESSOR DE AR REBOCAVEL, VAZAO *89* PCM, PRESSAO EFETIVA DE TRABALHO *102* PSI, MOTOR DIESEL, POTENCIA *20* CV                                                                                                                                                                                                                                                                                                                                                                                         ","UN    ","AS","86.568,50"]
[38642,"COMPRESSOR DE AR REBOCAVEL, VAZAO 152 PCM, PRESSAO EFETIVA DE TRABALHO 102 PSI, MOTOR DIESEL, POTENCIA 31,5 KW                                                                                                                                                                                                                                                                                                                                                                                            ","UN    ","AS","55.740,74"]
[36522,"COMPRESSOR DE AR REBOCAVEL, VAZAO 189 PCM, PRESSAO EFETIVA DE TRABALHO 102 PSI, MOTOR DIESEL, POTENCIA 63 CV                                                                                                                                                                                                                                                                                                                                                                                              ","UN    ","AS","64.825,82"]
[36525,"COMPRESSOR DE AR REBOCAVEL, VAZAO 250 PCM, PRESSAO EFETIVA DE TRABALHO 102 PSI, MOTOR DIESEL, POTENCIA 81 CV                                                                                                                                                                                                                                                                                                                                                                                              ","UN    ","AS","86.816,91"]
[34348,"CONCERTINA CLIPADA (DUPLA) EM ACO GALVANIZADO DE ALTA RESISTENCIA, COM ESPIRAL DE 300 MM, D = 2,76 MM                                                                                                                                                                                                                                                                                                                                                                                                     ","M     ","CR","26,18"]
[34347,"CONCERTINA SIMPLES EM ACO GALVANIZADO DE ALTA RESISTENCIA, COM ESPIRAL DE 300 MM, D = 2,76 MM                                                                                                                                                                                                                                                                                                                                                                                                             ","M     ","CR","18,72"]
[11146,"CONCRETO AUTOADENSAVEL (CAA) CLASSE DE RESISTENCIA C15, ESPALHAMENTO SF2, INCLUI SERVICO DE BOMBEAMENTO (NBR 15823)                                                                                                                                                                                                                                                                                                                                                                                       ","M3    ","CR","388,21"]
[11147,"CONCRETO AUTOADENSAVEL (CAA) CLASSE DE RESISTENCIA C20, ESPALHAMENTO SF2, INCLUI SERVICO DE BOMBEAMENTO (NBR 15823)                                                                                                                                                                                                                                                                                                                                                                                       ","M3    ","CR","403,40"]
[34872,"CONCRETO AUTOADENSAVEL (CAA) CLASSE DE RESISTENCIA C25, ESPALHAMENTO SF2, INCLUI SERVICO DE BOMBEAMENTO (NBR 15823)                                                                                                                                                                                                                                                                                                                                                                                       ","M3    ","CR","407,93"]
[34491,"CONCRETO AUTOADENSAVEL (CAA) CLASSE DE RESISTENCIA C30, ESPALHAMENTO SF2, INCLUI SERVICO DE BOMBEAMENTO (NBR 15823)                                                                                                                                                                                                                                                                                                                                                                                       ","M3    ","CR","419,75"]
[34770,"CONCRETO BETUMINOSO USINADO A QUENTE (CBUQ) PARA PAVIMENTACAO ASFALTICA, PADRAO DNIT, FAIXA C, COM CAP 30/45 - AQUISICAO POSTO USINA                                                                                                                                                                                                                                                                                                                                                                      ","T     ","AS","399,71"]
[1518,"CONCRETO BETUMINOSO USINADO A QUENTE (CBUQ) PARA PAVIMENTACAO ASFALTICA, PADRAO DNIT, FAIXA C, COM CAP 50/70 - AQUISICAO POSTO USINA                                                                                                                                                                                                                                                                                                                                                                      ","T     ","AS","407,50"]
[41965,"CONCRETO BETUMINOSO USINADO A QUENTE (CBUQ) PARA PAVIMENTACAO ASFALTICA, PADRAO DNIT, PARA BINDER, COM CAP 50/70 - AQUISICAO POSTO USINA                                                                                                                                                                                                                                                                                                                                                                  ","T     ","AS","394,78"]
[34492,"CONCRETO USINADO BOMBEAVEL, CLASSE DE RESISTENCIA C20, COM BRITA 0 E 1, SLUMP = 100 +/- 20 MM, EXCLUI SERVICO DE BOMBEAMENTO (NBR 8953)                                                                                                                                                                                                                                                                                                                                                                   ","M3    ","C ","345,00"]
[1524,"CONCRETO USINADO BOMBEAVEL, CLASSE DE RESISTENCIA C20, COM BRITA 0 E 1, SLUMP = 100 +/- 20 MM, INCLUI SERVICO DE BOMBEAMENTO (NBR 8953)                                                                                                                                                                                                                                                                                                                                                                   ","M3    ","CR","372,46"]
[38404,"CONCRETO USINADO BOMBEAVEL, CLASSE DE RESISTENCIA C20, COM BRITA 0 E 1, SLUMP = 130 +/- 20 MM, EXCLUI SERVICO DE BOMBEAMENTO (NBR 8953)                                                                                                                                                                                                                                                                                                                                                                   ","M3    ","CR","357,35"]
[39849,"CONCRETO USINADO BOMBEAVEL, CLASSE DE RESISTENCIA C20, COM BRITA 0 E 1, SLUMP = 190 +/- 20 MM, INCLUI SERVICO DE BOMBEAMENTO (NBR 8953)                                                                                                                                                                                                                                                                                                                                                                   ","M3    ","CR","409,52"]
[38464,"CONCRETO USINADO BOMBEAVEL, CLASSE DE RESISTENCIA C20, COM BRITA 0, SLUMP = 220 +/- 20 MM, INCLUI SERVICO DE BOMBEAMENTO (NBR 8953)                                                                                                                                                                                                                                                                                                                                                                       ","M3    ","CR","415,47"]
[34493,"CONCRETO USINADO BOMBEAVEL, CLASSE DE RESISTENCIA C25, COM BRITA 0 E 1, SLUMP = 100 +/- 20 MM, EXCLUI SERVICO DE BOMBEAMENTO (NBR 8953)                                                                                                                                                                                                                                                                                                                                                                   ","M3    ","CR","354,72"]
[1527,"CONCRETO USINADO BOMBEAVEL, CLASSE DE RESISTENCIA C25, COM BRITA 0 E 1, SLUMP = 100 +/- 20 MM, INCLUI SERVICO DE BOMBEAMENTO (NBR 8953)                                                                                                                                                                                                                                                                                                                                                                   ","M3    ","CR","384,28"]
[38405,"CONCRETO USINADO BOMBEAVEL, CLASSE DE RESISTENCIA C25, COM BRITA 0 E 1, SLUMP = 130 +/- 20 MM, EXCLUI SERVICO DE BOMBEAMENTO (NBR 8953)                                                                                                                                                                                                                                                                                                                                                                   ","M3    ","CR","368,37"]
[38408,"CONCRETO USINADO BOMBEAVEL, CLASSE DE RESISTENCIA C25, COM BRITA 0 E 1, SLUMP = 190 +/- 20 MM, EXCLUI SERVICO DE BOMBEAMENTO (NBR 8953)                                                                                                                                                                                                                                                                                                                                                                   ","M3    ","CR","407,75"]
[34494,"CONCRETO USINADO BOMBEAVEL, CLASSE DE RESISTENCIA C30, COM BRITA 0 E 1, SLUMP = 100 +/- 20 MM, EXCLUI SERVICO DE BOMBEAMENTO (NBR 8953)                                                                                                                                                                                                                                                                                                                                                                   ","M3    ","CR","366,55"]
[1525,"CONCRETO USINADO BOMBEAVEL, CLASSE DE RESISTENCIA C30, COM BRITA 0 E 1, SLUMP = 100 +/- 20 MM, INCLUI SERVICO DE BOMBEAMENTO (NBR 8953)                                                                                                                                                                                                                                                                                                                                                                   ","M3    ","CR","396,10"]
[38406,"CONCRETO USINADO BOMBEAVEL, CLASSE DE RESISTENCIA C30, COM BRITA 0 E 1, SLUMP = 130 +/- 20 MM, EXCLUI SERVICO DE BOMBEAMENTO (NBR 8953)                                                                                                                                                                                                                                                                                                                                                                   ","M3    ","CR","388,98"]
[38409,"CONCRETO USINADO BOMBEAVEL, CLASSE DE RESISTENCIA C30, COM BRITA 0 E 1, SLUMP = 190 +/- 20 MM, EXCLUI SERVICO DE BOMBEAMENTO (NBR 8953)                                                                                                                                                                                                                                                                                                                                                                   ","M3    ","CR","410,53"]
[43360,"CONCRETO USINADO BOMBEAVEL, CLASSE DE RESISTENCIA C30, COM BRITA 0 E 1, SLUMP = 220 +/- 30 MM, EXCLUI SERVICO DE BOMBEAMENTO (NBR 8953)                                                                                                                                                                                                                                                                                                                                                                   ","M3    ","CR","428,07"]
[34495,"CONCRETO USINADO BOMBEAVEL, CLASSE DE RESISTENCIA C35, COM BRITA 0 E 1, SLUMP = 100 +/- 20 MM, EXCLUI SERVICO DE BOMBEAMENTO (NBR 8953)                                                                                                                                                                                                                                                                                                                                                                   ","M3    ","CR","378,37"]
[11145,"CONCRETO USINADO BOMBEAVEL, CLASSE DE RESISTENCIA C35, COM BRITA 0 E 1, SLUMP = 100 +/- 20 MM, INCLUI SERVICO DE BOMBEAMENTO (NBR 8953)                                                                                                                                                                                                                                                                                                                                                                   ","M3    ","CR","407,93"]
[34496,"CONCRETO USINADO BOMBEAVEL, CLASSE DE RESISTENCIA C40, COM BRITA 0 E 1, SLUMP = 100 +/- 20 MM, EXCLUI SERVICO DE BOMBEAMENTO (NBR 8953)                                                                                                                                                                                                                                                                                                                                                                   ","M3    ","CR","394,70"]
[34479,"CONCRETO USINADO BOMBEAVEL, CLASSE DE RESISTENCIA C40, COM BRITA 0 E 1, SLUMP = 100 +/- 20 MM, INCLUI SERVICO DE BOMBEAMENTO (NBR 8953)                                                                                                                                                                                                                                                                                                                                                                   ","M3    ","CR","419,75"]
[34481,"CONCRETO USINADO BOMBEAVEL, CLASSE DE RESISTENCIA C45, COM BRITA 0 E 1, SLUMP = 100 +/- 20 MM, INCLUI SERVICO DE BOMBEAMENTO (NBR 8953)                                                                                                                                                                                                                                                                                                                                                                   ","M3    ","CR","438,59"]
[34483,"CONCRETO USINADO BOMBEAVEL, CLASSE DE RESISTENCIA C50, COM BRITA 0 E 1, SLUMP = 100 +/- 20 MM, INCLUI SERVICO DE BOMBEAMENTO (NBR 8953)                                                                                                                                                                                                                                                                                                                                                                   ","M3    ","CR","468,60"]
[34485,"CONCRETO USINADO BOMBEAVEL, CLASSE DE RESISTENCIA C60, COM BRITA 0 E 1, SLUMP = 100 +/- 20 MM, INCLUI SERVICO DE BOMBEAMENTO (NBR 8953)                                                                                                                                                                                                                                                                                                                                                                   ","M3    ","CR","501,12"]
[14041,"CONCRETO USINADO CONVENCIONAL (NAO BOMBEAVEL) CLASSE DE RESISTENCIA C10, COM BRITA 1 E 2, SLUMP = 80 MM +/- 10 MM (NBR 8953)                                                                                                                                                                                                                                                                                                                                                                              ","M3    ","CR","325,75"]
[1523,"CONCRETO USINADO CONVENCIONAL (NAO BOMBEAVEL) CLASSE DE RESISTENCIA C15, COM BRITA 1 E 2, SLUMP = 80 MM +/- 10 MM (NBR 8953)                                                                                                                                                                                                                                                                                                                                                                              ","M3    ","CR","331,07"]
[14052,"CONDULETE DE ALUMINIO TIPO B, PARA ELETRODUTO ROSCAVEL DE 1/2\", COM TAMPA CEGA                                                                                                                                                                                                                                                                                                                                                                                                                            ","UN    ","CR","9,79"]
[14054,"CONDULETE DE ALUMINIO TIPO B, PARA ELETRODUTO ROSCAVEL DE 1\", COM TAMPA CEGA                                                                                                                                                                                                                                                                                                                                                                                                                              ","UN    ","CR","12,73"]
[14053,"CONDULETE DE ALUMINIO TIPO B, PARA ELETRODUTO ROSCAVEL DE 3/4\", COM TAMPA CEGA                                                                                                                                                                                                                                                                                                                                                                                                                            ","UN    ","CR","9,94"]
[2558,"CONDULETE DE ALUMINIO TIPO C, PARA ELETRODUTO ROSCAVEL DE 1/2\", COM TAMPA CEGA                                                                                                                                                                                                                                                                                                                                                                                                                            ","UN    ","CR","7,49"]
[2560,"CONDULETE DE ALUMINIO TIPO C, PARA ELETRODUTO ROSCAVEL DE 1\", COM TAMPA CEGA                                                                                                                                                                                                                                                                                                                                                                                                                              ","UN    ","CR","13,18"]
[2559,"CONDULETE DE ALUMINIO TIPO C, PARA ELETRODUTO ROSCAVEL DE 3/4\", COM TAMPA CEGA                                                                                                                                                                                                                                                                                                                                                                                                                            ","UN    ","C ","10,54"]
[2592,"CONDULETE DE ALUMINIO TIPO C, PARA ELETRODUTO ROSCAVEL DE 4\", COM TAMPA CEGA                                                                                                                                                                                                                                                                                                                                                                                                                              ","UN    ","CR","174,73"]
[2566,"CONDULETE DE ALUMINIO TIPO E, PARA ELETRODUTO ROSCAVEL DE 1  1/4\", COM TAMPA CEGA                                                                                                                                                                                                                                                                                                                                                                                                                         ","UN    ","CR","17,58"]
[2589,"CONDULETE DE ALUMINIO TIPO E, PARA ELETRODUTO ROSCAVEL DE 1 1/2\", COM TAMPA CEGA                                                                                                                                                                                                                                                                                                                                                                                                                          ","UN    ","CR","23,37"]
[2591,"CONDULETE DE ALUMINIO TIPO E, PARA ELETRODUTO ROSCAVEL DE 1/2\", COM TAMPA CEGA                                                                                                                                                                                                                                                                                                                                                                                                                            ","UN    ","CR","8,52"]
[2590,"CONDULETE DE ALUMINIO TIPO E, PARA ELETRODUTO ROSCAVEL DE 1\", COM TAMPA CEGA                                                                                                                                                                                                                                                                                                                                                                                                                              ","UN    ","CR","14,34"]
[2567,"CONDULETE DE ALUMINIO TIPO E, PARA ELETRODUTO ROSCAVEL DE 2\", COM TAMPA CEGA                                                                                                                                                                                                                                                                                                                                                                                                                              ","UN    ","CR","34,28"]
[2565,"CONDULETE DE ALUMINIO TIPO E, PARA ELETRODUTO ROSCAVEL DE 3/4\", COM TAMPA CEGA                                                                                                                                                                                                                                                                                                                                                                                                                            ","UN    ","CR","8,54"]
[2568,"CONDULETE DE ALUMINIO TIPO E, PARA ELETRODUTO ROSCAVEL DE 3\", COM TAMPA CEGA                                                                                                                                                                                                                                                                                                                                                                                                                              ","UN    ","CR","95,20"]
[2594,"CONDULETE DE ALUMINIO TIPO E, PARA ELETRODUTO ROSCAVEL DE 4\", COM TAMPA CEGA                                                                                                                                                                                                                                                                                                                                                                                                                              ","UN    ","CR","158,59"]
[2587,"CONDULETE DE ALUMINIO TIPO LR, PARA ELETRODUTO ROSCAVEL DE 1 1/2\", COM TAMPA CEGA                                                                                                                                                                                                                                                                                                                                                                                                                         ","UN    ","CR","27,03"]
[2588,"CONDULETE DE ALUMINIO TIPO LR, PARA ELETRODUTO ROSCAVEL DE 1 1/4\", COM TAMPA CEGA                                                                                                                                                                                                                                                                                                                                                                                                                         ","UN    ","CR","21,47"]
[2569,"CONDULETE DE ALUMINIO TIPO LR, PARA ELETRODUTO ROSCAVEL DE 1/2\", COM TAMPA CEGA                                                                                                                                                                                                                                                                                                                                                                                                                           ","UN    ","CR","8,27"]
[2570,"CONDULETE DE ALUMINIO TIPO LR, PARA ELETRODUTO ROSCAVEL DE 1\", COM TAMPA CEGA                                                                                                                                                                                                                                                                                                                                                                                                                             ","UN    ","CR","13,87"]
[2571,"CONDULETE DE ALUMINIO TIPO LR, PARA ELETRODUTO ROSCAVEL DE 2\", COM TAMPA CEGA                                                                                                                                                                                                                                                                                                                                                                                                                             ","UN    ","CR","41,16"]
[2593,"CONDULETE DE ALUMINIO TIPO LR, PARA ELETRODUTO ROSCAVEL DE 3/4\", COM TAMPA CEGA                                                                                                                                                                                                                                                                                                                                                                                                                           ","UN    ","CR","8,82"]
[2572,"CONDULETE DE ALUMINIO TIPO LR, PARA ELETRODUTO ROSCAVEL DE 3\", COM TAMPA CEGA                                                                                                                                                                                                                                                                                                                                                                                                                             ","UN    ","CR","121,74"]
[2595,"CONDULETE DE ALUMINIO TIPO LR, PARA ELETRODUTO ROSCAVEL DE 4\", COM TAMPA CEGA                                                                                                                                                                                                                                                                                                                                                                                                                             ","UN    ","CR","189,94"]
[2576,"CONDULETE DE ALUMINIO TIPO T, PARA ELETRODUTO ROSCAVEL DE 1 1/2\", COM TAMPA CEGA                                                                                                                                                                                                                                                                                                                                                                                                                          ","UN    ","CR","32,38"]
[2575,"CONDULETE DE ALUMINIO TIPO T, PARA ELETRODUTO ROSCAVEL DE 1 1/4\", COM TAMPA CEGA                                                                                                                                                                                                                                                                                                                                                                                                                          ","UN    ","CR","24,34"]
[2573,"CONDULETE DE ALUMINIO TIPO T, PARA ELETRODUTO ROSCAVEL DE 1/2\", COM TAMPA CEGA                                                                                                                                                                                                                                                                                                                                                                                                                            ","UN    ","CR","10,11"]
[2586,"CONDULETE DE ALUMINIO TIPO T, PARA ELETRODUTO ROSCAVEL DE 1\", COM TAMPA CEGA                                                                                                                                                                                                                                                                                                                                                                                                                              ","UN    ","CR","16,38"]
[2577,"CONDULETE DE ALUMINIO TIPO T, PARA ELETRODUTO ROSCAVEL DE 2\", COM TAMPA CEGA                                                                                                                                                                                                                                                                                                                                                                                                                              ","UN    ","CR","43,87"]
[2574,"CONDULETE DE ALUMINIO TIPO T, PARA ELETRODUTO ROSCAVEL DE 3/4\", COM TAMPA CEGA                                                                                                                                                                                                                                                                                                                                                                                                                            ","UN    ","CR","10,17"]
[2578,"CONDULETE DE ALUMINIO TIPO T, PARA ELETRODUTO ROSCAVEL DE 3\", COM TAMPA CEGA                                                                                                                                                                                                                                                                                                                                                                                                                              ","UN    ","CR","136,98"]
[2585,"CONDULETE DE ALUMINIO TIPO T, PARA ELETRODUTO ROSCAVEL DE 4\", COM TAMPA CEGA                                                                                                                                                                                                                                                                                                                                                                                                                              ","UN    ","CR","187,97"]
[12008,"CONDULETE DE ALUMINIO TIPO TB, PARA ELETRODUTO ROSCAVEL DE 3\", COM TAMPA CEGA                                                                                                                                                                                                                                                                                                                                                                                                                             ","UN    ","CR","100,85"]
[2582,"CONDULETE DE ALUMINIO TIPO X, PARA ELETRODUTO ROSCAVEL DE 1 1/2\", COM TAMPA CEGA                                                                                                                                                                                                                                                                                                                                                                                                                          ","UN    ","CR","30,03"]
[2597,"CONDULETE DE ALUMINIO TIPO X, PARA ELETRODUTO ROSCAVEL DE 1 1/4\", COM TAMPA CEGA                                                                                                                                                                                                                                                                                                                                                                                                                          ","UN    ","CR","25,74"]
[2579,"CONDULETE DE ALUMINIO TIPO X, PARA ELETRODUTO ROSCAVEL DE 1/2\", COM TAMPA CEGA                                                                                                                                                                                                                                                                                                                                                                                                                            ","UN    ","CR","12,25"]
[2581,"CONDULETE DE ALUMINIO TIPO X, PARA ELETRODUTO ROSCAVEL DE 1\", COM TAMPA CEGA                                                                                                                                                                                                                                                                                                                                                                                                                              ","UN    ","CR","15,68"]
[2596,"CONDULETE DE ALUMINIO TIPO X, PARA ELETRODUTO ROSCAVEL DE 2\", COM TAMPA CEGA                                                                                                                                                                                                                                                                                                                                                                                                                              ","UN    ","CR","46,37"]
[2580,"CONDULETE DE ALUMINIO TIPO X, PARA ELETRODUTO ROSCAVEL DE 3/4\", COM TAMPA CEGA                                                                                                                                                                                                                                                                                                                                                                                                                            ","UN    ","CR","13,43"]
[2583,"CONDULETE DE ALUMINIO TIPO X, PARA ELETRODUTO ROSCAVEL DE 3\", COM TAMPA CEGA                                                                                                                                                                                                                                                                                                                                                                                                                              ","UN    ","CR","112,80"]
[2584,"CONDULETE DE ALUMINIO TIPO X, PARA ELETRODUTO ROSCAVEL DE 4\", COM TAMPA CEGA                                                                                                                                                                                                                                                                                                                                                                                                                              ","UN    ","CR","187,78"]
[12010,"CONDULETE EM PVC, TIPO \"B\", SEM TAMPA, DE 1/2\" OU 3/4\"                                                                                                                                                                                                                                                                                                                                                                                                                                                    ","UN    ","CR","6,28"]
[39329,"CONDULETE EM PVC, TIPO \"B\", SEM TAMPA, DE 1\"                                                                                                                                                                                                                                                                                                                                                                                                                                                              ","UN    ","CR","6,57"]
[39330,"CONDULETE EM PVC, TIPO \"C\", SEM TAMPA, DE 1/2\"                                                                                                                                                                                                                                                                                                                                                                                                                                                            ","UN    ","CR","6,91"]
[39332,"CONDULETE EM PVC, TIPO \"C\", SEM TAMPA, DE 1\"                                                                                                                                                                                                                                                                                                                                                                                                                                                              ","UN    ","CR","7,72"]
[39331,"CONDULETE EM PVC, TIPO \"C\", SEM TAMPA, DE 3/4\"                                                                                                                                                                                                                                                                                                                                                                                                                                                            ","UN    ","CR","6,15"]
[39333,"CONDULETE EM PVC, TIPO \"E\", SEM TAMPA, DE 1/2\"                                                                                                                                                                                                                                                                                                                                                                                                                                                            ","UN    ","CR","5,99"]
[39335,"CONDULETE EM PVC, TIPO \"E\", SEM TAMPA, DE 1\"                                                                                                                                                                                                                                                                                                                                                                                                                                                              ","UN    ","CR","6,93"]
[39334,"CONDULETE EM PVC, TIPO \"E\", SEM TAMPA, DE 3/4\"                                                                                                                                                                                                                                                                                                                                                                                                                                                            ","UN    ","CR","5,51"]
[12016,"CONDULETE EM PVC, TIPO \"LB\", SEM TAMPA, DE 1/2\" OU 3/4\"                                                                                                                                                                                                                                                                                                                                                                                                                                                   ","UN    ","CR","6,92"]
[12015,"CONDULETE EM PVC, TIPO \"LB\", SEM TAMPA, DE 1\"                                                                                                                                                                                                                                                                                                                                                                                                                                                             ","UN    ","CR","8,05"]
[12020,"CONDULETE EM PVC, TIPO \"LL\", SEM TAMPA, DE 1/2\" OU 3/4\"                                                                                                                                                                                                                                                                                                                                                                                                                                                   ","UN    ","CR","6,92"]
[12019,"CONDULETE EM PVC, TIPO \"LL\", SEM TAMPA, DE 1\"                                                                                                                                                                                                                                                                                                                                                                                                                                                             ","UN    ","CR","8,05"]
[39336,"CONDULETE EM PVC, TIPO \"LR\", SEM TAMPA, DE 1/2\"                                                                                                                                                                                                                                                                                                                                                                                                                                                           ","UN    ","CR","6,91"]
[39338,"CONDULETE EM PVC, TIPO \"LR\", SEM TAMPA, DE 1\"                                                                                                                                                                                                                                                                                                                                                                                                                                                             ","UN    ","CR","7,72"]
[39337,"CONDULETE EM PVC, TIPO \"LR\", SEM TAMPA, DE 3/4\"                                                                                                                                                                                                                                                                                                                                                                                                                                                           ","UN    ","CR","6,15"]
[39341,"CONDULETE EM PVC, TIPO \"T\", SEM TAMPA, DE 1\"                                                                                                                                                                                                                                                                                                                                                                                                                                                              ","UN    ","CR","10,07"]
[39340,"CONDULETE EM PVC, TIPO \"T\", SEM TAMPA, DE 3/4\"                                                                                                                                                                                                                                                                                                                                                                                                                                                            ","UN    ","CR","7,39"]
[12025,"CONDULETE EM PVC, TIPO \"TB\", SEM TAMPA, DE 1/2\" OU 3/4\"                                                                                                                                                                                                                                                                                                                                                                                                                                                   ","UN    ","CR","7,63"]
[39342,"CONDULETE EM PVC, TIPO \"TB\", SEM TAMPA, DE 1\"                                                                                                                                                                                                                                                                                                                                                                                                                                                             ","UN    ","CR","10,07"]
[39343,"CONDULETE EM PVC, TIPO \"X\", SEM TAMPA, DE 1/2\"                                                                                                                                                                                                                                                                                                                                                                                                                                                            ","UN    ","CR","8,50"]
[39345,"CONDULETE EM PVC, TIPO \"X\", SEM TAMPA, DE 1\"                                                                                                                                                                                                                                                                                                                                                                                                                                                              ","UN    ","CR","11,50"]
[39344,"CONDULETE EM PVC, TIPO \"X\", SEM TAMPA, DE 3/4\"                                                                                                                                                                                                                                                                                                                                                                                                                                                            ","UN    ","CR","8,22"]
[12623,"CONDUTOR PLUVIAL, PVC, CIRCULAR, DIAMETRO ENTRE 80 E 100 MM, PARA DRENAGEM PREDIAL                                                                                                                                                                                                                                                                                                                                                                                                                        ","M     ","AS","12,29"]
[34498,"CONE DE SINALIZACAO EM PVC FLEXIVEL, H = 70 / 76 CM (NBR 15071)                                                                                                                                                                                                                                                                                                                                                                                                                                           ","UN    ","CR","110,47"]
[13244,"CONE DE SINALIZACAO EM PVC RIGIDO COM FAIXA REFLETIVA, H = 70 / 76 CM                                                                                                                                                                                                                                                                                                                                                                                                                                     ","UN    ","C ","46,50"]
[38998,"CONECTOR / ADAPTADOR FEMEA, COM INSERTO METALICO, PPR, DN 25 MM X 1/2\", PARA AGUA QUENTE E FRIA PREDIAL                                                                                                                                                                                                                                                                                                                                                                                                   ","UN    ","CR","13,44"]
[38999,"CONECTOR / ADAPTADOR FEMEA, COM INSERTO METALICO, PPR, DN 32 MM X 3/4\", PARA AGUA QUENTE E FRIA PREDIAL                                                                                                                                                                                                                                                                                                                                                                                                   ","UN    ","CR","22,23"]
[38996,"CONECTOR / ADAPTADOR MACHO, COM INSERTO METALICO, PPR, DN 25 MM X 1/2\", PARA AGUA QUENTE E FRIA PREDIAL                                                                                                                                                                                                                                                                                                                                                                                                   ","UN    ","CR","19,41"]
[38997,"CONECTOR / ADAPTADOR MACHO, COM INSERTO METALICO, PPR, DN 32 MM X 3/4\", PARA AGUA QUENTE E FRIA PREDIAL                                                                                                                                                                                                                                                                                                                                                                                                   ","UN    ","CR","31,42"]
[39862,"CONECTOR BRONZE/LATAO (REF 603) SEM ANEL DE SOLDA, BOLSA X ROSCA F, 15 MM X 1/2\"                                                                                                                                                                                                                                                                                                                                                                                                                          ","UN    ","AS","14,43"]
[39863,"CONECTOR BRONZE/LATAO (REF 603) SEM ANEL DE SOLDA, BOLSA X ROSCA F, 22 MM X 1/2\"                                                                                                                                                                                                                                                                                                                                                                                                                          ","UN    ","AS","14,63"]
[39864,"CONECTOR BRONZE/LATAO (REF 603) SEM ANEL DE SOLDA, BOLSA X ROSCA F, 22 MM X 3/4\"                                                                                                                                                                                                                                                                                                                                                                                                                          ","UN    ","AS","18,16"]
[39865,"CONECTOR BRONZE/LATAO (REF 603) SEM ANEL DE SOLDA, BOLSA X ROSCA F, 28 MM X 1/2\"                                                                                                                                                                                                                                                                                                                                                                                                                          ","UN    ","AS","25,60"]
[2517,"CONECTOR CURVO 90 GRAUS DE ALUMINIO, BITOLA 1 1/2\", PARA ADAPTAR ENTRADA DE ELETRODUTO METALICO FLEXIVEL EM QUADROS                                                                                                                                                                                                                                                                                                                                                                                       ","UN    ","CR","18,71"]
[2522,"CONECTOR CURVO 90 GRAUS DE ALUMINIO, BITOLA 1 1/4\", PARA ADAPTAR ENTRADA DE ELETRODUTO METALICO FLEXIVEL EM QUADROS                                                                                                                                                                                                                                                                                                                                                                                       ","UN    ","CR","12,09"]
[2548,"CONECTOR CURVO 90 GRAUS DE ALUMINIO, BITOLA 1/2\", PARA ADAPTAR ENTRADA DE ELETRODUTO METALICO FLEXIVEL EM QUADROS                                                                                                                                                                                                                                                                                                                                                                                         ","UN    ","CR","7,43"]
[2516,"CONECTOR CURVO 90 GRAUS DE ALUMINIO, BITOLA 1\", PARA ADAPTAR ENTRADA DE ELETRODUTO METALICO FLEXIVEL EM QUADROS                                                                                                                                                                                                                                                                                                                                                                                           ","UN    ","CR","9,71"]
[2518,"CONECTOR CURVO 90 GRAUS DE ALUMINIO, BITOLA 2 1/2\", PARA ADAPTAR ENTRADA DE ELETRODUTO METALICO FLEXIVEL EM QUADROS                                                                                                                                                                                                                                                                                                                                                                                       ","UN    ","CR","89,05"]
[2521,"CONECTOR CURVO 90 GRAUS DE ALUMINIO, BITOLA 2\", PARA ADAPTAR ENTRADA DE ELETRODUTO METALICO FLEXIVEL EM QUADROS                                                                                                                                                                                                                                                                                                                                                                                           ","UN    ","CR","37,91"]
[2515,"CONECTOR CURVO 90 GRAUS DE ALUMINIO, BITOLA 3/4\", PARA ADAPTAR ENTRADA DE ELETRODUTO METALICO FLEXIVEL EM QUADROS                                                                                                                                                                                                                                                                                                                                                                                         ","UN    ","CR","8,08"]
[2519,"CONECTOR CURVO 90 GRAUS DE ALUMINIO, BITOLA 3\", PARA ADAPTAR ENTRADA DE ELETRODUTO METALICO FLEXIVEL EM QUADROS                                                                                                                                                                                                                                                                                                                                                                                           ","UN    ","CR","107,38"]
[2520,"CONECTOR CURVO 90 GRAUS DE ALUMINIO, BITOLA 4\", PARA ADAPTAR ENTRADA DE ELETRODUTO METALICO FLEXIVEL EM QUADROS                                                                                                                                                                                                                                                                                                                                                                                           ","UN    ","CR","197,63"]
[1602,"CONECTOR DE ALUMINIO TIPO PRENSA CABO, BITOLA 1 1/2\", PARA CABOS DE DIAMETRO DE 37 A 40 MM                                                                                                                                                                                                                                                                                                                                                                                                                ","UN    ","CR","42,71"]
[1601,"CONECTOR DE ALUMINIO TIPO PRENSA CABO, BITOLA 1 1/4\", PARA CABOS DE DIAMETRO DE 31 A 34 MM                                                                                                                                                                                                                                                                                                                                                                                                                ","UN    ","CR","38,07"]
[1598,"CONECTOR DE ALUMINIO TIPO PRENSA CABO, BITOLA 1/2\", PARA CABOS DE DIAMETRO DE 12,5 A 15 MM                                                                                                                                                                                                                                                                                                                                                                                                                ","UN    ","CR","11,26"]
[1600,"CONECTOR DE ALUMINIO TIPO PRENSA CABO, BITOLA 1\", PARA CABOS DE DIAMETRO DE 22,5 A 25 MM                                                                                                                                                                                                                                                                                                                                                                                                                  ","UN    ","CR","16,63"]
[1603,"CONECTOR DE ALUMINIO TIPO PRENSA CABO, BITOLA 2\", PARA CABOS DE DIAMETRO DE 47,5 A 50 MM                                                                                                                                                                                                                                                                                                                                                                                                                  ","UN    ","CR","64,49"]
[1599,"CONECTOR DE ALUMINIO TIPO PRENSA CABO, BITOLA 3/4\", PARA CABOS DE DIAMETRO DE 17,5 A 20 MM                                                                                                                                                                                                                                                                                                                                                                                                                ","UN    ","CR","13,07"]
[1597,"CONECTOR DE ALUMINIO TIPO PRENSA CABO, BITOLA 3/8\", PARA CABOS DE DIAMETRO DE 9 A 10 MM                                                                                                                                                                                                                                                                                                                                                                                                                   ","UN    ","CR","10,59"]
[39600,"CONECTOR FEMEA RJ - 45, CATEGORIA 5 E                                                                                                                                                                                                                                                                                                                                                                                                                                                                     ","UN    ","CR","13,85"]
[39601,"CONECTOR FEMEA RJ - 45, CATEGORIA 6                                                                                                                                                                                                                                                                                                                                                                                                                                                                       ","UN    ","CR","24,09"]
[39602,"CONECTOR MACHO RJ - 45, CATEGORIA 5 E                                                                                                                                                                                                                                                                                                                                                                                                                                                                     ","UN    ","CR","1,58"]
[39603,"CONECTOR MACHO RJ - 45, CATEGORIA 6                                                                                                                                                                                                                                                                                                                                                                                                                                                                       ","UN    ","CR","2,71"]
[11821,"CONECTOR METALICO TIPO PARAFUSO FENDIDO (SPLIT BOLT), COM SEPARADOR DE CABOS BIMETALICOS, PARA CABOS ATE 25 MM2                                                                                                                                                                                                                                                                                                                                                                                           ","UN    ","CR","8,70"]
[1562,"CONECTOR METALICO TIPO PARAFUSO FENDIDO (SPLIT BOLT), COM SEPARADOR DE CABOS BIMETALICOS, PARA CABOS ATE 50 MM2                                                                                                                                                                                                                                                                                                                                                                                           ","UN    ","CR","14,25"]
[1563,"CONECTOR METALICO TIPO PARAFUSO FENDIDO (SPLIT BOLT), COM SEPARADOR DE CABOS BIMETALICOS, PARA CABOS ATE 70 MM2                                                                                                                                                                                                                                                                                                                                                                                           ","UN    ","CR","19,12"]
[11856,"CONECTOR METALICO TIPO PARAFUSO FENDIDO (SPLIT BOLT), PARA CABOS ATE 10 MM2                                                                                                                                                                                                                                                                                                                                                                                                                               ","UN    ","C ","5,70"]
[11857,"CONECTOR METALICO TIPO PARAFUSO FENDIDO (SPLIT BOLT), PARA CABOS ATE 120 MM2                                                                                                                                                                                                                                                                                                                                                                                                                              ","UN    ","CR","30,00"]
[11858,"CONECTOR METALICO TIPO PARAFUSO FENDIDO (SPLIT BOLT), PARA CABOS ATE 150 MM2                                                                                                                                                                                                                                                                                                                                                                                                                              ","UN    ","CR","37,23"]
[1539,"CONECTOR METALICO TIPO PARAFUSO FENDIDO (SPLIT BOLT), PARA CABOS ATE 16 MM2                                                                                                                                                                                                                                                                                                                                                                                                                               ","UN    ","CR","6,70"]
[11859,"CONECTOR METALICO TIPO PARAFUSO FENDIDO (SPLIT BOLT), PARA CABOS ATE 185 MM2                                                                                                                                                                                                                                                                                                                                                                                                                              ","UN    ","CR","50,65"]
[1550,"CONECTOR METALICO TIPO PARAFUSO FENDIDO (SPLIT BOLT), PARA CABOS ATE 25 MM2                                                                                                                                                                                                                                                                                                                                                                                                                               ","UN    ","CR","7,07"]
[11854,"CONECTOR METALICO TIPO PARAFUSO FENDIDO (SPLIT BOLT), PARA CABOS ATE 35 MM2                                                                                                                                                                                                                                                                                                                                                                                                                               ","UN    ","CR","8,83"]
[11862,"CONECTOR METALICO TIPO PARAFUSO FENDIDO (SPLIT BOLT), PARA CABOS ATE 50 MM2                                                                                                                                                                                                                                                                                                                                                                                                                               ","UN    ","CR","12,38"]
[11863,"CONECTOR METALICO TIPO PARAFUSO FENDIDO (SPLIT BOLT), PARA CABOS ATE 6 MM2                                                                                                                                                                                                                                                                                                                                                                                                                                ","UN    ","CR","5,00"]
[11855,"CONECTOR METALICO TIPO PARAFUSO FENDIDO (SPLIT BOLT), PARA CABOS ATE 70 MM2                                                                                                                                                                                                                                                                                                                                                                                                                               ","UN    ","CR","18,49"]
[11864,"CONECTOR METALICO TIPO PARAFUSO FENDIDO (SPLIT BOLT), PARA CABOS ATE 95 MM2                                                                                                                                                                                                                                                                                                                                                                                                                               ","UN    ","CR","27,95"]
[2527,"CONECTOR RETO DE ALUMINIO PARA ELETRODUTO DE 1 1/2\", PARA ADAPTAR ENTRADA DE ELETRODUTO METALICO FLEXIVEL EM QUADROS                                                                                                                                                                                                                                                                                                                                                                                      ","UN    ","CR","6,69"]
[2526,"CONECTOR RETO DE ALUMINIO PARA ELETRODUTO DE 1 1/4\", PARA ADAPTAR ENTRADA DE ELETRODUTO METALICO FLEXIVEL EM QUADROS                                                                                                                                                                                                                                                                                                                                                                                      ","UN    ","CR","4,29"]
[2487,"CONECTOR RETO DE ALUMINIO PARA ELETRODUTO DE 1/2\", PARA ADAPTAR ENTRADA DE ELETRODUTO METALICO FLEXIVEL EM QUADROS                                                                                                                                                                                                                                                                                                                                                                                        ","UN    ","CR","1,46"]
[2483,"CONECTOR RETO DE ALUMINIO PARA ELETRODUTO DE 1\", PARA ADAPTAR ENTRADA DE ELETRODUTO METALICO FLEXIVEL EM QUADROS                                                                                                                                                                                                                                                                                                                                                                                          ","UN    ","CR","3,05"]
[2528,"CONECTOR RETO DE ALUMINIO PARA ELETRODUTO DE 2 1/2\", PARA ADAPTAR ENTRADA DE ELETRODUTO METALICO FLEXIVEL EM QUADROS                                                                                                                                                                                                                                                                                                                                                                                      ","UN    ","CR","16,85"]
[2489,"CONECTOR RETO DE ALUMINIO PARA ELETRODUTO DE 2\", PARA ADAPTAR ENTRADA DE ELETRODUTO METALICO FLEXIVEL EM QUADROS                                                                                                                                                                                                                                                                                                                                                                                          ","UN    ","CR","7,42"]
[2488,"CONECTOR RETO DE ALUMINIO PARA ELETRODUTO DE 3/4\", PARA ADAPTAR ENTRADA DE ELETRODUTO METALICO FLEXIVEL EM QUADROS                                                                                                                                                                                                                                                                                                                                                                                        ","UN    ","CR","1,71"]
[2484,"CONECTOR RETO DE ALUMINIO PARA ELETRODUTO DE 3\", PARA ADAPTAR ENTRADA DE ELETRODUTO METALICO FLEXIVEL EM QUADROS                                                                                                                                                                                                                                                                                                                                                                                          ","UN    ","CR","24,47"]
[2485,"CONECTOR RETO DE ALUMINIO PARA ELETRODUTO DE 4\", PARA ADAPTAR ENTRADA DE ELETRODUTO METALICO FLEXIVEL EM QUADROS                                                                                                                                                                                                                                                                                                                                                                                          ","UN    ","CR","38,36"]
[38005,"CONECTOR, CPVC, SOLDAVEL, 15 MM X 1/2\", PARA AGUA QUENTE                                                                                                                                                                                                                                                                                                                                                                                                                                                  ","UN    ","AS","16,71"]
[38006,"CONECTOR, CPVC, SOLDAVEL, 22 MM X 1/2\", PARA AGUA QUENTE                                                                                                                                                                                                                                                                                                                                                                                                                                                  ","UN    ","AS","20,51"]
[38428,"CONECTOR, CPVC, SOLDAVEL, 22 MM X 3/4\", PARA AGUA QUENTE                                                                                                                                                                                                                                                                                                                                                                                                                                                  ","UN    ","AS","19,21"]
[38007,"CONECTOR, CPVC, SOLDAVEL, 28 MM X 1\", PARA AGUA QUENTE                                                                                                                                                                                                                                                                                                                                                                                                                                                    ","UN    ","AS","31,39"]
[38008,"CONECTOR, CPVC, SOLDAVEL, 35 MM X 1 1/4\", PARA AGUA QUENTE                                                                                                                                                                                                                                                                                                                                                                                                                                                ","UN    ","AS","126,41"]
[38009,"CONECTOR, CPVC, SOLDAVEL, 42 MM X 1 1/2\", PARA AGUA QUENTE                                                                                                                                                                                                                                                                                                                                                                                                                                                ","UN    ","AS","154,49"]
[39279,"CONEXAO FIXA, ROSCA FEMEA, EM PLASTICO, DN 16 MM X 1/2\", PARA CONEXAO COM CRIMPAGEM EM TUBO PEX                                                                                                                                                                                                                                                                                                                                                                                                           ","UN    ","AS","16,50"]
[38845,"CONEXAO FIXA, ROSCA FEMEA, EM PLASTICO, DN 16 MM X 3/4\", PARA CONEXAO COM CRIMPAGEM EM TUBO PEX                                                                                                                                                                                                                                                                                                                                                                                                           ","UN    ","AS","23,88"]
[39280,"CONEXAO FIXA, ROSCA FEMEA, EM PLASTICO, DN 20 MM X 1/2\", PARA CONEXAO COM CRIMPAGEM EM TUBO PEX                                                                                                                                                                                                                                                                                                                                                                                                           ","UN    ","AS","21,40"]
[39281,"CONEXAO FIXA, ROSCA FEMEA, EM PLASTICO, DN 20 MM X 3/4\", PARA CONEXAO COM CRIMPAGEM EM TUBO PEX                                                                                                                                                                                                                                                                                                                                                                                                           ","UN    ","AS","28,17"]
[38849,"CONEXAO FIXA, ROSCA FEMEA, EM PLASTICO, DN 25 MM X 1/2\", PARA CONEXAO COM CRIMPAGEM EM TUBO PEX                                                                                                                                                                                                                                                                                                                                                                                                           ","UN    ","AS","24,14"]
[39282,"CONEXAO FIXA, ROSCA FEMEA, EM PLASTICO, DN 25 MM X 3/4\", PARA CONEXAO COM CRIMPAGEM EM TUBO PEX                                                                                                                                                                                                                                                                                                                                                                                                           ","UN    ","AS","28,85"]
[38852,"CONEXAO FIXA, ROSCA FEMEA, EM PLASTICO, DN 32 MM X 3/4\", PARA CONEXAO COM CRIMPAGEM EM TUBO PEX                                                                                                                                                                                                                                                                                                                                                                                                           ","UN    ","AS","39,25"]
[38844,"CONEXAO FIXA, ROSCA FEMEA, METALICA, COM ANEL DESLIZANTE, DN 16 MM X 1/2\", PARA TUBO PEX                                                                                                                                                                                                                                                                                                                                                                                                                  ","UN    ","AS","12,06"]
[38846,"CONEXAO FIXA, ROSCA FEMEA, METALICA, COM ANEL DESLIZANTE, DN 20 MM X 1/2\", PARA TUBO PEX                                                                                                                                                                                                                                                                                                                                                                                                                  ","UN    ","AS","13,19"]
[38847,"CONEXAO FIXA, ROSCA FEMEA, METALICA, COM ANEL DESLIZANTE, DN 20 MM X 3/4\", PARA TUBO PEX                                                                                                                                                                                                                                                                                                                                                                                                                  ","UN    ","AS","16,23"]
[38850,"CONEXAO FIXA, ROSCA FEMEA, METALICA, COM ANEL DESLIZANTE, DN 25 MM X 1\", PARA TUBO PEX                                                                                                                                                                                                                                                                                                                                                                                                                    ","UN    ","AS","22,56"]
[38848,"CONEXAO FIXA, ROSCA FEMEA, METALICA, COM ANEL DESLIZANTE, DN 25 MM X 3/4\", PARA TUBO PEX                                                                                                                                                                                                                                                                                                                                                                                                                  ","UN    ","AS","18,87"]
[38851,"CONEXAO FIXA, ROSCA FEMEA, METALICA, COM ANEL DESLIZANTE, DN 32 MM X 1\", PARA TUBO PEX                                                                                                                                                                                                                                                                                                                                                                                                                    ","UN    ","AS","34,29"]
[38860,"CONEXAO FIXA, ROSCA MACHO, METALICA, PARA TUBO PEX, DN 16 MM X 1/2\"                                                                                                                                                                                                                                                                                                                                                                                                                                       ","UN    ","AS","9,69"]
[38861,"CONEXAO FIXA, ROSCA MACHO, METALICA, PARA TUBO PEX, DN 16 MM X 3/4\"                                                                                                                                                                                                                                                                                                                                                                                                                                       ","UN    ","AS","13,04"]
[38862,"CONEXAO FIXA, ROSCA MACHO, METALICA, PARA TUBO PEX, DN 20 MM X 1/2\"                                                                                                                                                                                                                                                                                                                                                                                                                                       ","UN    ","AS","10,99"]
[38863,"CONEXAO FIXA, ROSCA MACHO, METALICA, PARA TUBO PEX, DN 20 MM X 3/4\"                                                                                                                                                                                                                                                                                                                                                                                                                                       ","UN    ","AS","12,63"]
[38865,"CONEXAO FIXA, ROSCA MACHO, METALICA, PARA TUBO PEX, DN 25 MM X 1/2\"                                                                                                                                                                                                                                                                                                                                                                                                                                       ","UN    ","AS","17,15"]
[38864,"CONEXAO FIXA, ROSCA MACHO, METALICA, PARA TUBO PEX, DN 25 MM X 1\"                                                                                                                                                                                                                                                                                                                                                                                                                                         ","UN    ","AS","26,22"]
[38866,"CONEXAO FIXA, ROSCA MACHO, METALICA, PARA TUBO PEX, DN 25 MM X 3/4\"                                                                                                                                                                                                                                                                                                                                                                                                                                       ","UN    ","AS","18,46"]
[38868,"CONEXAO FIXA, ROSCA MACHO, METALICA, PARA TUBO PEX, DN 32 MM X 1\"                                                                                                                                                                                                                                                                                                                                                                                                                                         ","UN    ","AS","30,77"]
[38853,"CONEXAO MOVEL, ROSCA FEMEA, METALICA, COM ANEL DESLIZANTE, PARA TUBO PEX, DN 16 MM X 1/2\"                                                                                                                                                                                                                                                                                                                                                                                                                 ","UN    ","AS","9,94"]
[38854,"CONEXAO MOVEL, ROSCA FEMEA, METALICA, COM ANEL DESLIZANTE, PARA TUBO PEX, DN 16 MM X 3/4\"                                                                                                                                                                                                                                                                                                                                                                                                                 ","UN    ","AS","13,59"]
[38855,"CONEXAO MOVEL, ROSCA FEMEA, METALICA, COM ANEL DESLIZANTE, PARA TUBO PEX, DN 20 MM X 1/2\"                                                                                                                                                                                                                                                                                                                                                                                                                 ","UN    ","AS","10,08"]
[38856,"CONEXAO MOVEL, ROSCA FEMEA, METALICA, COM ANEL DESLIZANTE, PARA TUBO PEX, DN 20 MM X 3/4\"                                                                                                                                                                                                                                                                                                                                                                                                                 ","UN    ","AS","16,19"]
[38857,"CONEXAO MOVEL, ROSCA FEMEA, METALICA, COM ANEL DESLIZANTE, PARA TUBO PEX, DN 25 MM X 1\"                                                                                                                                                                                                                                                                                                                                                                                                                   ","UN    ","AS","21,41"]
[38858,"CONEXAO MOVEL, ROSCA FEMEA, METALICA, COM ANEL DESLIZANTE, PARA TUBO PEX, DN 25 MM X 3/4\"                                                                                                                                                                                                                                                                                                                                                                                                                 ","UN    ","AS","19,47"]
[38859,"CONEXAO MOVEL, ROSCA FEMEA, METALICA, COM ANEL DESLIZANTE, PARA TUBO PEX, DN 32 MM X 1\"                                                                                                                                                                                                                                                                                                                                                                                                                   ","UN    ","AS","31,53"]
[3104,"CONJ. DE FERRAGENS PARA PORTA DE VIDRO TEMPERADO, EM ZAMAC CROMADO, CONTEMPLANDO: DOBRADICA INF.; DOBRADICA SUP.; PIVO PARA DOBRADICA INF.; PIVO PARA DOBRADICA SUP.; FECHADURA CENTRAL EM ZAMC CROMADO; CONTRA FECHADURA DE PRESSAO                                                                                                                                                                                                                                                                      ","CJ    ","CR","112,47"]
[1607,"CONJUNTO ARRUELAS DE VEDACAO 5/16\" PARA TELHA FIBROCIMENTO (UMA ARRUELA METALICA E UMA ARRUELA PVC - CONICAS)                                                                                                                                                                                                                                                                                                                                                                                             ","CJ    ","CR","0,28"]
[38169,"CONJUNTO DE FERRAGENS PIVO, PARA PORTA PIVOTANTE DE ATE 100 KG, REGULAVEL COM ESFERA , CROMADO - SUPERIOR E INFERIOR - COMPLETO                                                                                                                                                                                                                                                                                                                                                                           ","CJ    ","CR","63,23"]
[6142,"CONJUNTO DE LIGACAO PARA BACIA SANITARIA AJUSTAVEL, EM PLASTICO BRANCO, COM TUBO, CANOPLA E ESPUDE                                                                                                                                                                                                                                                                                                                                                                                                        ","UN    ","CR","6,94"]
[11686,"CONJUNTO DE LIGACAO PARA BACIA SANITARIA EM PLASTICO BRANCO COM TUBO, CANOPLA E ANEL DE EXPANSAO (TUBO 1.1/2 '' X 20 CM)                                                                                                                                                                                                                                                                                                                                                                                  ","UN    ","CR","9,63"]
[37598,"CONJUNTO MONTADO ESTOPIM COM ESPOLETA COMUM NUMERO 8, COM CABECA ACENDEDORA, 1,5 M                                                                                                                                                                                                                                                                                                                                                                                                                        ","UN    ","AS","33,86"]
[25398,"CONJUNTO PARA FUTSAL COM TRAVES OFICIAIS DE 3,00 X 2,00 M EM TUBO DE ACO GALVANIZADO 3\" COM REQUADRO EM TUBO DE 1\", PINTURA EM PRIMER COM TINTA ESMALTE SINTETICO E REDES DE POLIETILENO FIO 4 MM                                                                                                                                                                                                                                                                                                         ","UN    ","AS","5.018,06"]
[25399,"CONJUNTO PARA QUADRA DE  VOLEI COM POSTES EM TUBO DE ACO GALVANIZADO 3\", H = *255* CM, PINTURA EM TINTA ESMALTE SINTETICO, REDE DE NYLON COM 2 MM, MALHA 10 X 10 CM E ANTENAS OFICIAIS EM FIBRA DE VIDRO                                                                                                                                                                                                                                                                                                  ","UN    ","AS","3.046,40"]
[43440,"CONJUNTO PRE-MOLDADO COMPOSTO POR GRELHA (0,99 X 0,45 M), QUADRO (1,10 X 0,52 M) E CANTONEIRA (1,10 X 0,35 M), EM CONCRETO ARMADO, COM FCK DE 21 MPA                                                                                                                                                                                                                                                                                                                                                      ","UN    ","CR","365,29"]
[10667,"CONTAINER ALMOXARIFADO, DE *2,40* X *6,00* M, PADRAO SIMPLES, SEM REVESTIMENTO E SEM DIVISORIAS INTERNOS E SEM SANITARIO, PARA USO EM CANTEIRO DE OBRAS                                                                                                                                                                                                                                                                                                                                                   ","UN    ","AS","14.750,00"]
[1613,"CONTATOR TRIPOLAR, CORRENTE DE *110* A, TENSAO NOMINAL DE *500* V, CATEGORIA AC-2 E AC-3                                                                                                                                                                                                                                                                                                                                                                                                                  ","UN    ","CR","1.349,88"]
[1626,"CONTATOR TRIPOLAR, CORRENTE DE *185* A, TENSAO NOMINAL DE *500* V, CATEGORIA AC-2 E AC-3                                                                                                                                                                                                                                                                                                                                                                                                                  ","UN    ","CR","2.018,91"]
[1625,"CONTATOR TRIPOLAR, CORRENTE DE *22* A, TENSAO NOMINAL DE *500* V, CATEGORIA AC-2 E AC-3                                                                                                                                                                                                                                                                                                                                                                                                                   ","UN    ","CR","141,01"]
[1622,"CONTATOR TRIPOLAR, CORRENTE DE *265* A, TENSAO NOMINAL DE *500* V, CATEGORIA AC-2 E AC-3                                                                                                                                                                                                                                                                                                                                                                                                                  ","UN    ","CR","4.555,85"]
[1620,"CONTATOR TRIPOLAR, CORRENTE DE *38* A, TENSAO NOMINAL DE *500* V, CATEGORIA AC-2 E AC-3                                                                                                                                                                                                                                                                                                                                                                                                                   ","UN    ","CR","297,05"]
[1629,"CONTATOR TRIPOLAR, CORRENTE DE *500* A, TENSAO NOMINAL DE *500* V, CATEGORIA AC-2 E AC-3                                                                                                                                                                                                                                                                                                                                                                                                                  ","UN    ","CR","11.087,85"]
[1627,"CONTATOR TRIPOLAR, CORRENTE DE *65* A, TENSAO NOMINAL DE *500* V, CATEGORIA AC-2 E AC-3                                                                                                                                                                                                                                                                                                                                                                                                                   ","UN    ","CR","567,80"]
[1623,"CONTATOR TRIPOLAR, CORRENTE DE 12 A, TENSAO NOMINAL DE *500* V, CATEGORIA AC-2 E AC-3                                                                                                                                                                                                                                                                                                                                                                                                                     ","UN    ","CR","115,00"]
[1619,"CONTATOR TRIPOLAR, CORRENTE DE 25 A, TENSAO NOMINAL DE *500* V, CATEGORIA AC-2 E AC-3                                                                                                                                                                                                                                                                                                                                                                                                                     ","UN    ","CR","158,19"]
[1630,"CONTATOR TRIPOLAR, CORRENTE DE 250 A, TENSAO NOMINAL DE *500* V, PARA ACIONAMENTO DE CAPACITORES                                                                                                                                                                                                                                                                                                                                                                                                          ","UN    ","CR","3.483,04"]
[1616,"CONTATOR TRIPOLAR, CORRENTE DE 300 A, TENSAO NOMINAL DE *500* V, CATEGORIA AC-2 E AC-3                                                                                                                                                                                                                                                                                                                                                                                                                    ","UN    ","CR","5.356,98"]
[1614,"CONTATOR TRIPOLAR, CORRENTE DE 32 A, TENSAO NOMINAL DE *500* V, CATEGORIA AC-2 E AC-3                                                                                                                                                                                                                                                                                                                                                                                                                     ","UN    ","CR","244,83"]
[1617,"CONTATOR TRIPOLAR, CORRENTE DE 400 A, TENSAO NOMINAL DE *500* V, CATEGORIA AC-2 E AC-3                                                                                                                                                                                                                                                                                                                                                                                                                    ","UN    ","CR","6.395,07"]
[1621,"CONTATOR TRIPOLAR, CORRENTE DE 45 A, TENSAO NOMINAL DE *500* V, CATEGORIA AC-2 E AC-3                                                                                                                                                                                                                                                                                                                                                                                                                     ","UN    ","CR","437,88"]
[1624,"CONTATOR TRIPOLAR, CORRENTE DE 630 A, TENSAO NOMINAL DE *500* V, CATEGORIA AC-2 E AC-3                                                                                                                                                                                                                                                                                                                                                                                                                    ","UN    ","CR","15.719,40"]
[1615,"CONTATOR TRIPOLAR, CORRENTE DE 75 A, TENSAO NOMINAL DE *500* V, CATEGORIA AC-2 E AC-3                                                                                                                                                                                                                                                                                                                                                                                                                     ","UN    ","CR","822,26"]
[1612,"CONTATOR TRIPOLAR, CORRENTE DE 9 A, TENSAO NOMINAL DE *500* V, CATEGORIA AC-2 E AC-3                                                                                                                                                                                                                                                                                                                                                                                                                      ","UN    ","C ","108,30"]
[1618,"CONTATOR TRIPOLAR, CORRENTE DE 95 A, TENSAO NOMINAL DE *500* V, CATEGORIA AC-2 E AC-3                                                                                                                                                                                                                                                                                                                                                                                                                     ","UN    ","CR","1.129,91"]
[14211,"CONTRA-PORCA SEXTAVADA, DIAMETRO NOMINAL 1 3/8\", ALTURA 35 MM                                                                                                                                                                                                                                                                                                                                                                                                                                             ","UN    ","AS","29,59"]
[34500,"COORDENADOR / GERENTE DE OBRA                                                                                                                                                                                                                                                                                                                                                                                                                                                                             ","H     ","CR","132,84"]
[40934,"COORDENADOR / GERENTE DE OBRA (MENSALISTA)                                                                                                                                                                                                                                                                                                                                                                                                                                                                ","MES   ","CR","23.317,07"]
[38200,"CORDA DE POLIAMIDA 12 MM TIPO BOMBEIRO, PARA TRABALHO EM ALTURA                                                                                                                                                                                                                                                                                                                                                                                                                                           ","100M  ","CR","551,46"]
[39269,"CORDAO DE COBRE, FLEXIVEL, TORCIDO, CLASSE 4 OU 5, ISOLACAO EM PVC/D, 300 V, 2 CONDUTORES DE 0,5 MM2                                                                                                                                                                                                                                                                                                                                                                                                      ","M     ","CR","1,44"]
[11889,"CORDAO DE COBRE, FLEXIVEL, TORCIDO, CLASSE 4 OU 5, ISOLACAO EM PVC/D, 300 V, 2 CONDUTORES DE 0,75 MM2                                                                                                                                                                                                                                                                                                                                                                                                     ","M     ","CR","2,00"]
[39270,"CORDAO DE COBRE, FLEXIVEL, TORCIDO, CLASSE 4 OU 5, ISOLACAO EM PVC/D, 300 V, 2 CONDUTORES DE 1,0 MM2                                                                                                                                                                                                                                                                                                                                                                                                      ","M     ","CR","2,38"]
[11890,"CORDAO DE COBRE, FLEXIVEL, TORCIDO, CLASSE 4 OU 5, ISOLACAO EM PVC/D, 300 V, 2 CONDUTORES DE 1,5 MM2                                                                                                                                                                                                                                                                                                                                                                                                      ","M     ","CR","3,10"]
[11891,"CORDAO DE COBRE, FLEXIVEL, TORCIDO, CLASSE 4 OU 5, ISOLACAO EM PVC/D, 300 V, 2 CONDUTORES DE 2,5 MM2                                                                                                                                                                                                                                                                                                                                                                                                      ","M     ","CR","5,11"]
[11892,"CORDAO DE COBRE, FLEXIVEL, TORCIDO, CLASSE 4 OU 5, ISOLACAO EM PVC/D, 300 V, 2 CONDUTORES DE 4 MM2                                                                                                                                                                                                                                                                                                                                                                                                        ","M     ","CR","7,87"]
[37601,"CORDEL DETONANTE, NP 05 G/M                                                                                                                                                                                                                                                                                                                                                                                                                                                                               ","M     ","AS","7,52"]
[1634,"CORDEL DETONANTE, NP 10 G/M                                                                                                                                                                                                                                                                                                                                                                                                                                                                               ","M     ","AS","7,77"]
[5086,"CORRENTE DE ELO CURTO COMUM, SOLDADA, GALVANIZADA, ESPESSURA DO ELO = 1/2\" (12,5 MM)                                                                                                                                                                                                                                                                                                                                                                                                                      ","KG    ","CR","26,18"]
[11280,"CORTADEIRA DE PISO DE CONCRETO E ASFALTO, PARA DISCO PADRAO DE DIAMETRO 350 MM (14\") OU 450 MM (18\") , MOTOR A GASOLINA, POTENCIA 13 HP, SEM DISCO                                                                                                                                                                                                                                                                                                                                                        ","UN    ","CR","11.611,98"]
[40519,"CORTADEIRA HIDRAULICA DE VERGALHAO, PARA ACO DE DIAMETRO ATE 50 MM, MOTOR ELETRICO TRIFASICO, POTENCIA DE 5,5 HP A 7,5 HP                                                                                                                                                                                                                                                                                                                                                                                 ","UN    ","CR","95.725,18"]
[39869,"COTOVELO BRONZE/LATAO (REF 707-3) SEM ANEL DE SOLDA, BOLSA X ROSCA F, 15MM X 1/2\"                                                                                                                                                                                                                                                                                                                                                                                                                         ","UN    ","AS","14,33"]
[39870,"COTOVELO BRONZE/LATAO (REF 707-3) SEM ANEL DE SOLDA, BOLSA X ROSCA F, 22MM X 1/2\"                                                                                                                                                                                                                                                                                                                                                                                                                         ","UN    ","AS","21,92"]
[39871,"COTOVELO BRONZE/LATAO (REF 707-3) SEM ANEL DE SOLDA, BOLSA X ROSCA F, 22MM X 3/4\"                                                                                                                                                                                                                                                                                                                                                                                                                         ","UN    ","AS","24,57"]
[12722,"COTOVELO DE COBRE 90 GRAUS (REF 607) SEM ANEL DE SOLDA, BOLSA X BOLSA, 104 MM                                                                                                                                                                                                                                                                                                                                                                                                                             ","UN    ","AS","822,28"]
[12714,"COTOVELO DE COBRE 90 GRAUS (REF 607) SEM ANEL DE SOLDA, BOLSA X BOLSA, 15 MM                                                                                                                                                                                                                                                                                                                                                                                                                              ","UN    ","AS","5,37"]
[12715,"COTOVELO DE COBRE 90 GRAUS (REF 607) SEM ANEL DE SOLDA, BOLSA X BOLSA, 22 MM                                                                                                                                                                                                                                                                                                                                                                                                                              ","UN    ","AS","12,12"]
[12716,"COTOVELO DE COBRE 90 GRAUS (REF 607) SEM ANEL DE SOLDA, BOLSA X BOLSA, 28 MM                                                                                                                                                                                                                                                                                                                                                                                                                              ","UN    ","AS","20,81"]
[12717,"COTOVELO DE COBRE 90 GRAUS (REF 607) SEM ANEL DE SOLDA, BOLSA X BOLSA, 35 MM                                                                                                                                                                                                                                                                                                                                                                                                                              ","UN    ","AS","40,91"]
[12718,"COTOVELO DE COBRE 90 GRAUS (REF 607) SEM ANEL DE SOLDA, BOLSA X BOLSA, 42 MM                                                                                                                                                                                                                                                                                                                                                                                                                              ","UN    ","AS","62,78"]
[12719,"COTOVELO DE COBRE 90 GRAUS (REF 607) SEM ANEL DE SOLDA, BOLSA X BOLSA, 54 MM                                                                                                                                                                                                                                                                                                                                                                                                                              ","UN    ","AS","99,66"]
[12720,"COTOVELO DE COBRE 90 GRAUS (REF 607) SEM ANEL DE SOLDA, BOLSA X BOLSA, 66 MM                                                                                                                                                                                                                                                                                                                                                                                                                              ","UN    ","AS","347,03"]
[12721,"COTOVELO DE COBRE 90 GRAUS (REF 607) SEM ANEL DE SOLDA, BOLSA X BOLSA, 79 MM                                                                                                                                                                                                                                                                                                                                                                                                                              ","UN    ","AS","332,77"]
[3468,"COTOVELO DE REDUCAO 90 GRAUS DE FERRO GALVANIZADO, COM ROSCA BSP, DE 1 1/2\" X 1\"                                                                                                                                                                                                                                                                                                                                                                                                                          ","UN    ","AS","41,02"]
[3465,"COTOVELO DE REDUCAO 90 GRAUS DE FERRO GALVANIZADO, COM ROSCA BSP, DE 1 1/2\" X 3/4\"                                                                                                                                                                                                                                                                                                                                                                                                                        ","UN    ","AS","41,01"]
[12403,"COTOVELO DE REDUCAO 90 GRAUS DE FERRO GALVANIZADO, COM ROSCA BSP, DE 1 1/4\" X 1\"                                                                                                                                                                                                                                                                                                                                                                                                                          ","UN    ","AS","29,23"]
[3463,"COTOVELO DE REDUCAO 90 GRAUS DE FERRO GALVANIZADO, COM ROSCA BSP, DE 1\" X 1/2\"                                                                                                                                                                                                                                                                                                                                                                                                                            ","UN    ","AS","17,08"]
[3464,"COTOVELO DE REDUCAO 90 GRAUS DE FERRO GALVANIZADO, COM ROSCA BSP, DE 1\" X 3/4\"                                                                                                                                                                                                                                                                                                                                                                                                                            ","UN    ","AS","17,08"]
[3466,"COTOVELO DE REDUCAO 90 GRAUS DE FERRO GALVANIZADO, COM ROSCA BSP, DE 2 1/2\" X 2\"                                                                                                                                                                                                                                                                                                                                                                                                                          ","UN    ","AS","104,16"]
[3467,"COTOVELO DE REDUCAO 90 GRAUS DE FERRO GALVANIZADO, COM ROSCA BSP, DE 2\" X 1 1/2\"                                                                                                                                                                                                                                                                                                                                                                                                                          ","UN    ","AS","58,82"]
[3462,"COTOVELO DE REDUCAO 90 GRAUS DE FERRO GALVANIZADO, COM ROSCA BSP, DE 3/4\" X 1/2\"                                                                                                                                                                                                                                                                                                                                                                                                                          ","UN    ","AS","11,27"]
[3446,"COTOVELO 45 GRAUS DE FERRO GALVANIZADO, COM ROSCA BSP, DE 1 1/2\"                                                                                                                                                                                                                                                                                                                                                                                                                                          ","UN    ","AS","34,68"]
[3445,"COTOVELO 45 GRAUS DE FERRO GALVANIZADO, COM ROSCA BSP, DE 1 1/4\"                                                                                                                                                                                                                                                                                                                                                                                                                                          ","UN    ","AS","28,31"]
[3441,"COTOVELO 45 GRAUS DE FERRO GALVANIZADO, COM ROSCA BSP, DE 1/2\"                                                                                                                                                                                                                                                                                                                                                                                                                                            ","UN    ","AS","7,99"]
[3444,"COTOVELO 45 GRAUS DE FERRO GALVANIZADO, COM ROSCA BSP, DE 1\"                                                                                                                                                                                                                                                                                                                                                                                                                                              ","UN    ","AS","17,42"]
[12402,"COTOVELO 45 GRAUS DE FERRO GALVANIZADO, COM ROSCA BSP, DE 2 1/2\"                                                                                                                                                                                                                                                                                                                                                                                                                                          ","UN    ","AS","97,48"]
[3447,"COTOVELO 45 GRAUS DE FERRO GALVANIZADO, COM ROSCA BSP, DE 2\"                                                                                                                                                                                                                                                                                                                                                                                                                                              ","UN    ","AS","50,43"]
[3442,"COTOVELO 45 GRAUS DE FERRO GALVANIZADO, COM ROSCA BSP, DE 3/4\"                                                                                                                                                                                                                                                                                                                                                                                                                                            ","UN    ","AS","11,95"]
[3448,"COTOVELO 45 GRAUS DE FERRO GALVANIZADO, COM ROSCA BSP, DE 3\"                                                                                                                                                                                                                                                                                                                                                                                                                                              ","UN    ","AS","142,51"]
[3449,"COTOVELO 45 GRAUS DE FERRO GALVANIZADO, COM ROSCA BSP, DE 4\"                                                                                                                                                                                                                                                                                                                                                                                                                                              ","UN    ","AS","249,71"]
[37438,"COTOVELO 45 GRAUS, PEAD PE 100, DE 125 MM, PARA ELETROFUSAO                                                                                                                                                                                                                                                                                                                                                                                                                                               ","UN    ","AS","276,89"]
[37439,"COTOVELO 45 GRAUS, PEAD PE 100, DE 200 MM, PARA ELETROFUSAO                                                                                                                                                                                                                                                                                                                                                                                                                                               ","UN    ","AS","1.810,31"]
[37435,"COTOVELO 45 GRAUS, PEAD PE 100, DE 32 MM, PARA ELETROFUSAO                                                                                                                                                                                                                                                                                                                                                                                                                                                ","UN    ","AS","32,54"]
[37436,"COTOVELO 45 GRAUS, PEAD PE 100, DE 40 MM, PARA ELETROFUSAO                                                                                                                                                                                                                                                                                                                                                                                                                                                ","UN    ","AS","38,40"]
[37437,"COTOVELO 45 GRAUS, PEAD PE 100, DE 63 MM, PARA ELETROFUSAO                                                                                                                                                                                                                                                                                                                                                                                                                                                ","UN    ","AS","55,54"]
[3473,"COTOVELO 90 GRAUS DE FERRO GALVANIZADO, COM ROSCA BSP MACHO/FEMEA, DE 1 1/2\"                                                                                                                                                                                                                                                                                                                                                                                                                              ","UN    ","AS","39,21"]
[3474,"COTOVELO 90 GRAUS DE FERRO GALVANIZADO, COM ROSCA BSP MACHO/FEMEA, DE 1 1/4\"                                                                                                                                                                                                                                                                                                                                                                                                                              ","UN    ","AS","32,32"]
[3450,"COTOVELO 90 GRAUS DE FERRO GALVANIZADO, COM ROSCA BSP MACHO/FEMEA, DE 1/2\"                                                                                                                                                                                                                                                                                                                                                                                                                                ","UN    ","AS","9,37"]
[3443,"COTOVELO 90 GRAUS DE FERRO GALVANIZADO, COM ROSCA BSP MACHO/FEMEA, DE 1\"                                                                                                                                                                                                                                                                                                                                                                                                                                  ","UN    ","AS","20,10"]
[3453,"COTOVELO 90 GRAUS DE FERRO GALVANIZADO, COM ROSCA BSP MACHO/FEMEA, DE 2 1/2\"                                                                                                                                                                                                                                                                                                                                                                                                                              ","UN    ","AS","114,45"]
[3452,"COTOVELO 90 GRAUS DE FERRO GALVANIZADO, COM ROSCA BSP MACHO/FEMEA, DE 2\"                                                                                                                                                                                                                                                                                                                                                                                                                                  ","UN    ","AS","56,49"]
[3451,"COTOVELO 90 GRAUS DE FERRO GALVANIZADO, COM ROSCA BSP MACHO/FEMEA, DE 3/4\"                                                                                                                                                                                                                                                                                                                                                                                                                                ","UN    ","AS","11,20"]
[3454,"COTOVELO 90 GRAUS DE FERRO GALVANIZADO, COM ROSCA BSP MACHO/FEMEA, DE 3\"                                                                                                                                                                                                                                                                                                                                                                                                                                  ","UN    ","AS","174,07"]
[3458,"COTOVELO 90 GRAUS DE FERRO GALVANIZADO, COM ROSCA BSP, DE 1 1/2\"                                                                                                                                                                                                                                                                                                                                                                                                                                          ","UN    ","AS","31,43"]
[3457,"COTOVELO 90 GRAUS DE FERRO GALVANIZADO, COM ROSCA BSP, DE 1 1/4\"                                                                                                                                                                                                                                                                                                                                                                                                                                          ","UN    ","AS","23,59"]
[3455,"COTOVELO 90 GRAUS DE FERRO GALVANIZADO, COM ROSCA BSP, DE 1/2\"                                                                                                                                                                                                                                                                                                                                                                                                                                            ","UN    ","AS","6,70"]
[3472,"COTOVELO 90 GRAUS DE FERRO GALVANIZADO, COM ROSCA BSP, DE 1\"                                                                                                                                                                                                                                                                                                                                                                                                                                              ","UN    ","AS","15,05"]
[3470,"COTOVELO 90 GRAUS DE FERRO GALVANIZADO, COM ROSCA BSP, DE 2 1/2\"                                                                                                                                                                                                                                                                                                                                                                                                                                          ","UN    ","AS","87,76"]
[3471,"COTOVELO 90 GRAUS DE FERRO GALVANIZADO, COM ROSCA BSP, DE 2\"                                                                                                                                                                                                                                                                                                                                                                                                                                              ","UN    ","AS","48,22"]
[3456,"COTOVELO 90 GRAUS DE FERRO GALVANIZADO, COM ROSCA BSP, DE 3/4\"                                                                                                                                                                                                                                                                                                                                                                                                                                            ","UN    ","AS","10,02"]
[3459,"COTOVELO 90 GRAUS DE FERRO GALVANIZADO, COM ROSCA BSP, DE 3\"                                                                                                                                                                                                                                                                                                                                                                                                                                              ","UN    ","AS","123,78"]
[3469,"COTOVELO 90 GRAUS DE FERRO GALVANIZADO, COM ROSCA BSP, DE 4\"                                                                                                                                                                                                                                                                                                                                                                                                                                              ","UN    ","AS","235,40"]
[3460,"COTOVELO 90 GRAUS DE FERRO GALVANIZADO, COM ROSCA BSP, DE 5\"                                                                                                                                                                                                                                                                                                                                                                                                                                              ","UN    ","AS","343,48"]
[3461,"COTOVELO 90 GRAUS DE FERRO GALVANIZADO, COM ROSCA BSP, DE 6\"                                                                                                                                                                                                                                                                                                                                                                                                                                              ","UN    ","AS","877,93"]
[37433,"COTOVELO 90 GRAUS, PEAD PE 100, DE 125 MM, PARA ELETROFUSAO                                                                                                                                                                                                                                                                                                                                                                                                                                               ","UN    ","AS","276,89"]
[37430,"COTOVELO 90 GRAUS, PEAD PE 100, DE 20 MM, PARA ELETROFUSAO                                                                                                                                                                                                                                                                                                                                                                                                                                                ","UN    ","AS","34,70"]
[37434,"COTOVELO 90 GRAUS, PEAD PE 100, DE 200 MM, PARA ELETROFUSAO                                                                                                                                                                                                                                                                                                                                                                                                                                               ","UN    ","AS","2.581,75"]
[37431,"COTOVELO 90 GRAUS, PEAD PE 100, DE 32 MM, PARA ELETROFUSAO                                                                                                                                                                                                                                                                                                                                                                                                                                                ","UN    ","AS","47,07"]
[37432,"COTOVELO 90 GRAUS, PEAD PE 100, DE 63 MM, PARA ELETROFUSAO                                                                                                                                                                                                                                                                                                                                                                                                                                                ","UN    ","AS","86,82"]
[37413,"COTOVELO/JOELHO COM ADAPTADOR, 90 GRAUS, EM POLIPROPILENO, PN 16, PARA TUBOS PEAD, 20 MM X 1/2\" - LIGACAO PREDIAL DE AGUA                                                                                                                                                                                                                                                                                                                                                                                 ","UN    ","AS","4,45"]
[37414,"COTOVELO/JOELHO COM ADAPTADOR, 90 GRAUS, EM POLIPROPILENO, PN 16, PARA TUBOS PEAD, 20 MM X 3/4\" - LIGACAO PREDIAL DE AGUA                                                                                                                                                                                                                                                                                                                                                                                 ","UN    ","AS","5,05"]
[37415,"COTOVELO/JOELHO COM ADAPTADOR, 90 GRAUS, EM POLIPROPILENO, PN 16, PARA TUBOS PEAD, 32 MM X 1\" - LIGACAO PREDIAL DE AGUA                                                                                                                                                                                                                                                                                                                                                                                   ","UN    ","AS","9,18"]
[37416,"COTOVELO/JOELHO 90 GRAUS, EM POLIPROPILENO, PN 16, PARA TUBOS PEAD, 20 X 20 MM - LIGACAO PREDIAL DE AGUA                                                                                                                                                                                                                                                                                                                                                                                                  ","UN    ","AS","4,16"]
[37417,"COTOVELO/JOELHO 90 GRAUS, EM POLIPROPILENO, PN 16, PARA TUBOS PEAD, 32 X 32 MM - LIGACAO PREDIAL DE AGUA                                                                                                                                                                                                                                                                                                                                                                                                  ","UN    ","AS","5,98"]
[43590,"CREMONA RETANGULAR INJETADA LISA COM CHAVE, COM CASTANHA / ALCA, EM LATAO, COM ACABAMENTO CROMADO, DE SOBREPOR / EMBUTIR                                                                                                                                                                                                                                                                                                                                                                                  ","UN    ","CR","121,70"]
[43589,"CREMONA RETANGULAR INJETADA LISA, COM CASTANHA / ALCA, EM LATAO, COM ACABAMENTO CROMADO, DE SOBREPOR / EMBUTIR                                                                                                                                                                                                                                                                                                                                                                                            ","UN    ","CR","22,02"]
[34519,"CRUZETA DE CONCRETO LEVE, COMP. 2000 MM SECAO, 90 X 90 MM                                                                                                                                                                                                                                                                                                                                                                                                                                                 ","UN    ","CR","130,85"]
[1649,"CRUZETA DE FERRO GALVANIZADO, COM ROSCA BSP, DE 1 1/2\"                                                                                                                                                                                                                                                                                                                                                                                                                                                    ","UN    ","AS","74,12"]
[1653,"CRUZETA DE FERRO GALVANIZADO, COM ROSCA BSP, DE 1 1/4\"                                                                                                                                                                                                                                                                                                                                                                                                                                                    ","UN    ","AS","58,05"]
[1647,"CRUZETA DE FERRO GALVANIZADO, COM ROSCA BSP, DE 1/2\"                                                                                                                                                                                                                                                                                                                                                                                                                                                      ","UN    ","AS","20,79"]
[1648,"CRUZETA DE FERRO GALVANIZADO, COM ROSCA BSP, DE 1\"                                                                                                                                                                                                                                                                                                                                                                                                                                                        ","UN    ","AS","39,92"]
[1651,"CRUZETA DE FERRO GALVANIZADO, COM ROSCA BSP, DE 2 1/2\"                                                                                                                                                                                                                                                                                                                                                                                                                                                    ","UN    ","AS","185,18"]
[1650,"CRUZETA DE FERRO GALVANIZADO, COM ROSCA BSP, DE 2\"                                                                                                                                                                                                                                                                                                                                                                                                                                                        ","UN    ","AS","102,36"]
[1654,"CRUZETA DE FERRO GALVANIZADO, COM ROSCA BSP, DE 3/4\"                                                                                                                                                                                                                                                                                                                                                                                                                                                      ","UN    ","AS","28,53"]
[1652,"CRUZETA DE FERRO GALVANIZADO, COM ROSCA BSP, DE 3\"                                                                                                                                                                                                                                                                                                                                                                                                                                                        ","UN    ","AS","265,78"]
[10510,"CRUZETA DE MADEIRA TRATADA, *90 X 115 X 2400* MM, EM EUCALIPTO OU EQUIVALENTE DA REGIAO                                                                                                                                                                                                                                                                                                                                                                                                                   ","UN    ","AS","105,01"]
[1747,"CUBA ACO INOX (AISI 304) DE EMBUTIR COM VALVULA DE 3 1/2 \", DE *56 X 33 X 12* CM                                                                                                                                                                                                                                                                                                                                                                                                                          ","UN    ","CR","157,94"]
[1744,"CUBA ACO INOX (AISI 304) DE EMBUTIR COM VALVULA 3 1/2 \", DE *40 X 34 X 12* CM                                                                                                                                                                                                                                                                                                                                                                                                                             ","UN    ","CR","109,40"]
[1743,"CUBA ACO INOX (AISI 304) DE EMBUTIR COM VALVULA 3 1/2 \", DE *46 X 30 X 12* CM                                                                                                                                                                                                                                                                                                                                                                                                                             ","UN    ","CR","143,66"]
[39640,"CUMEEIRA ARTICULADA (ABA INFERIOR) PARA TELHA ONDULADA DE FIBROCIMENTO E = 4 MM, ABA *330* MM, COMPRIMENTO 500 MM (SEM AMIANTO)                                                                                                                                                                                                                                                                                                                                                                           ","UN    ","CR","11,13"]
[11013,"CUMEEIRA ARTICULADA (ABA INTERNA INFERIOR OU EXTERNA SUPERIOR) PARA TELHA ESTRUTURAL DE FIBROCIMENTO, 1 ABA, E = 6 MM (SEM AMIANTO)                                                                                                                                                                                                                                                                                                                                                                       ","UN    ","CR","22,91"]
[11017,"CUMEEIRA ARTICULADA (ABA SUPERIOR) PARA TELHA ONDULADA DE FIBROCIMENTO E = 4 MM, ABA *330* MM, COMPRIMENTO 500 MM (SEM AMIANTO)                                                                                                                                                                                                                                                                                                                                                                           ","UN    ","CR","9,78"]
[20236,"CUMEEIRA ARTICULADA (PAR) PARA TELHA ONDULADA DE FIBROCIMENTO, E = 6 MM, ABA 350 MM, COMPRIMENTO 1100 MM (SEM AMIANTO)                                                                                                                                                                                                                                                                                                                                                                                    ","UN    ","CR","43,05"]
[7215,"CUMEEIRA NORMAL PARA TELHA ESTRUTURAL DE FIBROCIMENTO 1 ABA, E = 6 MM, COMPRIMENTO 608 MM (SEM AMIANTO)                                                                                                                                                                                                                                                                                                                                                                                                   ","UN    ","CR","36,86"]
[7216,"CUMEEIRA NORMAL PARA TELHA ESTRUTURAL DE FIBROCIMENTO 2 ABAS, E = 6 MM, DE 1050 X 935 MM (SEM AMIANTO)                                                                                                                                                                                                                                                                                                                                                                                                    ","UN    ","CR","154,08"]
[20235,"CUMEEIRA NORMAL PARA TELHA ONDULADA DE FIBROCIMENTO, E = 6 MM, ABA 300 MM, COMPRIMENTO 1100 MM (SEM AMIANTO)                                                                                                                                                                                                                                                                                                                                                                                              ","UN    ","CR","77,90"]
[7181,"CUMEEIRA PARA TELHA CERAMICA, COMPRIMENTO DE *41* CM, RENDIMENTO DE *3* TELHAS/M                                                                                                                                                                                                                                                                                                                                                                                                                          ","UN    ","CR","2,14"]
[40742,"CUMEEIRA PARA TELHA DE CONCRETO, PARA 2 AGUAS DE TELHADO, COR CINZA, RENDIMENTO DE *3* TELHAS/M                                                                                                                                                                                                                                                                                                                                                                                                           ","UN    ","CR","6,88"]
[7214,"CUMEEIRA SHED PARA TELHA ONDULADA DE FIBROCIMENTO, E = 6 MM, ABA 280 MM, COMPRIMENTO 1100 MM (SEM AMIANTO)                                                                                                                                                                                                                                                                                                                                                                                                ","UN    ","CR","52,79"]
[7219,"CUMEEIRA UNIVERSAL PARA TELHA ONDULADA DE FIBROCIMENTO, E = 6 MM, ABA 210 MM, COMPRIMENTO 1100 MM (SEM AMIANTO)                                                                                                                                                                                                                                                                                                                                                                                           ","UN    ","CR","54,64"]
[37972,"CURVA CPVC, 90 GRAUS, SOLDAVEL, 22 MM, PARA AGUA QUENTE                                                                                                                                                                                                                                                                                                                                                                                                                                                   ","UN    ","AS","5,98"]
[37973,"CURVA CPVC, 90 GRAUS, SOLDAVEL, 28 MM, PARA AGUA QUENTE                                                                                                                                                                                                                                                                                                                                                                                                                                                   ","UN    ","AS","9,58"]
[37971,"CURVA CPVC, 90 GRAUS, SOLDAVEL,15 MM, PARA AGUA QUENTE                                                                                                                                                                                                                                                                                                                                                                                                                                                    ","UN    ","AS","3,59"]
[20094,"CURVA CURTA PVC, PB, JE, 45 GRAUS, DN 100 MM, PARA REDE COLETORA ESGOTO (NBR 10569)                                                                                                                                                                                                                                                                                                                                                                                                                       ","UN    ","AS","31,34"]
[20095,"CURVA CURTA PVC, PB, JE, 90 GRAUS, DN 100 MM, PARA REDE COLETORA ESGOTO (NBR 10569)                                                                                                                                                                                                                                                                                                                                                                                                                       ","UN    ","AS","39,92"]
[1954,"CURVA DE PVC 45 GRAUS, SOLDAVEL, 110 MM, PARA AGUA FRIA PREDIAL (NBR 5648)                                                                                                                                                                                                                                                                                                                                                                                                                                ","UN    ","CR","152,75"]
[1926,"CURVA DE PVC 45 GRAUS, SOLDAVEL, 20 MM, PARA AGUA FRIA PREDIAL (NBR 5648)                                                                                                                                                                                                                                                                                                                                                                                                                                 ","UN    ","CR","2,02"]
[1927,"CURVA DE PVC 45 GRAUS, SOLDAVEL, 25 MM, PARA AGUA FRIA PREDIAL (NBR 5648)                                                                                                                                                                                                                                                                                                                                                                                                                                 ","UN    ","CR","2,66"]
[1923,"CURVA DE PVC 45 GRAUS, SOLDAVEL, 32 MM, PARA AGUA FRIA PREDIAL (NBR 5648)                                                                                                                                                                                                                                                                                                                                                                                                                                 ","UN    ","CR","4,36"]
[1929,"CURVA DE PVC 45 GRAUS, SOLDAVEL, 40 MM, PARA AGUA FRIA PREDIAL (NBR 5648)                                                                                                                                                                                                                                                                                                                                                                                                                                 ","UN    ","CR","7,13"]
[1930,"CURVA DE PVC 45 GRAUS, SOLDAVEL, 50 MM, PARA AGUA FRIA PREDIAL (NBR 5648)                                                                                                                                                                                                                                                                                                                                                                                                                                 ","UN    ","CR","13,83"]
[1924,"CURVA DE PVC 45 GRAUS, SOLDAVEL, 60 MM, PARA AGUA FRIA PREDIAL (NBR 5648)                                                                                                                                                                                                                                                                                                                                                                                                                                 ","UN    ","CR","23,84"]
[1922,"CURVA DE PVC 45 GRAUS, SOLDAVEL, 75 MM, PARA AGUA FRIA PREDIAL (NBR 5648)                                                                                                                                                                                                                                                                                                                                                                                                                                 ","UN    ","CR","35,41"]
[1953,"CURVA DE PVC 45 GRAUS, SOLDAVEL, 85 MM, PARA AGUA FRIA PREDIAL (NBR 5648)                                                                                                                                                                                                                                                                                                                                                                                                                                 ","UN    ","CR","61,89"]
[1962,"CURVA DE PVC 90 GRAUS, SOLDAVEL, 110 MM, PARA AGUA FRIA PREDIAL (NBR 5648)                                                                                                                                                                                                                                                                                                                                                                                                                                ","UN    ","CR","202,48"]
[1955,"CURVA DE PVC 90 GRAUS, SOLDAVEL, 20 MM, PARA AGUA FRIA PREDIAL (NBR 5648)                                                                                                                                                                                                                                                                                                                                                                                                                                 ","UN    ","CR","2,67"]
[1956,"CURVA DE PVC 90 GRAUS, SOLDAVEL, 25 MM, PARA AGUA FRIA PREDIAL (NBR 5648)                                                                                                                                                                                                                                                                                                                                                                                                                                 ","UN    ","CR","3,45"]
[1957,"CURVA DE PVC 90 GRAUS, SOLDAVEL, 32 MM, PARA AGUA FRIA PREDIAL (NBR 5648)                                                                                                                                                                                                                                                                                                                                                                                                                                 ","UN    ","CR","7,85"]
[1958,"CURVA DE PVC 90 GRAUS, SOLDAVEL, 40 MM, PARA AGUA FRIA PREDIAL (NBR 5648)                                                                                                                                                                                                                                                                                                                                                                                                                                 ","UN    ","CR","13,93"]
[1959,"CURVA DE PVC 90 GRAUS, SOLDAVEL, 50 MM, PARA AGUA FRIA PREDIAL (NBR 5648)                                                                                                                                                                                                                                                                                                                                                                                                                                 ","UN    ","CR","16,98"]
[1925,"CURVA DE PVC 90 GRAUS, SOLDAVEL, 60 MM, PARA AGUA FRIA PREDIAL (NBR 5648)                                                                                                                                                                                                                                                                                                                                                                                                                                 ","UN    ","CR","41,98"]
[1960,"CURVA DE PVC 90 GRAUS, SOLDAVEL, 75 MM, PARA AGUA FRIA PREDIAL (NBR 5648)                                                                                                                                                                                                                                                                                                                                                                                                                                 ","UN    ","CR","59,69"]
[1961,"CURVA DE PVC 90 GRAUS, SOLDAVEL, 85 MM, PARA AGUA FRIA PREDIAL (NBR 5648)                                                                                                                                                                                                                                                                                                                                                                                                                                 ","UN    ","CR","85,77"]
[38426,"CURVA DE PVC, 45 GRAUS, SERIE R, DN 100 MM, PARA ESGOTO OU AGUAS PLUVIAIS PREDIAIS                                                                                                                                                                                                                                                                                                                                                                                                                        ","UN    ","CR","26,48"]
[38423,"CURVA DE PVC, 90 GRAUS, SERIE R, DN 100 MM, PARA ESGOTO OU AGUAS PLUVIAIS PREDIAIS                                                                                                                                                                                                                                                                                                                                                                                                                        ","UN    ","CR","60,06"]
[38421,"CURVA DE PVC, 90 GRAUS, SERIE R, DN 50 MM, PARA ESGOTO OU AGUAS PLUVIAIS PREDIAIS                                                                                                                                                                                                                                                                                                                                                                                                                         ","UN    ","CR","28,35"]
[38422,"CURVA DE PVC, 90 GRAUS, SERIE R, DN 75 MM, PARA ESGOTO OU AGUAS PLUVIAIS PREDIAIS                                                                                                                                                                                                                                                                                                                                                                                                                         ","UN    ","CR","41,45"]
[39866,"CURVA DE TRANSPOSICAO BRONZE/LATAO (REF 736) SEM ANEL DE SOLDA, BOLSA X BOLSA, 15 MM                                                                                                                                                                                                                                                                                                                                                                                                                      ","UN    ","AS","18,98"]
[39867,"CURVA DE TRANSPOSICAO BRONZE/LATAO (REF 736) SEM ANEL DE SOLDA, BOLSA X BOLSA, 22 MM                                                                                                                                                                                                                                                                                                                                                                                                                      ","UN    ","AS","42,20"]
[39868,"CURVA DE TRANSPOSICAO BRONZE/LATAO (REF 736) SEM ANEL DE SOLDA, BOLSA X BOLSA, 28 MM                                                                                                                                                                                                                                                                                                                                                                                                                      ","UN    ","AS","76,03"]
[37999,"CURVA DE TRANSPOSICAO, CPVC, SOLDAVEL, 15 MM                                                                                                                                                                                                                                                                                                                                                                                                                                                              ","UN    ","AS","5,74"]
[38000,"CURVA DE TRANSPOSICAO, CPVC, SOLDAVEL, 22 MM                                                                                                                                                                                                                                                                                                                                                                                                                                                              ","UN    ","AS","7,59"]
[38129,"CURVA DE TRANSPOSICAO, PVC SOLDAVEL, 20 MM, PARA AGUA FRIA PREDIAL                                                                                                                                                                                                                                                                                                                                                                                                                                        ","UN    ","CR","4,64"]
[38025,"CURVA DE TRANSPOSICAO, PVC, SOLDAVEL, 25 MM, PARA AGUA FRIA PREDIAL                                                                                                                                                                                                                                                                                                                                                                                                                                       ","UN    ","CR","7,75"]
[38026,"CURVA DE TRANSPOSICAO, PVC, SOLDAVEL, 32 MM, PARA AGUA FRIA PREDIAL                                                                                                                                                                                                                                                                                                                                                                                                                                       ","UN    ","CR","20,76"]
[1858,"CURVA LONGA PVC, PB, JE, 45 GRAUS, DN 100 MM, PARA REDE COLETORA ESGOTO (NBR 10569)                                                                                                                                                                                                                                                                                                                                                                                                                       ","UN    ","AS","43,89"]
[1844,"CURVA LONGA PVC, PB, JE, 45 GRAUS, DN 150 MM, PARA REDE COLETORA ESGOTO (NBR 10569)                                                                                                                                                                                                                                                                                                                                                                                                                       ","UN    ","AS","161,82"]
[1863,"CURVA LONGA PVC, PB, JE, 90 GRAUS, DN 100 MM, PARA REDE COLETORA ESGOTO (NBR 10569)                                                                                                                                                                                                                                                                                                                                                                                                                       ","UN    ","AS","63,69"]
[1865,"CURVA LONGA PVC, PB, JE, 90 GRAUS, DN 150 MM, PARA REDE COLETORA ESGOTO (NBR 10569)                                                                                                                                                                                                                                                                                                                                                                                                                       ","UN    ","AS","232,36"]
[36355,"CURVA PPR 90 GRAUS, DN 20 MM, PARA AGUA QUENTE PREDIAL                                                                                                                                                                                                                                                                                                                                                                                                                                                    ","UN    ","CR","7,43"]
[36356,"CURVA PPR 90 GRAUS, DN 25 MM, PARA AGUA QUENTE PREDIAL                                                                                                                                                                                                                                                                                                                                                                                                                                                    ","UN    ","CR","12,50"]
[1932,"CURVA PVC CURTA 90 G, DN 50 MM, PARA ESGOTO PREDIAL                                                                                                                                                                                                                                                                                                                                                                                                                                                       ","UN    ","CR","10,23"]
[1933,"CURVA PVC CURTA 90 GRAUS, DN 40 MM, PARA ESGOTO PREDIAL                                                                                                                                                                                                                                                                                                                                                                                                                                                   ","UN    ","CR","4,50"]
[1951,"CURVA PVC CURTA 90 GRAUS, DN 75 MM, PARA ESGOTO PREDIAL                                                                                                                                                                                                                                                                                                                                                                                                                                                   ","UN    ","CR","20,02"]
[1966,"CURVA PVC CURTA 90 GRAUS, 100 MM, PARA ESGOTO PREDIAL                                                                                                                                                                                                                                                                                                                                                                                                                                                     ","UN    ","CR","23,03"]
[1952,"CURVA PVC LEVE, 90 GRAUS, COM PONTA E BOLSA LISA, DN 150 MM                                                                                                                                                                                                                                                                                                                                                                                                                                               ","UN    ","CR","86,48"]
[20104,"CURVA PVC LEVE, 90 GRAUS, COM PONTA E BOLSA LISA, DN 250 MM                                                                                                                                                                                                                                                                                                                                                                                                                                               ","UN    ","CR","638,99"]
[20105,"CURVA PVC LEVE, 90 GRAUS, COM PONTA E BOLSA LISA, DN 300 MM                                                                                                                                                                                                                                                                                                                                                                                                                                               ","UN    ","CR","995,29"]
[1965,"CURVA PVC LONGA 45 GRAUS, 100 MM, PARA ESGOTO PREDIAL                                                                                                                                                                                                                                                                                                                                                                                                                                                     ","UN    ","CR","46,68"]
[10765,"CURVA PVC LONGA 45G, DN 50 MM, PARA ESGOTO PREDIAL                                                                                                                                                                                                                                                                                                                                                                                                                                                        ","UN    ","CR","11,80"]
[10767,"CURVA PVC LONGA 45G, DN 75 MM, PARA ESGOTO PREDIAL                                                                                                                                                                                                                                                                                                                                                                                                                                                        ","UN    ","CR","38,66"]
[1970,"CURVA PVC LONGA 90 GRAUS, 100 MM, PARA ESGOTO PREDIAL                                                                                                                                                                                                                                                                                                                                                                                                                                                     ","UN    ","CR","48,45"]
[1967,"CURVA PVC LONGA 90 GRAUS, 40 MM, PARA ESGOTO PREDIAL                                                                                                                                                                                                                                                                                                                                                                                                                                                      ","UN    ","CR","5,39"]
[1968,"CURVA PVC LONGA 90 GRAUS, 50 MM, PARA ESGOTO PREDIAL                                                                                                                                                                                                                                                                                                                                                                                                                                                      ","UN    ","CR","11,29"]
[1969,"CURVA PVC LONGA 90 GRAUS, 75 MM, PARA ESGOTO PREDIAL                                                                                                                                                                                                                                                                                                                                                                                                                                                      ","UN    ","CR","33,23"]
[1839,"CURVA PVC PBA, JE, PB, 22 GRAUS, DN 100 / DE 110 MM, PARA REDE AGUA (NBR 10351)                                                                                                                                                                                                                                                                                                                                                                                                                           ","UN    ","AS","154,19"]
[1835,"CURVA PVC PBA, JE, PB, 22 GRAUS, DN 50 / DE 60 MM, PARA REDE AGUA (NBR 10351)                                                                                                                                                                                                                                                                                                                                                                                                                             ","UN    ","AS","32,78"]
[1823,"CURVA PVC PBA, JE, PB, 22 GRAUS, DN 75 / DE 85 MM, PARA REDE AGUA (NBR 10351)                                                                                                                                                                                                                                                                                                                                                                                                                             ","UN    ","AS","63,38"]
[1827,"CURVA PVC PBA, JE, PB, 45 GRAUS, DN 100 / DE 110 MM, PARA REDE AGUA (NBR 10351)                                                                                                                                                                                                                                                                                                                                                                                                                           ","UN    ","AS","152,69"]
[1831,"CURVA PVC PBA, JE, PB, 45 GRAUS, DN 50 / DE 60 MM, PARA REDE AGUA (NBR 10351)                                                                                                                                                                                                                                                                                                                                                                                                                             ","UN    ","AS","33,33"]
[1825,"CURVA PVC PBA, JE, PB, 45 GRAUS, DN 75 / DE 85 MM, PARA REDE AGUA (NBR 10351)                                                                                                                                                                                                                                                                                                                                                                                                                             ","UN    ","AS","82,26"]
[1828,"CURVA PVC PBA, JE, PB, 90 GRAUS, DN 100 / DE 110 MM, PARA REDE AGUA (NBR 10351)                                                                                                                                                                                                                                                                                                                                                                                                                           ","UN    ","AS","186,32"]
[1845,"CURVA PVC PBA, JE, PB, 90 GRAUS, DN 50 / DE 60 MM, PARA REDE AGUA (NBR 10351)                                                                                                                                                                                                                                                                                                                                                                                                                             ","UN    ","AS","41,77"]
[1824,"CURVA PVC PBA, JE, PB, 90 GRAUS, DN 75 / DE 85 MM, PARA REDE AGUA (NBR 10351)                                                                                                                                                                                                                                                                                                                                                                                                                             ","UN    ","AS","98,61"]
[1941,"CURVA PVC 90 GRAUS, ROSCAVEL, 1 1/2\",  AGUA FRIA PREDIAL                                                                                                                                                                                                                                                                                                                                                                                                                                                  ","UN    ","CR","29,92"]
[1940,"CURVA PVC 90 GRAUS, ROSCAVEL, 1 1/4\",  AGUA FRIA PREDIAL                                                                                                                                                                                                                                                                                                                                                                                                                                                  ","UN    ","CR","22,62"]
[1937,"CURVA PVC 90 GRAUS, ROSCAVEL, 1/2\",  AGUA FRIA PREDIAL                                                                                                                                                                                                                                                                                                                                                                                                                                                    ","UN    ","CR","4,69"]
[1939,"CURVA PVC 90 GRAUS, ROSCAVEL, 1\",  AGUA FRIA PREDIAL                                                                                                                                                                                                                                                                                                                                                                                                                                                      ","UN    ","CR","9,30"]
[1942,"CURVA PVC 90 GRAUS, ROSCAVEL, 2\",  AGUA FRIA PREDIAL                                                                                                                                                                                                                                                                                                                                                                                                                                                      ","UN    ","CR","42,70"]
[1938,"CURVA PVC 90 GRAUS, ROSCAVEL, 3/4\",  AGUA FRIA PREDIAL                                                                                                                                                                                                                                                                                                                                                                                                                                                    ","UN    ","CR","5,95"]
[42692,"CURVA PVC, BB, JE, 45 GRAUS, DN 200 MM, PARA TUBO CORRUGADO E/OU LISO, REDE COLETORA ESGOTO (NBR 10569)                                                                                                                                                                                                                                                                                                                                                                                                   ","UN    ","AS","515,53"]
[42693,"CURVA PVC, BB, JE, 45 GRAUS, DN 250 MM, PARA TUBO CORRUGADO E/OU LISO, REDE COLETORA ESGOTO (NBR 10569)                                                                                                                                                                                                                                                                                                                                                                                                   ","UN    ","AS","848,02"]
[42695,"CURVA PVC, BB, JE, 90 GRAUS, DN 200 MM, PARA TUBO CORRUGADO E/OU LISO, REDE COLETORA ESGOTO (NBR 10569)                                                                                                                                                                                                                                                                                                                                                                                                   ","UN    ","AS","644,79"]
[42694,"CURVA PVC, BB, JE, 90 GRAUS, DN 250 MM, PARA TUBO CORRUGADO E/OU LISO, REDE COLETORA ESGOTO (NBR 10569)                                                                                                                                                                                                                                                                                                                                                                                                   ","UN    ","AS","953,24"]
[20097,"CURVA PVC, SERIE R, 87.30 GRAUS, CURTA, 100 MM, PARA ESGOTO OU AGUAS PLUVIAIS PREDIAIS (PARA PE-DE-COLUNA)                                                                                                                                                                                                                                                                                                                                                                                                ","UN    ","CR","45,78"]
[20098,"CURVA PVC, SERIE R, 87.30 GRAUS, CURTA, 150 MM, PARA ESGOTO OU AGUAS PLUVIAIS PREDIAIS (PARA PE-DE-COLUNA)                                                                                                                                                                                                                                                                                                                                                                                                ","UN    ","CR","154,35"]
[20096,"CURVA PVC, SERIE R, 87.30 GRAUS, CURTA, 75 MM, PARA ESGOTO OU AGUAS PLUVIAIS PREDIAIS (PARA PE-DE-COLUNA)                                                                                                                                                                                                                                                                                                                                                                                                 ","UN    ","CR","29,95"]
[1964,"CURVA PVC, 45 GRAUS, CURTA, PB, DN 100 MM, PARA ESGOTO PREDIAL                                                                                                                                                                                                                                                                                                                                                                                                                                            ","UN    ","CR","27,68"]
[1880,"CURVA 135 GRAUS, DE PVC RIGIDO ROSCAVEL, DE 1\", PARA ELETRODUTO                                                                                                                                                                                                                                                                                                                                                                                                                                           ","UN    ","CR","2,05"]
[39274,"CURVA 135 GRAUS, DE PVC RIGIDO ROSCAVEL, DE 3/4\", PARA ELETRODUTO                                                                                                                                                                                                                                                                                                                                                                                                                                         ","UN    ","CR","1,59"]
[2628,"CURVA 135 GRAUS, PARA ELETRODUTO, EM ACO GALVANIZADO ELETROLITICO, DIAMETRO DE 100 MM (4\")                                                                                                                                                                                                                                                                                                                                                                                                                ","UN    ","CR","209,56"]
[2622,"CURVA 135 GRAUS, PARA ELETRODUTO, EM ACO GALVANIZADO ELETROLITICO, DIAMETRO DE 15 MM (1/2\")                                                                                                                                                                                                                                                                                                                                                                                                               ","UN    ","CR","4,97"]
[2623,"CURVA 135 GRAUS, PARA ELETRODUTO, EM ACO GALVANIZADO ELETROLITICO, DIAMETRO DE 20 MM (3/4\")                                                                                                                                                                                                                                                                                                                                                                                                               ","UN    ","CR","5,99"]
[2624,"CURVA 135 GRAUS, PARA ELETRODUTO, EM ACO GALVANIZADO ELETROLITICO, DIAMETRO DE 25 MM (1\")                                                                                                                                                                                                                                                                                                                                                                                                                 ","UN    ","CR","9,52"]
[2625,"CURVA 135 GRAUS, PARA ELETRODUTO, EM ACO GALVANIZADO ELETROLITICO, DIAMETRO DE 32 MM (1 1/4\")                                                                                                                                                                                                                                                                                                                                                                                                             ","UN    ","CR","20,11"]
[2626,"CURVA 135 GRAUS, PARA ELETRODUTO, EM ACO GALVANIZADO ELETROLITICO, DIAMETRO DE 40 MM (1 1/2\")                                                                                                                                                                                                                                                                                                                                                                                                             ","UN    ","CR","29,46"]
[2630,"CURVA 135 GRAUS, PARA ELETRODUTO, EM ACO GALVANIZADO ELETROLITICO, DIAMETRO DE 50 MM (2\")                                                                                                                                                                                                                                                                                                                                                                                                                 ","UN    ","CR","44,81"]
[2627,"CURVA 135 GRAUS, PARA ELETRODUTO, EM ACO GALVANIZADO ELETROLITICO, DIAMETRO DE 65 MM (2 1/2\")                                                                                                                                                                                                                                                                                                                                                                                                             ","UN    ","CR","78,93"]
[2629,"CURVA 135 GRAUS, PARA ELETRODUTO, EM ACO GALVANIZADO ELETROLITICO, DIAMETRO DE 80 MM (3\")                                                                                                                                                                                                                                                                                                                                                                                                                 ","UN    ","CR","106,76"]
[12033,"CURVA 180 GRAUS, DE PVC RIGIDO ROSCAVEL, DE 1 1/2\", PARA ELETRODUTO                                                                                                                                                                                                                                                                                                                                                                                                                                       ","UN    ","CR","6,56"]
[40408,"CURVA 180 GRAUS, DE PVC RIGIDO ROSCAVEL, DE 1 1/4\", PARA ELETRODUTO                                                                                                                                                                                                                                                                                                                                                                                                                                       ","UN    ","CR","4,31"]
[40409,"CURVA 180 GRAUS, DE PVC RIGIDO ROSCAVEL, DE 1/2\", PARA ELETRODUTO                                                                                                                                                                                                                                                                                                                                                                                                                                         ","UN    ","CR","1,52"]
[39276,"CURVA 180 GRAUS, DE PVC RIGIDO ROSCAVEL, DE 1\", PARA ELETRODUTO                                                                                                                                                                                                                                                                                                                                                                                                                                           ","UN    ","CR","3,88"]
[39277,"CURVA 180 GRAUS, DE PVC RIGIDO ROSCAVEL, DE 2\", PARA ELETRODUTO                                                                                                                                                                                                                                                                                                                                                                                                                                           ","UN    ","CR","10,48"]
[12034,"CURVA 180 GRAUS, DE PVC RIGIDO ROSCAVEL, DE 3/4\", PARA ELETRODUTO                                                                                                                                                                                                                                                                                                                                                                                                                                         ","UN    ","CR","2,97"]
[39879,"CURVA 45 GRAUS DE COBRE (REF 606) SEM ANEL DE SOLDA, BOLSA X BOLSA, 15 MM                                                                                                                                                                                                                                                                                                                                                                                                                                 ","UN    ","AS","5,33"]
[39880,"CURVA 45 GRAUS DE COBRE (REF 606) SEM ANEL DE SOLDA, BOLSA X BOLSA, 22 MM                                                                                                                                                                                                                                                                                                                                                                                                                                 ","UN    ","AS","11,81"]
[39881,"CURVA 45 GRAUS DE COBRE (REF 606) SEM ANEL DE SOLDA, BOLSA X BOLSA, 28 MM                                                                                                                                                                                                                                                                                                                                                                                                                                 ","UN    ","AS","18,96"]
[39882,"CURVA 45 GRAUS DE COBRE (REF 606) SEM ANEL DE SOLDA, BOLSA X BOLSA, 35 MM                                                                                                                                                                                                                                                                                                                                                                                                                                 ","UN    ","AS","49,95"]
[39883,"CURVA 45 GRAUS DE COBRE (REF 606) SEM ANEL DE SOLDA, BOLSA X BOLSA, 42 MM                                                                                                                                                                                                                                                                                                                                                                                                                                 ","UN    ","AS","79,77"]
[39884,"CURVA 45 GRAUS DE COBRE (REF 606) SEM ANEL DE SOLDA, BOLSA X BOLSA, 54 MM                                                                                                                                                                                                                                                                                                                                                                                                                                 ","UN    ","AS","118,48"]
[39885,"CURVA 45 GRAUS DE COBRE (REF 606) SEM ANEL DE SOLDA, BOLSA X BOLSA, 66 MM                                                                                                                                                                                                                                                                                                                                                                                                                                 ","UN    ","AS","281,59"]
[1777,"CURVA 45 GRAUS DE FERRO GALVANIZADO, COM ROSCA BSP FEMEA, DE 1 1/2\"                                                                                                                                                                                                                                                                                                                                                                                                                                       ","UN    ","AS","79,91"]
[1819,"CURVA 45 GRAUS DE FERRO GALVANIZADO, COM ROSCA BSP FEMEA, DE 1 1/4\"                                                                                                                                                                                                                                                                                                                                                                                                                                       ","UN    ","AS","58,14"]
[1775,"CURVA 45 GRAUS DE FERRO GALVANIZADO, COM ROSCA BSP FEMEA, DE 1/2\"                                                                                                                                                                                                                                                                                                                                                                                                                                         ","UN    ","AS","17,39"]
[1776,"CURVA 45 GRAUS DE FERRO GALVANIZADO, COM ROSCA BSP FEMEA, DE 1\"                                                                                                                                                                                                                                                                                                                                                                                                                                           ","UN    ","AS","47,30"]
[1778,"CURVA 45 GRAUS DE FERRO GALVANIZADO, COM ROSCA BSP FEMEA, DE 2 1/2\"                                                                                                                                                                                                                                                                                                                                                                                                                                       ","UN    ","AS","193,43"]
[1818,"CURVA 45 GRAUS DE FERRO GALVANIZADO, COM ROSCA BSP FEMEA, DE 2\"                                                                                                                                                                                                                                                                                                                                                                                                                                           ","UN    ","AS","128,40"]
[1820,"CURVA 45 GRAUS DE FERRO GALVANIZADO, COM ROSCA BSP FEMEA, DE 3/4\"                                                                                                                                                                                                                                                                                                                                                                                                                                         ","UN    ","AS","25,11"]
[1779,"CURVA 45 GRAUS DE FERRO GALVANIZADO, COM ROSCA BSP FEMEA, DE 3\"                                                                                                                                                                                                                                                                                                                                                                                                                                           ","UN    ","AS","281,32"]
[1780,"CURVA 45 GRAUS DE FERRO GALVANIZADO, COM ROSCA BSP FEMEA, DE 4\"                                                                                                                                                                                                                                                                                                                                                                                                                                           ","UN    ","AS","579,95"]
[1783,"CURVA 45 GRAUS DE FERRO GALVANIZADO, COM ROSCA BSP MACHO/FEMEA, DE 1 1/2\"                                                                                                                                                                                                                                                                                                                                                                                                                                 ","UN    ","AS","61,32"]
[1782,"CURVA 45 GRAUS DE FERRO GALVANIZADO, COM ROSCA BSP MACHO/FEMEA, DE 1 1/4\"                                                                                                                                                                                                                                                                                                                                                                                                                                 ","UN    ","AS","48,48"]
[1817,"CURVA 45 GRAUS DE FERRO GALVANIZADO, COM ROSCA BSP MACHO/FEMEA, DE 1/2\"                                                                                                                                                                                                                                                                                                                                                                                                                                   ","UN    ","AS","14,44"]
[1781,"CURVA 45 GRAUS DE FERRO GALVANIZADO, COM ROSCA BSP MACHO/FEMEA, DE 1\"                                                                                                                                                                                                                                                                                                                                                                                                                                     ","UN    ","AS","31,59"]
[1784,"CURVA 45 GRAUS DE FERRO GALVANIZADO, COM ROSCA BSP MACHO/FEMEA, DE 2 1/2\"                                                                                                                                                                                                                                                                                                                                                                                                                                 ","UN    ","AS","173,15"]
[1810,"CURVA 45 GRAUS DE FERRO GALVANIZADO, COM ROSCA BSP MACHO/FEMEA, DE 2\"                                                                                                                                                                                                                                                                                                                                                                                                                                     ","UN    ","AS","96,04"]
[1811,"CURVA 45 GRAUS DE FERRO GALVANIZADO, COM ROSCA BSP MACHO/FEMEA, DE 3/4\"                                                                                                                                                                                                                                                                                                                                                                                                                                   ","UN    ","AS","20,77"]
[1812,"CURVA 45 GRAUS DE FERRO GALVANIZADO, COM ROSCA BSP MACHO/FEMEA, DE 3\"                                                                                                                                                                                                                                                                                                                                                                                                                                     ","UN    ","AS","242,44"]
[40386,"CURVA 45 GRAUS EM ACO CARBONO, SOLDAVEL, PRESSAO 3.000 LBS, DN 1 1/2\"                                                                                                                                                                                                                                                                                                                                                                                                                                     ","UN    ","AS","78,05"]
[40384,"CURVA 45 GRAUS EM ACO CARBONO, SOLDAVEL, PRESSAO 3.000 LBS, DN 1 1/4\"                                                                                                                                                                                                                                                                                                                                                                                                                                     ","UN    ","AS","53,44"]
[40379,"CURVA 45 GRAUS EM ACO CARBONO, SOLDAVEL, PRESSAO 3.000 LBS, DN 1/2\"                                                                                                                                                                                                                                                                                                                                                                                                                                       ","UN    ","AS","18,47"]
[40423,"CURVA 45 GRAUS EM ACO CARBONO, SOLDAVEL, PRESSAO 3.000 LBS, DN 1\"                                                                                                                                                                                                                                                                                                                                                                                                                                         ","UN    ","AS","34,96"]
[40389,"CURVA 45 GRAUS EM ACO CARBONO, SOLDAVEL, PRESSAO 3.000 LBS, DN 2 1/2\"                                                                                                                                                                                                                                                                                                                                                                                                                                     ","UN    ","AS","221,71"]
[40388,"CURVA 45 GRAUS EM ACO CARBONO, SOLDAVEL, PRESSAO 3.000 LBS, DN 2\"                                                                                                                                                                                                                                                                                                                                                                                                                                         ","UN    ","AS","110,97"]
[40381,"CURVA 45 GRAUS EM ACO CARBONO, SOLDAVEL, PRESSAO 3.000 LBS, DN 3/4\"                                                                                                                                                                                                                                                                                                                                                                                                                                       ","UN    ","AS","24,63"]
[40391,"CURVA 45 GRAUS EM ACO CARBONO, SOLDAVEL, PRESSAO 3.000 LBS, DN 3\"                                                                                                                                                                                                                                                                                                                                                                                                                                         ","UN    ","AS","575,45"]
[40414,"CURVA 45 GRAUS RANHURADA EM FERRO FUNDIDO, DN 50 MM (2\")                                                                                                                                                                                                                                                                                                                                                                                                                                                  ","UN    ","AS","21,20"]
[40416,"CURVA 45 GRAUS RANHURADA EM FERRO FUNDIDO, DN 65 MM (2 1/2\")                                                                                                                                                                                                                                                                                                                                                                                                                                              ","UN    ","AS","29,31"]
[40418,"CURVA 45 GRAUS RANHURADA EM FERRO FUNDIDO, DN 80 MM (3\")                                                                                                                                                                                                                                                                                                                                                                                                                                                  ","UN    ","AS","34,96"]
[2609,"CURVA 45 GRAUS, PARA ELETRODUTO, EM ACO GALVANIZADO ELETROLITICO, DIAMETRO DE 20 MM (3/4\")                                                                                                                                                                                                                                                                                                                                                                                                                ","UN    ","CR","4,67"]
[2634,"CURVA 45 GRAUS, PARA ELETRODUTO, EM ACO GALVANIZADO ELETROLITICO, DIAMETRO DE 25 MM (1\")                                                                                                                                                                                                                                                                                                                                                                                                                  ","UN    ","CR","6,14"]
[2611,"CURVA 45 GRAUS, PARA ELETRODUTO, EM ACO GALVANIZADO ELETROLITICO, DIAMETRO DE 40 MM (1 1/2\")                                                                                                                                                                                                                                                                                                                                                                                                              ","UN    ","CR","17,30"]
[34359,"CURVA 90 GRAUS DE BARRA CHATA EM ALUMINIO 3/4 \" X 1/4 \" X 300 MM                                                                                                                                                                                                                                                                                                                                                                                                                                          ","UN    ","AS","10,26"]
[1789,"CURVA 90 GRAUS DE FERRO GALVANIZADO, COM ROSCA BSP FEMEA, DE 1 1/2\"                                                                                                                                                                                                                                                                                                                                                                                                                                       ","UN    ","AS","76,70"]
[1788,"CURVA 90 GRAUS DE FERRO GALVANIZADO, COM ROSCA BSP FEMEA, DE 1 1/4\"                                                                                                                                                                                                                                                                                                                                                                                                                                       ","UN    ","AS","61,48"]
[1786,"CURVA 90 GRAUS DE FERRO GALVANIZADO, COM ROSCA BSP FEMEA, DE 1/2\"                                                                                                                                                                                                                                                                                                                                                                                                                                         ","UN    ","AS","15,26"]
[1787,"CURVA 90 GRAUS DE FERRO GALVANIZADO, COM ROSCA BSP FEMEA, DE 1\"                                                                                                                                                                                                                                                                                                                                                                                                                                           ","UN    ","AS","36,55"]
[1791,"CURVA 90 GRAUS DE FERRO GALVANIZADO, COM ROSCA BSP FEMEA, DE 2 1/2\"                                                                                                                                                                                                                                                                                                                                                                                                                                       ","UN    ","AS","221,66"]
[1790,"CURVA 90 GRAUS DE FERRO GALVANIZADO, COM ROSCA BSP FEMEA, DE 2\"                                                                                                                                                                                                                                                                                                                                                                                                                                           ","UN    ","AS","127,73"]
[1813,"CURVA 90 GRAUS DE FERRO GALVANIZADO, COM ROSCA BSP FEMEA, DE 3/4\"                                                                                                                                                                                                                                                                                                                                                                                                                                         ","UN    ","AS","24,23"]
[1792,"CURVA 90 GRAUS DE FERRO GALVANIZADO, COM ROSCA BSP FEMEA, DE 3\"                                                                                                                                                                                                                                                                                                                                                                                                                                           ","UN    ","AS","299,21"]
[1793,"CURVA 90 GRAUS DE FERRO GALVANIZADO, COM ROSCA BSP FEMEA, DE 4\"                                                                                                                                                                                                                                                                                                                                                                                                                                           ","UN    ","AS","604,60"]
[1809,"CURVA 90 GRAUS DE FERRO GALVANIZADO, COM ROSCA BSP MACHO/FEMEA, DE 1 1/2\"                                                                                                                                                                                                                                                                                                                                                                                                                                 ","UN    ","AS","71,91"]
[1814,"CURVA 90 GRAUS DE FERRO GALVANIZADO, COM ROSCA BSP MACHO/FEMEA, DE 1 1/4\"                                                                                                                                                                                                                                                                                                                                                                                                                                 ","UN    ","AS","59,07"]
[1803,"CURVA 90 GRAUS DE FERRO GALVANIZADO, COM ROSCA BSP MACHO/FEMEA, DE 1/2\"                                                                                                                                                                                                                                                                                                                                                                                                                                   ","UN    ","AS","14,93"]
[1805,"CURVA 90 GRAUS DE FERRO GALVANIZADO, COM ROSCA BSP MACHO/FEMEA, DE 1\"                                                                                                                                                                                                                                                                                                                                                                                                                                     ","UN    ","AS","34,28"]
[1821,"CURVA 90 GRAUS DE FERRO GALVANIZADO, COM ROSCA BSP MACHO/FEMEA, DE 2 1/2\"                                                                                                                                                                                                                                                                                                                                                                                                                                 ","UN    ","AS","202,52"]
[1806,"CURVA 90 GRAUS DE FERRO GALVANIZADO, COM ROSCA BSP MACHO/FEMEA, DE 2\"                                                                                                                                                                                                                                                                                                                                                                                                                                     ","UN    ","AS","120,54"]
[1804,"CURVA 90 GRAUS DE FERRO GALVANIZADO, COM ROSCA BSP MACHO/FEMEA, DE 3/4\"                                                                                                                                                                                                                                                                                                                                                                                                                                   ","UN    ","AS","21,25"]
[1807,"CURVA 90 GRAUS DE FERRO GALVANIZADO, COM ROSCA BSP MACHO/FEMEA, DE 3\"                                                                                                                                                                                                                                                                                                                                                                                                                                     ","UN    ","AS","289,64"]
[1808,"CURVA 90 GRAUS DE FERRO GALVANIZADO, COM ROSCA BSP MACHO/FEMEA, DE 4\"                                                                                                                                                                                                                                                                                                                                                                                                                                     ","UN    ","AS","580,67"]
[1797,"CURVA 90 GRAUS DE FERRO GALVANIZADO, COM ROSCA BSP MACHO, DE 1 1/2\"                                                                                                                                                                                                                                                                                                                                                                                                                                       ","UN    ","AS","87,09"]
[1796,"CURVA 90 GRAUS DE FERRO GALVANIZADO, COM ROSCA BSP MACHO, DE 1 1/4\"                                                                                                                                                                                                                                                                                                                                                                                                                                       ","UN    ","AS","66,80"]
[1794,"CURVA 90 GRAUS DE FERRO GALVANIZADO, COM ROSCA BSP MACHO, DE 1/2\"                                                                                                                                                                                                                                                                                                                                                                                                                                         ","UN    ","AS","15,95"]
[1816,"CURVA 90 GRAUS DE FERRO GALVANIZADO, COM ROSCA BSP MACHO, DE 1\"                                                                                                                                                                                                                                                                                                                                                                                                                                           ","UN    ","AS","35,96"]
[1815,"CURVA 90 GRAUS DE FERRO GALVANIZADO, COM ROSCA BSP MACHO, DE 2 1/2\"                                                                                                                                                                                                                                                                                                                                                                                                                                       ","UN    ","AS","276,13"]
[1798,"CURVA 90 GRAUS DE FERRO GALVANIZADO, COM ROSCA BSP MACHO, DE 2\"                                                                                                                                                                                                                                                                                                                                                                                                                                           ","UN    ","AS","123,56"]
[1795,"CURVA 90 GRAUS DE FERRO GALVANIZADO, COM ROSCA BSP MACHO, DE 3/4\"                                                                                                                                                                                                                                                                                                                                                                                                                                         ","UN    ","AS","22,09"]
[1799,"CURVA 90 GRAUS DE FERRO GALVANIZADO, COM ROSCA BSP MACHO, DE 3\"                                                                                                                                                                                                                                                                                                                                                                                                                                           ","UN    ","AS","359,63"]
[1800,"CURVA 90 GRAUS DE FERRO GALVANIZADO, COM ROSCA BSP MACHO, DE 4\"                                                                                                                                                                                                                                                                                                                                                                                                                                           ","UN    ","AS","686,60"]
[1802,"CURVA 90 GRAUS DE FERRO GALVANIZADO, COM ROSCA BSP MACHO, DE 6\"                                                                                                                                                                                                                                                                                                                                                                                                                                           ","UN    ","AS","1.717,47"]
[40385,"CURVA 90 GRAUS EM ACO CARBONO, RAIO CURTO, SOLDAVEL, PRESSAO 3.000 LBS, DN 1 1/2\"                                                                                                                                                                                                                                                                                                                                                                                                                         ","UN    ","AS","78,05"]
[40383,"CURVA 90 GRAUS EM ACO CARBONO, RAIO CURTO, SOLDAVEL, PRESSAO 3.000 LBS, DN 1 1/4\"                                                                                                                                                                                                                                                                                                                                                                                                                         ","UN    ","AS","53,44"]
[40378,"CURVA 90 GRAUS EM ACO CARBONO, RAIO CURTO, SOLDAVEL, PRESSAO 3.000 LBS, DN 1/2\"                                                                                                                                                                                                                                                                                                                                                                                                                           ","UN    ","AS","18,47"]
[40382,"CURVA 90 GRAUS EM ACO CARBONO, RAIO CURTO, SOLDAVEL, PRESSAO 3.000 LBS, DN 1\"                                                                                                                                                                                                                                                                                                                                                                                                                             ","UN    ","AS","34,96"]
[40422,"CURVA 90 GRAUS EM ACO CARBONO, RAIO CURTO, SOLDAVEL, PRESSAO 3.000 LBS, DN 2 1/2\"                                                                                                                                                                                                                                                                                                                                                                                                                         ","UN    ","AS","238,17"]
[40387,"CURVA 90 GRAUS EM ACO CARBONO, RAIO CURTO, SOLDAVEL, PRESSAO 3.000 LBS, DN 2\"                                                                                                                                                                                                                                                                                                                                                                                                                             ","UN    ","AS","121,26"]
[40380,"CURVA 90 GRAUS EM ACO CARBONO, RAIO CURTO, SOLDAVEL, PRESSAO 3.000 LBS, DN 3/4\"                                                                                                                                                                                                                                                                                                                                                                                                                           ","UN    ","AS","24,63"]
[40390,"CURVA 90 GRAUS EM ACO CARBONO, RAIO CURTO, SOLDAVEL, PRESSAO 3.000 LBS, DN 3\"                                                                                                                                                                                                                                                                                                                                                                                                                             ","UN    ","AS","501,61"]
[40413,"CURVA 90 GRAUS RANHURADA EM FERRO FUNDIDO, DN 50 MM (2\")                                                                                                                                                                                                                                                                                                                                                                                                                                                  ","UN    ","AS","23,03"]
[40415,"CURVA 90 GRAUS RANHURADA EM FERRO FUNDIDO, DN 65 MM (2 1/2\")                                                                                                                                                                                                                                                                                                                                                                                                                                              ","UN    ","AS","32,82"]
[40417,"CURVA 90 GRAUS RANHURADA EM FERRO FUNDIDO, DN 80 MM (3\")                                                                                                                                                                                                                                                                                                                                                                                                                                                  ","UN    ","AS","38,72"]
[39271,"CURVA 90 GRAUS, CURTA, DE PVC RIGIDO ROSCAVEL, DE 1/2\", PARA ELETRODUTO                                                                                                                                                                                                                                                                                                                                                                                                                                   ","UN    ","CR","1,32"]
[39273,"CURVA 90 GRAUS, CURTA, DE PVC RIGIDO ROSCAVEL, DE 1\", PARA ELETRODUTO                                                                                                                                                                                                                                                                                                                                                                                                                                     ","UN    ","CR","2,24"]
[39272,"CURVA 90 GRAUS, CURTA, DE PVC RIGIDO ROSCAVEL, DE 3/4\", PARA ELETRODUTO                                                                                                                                                                                                                                                                                                                                                                                                                                   ","UN    ","CR","1,62"]
[1875,"CURVA 90 GRAUS, LONGA, DE PVC RIGIDO ROSCAVEL, DE 1 1/2\", PARA ELETRODUTO                                                                                                                                                                                                                                                                                                                                                                                                                                 ","UN    ","CR","3,58"]
[1874,"CURVA 90 GRAUS, LONGA, DE PVC RIGIDO ROSCAVEL, DE 1 1/4\", PARA ELETRODUTO                                                                                                                                                                                                                                                                                                                                                                                                                                 ","UN    ","CR","2,96"]
[1870,"CURVA 90 GRAUS, LONGA, DE PVC RIGIDO ROSCAVEL, DE 1/2\", PARA ELETRODUTO                                                                                                                                                                                                                                                                                                                                                                                                                                   ","UN    ","C ","1,71"]
[1884,"CURVA 90 GRAUS, LONGA, DE PVC RIGIDO ROSCAVEL, DE 1\", PARA ELETRODUTO                                                                                                                                                                                                                                                                                                                                                                                                                                     ","UN    ","CR","2,62"]
[1887,"CURVA 90 GRAUS, LONGA, DE PVC RIGIDO ROSCAVEL, DE 2 1/2\", PARA ELETRODUTO                                                                                                                                                                                                                                                                                                                                                                                                                                 ","UN    ","CR","14,86"]
[1876,"CURVA 90 GRAUS, LONGA, DE PVC RIGIDO ROSCAVEL, DE 2\", PARA ELETRODUTO                                                                                                                                                                                                                                                                                                                                                                                                                                     ","UN    ","CR","5,82"]
[1879,"CURVA 90 GRAUS, LONGA, DE PVC RIGIDO ROSCAVEL, DE 3/4\", PARA ELETRODUTO                                                                                                                                                                                                                                                                                                                                                                                                                                   ","UN    ","CR","1,73"]
[1877,"CURVA 90 GRAUS, LONGA, DE PVC RIGIDO ROSCAVEL, DE 3\", PARA ELETRODUTO                                                                                                                                                                                                                                                                                                                                                                                                                                     ","UN    ","CR","14,88"]
[1878,"CURVA 90 GRAUS, LONGA, DE PVC RIGIDO ROSCAVEL, DE 4\", PARA ELETRODUTO                                                                                                                                                                                                                                                                                                                                                                                                                                     ","UN    ","CR","29,91"]
[2621,"CURVA 90 GRAUS, PARA ELETRODUTO, EM ACO GALVANIZADO ELETROLITICO, DIAMETRO DE 100 MM (4\")                                                                                                                                                                                                                                                                                                                                                                                                                 ","UN    ","CR","148,06"]
[2616,"CURVA 90 GRAUS, PARA ELETRODUTO, EM ACO GALVANIZADO ELETROLITICO, DIAMETRO DE 15 MM (1/2\")                                                                                                                                                                                                                                                                                                                                                                                                                ","UN    ","CR","4,19"]
[2633,"CURVA 90 GRAUS, PARA ELETRODUTO, EM ACO GALVANIZADO ELETROLITICO, DIAMETRO DE 20 MM (3/4\")                                                                                                                                                                                                                                                                                                                                                                                                                ","UN    ","CR","4,74"]
[2617,"CURVA 90 GRAUS, PARA ELETRODUTO, EM ACO GALVANIZADO ELETROLITICO, DIAMETRO DE 25 MM (1\")                                                                                                                                                                                                                                                                                                                                                                                                                  ","UN    ","CR","6,44"]
[2618,"CURVA 90 GRAUS, PARA ELETRODUTO, EM ACO GALVANIZADO ELETROLITICO, DIAMETRO DE 32 MM (1 1/4\")                                                                                                                                                                                                                                                                                                                                                                                                              ","UN    ","CR","14,66"]
[2632,"CURVA 90 GRAUS, PARA ELETRODUTO, EM ACO GALVANIZADO ELETROLITICO, DIAMETRO DE 40 MM (1 1/2\")                                                                                                                                                                                                                                                                                                                                                                                                              ","UN    ","CR","17,89"]
[2631,"CURVA 90 GRAUS, PARA ELETRODUTO, EM ACO GALVANIZADO ELETROLITICO, DIAMETRO DE 50 MM (2\")                                                                                                                                                                                                                                                                                                                                                                                                                  ","UN    ","CR","26,26"]
[2619,"CURVA 90 GRAUS, PARA ELETRODUTO, EM ACO GALVANIZADO ELETROLITICO, DIAMETRO DE 65 MM (2 1/2\")                                                                                                                                                                                                                                                                                                                                                                                                              ","UN    ","CR","66,49"]
[2620,"CURVA 90 GRAUS, PARA ELETRODUTO, EM ACO GALVANIZADO ELETROLITICO, DIAMETRO DE 80 MM (3\")                                                                                                                                                                                                                                                                                                                                                                                                                  ","UN    ","CR","87,30"]
[25968,"DENTE PARA FRESADORA                                                                                                                                                                                                                                                                                                                                                                                                                                                                                      ","UN    ","AS","53,55"]
[38369,"DESEMPENADEIRA DE ACO DENTADA 12 X *25* CM, DENTES 8 X 8 MM, CABO FECHADO DE MADEIRA                                                                                                                                                                                                                                                                                                                                                                                                                      ","UN    ","CR","15,01"]
[38370,"DESEMPENADEIRA DE ACO LISA 12 X *25* CM COM CABO FECHADO DE MADEIRA                                                                                                                                                                                                                                                                                                                                                                                                                                       ","UN    ","CR","15,01"]
[38372,"DESEMPENADEIRA PLASTICA LISA *14 X 27* CM                                                                                                                                                                                                                                                                                                                                                                                                                                                                 ","UN    ","CR","15,26"]
[2357,"DESENHISTA COPISTA                                                                                                                                                                                                                                                                                                                                                                                                                                                                                        ","H     ","CR","18,46"]
[40806,"DESENHISTA COPISTA (MENSALISTA)                                                                                                                                                                                                                                                                                                                                                                                                                                                                           ","MES   ","CR","3.244,27"]
[2355,"DESENHISTA DETALHISTA                                                                                                                                                                                                                                                                                                                                                                                                                                                                                     ","H     ","CR","49,44"]
[40805,"DESENHISTA DETALHISTA (MENSALISTA)                                                                                                                                                                                                                                                                                                                                                                                                                                                                        ","MES   ","CR","8.681,76"]
[2358,"DESENHISTA PROJETISTA                                                                                                                                                                                                                                                                                                                                                                                                                                                                                     ","H     ","CR","39,12"]
[40807,"DESENHISTA PROJETISTA (MENSALISTA)                                                                                                                                                                                                                                                                                                                                                                                                                                                                        ","MES   ","CR","6.870,65"]
[2359,"DESENHISTA TECNICO AUXILIAR                                                                                                                                                                                                                                                                                                                                                                                                                                                                               ","H     ","CR","35,41"]
[40808,"DESENHISTA TECNICO AUXILIAR (MENSALISTA)                                                                                                                                                                                                                                                                                                                                                                                                                                                                  ","MES   ","CR","6.218,27"]
[43144,"DESMOLDANTE PARA CONCRETO ESTAMPADO                                                                                                                                                                                                                                                                                                                                                                                                                                                                       ","KG    ","CR","37,26"]
[39397,"DESMOLDANTE PARA FORMAS METALICAS A BASE DE OLEO VEGETAL                                                                                                                                                                                                                                                                                                                                                                                                                                                  ","L     ","CR","16,98"]
[2692,"DESMOLDANTE PROTETOR PARA FORMAS DE MADEIRA, DE BASE OLEOSA EMULSIONADA EM AGUA                                                                                                                                                                                                                                                                                                                                                                                                                           ","L     ","CR","6,85"]
[5330,"DILUENTE EPOXI                                                                                                                                                                                                                                                                                                                                                                                                                                                                                            ","L     ","CR","48,36"]
[26017,"DISCO DE BORRACHA PARA LIXADEIRA RIGIDO 7 \" COM ARRUELA CENTRAL                                                                                                                                                                                                                                                                                                                                                                                                                                           ","UN    ","CR","24,65"]
[25931,"DISCO DE CORTE DIAMANTADO SEGMENTADO DIAMETRO DE 180 MM PARA ESMERILHADEIRA 7 \"                                                                                                                                                                                                                                                                                                                                                                                                                           ","UN    ","CR","78,35"]
[38140,"DISCO DE CORTE DIAMANTADO SEGMENTADO PARA CONCRETO, DIAMETRO DE 110 MM, FURO DE 20 MM                                                                                                                                                                                                                                                                                                                                                                                                                     ","UN    ","C ","19,00"]
[13887,"DISCO DE CORTE DIAMANTADO SEGMENTADO PARA CONCRETO, DIAMETRO DE 350 MM, FURO DE 1 \" (14 X 1 \")                                                                                                                                                                                                                                                                                                                                                                                                            ","UN    ","CR","449,84"]
[26018,"DISCO DE CORTE PARA METAL COM DUAS TELAS 12 X 1/8 X 3/4 \" (300 X 3,2 X 19,05 MM)                                                                                                                                                                                                                                                                                                                                                                                                                          ","UN    ","CR","20,02"]
[26019,"DISCO DE DESBASTE PARA METAL FERROSO EM GERAL, COM TRES TELAS,  9 X 1/4 X 7/8 \" (228,6 X 6,4 X 22,2 MM)                                                                                                                                                                                                                                                                                                                                                                                                   ","UN    ","CR","18,91"]
[26020,"DISCO DE LIXA PARA METAL, DIAMETRO = 180 MM, GRAO 120                                                                                                                                                                                                                                                                                                                                                                                                                                                     ","UN    ","CR","4,93"]
[34544,"DISJUNTOR  TERMOMAGNETICO TRIPOLAR 3 X 400 A / ICC - 25 KA                                                                                                                                                                                                                                                                                                                                                                                                                                                ","UN    ","CR","1.267,75"]
[34729,"DISJUNTOR TERMICO E MAGNETICO AJUSTAVEIS, TRIPOLAR DE 100 ATE 250A, CAPACIDADE DE INTERRUPCAO DE 35KA                                                                                                                                                                                                                                                                                                                                                                                                     ","UN    ","CR","997,28"]
[34734,"DISJUNTOR TERMICO E MAGNETICO AJUSTAVEIS, TRIPOLAR DE 300 ATE 400A, CAPACIDADE DE INTERRUPCAO DE 35KA                                                                                                                                                                                                                                                                                                                                                                                                     ","UN    ","CR","1.544,11"]
[34738,"DISJUNTOR TERMICO E MAGNETICO AJUSTAVEIS, TRIPOLAR DE 450 ATE 600A, CAPACIDADE DE INTERRUPCAO DE 35KA                                                                                                                                                                                                                                                                                                                                                                                                     ","UN    ","CR","3.607,52"]
[2391,"DISJUNTOR TERMOMAGNETICO TRIPOLAR 125A                                                                                                                                                                                                                                                                                                                                                                                                                                                                    ","UN    ","CR","293,41"]
[2374,"DISJUNTOR TERMOMAGNETICO TRIPOLAR 150 A / 600 V, TIPO FXD / ICC - 35 KA                                                                                                                                                                                                                                                                                                                                                                                                                                   ","UN    ","CR","332,86"]
[2377,"DISJUNTOR TERMOMAGNETICO TRIPOLAR 200 A / 600 V, TIPO FXD / ICC - 35 KA                                                                                                                                                                                                                                                                                                                                                                                                                                   ","UN    ","CR","467,14"]
[2393,"DISJUNTOR TERMOMAGNETICO TRIPOLAR 250 A / 600 V, TIPO FXD                                                                                                                                                                                                                                                                                                                                                                                                                                                 ","UN    ","CR","782,29"]
[34705,"DISJUNTOR TERMOMAGNETICO TRIPOLAR 3  X 250 A/ICC - 25 KA                                                                                                                                                                                                                                                                                                                                                                                                                                                  ","UN    ","CR","684,22"]
[34707,"DISJUNTOR TERMOMAGNETICO TRIPOLAR 3 X 350 A/ICC - 25 KA                                                                                                                                                                                                                                                                                                                                                                                                                                                   ","UN    ","CR","1.267,88"]
[2378,"DISJUNTOR TERMOMAGNETICO TRIPOLAR 300 A / 600 V, TIPO JXD / ICC - 40 KA                                                                                                                                                                                                                                                                                                                                                                                                                                   ","UN    ","CR","1.074,58"]
[2379,"DISJUNTOR TERMOMAGNETICO TRIPOLAR 400 A / 600 V, TIPO JXD / ICC - 40 KA                                                                                                                                                                                                                                                                                                                                                                                                                                   ","UN    ","CR","1.074,58"]
[2376,"DISJUNTOR TERMOMAGNETICO TRIPOLAR 600 A / 600 V, TIPO LXD / ICC - 40 KA                                                                                                                                                                                                                                                                                                                                                                                                                                   ","UN    ","CR","1.769,82"]
[2394,"DISJUNTOR TERMOMAGNETICO TRIPOLAR 800 A / 600 V, TIPO LMXD                                                                                                                                                                                                                                                                                                                                                                                                                                                ","UN    ","CR","3.783,56"]
[34686,"DISJUNTOR TIPO DIN / IEC, MONOPOLAR DE 40  ATE 50A                                                                                                                                                                                                                                                                                                                                                                                                                                                        ","UN    ","CR","11,35"]
[34616,"DISJUNTOR TIPO DIN/IEC, BIPOLAR DE 6 ATE 32A                                                                                                                                                                                                                                                                                                                                                                                                                                                              ","UN    ","CR","43,90"]
[34623,"DISJUNTOR TIPO DIN/IEC, BIPOLAR 40 ATE 50A                                                                                                                                                                                                                                                                                                                                                                                                                                                                ","UN    ","CR","43,23"]
[34628,"DISJUNTOR TIPO DIN/IEC, BIPOLAR 63 A                                                                                                                                                                                                                                                                                                                                                                                                                                                                      ","UN    ","CR","61,92"]
[34653,"DISJUNTOR TIPO DIN/IEC, MONOPOLAR DE 6  ATE  32A                                                                                                                                                                                                                                                                                                                                                                                                                                                          ","UN    ","CR","7,66"]
[34688,"DISJUNTOR TIPO DIN/IEC, MONOPOLAR DE 63 A                                                                                                                                                                                                                                                                                                                                                                                                                                                                 ","UN    ","CR","13,88"]
[34709,"DISJUNTOR TIPO DIN/IEC, TRIPOLAR DE 10 ATE 50A                                                                                                                                                                                                                                                                                                                                                                                                                                                            ","UN    ","CR","53,79"]
[34714,"DISJUNTOR TIPO DIN/IEC, TRIPOLAR 63 A                                                                                                                                                                                                                                                                                                                                                                                                                                                                     ","UN    ","CR","64,24"]
[2388,"DISJUNTOR TIPO NEMA, BIPOLAR 10  ATE  50 A, TENSAO MAXIMA 415 V                                                                                                                                                                                                                                                                                                                                                                                                                                           ","UN    ","CR","53,39"]
[34606,"DISJUNTOR TIPO NEMA, BIPOLAR 60 ATE 100A, TENSAO MAXIMA 415 V                                                                                                                                                                                                                                                                                                                                                                                                                                             ","UN    ","CR","81,89"]
[34689,"DISJUNTOR TIPO NEMA, MONOPOLAR DE 60 ATE 70A, TENSAO MAXIMA DE 240 V                                                                                                                                                                                                                                                                                                                                                                                                                                      ","UN    ","CR","26,07"]
[2370,"DISJUNTOR TIPO NEMA, MONOPOLAR 10 ATE 30A, TENSAO MAXIMA DE 240 V                                                                                                                                                                                                                                                                                                                                                                                                                                         ","UN    ","C ","9,92"]
[2386,"DISJUNTOR TIPO NEMA, MONOPOLAR 35  ATE  50 A, TENSAO MAXIMA DE 240 V                                                                                                                                                                                                                                                                                                                                                                                                                                      ","UN    ","CR","16,64"]
[2392,"DISJUNTOR TIPO NEMA, TRIPOLAR 10  ATE  50A, TENSAO MAXIMA DE 415 V                                                                                                                                                                                                                                                                                                                                                                                                                                        ","UN    ","CR","66,59"]
[2373,"DISJUNTOR TIPO NEMA, TRIPOLAR 60 ATE 100 A, TENSAO MAXIMA DE 415 V                                                                                                                                                                                                                                                                                                                                                                                                                                        ","UN    ","CR","93,82"]
[39465,"DISPOSITIVO DPS CLASSE II, 1 POLO, TENSAO MAXIMA DE 175 V, CORRENTE MAXIMA DE *20* KA (TIPO AC)                                                                                                                                                                                                                                                                                                                                                                                                           ","UN    ","CR","57,31"]
[39466,"DISPOSITIVO DPS CLASSE II, 1 POLO, TENSAO MAXIMA DE 175 V, CORRENTE MAXIMA DE *30* KA (TIPO AC)                                                                                                                                                                                                                                                                                                                                                                                                           ","UN    ","CR","64,48"]
[39467,"DISPOSITIVO DPS CLASSE II, 1 POLO, TENSAO MAXIMA DE 175 V, CORRENTE MAXIMA DE *45* KA (TIPO AC)                                                                                                                                                                                                                                                                                                                                                                                                           ","UN    ","CR","82,47"]
[39468,"DISPOSITIVO DPS CLASSE II, 1 POLO, TENSAO MAXIMA DE 175 V, CORRENTE MAXIMA DE *90* KA (TIPO AC)                                                                                                                                                                                                                                                                                                                                                                                                           ","UN    ","CR","146,60"]
[39469,"DISPOSITIVO DPS CLASSE II, 1 POLO, TENSAO MAXIMA DE 275 V, CORRENTE MAXIMA DE *20* KA (TIPO AC)                                                                                                                                                                                                                                                                                                                                                                                                           ","UN    ","CR","59,71"]
[39470,"DISPOSITIVO DPS CLASSE II, 1 POLO, TENSAO MAXIMA DE 275 V, CORRENTE MAXIMA DE *30* KA (TIPO AC)                                                                                                                                                                                                                                                                                                                                                                                                           ","UN    ","CR","73,37"]
[39471,"DISPOSITIVO DPS CLASSE II, 1 POLO, TENSAO MAXIMA DE 275 V, CORRENTE MAXIMA DE *45* KA (TIPO AC)                                                                                                                                                                                                                                                                                                                                                                                                           ","UN    ","CR","88,17"]
[39472,"DISPOSITIVO DPS CLASSE II, 1 POLO, TENSAO MAXIMA DE 275 V, CORRENTE MAXIMA DE *90* KA (TIPO AC)                                                                                                                                                                                                                                                                                                                                                                                                           ","UN    ","CR","153,20"]
[39473,"DISPOSITIVO DPS CLASSE II, 1 POLO, TENSAO MAXIMA DE 385 V, CORRENTE MAXIMA DE *20* KA (TIPO AC)                                                                                                                                                                                                                                                                                                                                                                                                           ","UN    ","CR","98,97"]
[39474,"DISPOSITIVO DPS CLASSE II, 1 POLO, TENSAO MAXIMA DE 385 V, CORRENTE MAXIMA DE *30* KA (TIPO AC)                                                                                                                                                                                                                                                                                                                                                                                                           ","UN    ","CR","105,51"]
[39475,"DISPOSITIVO DPS CLASSE II, 1 POLO, TENSAO MAXIMA DE 385 V, CORRENTE MAXIMA DE *45* KA (TIPO AC)                                                                                                                                                                                                                                                                                                                                                                                                           ","UN    ","CR","119,71"]
[39476,"DISPOSITIVO DPS CLASSE II, 1 POLO, TENSAO MAXIMA DE 385 V, CORRENTE MAXIMA DE *90* KA (TIPO AC)                                                                                                                                                                                                                                                                                                                                                                                                           ","UN    ","CR","225,34"]
[39477,"DISPOSITIVO DPS CLASSE II, 1 POLO, TENSAO MAXIMA DE 460 V, CORRENTE MAXIMA DE *20* KA (TIPO AC)                                                                                                                                                                                                                                                                                                                                                                                                           ","UN    ","CR","110,41"]
[39478,"DISPOSITIVO DPS CLASSE II, 1 POLO, TENSAO MAXIMA DE 460 V, CORRENTE MAXIMA DE *30* KA (TIPO AC)                                                                                                                                                                                                                                                                                                                                                                                                           ","UN    ","CR","113,83"]
[39479,"DISPOSITIVO DPS CLASSE II, 1 POLO, TENSAO MAXIMA DE 460 V, CORRENTE MAXIMA DE *45* KA (TIPO AC)                                                                                                                                                                                                                                                                                                                                                                                                           ","UN    ","CR","134,11"]
[39480,"DISPOSITIVO DPS CLASSE II, 1 POLO, TENSAO MAXIMA DE 460 V, CORRENTE MAXIMA DE *90* KA (TIPO AC)                                                                                                                                                                                                                                                                                                                                                                                                           ","UN    ","CR","276,74"]
[39459,"DISPOSITIVO DR, 2 POLOS, SENSIBILIDADE DE 30 MA, CORRENTE DE 100 A, TIPO AC                                                                                                                                                                                                                                                                                                                                                                                                                               ","UN    ","CR","234,88"]
[39445,"DISPOSITIVO DR, 2 POLOS, SENSIBILIDADE DE 30 MA, CORRENTE DE 25 A, TIPO AC                                                                                                                                                                                                                                                                                                                                                                                                                                ","UN    ","CR","117,93"]
[39446,"DISPOSITIVO DR, 2 POLOS, SENSIBILIDADE DE 30 MA, CORRENTE DE 40 A, TIPO AC                                                                                                                                                                                                                                                                                                                                                                                                                                ","UN    ","CR","120,03"]
[39447,"DISPOSITIVO DR, 2 POLOS, SENSIBILIDADE DE 30 MA, CORRENTE DE 63 A, TIPO AC                                                                                                                                                                                                                                                                                                                                                                                                                                ","UN    ","CR","128,36"]
[39448,"DISPOSITIVO DR, 2 POLOS, SENSIBILIDADE DE 30 MA, CORRENTE DE 80 A, TIPO AC                                                                                                                                                                                                                                                                                                                                                                                                                                ","UN    ","CR","218,88"]
[39450,"DISPOSITIVO DR, 2 POLOS, SENSIBILIDADE DE 300 MA, CORRENTE DE 25 A, TIPO AC                                                                                                                                                                                                                                                                                                                                                                                                                               ","UN    ","CR","133,54"]
[39451,"DISPOSITIVO DR, 2 POLOS, SENSIBILIDADE DE 300 MA, CORRENTE DE 40 A, TIPO AC                                                                                                                                                                                                                                                                                                                                                                                                                               ","UN    ","CR","145,65"]
[39452,"DISPOSITIVO DR, 2 POLOS, SENSIBILIDADE DE 300 MA, CORRENTE DE 63 A, TIPO AC                                                                                                                                                                                                                                                                                                                                                                                                                               ","UN    ","CR","146,52"]
[39523,"DISPOSITIVO DR, 2 POLOS, SENSIBILIDADE DE 300 MA, CORRENTE DE 80 A, TIPO  AC                                                                                                                                                                                                                                                                                                                                                                                                                              ","UN    ","CR","245,21"]
[39449,"DISPOSITIVO DR, 4 POLOS, SENSIBILIDADE DE 30 MA, CORRENTE DE 100 A, TIPO AC                                                                                                                                                                                                                                                                                                                                                                                                                               ","UN    ","CR","271,55"]
[39455,"DISPOSITIVO DR, 4 POLOS, SENSIBILIDADE DE 30 MA, CORRENTE DE 25 A, TIPO AC                                                                                                                                                                                                                                                                                                                                                                                                                                ","UN    ","CR","134,37"]
[39456,"DISPOSITIVO DR, 4 POLOS, SENSIBILIDADE DE 30 MA, CORRENTE DE 40 A, TIPO AC                                                                                                                                                                                                                                                                                                                                                                                                                                ","UN    ","CR","134,47"]
[39457,"DISPOSITIVO DR, 4 POLOS, SENSIBILIDADE DE 30 MA, CORRENTE DE 63 A, TIPO AC                                                                                                                                                                                                                                                                                                                                                                                                                                ","UN    ","CR","146,59"]
[39458,"DISPOSITIVO DR, 4 POLOS, SENSIBILIDADE DE 30 MA, CORRENTE DE 80 A, TIPO AC                                                                                                                                                                                                                                                                                                                                                                                                                                ","UN    ","CR","273,55"]
[39464,"DISPOSITIVO DR, 4 POLOS, SENSIBILIDADE DE 300 MA, CORRENTE DE 100 A, TIPO AC                                                                                                                                                                                                                                                                                                                                                                                                                              ","UN    ","CR","439,89"]
[39460,"DISPOSITIVO DR, 4 POLOS, SENSIBILIDADE DE 300 MA, CORRENTE DE 25 A, TIPO AC                                                                                                                                                                                                                                                                                                                                                                                                                               ","UN    ","CR","166,84"]
[39461,"DISPOSITIVO DR, 4 POLOS, SENSIBILIDADE DE 300 MA, CORRENTE DE 40 A, TIPO AC                                                                                                                                                                                                                                                                                                                                                                                                                               ","UN    ","CR","195,50"]
[39462,"DISPOSITIVO DR, 4 POLOS, SENSIBILIDADE DE 300 MA, CORRENTE DE 63 A, TIPO AC                                                                                                                                                                                                                                                                                                                                                                                                                               ","UN    ","CR","188,41"]
[39463,"DISPOSITIVO DR, 4 POLOS, SENSIBILIDADE DE 300 MA, CORRENTE DE 80 A, TIPO AC                                                                                                                                                                                                                                                                                                                                                                                                                               ","UN    ","CR","436,48"]
[26039,"DISTRIBUIDOR DE AGREGADOS AUTOPROPELIDO, CAP 3 M3, A DIESEL, 6 CC, 176 CV                                                                                                                                                                                                                                                                                                                                                                                                                                 ","UN    ","AS","351.784,90"]
[2401,"DISTRIBUIDOR DE AGREGADOS REBOCAVEL, CAPACIDADE 1,9 M3, LARGURA DE TRABALHO 3,66 M                                                                                                                                                                                                                                                                                                                                                                                                                        ","UN    ","AS","80.914,42"]
[38870,"DISTRIBUIDOR METALICO, COM ROSCA, 2 SAIDAS, DN 1\" X 1/2\", PARA CONEXAO COM ANEL DESLIZANTE EM TUBO PEX                                                                                                                                                                                                                                                                                                                                                                                                    ","UN    ","AS","56,44"]
[38869,"DISTRIBUIDOR METALICO, COM ROSCA, 2 SAIDAS, DN 3/4\" X 1/2\", PARA CONEXAO COM ANEL DESLIZANTE EM TUBO PEX                                                                                                                                                                                                                                                                                                                                                                                                  ","UN    ","AS","49,78"]
[38872,"DISTRIBUIDOR METALICO, COM ROSCA, 3 SAIDAS, DN 1\" X 1/2\", PARA CONEXAO COM ANEL DESLIZANTE EM TUBO PEX                                                                                                                                                                                                                                                                                                                                                                                                    ","UN    ","AS","77,09"]
[38871,"DISTRIBUIDOR METALICO, COM ROSCA, 3 SAIDAS, DN 3/4\" X 1/2\", PARA CONEXAO COM ANEL DESLIZANTE EM TUBO PEX                                                                                                                                                                                                                                                                                                                                                                                                  ","UN    ","AS","62,01"]
[39283,"DISTRIBUIDOR, PLASTICO, 2 SAIDAS, DN 32 X 16 MM, PARA CONEXAO COM CRIMPAGEM EM TUBO PEX                                                                                                                                                                                                                                                                                                                                                                                                                   ","UN    ","AS","193,14"]
[39284,"DISTRIBUIDOR, PLASTICO, 2 SAIDAS, DN 32 X 20 MM, PARA CONEXAO COM CRIMPAGEM EM TUBO PEX                                                                                                                                                                                                                                                                                                                                                                                                                   ","UN    ","AS","209,30"]
[39285,"DISTRIBUIDOR, PLASTICO, 2 SAIDAS, DN 32 X 25 MM, PARA CONEXAO COM CRIMPAGEM EM TUBO PEX                                                                                                                                                                                                                                                                                                                                                                                                                   ","UN    ","AS","212,32"]
[39286,"DISTRIBUIDOR, PLASTICO, 3 SAIDAS, DN 32 X 16 MM, PARA CONEXAO COM CRIMPAGEM EM TUBO PEX                                                                                                                                                                                                                                                                                                                                                                                                                   ","UN    ","AS","207,70"]
[39287,"DISTRIBUIDOR, PLASTICO, 3 SAIDAS, DN 32 X 20 MM, PARA CONEXAO COM CRIMPAGEM EM TUBO PEX                                                                                                                                                                                                                                                                                                                                                                                                                   ","UN    ","AS","243,88"]
[39288,"DISTRIBUIDOR, PLASTICO, 3 SAIDAS, DN 32 X 25 MM, PARA CONEXAO COM CRIMPAGEM EM TUBO PEX                                                                                                                                                                                                                                                                                                                                                                                                                   ","UN    ","AS","260,27"]
[25976,"DIVISORIA EM GRANITO, COM DUAS FACES POLIDAS, TIPO ANDORINHA/ QUARTZ/ CASTELO/ CORUMBA OU OUTROS EQUIVALENTES DA REGIAO, E=  *3,0* CM                                                                                                                                                                                                                                                                                                                                                                     ","M2    ","AS","468,42"]
[10629,"DIVISORIA EM MARMORE, COM DUAS FACES POLIDAS, BRANCO COMUM, E=  *3,0* CM                                                                                                                                                                                                                                                                                                                                                                                                                                  ","M2    ","AS","576,94"]
[10698,"DIVISORIA, PLACA  PRE-MOLDADA EM GRANILITE, MARMORITE OU GRANITINA,  E = *3 CM                                                                                                                                                                                                                                                                                                                                                                                                                            ","M2    ","AS","168,34"]
[40521,"DOBRADEIRA ELETROMECANICA DE VERGALHAO, PARA ACO DE DIAMETRO ATE 1 1/2 \"Â\u0094, MOTOR ELETRICO TRIFASICO, POTENCIA DE 3 HP ATE 5 HP                                                                                                                                                                                                                                                                                                                                                                           ","UN    ","CR","101.453,29"]
[2432,"DOBRADICA EM ACO/FERRO, 3 1/2\" X  3\", E= 1,9  A 2 MM, COM ANEL,  CROMADO OU ZINCADO, TAMPA BOLA, COM PARAFUSOS                                                                                                                                                                                                                                                                                                                                                                                            ","UN    ","CR","40,68"]
[2433,"DOBRADICA EM ACO/FERRO, 3\" X 2 1/2\", E= 1,2 A 1,8 MM, SEM ANEL,  CROMADO OU ZINCADO, TAMPA CHATA, COM PARAFUSOS                                                                                                                                                                                                                                                                                                                                                                                           ","UN    ","CR","13,78"]
[2420,"DOBRADICA EM ACO/FERRO, 3\" X 2 1/2\", E= 1,9 A 2 MM, SEM ANEL,  CROMADO OU ZINCADO, TAMPA BOLA, COM PARAFUSOS                                                                                                                                                                                                                                                                                                                                                                                              ","UN    ","CR","23,67"]
[11447,"DOBRADICA EM LATAO, 3 \" X 2 1/2 \", E= 1,9 A 2 MM, COM ANEL, CROMADO, TAMPA BOLA, COM PARAFUSOS                                                                                                                                                                                                                                                                                                                                                                                                            ","UN    ","CR","46,77"]
[11451,"DOBRADICA TIPO VAI-E-VEM EM ACO/FERRO, TAMANHO 3'', GALVANIZADO, COM PARAFUSOS                                                                                                                                                                                                                                                                                                                                                                                                                            ","UN    ","CR","125,39"]
[11116,"DOMOS INDIVIDUAL EM ACRILICO BRANCO *95 X 95* CM, SEM INSTALACAO                                                                                                                                                                                                                                                                                                                                                                                                                                          ","UN    ","AS","588,48"]
[38411,"DOSADOR DE AREIA, CAPACIDADE DE *26* LITROS                                                                                                                                                                                                                                                                                                                                                                                                                                                               ","UN    ","AS","1.507,45"]
[1370,"DUCHA HIGIENICA PLASTICA COM REGISTRO METALICO 1/2 \"                                                                                                                                                                                                                                                                                                                                                                                                                                                      ","UN    ","CR","84,97"]
[38189,"DUCHA METALICA DE PAREDE, ARTICULAVEL, COM BRACO/CANO, SEM DESVIADOR                                                                                                                                                                                                                                                                                                                                                                                                                                      ","UN    ","CR","187,29"]
[38190,"DUCHA METALICA DE PAREDE, ARTICULAVEL, COM DESVIADOR E DUCHA MANUAL                                                                                                                                                                                                                                                                                                                                                                                                                                       ","UN    ","CR","421,18"]
[36516,"DUMPER COM CAPACIDADE DE CARGA DE 1700 KG, PARTIDA ELETRICA, MOTOR DIESEL COM POTENCIA DE 16 CV                                                                                                                                                                                                                                                                                                                                                                                                           ","UN    ","AS","105.763,23"]
[34777,"ELEMENTO VAZADO CERAMICO DIAGONAL (TIPO FLOR/QUADRADO/XIS) 25 X 18 X 7 CM                                                                                                                                                                                                                                                                                                                                                                                                                                 ","UN    ","CR","2,28"]
[7272,"ELEMENTO VAZADO CERAMICO QUADRADO (RETO OU REDONDO), *7 A 9 X 20 X 20* CM (L X A X C)                                                                                                                                                                                                                                                                                                                                                                                                                     ","UN    ","CR","1,92"]
[10605,"ELEMENTO VAZADO DE CONCRETO, QUADRICULADO, 1 FURO *10 X 10 X 10* CM                                                                                                                                                                                                                                                                                                                                                                                                                                       ","UN    ","CR","3,22"]
[10604,"ELEMENTO VAZADO DE CONCRETO, QUADRICULADO, 1 FURO *20 X 10 X 7* CM                                                                                                                                                                                                                                                                                                                                                                                                                                        ","UN    ","CR","7,51"]
[672,"ELEMENTO VAZADO DE CONCRETO, QUADRICULADO, 1 FURO *20 X 20 X 6,5* CM                                                                                                                                                                                                                                                                                                                                                                                                                                      ","UN    ","CR","10,32"]
[668,"ELEMENTO VAZADO DE CONCRETO, QUADRICULADO, 16 FUROS *29 X 29 X 6* CM                                                                                                                                                                                                                                                                                                                                                                                                                                      ","UN    ","CR","12,46"]
[10578,"ELEMENTO VAZADO DE CONCRETO, QUADRICULADO, 16 FUROS *33 X 33 X 10* CM                                                                                                                                                                                                                                                                                                                                                                                                                                     ","UN    ","CR","14,51"]
[666,"ELEMENTO VAZADO DE CONCRETO, QUADRICULADO, 16 FUROS *40 X 40 X 7* CM                                                                                                                                                                                                                                                                                                                                                                                                                                      ","UN    ","CR","16,14"]
[665,"ELEMENTO VAZADO DE CONCRETO, QUADRICULADO, 16 FUROS *50 X 50 X 7* CM                                                                                                                                                                                                                                                                                                                                                                                                                                      ","UN    ","CR","21,59"]
[10577,"ELEMENTO VAZADO DE CONCRETO, QUADRICULADO, 25 FUROS *50 X 50 X 5* CM                                                                                                                                                                                                                                                                                                                                                                                                                                      ","UN    ","CR","19,15"]
[10583,"ELEMENTO VAZADO DE CONCRETO, VENEZIANA *39 X 22 X 15* CM                                                                                                                                                                                                                                                                                                                                                                                                                                                  ","UN    ","CR","9,95"]
[10579,"ELEMENTO VAZADO DE CONCRETO, VENEZIANA *39 X 29 X 10* CM                                                                                                                                                                                                                                                                                                                                                                                                                                                  ","UN    ","CR","17,34"]
[10582,"ELEMENTO VAZADO DE CONCRETO, VENEZIANA *40 X 10 X 10* CM                                                                                                                                                                                                                                                                                                                                                                                                                                                  ","UN    ","CR","8,76"]
[2436,"ELETRICISTA                                                                                                                                                                                                                                                                                                                                                                                                                                                                                               ","H     ","C ","17,65"]
[40918,"ELETRICISTA (MENSALISTA)                                                                                                                                                                                                                                                                                                                                                                                                                                                                                  ","MES   ","CR","3.098,90"]
[2439,"ELETRICISTA DE MANUTENCAO INDUSTRIAL                                                                                                                                                                                                                                                                                                                                                                                                                                                                      ","H     ","CR","18,65"]
[40923,"ELETRICISTA DE MANUTENCAO INDUSTRIAL (MENSALISTA)                                                                                                                                                                                                                                                                                                                                                                                                                                                         ","MES   ","CR","3.275,86"]
[10998,"ELETRODO REVESTIDO AWS - E-6010, DIAMETRO IGUAL A 4,00 MM                                                                                                                                                                                                                                                                                                                                                                                                                                                 ","KG    ","CR","29,87"]
[11002,"ELETRODO REVESTIDO AWS - E6013, DIAMETRO IGUAL A 2,50 MM                                                                                                                                                                                                                                                                                                                                                                                                                                                  ","KG    ","CR","27,37"]
[10999,"ELETRODO REVESTIDO AWS - E6013, DIAMETRO IGUAL A 4,00 MM                                                                                                                                                                                                                                                                                                                                                                                                                                                  ","KG    ","CR","26,29"]
[10997,"ELETRODO REVESTIDO AWS - E7018, DIAMETRO IGUAL A 4,00 MM                                                                                                                                                                                                                                                                                                                                                                                                                                                  ","KG    ","C ","28,50"]
[2685,"ELETRODUTO DE PVC RIGIDO ROSCAVEL DE 1 \", SEM LUVA                                                                                                                                                                                                                                                                                                                                                                                                                                                        ","M     ","CR","5,78"]
[2680,"ELETRODUTO DE PVC RIGIDO ROSCAVEL DE 1 1/2 \", SEM LUVA                                                                                                                                                                                                                                                                                                                                                                                                                                                    ","M     ","CR","8,45"]
[2684,"ELETRODUTO DE PVC RIGIDO ROSCAVEL DE 1 1/4 \", SEM LUVA                                                                                                                                                                                                                                                                                                                                                                                                                                                    ","M     ","CR","7,69"]
[2673,"ELETRODUTO DE PVC RIGIDO ROSCAVEL DE 1/2 \", SEM LUVA                                                                                                                                                                                                                                                                                                                                                                                                                                                      ","M     ","C ","2,97"]
[2681,"ELETRODUTO DE PVC RIGIDO ROSCAVEL DE 2 \", SEM LUVA                                                                                                                                                                                                                                                                                                                                                                                                                                                        ","M     ","CR","13,82"]
[2682,"ELETRODUTO DE PVC RIGIDO ROSCAVEL DE 2 1/2 \", SEM LUVA                                                                                                                                                                                                                                                                                                                                                                                                                                                    ","M     ","CR","20,16"]
[2686,"ELETRODUTO DE PVC RIGIDO ROSCAVEL DE 3 \", SEM LUVA                                                                                                                                                                                                                                                                                                                                                                                                                                                        ","M     ","CR","25,28"]
[2674,"ELETRODUTO DE PVC RIGIDO ROSCAVEL DE 3/4 \", SEM LUVA                                                                                                                                                                                                                                                                                                                                                                                                                                                      ","M     ","CR","3,69"]
[2683,"ELETRODUTO DE PVC RIGIDO ROSCAVEL DE 4 \", SEM LUVA                                                                                                                                                                                                                                                                                                                                                                                                                                                        ","M     ","CR","39,84"]
[2676,"ELETRODUTO DE PVC RIGIDO SOLDAVEL, CLASSE B, DE 20 MM                                                                                                                                                                                                                                                                                                                                                                                                                                                     ","M     ","CR","1,72"]
[2678,"ELETRODUTO DE PVC RIGIDO SOLDAVEL, CLASSE B, DE 25 MM                                                                                                                                                                                                                                                                                                                                                                                                                                                     ","M     ","CR","2,16"]
[2679,"ELETRODUTO DE PVC RIGIDO SOLDAVEL, CLASSE B, DE 32 MM                                                                                                                                                                                                                                                                                                                                                                                                                                                     ","M     ","CR","3,33"]
[12070,"ELETRODUTO DE PVC RIGIDO SOLDAVEL, CLASSE B, DE 40 MM                                                                                                                                                                                                                                                                                                                                                                                                                                                     ","M     ","CR","4,64"]
[2675,"ELETRODUTO DE PVC RIGIDO SOLDAVEL, CLASSE B, DE 50 MM                                                                                                                                                                                                                                                                                                                                                                                                                                                     ","M     ","CR","6,03"]
[12067,"ELETRODUTO DE PVC RIGIDO SOLDAVEL, CLASSE B, DE 60 MM                                                                                                                                                                                                                                                                                                                                                                                                                                                     ","M     ","CR","8,18"]
[40401,"ELETRODUTO FLEXIVEL PLANO EM PEAD, COR PRETA E LARANJA,  DIAMETRO 32 MM                                                                                                                                                                                                                                                                                                                                                                                                                                   ","M     ","CR","3,09"]
[40402,"ELETRODUTO FLEXIVEL PLANO EM PEAD, COR PRETA E LARANJA,  DIAMETRO 40 MM                                                                                                                                                                                                                                                                                                                                                                                                                                   ","M     ","CR","3,96"]
[40400,"ELETRODUTO FLEXIVEL PLANO EM PEAD, COR PRETA E LARANJA, DIAMETRO 25 MM                                                                                                                                                                                                                                                                                                                                                                                                                                    ","M     ","CR","2,09"]
[2504,"ELETRODUTO FLEXIVEL, EM ACO GALVANIZADO, REVESTIDO EXTERNAMENTE COM PVC PRETO, DIAMETRO EXTERNO DE 25 MM (3/4\"), TIPO SEALTUBO                                                                                                                                                                                                                                                                                                                                                                            ","M     ","CR","10,76"]
[2501,"ELETRODUTO FLEXIVEL, EM ACO GALVANIZADO, REVESTIDO EXTERNAMENTE COM PVC PRETO, DIAMETRO EXTERNO DE 32 MM (1\"), TIPO SEALTUBO                                                                                                                                                                                                                                                                                                                                                                              ","M     ","CR","14,11"]
[2502,"ELETRODUTO FLEXIVEL, EM ACO GALVANIZADO, REVESTIDO EXTERNAMENTE COM PVC PRETO, DIAMETRO EXTERNO DE 40 MM (1 1/4\"), TIPO SEALTUBO                                                                                                                                                                                                                                                                                                                                                                          ","M     ","CR","21,30"]
[2503,"ELETRODUTO FLEXIVEL, EM ACO GALVANIZADO, REVESTIDO EXTERNAMENTE COM PVC PRETO, DIAMETRO EXTERNO DE 50 MM( 1 1/2\"), TIPO SEALTUBO                                                                                                                                                                                                                                                                                                                                                                          ","M     ","CR","27,41"]
[2500,"ELETRODUTO FLEXIVEL, EM ACO GALVANIZADO, REVESTIDO EXTERNAMENTE COM PVC PRETO, DIAMETRO EXTERNO DE 60 MM (2\"), TIPO SEALTUBO                                                                                                                                                                                                                                                                                                                                                                              ","M     ","CR","36,51"]
[2505,"ELETRODUTO FLEXIVEL, EM ACO GALVANIZADO, REVESTIDO EXTERNAMENTE COM PVC PRETO, DIAMETRO EXTERNO DE 75 MM (2 1/2\"), TIPO SEALTUBO                                                                                                                                                                                                                                                                                                                                                                          ","M     ","CR","56,90"]
[12056,"ELETRODUTO FLEXIVEL, EM ACO, TIPO CONDUITE, DIAMETRO DE 1 1/2\"                                                                                                                                                                                                                                                                                                                                                                                                                                            ","M     ","CR","22,99"]
[12057,"ELETRODUTO FLEXIVEL, EM ACO, TIPO CONDUITE, DIAMETRO DE 1 1/4\"                                                                                                                                                                                                                                                                                                                                                                                                                                            ","M     ","CR","19,53"]
[12059,"ELETRODUTO FLEXIVEL, EM ACO, TIPO CONDUITE, DIAMETRO DE 1/2\"                                                                                                                                                                                                                                                                                                                                                                                                                                              ","M     ","CR","6,85"]
[12058,"ELETRODUTO FLEXIVEL, EM ACO, TIPO CONDUITE, DIAMETRO DE 1\"                                                                                                                                                                                                                                                                                                                                                                                                                                                ","M     ","CR","12,17"]
[12060,"ELETRODUTO FLEXIVEL, EM ACO, TIPO CONDUITE, DIAMETRO DE 2 1/2\"                                                                                                                                                                                                                                                                                                                                                                                                                                            ","M     ","CR","50,73"]
[12061,"ELETRODUTO FLEXIVEL, EM ACO, TIPO CONDUITE, DIAMETRO DE 2\"                                                                                                                                                                                                                                                                                                                                                                                                                                                ","M     ","CR","30,98"]
[12062,"ELETRODUTO FLEXIVEL, EM ACO, TIPO CONDUITE, DIAMETRO DE 3\"                                                                                                                                                                                                                                                                                                                                                                                                                                                ","M     ","CR","57,13"]
[21137,"ELETRODUTO METALICO FLEXIVEL REVESTIDO COM PVC PRETO, DIAMETRO EXTERNO DE 15 MM (3/8\"), TIPO COPEX                                                                                                                                                                                                                                                                                                                                                                                                        ","M     ","CR","9,93"]
[2687,"ELETRODUTO PVC FLEXIVEL CORRUGADO, COR AMARELA, DE 16 MM                                                                                                                                                                                                                                                                                                                                                                                                                                                  ","M     ","CR","1,51"]
[2689,"ELETRODUTO PVC FLEXIVEL CORRUGADO, COR AMARELA, DE 20 MM                                                                                                                                                                                                                                                                                                                                                                                                                                                  ","M     ","CR","1,79"]
[2688,"ELETRODUTO PVC FLEXIVEL CORRUGADO, COR AMARELA, DE 25 MM                                                                                                                                                                                                                                                                                                                                                                                                                                                  ","M     ","CR","1,94"]
[2690,"ELETRODUTO PVC FLEXIVEL CORRUGADO, COR AMARELA, DE 32 MM                                                                                                                                                                                                                                                                                                                                                                                                                                                  ","M     ","CR","3,32"]
[39243,"ELETRODUTO PVC FLEXIVEL CORRUGADO, REFORCADO, COR LARANJA, DE 20 MM, PARA LAJES E PISOS                                                                                                                                                                                                                                                                                                                                                                                                                   ","M     ","CR","2,19"]
[39244,"ELETRODUTO PVC FLEXIVEL CORRUGADO, REFORCADO, COR LARANJA, DE 25 MM, PARA LAJES E PISOS                                                                                                                                                                                                                                                                                                                                                                                                                   ","M     ","CR","2,96"]
[39245,"ELETRODUTO PVC FLEXIVEL CORRUGADO, REFORCADO, COR LARANJA, DE 32 MM, PARA LAJES E PISOS                                                                                                                                                                                                                                                                                                                                                                                                                   ","M     ","CR","5,70"]
[39254,"ELETRODUTO/CONDULETE DE PVC RIGIDO, LISO, COR CINZA, DE 1/2\", PARA INSTALACOES APARENTES (NBR 5410)                                                                                                                                                                                                                                                                                                                                                                                                       ","M     ","CR","8,53"]
[39255,"ELETRODUTO/CONDULETE DE PVC RIGIDO, LISO, COR CINZA, DE 1\", PARA INSTALACOES APARENTES (NBR 5410)                                                                                                                                                                                                                                                                                                                                                                                                         ","M     ","CR","15,78"]
[39253,"ELETRODUTO/CONDULETE DE PVC RIGIDO, LISO, COR CINZA, DE 3/4\", PARA INSTALACOES APARENTES (NBR 5410)                                                                                                                                                                                                                                                                                                                                                                                                       ","M     ","CR","10,87"]
[2446,"ELETRODUTO/DUTO PEAD FLEXIVEL PAREDE SIMPLES, CORRUGACAO HELICOIDAL, COR PRETA, SEM ROSCA, DE 2\",  PARA CABEAMENTO SUBTERRANEO (NBR 15715)                                                                                                                                                                                                                                                                                                                                                                ","M     ","C ","7,70"]
[2442,"ELETRODUTO/DUTO PEAD FLEXIVEL PAREDE SIMPLES, CORRUGACAO HELICOIDAL, COR PRETA, SEM ROSCA, DE 3\",  PARA CABEAMENTO SUBTERRANEO (NBR 15715)                                                                                                                                                                                                                                                                                                                                                                ","M     ","CR","10,79"]
[39246,"ELETRODUTODUTO PEAD FLEXIVEL PAREDE SIMPLES, CORRUGACAO HELICOIDAL, COR PRETA, SEM ROSCA, DE 1 1/2\",  PARA CABEAMENTO SUBTERRANEO (NBR 15715)                                                                                                                                                                                                                                                                                                                                                             ","M     ","CR","5,36"]
[39247,"ELETRODUTODUTO PEAD FLEXIVEL PAREDE SIMPLES, CORRUGACAO HELICOIDAL, COR PRETA, SEM ROSCA, DE 1 1/4\",  PARA CABEAMENTO SUBTERRANEO (NBR 15715)                                                                                                                                                                                                                                                                                                                                                             ","M     ","CR","4,67"]
[39248,"ELETRODUTODUTO PEAD FLEXIVEL PAREDE SIMPLES, CORRUGACAO HELICOIDAL, COR PRETA, SEM ROSCA, DE 4\",  PARA CABEAMENTO SUBTERRANEO (NBR 15715)                                                                                                                                                                                                                                                                                                                                                                 ","M     ","CR","15,03"]
[2438,"ELETROTECNICO                                                                                                                                                                                                                                                                                                                                                                                                                                                                                             ","H     ","CR","18,95"]
[40922,"ELETROTECNICO (MENSALISTA)                                                                                                                                                                                                                                                                                                                                                                                                                                                                                ","MES   ","CR","3.328,61"]
[36486,"ELEVADOR DE CARGA A CABO, CABINE SEMI FECHADA 2,0 X 1,5 X 2,0 M, CAPACIDADE DE CARGA 1000 KG, TORRE  2,38 X 2,21 X 15 M, GUINCHO DE EMBREAGEM, FREIO DE SEGURANCA, LIMITADOR DE VELOCIDADE E CANCELA                                                                                                                                                                                                                                                                                                      ","UN    ","AS","59.165,50"]
[37777,"ELEVADOR DE CREMALHEIRA CABINE FECHADA 1,5 X 2,5 X 2,35 M (UMA POR TORRE), CAPACIDADE DE CARGA 1200 KG (15 PESSOAS), TORRE  24 M (16 MODULOS), FREIO DE SEGURANCA, LIMITADOR DE CARGA                                                                                                                                                                                                                                                                                                                     ","UN    ","AS","278.550,06"]
[12624,"EMENDA PARA CALHA PLUVIAL, PVC, DIAMETRO ENTRE 119 E 170 MM, PARA DRENAGEM PREDIAL                                                                                                                                                                                                                                                                                                                                                                                                                        ","UN    ","AS","11,81"]
[517,"EMULSAO ASFALTICA ANIONICA                                                                                                                                                                                                                                                                                                                                                                                                                                                                                ","L     ","CR","5,56"]
[41904,"EMULSAO ASFALTICA CATIONICA RL-1C PARA USO EM PAVIMENTACAO ASFALTICA (COLETADO CAIXA NA ANP ACRESCIDO DE ICMS)                                                                                                                                                                                                                                                                                                                                                                                            ","T     ","AS","3.183,56"]
[41903,"EMULSAO ASFALTICA CATIONICA RR-2C PARA USO EM PAVIMENTACAO ASFALTICA (COLETADO CAIXA NA ANP ACRESCIDO DE ICMS)                                                                                                                                                                                                                                                                                                                                                                                            ","KG    ","AS","3,33"]
[37534,"EMULSAO EXPLOSIVA EM CARTUCHOS DE 1\" X 12\", DENSIDADE 1.15 G/CM3, INICIACAO ESPOLETA N. 8 / CORDEL                                                                                                                                                                                                                                                                                                                                                                                                        ","KG    ","AS","20,16"]
[37535,"EMULSAO EXPLOSIVA EM CARTUCHOS DE 1\" X 24\", DENSIDADE 1.15 G/CM3, INICIACAO ESPOLETA N. 8 / CORDEL                                                                                                                                                                                                                                                                                                                                                                                                        ","KG    ","AS","20,16"]
[37533,"EMULSAO EXPLOSIVA EM CARTUCHOS DE 1\" X 8\", DENSIDADE 1.15 G/CM3, INICIACAO ESPOLETA N. 8 / CORDEL                                                                                                                                                                                                                                                                                                                                                                                                         ","KG    ","AS","20,16"]
[37537,"EMULSAO EXPLOSIVA EM CARTUCHOS DE 2 1/2\" X 24\", DENSIDADE 1.15 G/CM3, INICIACAO ESPOLETA N. 8 / CORDEL                                                                                                                                                                                                                                                                                                                                                                                                    ","KG    ","AS","15,26"]
[37536,"EMULSAO EXPLOSIVA EM CARTUCHOS DE 2 1/4\" X 24\", DENSIDADE 1.15 G/CM3, INICIACAO ESPOLETA N. 8 / CORDEL                                                                                                                                                                                                                                                                                                                                                                                                    ","KG    ","AS","15,26"]
[37532,"EMULSAO EXPLOSIVA EM CARTUCHOS DE 2\" X 24\", DENSIDADE 1.15 G/CM3, INICIACAO ESPOLETA N. 8 / CORDEL                                                                                                                                                                                                                                                                                                                                                                                                        ","KG    ","AS","15,26"]
[2696,"ENCANADOR OU BOMBEIRO HIDRAULICO                                                                                                                                                                                                                                                                                                                                                                                                                                                                          ","H     ","C ","14,88"]
[40928,"ENCANADOR OU BOMBEIRO HIDRAULICO (MENSALISTA)                                                                                                                                                                                                                                                                                                                                                                                                                                                             ","MES   ","CR","2.612,36"]
[4083,"ENCARREGADO GERAL DE OBRAS                                                                                                                                                                                                                                                                                                                                                                                                                                                                                ","H     ","C ","15,65"]
[40818,"ENCARREGADO GERAL DE OBRAS (MENSALISTA)                                                                                                                                                                                                                                                                                                                                                                                                                                                                   ","MES   ","CR","2.747,09"]
[43146,"ENDURECEDOR MINERAL DE BASE CIMENTICIA PARA PISO DE CONCRETO                                                                                                                                                                                                                                                                                                                                                                                                                                              ","KG    ","CR","8,77"]
[2705,"ENERGIA ELETRICA ATE 2000 KWH INDUSTRIAL, SEM DEMANDA                                                                                                                                                                                                                                                                                                                                                                                                                                                     ","KW/H  ","CR","0,71"]
[14250,"ENERGIA ELETRICA COMERCIAL, BAIXA TENSAO, RELATIVA AO CONSUMO DE ATE 100 KWH, INCLUINDO ICMS, PIS/PASEP E COFINS                                                                                                                                                                                                                                                                                                                                                                                          ","KW/H  ","C ","0,73"]
[11683,"ENGATE / RABICHO FLEXIVEL INOX 1/2 \" X 30 CM                                                                                                                                                                                                                                                                                                                                                                                                                                                              ","UN    ","CR","30,80"]
[11684,"ENGATE / RABICHO FLEXIVEL INOX 1/2 \" X 40 CM                                                                                                                                                                                                                                                                                                                                                                                                                                                              ","UN    ","CR","33,71"]
[6141,"ENGATE/RABICHO FLEXIVEL PLASTICO (PVC OU ABS) BRANCO 1/2 \" X 30 CM                                                                                                                                                                                                                                                                                                                                                                                                                                        ","UN    ","CR","3,60"]
[11681,"ENGATE/RABICHO FLEXIVEL PLASTICO (PVC OU ABS) BRANCO 1/2 \" X 40 CM                                                                                                                                                                                                                                                                                                                                                                                                                                        ","UN    ","CR","5,78"]
[2706,"ENGENHEIRO CIVIL DE OBRA JUNIOR                                                                                                                                                                                                                                                                                                                                                                                                                                                                           ","H     ","C ","90,62"]
[40811,"ENGENHEIRO CIVIL DE OBRA JUNIOR (MENSALISTA)                                                                                                                                                                                                                                                                                                                                                                                                                                                              ","MES   ","CR","15.906,22"]
[2707,"ENGENHEIRO CIVIL DE OBRA PLENO                                                                                                                                                                                                                                                                                                                                                                                                                                                                            ","H     ","CR","103,13"]
[40813,"ENGENHEIRO CIVIL DE OBRA PLENO (MENSALISTA)                                                                                                                                                                                                                                                                                                                                                                                                                                                               ","MES   ","CR","18.104,54"]
[2708,"ENGENHEIRO CIVIL DE OBRA SENIOR                                                                                                                                                                                                                                                                                                                                                                                                                                                                           ","H     ","CR","140,98"]
[40814,"ENGENHEIRO CIVIL DE OBRA SENIOR (MENSALISTA)                                                                                                                                                                                                                                                                                                                                                                                                                                                              ","MES   ","CR","24.748,42"]
[34779,"ENGENHEIRO CIVIL JUNIOR                                                                                                                                                                                                                                                                                                                                                                                                                                                                                   ","H     ","CR","91,94"]
[40936,"ENGENHEIRO CIVIL JUNIOR (MENSALISTA)                                                                                                                                                                                                                                                                                                                                                                                                                                                                      ","MES   ","CR","16.138,26"]
[34780,"ENGENHEIRO CIVIL PLENO                                                                                                                                                                                                                                                                                                                                                                                                                                                                                    ","H     ","CR","103,71"]
[40937,"ENGENHEIRO CIVIL PLENO (MENSALISTA)                                                                                                                                                                                                                                                                                                                                                                                                                                                                       ","MES   ","CR","18.207,14"]
[34782,"ENGENHEIRO CIVIL SENIOR                                                                                                                                                                                                                                                                                                                                                                                                                                                                                   ","H     ","CR","142,13"]
[40938,"ENGENHEIRO CIVIL SENIOR (MENSALISTA)                                                                                                                                                                                                                                                                                                                                                                                                                                                                      ","MES   ","CR","24.951,16"]
[34783,"ENGENHEIRO ELETRICISTA                                                                                                                                                                                                                                                                                                                                                                                                                                                                                    ","H     ","CR","131,43"]
[40939,"ENGENHEIRO ELETRICISTA (MENSALISTA)                                                                                                                                                                                                                                                                                                                                                                                                                                                                       ","MES   ","CR","23.070,04"]
[34785,"ENGENHEIRO SANITARISTA                                                                                                                                                                                                                                                                                                                                                                                                                                                                                    ","H     ","CR","128,36"]
[40940,"ENGENHEIRO SANITARISTA (MENSALISTA)                                                                                                                                                                                                                                                                                                                                                                                                                                                                       ","MES   ","CR","22.533,80"]
[38403,"ENXADA ESTREITA *25 X 23* CM COM CABO                                                                                                                                                                                                                                                                                                                                                                                                                                                                     ","UN    ","CR","37,16"]
[43482,"EPI - FAMILIA ALMOXARIFE - HORISTA (ENCARGOS COMPLEMENTARES - COLETADO CAIXA)                                                                                                                                                                                                                                                                                                                                                                                                                             ","H     ","C ","0,58"]
[43494,"EPI - FAMILIA ALMOXARIFE - MENSALISTA (ENCARGOS COMPLEMENTARES - COLETADO CAIXA)                                                                                                                                                                                                                                                                                                                                                                                                                          ","MES   ","C ","108,80"]
[43483,"EPI - FAMILIA CARPINTEIRO DE FORMAS - HORISTA (ENCARGOS COMPLEMENTARES - COLETADO CAIXA)                                                                                                                                                                                                                                                                                                                                                                                                                  ","H     ","C ","1,05"]
[43495,"EPI - FAMILIA CARPINTEIRO DE FORMAS - MENSALISTA (ENCARGOS COMPLEMENTARES - COLETADO CAIXA)                                                                                                                                                                                                                                                                                                                                                                                                               ","MES   ","C ","197,14"]
[43484,"EPI - FAMILIA ELETRICISTA - HORISTA (ENCARGOS COMPLEMENTARES - COLETADO CAIXA)                                                                                                                                                                                                                                                                                                                                                                                                                            ","H     ","C ","0,91"]
[43496,"EPI - FAMILIA ELETRICISTA - MENSALISTA (ENCARGOS COMPLEMENTARES - COLETADO CAIXA)                                                                                                                                                                                                                                                                                                                                                                                                                         ","MES   ","C ","171,87"]
[43485,"EPI - FAMILIA ENCANADOR - HORISTA (ENCARGOS COMPLEMENTARES - COLETADO CAIXA)                                                                                                                                                                                                                                                                                                                                                                                                                              ","H     ","C ","0,80"]
[43497,"EPI - FAMILIA ENCANADOR - MENSALISTA (ENCARGOS COMPLEMENTARES - COLETADO CAIXA)                                                                                                                                                                                                                                                                                                                                                                                                                           ","MES   ","C ","151,31"]
[43487,"EPI - FAMILIA ENCARREGADO GERAL - HORISTA (ENCARGOS COMPLEMENTARES - COLETADO CAIXA)                                                                                                                                                                                                                                                                                                                                                                                                                      ","H     ","C ","0,94"]
[43499,"EPI - FAMILIA ENCARREGADO GERAL - MENSALISTA (ENCARGOS COMPLEMENTARES - COLETADO CAIXA)                                                                                                                                                                                                                                                                                                                                                                                                                   ","MES   ","C ","177,24"]
[43486,"EPI - FAMILIA ENGENHEIRO CIVIL - HORISTA (ENCARGOS COMPLEMENTARES - COLETADO CAIXA)                                                                                                                                                                                                                                                                                                                                                                                                                       ","H     ","C ","0,55"]
[43498,"EPI - FAMILIA ENGENHEIRO CIVIL - MENSALISTA (ENCARGOS COMPLEMENTARES - COLETADO CAIXA)                                                                                                                                                                                                                                                                                                                                                                                                                    ","MES   ","C ","103,22"]
[43488,"EPI - FAMILIA OPERADOR ESCAVADEIRA - HORISTA (ENCARGOS COMPLEMENTARES - COLETADO CAIXA)                                                                                                                                                                                                                                                                                                                                                                                                                   ","H     ","C ","0,63"]
[43500,"EPI - FAMILIA OPERADOR ESCAVADEIRA - MENSALISTA (ENCARGOS COMPLEMENTARES - COLETADO CAIXA)                                                                                                                                                                                                                                                                                                                                                                                                                ","MES   ","C ","119,49"]
[43489,"EPI - FAMILIA PEDREIRO - HORISTA (ENCARGOS COMPLEMENTARES - COLETADO CAIXA)                                                                                                                                                                                                                                                                                                                                                                                                                               ","H     ","C ","0,95"]
[43501,"EPI - FAMILIA PEDREIRO - MENSALISTA (ENCARGOS COMPLEMENTARES - COLETADO CAIXA)                                                                                                                                                                                                                                                                                                                                                                                                                            ","MES   ","C ","178,44"]
[43490,"EPI - FAMILIA PINTOR - HORISTA (ENCARGOS COMPLEMENTARES - COLETADO CAIXA)                                                                                                                                                                                                                                                                                                                                                                                                                                 ","H     ","C ","1,33"]
[43502,"EPI - FAMILIA PINTOR - MENSALISTA (ENCARGOS COMPLEMENTARES - COLETADO CAIXA)                                                                                                                                                                                                                                                                                                                                                                                                                              ","MES   ","C ","250,26"]
[43491,"EPI - FAMILIA SERVENTE - HORISTA (ENCARGOS COMPLEMENTARES - COLETADO CAIXA)                                                                                                                                                                                                                                                                                                                                                                                                                               ","H     ","C ","1,01"]
[43503,"EPI - FAMILIA SERVENTE - MENSALISTA (ENCARGOS COMPLEMENTARES - COLETADO CAIXA)                                                                                                                                                                                                                                                                                                                                                                                                                            ","MES   ","C ","191,25"]
[43492,"EPI - FAMILIA SOLDADOR - HORISTA (ENCARGOS COMPLEMENTARES - COLETADO CAIXA)                                                                                                                                                                                                                                                                                                                                                                                                                               ","H     ","C ","1,30"]
[43504,"EPI - FAMILIA SOLDADOR - MENSALISTA (ENCARGOS COMPLEMENTARES - COLETADO CAIXA)                                                                                                                                                                                                                                                                                                                                                                                                                            ","MES   ","C ","244,54"]
[43493,"EPI - FAMILIA TOPOGRAFO - HORISTA (ENCARGOS COMPLEMENTARES - COLETADO CAIXA)                                                                                                                                                                                                                                                                                                                                                                                                                              ","H     ","C ","0,52"]
[43505,"EPI - FAMILIA TOPOGRAFO - MENSALISTA (ENCARGOS COMPLEMENTARES - COLETADO CAIXA)                                                                                                                                                                                                                                                                                                                                                                                                                           ","MES   ","C ","98,01"]
[37774,"EQUIPAMENTO DE LIMPEZA COMBINADO (VACUO/ALTA PRESSAO) 95% VACUO, TANQUE 7000 L, BOMBA 140 KGF/CM2 66 L/MIN COM MOTOR INDEPENDENTE A DIESEL DE 60 CV (INCLUI MONTAGEM, NAO INCLUI CAMINHAO)                                                                                                                                                                                                                                                                                                                ","UN    ","AS","249.038,01"]
[38630,"EQUIPAMENTO PARA DEMARCACAO DE FAIXAS DE TRAFEGO A FRIO, A SER MONTADO SOBRE CAMINHAO DE PBT MINIMO DE 9 T E DISTANCIA MINIMA ENTRE EIXOS DE 4,3 M, CAPACIDADE PARA 800 L DE TINTA (INCLUI MONTAGEM, NAO INCLUI CAMINHAO)                                                                                                                                                                                                                                                                                 ","UN    ","AS","1.746.751,95"]
[38629,"EQUIPAMENTO PARA DEMARCACAO DE FAIXAS DE TRAFEGO A QUENTE, A SER MONTADO SOBRE CAMINHAO DE PBT MINIMO DE 17 T E DISTANCIA MINIMA ENTRE EIXOS DE 5,2 M, CAPACIDADE PARA 1.000 KG DE MATERIAL TERMOPLASTICO (INCLUI MONTAGEM, NAO INCLUI CAMINHAO E NEM COMPRESSOR DE AR)                                                                                                                                                                                                                                   ","UN    ","AS","2.600.126,95"]
[38476,"ESCADA DUPLA DE ABRIR EM ALUMINIO, MODELO PINTOR, 8 DEGRAUS                                                                                                                                                                                                                                                                                                                                                                                                                                               ","UN    ","CR","279,27"]
[38477,"ESCADA EXTENSIVEL EM ALUMINIO COM 6,00 M ESTENDIDA                                                                                                                                                                                                                                                                                                                                                                                                                                                        ","UN    ","CR","790,91"]
[40635,"ESCAVADEIRA HIDRAULICA SOBRE ESTEIRA, COM GARRA GIRATORIA DE MANDIBULAS, PESO OPERACIONAL ENTRE 22,00 E 25,50 TON, POTENCIA LIQUIDA ENTRE 150 E 160 HP                                                                                                                                                                                                                                                                                                                                                    ","UN    ","AS","674.204,75"]
[36483,"ESCAVADEIRA HIDRAULICA SOBRE ESTEIRAS CACAMBA 0,40 A 1,20 M3, PESO OPERACIONAL 21,19 T, POTENCIA LIQUIDA 173 HP                                                                                                                                                                                                                                                                                                                                                                                           ","UN    ","AS","610.937,50"]
[14525,"ESCAVADEIRA HIDRAULICA SOBRE ESTEIRAS COM CACAMBA DE 1,20 M3, PESO OPERACIONAL 21 T, POTENCIA BRUTA 155 HP                                                                                                                                                                                                                                                                                                                                                                                                ","UN    ","AS","639.687,50"]
[36482,"ESCAVADEIRA HIDRAULICA SOBRE ESTEIRAS, CACAMBA  0,80 M3, PESO OPERACIONAL 17,8 T, POTENCIA LIQUIDA 110 HP                                                                                                                                                                                                                                                                                                                                                                                                 ","UN    ","AS","548.621,12"]
[36408,"ESCAVADEIRA HIDRAULICA SOBRE ESTEIRAS, CACAMBA 0,4 A 1,70 M3, PESO OPERACIONAL 23,2 T, POTENCIA BRUTA 183 HP                                                                                                                                                                                                                                                                                                                                                                                              ","UN    ","AS","655.500,00"]
[2723,"ESCAVADEIRA HIDRAULICA SOBRE ESTEIRAS, CACAMBA 0,62M3, PESO OPERACIONAL 12,61T, POTENCIA LIQUIDA 95HP                                                                                                                                                                                                                                                                                                                                                                                                     ","UN    ","AS","503.125,00"]
[36481,"ESCAVADEIRA HIDRAULICA SOBRE ESTEIRAS, CACAMBA 0,80 A 1,30 M3, PESO OPERACIONAL 22,18 T, POTENCIA LIQUIDA 170 HP                                                                                                                                                                                                                                                                                                                                                                                          ","UN    ","AS","600.156,25"]
[10685,"ESCAVADEIRA HIDRAULICA SOBRE ESTEIRAS, CACAMBA 0,80M3, PESO OPERACIONAL 17T, POTENCIA BRUTA 111HP                                                                                                                                                                                                                                                                                                                                                                                                         ","UN    ","AS","575.000,00"]
[40636,"ESCAVADEIRA HIDRAULICA SOBRE ESTEIRAS, CAPACIDADE DA CACAMBA ENTRE 1,20 E 1,50 M3, PESO OPERACIONAL ENTRE 20,00 E 22,00 TON, POTENCIA LIQUIDA ENTRE 150 E 155 HP, EQUIPADA COM CLAMSHELL                                                                                                                                                                                                                                                                                                                  ","UN    ","AS","649.048,50"]
[4111,"ESCORA PRE-MOLDADA EM CONCRETO, *10 X 10* CM, H = 2,30M                                                                                                                                                                                                                                                                                                                                                                                                                                                   ","UN    ","CR","45,37"]
[26021,"ESCOVA CIRCULAR EM ACO LATONADO, 6 X 1 \" (DIAMETRO X ESPESSURA), FURO DE 1 1/4 \", FIO ONDULADO *0,30* MM                                                                                                                                                                                                                                                                                                                                                                                                  ","UN    ","CR","45,52"]
[12,"ESCOVA DE ACO, COM CABO, *4  X 15* FILEIRAS DE CERDAS                                                                                                                                                                                                                                                                                                                                                                                                                                                     ","UN    ","C ","7,50"]
[37554,"ESGUICHO JATO REGULAVEL, TIPO ELKHART, ENGATE RAPIDO 1 1/2\", PARA COMBATE A INCENDIO                                                                                                                                                                                                                                                                                                                                                                                                                      ","UN    ","CR","258,36"]
[37555,"ESGUICHO JATO REGULAVEL, TIPO ELKHART, ENGATE RAPIDO 2 1/2\", PARA COMBATE A INCENDIO                                                                                                                                                                                                                                                                                                                                                                                                                      ","UN    ","CR","314,28"]
[10902,"ESGUICHO TIPO JATO SOLIDO, EM LATAO, ENGATE RAPIDO 1 1/2\" X 13 MM, PARA MANGUEIRA EM INSTALACAO PREDIAL COMBATE A INCENDIO                                                                                                                                                                                                                                                                                                                                                                                ","UN    ","CR","78,86"]
[20965,"ESGUICHO TIPO JATO SOLIDO, EM LATAO, ENGATE RAPIDO 1 1/2\" X 16 MM, PARA MANGUEIRA EM INSTALACAO PREDIAL COMBATE A INCENDIO                                                                                                                                                                                                                                                                                                                                                                                ","UN    ","CR","79,59"]
[20966,"ESGUICHO TIPO JATO SOLIDO, EM LATAO, ENGATE RAPIDO 1 1/2\" X 19 MM, PARA MANGUEIRA EM INSTALACAO PREDIAL COMBATE A INCENDIO                                                                                                                                                                                                                                                                                                                                                                                ","UN    ","CR","85,70"]
[10903,"ESGUICHO TIPO JATO SOLIDO, EM LATAO, ENGATE RAPIDO 2 1/2\" X 13 MM, PARA MANGUEIRA EM INSTALACAO PREDIAL COMBATE A INCENDIO                                                                                                                                                                                                                                                                                                                                                                                ","UN    ","CR","129,90"]
[20967,"ESGUICHO TIPO JATO SOLIDO, EM LATAO, ENGATE RAPIDO 2 1/2\" X 16 MM, PARA MANGUEIRA EM INSTALACAO PREDIAL COMBATE A INCENDIO                                                                                                                                                                                                                                                                                                                                                                                ","UN    ","CR","129,90"]
[20968,"ESGUICHO TIPO JATO SOLIDO, EM LATAO, ENGATE RAPIDO 2 1/2\" X 19 MM, PARA MANGUEIRA EM INSTALACAO PREDIAL COMBATE A INCENDIO                                                                                                                                                                                                                                                                                                                                                                                ","UN    ","CR","142,47"]
[11359,"ESMERILHADEIRA ANGULAR ELETRICA, DIAMETRO DO DISCO 7 '' (180 MM), ROTACAO 8500 RPM, POTENCIA 2400 W                                                                                                                                                                                                                                                                                                                                                                                                       ","UN    ","C ","840,50"]
[39017,"ESPACADOR / DISTANCIADOR CIRCULAR COM ENTRADA LATERAL, EM PLASTICO, PARA VERGALHAO *4,2 A 12,5* MM, COBRIMENTO 20 MM                                                                                                                                                                                                                                                                                                                                                                                      ","UN    ","AS","0,21"]
[39315,"ESPACADOR / DISTANCIADOR TIPO GARRA DUPLA, EM PLASTICO, COBRIMENTO *20* MM, PARA FERRAGENS DE LAJES E FUNDO DE VIGAS                                                                                                                                                                                                                                                                                                                                                                                      ","UN    ","AS","0,34"]
[39016,"ESPACADOR / DISTANCIADOR TIPO PINO EM PLASTICO, PARA VERGALHAO ATE 10 MM, PARA APOIO DE ARMADURA                                                                                                                                                                                                                                                                                                                                                                                                          ","UN    ","AS","0,34"]
[40432,"ESPACADOR / SEPARADOR DE BARRA , METALICO, TIPO CARAMBOLA, PARA TIRANTES, 25 X 84 MM                                                                                                                                                                                                                                                                                                                                                                                                                      ","UN    ","AS","2,68"]
[39481,"ESPACADOR OU DISTANCIADOR, EM PLASTICO, TIPO APOIO DE CORDOALHA (CARANGUEJO), PARA ARMADURA NEGATIVA E PROTENSAO, COBRIMENTO 50 MM                                                                                                                                                                                                                                                                                                                                                                        ","UN    ","AS","1,68"]
[40433,"ESPACADOR/SEPARADOR DE CORDOALHA TIPO DISCO 12 FUROS DE 14 MM, PARA TIRANTES                                                                                                                                                                                                                                                                                                                                                                                                                              ","UN    ","AS","1,49"]
[20219,"ESPARGIDOR DE ASFALTO PRESSURIZADO, REBOCAVEL, TANQUE DE 2500 L, PNEUMATICO,  COM MOTOR A GASOLINA 3,4HP                                                                                                                                                                                                                                                                                                                                                                                                  ","UN    ","AS","104.300,00"]
[36484,"ESPARGIDOR DE ASFALTO PRESSURIZADO, TANQUE 6 M3 COM ISOLACAO TERMICA, AQUECIDO COM 2 MACARICOS, COM BARRA ESPARGIDORA 3,60 M, A SER MONTADO SOBRE CAMINHAO                                                                                                                                                                                                                                                                                                                                                ","UN    ","AS","221.409,90"]
[38367,"ESPATULA DE ACO INOX COM CABO DE MADEIRA, LARGURA 8 CM                                                                                                                                                                                                                                                                                                                                                                                                                                                    ","UN    ","CR","15,00"]
[38368,"ESPATULA DE PLASTICO LISA, LARGURA 10 CM                                                                                                                                                                                                                                                                                                                                                                                                                                                                  ","UN    ","CR","5,93"]
[38091,"ESPELHO / PLACA CEGA 4\" X 2\", PARA INSTALACAO DE TOMADAS E INTERRUPTORES                                                                                                                                                                                                                                                                                                                                                                                                                                  ","UN    ","CR","2,50"]
[38095,"ESPELHO / PLACA CEGA 4\" X 4\", PARA INSTALACAO DE TOMADAS E INTERRUPTORES                                                                                                                                                                                                                                                                                                                                                                                                                                  ","UN    ","CR","5,30"]
[38092,"ESPELHO / PLACA DE 1 POSTO 4\" X 2\", PARA INSTALACAO DE TOMADAS E INTERRUPTORES                                                                                                                                                                                                                                                                                                                                                                                                                            ","UN    ","CR","2,37"]
[38093,"ESPELHO / PLACA DE 2 POSTOS 4\" X 2\", PARA INSTALACAO DE TOMADAS E INTERRUPTORES                                                                                                                                                                                                                                                                                                                                                                                                                           ","UN    ","CR","2,46"]
[38096,"ESPELHO / PLACA DE 2 POSTOS 4\" X 4\", PARA INSTALACAO DE TOMADAS E INTERRUPTORES                                                                                                                                                                                                                                                                                                                                                                                                                           ","UN    ","CR","5,70"]
[38094,"ESPELHO / PLACA DE 3 POSTOS 4\" X 2\", PARA INSTALACAO DE TOMADAS E INTERRUPTORES                                                                                                                                                                                                                                                                                                                                                                                                                           ","UN    ","CR","3,01"]
[38097,"ESPELHO / PLACA DE 4 POSTOS 4\" X 4\", PARA INSTALACAO DE TOMADAS E INTERRUPTORES                                                                                                                                                                                                                                                                                                                                                                                                                           ","UN    ","CR","6,11"]
[38098,"ESPELHO / PLACA DE 6 POSTOS 4\" X 4\", PARA INSTALACAO DE TOMADAS E INTERRUPTORES                                                                                                                                                                                                                                                                                                                                                                                                                           ","UN    ","CR","6,11"]
[11186,"ESPELHO CRISTAL E = 4 MM                                                                                                                                                                                                                                                                                                                                                                                                                                                                                  ","M2    ","CR","477,58"]
[11558,"ESPELHO, RETO OU CURVO, EM LATAO CROMADO, ESPESSURA ATE 6 MM, LARGURA *40*MM, ALTURA *180*MM - PARA FECHADURA DE EMBUTIR                                                                                                                                                                                                                                                                                                                                                                                  ","PAR   ","CR","11,47"]
[11557,"ESPELHO, RETO OU CURVO, EM LATAO CROMADO, ESPESSURA MINIMA 6 MM, LARGURA *43*MM, ALTURA *230*MM - PARA FECHADURA DE EMBUTIR                                                                                                                                                                                                                                                                                                                                                                               ","PAR   ","CR","29,03"]
[2759,"ESPOLETA SIMPLES N 8.                                                                                                                                                                                                                                                                                                                                                                                                                                                                                     ","UN    ","AS","8,60"]
[38124,"ESPUMA EXPANSIVA DE POLIURETANO, APLICACAO MANUAL - 500 ML                                                                                                                                                                                                                                                                                                                                                                                                                                                ","UN    ","C ","25,00"]
[38380,"ESQUADRO DE ACO 12 \" (300 MM), CABO DE ALUMINIO                                                                                                                                                                                                                                                                                                                                                                                                                                                           ","UN    ","CR","23,84"]
[20059,"ESQUADRO INTERNO OU EXTERNO PARA CALHA PLUVIAL, PVC, DIAMETRO ENTRE 119 E 170 MM, PARA DRENAGEM PREDIAL                                                                                                                                                                                                                                                                                                                                                                                                   ","UN    ","AS","16,75"]
[42429,"ESQUI TRIPLO, EM TUBO DE ACO CARBONO, PINTURA NO PROCESSO ELETROSTATICO - EQUIPAMENTO DE GINASTICA PARA ACADEMIA AO AR LIVRE / ACADEMIA DA TERCEIRA IDADE - ATI                                                                                                                                                                                                                                                                                                                                           ","UN    ","AS","4.616,32"]
[39616,"ESTABILIZADOR BIVOLT AUTOMATICO, 1000 VA                                                                                                                                                                                                                                                                                                                                                                                                                                                                  ","UN    ","C ","425,90"]
[39618,"ESTABILIZADOR BIVOLT AUTOMATICO, 1500 VA                                                                                                                                                                                                                                                                                                                                                                                                                                                                  ","UN    ","CR","772,51"]
[39619,"ESTABILIZADOR BIVOLT AUTOMATICO, 2000 VA                                                                                                                                                                                                                                                                                                                                                                                                                                                                  ","UN    ","CR","1.058,02"]
[39613,"ESTABILIZADOR BIVOLT AUTOMATICO, 300 VA                                                                                                                                                                                                                                                                                                                                                                                                                                                                   ","UN    ","CR","169,18"]
[39614,"ESTABILIZADOR BIVOLT AUTOMATICO, 500 VA                                                                                                                                                                                                                                                                                                                                                                                                                                                                   ","UN    ","CR","246,81"]
[38538,"ESTACA PRE-MOLDADA MACICA DE CONCRETO VIBRADO ARMADO, PARA CARGA DE 25 T, SECAO QUADRADA DE *16 X 16*, COM ANEL METALICO INCORPORADO A PECA (SOMENTE FORNECIMENTO)                                                                                                                                                                                                                                                                                                                                        ","M     ","AS","56,50"]
[38539,"ESTACA PRE-MOLDADA MACICA DE CONCRETO VIBRADO ARMADO, PARA CARGA DE 50 T, SECAO QUADRADA, COM ANEL METALICO INCORPORADO A PECA (SOMENTE FORNECIMENTO)                                                                                                                                                                                                                                                                                                                                                     ","M     ","AS","76,83"]
[38540,"ESTACA PRE-MOLDADA VAZADA DE CONCRETO CENTRIFUGADO, PARA CARGA DE 100 T, SECAO CIRCULAR, COM ANEL METALICO INCORPORADO A PECA (SOMENTE FORNECIMENTO)                                                                                                                                                                                                                                                                                                                                                      ","M     ","AS","196,90"]
[38384,"ESTILETE DE METAL, LAMINA 18 MM                                                                                                                                                                                                                                                                                                                                                                                                                                                                           ","UN    ","CR","15,38"]
[13,"ESTOPA                                                                                                                                                                                                                                                                                                                                                                                                                                                                                                    ","KG    ","CR","11,54"]
[2762,"ESTOPIM SIMPLES                                                                                                                                                                                                                                                                                                                                                                                                                                                                                           ","M     ","AS","10,75"]
[21142,"ESTRIBO COM PARAFUSO EM CHAPA DE FERRO FUNDIDO DE 2\" X 3/16\" X 35 CM, SECAO \"U\", PARA MADEIRAMENTO DE TELHADO                                                                                                                                                                                                                                                                                                                                                                                             ","UN    ","CR","35,35"]
[4223,"ETANOL                                                                                                                                                                                                                                                                                                                                                                                                                                                                                                    ","L     ","C ","5,53"]
[37372,"EXAMES - HORISTA (COLETADO CAIXA)                                                                                                                                                                                                                                                                                                                                                                                                                                                                         ","H     ","C ","0,55"]
[40863,"EXAMES - MENSALISTA (COLETADO CAIXA)                                                                                                                                                                                                                                                                                                                                                                                                                                                                      ","MES   ","C ","103,70"]
[38475,"EXTENSAO DE SOLDA 201 ACETILENO, E = *1,5 A 2,5* MM                                                                                                                                                                                                                                                                                                                                                                                                                                                       ","UN    ","CR","27,65"]
[38474,"EXTENSAO DE SOLDA 201 GLP, E = *2,5 A 4,0* MM                                                                                                                                                                                                                                                                                                                                                                                                                                                             ","UN    ","CR","34,18"]
[10886,"EXTINTOR DE INCENDIO PORTATIL COM CARGA DE AGUA PRESSURIZADA DE 10 L, CLASSE A                                                                                                                                                                                                                                                                                                                                                                                                                            ","UN    ","CR","192,50"]
[10888,"EXTINTOR DE INCENDIO PORTATIL COM CARGA DE GAS CARBONICO CO2 DE 4 KG, CLASSE BC                                                                                                                                                                                                                                                                                                                                                                                                                           ","UN    ","CR","609,23"]
[10889,"EXTINTOR DE INCENDIO PORTATIL COM CARGA DE GAS CARBONICO CO2 DE 6 KG, CLASSE BC                                                                                                                                                                                                                                                                                                                                                                                                                           ","UN    ","CR","660,00"]
[10890,"EXTINTOR DE INCENDIO PORTATIL COM CARGA DE PO QUIMICO SECO (PQS) DE 12 KG, CLASSE BC                                                                                                                                                                                                                                                                                                                                                                                                                      ","UN    ","CR","304,61"]
[10891,"EXTINTOR DE INCENDIO PORTATIL COM CARGA DE PO QUIMICO SECO (PQS) DE 4 KG, CLASSE BC                                                                                                                                                                                                                                                                                                                                                                                                                       ","UN    ","CR","186,15"]
[10892,"EXTINTOR DE INCENDIO PORTATIL COM CARGA DE PO QUIMICO SECO (PQS) DE 6 KG, CLASSE BC                                                                                                                                                                                                                                                                                                                                                                                                                       ","UN    ","C ","220,00"]
[20977,"EXTINTOR DE INCENDIO PORTATIL COM CARGA DE PO QUIMICO SECO (PQS) DE 8 KG, CLASSE BC                                                                                                                                                                                                                                                                                                                                                                                                                       ","UN    ","CR","262,30"]
[3073,"EXTREMIDADE PVC PBA, BF, JE, DN 100/ DE 110 MM (NBR 10351)                                                                                                                                                                                                                                                                                                                                                                                                                                                ","UN    ","AS","224,57"]
[3068,"EXTREMIDADE PVC PBA, BF, JE, DN 50 / DE 60 MM (NBR 10351)                                                                                                                                                                                                                                                                                                                                                                                                                                                 ","UN    ","AS","44,89"]
[3074,"EXTREMIDADE PVC PBA, BF, JE, DN 75/ DE 85 MM (NBR 10351)                                                                                                                                                                                                                                                                                                                                                                                                                                                  ","UN    ","AS","141,78"]
[3076,"EXTREMIDADE PVC PBA, PF, JE, DN 100 / DE 110 MM (NBR 10351)                                                                                                                                                                                                                                                                                                                                                                                                                                               ","UN    ","AS","184,62"]
[3072,"EXTREMIDADE PVC PBA, PF, JE, DN 50/ DE 60 MM (NBR 10351)                                                                                                                                                                                                                                                                                                                                                                                                                                                  ","UN    ","AS","46,51"]
[3075,"EXTREMIDADE PVC PBA, PF, JE, DN 75 / DE 85 MM (NBR 10351)                                                                                                                                                                                                                                                                                                                                                                                                                                                 ","UN    ","AS","116,67"]
[10780,"EXTREMIDADE/TUBETE PARA HIDROMETRO PVC, COM ROSCA, CURTA, COM BUCHA LATAO, 1/2\"                                                                                                                                                                                                                                                                                                                                                                                                                           ","UN    ","AS","9,86"]
[10781,"EXTREMIDADE/TUBETE PARA HIDROMETRO PVC, COM ROSCA, CURTA, COM BUCHA LATAO, 3/4\"                                                                                                                                                                                                                                                                                                                                                                                                                           ","UN    ","AS","15,82"]
[20106,"EXTREMIDADE/TUBETE PARA HIDROMETRO PVC, COM ROSCA, CURTA, SEM BUCHA LATAO, 1/2\"                                                                                                                                                                                                                                                                                                                                                                                                                           ","UN    ","AS","5,21"]
[20107,"EXTREMIDADE/TUBETE PARA HIDROMETRO PVC, COM ROSCA, CURTA, SEM BUCHA LATAO, 3/4\"                                                                                                                                                                                                                                                                                                                                                                                                                           ","UN    ","AS","5,97"]
[20108,"EXTREMIDADE/TUBETE PARA HIDROMETRO PVC, COM ROSCA, LONGA, SEM BUCHA LATAO, 1/2\"                                                                                                                                                                                                                                                                                                                                                                                                                           ","UN    ","AS","7,88"]
[20109,"EXTREMIDADE/TUBETE PARA HIDROMETRO PVC, COM ROSCA, LONGA, SEM BUCHA LATAO, 3/4\"                                                                                                                                                                                                                                                                                                                                                                                                                           ","UN    ","AS","9,86"]
[43612,"FECHADRUA BICO DE PAPAGAIO PARA PORTA DE CORRER EXTERNA, EM ACO INOX COM ACABAMENTO CROMADO, MAQUINA COM 45 MM, INCLUINDO CHAVE TIPO CILINDRO                                                                                                                                                                                                                                                                                                                                                             ","CJ    ","CR","71,04"]
[43613,"FECHADRUA BICO DE PAPAGAIO PARA PORTA DE CORRER INTERNA, EM ACO INOX COM ACABAMENTO CROMADO, MAQUINA COM 45 MM, INCLUINDO CHAVE TIPO BIPARTIDA                                                                                                                                                                                                                                                                                                                                                            ","CJ    ","CR","58,81"]
[11480,"FECHADURA AUXILIAR DE SEGURANCA PARA PORTA EXTERNA, EM ACO INOX, BROCA DE 45 A 55 MM, LINGUETA COM 3 AVANCOS, INCLUINDO 2 CHAVES TIPO CILINDRO                                                                                                                                                                                                                                                                                                                                                            ","CJ    ","CR","90,26"]
[11469,"FECHADURA DE EMBUTIR PARA GAVETA E MOVEIS DE MADEIRA, EM ACO INOX COM ACABAMENTO CROMADO, COM ABAS LATERAIS, CILINDRO COM 22 MM DE DIAMETRO, INCLUINDO CHAVE COM PERFIL METALICO E CAPA ESCAMOTEAVEL                                                                                                                                                                                                                                                                                                      ","UN    ","CR","9,63"]
[11468,"FECHADURA DE SOBREPOR PARA GAVETAS E ARMARIOS, EM ACO INOX COM ACABAMENTO CROMADO, COM CILINDRO DE APROX 20 MM                                                                                                                                                                                                                                                                                                                                                                                            ","UN    ","CR","9,64"]
[11484,"FECHADURA DE SOBREPOR PARA PORTAO, EM ACO INOX COM ACABAMENTO CROMADO, CAIXA DE 100 MM, INCLUINDO CHAVE TIPO CILINDRO                                                                                                                                                                                                                                                                                                                                                                                     ","UN    ","CR","42,34"]
[38155,"FECHADURA DE SOBREPOR PARA PORTAO, EM ACO INOX COM ACABAMENTO CROMADO, CAIXA DE 100 MM, INCLUINDO CHAVE TIPO TETRA                                                                                                                                                                                                                                                                                                                                                                                        ","UN    ","CR","65,74"]
[11467,"FECHADURA DE SOBREPOR TIPO CAIXAO, EM FERRO COM ACABAMENTO RESINADO, SEM MACANETA, SEM CILINDRO, INCLUINDO CHAVE TIPO SIMPLES                                                                                                                                                                                                                                                                                                                                                                             ","UN    ","CR","15,02"]
[38153,"FECHADURA ESPELHO PARA PORTA DE BANHEIRO, EM ACO INOX (MAQUINA, TESTA E CONTRA-TESTA) E EM ZAMAC (MACANETA, LINGUETA E TRINCOS) COM ACABAMENTO CROMADO, MAQUINA DE 40 MM, INCLUINDO CHAVE TIPO TRANQUETA                                                                                                                                                                                                                                                                                                  ","CJ    ","CR","38,37"]
[43607,"FECHADURA ESPELHO PARA PORTA DE BANHEIRO, EM ACO INOX (MAQUINA, TESTA E CONTRA-TESTA) E EM ZAMAC (MACANETA, LINGUETA E TRINCOS) COM ACABAMENTO CROMADO, MAQUINA DE 55 MM, INCLUINDO CHAVE TIPO TRANQUETA  (CONJUNTO DE FECHADURAS)                                                                                                                                                                                                                                                                        ","CJ    ","CR","72,58"]
[3080,"FECHADURA ESPELHO PARA PORTA EXTERNA, EM ACO INOX (MAQUINA, TESTA E CONTRA-TESTA) E EM ZAMAC (MACANETA, LINGUETA E TRINCOS) COM ACABAMENTO CROMADO, MAQUINA DE 40 MM, INCLUINDO CHAVE TIPO CILINDRO                                                                                                                                                                                                                                                                                                       ","CJ    ","C ","48,80"]
[3081,"FECHADURA ESPELHO PARA PORTA EXTERNA, EM ACO INOX (MAQUINA, TESTA E CONTRA-TESTA) E EM ZAMAC (MACANETA, LINGUETA E TRINCOS) COM ACABAMENTO CROMADO, MAQUINA DE 55 MM, INCLUINDO CHAVE TIPO CILINDRO                                                                                                                                                                                                                                                                                                       ","CJ    ","CR","96,55"]
[3090,"FECHADURA ESPELHO PARA PORTA INTERNA, EM ACO INOX (MAQUINA, TESTA E CONTRA-TESTA) E EM ZAMAC (MACANETA, LINGUETA E TRINCOS) COM ACABAMENTO CROMADO, MAQUINA DE 40 MM, INCLUINDO CHAVE TIPO INTERNA                                                                                                                                                                                                                                                                                                        ","CJ    ","CR","43,55"]
[43611,"FECHADURA ESPELHO PARA PORTA INTERNA, EM ACO INOX (MAQUINA, TESTA E CONTRA-TESTA) E EM ZAMAC (MACANETA, LINGUETA E TRINCOS) COM ACABAMENTO CROMADO, MAQUINA DE 55 MM, INCLUINDO CHAVE TIPO INTERNA                                                                                                                                                                                                                                                                                                        ","CJ    ","CR","72,27"]
[3103,"FECHADURA PARA PORTA PIVOTANTE DE VIDRO TEMPERADO, EM ACO INOX COM ACABAMENTO CROMADO, RECORTE PADRAO SANTA MARINA, COM CILINDRO EM LATAO, INCLUINDO CHAVE TIPO CILINDRO                                                                                                                                                                                                                                                                                                                                  ","UN    ","CR","36,11"]
[3097,"FECHADURA ROSETA REDONDA PARA PORTA DE BANHEIRO, EM ACO INOX (MAQUINA, TESTA E CONTRA-TESTA) E EM ZAMAC (MACANETA, LINGUETA E TRINCOS) COM ACABAMENTO CROMADO, MAQUINA DE 40 MM, INCLUINDO CHAVE TIPO TRANQUETA                                                                                                                                                                                                                                                                                           ","CJ    ","CR","54,64"]
[3099,"FECHADURA ROSETA REDONDA PARA PORTA DE BANHEIRO, EM ACO INOX (MAQUINA, TESTA E CONTRA-TESTA) E EM ZAMAC (MACANETA, LINGUETA E TRINCOS) COM ACABAMENTO CROMADO, MAQUINA DE 55 MM, INCLUINDO CHAVE TIPO TRANQUETA                                                                                                                                                                                                                                                                                           ","CJ    ","CR","87,49"]
[38151,"FECHADURA ROSETA REDONDA PARA PORTA EXTERNA, EM ACO INOX (MAQUINA, TESTA E CONTRA-TESTA) E EM ZAMAC (MACANETA, LINGUETA E TRINCOS) COM ACABAMENTO CROMADO, MAQUINA DE 40 MM, INCLUINDO CHAVE TIPO CILINDRO                                                                                                                                                                                                                                                                                                ","CJ    ","CR","63,42"]
[38152,"FECHADURA ROSETA REDONDA PARA PORTA EXTERNA, EM ACO INOX (MAQUINA, TESTA E CONTRA-TESTA) E EM ZAMAC (MACANETA, LINGUETA E TRINCOS) COM ACABAMENTO CROMADO, MAQUINA DE 55 MM, INCLUINDO CHAVE TIPO CILINDRO                                                                                                                                                                                                                                                                                                ","CJ    ","CR","102,31"]
[43610,"FECHADURA ROSETA REDONDA PARA PORTA INTERNA, EM ACO INOX (MAQUINA, TESTA E CONTRA-TESTA) E EM ZAMAC (MACANETA, LINGUETA E TRINCOS) COM ACABAMENTO CROMADO, MAQUINA DE 40 MM, INCLUINDO CHAVE TIPO INTERNA (CONJUNTO DE FECHADURAS)                                                                                                                                                                                                                                                                        ","CJ    ","CR","54,21"]
[3093,"FECHADURA ROSETA REDONDA PARA PORTA INTERNA, EM ACO INOX (MAQUINA, TESTA E CONTRA-TESTA) E EM ZAMAC (MACANETA, LINGUETA E TRINCOS) COM ACABAMENTO CROMADO, MAQUINA DE 55 MM, INCLUINDO CHAVE TIPO INTERNA                                                                                                                                                                                                                                                                                                 ","CJ    ","CR","87,49"]
[38165,"FECHO / FECHADURA COM PUXADOR CONCHA, COM TRANCA TIPO TRAVA, PARA JANELA / PORTA DE CORRER (INCLUI TESTA, FECHADURA, PUXADOR) - COMPLETA                                                                                                                                                                                                                                                                                                                                                                  ","CJ    ","CR","55,17"]
[38177,"FECHO / TRINCO TIPO AVIAO, EM ZAMAC CROMADO, *60* MM, PARA JANELAS - INCLUI PARAFUSOS                                                                                                                                                                                                                                                                                                                                                                                                                     ","UN    ","CR","16,39"]
[11458,"FECHO DE SEGURANCA, TIPO BATOM, EM LATAO / ZAMAC, CROMADO, PARA PORTAS E JANELAS - INCLUI PARAFUSOS                                                                                                                                                                                                                                                                                                                                                                                                       ","UN    ","CR","19,57"]
[3108,"FECHO QUEBRA UNHA, EM LATAO COM ACABAMENTO CROMADO, DE EMBUTIR, COM COMANDO ALAVANCA, ALTURA DE DE 22 CM, LARGURA MINIMA DE 1,90 CM E ESPESSURA MINIMA DE 1,90 MM, PARA PORTAS E JANELAS (INCLUI PARAFUSOS)                                                                                                                                                                                                                                                                                               ","UN    ","CR","83,21"]
[3105,"FECHO QUEBRA UNHA, EM LATAO COM ACABAMENTO CROMADO, DE EMBUTIR, COM COMANDO ALAVANCA, ALTURA DE DE 40 CM, LARGURA MINIMA DE 1,90 CM E ESPESSURA MINIMA DE 1,90 MM, PARA PORTAS E JANELAS (INCLUI PARAFUSOS)                                                                                                                                                                                                                                                                                               ","UN    ","CR","108,83"]
[38178,"FECHO QUEBRA UNHA, EM LATAO COM ACABAMENTO CROMADO, DE EMBUTIR, COM COMANDO DESLIZANTE, ALTURA DE 12 CM, LARGURA MINIMA DE 1,90 CM E ESPESSURA MINIMA DE 1,90 MM                                                                                                                                                                                                                                                                                                                                          ","UN    ","CR","18,04"]
[43575,"FECHO QUEBRA UNHA, EM LATAO COM ACABAMENTO CROMADO, DE EMBUTIR, COM COMANDO DESLIZANTE, ALTURA DE 22 CM, LARGURA MINIMA DE 1,90 CM E ESPESSURA MINIMA DE 1,90 MM                                                                                                                                                                                                                                                                                                                                          ","UN    ","CR","39,08"]
[43577,"FECHO QUEBRA UNHA, EM LATAO COM ACABAMENTO CROMADO, DE EMBUTIR, COM COMANDO DESLIZANTE, ALTURA DE 40 CM, LARGURA MINIMA DE 1,90 CM E ESPESSURA MINIMA DE 1,90 MM                                                                                                                                                                                                                                                                                                                                          ","UN    ","CR","67,95"]
[43458,"FERRAMENTAS - FAMILIA ALMOXARIFE - HORISTA (ENCARGOS COMPLEMENTARES - COLETADO CAIXA)                                                                                                                                                                                                                                                                                                                                                                                                                     ","H     ","C ","0,04"]
[43470,"FERRAMENTAS - FAMILIA ALMOXARIFE - MENSALISTA (ENCARGOS COMPLEMENTARES - COLETADO CAIXA)                                                                                                                                                                                                                                                                                                                                                                                                                  ","MES   ","C ","7,90"]
[43459,"FERRAMENTAS - FAMILIA CARPINTEIRO DE FORMAS - HORISTA (ENCARGOS COMPLEMENTARES - COLETADO CAIXA)                                                                                                                                                                                                                                                                                                                                                                                                          ","H     ","C ","0,38"]
[43471,"FERRAMENTAS - FAMILIA CARPINTEIRO DE FORMAS - MENSALISTA (ENCARGOS COMPLEMENTARES - COLETADO CAIXA)                                                                                                                                                                                                                                                                                                                                                                                                       ","MES   ","C ","71,44"]
[43460,"FERRAMENTAS - FAMILIA ELETRICISTA - HORISTA (ENCARGOS COMPLEMENTARES - COLETADO CAIXA)                                                                                                                                                                                                                                                                                                                                                                                                                    ","H     ","C ","0,62"]
[43472,"FERRAMENTAS - FAMILIA ELETRICISTA - MENSALISTA (ENCARGOS COMPLEMENTARES - COLETADO CAIXA)                                                                                                                                                                                                                                                                                                                                                                                                                 ","MES   ","C ","117,38"]
[43461,"FERRAMENTAS - FAMILIA ENCANADOR - HORISTA (ENCARGOS COMPLEMENTARES - COLETADO CAIXA)                                                                                                                                                                                                                                                                                                                                                                                                                      ","H     ","C ","0,28"]
[43473,"FERRAMENTAS - FAMILIA ENCANADOR - MENSALISTA (ENCARGOS COMPLEMENTARES - COLETADO CAIXA)                                                                                                                                                                                                                                                                                                                                                                                                                   ","MES   ","C ","53,34"]
[43463,"FERRAMENTAS - FAMILIA ENCARREGADO GERAL - HORISTA (ENCARGOS COMPLEMENTARES - COLETADO CAIXA)                                                                                                                                                                                                                                                                                                                                                                                                              ","H     ","C ","0,08"]
[43475,"FERRAMENTAS - FAMILIA ENCARREGADO GERAL - MENSALISTA (ENCARGOS COMPLEMENTARES - COLETADO CAIXA)                                                                                                                                                                                                                                                                                                                                                                                                           ","MES   ","C ","14,97"]
[43462,"FERRAMENTAS - FAMILIA ENGENHEIRO CIVIL - HORISTA (ENCARGOS COMPLEMENTARES - COLETADO CAIXA)                                                                                                                                                                                                                                                                                                                                                                                                               ","H     ","C ","0,01"]
[43474,"FERRAMENTAS - FAMILIA ENGENHEIRO CIVIL - MENSALISTA (ENCARGOS COMPLEMENTARES - COLETADO CAIXA)                                                                                                                                                                                                                                                                                                                                                                                                            ","MES   ","C ","1,60"]
[43464,"FERRAMENTAS - FAMILIA OPERADOR ESCAVADEIRA - HORISTA (ENCARGOS COMPLEMENTARES - COLETADO CAIXA)                                                                                                                                                                                                                                                                                                                                                                                                           ","H     ","C ","0,01"]
[43476,"FERRAMENTAS - FAMILIA OPERADOR ESCAVADEIRA - MENSALISTA (ENCARGOS COMPLEMENTARES - COLETADO CAIXA)                                                                                                                                                                                                                                                                                                                                                                                                        ","MES   ","C ","0,01"]
[43465,"FERRAMENTAS - FAMILIA PEDREIRO - HORISTA (ENCARGOS COMPLEMENTARES - COLETADO CAIXA)                                                                                                                                                                                                                                                                                                                                                                                                                       ","H     ","C ","0,58"]
[43477,"FERRAMENTAS - FAMILIA PEDREIRO - MENSALISTA (ENCARGOS COMPLEMENTARES - COLETADO CAIXA)                                                                                                                                                                                                                                                                                                                                                                                                                    ","MES   ","C ","110,22"]
[43466,"FERRAMENTAS - FAMILIA PINTOR - HORISTA (ENCARGOS COMPLEMENTARES - COLETADO CAIXA)                                                                                                                                                                                                                                                                                                                                                                                                                         ","H     ","C ","1,27"]
[43478,"FERRAMENTAS - FAMILIA PINTOR - MENSALISTA (ENCARGOS COMPLEMENTARES - COLETADO CAIXA)                                                                                                                                                                                                                                                                                                                                                                                                                      ","MES   ","C ","240,10"]
[43467,"FERRAMENTAS - FAMILIA SERVENTE - HORISTA (ENCARGOS COMPLEMENTARES - COLETADO CAIXA)                                                                                                                                                                                                                                                                                                                                                                                                                       ","H     ","C ","0,41"]
[43479,"FERRAMENTAS - FAMILIA SERVENTE - MENSALISTA (ENCARGOS COMPLEMENTARES - COLETADO CAIXA)                                                                                                                                                                                                                                                                                                                                                                                                                    ","MES   ","C ","76,97"]
[43468,"FERRAMENTAS - FAMILIA SOLDADOR - HORISTA (ENCARGOS COMPLEMENTARES - COLETADO CAIXA)                                                                                                                                                                                                                                                                                                                                                                                                                       ","H     ","C ","0,89"]
[43480,"FERRAMENTAS - FAMILIA SOLDADOR - MENSALISTA (ENCARGOS COMPLEMENTARES - COLETADO CAIXA)                                                                                                                                                                                                                                                                                                                                                                                                                    ","MES   ","C ","167,28"]
[43469,"FERRAMENTAS - FAMILIA TOPOGRAFO - HORISTA (ENCARGOS COMPLEMENTARES - COLETADO CAIXA)                                                                                                                                                                                                                                                                                                                                                                                                                      ","H     ","C ","0,06"]
[43481,"FERRAMENTAS - FAMILIA TOPOGRAFO - MENSALISTA (ENCARGOS COMPLEMENTARES - COLETADO CAIXA)                                                                                                                                                                                                                                                                                                                                                                                                                   ","MES   ","C ","10,78"]
[3119,"FERROLHO COM FECHO / TRINCO REDONDO, EM ACO GALVANIZADO / ZINCADO, DE SOBREPOR, COM COMPRIMENTO DE 2\" E ESPESSURA MINIMA DA CHAPA DE 0,90 MM, PARA PORTAS E JANELAS                                                                                                                                                                                                                                                                                                                                       ","UN    ","CR","2,12"]
[3122,"FERROLHO COM FECHO / TRINCO REDONDO, EM ACO GALVANIZADO / ZINCADO, DE SOBREPOR, COM COMPRIMENTO DE 3\" A 4\" E ESPESSURA MINIMA DA CHAPA DE 0,90 MM                                                                                                                                                                                                                                                                                                                                                         ","UN    ","CR","4,31"]
[3121,"FERROLHO COM FECHO / TRINCO REDONDO, EM ACO GALVANIZADO / ZINCADO, DE SOBREPOR, COM COMPRIMENTO DE 5\" E ESPESSURA MINIMA DA CHAPA DE 0,90 MM                                                                                                                                                                                                                                                                                                                                                              ","UN    ","CR","4,89"]
[3120,"FERROLHO COM FECHO / TRINCO REDONDO, EM ACO GALVANIZADO / ZINCADO, DE SOBREPOR, COM COMPRIMENTO DE 6\" E ESPESSURA MINIMA DA CHAPA DE 1,50 MM                                                                                                                                                                                                                                                                                                                                                              ","UN    ","CR","9,26"]
[11455,"FERROLHO COM FECHO / TRINCO REDONDO, EM ACO GALVANIZADO / ZINCADO, DE SOBREPOR, COM COMPRIMENTO DE 8\" E ESPESSURA MINIMA DA CHAPA DE 1,50 MM                                                                                                                                                                                                                                                                                                                                                              ","UN    ","CR","13,40"]
[11456,"FERROLHO COM FECHO /TRINCO REDONDO, EM ACO GALVANIZADO / ZINCADO, DE SOBREPOR, COM COMPRIMENTO DE 10\" A 12\" E ESPESSURA MINIMA DA CHAPA DE 1,50 MM                                                                                                                                                                                                                                                                                                                                                        ","UN    ","CR","16,02"]
[3107,"FERROLHO COM FECHO CHATO E PORTA CADEADO , EM ACO GALVANIZADO / ZINCADO, DE SOBREPOR, COM COMPRIMENTO DE 3\" A 4\", CHAPA COM ESPESSURA MINIMA DE 0,90 MM E LARGURA MINIMA DE 3,20 CM (FECHO SIMPLES / LEVE) (INCLUI PARAFUSOS)                                                                                                                                                                                                                                                                             ","UN    ","CR","6,75"]
[43583,"FERROLHO COM FECHO CHATO E PORTA CADEADO , EM ACO GALVANIZADO / ZINCADO, DE SOBREPOR, COM COMPRIMENTO DE 3\" A 4\", CHAPA COM ESPESSURA MINIMA DE 1,70 MM E LARGURA MINIMA DE 5,00 CM (FECHO REFORCADO)                                                                                                                                                                                                                                                                                                     ","UN    ","CR","7,62"]
[43586,"FERROLHO COM FECHO CHATO E PORTA CADEADO , EM ACO GALVANIZADO / ZINCADO, DE SOBREPOR, COM COMPRIMENTO DE 5\", CHAPA COM ESPESSURA MINIMA DE 0,90 MM E LARGURA MINIMA DE 3,20 CM (FECHO SIMPLES)                                                                                                                                                                                                                                                                                                            ","UN    ","CR","7,81"]
[11461,"FERROLHO COM FECHO CHATO E PORTA CADEADO , EM ACO GALVANIZADO / ZINCADO, DE SOBREPOR, COM COMPRIMENTO DE 5\", CHAPA COM ESPESSURA MINIMA DE 1,70 MM E LARGURA MINIMA DE 5,00 CM (FECHO REFORCADO)                                                                                                                                                                                                                                                                                                          ","UN    ","CR","8,51"]
[43587,"FERROLHO COM FECHO CHATO E PORTA CADEADO , EM ACO GALVANIZADO / ZINCADO, DE SOBREPOR, COM COMPRIMENTO DE 6\", CHAPA COM ESPESSURA MINIMA DE 0,90 MM E LARGURA MINIMA DE 3,80 CM (FECHO SIMPLES)                                                                                                                                                                                                                                                                                                            ","UN    ","CR","9,82"]
[3106,"FERROLHO COM FECHO CHATO E PORTA CADEADO , EM ACO GALVANIZADO / ZINCADO, DE SOBREPOR, COM COMPRIMENTO DE 6\", CHAPA COM ESPESSURA MINIMA DE 1,70 MM E LARGURA /MINIMA DE 5,00 CM (FECHO REFORCADO) (INCLUI PARAFUSOS)                                                                                                                                                                                                                                                                                      ","UN    ","CR","12,46"]
[25951,"FERTILIZANTE NPK - 10:10:10                                                                                                                                                                                                                                                                                                                                                                                                                                                                               ","KG    ","AS","2,90"]
[3123,"FERTILIZANTE NPK - 4: 14: 8                                                                                                                                                                                                                                                                                                                                                                                                                                                                               ","KG    ","AS","2,71"]
[38125,"FERTILIZANTE ORGANICO COMPOSTO, CLASSE A                                                                                                                                                                                                                                                                                                                                                                                                                                                                  ","KG    ","CR","1,74"]
[39014,"FIBRA DE ACO PARA REFORCO DO CONCRETO, SOLTA, TIPO A-I, FATOR DE FORMA *50* L / D, COMPRIMENTO DE *30* MM E RESISTENCIA A TRACAO DO ACO MAIOR 1000 MPA                                                                                                                                                                                                                                                                                                                                                    ","KG    ","AS","8,47"]
[39365,"FILTRO ANAEROBIO, EM POLIETILENO DE ALTA DENSIDADE (PEAD), CAPACIDADE *1100* LITROS (NBR 13969)                                                                                                                                                                                                                                                                                                                                                                                                           ","UN    ","CR","1.050,37"]
[39366,"FILTRO ANAEROBIO, EM POLIETILENO DE ALTA DENSIDADE (PEAD), CAPACIDADE *2800* LITROS (NBR 13969)                                                                                                                                                                                                                                                                                                                                                                                                           ","UN    ","CR","2.689,40"]
[39367,"FILTRO ANAEROBIO, EM POLIETILENO DE ALTA DENSIDADE (PEAD), CAPACIDADE *5000* LITROS (NBR 13969)                                                                                                                                                                                                                                                                                                                                                                                                           ","UN    ","CR","3.675,93"]
[37394,"FINCAPINO CURTO CALIBRE 22 VERMELHO, CARGA MEDIA (ACAO DIRETA)                                                                                                                                                                                                                                                                                                                                                                                                                                            ","CENTO ","AS","40,60"]
[14146,"FINCAPINO LONGO CALIBRE 22, CARGA FORTE (ACAO DIRETA)                                                                                                                                                                                                                                                                                                                                                                                                                                                     ","CENTO ","AS","65,30"]
[38134,"FIO COBRE NU DE 150 A 500 MM2, PARA TENSOES DE ATE 600 V                                                                                                                                                                                                                                                                                                                                                                                                                                                  ","KG    ","CR","131,99"]
[38132,"FIO COBRE NU DE 16 A 35 MM2, PARA TENSOES DE ATE 600 V                                                                                                                                                                                                                                                                                                                                                                                                                                                    ","KG    ","CR","134,62"]
[38133,"FIO COBRE NU DE 50 A 120 MM2, PARA TENSOES DE ATE 600 V                                                                                                                                                                                                                                                                                                                                                                                                                                                   ","KG    ","CR","130,22"]
[938,"FIO DE COBRE, SOLIDO, CLASSE 1, ISOLACAO EM PVC/A, ANTICHAMA BWF-B, 450/750V, SECAO NOMINAL 1,5 MM2                                                                                                                                                                                                                                                                                                                                                                                                       ","M     ","CR","1,53"]
[937,"FIO DE COBRE, SOLIDO, CLASSE 1, ISOLACAO EM PVC/A, ANTICHAMA BWF-B, 450/750V, SECAO NOMINAL 10 MM2                                                                                                                                                                                                                                                                                                                                                                                                        ","M     ","CR","9,47"]
[939,"FIO DE COBRE, SOLIDO, CLASSE 1, ISOLACAO EM PVC/A, ANTICHAMA BWF-B, 450/750V, SECAO NOMINAL 2,5 MM2                                                                                                                                                                                                                                                                                                                                                                                                       ","M     ","CR","2,45"]
[944,"FIO DE COBRE, SOLIDO, CLASSE 1, ISOLACAO EM PVC/A, ANTICHAMA BWF-B, 450/750V, SECAO NOMINAL 4 MM2                                                                                                                                                                                                                                                                                                                                                                                                         ","M     ","CR","4,19"]
[940,"FIO DE COBRE, SOLIDO, CLASSE 1, ISOLACAO EM PVC/A, ANTICHAMA BWF-B, 450/750V, SECAO NOMINAL 6 MM2                                                                                                                                                                                                                                                                                                                                                                                                         ","M     ","CR","5,79"]
[936,"FIO TELEFONICO EXTERNO (FE) EM ACO COBREADO, ISOLACAO EM PEAD OU PVC ANTI-CHAMA, 2 CONDUTORES                                                                                                                                                                                                                                                                                                                                                                                                             ","M     ","CR","0,98"]
[935,"FIO TELEFONICO INTERNO (FI) EM COBRE ESTANHADO, ISOLACAO EM PVC ANTICHAMA, 2 CONDUTORES DE 0,6 MM (NBR 9115:2005)                                                                                                                                                                                                                                                                                                                                                                                         ","M     ","CR","0,75"]
[406,"FITA ACO INOX PARA CINTAR POSTE, L = 19 MM, E = 0,5 MM (ROLO DE 30M)                                                                                                                                                                                                                                                                                                                                                                                                                                      ","UN    ","CR","68,25"]
[42529,"FITA ADESIVA ALUMINIZADA, PARA INSTALACAO DE MANTAS DE SUBCOBERTURA,  L = *5* CM                                                                                                                                                                                                                                                                                                                                                                                                                          ","M     ","AS","1,12"]
[39634,"FITA ADESIVA ANTICORROSIVA DE PVC FLEXIVEL, COR PRETA, PARA PROTECAO TUBULACAO, 50 MM X 30 M (L X C), E= *0,25* MM                                                                                                                                                                                                                                                                                                                                                                                        ","M     ","CR","6,60"]
[39701,"FITA ADESIVA ASFALTICA ALUMINIZADA MULTIUSO, L = 10 CM, ROLO DE 10 M                                                                                                                                                                                                                                                                                                                                                                                                                                      ","UN    ","CR","90,41"]
[12815,"FITA CREPE ROLO DE 25 MM X 50 M                                                                                                                                                                                                                                                                                                                                                                                                                                                                           ","UN    ","CR","6,77"]
[407,"FITA DE ALUMINIO PARA PROTECAO DO CONDUTOR LARGURA 10 MM                                                                                                                                                                                                                                                                                                                                                                                                                                                  ","KG    ","AS","55,36"]
[39431,"FITA DE PAPEL MICROPERFURADO, 50 X 150 MM, PARA TRATAMENTO DE JUNTAS DE CHAPA DE GESSO PARA DRYWALL                                                                                                                                                                                                                                                                                                                                                                                                       ","M     ","CR","0,16"]
[39432,"FITA DE PAPEL REFORCADA COM LAMINA DE METAL PARA REFORCO DE CANTOS DE CHAPA DE GESSO PARA DRYWALL                                                                                                                                                                                                                                                                                                                                                                                                         ","M     ","CR","2,10"]
[20111,"FITA ISOLANTE ADESIVA ANTICHAMA, USO ATE 750 V, EM ROLO DE 19 MM X 20 M                                                                                                                                                                                                                                                                                                                                                                                                                                   ","UN    ","C ","7,70"]
[21127,"FITA ISOLANTE ADESIVA ANTICHAMA, USO ATE 750 V, EM ROLO DE 19 MM X 5 M                                                                                                                                                                                                                                                                                                                                                                                                                                    ","UN    ","CR","2,91"]
[404,"FITA ISOLANTE DE BORRACHA AUTOFUSAO, USO ATE 69 KV (ALTA TENSAO)                                                                                                                                                                                                                                                                                                                                                                                                                                          ","M     ","CR","1,05"]
[14151,"FITA METALICA GRAVADA, L = 17 MM, ROLO DE 25 M, CARGA RECOMENDADA = *120* KGF                                                                                                                                                                                                                                                                                                                                                                                                                             ","UN    ","AS","46,93"]
[14153,"FITA METALICA PERFURADA, L = *18* MM, ROLO DE 30 M, CARGA RECOMENDADA = *30* KGF                                                                                                                                                                                                                                                                                                                                                                                                                          ","UN    ","AS","53,05"]
[14152,"FITA METALICA PERFURADA, L = 17 MM, ROLO DE 30 M, CARGA RECOMENDADA = *19* KGF                                                                                                                                                                                                                                                                                                                                                                                                                            ","UN    ","AS","40,73"]
[14154,"FITA METALICA PERFURADA, L = 25 MM, ROLO DE 30 M, CARGA RECOMENDADA = *222,5* KGF                                                                                                                                                                                                                                                                                                                                                                                                                         ","UN    ","AS","142,55"]
[3146,"FITA VEDA ROSCA EM ROLOS DE 18 MM X 10 M (L X C)                                                                                                                                                                                                                                                                                                                                                                                                                                                          ","UN    ","C ","3,39"]
[3143,"FITA VEDA ROSCA EM ROLOS DE 18 MM X 25 M (L X C)                                                                                                                                                                                                                                                                                                                                                                                                                                                          ","UN    ","CR","7,71"]
[3148,"FITA VEDA ROSCA EM ROLOS DE 18 MM X 50 M (L X C)                                                                                                                                                                                                                                                                                                                                                                                                                                                          ","UN    ","CR","12,50"]
[4310,"FIXADOR DE ABA AUTOTRAVANTE PARA TELHA DE FIBROCIMENTO, TIPO CANALETE 90 OU KALHETAO                                                                                                                                                                                                                                                                                                                                                                                                                      ","UN    ","CR","3,38"]
[4311,"FIXADOR DE ABA SIMPLES PARA TELHA DE FIBROCIMENTO, TIPO CANALETA 49 OU KALHETA                                                                                                                                                                                                                                                                                                                                                                                                                            ","UN    ","CR","2,38"]
[4312,"FIXADOR DE ABA SIMPLES PARA TELHA DE FIBROCIMENTO, TIPO CANALETA 90 OU KALHETAO                                                                                                                                                                                                                                                                                                                                                                                                                           ","UN    ","CR","3,33"]
[13261,"FLANELA *30 X 40* CM                                                                                                                                                                                                                                                                                                                                                                                                                                                                                      ","UN    ","CR","1,77"]
[3255,"FLANGE PVC, ROSCAVEL SEXTAVADO SEM FUROS 3/4\"                                                                                                                                                                                                                                                                                                                                                                                                                                                             ","UN    ","CR","8,54"]
[3254,"FLANGE PVC, ROSCAVEL, SEXTAVADO, SEM FUROS 3\"                                                                                                                                                                                                                                                                                                                                                                                                                                                             ","UN    ","CR","138,66"]
[3259,"FLANGE PVC, ROSCAVEL, SEXTAVADO, SEM FUROS, 1 1/2\"                                                                                                                                                                                                                                                                                                                                                                                                                                                        ","UN    ","CR","16,66"]
[3258,"FLANGE PVC, ROSCAVEL, SEXTAVADO, SEM FUROS, 1 1/4\"                                                                                                                                                                                                                                                                                                                                                                                                                                                        ","UN    ","CR","10,07"]
[3251,"FLANGE PVC, ROSCAVEL, SEXTAVADO, SEM FUROS, 1/2\"                                                                                                                                                                                                                                                                                                                                                                                                                                                          ","UN    ","CR","5,93"]
[3256,"FLANGE PVC, ROSCAVEL, SEXTAVADO, SEM FUROS, 1\"                                                                                                                                                                                                                                                                                                                                                                                                                                                            ","UN    ","CR","11,24"]
[3261,"FLANGE PVC, ROSCAVEL, SEXTAVADO, SEM FUROS, 2 1/2\"                                                                                                                                                                                                                                                                                                                                                                                                                                                        ","UN    ","CR","122,62"]
[3260,"FLANGE PVC, ROSCAVEL, SEXTAVADO, SEM FUROS, 2\"                                                                                                                                                                                                                                                                                                                                                                                                                                                            ","UN    ","CR","21,07"]
[3272,"FLANGE SEXTAVADO DE FERRO GALVANIZADO, COM ROSCA BSP, DE 1 1/2\"                                                                                                                                                                                                                                                                                                                                                                                                                                           ","UN    ","AS","51,10"]
[3265,"FLANGE SEXTAVADO DE FERRO GALVANIZADO, COM ROSCA BSP, DE 1 1/4\"                                                                                                                                                                                                                                                                                                                                                                                                                                           ","UN    ","AS","40,60"]
[3262,"FLANGE SEXTAVADO DE FERRO GALVANIZADO, COM ROSCA BSP, DE 1/2\"                                                                                                                                                                                                                                                                                                                                                                                                                                             ","UN    ","AS","17,77"]
[3264,"FLANGE SEXTAVADO DE FERRO GALVANIZADO, COM ROSCA BSP, DE 1\"                                                                                                                                                                                                                                                                                                                                                                                                                                               ","UN    ","AS","29,19"]
[3267,"FLANGE SEXTAVADO DE FERRO GALVANIZADO, COM ROSCA BSP, DE 2 1/2\"                                                                                                                                                                                                                                                                                                                                                                                                                                           ","UN    ","AS","95,34"]
[3266,"FLANGE SEXTAVADO DE FERRO GALVANIZADO, COM ROSCA BSP, DE 2\"                                                                                                                                                                                                                                                                                                                                                                                                                                               ","UN    ","AS","60,66"]
[3263,"FLANGE SEXTAVADO DE FERRO GALVANIZADO, COM ROSCA BSP, DE 3/4\"                                                                                                                                                                                                                                                                                                                                                                                                                                             ","UN    ","AS","24,28"]
[3268,"FLANGE SEXTAVADO DE FERRO GALVANIZADO, COM ROSCA BSP, DE 3\"                                                                                                                                                                                                                                                                                                                                                                                                                                               ","UN    ","AS","128,91"]
[3271,"FLANGE SEXTAVADO DE FERRO GALVANIZADO, COM ROSCA BSP, DE 4\"                                                                                                                                                                                                                                                                                                                                                                                                                                               ","UN    ","AS","190,58"]
[3270,"FLANGE SEXTAVADO DE FERRO GALVANIZADO, COM ROSCA BSP, DE 6\"                                                                                                                                                                                                                                                                                                                                                                                                                                               ","UN    ","AS","320,18"]
[3275,"FORRO COMPOSTO POR PAINEIS DE LA DE VIDRO, REVESTIDOS EM PVC MICROPERFURADO, DE *1250 X 625* MM, ESPESSURA 15 MM (COM COLOCACAO)                                                                                                                                                                                                                                                                                                                                                                          ","M2    ","CR","178,35"]
[39512,"FORRO DE FIBRA MINERAL EM PLACAS DE 1250 X 625 MM, E = 15 MM, BORDA RETA, COM PINTURA ANTIMOFO, APOIADO EM PERFIL DE ACO GALVANIZADO COM 24 MM DE BASE - INSTALADO                                                                                                                                                                                                                                                                                                                                        ","M2    ","CR","144,05"]
[39511,"FORRO DE FIBRA MINERAL EM PLACAS DE 625 X 625 MM, E = 15 MM, BORDA RETA, COM PINTURA ANTIMOFO, APOIADO EM PERFIL DE ACO GALVANIZADO COM 24 MM DE BASE - INSTALADO                                                                                                                                                                                                                                                                                                                                         ","M2    ","CR","157,12"]
[39513,"FORRO DE FIBRA MINERAL EM PLACAS DE 625 X 625 MM, E = 15/16 MM, BORDA REBAIXADA, COM PINTURA ANTIMOFO, APOIADO EM PERFIL DE ACO GALVANIZADO COM 24 MM DE BASE - INSTALADO                                                                                                                                                                                                                                                                                                                                 ","M2    ","CR","168,53"]
[3286,"FORRO DE MADEIRA CEDRINHO OU EQUIVALENTE DA REGIAO, ENCAIXE MACHO/FEMEA COM FRISO, *10 X 1* CM (SEM COLOCACAO)                                                                                                                                                                                                                                                                                                                                                                                            ","M2    ","AS","72,79"]
[3287,"FORRO DE MADEIRA CUMARU/IPE CHAMPANHE OU EQUIVALENTE DA REGIAO, ENCAIXE MACHO/FEMEA COM FRISO, *10 X 1* CM (SEM COLOCACAO)                                                                                                                                                                                                                                                                                                                                                                                ","M2    ","AS","110,00"]
[3283,"FORRO DE MADEIRA PINUS OU EQUIVALENTE DA REGIAO, ENCAIXE MACHO/FEMEA COM FRISO, *10 X 1* CM (SEM COLOCACAO)                                                                                                                                                                                                                                                                                                                                                                                               ","M2    ","AS","23,10"]
[11587,"FORRO DE PVC LISO, BRANCO, REGUA DE 10 CM, ESPESSURA DE 8 MM A 10 MM (COM COLOCACAO / SEM ESTRUTURA METALICA)                                                                                                                                                                                                                                                                                                                                                                                             ","M2    ","CR","122,30"]
[36225,"FORRO DE PVC LISO, BRANCO, REGUA DE 20 CM, ESPESSURA DE 8 MM A 10 MM, COMPRIMENTO 6 M (SEM COLOCACAO)                                                                                                                                                                                                                                                                                                                                                                                                     ","M2    ","CR","49,68"]
[36230,"FORRO DE PVC, FRISADO, BRANCO, REGUA DE 10 CM, ESPESSURA DE 8 MM A 10 MM E COMPRIMENTO 6 M (SEM COLOCACAO)                                                                                                                                                                                                                                                                                                                                                                                                ","M2    ","C ","36,50"]
[36238,"FORRO DE PVC, FRISADO, BRANCO, REGUA DE 20 CM, ESPESSURA DE 8 MM A 10 MM E COMPRIMENTO 6 M (SEM COLOCACAO)                                                                                                                                                                                                                                                                                                                                                                                                ","M2    ","CR","35,67"]
[39363,"FOSSA SEPTICA, SEM FILTRO, PARA 15 A 30 CONTRIBUINTES, CILINDRICA, COM TAMPA, EM POLIETILENO DE ALTA DENSIDADE (PEAD), CAPACIDADE APROXIMADA DE 5500 LITROS (NBR 7229)                                                                                                                                                                                                                                                                                                                                    ","UN    ","CR","4.278,60"]
[39361,"FOSSA SEPTICA, SEM FILTRO, PARA 4 A 7 CONTRIBUINTES, CILINDRICA,  COM TAMPA, EM POLIETILENO DE ALTA DENSIDADE (PEAD), CAPACIDADE APROXIMADA DE 1100 LITROS (NBR 7229)                                                                                                                                                                                                                                                                                                                                     ","UN    ","CR","1.100,21"]
[39362,"FOSSA SEPTICA, SEM FILTRO, PARA 8 A 14 CONTRIBUINTES, CILINDRICA, COM TAMPA, EM POLIETILENO DE ALTA DENSIDADE (PEAD), CAPACIDADE APROXIMADA DE 3000 LITROS (NBR 7229)                                                                                                                                                                                                                                                                                                                                     ","UN    ","CR","3.385,63"]
[39364,"FOSSA SEPTICA,SEM FILTRO, PARA 40 A 52 CONTRIBUINTES, CILINDRICA, COM TAMPA, EM POLIETILENO DE ALTA DENSIDADE (PEAD), CAPACIDADE APROXIMADA DE 10000 LITROS (NBR 7229)                                                                                                                                                                                                                                                                                                                                    ","UN    ","CR","9.779,66"]
[14576,"FRESADORA DE ASFALTO A FRIO SOBRE ESTEIRAS, LARG. FRESAGEM 2,00 M, POT. 410 KW/550 HP                                                                                                                                                                                                                                                                                                                                                                                                                     ","UN    ","AS","5.861.045,19"]
[13877,"FRESADORA DE ASFALTO A FRIO SOBRE RODAS, LARG. FRESAGEM 1,00 M, POT. 155 KW/208 HP                                                                                                                                                                                                                                                                                                                                                                                                                        ","UN    ","AS","2.509.026,03"]
[7307,"FUNDO ANTICORROSIVO PARA METAIS FERROSOS (ZARCAO)                                                                                                                                                                                                                                                                                                                                                                                                                                                         ","L     ","CR","26,93"]
[38122,"FUNDO PREPARADOR ACRILICO BASE AGUA                                                                                                                                                                                                                                                                                                                                                                                                                                                                       ","L     ","CR","9,05"]
[38633,"FURO PARA TORNEIRA OU OUTROS ACESSORIOS  EM BANCADA DE MARMORE/ GRANITO OU OUTRO TIPO DE PEDRA NATURAL                                                                                                                                                                                                                                                                                                                                                                                                    ","UN    ","AS","20,17"]
[12344,"FUSIVEL DIAZED 20 A TAMANHO DII, CAPACIDADE DE INTERRUPCAO DE 50 KA EM VCA E 8 KA EM VCC, TENSAO NOMIMNAL DE 500 V                                                                                                                                                                                                                                                                                                                                                                                        ","UN    ","CR","4,59"]
[12343,"FUSIVEL DIAZED 35 A TAMANHO DIII, CAPACIDADE DE INTERRUPCAO DE 50 KA EM VCA E 8 KA EM VCC, TENSAO NOMIMNAL DE 500 V                                                                                                                                                                                                                                                                                                                                                                                       ","UN    ","CR","7,11"]
[3295,"FUSIVEL NH *36* A 80 AMPERES, TAMANHO 00, CAPACIDADE DE INTERRUPCAO DE 120 KA, TENSAO NOMIMNAL DE 500 V                                                                                                                                                                                                                                                                                                                                                                                                   ","UN    ","CR","24,85"]
[3302,"FUSIVEL NH 100 A TAMANHO 00, CAPACIDADE DE INTERRUPCAO DE 120 KA, TENSAO NOMIMNAL DE 500 V                                                                                                                                                                                                                                                                                                                                                                                                                ","UN    ","CR","25,98"]
[3297,"FUSIVEL NH 125 A TAMANHO 00, CAPACIDADE DE INTERRUPCAO DE 120 KA, TENSAO NOMIMNAL DE 500 V                                                                                                                                                                                                                                                                                                                                                                                                                ","UN    ","CR","27,73"]
[3294,"FUSIVEL NH 160 A TAMANHO 00, CAPACIDADE DE INTERRUPCAO DE 120 KA, TENSAO NOMIMNAL DE 500 V                                                                                                                                                                                                                                                                                                                                                                                                                ","UN    ","CR","28,15"]
[3292,"FUSIVEL NH 20 A TAMANHO 000, CAPACIDADE DE INTERRUPCAO DE 120 KA, TENSAO NOMIMNAL DE 500 V                                                                                                                                                                                                                                                                                                                                                                                                                ","UN    ","C ","26,45"]
[3298,"FUSIVEL NH 200 A 250 AMPERES, TAMANHO 1, CAPACIDADE DE INTERRUPCAO DE 120 KA, TENSAO NOMIMNAL DE 500 V                                                                                                                                                                                                                                                                                                                                                                                                    ","UN    ","CR","61,99"]
[11596,"GABIAO  TIPO CAIXA, MALHA HEXAGONAL 8 X 10 CM (ZN/AL), FIO 2,7 MM, DIMENSOES 2,0 X 1,0 X 0,5 M (C X L X A)                                                                                                                                                                                                                                                                                                                                                                                                ","UN    ","AS","427,42"]
[34802,"GABIAO MANTA (COLCHAO) MALHA HEXAGONAL 6 X 8 CM (ZN/AL REVESTIDO COM POLIMERO), DIMENSOES 4,0 X 2,0 X 0,17 M (C X L X A) FIO 2 MM                                                                                                                                                                                                                                                                                                                                                                         ","UN    ","AS","1.173,83"]
[11588,"GABIAO MANTA (COLCHAO) MALHA HEXAGONAL 6 X 8 CM (ZN/AL REVESTIDO COM POLIMERO), FIO 2 MM, DIMENSOES 4,0 X 2,0 X 0,23 M (C X L X A)                                                                                                                                                                                                                                                                                                                                                                        ","UN    ","AS","1.266,37"]
[34383,"GABIAO MANTA (COLCHAO) MALHA HEXAGONAL 6 X 8 CM (ZN/AL REVESTIDO COM POLIMERO), FIO 2 MM, DIMENSOES 4,0 X 2,0 X 0,3 M (C X L X A)                                                                                                                                                                                                                                                                                                                                                                         ","UN    ","AS","1.393,10"]
[40451,"GABIAO MANTA (COLCHAO) MALHA HEXAGONAL 6 X 8 CM (ZN/AL REVESTIDO COM POLIMERO), FIO 2,0 MM, DIMENSOES 5,0 X 2,0 X 0,17 M (C X L X A)                                                                                                                                                                                                                                                                                                                                                                      ","M2    ","AS","112,61"]
[40453,"GABIAO MANTA (COLCHAO) MALHA HEXAGONAL 6 X 8 CM (ZN/AL REVESTIDO COM POLIMERO), FIO 2,0 MM, DIMENSOES 5,0 X 2,0 X 0,23 M (C X L X A)                                                                                                                                                                                                                                                                                                                                                                      ","M2    ","AS","121,84"]
[40452,"GABIAO MANTA (COLCHAO) MALHA HEXAGONAL 6 X 8 CM (ZN/AL REVESTIDO COM POLIMERO), FIO 2,0 MM, DIMENSOES 5,0 X 2,0 X 0,30 M (C X L X A)                                                                                                                                                                                                                                                                                                                                                                      ","M2    ","AS","133,64"]
[11594,"GABIAO SACO MALHA HEXAGONAL 8 X 10 CM (ZN/AL REVESTIDO COM POLIMERO),  FIO 2,4 MM, DIMENSOES 3,0 X 0,65 M                                                                                                                                                                                                                                                                                                                                                                                                 ","UN    ","AS","403,63"]
[3311,"GABIAO SACO MALHA HEXAGONAL 8 X 10 CM (ZN/AL REVESTIDO COM POLIMERO), FIO 2,4 MM, H = 0,65 M                                                                                                                                                                                                                                                                                                                                                                                                              ","M3    ","AS","403,63"]
[11599,"GABIAO SACO MALHA HEXAGONAL 8 X 10 CM (ZN/AL), FIO 2,7 MM, DIMENSOES 4,0 X 0,65 M                                                                                                                                                                                                                                                                                                                                                                                                                         ","UN    ","AS","536,78"]
[11593,"GABIAO TIPO CAIXA MALHA HEXAGONAL 8 X 10 CM (ZN/AL REVESTIDO COM POLIMERO),  FIO 2,4 MM, DIMENSOES 2,0 X 1,0 X 1,0 M (C X L X A)                                                                                                                                                                                                                                                                                                                                                                          ","UN    ","AS","752,53"]
[3314,"GABIAO TIPO CAIXA MALHA HEXAGONAL 8 X 10 CM (ZN/AL REVESTIDO COM POLIMERO),  FIO 2,4 MM, H = 0,50 M                                                                                                                                                                                                                                                                                                                                                                                                       ","M3    ","AS","538,21"]
[11597,"GABIAO TIPO CAIXA MALHA HEXAGONAL 8 X 10 CM (ZN/AL), FIO 2,7 MM, DIMENSOES 2,0 X 1,0 X 1,0 M (C X L X A)                                                                                                                                                                                                                                                                                                                                                                                                  ","UN    ","AS","625,88"]
[3309,"GABIAO TIPO CAIXA MALHA HEXAGONAL 8 X 10 CM (ZN/AL), FIO 2,7 MM, H = 0,50 M                                                                                                                                                                                                                                                                                                                                                                                                                               ","M3    ","AS","427,42"]
[34612,"GABIAO TIPO CAIXA PARA SOLO REFORCADO, MALHA HEXAGONAL DE DUPLA TORCAO 8 X 10 CM (ZN/AL REVESTIDO COM POLIMERO), FIO 2,7 MM, DIMENSOES 2,0 X 1,0 X 0,5 M, COM CAUDA DE 3,0 M                                                                                                                                                                                                                                                                                                                              ","UN    ","AS","774,10"]
[34635,"GABIAO TIPO CAIXA PARA SOLO REFORCADO, MALHA HEXAGONAL DE DUPLA TORCAO 8 X 10 CM (ZN/AL REVESTIDO COM POLIMERO), FIO 2,7 MM, DIMENSOES 2,0 X 1,0 X 1,0 M, COM CAUDA DE 3,0 M                                                                                                                                                                                                                                                                                                                              ","UN    ","AS","995,46"]
[34633,"GABIAO TIPO CAIXA PARA SOLO REFORCADO, MALHA HEXAGONAL DE DUPLA TORCAO 8 X 10 CM (ZN/AL REVESTIDO COM POLIMERO), FIO 2,7 MM, DIMENSOES 2,0 X 1,0 X 1,0 M, COM CAUDA DE 4,0 M                                                                                                                                                                                                                                                                                                                              ","UN    ","AS","1.097,25"]
[40440,"GABIAO TIPO CAIXA PARA SOLO REFORCADO, MALHA HEXAGONAL 8 X 10 CM (ZN/AL REVESTIDO COM POLIMERO), FIO 2,7 MM, DIMENSOES 2,0 X 1,0 X 0,5 M, COM CAUDA DE 4,0 M                                                                                                                                                                                                                                                                                                                                              ","M3    ","AS","560,60"]
[40441,"GABIAO TIPO CAIXA PARA SOLO REFORCADO, MALHA HEXAGONAL 8 X 10 CM (ZN/AL REVESTIDO COM POLIMERO), FIO 2,7 MM, DIMENSOES 2,0 X 1,0 X 1,0 M, COM CAUDA DE 4,0 M                                                                                                                                                                                                                                                                                                                                              ","M3    ","AS","357,91"]
[40449,"GABIAO TIPO CAIXA TRAPEZOIDAL, MALHA HEXAGONAL 10 X 12 CM (ZN/AL REVESTIDO COM POLIMERO) FIO 2,7 MM, FACE COM 65 GRAUS, COM GEOSSINTETICO, DIMENSOES 2,0 X 1,5 X 1,0 M (C X L X A)                                                                                                                                                                                                                                                                                                                        ","M3    ","AS","300,89"]
[34800,"GABIAO TIPO CAIXA, MALHA HEXAGONAL 8 X 10 CM (ZN/AL REVESTIDO COM POLIMERO), FIO DE 2,4 MM, DIMENSOES 2,0 x 1,0 x 1,0 M (C X L X A)                                                                                                                                                                                                                                                                                                                                                                       ","M3    ","AS","376,26"]
[11592,"GABIAO TIPO CAIXA, MALHA HEXAGONAL 8 X 10 CM (ZN/AL REVESTIDO COM POLIMERO), FIO 2,4 MM, DIMENSOES 2,0 X 1,0 X 0,5 M (C X L X A)                                                                                                                                                                                                                                                                                                                                                                          ","UN    ","AS","538,21"]
[40438,"GABIAO TIPO CAIXA, MALHA HEXAGONAL 8 X 10 CM (ZN/AL), FIO DE 2,7 MM, DIMENSOES 2,0 X 1,0 X 1,0 M (C X L X A)                                                                                                                                                                                                                                                                                                                                                                                              ","M3    ","AS","250,67"]
[40436,"GABIAO TIPO CAIXA, MALHA HEXAGONAL 8 X 10 CM (ZN/AL), FIO DE 2,7 MM, DIMENSOES 5,0 X 1,0 X 1,0 M (C X L X A)                                                                                                                                                                                                                                                                                                                                                                                              ","M3    ","AS","312,57"]
[4315,"GANCHO CHATO EM FERRO GALVANIZADO,  L = 110 MM, RECOBRIMENTO = 100MM, SECAO 1/8 X 1/2\" (3 MM X 12 MM), PARA FIXAR TELHA DE FIBROCIMENTO ONDULADA                                                                                                                                                                                                                                                                                                                                                          ","UN    ","CR","2,45"]
[402,"GANCHO OLHAL EM ACO GALVANIZADO, ESPESSURA 16MM, ABERTURA 21MM                                                                                                                                                                                                                                                                                                                                                                                                                                            ","UN    ","AS","13,87"]
[4226,"GAS DE COZINHA - GLP                                                                                                                                                                                                                                                                                                                                                                                                                                                                                      ","KG    ","C ","7,41"]
[4222,"GASOLINA COMUM                                                                                                                                                                                                                                                                                                                                                                                                                                                                                            ","L     ","C ","6,15"]
[34804,"GEOGRELHA TECIDA COM FILAMENTOS DE POLIESTER + PVC, RESISTENCIA LONGITUDINAL: 90 KN/M, RESISTENCIA TRANSVERSAL: 30 KN/M, ALONGAMENTO = 12 POR CENTO                                                                                                                                                                                                                                                                                                                                                       ","M2    ","AS","45,43"]
[4013,"GEOTEXTIL NAO TECIDO AGULHADO DE FILAMENTOS CONTINUOS 100% POLIESTER, RESITENCIA A TRACAO = 09 KN/M                                                                                                                                                                                                                                                                                                                                                                                                       ","M2    ","CR","6,37"]
[4011,"GEOTEXTIL NAO TECIDO AGULHADO DE FILAMENTOS CONTINUOS 100% POLIESTER, RESITENCIA A TRACAO = 10 KN/M                                                                                                                                                                                                                                                                                                                                                                                                       ","M2    ","CR","7,12"]
[4021,"GEOTEXTIL NAO TECIDO AGULHADO DE FILAMENTOS CONTINUOS 100% POLIESTER, RESITENCIA A TRACAO = 14 KN/M                                                                                                                                                                                                                                                                                                                                                                                                       ","M2    ","CR","8,88"]
[4019,"GEOTEXTIL NAO TECIDO AGULHADO DE FILAMENTOS CONTINUOS 100% POLIESTER, RESITENCIA A TRACAO = 16 KN/M                                                                                                                                                                                                                                                                                                                                                                                                       ","M2    ","CR","10,66"]
[4012,"GEOTEXTIL NAO TECIDO AGULHADO DE FILAMENTOS CONTINUOS 100% POLIESTER, RESITENCIA A TRACAO = 21 KN/M                                                                                                                                                                                                                                                                                                                                                                                                       ","M2    ","CR","14,29"]
[4020,"GEOTEXTIL NAO TECIDO AGULHADO DE FILAMENTOS CONTINUOS 100% POLIESTER, RESITENCIA A TRACAO = 26 KN/M                                                                                                                                                                                                                                                                                                                                                                                                       ","M2    ","CR","17,89"]
[4018,"GEOTEXTIL NAO TECIDO AGULHADO DE FILAMENTOS CONTINUOS 100% POLIESTER, RESITENCIA A TRACAO = 31 KN/M                                                                                                                                                                                                                                                                                                                                                                                                       ","M2    ","CR","21,43"]
[36498,"GERADOR PORTATIL MONOFASICO, POTENCIA 5500 VA, MOTOR A GASOLINA, POTENCIA DO MOTOR 13 CV                                                                                                                                                                                                                                                                                                                                                                                                                  ","UN    ","AS","4.772,12"]
[12872,"GESSEIRO                                                                                                                                                                                                                                                                                                                                                                                                                                                                                                  ","H     ","CR","14,07"]
[41075,"GESSEIRO (MENSALISTA)                                                                                                                                                                                                                                                                                                                                                                                                                                                                                     ","MES   ","CR","2.470,14"]
[3315,"GESSO EM PO PARA REVESTIMENTOS/MOLDURAS/SANCAS E USO GERAL                                                                                                                                                                                                                                                                                                                                                                                                                                                ","KG    ","CR","0,40"]
[36870,"GESSO PROJETADO                                                                                                                                                                                                                                                                                                                                                                                                                                                                                           ","KG    ","CR","0,60"]
[5092,"GONZO DE EMBUTIR, EM LATAO / ZAMAC, *20 X 48* MM, PARA JANELA BASCULANTE / PIVOTANTE, JOGO COM 4 PECAS (PAR)  - INCLUI PARAFUSOS                                                                                                                                                                                                                                                                                                                                                                          ","PAR   ","CR","14,04"]
[11462,"GONZO DE SOBREPOR, EM LATAO / ZAMAC, PARA JANELA PIVOTANTE - INCLUI PARAFUSOS                                                                                                                                                                                                                                                                                                                                                                                                                             ","PAR   ","CR","14,35"]
[36529,"GRADE DE DISCOS COM CONTROLE REMOTO, REBOCAVEL, COM 24 DISCOS 24\" X 6 MM, COM PNEUS PARA TRANSPORTE                                                                                                                                                                                                                                                                                                                                                                                                       ","UN    ","AS","64.438,77"]
[3318,"GRADE DE DISCOS MECANICA 20X24\" COM 20 DISCOS 24\" X 6MM  COM PNEUS PARA TRANSPORTE                                                                                                                                                                                                                                                                                                                                                                                                                        ","UN    ","AS","50.520,00"]
[3324,"GRAMA BATATAIS EM PLACAS, SEM PLANTIO                                                                                                                                                                                                                                                                                                                                                                                                                                                                     ","M2    ","CR","6,07"]
[3322,"GRAMA ESMERALDA OU SAO CARLOS OU CURITIBANA, EM PLACAS, SEM PLANTIO                                                                                                                                                                                                                                                                                                                                                                                                                                       ","M2    ","C ","8,50"]
[5076,"GRAMPO DE ACO POLIDO 1 \" X 9                                                                                                                                                                                                                                                                                                                                                                                                                                                                              ","KG    ","CR","20,55"]
[5077,"GRAMPO DE ACO POLIDO 7/8 \" X 9                                                                                                                                                                                                                                                                                                                                                                                                                                                                            ","KG    ","CR","22,71"]
[11837,"GRAMPO LINHA VIVA DE LATAO ESTANHADO, DIAMETRO DO CONDUTOR PRINCIPAL DE 10 A 120 MM2, DIAMETRO DA DERIVACAO DE 10 A 70 MM2                                                                                                                                                                                                                                                                                                                                                                                ","UN    ","CR","52,39"]
[38055,"GRAMPO METALICO TIPO OLHAL PARA HASTE DE ATERRAMENTO DE 1/2'', CONDUTOR DE *10* A 50 MM2                                                                                                                                                                                                                                                                                                                                                                                                                  ","UN    ","CR","4,75"]
[415,"GRAMPO METALICO TIPO OLHAL PARA HASTE DE ATERRAMENTO DE 1'', CONDUTOR DE *10* A 50 MM2                                                                                                                                                                                                                                                                                                                                                                                                                    ","UN    ","CR","21,48"]
[416,"GRAMPO METALICO TIPO OLHAL PARA HASTE DE ATERRAMENTO DE 3/4'', CONDUTOR DE *10* A 50 MM2                                                                                                                                                                                                                                                                                                                                                                                                                  ","UN    ","CR","7,86"]
[425,"GRAMPO METALICO TIPO OLHAL PARA HASTE DE ATERRAMENTO DE 5/8'', CONDUTOR DE *10* A 50 MM2                                                                                                                                                                                                                                                                                                                                                                                                                  ","UN    ","CR","4,87"]
[426,"GRAMPO METALICO TIPO U PARA HASTE DE ATERRAMENTO DE ATE 3/4'', CONDUTOR DE 10 A 25 MM2                                                                                                                                                                                                                                                                                                                                                                                                                    ","UN    ","CR","26,85"]
[38056,"GRAMPO METALICO TIPO U PARA HASTE DE ATERRAMENTO DE ATE 5/8'', CONDUTOR DE 10 A 25 MM2                                                                                                                                                                                                                                                                                                                                                                                                                    ","UN    ","CR","26,22"]
[1564,"GRAMPO PARALELO METALICO PARA CABO DE 6 A 50 MM2, COM 2 PARAFUSOS                                                                                                                                                                                                                                                                                                                                                                                                                                         ","UN    ","CR","10,00"]
[11032,"GRAMPO U DE 5/8 \" N8 EM FERRO GALVANIZADO                                                                                                                                                                                                                                                                                                                                                                                                                                                                 ","UN    ","CR","13,80"]
[36786,"GRANALHA DE ACO, ANGULAR (GRIT), PARA JATEAMENTO, PENEIRA 0,117 A 1,00 MM, (SAE G-40 A G-80)                                                                                                                                                                                                                                                                                                                                                                                                              ","SC25KG","AS","148,86"]
[36785,"GRANALHA DE ACO, ANGULAR (GRIT), PARA JATEAMENTO, PENEIRA 1,41 A 1,19 MM (SAE G16)                                                                                                                                                                                                                                                                                                                                                                                                                        ","SC25KG","AS","129,35"]
[36782,"GRANALHA DE ACO, ESFERICA (SHOT), PARA JATEAMENTO, PENEIRA 0,40 A 1,00 MM (SAE S-170 A S-280)                                                                                                                                                                                                                                                                                                                                                                                                             ","SC25KG","AS","154,40"]
[25930,"GRANALHA DE ACO, ESFERICA (SHOT), PARA JATEAMENTO, PENEIRA 1,19 A 1,00 MM (SAE S390)                                                                                                                                                                                                                                                                                                                                                                                                                      ","SC25KG","AS","173,91"]
[4824,"GRANILHA/ GRANA/ PEDRISCO OU AGREGADO EM MARMORE/ GRANITO/ QUARTZO E CALCARIO, PRETO, CINZA, PALHA OU BRANCO                                                                                                                                                                                                                                                                                                                                                                                              ","KG    ","AS","0,53"]
[11795,"GRANITO PARA BANCADA, POLIDO, TIPO ANDORINHA/ QUARTZ/ CASTELO/ CORUMBA OU OUTROS EQUIVALENTES DA REGIAO, E=  *2,5* CM                                                                                                                                                                                                                                                                                                                                                                                     ","M2    ","AS","422,64"]
[134,"GRAUTE CIMENTICIO PARA USO GERAL                                                                                                                                                                                                                                                                                                                                                                                                                                                                          ","KG    ","CR","1,68"]
[4229,"GRAXA LUBRIFICANTE                                                                                                                                                                                                                                                                                                                                                                                                                                                                                        ","KG    ","CR","38,17"]
[11244,"GRELHA FOFO ARTICULADA, CARGA MAXIMA 1,5 T, *300 X 1000* MM, E= *15* MM                                                                                                                                                                                                                                                                                                                                                                                                                                   ","UN    ","AS","292,55"]
[11245,"GRELHA FOFO SIMPLES COM REQUADRO, CARGA MAXIMA  12,5 T, *300 X 1000* MM, E= *15* MM, AREA ESTACIONAMENTO CARRO PASSEIO                                                                                                                                                                                                                                                                                                                                                                                    ","UN    ","AS","404,65"]
[11235,"GRELHA FOFO SIMPLES COM REQUADRO, CARGA MAXIMA 1,5 T, 150 X 1000 MM, E= *15* MM                                                                                                                                                                                                                                                                                                                                                                                                                           ","UN    ","AS","223,25"]
[11236,"GRELHA FOFO SIMPLES COM REQUADRO, CARGA MAXIMA 1,5 T, 200 X 1000 MM, E= *15* MM                                                                                                                                                                                                                                                                                                                                                                                                                           ","UN    ","AS","283,72"]
[11731,"GRELHA PVC BRANCA QUADRADA, 150 X 150 MM                                                                                                                                                                                                                                                                                                                                                                                                                                                                  ","UN    ","CR","5,95"]
[11732,"GRELHA PVC CROMADA REDONDA, 150 MM                                                                                                                                                                                                                                                                                                                                                                                                                                                                        ","UN    ","CR","30,21"]
[36494,"GRUA ASCENCIONAL, LANCA DE 30 M, CAPACIDADE DE 1,0 T A 30 M, ALTURA ATE 39 M                                                                                                                                                                                                                                                                                                                                                                                                                              ","UN    ","AS","607.038,12"]
[36493,"GRUA ASCENCIONAL, LANCA DE 42 M, CAPACIDADE DE 1,5 T A 30 M, ALTURA ATE 39 M                                                                                                                                                                                                                                                                                                                                                                                                                              ","UN    ","AS","687.749,53"]
[36492,"GRUA ASCENCIONAL, LANCA DE 50 M, CAPACIDADE DE 2,33 T A 30 M, ALTURA ATE 48 M                                                                                                                                                                                                                                                                                                                                                                                                                             ","UN    ","AS","1.277.577,81"]
[13333,"GRUPO DE SOLDAGEM C/ GERADOR A DIESEL 60 CV PARA SOLDA ELETRICA, SOBRE 04 RODAS, COM MOTOR 4 CILINDROS                                                                                                                                                                                                                                                                                                                                                                                                    ","UN    ","AS","132.151,11"]
[13533,"GRUPO DE SOLDAGEM COM GERADOR A DIESEL 30 CV, PARA SOLDA ELETRICA, SOBRE DUAS RODAS                                                                                                                                                                                                                                                                                                                                                                                                                       ","UN    ","AS","118.128,41"]
[36499,"GRUPO GERADOR A GASOLINA, POTENCIA NOMINAL 2,2 KW, TENSAO DE SAIDA 110/220 V, MOTOR POTENCIA 6,5 HP                                                                                                                                                                                                                                                                                                                                                                                                       ","UN    ","AS","2.576,94"]
[39585,"GRUPO GERADOR DIESEL, COM CARENAGEM, POTENCIA STANDART ENTRE 100 E 110 KVA, VELOCIDADE DE 1800 RPM, FREQUENCIA DE 60 HZ                                                                                                                                                                                                                                                                                                                                                                                   ","UN    ","AS","85.329,96"]
[39586,"GRUPO GERADOR DIESEL, COM CARENAGEM, POTENCIA STANDART ENTRE 140 E 150 KVA, VELOCIDADE DE 1800 RPM, FREQUENCIA DE 60 HZ                                                                                                                                                                                                                                                                                                                                                                                   ","UN    ","AS","100.086,27"]
[39587,"GRUPO GERADOR DIESEL, COM CARENAGEM, POTENCIA STANDART ENTRE 210 E 220 KVA, VELOCIDADE DE 1800 RPM, FREQUENCIA DE 60 HZ                                                                                                                                                                                                                                                                                                                                                                                   ","UN    ","AS","121.899,95"]
[39588,"GRUPO GERADOR DIESEL, COM CARENAGEM, POTENCIA STANDART ENTRE 250 E 260 KVA, VELOCIDADE DE 1800 RPM, FREQUENCIA DE 60 HZ                                                                                                                                                                                                                                                                                                                                                                                   ","UN    ","AS","141.147,31"]
[39584,"GRUPO GERADOR DIESEL, COM CARENAGEM, POTENCIA STANDART ENTRE 50 E 55 KVA, VELOCIDADE DE 1800 RPM, FREQUENCIA DE 60 HZ                                                                                                                                                                                                                                                                                                                                                                                     ","UN    ","AS","75.988,58"]
[39590,"GRUPO GERADOR DIESEL, SEM CARENAGEM, POTENCIA STANDART ENTRE 100 E 110 KVA, VELOCIDADE DE 1800 RPM, FREQUENCIA DE 60 HZ                                                                                                                                                                                                                                                                                                                                                                                   ","UN    ","AS","74.166,50"]
[39592,"GRUPO GERADOR DIESEL, SEM CARENAGEM, POTENCIA STANDART ENTRE 210 E 220 KVA, VELOCIDADE DE 1800 RPM, FREQUENCIA DE 60 HZ                                                                                                                                                                                                                                                                                                                                                                                   ","UN    ","AS","106.579,05"]
[39593,"GRUPO GERADOR DIESEL, SEM CARENAGEM, POTENCIA STANDART ENTRE 250 E 260 KVA, VELOCIDADE DE 1800 RPM, FREQUENCIA DE 60 HZ                                                                                                                                                                                                                                                                                                                                                                                   ","UN    ","AS","121.899,95"]
[14254,"GRUPO GERADOR DIESEL, SEM CARENAGEM, POTENCIA STANDART ENTRE 80 E 90 KVA, VELOCIDADE DE 1800 RPM, FREQUENCIA DE 60 HZ                                                                                                                                                                                                                                                                                                                                                                                     ","UN    ","AS","69.290,50"]
[25987,"GRUPO GERADOR ESTACIONARIO SILENCIADO, POTENCIA 50 KVA, MOTOR DIESEL                                                                                                                                                                                                                                                                                                                                                                                                                                      ","UN    ","AS","57.863,09"]
[25019,"GRUPO GERADOR ESTACIONARIO, MOTOR DIESEL POTENCIA 170 KVA                                                                                                                                                                                                                                                                                                                                                                                                                                                 ","UN    ","AS","99.183,81"]
[36501,"GRUPO GERADOR ESTACIONARIO, POTENCIA 150 KVA, MOTOR DIESEL                                                                                                                                                                                                                                                                                                                                                                                                                                                ","UN    ","AS","88.307,77"]
[25986,"GRUPO GERADOR ESTACIONARIO, SILENCIADO, POTENCIA 180 KVA, MOTOR DIESEL                                                                                                                                                                                                                                                                                                                                                                                                                                    ","UN    ","AS","106.162,86"]
[36500,"GRUPO GERADOR REBOCAVEL, POTENCIA *66* KVA, MOTOR A DIESEL                                                                                                                                                                                                                                                                                                                                                                                                                                                ","UN    ","AS","62.404,69"]
[20017,"GUARNICAO / ALIZAR / VISTA LISA EM MADEIRA MACICA, PARA PORTA  , E = *1* CM, L = *5* CM, CEDRINHO / ANGELIM COMERCIAL / TAURI/ CURUPIXA / PEROBA / CUMARU OU EQUIVALENTE DA REGIAO                                                                                                                                                                                                                                                                                                                        ","M     ","CR","6,36"]
[20007,"GUARNICAO / ALIZAR / VISTA LISA EM MADEIRA MACICA, PARA PORTA , E = *1* CM, L = *5* CM,  PINUS /EUCALIPTO / VIROLA OU EQUIVALENTE DA REGIAO                                                                                                                                                                                                                                                                                                                                                               ","M     ","CR","3,79"]
[39831,"GUARNICAO / ALIZAR / VISTA, E = *1,5* CM, L = *5,0* CM, EM POLIESTIRENO, BRANCO (JOGO PARA 1 FACE)                                                                                                                                                                                                                                                                                                                                                                                                        ","JG    ","CR","268,19"]
[39836,"GUARNICAO/ALIZAR/VISTA, E = *1,3* CM, L = *5,0* CM HASTE REGULAVEL = *35* MM, EM MDF/PVC WOOD/ POLIESTIRENO OU MADEIRA LAMINADA, PRIMER BRANCO (JOGO PARA 1 FACE)                                                                                                                                                                                                                                                                                                                                         ","JG    ","CR","235,65"]
[39830,"GUARNICAO/ALIZAR/VISTA, E = *1,3* CM, L = *7,0* CM, EM POLIESTIRENO, BRANCO (JOGO PARA 1 FACE)                                                                                                                                                                                                                                                                                                                                                                                                            ","JG    ","CR","268,76"]
[36888,"GUARNICAO/MOLDURA DE ACABAMENTO PARA ESQUADRIA DE ALUMINIO ANODIZADO NATURAL, PARA 1 FACE                                                                                                                                                                                                                                                                                                                                                                                                                 ","M     ","CR","7,18"]
[40527,"GUINCHO DE ALAVANCA MANUAL, CAPACIDADE DE 1,6 T, COM 20 M DE CABO DE ACO (AQUISICAO)                                                                                                                                                                                                                                                                                                                                                                                                                      ","UN    ","AS","2.422,70"]
[36497,"GUINCHO DE ALAVANCA MANUAL, CAPACIDADE 3,2 T COM 20 M DE CABO DE ACO DIAMETRO 16,3 MM                                                                                                                                                                                                                                                                                                                                                                                                                     ","UN    ","AS","2.765,77"]
[36487,"GUINCHO ELETRICO DE COLUNA, CAPACIDADE 400 KG, COM MOTO FREIO, MOTOR TRIFASICO DE 1,25 CV                                                                                                                                                                                                                                                                                                                                                                                                                 ","UN    ","AS","4.815,63"]
[25952,"GUINDASTE HIDRAULICO AUTOPROPELIDO, COM LANCA TELESCOPICA 28,80 M, CAPACIDADE MAXIMA 30 T, POTENCIA 97 KW, TRACAO 4 X 4                                                                                                                                                                                                                                                                                                                                                                                   ","UN    ","AS","1.061.499,48"]
[25954,"GUINDASTE HIDRAULICO AUTOPROPELIDO, COM LANCA TELESCOPICA 40 M, CAPACIDADE MAXIMA 60 T, POTENCIA 260 KW, TRACAO 6 X 6                                                                                                                                                                                                                                                                                                                                                                                     ","UN    ","AS","2.041.345,16"]
[25953,"GUINDASTE HIDRAULICO AUTOPROPELIDO, COM LANCA TELESCOPICA 50 M, CAPACIDADE MAXIMA 100 T, POTENCIA 350 KW, TRACAO 10 X 6                                                                                                                                                                                                                                                                                                                                                                                   ","UN    ","AS","3.470.286,76"]
[37776,"GUINDAUTO HIDRAULICO, CAPACIDADE MAXIMA DE CARGA 10000 KG, MOMENTO MAXIMO DE CARGA 23 TM , ALCANCE MAXIMO HORIZONTAL 11,80 M, PARA MONTAGEM SOBRE CHASSI DE CAMINHAO PBT MINIMO 15000 KG (INCLUI MONTAGEM, NAO INCLUI CAMINHAO)                                                                                                                                                                                                                                                                           ","UN    ","AS","212.684,22"]
[37775,"GUINDAUTO HIDRAULICO, CAPACIDADE MAXIMA DE CARGA 14340 KG, MOMENTO MAXIMO DE CARGA 42,3 TM, ALCANCE MAXIMO HORIZONTAL 16,80 M, PARA MONTAGEM SOBRE CHASSI DE CAMINHAO PBT MINIMO 23000 KG (INCLUI MONTAGEM, NAO INCLUI CAMINHAO)                                                                                                                                                                                                                                                                          ","UN    ","AS","334.993,75"]
[36491,"GUINDAUTO HIDRAULICO, CAPACIDADE MAXIMA DE CARGA 30000 KG, MOMENTO MAXIMO DE CARGA 92,2 TM , ALCANCE MAXIMO HORIZONTAL  22,00 M, PARA MONTAGEM SOBRE CHASSI DE CAMINHAO PBT MINIMO 30000 KG (INCLUI MONTAGEM, NAO INCLUI CAMINHAO)                                                                                                                                                                                                                                                                        ","UN    ","AS","1.240.581,25"]
[10712,"GUINDAUTO HIDRAULICO, CAPACIDADE MAXIMA DE CARGA 3300 KG, MOMENTO MAXIMO DE CARGA 5,8 TM , ALCANCE MAXIMO HORIZONTAL  7,60 M, PARA MONTAGEM SOBRE CHASSI DE CAMINHAO PBT MINIMO 8000 KG (INCLUI MONTAGEM, NAO INCLUI CAMINHAO)                                                                                                                                                                                                                                                                            ","UN    ","AS","83.748,43"]
[3363,"GUINDAUTO HIDRAULICO, CAPACIDADE MAXIMA DE CARGA 6200 KG, MOMENTO MAXIMO DE CARGA 11,7 TM , ALCANCE MAXIMO HORIZONTAL  9,70 M, PARA MONTAGEM SOBRE CHASSI DE CAMINHAO PBT MINIMO 13000 KG (INCLUI MONTAGEM, NAO INCLUI CAMINHAO)                                                                                                                                                                                                                                                                          ","UN    ","AS","117.800,00"]
[3365,"GUINDAUTO HIDRAULICO, CAPACIDADE MAXIMA DE CARGA 8500 KG, MOMENTO MAXIMO DE CARGA 30,4 TM , ALCANCE MAXIMO HORIZONTAL  14,30 M, PARA MONTAGEM SOBRE CHASSI DE CAMINHAO PBT MINIMO 23000 KG (INCLUI MONTAGEM, NAO INCLUI CAMINHAO)                                                                                                                                                                                                                                                                         ","UN    ","AS","275.357,50"]
[7569,"HASTE ANCORA EM ACO GALVANIZADO, DIMENSOES 16 MM X 2000 MM                                                                                                                                                                                                                                                                                                                                                                                                                                                ","UN    ","AS","64,79"]
[34349,"HASTE DE ACO GALVANIZADO PARA FIXACAO DE CONCERTINA 2 \"/3 M                                                                                                                                                                                                                                                                                                                                                                                                                                               ","UN    ","CR","32,05"]
[11991,"HASTE DE ATERRAMENTO EM ACO GALVANIZADO TIPO CANTONEIRA COM 2,00 M DE COMPRIMENTO, 25 X 25 MM E CHAPA DE 3/16\"                                                                                                                                                                                                                                                                                                                                                                                            ","UN    ","CR","59,67"]
[20062,"HASTE METALICA PARA FIXACAO DE CALHA PLUVIAL,  ZINCADA, DOBRADA 90 GRAUS                                                                                                                                                                                                                                                                                                                                                                                                                                  ","UN    ","AS","14,66"]
[11029,"HASTE RETA PARA GANCHO DE FERRO GALVANIZADO, COM ROSCA 1/4 \" X 30 CM PARA FIXACAO DE TELHA METALICA, INCLUI PORCA E ARRUELAS DE VEDACAO                                                                                                                                                                                                                                                                                                                                                                   ","CJ    ","CR","2,11"]
[4316,"HASTE RETA PARA GANCHO DE FERRO GALVANIZADO, COM ROSCA 1/4 \" X 40 CM PARA FIXACAO DE TELHA DE FIBROCIMENTO, INCLUI PORCA SEXTAVADA DE  ZINCO                                                                                                                                                                                                                                                                                                                                                              ","UN    ","CR","2,14"]
[4313,"HASTE RETA PARA GANCHO DE FERRO GALVANIZADO, COM ROSCA 5/16\" X 35 CM PARA FIXACAO DE TELHA DE FIBROCIMENTO, INCLUI PORCA E ARRUELAS DE VEDACAO                                                                                                                                                                                                                                                                                                                                                            ","CJ    ","CR","3,07"]
[4317,"HASTE RETA PARA GANCHO DE FERRO GALVANIZADO, COM ROSCA 5/16\" X 40 CM PARA FIXACAO DE TELHA DE FIBROCIMENTO, INCLUI PORCA SEXTAVADA DE  ZINCO                                                                                                                                                                                                                                                                                                                                                              ","UN    ","CR","3,49"]
[4314,"HASTE RETA PARA GANCHO DE FERRO GALVANIZADO, COM ROSCA 5/16\" X 45 CM PARA FIXACAO DE TELHA DE FIBROCIMENTO, INCLUI PORCA E ARRUELAS DE VEDACAO                                                                                                                                                                                                                                                                                                                                                            ","CJ    ","CR","4,09"]
[10921,"HIDRANTE DE COLUNA COMPLETO, EM FERRO FUNDIDO, DN = 100 MM, COM REGISTRO, CUNHA DE BORRACHA, CURVA DESSIMETRICA, EXTREMIDADE E TAMPAS (INCLUI KIT FIXACAO)                                                                                                                                                                                                                                                                                                                                                ","UN    ","AS","4.619,55"]
[10922,"HIDRANTE DE COLUNA COMPLETO, EM FERRO FUNDIDO, DN = 75 MM, COM REGISTRO, CUNHA DE BORRACHA, CURVA DESSIMETRICA, EXTREMIDADE E TAMPAS (INCLUI KIT FIXACAO)                                                                                                                                                                                                                                                                                                                                                 ","UN    ","AS","4.184,27"]
[10923,"HIDRANTE SUBTERRANEO, EM FERRO FUNDIDO, COM CURVA CURTA E CAIXA, DN 75 MM                                                                                                                                                                                                                                                                                                                                                                                                                                 ","UN    ","AS","2.473,08"]
[10924,"HIDRANTE SUBTERRANEO, EM FERRO FUNDIDO, COM CURVA LONGA E CAIXA, DN 75 MM                                                                                                                                                                                                                                                                                                                                                                                                                                 ","UN    ","AS","2.604,63"]
[37772,"HIDROJATEADORA PARA DESOBSTRUCAO DE REDES E GALERIAS, TANQUE 7000 L, BOMBA TRIPLEX 120 KGF/CM2 128 L/MIN (INCLUI MONTAGEM, NAO INCLUI CAMINHAO)                                                                                                                                                                                                                                                                                                                                                           ","UN    ","AS","151.152,01"]
[37771,"HIDROJATEADORA PARA DESOBSTRUCAO DE REDES E GALERIAS, TANQUE 7000 L, BOMBA TRIPLEX 140 KGF/CM2 260 L/MIN ALIMENTADA POR MOTOR INDEPENDENTE A DIESEL POTENCIA 125 CV (INCLUI MONTAGEM, NAO INCLUI CAMINHAO)                                                                                                                                                                                                                                                                                                ","UN    ","AS","160.801,66"]
[12772,"HIDROMETRO MULTIJATO / MEDIDOR DE AGUA, DN 1 1/2\", VAZAO MAXIMA DE 20 M3/H, PARA AGUA POTAVEL FRIA, RELOJOARIA PLANA, CLASSE B, HORIZONTAL (SEM CONEXOES)                                                                                                                                                                                                                                                                                                                                                 ","UN    ","AS","802,57"]
[12770,"HIDROMETRO MULTIJATO / MEDIDOR DE AGUA, DN 1\", VAZAO MAXIMA DE 10 M3/H, PARA AGUA POTAVEL FRIA, RELOJOARIA PLANA, CLASSE B, HORIZONTAL (SEM CONEXOES)                                                                                                                                                                                                                                                                                                                                                     ","UN    ","AS","482,90"]
[12775,"HIDROMETRO MULTIJATO / MEDIDOR DE AGUA, DN 1\", VAZAO MAXIMA DE 7 M3/H, PARA AGUA POTAVEL FRIA, RELOJOARIA PLANA, CLASSE B, HORIZONTAL (SEM CONEXOES)                                                                                                                                                                                                                                                                                                                                                      ","UN    ","AS","353,67"]
[12768,"HIDROMETRO MULTIJATO / MEDIDOR DE AGUA, DN 2\", VAZAO MAXIMA DE 30 M3/H, PARA AGUA POTAVEL FRIA, RELOJOARIA PLANA, CLASSE B, HORIZONTAL (SEM CONEXOES)                                                                                                                                                                                                                                                                                                                                                     ","UN    ","AS","1.129,04"]
[12769,"HIDROMETRO UNIJATO / MEDIDOR DE AGUA, DN 1/2\", VAZAO MAXIMA DE 1,5 M3/H, PARA AGUA POTAVEL FRIA, RELOJOARIA PLANA, CLASSE B, HORIZONTAL (SEM CONEXOES)                                                                                                                                                                                                                                                                                                                                                    ","UN    ","AS","92,50"]
[12773,"HIDROMETRO UNIJATO / MEDIDOR DE AGUA, DN 1/2\", VAZAO MAXIMA DE 3 M3/H, PARA AGUA POTAVEL FRIA, RELOJOARIA PLANA, CLASSE B, HORIZONTAL (SEM CONEXOES)                                                                                                                                                                                                                                                                                                                                                      ","UN    ","AS","99,30"]
[12774,"HIDROMETRO UNIJATO / MEDIDOR DE AGUA, DN 3/4\", VAZAO MAXIMA DE 5 M3/H, PARA AGUA POTAVEL FRIA, RELOJOARIA PLANA, CLASSE B, HORIZONTAL (SEM CONEXOES)0,                                                                                                                                                                                                                                                                                                                                                    ","UN    ","AS","122,42"]
[12776,"HIDROMETRO WOLTMANN, DN 2\", VAZAO MAXIMA DE 50 M3/H, PARA AGUA POTAVEL FRIA, RELOJOARIA PLANA, TURBINA HORIZONTAL, EQUIPADO COM TELIMETRIA (SEM CONEXOES)                                                                                                                                                                                                                                                                                                                                                 ","UN    ","AS","1.822,79"]
[12777,"HIDROMETRO WOLTMANN, DN 3\", VAZAO MAXIMA DE 80 M3/H, PARA AGUA POTAVEL FRIA, RELOJOARIA PLANA, TURBINA HORIZONTAL, EQUIPADO COM TELIMETRIA (SEM CONEXOES)                                                                                                                                                                                                                                                                                                                                                 ","UN    ","AS","2.380,51"]
[3391,"IGNITOR PARA LAMPADA DE VAPOR DE SODIO / VAPOR METALICO ATE 2000 W, TENSAO DE PULSO ENTRE 600 A 750 V                                                                                                                                                                                                                                                                                                                                                                                                     ","UN    ","AS","24,57"]
[3389,"IGNITOR PARA LAMPADA DE VAPOR DE SODIO / VAPOR METALICO ATE 400 W, TENSAO DE PULSO ENTRE 3000 A 4500 V                                                                                                                                                                                                                                                                                                                                                                                                    ","UN    ","AS","12,75"]
[3390,"IGNITOR PARA LAMPADA DE VAPOR DE SODIO / VAPOR METALICO ATE 400 W, TENSAO DE PULSO ENTRE 580 A 750 V                                                                                                                                                                                                                                                                                                                                                                                                      ","UN    ","AS","14,35"]
[12873,"IMPERMEABILIZADOR                                                                                                                                                                                                                                                                                                                                                                                                                                                                                         ","H     ","CR","15,43"]
[41076,"IMPERMEABILIZADOR (MENSALISTA)                                                                                                                                                                                                                                                                                                                                                                                                                                                                            ","MES   ","CR","2.711,96"]
[140,"IMPERMEABILIZANTE FLEXIVEL BRANCO DE BASE ACRILICA PARA COBERTURAS                                                                                                                                                                                                                                                                                                                                                                                                                                        ","KG    ","CR","18,74"]
[151,"IMPERMEABILIZANTE INCOLOR PARA TRATAMENTO DE FACHADAS E TELHAS, BASE SILICONE                                                                                                                                                                                                                                                                                                                                                                                                                             ","L     ","CR","27,66"]
[7340,"IMUNIZANTE PARA MADEIRA, INCOLOR                                                                                                                                                                                                                                                                                                                                                                                                                                                                          ","L     ","CR","21,41"]
[2701,"INSTALADOR DE TUBULACOES (TUBOS/EQUIPAMENTOS)                                                                                                                                                                                                                                                                                                                                                                                                                                                             ","H     ","CR","28,21"]
[40929,"INSTALADOR DE TUBULACOES (TUBOS/EQUIPAMENTOS) (MENSALISTA)                                                                                                                                                                                                                                                                                                                                                                                                                                                ","MES   ","CR","4.954,30"]
[38114,"INTERRUPTOR BIPOLAR SIMPLES 10 A, 250 V (APENAS MODULO)                                                                                                                                                                                                                                                                                                                                                                                                                                                   ","UN    ","CR","18,41"]
[38064,"INTERRUPTOR BIPOLAR 10A, 250V, CONJUNTO MONTADO PARA EMBUTIR 4\" X 2\" (PLACA + SUPORTE + MODULO)                                                                                                                                                                                                                                                                                                                                                                                                           ","UN    ","CR","20,58"]
[38115,"INTERRUPTOR INTERMEDIARIO 10 A, 250 V (APENAS MODULO)                                                                                                                                                                                                                                                                                                                                                                                                                                                     ","UN    ","CR","19,65"]
[38065,"INTERRUPTOR INTERMEDIARIO 10A, 250V, CONJUNTO MONTADO PARA EMBUTIR 4\" X 2\" (PLACA + SUPORTE + MODULO)                                                                                                                                                                                                                                                                                                                                                                                                     ","UN    ","CR","29,20"]
[38078,"INTERRUPTOR PARALELO + TOMADA 2P+T 10A, 250V, CONJUNTO MONTADO PARA EMBUTIR 4\" X 2\" (PLACA + SUPORTE + MODULOS)                                                                                                                                                                                                                                                                                                                                                                                           ","UN    ","CR","17,03"]
[38113,"INTERRUPTOR PARALELO 10A, 250V (APENAS MODULO)                                                                                                                                                                                                                                                                                                                                                                                                                                                            ","UN    ","CR","9,25"]
[38063,"INTERRUPTOR PARALELO 10A, 250V, CONJUNTO MONTADO PARA EMBUTIR 4\" X 2\" (PLACA + SUPORTE + MODULO)                                                                                                                                                                                                                                                                                                                                                                                                          ","UN    ","CR","9,93"]
[38080,"INTERRUPTOR SIMPLES + INTERRUPTOR PARALELO + TOMADA 2P+T 10A, 250V, CONJUNTO MONTADO PARA EMBUTIR 4\" X 2\" (PLACA + SUPORTE + MODULOS)                                                                                                                                                                                                                                                                                                                                                                     ","UN    ","CR","29,58"]
[38069,"INTERRUPTOR SIMPLES + INTERRUPTOR PARALELO 10A, 250V, CONJUNTO MONTADO PARA EMBUTIR 4\" X 2\" (PLACA + SUPORTE + MODULOS)                                                                                                                                                                                                                                                                                                                                                                                   ","UN    ","CR","16,18"]
[38077,"INTERRUPTOR SIMPLES + TOMADA 2P+T 10A, 250V, CONJUNTO MONTADO PARA EMBUTIR 4\" X 2\" (PLACA + SUPORTE + MODULOS)                                                                                                                                                                                                                                                                                                                                                                                            ","UN    ","CR","15,81"]
[38073,"INTERRUPTOR SIMPLES + 2 INTERRUPTORES PARALELOS 10A, 250V, CONJUNTO MONTADO PARA EMBUTIR 4\" X 2\" (PLACA + SUPORTE + MODULOS)                                                                                                                                                                                                                                                                                                                                                                              ","UN    ","CR","24,09"]
[38112,"INTERRUPTOR SIMPLES 10A, 250V (APENAS MODULO)                                                                                                                                                                                                                                                                                                                                                                                                                                                             ","UN    ","CR","7,10"]
[38062,"INTERRUPTOR SIMPLES 10A, 250V, CONJUNTO MONTADO PARA EMBUTIR 4\" X 2\" (PLACA + SUPORTE + MODULO)                                                                                                                                                                                                                                                                                                                                                                                                           ","UN    ","CR","7,29"]
[12128,"INTERRUPTOR SIMPLES 10A, 250V, CONJUNTO MONTADO PARA SOBREPOR 4\" X 2\" (CAIXA + MODULO)                                                                                                                                                                                                                                                                                                                                                                                                                    ","UN    ","CR","9,75"]
[12129,"INTERRUPTOR SIMPLES 10A, 250V, CONJUNTO MONTADO PARA SOBREPOR 4\" X 2\" (CAIXA + 2 MODULOS)                                                                                                                                                                                                                                                                                                                                                                                                                 ","UN    ","CR","12,88"]
[38081,"INTERRUPTORES PARALELOS (2 MODULOS) + TOMADA 2P+T 10A, 250V, CONJUNTO MONTADO PARA EMBUTIR 4\" X 2\" (PLACA + SUPORTE + MODULOS)                                                                                                                                                                                                                                                                                                                                                                            ","UN    ","CR","25,09"]
[38070,"INTERRUPTORES PARALELOS (2 MODULOS) 10A, 250V, CONJUNTO MONTADO PARA EMBUTIR 4\" X 2\" (PLACA + SUPORTE + MODULOS)                                                                                                                                                                                                                                                                                                                                                                                          ","UN    ","CR","17,29"]
[38074,"INTERRUPTORES PARALELOS (3 MODULOS) 10A, 250V, CONJUNTO MONTADO PARA EMBUTIR 4\" X 2\" (PLACA + SUPORTE + MODULO)                                                                                                                                                                                                                                                                                                                                                                                           ","UN    ","CR","26,29"]
[38079,"INTERRUPTORES SIMPLES (2 MODULOS) + TOMADA 2P+T 10A, 250V, CONJUNTO MONTADO PARA EMBUTIR 4\" X 2\" (PLACA + SUPORTE + MODULOS)                                                                                                                                                                                                                                                                                                                                                                              ","UN    ","CR","22,57"]
[38072,"INTERRUPTORES SIMPLES (2 MODULOS) + 1 INTERRUPTOR PARALELO 10A, 250V, CONJUNTO MONTADO PARA EMBUTIR 4\" X 2\" (PLACA + SUPORTE + MODULOS)                                                                                                                                                                                                                                                                                                                                                                   ","UN    ","CR","21,68"]
[38068,"INTERRUPTORES SIMPLES (2 MODULOS) 10A, 250V, CONJUNTO MONTADO PARA EMBUTIR 4\" X 2\" (PLACA + SUPORTE + MODULOS)                                                                                                                                                                                                                                                                                                                                                                                            ","UN    ","CR","14,97"]
[38071,"INTERRUPTORES SIMPLES (3 MODULOS) 10A, 250V, CONJUNTO MONTADO PARA EMBUTIR 4\" X 2\" (PLACA + SUPORTE + MODULOS)                                                                                                                                                                                                                                                                                                                                                                                            ","UN    ","CR","17,90"]
[38412,"INVERSOR DE SOLDA MONOFASICO DE 160 A, POTENCIA DE 5400 W, TENSAO DE 220 V, TURBO VENTILADO, PROTECAO POR FUSIVEL TERMICO, PARA ELETRODOS DE 2,0 A 4,0 MM                                                                                                                                                                                                                                                                                                                                                 ","UN    ","C ","1.348,00"]
[3405,"ISOLADOR DE PORCELANA SUSPENSO, DISCO TIPO GARFO OLHAL, DIAMETRO DE 152 MM, PARA TENSAO DE *15* KV                                                                                                                                                                                                                                                                                                                                                                                                        ","UN    ","CR","53,90"]
[3394,"ISOLADOR DE PORCELANA, TIPO BUCHA, PARA TENSAO DE *15* KV                                                                                                                                                                                                                                                                                                                                                                                                                                                 ","UN    ","CR","284,55"]
[3393,"ISOLADOR DE PORCELANA, TIPO BUCHA, PARA TENSAO DE *35* KV                                                                                                                                                                                                                                                                                                                                                                                                                                                 ","UN    ","CR","484,47"]
[3406,"ISOLADOR DE PORCELANA, TIPO PINO MONOCORPO, PARA TENSAO DE *15* KV                                                                                                                                                                                                                                                                                                                                                                                                                                        ","UN    ","C ","16,50"]
[3395,"ISOLADOR DE PORCELANA, TIPO PINO MONOCORPO, PARA TENSAO DE *35* KV                                                                                                                                                                                                                                                                                                                                                                                                                                        ","UN    ","CR","69,60"]
[3398,"ISOLADOR DE PORCELANA, TIPO ROLDANA, DIMENSOES DE *72* X *72* MM, PARA USO EM BAIXA TENSAO                                                                                                                                                                                                                                                                                                                                                                                                                ","UN    ","CR","3,30"]
[34377,"JANELA BASCULANTE EM ALUMINIO, 80 X 60 CM (A X L), ACABAMENTO ACET OU BRILHANTE, BATENTE/REQUADRO DE 3 A 14 CM, COM VIDRO, SEM GUARNICAO/ALIZAR                                                                                                                                                                                                                                                                                                                                                           ","UN    ","CR","162,68"]
[40662,"JANELA BASCULANTE EM MADEIRA PINUS/ EUCALIPTO/ TAUARI/ VIROLA OU EQUIVALENTE DA REGIAO, *60 X 60*, CAIXA DO BATENTE/ MARCO E = *10* CM, 2 BASCULAS PARA VIDRO, COM FERRAGENS (SEM VIDRO, SEM GUARNICAO/ALIZAR E SEM ACABAMENTO)                                                                                                                                                                                                                                                                           ","UN    ","CR","111,64"]
[3437,"JANELA BASCULANTE EM MADEIRA PINUS/ EUCALIPTO/ TAUARI/ VIROLA OU EQUIVALENTE DA REGIAO, CAIXA DO BATENTE/ MARCO *10* CM, *2* FOLHAS BASCULANTES PARA VIDRO, COM FERRAGENS (SEM VIDRO, SEM GUARNICAO/ALIZAR E SEM ACABAMENTO)                                                                                                                                                                                                                                                                              ","M2    ","CR","310,11"]
[11190,"JANELA BASCULANTE, ACO, COM BATENTE/REQUADRO, 60 X 60 CM (SEM VIDROS)                                                                                                                                                                                                                                                                                                                                                                                                                                     ","UN    ","AS","204,90"]
[3428,"JANELA DE ABRIR EM MADEIRA IMBUIA/CEDRO ARANA/CEDRO ROSA OU EQUIVALENTE DA REGIAO, CAIXA DO BATENTE/MARCO *10* CM, 2 FOLHAS DE ABRIR TIPO VENEZIANA E 2 FOLHAS DE ABRIR PARA VIDRO, COM GUARNICAO/ALIZAR, COM FERRAGENS, (SEM VIDRO E SEM ACABAMENTO)                                                                                                                                                                                                                                                     ","M2    ","C ","460,00"]
[3429,"JANELA DE ABRIR EM MADEIRA PINUS/EUCALIPTO/ TAUARI/ VIROLA OU EQUIVALENTE DA REGIAO, CAIXA DO BATENTE/MARCO *10* CM, 2 FOLHAS DE ABRIR TIPO VENEZIANA E 2 FOLHAS GUILHOTINA PARA VIDRO, COM FERRAGENS (SEM VIDRO,SEM GUARNICAO/ALIZAR E SEM ACABAMENTO)                                                                                                                                                                                                                                                   ","M2    ","CR","262,82"]
[34370,"JANELA DE CORRER EM ALUMINIO, VENEZIANA, 120 X 120 CM (A X L), 3 FLS (2 VENEZIANAS E 1 VIDRO), SEM BANDEIRA, ACABAMENTO ACET OU BRILHANTE, BATENTE/REQUADRO DE 6 A 14 CM, COM VIDRO, SEM GUARNICAO/ALIZAR                                                                                                                                                                                                                                                                                                 ","UN    ","CR","493,81"]
[34372,"JANELA DE CORRER EM ALUMINIO, VENEZIANA, 120 X 150 CM (A X L), 6 FLS (4 VENEZIANAS E 2 VIDROS), SEM BANDEIRA, ACABAMENTO ACET OU BRILHANTE, BATENTE/REQUADRO DE 6 A 14 CM, COM VIDRO, SEM GUARNICAO/ALIZAR                                                                                                                                                                                                                                                                                                ","UN    ","CR","686,96"]
[36896,"JANELA DE CORRER EM ALUMINIO, 100 X 120 CM (A X L), 2 FLS,  SEM BANDEIRA,  ACABAMENTO ACET OU BRILHANTE, BATENTE/REQUADRO DE 6 A 14 CM, COM VIDRO, SEM GUARNICAO                                                                                                                                                                                                                                                                                                                                          ","UN    ","C ","283,34"]
[34367,"JANELA DE CORRER EM ALUMINIO, 100 X 150 CM (A X L), 2 FLS,  SEM BANDEIRA,  ACABAMENTO ACET OU BRILHANTE, BATENTE/REQUADRO DE 6 A 14 CM, COM VIDRO, SEM GUARNICAO/ALIZAR                                                                                                                                                                                                                                                                                                                                   ","UN    ","CR","332,82"]
[36897,"JANELA DE CORRER EM ALUMINIO, 100 X 150 CM (A X L), 4 FLS, SEM BANDEIRA, ACABAMENTO ACET OU BRILHANTE, BATENTE/REQUADRO DE 6 A 14 CM, COM VIDRO, SEM GUARNICAO/ALIZAR                                                                                                                                                                                                                                                                                                                                     ","UN    ","CR","392,47"]
[34369,"JANELA DE CORRER EM ALUMINIO, 100 X 200 CM, 4 FLS,  BANDEIRA COM BASCULA,  ACABAMENTO ACET OU BRILHANTE, BATENTE/REQUADRO DE 6 A 14 CM, COM VIDRO, SEM GUARNICAO/ALIZAR                                                                                                                                                                                                                                                                                                                                   ","UN    ","CR","465,00"]
[34364,"JANELA DE CORRER EM ALUMINIO, 120 X 150 CM (A X L), 4 FLS, BANDEIRA COM BASCULA,  ACABAMENTO ACET OU BRILHANTE, BATENTE/REQUADRO DE 6 A 14 CM, COM VIDRO, SEM GUARNICAO/ALIZAR                                                                                                                                                                                                                                                                                                                            ","UN    ","CR","454,83"]
[40659,"JANELA DE 6 FOLHAS DE CORRER EM MADEIRA CEDRINHO/ ANGELIM COMERCIAL/ CURUPIXA/ CUMARU OU EQUIVALENTE DA REGIAO, CAIXA DO BATENTE/MARCO *10* CM, 2 FOLHAS DE CORRER VENEZIANA, 2 FOLHAS FIXAS VENEZIANA E 2 FOLHAS DE CORRER PARA VIDRO, COM FERRAGENS (SEM VIDRO, SEM ACABAMENTO E SEM GUARNICAO/ALIZAR)                                                                                                                                                                                                  ","M2    ","CR","438,76"]
[40660,"JANELA DE 6 FOLHAS DE CORRER EM MADEIRA IMBUIA/CEDRO ARANA/CEDRO ROSA OU EQUIVALENTE DA REGIAO, CAIXA DO BATENTE/MARCO *10* CM, 2 FOLHAS DE CORRER VENEZIANA, 2 FOLHAS FIXAS VENEZIANA E 2 FOLHAS DE CORRER PARA VIDRO, COM FERRAGENS (SEM VIDRO, SEM ACABAMENTO E SEM GUARNICAO/ALIZAR)                                                                                                                                                                                                                  ","M2    ","CR","556,08"]
[40661,"JANELA DE 6 FOLHAS DE CORRER EM MADEIRA PINUS/ EUCALIPTO/ TAUARI/ VIROLA OU  EQUIVALENTE DA REGIAO, CAIXA DO BATENTE/MARCO *10* CM, 2 FOLHAS DE CORRER VENEZIANA, 2 FOLHAS FIXAS VENEZIANA E 2 FOLHAS DE CORRER PARA VIDRO, COM FERRAGENS (SEM VIDRO, SEM ACABAMENTO E SEM GUARNICAO/ALIZAR)                                                                                                                                                                                                              ","M2    ","CR","341,89"]
[3421,"JANELA EM MADEIRA CEDRINHO/ ANGELIM COMERCIAL/ CURUPIXA/ CUMARU OU EQUIVALENTE DA REGIAO, CAIXA DO BATENTE/MARCO *10* CM, 2 FOLHAS DE ABRIR TIPO VENEZIANA E 2 FOLHAS GUILHOTINA PARA VIDRO, COM GUARNICAO/ALIZAR, COM FERRAGENS (SEM VIDRO E SEM ACABAMENTO)                                                                                                                                                                                                                                             ","M2    ","CR","344,51"]
[599,"JANELA FIXA EM ALUMINIO, 60  X 80 CM (A X L), BATENTE/REQUADRO DE 3 A 14 CM, COM VIDRO, SEM GUARNICAO/ALIZAR                                                                                                                                                                                                                                                                                                                                                                                              ","M2    ","CR","245,71"]
[34381,"JANELA MAXIM AR EM ALUMINIO, 80 X 60 CM (A X L), BATENTE/REQUADRO DE 4 A 14 CM, COM VIDRO, SEM GUARNICAO/ALIZAR                                                                                                                                                                                                                                                                                                                                                                                           ","UN    ","CR","166,07"]
[3423,"JANELA MAXIM AR EM MADEIRA CEDRINHO/ ANGELIM COMERCIAL/ CURUPIXA/ CUMARU OU EQUIVALENTE DA REGIAO, CAIXA DO BATENTE/MARCO *10* CM, 1 FOLHA  PARA VIDRO, COM GUARNICAO/ALIZAR, COM FERRAGENS, (SEM VIDRO E SEM ACABAMENTO)                                                                                                                                                                                                                                                                                 ","M2    ","CR","485,84"]
[34797,"JANELA MAXIMO AR, ACO, BATENTE / REQUADRO DE 6 A 14 CM, PINT ANTICORROSIVA, SEM VIDRO, COM GRADE, 1 FL, 60  X 80 CM (A X L)                                                                                                                                                                                                                                                                                                                                                                               ","UN    ","AS","446,30"]
[25964,"JARDINEIRO                                                                                                                                                                                                                                                                                                                                                                                                                                                                                                ","H     ","CR","13,60"]
[41077,"JARDINEIRO (MENSALISTA)                                                                                                                                                                                                                                                                                                                                                                                                                                                                                   ","MES   ","CR","2.390,84"]
[20159,"JOELHO COM VISITA, PVC SERIE R, 90 GRAUS, 100 X 75 MM, PARA ESGOTO OU AGUAS PLUVIAIS PREDIAIS                                                                                                                                                                                                                                                                                                                                                                                                             ","UN    ","CR","57,15"]
[37963,"JOELHO CPVC, SOLDAVEL, 45 GRAUS, 15 MM, PARA AGUA QUENTE                                                                                                                                                                                                                                                                                                                                                                                                                                                  ","UN    ","AS","3,28"]
[37964,"JOELHO CPVC, SOLDAVEL, 45 GRAUS, 22 MM, PARA AGUA QUENTE                                                                                                                                                                                                                                                                                                                                                                                                                                                  ","UN    ","AS","5,47"]
[37965,"JOELHO CPVC, SOLDAVEL, 45 GRAUS, 28 MM, PARA AGUA QUENTE                                                                                                                                                                                                                                                                                                                                                                                                                                                  ","UN    ","AS","7,93"]
[37966,"JOELHO CPVC, SOLDAVEL, 45 GRAUS, 35 MM, PARA AGUA QUENTE                                                                                                                                                                                                                                                                                                                                                                                                                                                  ","UN    ","AS","14,36"]
[37967,"JOELHO CPVC, SOLDAVEL, 45 GRAUS, 42 MM, PARA AGUA QUENTE                                                                                                                                                                                                                                                                                                                                                                                                                                                  ","UN    ","AS","23,03"]
[37968,"JOELHO CPVC, SOLDAVEL, 45 GRAUS, 54 MM, PARA AGUA QUENTE                                                                                                                                                                                                                                                                                                                                                                                                                                                  ","UN    ","AS","50,51"]
[37969,"JOELHO CPVC, SOLDAVEL, 45 GRAUS, 73 MM, PARA AGUA QUENTE                                                                                                                                                                                                                                                                                                                                                                                                                                                  ","UN    ","AS","134,94"]
[37970,"JOELHO CPVC, SOLDAVEL, 45 GRAUS, 89 MM, PARA AGUA QUENTE                                                                                                                                                                                                                                                                                                                                                                                                                                                  ","UN    ","AS","157,42"]
[21118,"JOELHO CPVC, SOLDAVEL, 90 GRAUS, 15 MM, PARA AGUA QUENTE                                                                                                                                                                                                                                                                                                                                                                                                                                                  ","UN    ","AS","2,48"]
[37956,"JOELHO CPVC, SOLDAVEL, 90 GRAUS, 22 MM, PARA AGUA QUENTE                                                                                                                                                                                                                                                                                                                                                                                                                                                  ","UN    ","AS","3,93"]
[37957,"JOELHO CPVC, SOLDAVEL, 90 GRAUS, 28 MM, PARA AGUA QUENTE                                                                                                                                                                                                                                                                                                                                                                                                                                                  ","UN    ","AS","8,28"]
[37958,"JOELHO CPVC, SOLDAVEL, 90 GRAUS, 35 MM, PARA AGUA QUENTE                                                                                                                                                                                                                                                                                                                                                                                                                                                  ","UN    ","AS","14,36"]
[37959,"JOELHO CPVC, SOLDAVEL, 90 GRAUS, 42 MM, PARA AGUA QUENTE                                                                                                                                                                                                                                                                                                                                                                                                                                                  ","UN    ","AS","23,03"]
[37960,"JOELHO CPVC, SOLDAVEL, 90 GRAUS, 54 MM, PARA AGUA QUENTE                                                                                                                                                                                                                                                                                                                                                                                                                                                  ","UN    ","AS","49,60"]
[37961,"JOELHO CPVC, SOLDAVEL, 90 GRAUS, 73 MM, PARA AGUA QUENTE                                                                                                                                                                                                                                                                                                                                                                                                                                                  ","UN    ","AS","131,59"]
[37962,"JOELHO CPVC, SOLDAVEL, 90 GRAUS, 89 MM, PARA AGUA QUENTE                                                                                                                                                                                                                                                                                                                                                                                                                                                  ","UN    ","AS","152,91"]
[3533,"JOELHO DE REDUCAO, PVC SOLDAVEL, 90 GRAUS,  25 MM X 20 MM, PARA AGUA FRIA PREDIAL                                                                                                                                                                                                                                                                                                                                                                                                                         ","UN    ","CR","2,56"]
[3538,"JOELHO DE REDUCAO, PVC SOLDAVEL, 90 GRAUS,  32 MM X 25 MM, PARA AGUA FRIA PREDIAL                                                                                                                                                                                                                                                                                                                                                                                                                         ","UN    ","CR","4,41"]
[3497,"JOELHO DE REDUCAO, PVC, ROSCAVEL COM BUCHA DE LATAO, 90 GRAUS,  3/4\" X 1/2\", PARA AGUA FRIA PREDIAL                                                                                                                                                                                                                                                                                                                                                                                                       ","UN    ","CR","16,49"]
[3498,"JOELHO DE REDUCAO, PVC, ROSCAVEL, 90 GRAUS, 1\" X 3/4\", PARA AGUA FRIA PREDIAL                                                                                                                                                                                                                                                                                                                                                                                                                             ","UN    ","CR","5,24"]
[3496,"JOELHO DE REDUCAO, PVC, ROSCAVEL, 90 GRAUS, 3/4\" X 1/2\", PARA AGUA FRIA PREDIAL                                                                                                                                                                                                                                                                                                                                                                                                                           ","UN    ","CR","4,23"]
[38429,"JOELHO DE TRANSICAO, CPVC, SOLDAVEL, 90 GRAUS, 15 MM X 1/2\", PARA AGUA QUENTE                                                                                                                                                                                                                                                                                                                                                                                                                             ","UN    ","AS","8,37"]
[38431,"JOELHO DE TRANSICAO, CPVC, SOLDAVEL, 90 GRAUS, 22 MM X 1/2\", PARA AGUA QUENTE                                                                                                                                                                                                                                                                                                                                                                                                                             ","UN    ","AS","13,27"]
[38430,"JOELHO DE TRANSICAO, CPVC, SOLDAVEL, 90 GRAUS, 22 MM X 3/4\", PARA AGUA QUENTE                                                                                                                                                                                                                                                                                                                                                                                                                             ","UN    ","AS","16,95"]
[36348,"JOELHO PPR 45 GRAUS, SOLDAVEL,  DN 20 MM, PARA AGUA QUENTE PREDIAL                                                                                                                                                                                                                                                                                                                                                                                                                                        ","UN    ","CR","1,77"]
[36349,"JOELHO PPR 45 GRAUS, SOLDAVEL, DN 25 MM, PARA AGUA QUENTE PREDIAL                                                                                                                                                                                                                                                                                                                                                                                                                                         ","UN    ","CR","2,66"]
[38433,"JOELHO PPR, 45 GRAUS, SOLDAVEL, DN 32 MM, PARA AGUA QUENTE PREDIAL                                                                                                                                                                                                                                                                                                                                                                                                                                        ","UN    ","CR","4,92"]
[38440,"JOELHO PPR, 90 GRAUS, SOLDAVEL, DN 110 MM, PARA AGUA QUENTE PREDIAL                                                                                                                                                                                                                                                                                                                                                                                                                                       ","UN    ","CR","169,89"]
[36359,"JOELHO PPR, 90 GRAUS, SOLDAVEL, DN 20 MM, PARA AGUA QUENTE PREDIAL                                                                                                                                                                                                                                                                                                                                                                                                                                        ","UN    ","CR","2,11"]
[36360,"JOELHO PPR, 90 GRAUS, SOLDAVEL, DN 25 MM, PARA AGUA QUENTE PREDIAL                                                                                                                                                                                                                                                                                                                                                                                                                                        ","UN    ","CR","3,26"]
[38434,"JOELHO PPR, 90 GRAUS, SOLDAVEL, DN 32 MM, PARA AGUA QUENTE PREDIAL                                                                                                                                                                                                                                                                                                                                                                                                                                        ","UN    ","CR","4,99"]
[38435,"JOELHO PPR, 90 GRAUS, SOLDAVEL, DN 40 MM, PARA AGUA QUENTE PREDIAL                                                                                                                                                                                                                                                                                                                                                                                                                                        ","UN    ","CR","9,47"]
[38436,"JOELHO PPR, 90 GRAUS, SOLDAVEL, DN 50 MM, PARA AGUA QUENTE PREDIAL                                                                                                                                                                                                                                                                                                                                                                                                                                        ","UN    ","CR","19,59"]
[38437,"JOELHO PPR, 90 GRAUS, SOLDAVEL, DN 63 MM, PARA AGUA QUENTE PREDIAL                                                                                                                                                                                                                                                                                                                                                                                                                                        ","UN    ","CR","29,41"]
[38438,"JOELHO PPR, 90 GRAUS, SOLDAVEL, DN 75 MM, PARA AGUA QUENTE PREDIAL                                                                                                                                                                                                                                                                                                                                                                                                                                        ","UN    ","CR","74,32"]
[38439,"JOELHO PPR, 90 GRAUS, SOLDAVEL, DN 90 MM, PARA AGUA QUENTE PREDIAL                                                                                                                                                                                                                                                                                                                                                                                                                                        ","UN    ","CR","113,28"]
[10836,"JOELHO PVC COM VISITA, 90 GRAUS, DN 100 X 50 MM, SERIE NORMAL, PARA ESGOTO PREDIAL                                                                                                                                                                                                                                                                                                                                                                                                                        ","UN    ","CR","20,03"]
[20128,"JOELHO PVC LEVE, 45 GRAUS, DN 150 MM, PARA ESGOTO PREDIAL                                                                                                                                                                                                                                                                                                                                                                                                                                                 ","UN    ","CR","58,71"]
[20131,"JOELHO PVC LEVE, 90 GRAUS, DN 150 MM, PARA ESGOTO PREDIAL                                                                                                                                                                                                                                                                                                                                                                                                                                                 ","UN    ","CR","53,59"]
[3521,"JOELHO PVC,  SOLDAVEL COM ROSCA, 90 GRAUS, 20 MM X 1/2\", PARA AGUA FRIA PREDIAL                                                                                                                                                                                                                                                                                                                                                                                                                           ","UN    ","CR","2,22"]
[3531,"JOELHO PVC,  SOLDAVEL COM ROSCA, 90 GRAUS, 25 MM X 1/2\", PARA AGUA FRIA PREDIAL                                                                                                                                                                                                                                                                                                                                                                                                                           ","UN    ","CR","2,52"]
[3522,"JOELHO PVC,  SOLDAVEL COM ROSCA, 90 GRAUS, 25 MM X 3/4\", PARA AGUA FRIA PREDIAL                                                                                                                                                                                                                                                                                                                                                                                                                           ","UN    ","CR","3,74"]
[3527,"JOELHO PVC,  SOLDAVEL COM ROSCA, 90 GRAUS, 32 MM X 3/4\", PARA AGUA FRIA PREDIAL                                                                                                                                                                                                                                                                                                                                                                                                                           ","UN    ","CR","12,87"]
[10835,"JOELHO PVC, COM BOLSA E ANEL, 90 GRAUS, DN 40 X *38* MM, SERIE NORMAL, PARA ESGOTO PREDIAL                                                                                                                                                                                                                                                                                                                                                                                                                ","UN    ","CR","4,19"]
[3475,"JOELHO PVC, ROSCAVEL, 45 GRAUS, 1/2\", PARA AGUA FRIA PREDIAL                                                                                                                                                                                                                                                                                                                                                                                                                                              ","UN    ","CR","4,32"]
[3485,"JOELHO PVC, ROSCAVEL, 45 GRAUS, 1\", PARA AGUA FRIA PREDIAL                                                                                                                                                                                                                                                                                                                                                                                                                                                ","UN    ","CR","13,82"]
[3534,"JOELHO PVC, ROSCAVEL, 45 GRAUS, 3/4\", PARA AGUA FRIA PREDIAL                                                                                                                                                                                                                                                                                                                                                                                                                                              ","UN    ","CR","5,46"]
[3543,"JOELHO PVC, ROSCAVEL, 90 GRAUS, 1/2\", PARA AGUA FRIA PREDIAL                                                                                                                                                                                                                                                                                                                                                                                                                                              ","UN    ","CR","2,74"]
[3482,"JOELHO PVC, ROSCAVEL, 90 GRAUS, 1\", PARA AGUA FRIA PREDIAL                                                                                                                                                                                                                                                                                                                                                                                                                                                ","UN    ","CR","6,94"]
[3505,"JOELHO PVC, ROSCAVEL, 90 GRAUS, 3/4\", PARA AGUA FRIA PREDIAL                                                                                                                                                                                                                                                                                                                                                                                                                                              ","UN    ","CR","3,94"]
[3516,"JOELHO PVC, SOLDAVEL, BB, 45 GRAUS, DN 40 MM, PARA ESGOTO PREDIAL                                                                                                                                                                                                                                                                                                                                                                                                                                         ","UN    ","CR","1,10"]
[3517,"JOELHO PVC, SOLDAVEL, BB, 90 GRAUS, DN 40 MM, PARA ESGOTO PREDIAL                                                                                                                                                                                                                                                                                                                                                                                                                                         ","UN    ","CR","3,83"]
[3515,"JOELHO PVC, SOLDAVEL, COM BUCHA DE LATAO, 90 GRAUS, 20 MM X 1/2\", PARA AGUA FRIA PREDIAL                                                                                                                                                                                                                                                                                                                                                                                                                  ","UN    ","CR","6,38"]
[20147,"JOELHO PVC, SOLDAVEL, COM BUCHA DE LATAO, 90 GRAUS, 25 MM X 1/2\", PARA AGUA FRIA PREDIAL                                                                                                                                                                                                                                                                                                                                                                                                                  ","UN    ","CR","6,86"]
[3524,"JOELHO PVC, SOLDAVEL, COM BUCHA DE LATAO, 90 GRAUS, 25 MM X 3/4\", PARA AGUA FRIA PREDIAL                                                                                                                                                                                                                                                                                                                                                                                                                  ","UN    ","CR","8,14"]
[3532,"JOELHO PVC, SOLDAVEL, COM BUCHA DE LATAO, 90 GRAUS, 32 MM X 3/4\", PARA AGUA FRIA PREDIAL                                                                                                                                                                                                                                                                                                                                                                                                                  ","UN    ","CR","14,89"]
[3528,"JOELHO PVC, SOLDAVEL, PB, 45 GRAUS, DN 100 MM, PARA ESGOTO PREDIAL                                                                                                                                                                                                                                                                                                                                                                                                                                        ","UN    ","CR","8,64"]
[37952,"JOELHO PVC, SOLDAVEL, PB, 45 GRAUS, DN 150 MM, PARA ESGOTO PREDIAL                                                                                                                                                                                                                                                                                                                                                                                                                                        ","UN    ","CR","61,56"]
[37951,"JOELHO PVC, SOLDAVEL, PB, 45 GRAUS, DN 40 MM, PARA ESGOTO PREDIAL                                                                                                                                                                                                                                                                                                                                                                                                                                         ","UN    ","CR","2,24"]
[3518,"JOELHO PVC, SOLDAVEL, PB, 45 GRAUS, DN 50 MM, PARA ESGOTO PREDIAL                                                                                                                                                                                                                                                                                                                                                                                                                                         ","UN    ","CR","3,28"]
[3519,"JOELHO PVC, SOLDAVEL, PB, 45 GRAUS, DN 75 MM, PARA ESGOTO PREDIAL                                                                                                                                                                                                                                                                                                                                                                                                                                         ","UN    ","CR","7,76"]
[3520,"JOELHO PVC, SOLDAVEL, PB, 90 GRAUS, DN 100 MM, PARA ESGOTO PREDIAL                                                                                                                                                                                                                                                                                                                                                                                                                                        ","UN    ","CR","8,70"]
[37950,"JOELHO PVC, SOLDAVEL, PB, 90 GRAUS, DN 150 MM, PARA ESGOTO PREDIAL                                                                                                                                                                                                                                                                                                                                                                                                                                        ","UN    ","CR","53,59"]
[37949,"JOELHO PVC, SOLDAVEL, PB, 90 GRAUS, DN 40 MM, PARA ESGOTO PREDIAL                                                                                                                                                                                                                                                                                                                                                                                                                                         ","UN    ","CR","1,96"]
[3526,"JOELHO PVC, SOLDAVEL, PB, 90 GRAUS, DN 50 MM, PARA ESGOTO PREDIAL                                                                                                                                                                                                                                                                                                                                                                                                                                         ","UN    ","CR","2,63"]
[3509,"JOELHO PVC, SOLDAVEL, PB, 90 GRAUS, DN 75 MM, PARA ESGOTO PREDIAL                                                                                                                                                                                                                                                                                                                                                                                                                                         ","UN    ","CR","6,84"]
[3530,"JOELHO PVC, SOLDAVEL, 90 GRAUS, 110 MM, PARA AGUA FRIA PREDIAL                                                                                                                                                                                                                                                                                                                                                                                                                                            ","UN    ","CR","256,41"]
[3542,"JOELHO PVC, SOLDAVEL, 90 GRAUS, 20 MM, PARA AGUA FRIA PREDIAL                                                                                                                                                                                                                                                                                                                                                                                                                                             ","UN    ","CR","0,59"]
[3529,"JOELHO PVC, SOLDAVEL, 90 GRAUS, 25 MM, PARA AGUA FRIA PREDIAL                                                                                                                                                                                                                                                                                                                                                                                                                                             ","UN    ","CR","0,82"]
[3536,"JOELHO PVC, SOLDAVEL, 90 GRAUS, 32 MM, PARA AGUA FRIA PREDIAL                                                                                                                                                                                                                                                                                                                                                                                                                                             ","UN    ","CR","2,45"]
[3535,"JOELHO PVC, SOLDAVEL, 90 GRAUS, 40 MM, PARA AGUA FRIA PREDIAL                                                                                                                                                                                                                                                                                                                                                                                                                                             ","UN    ","CR","5,82"]
[3540,"JOELHO PVC, SOLDAVEL, 90 GRAUS, 50 MM, PARA AGUA FRIA PREDIAL                                                                                                                                                                                                                                                                                                                                                                                                                                             ","UN    ","CR","6,30"]
[3539,"JOELHO PVC, SOLDAVEL, 90 GRAUS, 60 MM, PARA AGUA FRIA PREDIAL                                                                                                                                                                                                                                                                                                                                                                                                                                             ","UN    ","CR","27,35"]
[3513,"JOELHO PVC, SOLDAVEL, 90 GRAUS, 85 MM, PARA AGUA FRIA PREDIAL                                                                                                                                                                                                                                                                                                                                                                                                                                             ","UN    ","CR","121,54"]
[3492,"JOELHO PVC, 45 GRAUS, ROSCAVEL,  1 1/2\", AGUA FRIA PREDIAL                                                                                                                                                                                                                                                                                                                                                                                                                                                ","UN    ","CR","23,40"]
[3491,"JOELHO PVC, 45 GRAUS, ROSCAVEL, 1 1/4\",  AGUA FRIA PREDIAL                                                                                                                                                                                                                                                                                                                                                                                                                                                ","UN    ","CR","13,34"]
[3493,"JOELHO PVC, 45 GRAUS, ROSCAVEL, 2\", AGUA FRIA PREDIAL                                                                                                                                                                                                                                                                                                                                                                                                                                                     ","UN    ","CR","31,99"]
[12628,"JOELHO PVC, 60 GRAUS, DIAMETRO ENTRE 80 E 100 MM, PARA DRENAGEM PLUVIAL PREDIAL                                                                                                                                                                                                                                                                                                                                                                                                                           ","UN    ","AS","7,43"]
[12629,"JOELHO PVC, 90 GRAUS, DIAMETRO ENTRE 80 E 100 MM, PARA DRENAGEM PLUVIAL PREDIAL                                                                                                                                                                                                                                                                                                                                                                                                                           ","UN    ","AS","8,06"]
[3481,"JOELHO PVC, 90 GRAUS, ROSCAVEL, 1 1/2\",  AGUA FRIA PREDIAL                                                                                                                                                                                                                                                                                                                                                                                                                                                ","UN    ","CR","16,20"]
[3510,"JOELHO PVC, 90 GRAUS, ROSCAVEL, 1 1/4\", AGUA FRIA PREDIAL                                                                                                                                                                                                                                                                                                                                                                                                                                                 ","UN    ","CR","15,14"]
[3508,"JOELHO PVC, 90 GRAUS, ROSCAVEL, 2\", AGUA FRIA PREDIAL                                                                                                                                                                                                                                                                                                                                                                                                                                                     ","UN    ","CR","39,59"]
[38939,"JOELHO ROSCA FEMEA MOVEL, METALICO, PARA CONEXAO COM ANEL DESLIZANTE EM TUBO PEX, DN 16 MM X 1/2\"                                                                                                                                                                                                                                                                                                                                                                                                         ","UN    ","AS","19,98"]
[38940,"JOELHO ROSCA FEMEA MOVEL, METALICO, PARA CONEXAO COM ANEL DESLIZANTE EM TUBO PEX, DN 20 MM X 1/2\"                                                                                                                                                                                                                                                                                                                                                                                                         ","UN    ","AS","30,51"]
[38941,"JOELHO ROSCA FEMEA MOVEL, METALICO, PARA CONEXAO COM ANEL DESLIZANTE EM TUBO PEX, DN 20 MM X 3/4\"                                                                                                                                                                                                                                                                                                                                                                                                         ","UN    ","AS","36,04"]
[38942,"JOELHO ROSCA FEMEA MOVEL, METALICO, PARA CONEXAO COM ANEL DESLIZANTE EM TUBO PEX, DN 25 MM X 3/4\"                                                                                                                                                                                                                                                                                                                                                                                                         ","UN    ","AS","40,37"]
[38987,"JOELHO 45 GRAUS, PPR, SOLDAVEL, F/ F, DN 40 MM, PARA AQUA QUENTE E FRIA PREDIAL                                                                                                                                                                                                                                                                                                                                                                                                                           ","UN    ","CR","8,82"]
[38988,"JOELHO 45 GRAUS, PPR, SOLDAVEL, F/ F, DN 50 MM, PARA AQUA QUENTE E FRIA PREDIAL                                                                                                                                                                                                                                                                                                                                                                                                                           ","UN    ","CR","20,48"]
[38989,"JOELHO 45 GRAUS, PPR, SOLDAVEL, F/ F, DN 63 MM, PARA AQUA QUENTE E FRIA PREDIAL                                                                                                                                                                                                                                                                                                                                                                                                                           ","UN    ","CR","27,22"]
[38990,"JOELHO 45 GRAUS, PPR, SOLDAVEL, F/ F, DN 75 MM, PARA AQUA QUENTE E FRIA PREDIAL                                                                                                                                                                                                                                                                                                                                                                                                                           ","UN    ","CR","71,74"]
[38991,"JOELHO 45 GRAUS, PPR, SOLDAVEL, F/ F, DN 90 MM, PARA AQUA QUENTE E FRIA PREDIAL                                                                                                                                                                                                                                                                                                                                                                                                                           ","UN    ","CR","144,95"]
[38913,"JOELHO 90 GRAUS, METALICO, PARA CONEXAO COM ANEL DESLIZANTE EM TUBO PEX, DN 16 MM                                                                                                                                                                                                                                                                                                                                                                                                                         ","UN    ","AS","18,54"]
[38914,"JOELHO 90 GRAUS, METALICO, PARA CONEXAO COM ANEL DESLIZANTE EM TUBO PEX, DN 20 MM                                                                                                                                                                                                                                                                                                                                                                                                                         ","UN    ","AS","21,51"]
[38915,"JOELHO 90 GRAUS, METALICO, PARA CONEXAO COM ANEL DESLIZANTE EM TUBO PEX, DN 25 MM                                                                                                                                                                                                                                                                                                                                                                                                                         ","UN    ","AS","37,34"]
[38916,"JOELHO 90 GRAUS, METALICO, PARA CONEXAO COM ANEL DESLIZANTE EM TUBO PEX, DN 32 MM                                                                                                                                                                                                                                                                                                                                                                                                                         ","UN    ","AS","49,27"]
[39300,"JOELHO 90 GRAUS, PLASTICO, PARA CONEXAO COM CRIMPAGEM EM TUBO PEX, DN 16 MM                                                                                                                                                                                                                                                                                                                                                                                                                               ","UN    ","AS","16,75"]
[39301,"JOELHO 90 GRAUS, PLASTICO, PARA CONEXAO COM CRIMPAGEM EM TUBO PEX, DN 20 MM                                                                                                                                                                                                                                                                                                                                                                                                                               ","UN    ","AS","23,24"]
[39302,"JOELHO 90 GRAUS, PLASTICO, PARA CONEXAO COM CRIMPAGEM EM TUBO PEX, DN 25 MM                                                                                                                                                                                                                                                                                                                                                                                                                               ","UN    ","AS","29,20"]
[39303,"JOELHO 90 GRAUS, PLASTICO, PARA CONEXAO COM CRIMPAGEM EM TUBO PEX, DN 32 MM                                                                                                                                                                                                                                                                                                                                                                                                                               ","UN    ","AS","51,35"]
[38923,"JOELHO 90 GRAUS, ROSCA FEMEA TERMINAL, METALICO, PARA CONEXAO COM ANEL DESLIZANTE EM TUBO PEX, DN 16 MM X 1/2\"                                                                                                                                                                                                                                                                                                                                                                                            ","UN    ","AS","16,36"]
[38925,"JOELHO 90 GRAUS, ROSCA FEMEA TERMINAL, METALICO, PARA CONEXAO COM ANEL DESLIZANTE EM TUBO PEX, DN 20 MM X 1/2\"                                                                                                                                                                                                                                                                                                                                                                                            ","UN    ","AS","17,58"]
[38926,"JOELHO 90 GRAUS, ROSCA FEMEA TERMINAL, METALICO, PARA CONEXAO COM ANEL DESLIZANTE EM TUBO PEX, DN 20 MM X 3/4\"                                                                                                                                                                                                                                                                                                                                                                                            ","UN    ","AS","25,10"]
[38927,"JOELHO 90 GRAUS, ROSCA FEMEA TERMINAL, METALICO, PARA CONEXAO COM ANEL DESLIZANTE EM TUBO PEX, DN 25 MM X 3/4\"                                                                                                                                                                                                                                                                                                                                                                                            ","UN    ","AS","26,85"]
[39304,"JOELHO 90 GRAUS, ROSCA FEMEA TERMINAL, PLASTICO, PARA CONEXAO COM CRIMPAGEM EM TUBO PEX, DN 16 MM X 1/2\"                                                                                                                                                                                                                                                                                                                                                                                                  ","UN    ","AS","20,69"]
[38924,"JOELHO 90 GRAUS, ROSCA FEMEA TERMINAL, PLASTICO, PARA CONEXAO COM CRIMPAGEM EM TUBO PEX, DN 16 MM X 3/4\"                                                                                                                                                                                                                                                                                                                                                                                                  ","UN    ","AS","29,48"]
[39305,"JOELHO 90 GRAUS, ROSCA FEMEA TERMINAL, PLASTICO, PARA CONEXAO COM CRIMPAGEM EM TUBO PEX, DN 20 MM X 1/2\"                                                                                                                                                                                                                                                                                                                                                                                                  ","UN    ","AS","27,08"]
[39306,"JOELHO 90 GRAUS, ROSCA FEMEA TERMINAL, PLASTICO, PARA CONEXAO COM CRIMPAGEM EM TUBO PEX, DN 20 MM X 3/4\"                                                                                                                                                                                                                                                                                                                                                                                                  ","UN    ","AS","33,88"]
[38928,"JOELHO 90 GRAUS, ROSCA FEMEA TERMINAL, PLASTICO, PARA CONEXAO COM CRIMPAGEM EM TUBO PEX, DN 25 MM X 1/2\"                                                                                                                                                                                                                                                                                                                                                                                                  ","UN    ","AS","29,76"]
[38929,"JOELHO 90 GRAUS, ROSCA FEMEA TERMINAL, PLASTICO, PARA CONEXAO COM CRIMPAGEM EM TUBO PEX, DN 25 MM X 1\"                                                                                                                                                                                                                                                                                                                                                                                                    ","UN    ","AS","52,77"]
[39307,"JOELHO 90 GRAUS, ROSCA FEMEA TERMINAL, PLASTICO, PARA CONEXAO COM CRIMPAGEM EM TUBO PEX, DN 25 MM X 3/4\"                                                                                                                                                                                                                                                                                                                                                                                                  ","UN    ","AS","38,99"]
[38930,"JOELHO 90 GRAUS, ROSCA FEMEA TERMINAL, PLASTICO, PARA CONEXAO COM CRIMPAGEM EM TUBO PEX, DN 32 MM X 1\"                                                                                                                                                                                                                                                                                                                                                                                                    ","UN    ","AS","66,29"]
[38931,"JOELHO 90 GRAUS, ROSCA MACHO TERMINAL, METALICO, PARA CONEXAO COM ANEL DESLIZANTE EM TUBO PEX, DN 16 MM X 1/2\"                                                                                                                                                                                                                                                                                                                                                                                            ","UN    ","AS","16,69"]
[38932,"JOELHO 90 GRAUS, ROSCA MACHO TERMINAL, METALICO, PARA CONEXAO COM ANEL DESLIZANTE EM TUBO PEX, DN 20 MM X 1/2\"                                                                                                                                                                                                                                                                                                                                                                                            ","UN    ","AS","16,86"]
[38934,"JOELHO 90 GRAUS, ROSCA MACHO TERMINAL, METALICO, PARA CONEXAO COM ANEL DESLIZANTE EM TUBO PEX, DN 20 MM X 3/4\"                                                                                                                                                                                                                                                                                                                                                                                            ","UN    ","AS","24,91"]
[38935,"JOELHO 90 GRAUS, ROSCA MACHO TERMINAL, METALICO, PARA CONEXAO COM ANEL DESLIZANTE EM TUBO PEX, DN 25 MM X 3/4\"                                                                                                                                                                                                                                                                                                                                                                                            ","UN    ","AS","26,66"]
[38936,"JOELHO 90 GRAUS, ROSCA MACHO TERMINAL, PLASTICO, PARA CONEXAO COM CRIMPAGEM EM TUBO PEX, DN 25 MM X 1/2\"                                                                                                                                                                                                                                                                                                                                                                                                  ","UN    ","AS","28,55"]
[38937,"JOELHO 90 GRAUS, ROSCA MACHO TERMINAL, PLASTICO, PARA CONEXAO COM CRIMPAGEM EM TUBO PEX, DN 25 MM X 1\"                                                                                                                                                                                                                                                                                                                                                                                                    ","UN    ","AS","34,80"]
[38938,"JOELHO 90 GRAUS, ROSCA MACHO TERMINAL, PLASTICO, PARA CONEXAO COM CRIMPAGEM EM TUBO PEX, DN 32 MM X 1\"                                                                                                                                                                                                                                                                                                                                                                                                    ","UN    ","AS","51,74"]
[3489,"JOELHO, PVC COM ROSCA E BUCHA LATAO, 90 GRAUS,  3/4\", PARA AGUA FRIA PREDIAL                                                                                                                                                                                                                                                                                                                                                                                                                              ","UN    ","CR","14,96"]
[20151,"JOELHO, PVC SERIE R, 45 GRAUS, DN 100 MM, PARA ESGOTO OU AGUAS PLUVIAIS PREDIAIS                                                                                                                                                                                                                                                                                                                                                                                                                          ","UN    ","CR","24,13"]
[20152,"JOELHO, PVC SERIE R, 45 GRAUS, DN 150 MM, PARA ESGOTO OU AGUAS PLUVIAIS PREDIAIS                                                                                                                                                                                                                                                                                                                                                                                                                          ","UN    ","CR","83,98"]
[20148,"JOELHO, PVC SERIE R, 45 GRAUS, DN 40 MM, PARA ESGOTO OU AGUAS PLUVIAIS PREDIAIS                                                                                                                                                                                                                                                                                                                                                                                                                           ","UN    ","CR","4,80"]
[20149,"JOELHO, PVC SERIE R, 45 GRAUS, DN 50 MM, PARA ESGOTO OU AGUAS PLUVIAIS PREDIAIS                                                                                                                                                                                                                                                                                                                                                                                                                           ","UN    ","CR","7,43"]
[20150,"JOELHO, PVC SERIE R, 45 GRAUS, DN 75 MM, PARA ESGOTO OU AGUAS PLUVIAIS PREDIAIS                                                                                                                                                                                                                                                                                                                                                                                                                           ","UN    ","CR","17,33"]
[20157,"JOELHO, PVC SERIE R, 90 GRAUS, DN 100 MM, PARA ESGOTO OU AGUAS PLUVIAIS PREDIAIS                                                                                                                                                                                                                                                                                                                                                                                                                          ","UN    ","CR","32,56"]
[20158,"JOELHO, PVC SERIE R, 90 GRAUS, DN 150 MM, PARA ESGOTO OU AGUAS PLUVIAIS PREDIAIS                                                                                                                                                                                                                                                                                                                                                                                                                          ","UN    ","CR","108,18"]
[20154,"JOELHO, PVC SERIE R, 90 GRAUS, DN 40 MM, PARA ESGOTO OU AGUAS PLUVIAIS PREDIAIS                                                                                                                                                                                                                                                                                                                                                                                                                           ","UN    ","CR","6,17"]
[20155,"JOELHO, PVC SERIE R, 90 GRAUS, DN 50 MM, PARA ESGOTO OU AGUAS PLUVIAIS PREDIAIS                                                                                                                                                                                                                                                                                                                                                                                                                           ","UN    ","CR","9,24"]
[20156,"JOELHO, PVC SERIE R, 90 GRAUS, DN 75 MM, PARA ESGOTO OU AGUAS PLUVIAIS PREDIAIS                                                                                                                                                                                                                                                                                                                                                                                                                           ","UN    ","CR","20,79"]
[3512,"JOELHO, PVC SOLDAVEL, 45 GRAUS, 110 MM, PARA AGUA FRIA PREDIAL                                                                                                                                                                                                                                                                                                                                                                                                                                            ","UN    ","CR","234,48"]
[3499,"JOELHO, PVC SOLDAVEL, 45 GRAUS, 20 MM, PARA AGUA FRIA PREDIAL                                                                                                                                                                                                                                                                                                                                                                                                                                             ","UN    ","CR","1,00"]
[3500,"JOELHO, PVC SOLDAVEL, 45 GRAUS, 25 MM, PARA AGUA FRIA PREDIAL                                                                                                                                                                                                                                                                                                                                                                                                                                             ","UN    ","CR","1,68"]
[3501,"JOELHO, PVC SOLDAVEL, 45 GRAUS, 32 MM, PARA AGUA FRIA PREDIAL                                                                                                                                                                                                                                                                                                                                                                                                                                             ","UN    ","CR","4,86"]
[3502,"JOELHO, PVC SOLDAVEL, 45 GRAUS, 40 MM, PARA AGUA FRIA PREDIAL                                                                                                                                                                                                                                                                                                                                                                                                                                             ","UN    ","CR","6,92"]
[3503,"JOELHO, PVC SOLDAVEL, 45 GRAUS, 50 MM, PARA AGUA FRIA PREDIAL                                                                                                                                                                                                                                                                                                                                                                                                                                             ","UN    ","CR","8,29"]
[3477,"JOELHO, PVC SOLDAVEL, 45 GRAUS, 60 MM, PARA AGUA FRIA PREDIAL                                                                                                                                                                                                                                                                                                                                                                                                                                             ","UN    ","CR","32,10"]
[3478,"JOELHO, PVC SOLDAVEL, 45 GRAUS, 75 MM, PARA AGUA FRIA PREDIAL                                                                                                                                                                                                                                                                                                                                                                                                                                             ","UN    ","CR","73,75"]
[3525,"JOELHO, PVC SOLDAVEL, 45 GRAUS, 85 MM, PARA AGUA FRIA PREDIAL                                                                                                                                                                                                                                                                                                                                                                                                                                             ","UN    ","CR","87,50"]
[3511,"JOELHO, PVC SOLDAVEL, 90 GRAUS, 75 MM, PARA AGUA FRIA PREDIAL                                                                                                                                                                                                                                                                                                                                                                                                                                             ","UN    ","CR","102,67"]
[38917,"JOELHO, ROSCA FEMEA, COM BASE FIXA, METALICO, PARA CONEXAO COM ANEL DESLIZANTE EM TUBO PEX, DN 16 MM X 1/2\"                                                                                                                                                                                                                                                                                                                                                                                               ","UN    ","AS","15,97"]
[38919,"JOELHO, ROSCA FEMEA, COM BASE FIXA, METALICO, PARA CONEXAO COM ANEL DESLIZANTE EM TUBO PEX, DN 20 MM X 1/2\"                                                                                                                                                                                                                                                                                                                                                                                               ","UN    ","AS","23,76"]
[38922,"JOELHO, ROSCA FEMEA, COM BASE FIXA, METALICO, PARA CONEXAO COM ANEL DESLIZANTE EM TUBO PEX, DN 25 MM X 3/4\"                                                                                                                                                                                                                                                                                                                                                                                               ","UN    ","AS","30,70"]
[38921,"JOELHO, ROSCA FEMEA, COM BASE FIXA, PLASTICO, PARA CONEXAO COM CRIMPAGEM EM TUBO PEX, DN 25 MM X 1/2\"                                                                                                                                                                                                                                                                                                                                                                                                     ","UN    ","AS","37,95"]
[38918,"JOELHO, ROSCA FEMEA, COM BASE FIXA, PLASTICO, PARA CONEXAO POR CRIMPAGEM EM TUBO PEX, DN 16 MM X 3/4\"                                                                                                                                                                                                                                                                                                                                                                                                     ","UN    ","AS","36,07"]
[38920,"JOELHO, ROSCA FEMEA, COM BASE FIXA, PLASTICO, PARA CONEXAO POR CRIMPAGEM EM TUBO PEX, DN 20 MM X 3/4\"                                                                                                                                                                                                                                                                                                                                                                                                     ","UN    ","AS","45,09"]
[12032,"JOGO DE TRANQUETA E ROSETA QUADRADA DE SOBREPOR SEM FUROS, EM LATAO CROMADO, *50 X 50* MM, PARA FECHADURA DE PORTA DE BANHEIRO                                                                                                                                                                                                                                                                                                                                                                            ","JG    ","CR","43,69"]
[12030,"JOGO DE TRANQUETA E ROSETA REDONDA DE SOBREPOR SEM FUROS, EM LATAO CROMADO, DIAMETRO *50* MM, PARA FECHADURA DE PORTA DE BANHEIRO                                                                                                                                                                                                                                                                                                                                                                         ","JG    ","CR","41,05"]
[10908,"JUNCAO DE REDUCAO INVERTIDA, PVC SOLDAVEL, 100 X 50 MM, SERIE NORMAL PARA ESGOTO PREDIAL                                                                                                                                                                                                                                                                                                                                                                                                                  ","UN    ","CR","18,23"]
[10909,"JUNCAO DE REDUCAO INVERTIDA, PVC SOLDAVEL, 100 X 75 MM, SERIE NORMAL PARA ESGOTO PREDIAL                                                                                                                                                                                                                                                                                                                                                                                                                  ","UN    ","CR","29,07"]
[3669,"JUNCAO DE REDUCAO INVERTIDA, PVC SOLDAVEL, 75 X 50 MM, SERIE NORMAL PARA ESGOTO PREDIAL                                                                                                                                                                                                                                                                                                                                                                                                                   ","UN    ","CR","12,46"]
[20138,"JUNCAO DE REDUCAO SIMPLES, COM BOLSA PARA ANEL, PVC LEVE,  150 X 100 MM, PARA ESGOTO PREDIAL                                                                                                                                                                                                                                                                                                                                                                                                              ","UN    ","CR","61,89"]
[20139,"JUNCAO DUPLA, PVC SERIE R, DN 100 X 100 X 100 MM, PARA ESGOTO OU AGUAS PLUVIAIS PREDIAIS                                                                                                                                                                                                                                                                                                                                                                                                                  ","UN    ","CR","103,99"]
[3668,"JUNCAO DUPLA, PVC SOLDAVEL, DN 100 X 100 X 100 MM , SERIE NORMAL PARA ESGOTO PREDIAL                                                                                                                                                                                                                                                                                                                                                                                                                      ","UN    ","CR","41,23"]
[3656,"JUNCAO DUPLA, PVC SOLDAVEL, DN 75 X 75 X 75 MM , SERIE NORMAL PARA ESGOTO PREDIAL                                                                                                                                                                                                                                                                                                                                                                                                                         ","UN    ","CR","20,43"]
[10911,"JUNCAO INVERTIDA, PVC SOLDAVEL, 75 X 75 MM, SERIE NORMAL PARA ESGOTO PREDIAL                                                                                                                                                                                                                                                                                                                                                                                                                              ","UN    ","CR","22,68"]
[3654,"JUNCAO PVC  ROSCAVEL, 45 GRAUS, 1/2\", PARA AGUA FRIA PREDIAL                                                                                                                                                                                                                                                                                                                                                                                                                                              ","UN    ","CR","5,21"]
[3664,"JUNCAO PVC  ROSCAVEL, 45 GRAUS, 3/4\", PARA AGUA FRIA PREDIAL                                                                                                                                                                                                                                                                                                                                                                                                                                              ","UN    ","CR","6,46"]
[3657,"JUNCAO PVC, 45 GRAUS, ROSCAVEL, 1 1/4\", AGUA FRIA PREDIAL                                                                                                                                                                                                                                                                                                                                                                                                                                                 ","UN    ","CR","6,97"]
[12625,"JUNCAO PVC, 60 GRAUS, CIRCULAR,  DIAMETRO ENTRE 80 E 100 MM, PARA DRENAGEM PLUVIAL PREDIAL                                                                                                                                                                                                                                                                                                                                                                                                                ","UN    ","AS","10,19"]
[20136,"JUNCAO SIMPLES, PVC LEVE, 150 MM, PARA ESGOTO PREDIAL                                                                                                                                                                                                                                                                                                                                                                                                                                                     ","UN    ","CR","139,68"]
[20144,"JUNCAO SIMPLES, PVC SERIE R, DN 100 X 100 MM, PARA ESGOTO OU AGUAS PLUVIAIS PREDIAIS                                                                                                                                                                                                                                                                                                                                                                                                                      ","UN    ","CR","61,35"]
[20143,"JUNCAO SIMPLES, PVC SERIE R, DN 100 X 75 MM, PARA ESGOTO OU AGUAS PLUVIAIS PREDIAIS                                                                                                                                                                                                                                                                                                                                                                                                                       ","UN    ","CR","57,30"]
[20145,"JUNCAO SIMPLES, PVC SERIE R, DN 150 X 100 MM, PARA ESGOTO OU AGUAS PLUVIAIS PREDIAIS                                                                                                                                                                                                                                                                                                                                                                                                                      ","UN    ","CR","162,61"]
[20146,"JUNCAO SIMPLES, PVC SERIE R, DN 150 X 150 MM, PARA ESGOTO OU AGUAS PLUVIAIS PREDIAIS                                                                                                                                                                                                                                                                                                                                                                                                                      ","UN    ","CR","183,36"]
[20140,"JUNCAO SIMPLES, PVC SERIE R, DN 40 X 40 MM, PARA ESGOTO OU AGUAS PLUVIAIS PREDIAIS                                                                                                                                                                                                                                                                                                                                                                                                                        ","UN    ","CR","7,30"]
[20141,"JUNCAO SIMPLES, PVC SERIE R, DN 50 X 50 MM, PARA ESGOTO OU AGUAS PLUVIAIS PREDIAIS                                                                                                                                                                                                                                                                                                                                                                                                                        ","UN    ","CR","12,81"]
[20142,"JUNCAO SIMPLES, PVC SERIE R, DN 75 X 75 MM, PARA ESGOTO OU AGUAS PLUVIAIS PREDIAIS                                                                                                                                                                                                                                                                                                                                                                                                                        ","UN    ","CR","39,21"]
[3659,"JUNCAO SIMPLES, PVC, DN 100 X 50 MM, SERIE NORMAL PARA ESGOTO PREDIAL                                                                                                                                                                                                                                                                                                                                                                                                                                     ","UN    ","CR","17,01"]
[3660,"JUNCAO SIMPLES, PVC, DN 100 X 75 MM, SERIE NORMAL PARA ESGOTO PREDIAL                                                                                                                                                                                                                                                                                                                                                                                                                                     ","UN    ","CR","24,51"]
[3662,"JUNCAO SIMPLES, PVC, DN 50 X 50 MM, SERIE NORMAL PARA ESGOTO PREDIAL                                                                                                                                                                                                                                                                                                                                                                                                                                      ","UN    ","CR","9,26"]
[3661,"JUNCAO SIMPLES, PVC, DN 75 X 50 MM, SERIE NORMAL PARA ESGOTO PREDIAL                                                                                                                                                                                                                                                                                                                                                                                                                                      ","UN    ","CR","13,63"]
[3658,"JUNCAO SIMPLES, PVC, DN 75 X 75 MM, SERIE NORMAL PARA ESGOTO PREDIAL                                                                                                                                                                                                                                                                                                                                                                                                                                      ","UN    ","CR","17,34"]
[3670,"JUNCAO SIMPLES, PVC, 45 GRAUS, DN 100 X 100 MM, SERIE NORMAL PARA ESGOTO PREDIAL                                                                                                                                                                                                                                                                                                                                                                                                                          ","UN    ","CR","22,63"]
[3666,"JUNCAO SIMPLES, PVC, 45 GRAUS, DN 40 X 40 MM, SERIE NORMAL PARA ESGOTO PREDIAL                                                                                                                                                                                                                                                                                                                                                                                                                            ","UN    ","CR","3,83"]
[14157,"JUNCAO 2 GARRAS PARA FITA PERFURADA                                                                                                                                                                                                                                                                                                                                                                                                                                                                       ","UN    ","AS","1,21"]
[3653,"JUNCAO, PVC, 45 GRAUS, JE, BBB, DN 100 MM, PARA REDE COLETORA DE ESGOTO (NBR 10569)                                                                                                                                                                                                                                                                                                                                                                                                                       ","UN    ","AS","129,81"]
[3649,"JUNCAO, PVC, 45 GRAUS, JE, BBB, DN 150 MM, PARA REDE COLETORA DE ESGOTO (NBR 10569)                                                                                                                                                                                                                                                                                                                                                                                                                       ","UN    ","AS","268,87"]
[42696,"JUNCAO, PVC, 45 GRAUS, JE, BBB, DN 150 MM, PARA TUBO CORRUGADO E/OU LISO, REDE COLETORA DE ESGOTO (NBR 10569)                                                                                                                                                                                                                                                                                                                                                                                             ","UN    ","AS","752,27"]
[42697,"JUNCAO, PVC, 45 GRAUS, JE, BBB, DN 200 MM, PARA TUBO CORRUGADO E/OU LISO, REDE COLETORA DE ESGOTO (NBR 10569)                                                                                                                                                                                                                                                                                                                                                                                             ","UN    ","AS","1.132,94"]
[42698,"JUNCAO, PVC, 45 GRAUS, JE, BBB, DN 250 MM, PARA TUBO CORRUGADO E/OU LISO, REDE COLETORA DE ESGOTO (NBR 10569)                                                                                                                                                                                                                                                                                                                                                                                             ","UN    ","AS","1.578,15"]
[39875,"JUNTA DE EXPANSAO BRONZE/LATAO (REF 900), PONTA X PONTA, 35 MM                                                                                                                                                                                                                                                                                                                                                                                                                                            ","UN    ","AS","674,97"]
[39876,"JUNTA DE EXPANSAO BRONZE/LATAO (REF 900), PONTA X PONTA, 42 MM                                                                                                                                                                                                                                                                                                                                                                                                                                            ","UN    ","AS","845,06"]
[39877,"JUNTA DE EXPANSAO BRONZE/LATAO (REF 900), PONTA X PONTA, 54 MM                                                                                                                                                                                                                                                                                                                                                                                                                                            ","UN    ","AS","1.172,06"]
[39878,"JUNTA DE EXPANSAO BRONZE/LATAO (REF 900), PONTA X PONTA, 66 MM                                                                                                                                                                                                                                                                                                                                                                                                                                            ","UN    ","AS","1.548,10"]
[39872,"JUNTA DE EXPANSAO DE COBRE (REF 900), PONTA X PONTA, 15 MM                                                                                                                                                                                                                                                                                                                                                                                                                                                ","UN    ","AS","462,88"]
[39873,"JUNTA DE EXPANSAO DE COBRE (REF 900), PONTA X PONTA, 22 MM                                                                                                                                                                                                                                                                                                                                                                                                                                                ","UN    ","AS","536,91"]
[39874,"JUNTA DE EXPANSAO DE COBRE (REF 900), PONTA X PONTA, 28 MM                                                                                                                                                                                                                                                                                                                                                                                                                                                ","UN    ","AS","589,72"]
[3674,"JUNTA DILATACAO ELASTICA PARA CONCRETO (FUGENBAND) O-12, ATE 5 MCA                                                                                                                                                                                                                                                                                                                                                                                                                                        ","M     ","CR","89,24"]
[3681,"JUNTA DILATACAO ELASTICA PARA CONCRETO (FUGENBAND) O-22, ATE 30 MCA                                                                                                                                                                                                                                                                                                                                                                                                                                       ","M     ","CR","132,78"]
[3676,"JUNTA DILATACAO ELASTICA PARA CONCRETO (FUGENBAND) O-35/10, ATE 100 MCA                                                                                                                                                                                                                                                                                                                                                                                                                                   ","M     ","CR","499,69"]
[3679,"JUNTA DILATACAO ELASTICA PARA CONCRETO (FUGENBAND) O-35/6, ATE 100 MCA                                                                                                                                                                                                                                                                                                                                                                                                                                    ","M     ","CR","413,41"]
[3672,"JUNTA PLASTICA DE DILATACAO PARA PISOS, COR CINZA, 10 X 4,5 MM (ALTURA X ESPESSURA)                                                                                                                                                                                                                                                                                                                                                                                                                       ","M     ","CR","1,41"]
[3671,"JUNTA PLASTICA DE DILATACAO PARA PISOS, COR CINZA, 17 X 3 MM (ALTURA X ESPESSURA)                                                                                                                                                                                                                                                                                                                                                                                                                         ","M     ","C ","1,33"]
[3673,"JUNTA PLASTICA DE DILATACAO PARA PISOS, COR CINZA, 27 X 3 MM (ALTURA X ESPESSURA)                                                                                                                                                                                                                                                                                                                                                                                                                         ","M     ","CR","2,09"]
[38394,"KIT ACESSORIOS PARA COMPRESSOR DE AR, 5 PECAS (PISTOLAS PINTURA, LIMPEZA E PULVERIZACAO, CALIBRADOR E MANGUEIRA)                                                                                                                                                                                                                                                                                                                                                                                          ","UN    ","CR","242,69"]
[3729,"KIT CAVALETE, PVC, COM REGISTRO, PARA HIDROMETRO, BITOLAS 1/2\" OU 3/4\" - COMPLETO                                                                                                                                                                                                                                                                                                                                                                                                                         ","UN    ","CR","87,06"]
[39357,"KIT CHASSI COZINHA, CUBA SIMPLES SEM MAQUINA LAVAR LOUCA PARA INSTALACAO PEX, QUADRO METALICO COM TRAVESSA COM FURO PARA ESGOTO DN 50 MM E FUROS SUPERIORES PARA AGUA, LARGURA *340* MM X ALTURA *650* MM, PARA CONEXAO COM ANEL DESLIZANTE (INCLUI TUBOS E CONEXOES PEX E TUBO E CONEXAO ESGOTO, NAO INCLUI CARENAGEM)                                                                                                                                                                                   ","UN    ","AS","145,07"]
[39358,"KIT CHASSI COZINHA, CUBA SIMPLES SEM MAQUINA LAVAR LOUCA PARA INSTALACAO PEX, QUADRO METALICO COM TRAVESSA COM FURO PARA ESGOTO DN 50 MM E FUROS SUPERIORES PARA AGUA, LARGURA *340* MM X ALTURA *650* MM, PARA CONEXAO COM CRIMPAGEM (INCLUI TUBOS E CONEXOESPEX E TUBO E CONEXAO ESGOTO, NAO INCLUI CARENAGEM)                                                                                                                                                                                          ","UN    ","AS","159,08"]
[39356,"KIT CHASSI TANQUE COM MAQUINA LAVAR ROUPA PARA INSTALACAO PEX, QUADRO METALICO COM TRAVESSA COM  FURO PARA ESGOTO DN 50 MM, FURO LATERAL PARA MAQUINA E FUROS SUPERIORES PARA AGUA, LARGURA *344* MM X ALTURA *442* MM, PARA CONEXAO COM CRIMPAGEM (INCLUI TUBOS E CONEXOES PEX E TUBO E CONEXAO ESGOTO, NAO INCLUI CARENAGEM)                                                                                                                                                                            ","UN    ","AS","271,39"]
[39355,"KIT CHASSI TANQUE COM MAQUINA LAVAR ROUPA PARA INSTALACAO PEX, QUADRO METALICO COM TRAVESSA COM FURO PARA ESGOTO DN 50 MM, FURO LATERAL PARA MAQUINA E FUROS SUPERIORES PARA AGUA, LARGURA *344* MM X ALTURA *442* MM, PARA CONEXAO COM ANEL DESLIZANTE (INCLUI TUBOS E CONEXOES PEX E TUBO E CONEXAO ESGOTO, NAO INCLUI CARENAGEM)                                                                                                                                                                       ","UN    ","AS","233,54"]
[39353,"KIT CHUVEIRO PARA INSTALACAO PEX, QUADRO METALICO COM 2 TRAVESSAS, SUPERIOR COM ESPERA PARA CHUVEIRO E INFERIOR COM 2 REGISTROS DE PRESSAO DE 1/2 \", LARGURA DE *390* MM X ALTURA DE *900* MM, PARA CONEXAO COM ANEL DESLIZANTE (INCLUI REGISTROS PRESSAO E TUBOS PEX COM CONEXOES, SEM REGISTRO GAVETA, NAO INCLUI CARENAGEM)                                                                                                                                                                            ","UN    ","AS","320,26"]
[39354,"KIT CHUVEIRO PARA INSTALACAO PEX, QUADRO METALICO COM 2 TRAVESSAS, SUPERIOR COM ESPERA PARA CHUVEIRO E INFERIOR COM 2 REGISTROS DE PRESSAO DE 1/2 \", LARGURA DE *390* MM X ALTURA DE *900* MM, PARA CONEXAO COM CRIMPAGEM (INCLUI REGISTROS PRESSAO E TUBOS PEX COM CONEXOES, SEM REGISTRO GAVETA, NAO INCLUI CARENAGEM)                                                                                                                                                                                  ","UN    ","AS","319,19"]
[39398,"KIT DE ACESSORIOS PARA BANHEIRO EM METAL CROMADO, 5 PECAS                                                                                                                                                                                                                                                                                                                                                                                                                                                 ","UN    ","CR","73,55"]
[13343,"KIT DE MATERIAIS PARA BRACADEIRA PARA FIXACAO EM POSTE CIRCULAR, CONTEM TRES FIXADORES E UM ROLO DE FITA DE 3 M EM ACO CARBONO                                                                                                                                                                                                                                                                                                                                                                            ","UN    ","AS","29,47"]
[12118,"KIT DE PROTECAO ARSTOP PARA AR CONDICIONADO, TOMADA PADRAO 2P+T 20 A, COM DISJUNTOR UNIPOLAR DIN 20A                                                                                                                                                                                                                                                                                                                                                                                                      ","UN    ","CR","23,39"]
[39482,"KIT PORTA PRONTA DE MADEIRA, FOLHA LEVE (NBR 15930) DE 600 X 2100 MM OU 700 X 2100 MM, DE 35 MM A 40 MM DE ESPESSURA, COM MARCO EM ACO, NUCLEO COLMEIA, CAPA LISA EM HDF, ACABAMENTO MELAMINICO BRANCO (INCLUI MARCO, ALIZARES, DOBRADICAS E FECHADURA)                                                                                                                                                                                                                                                   ","UN    ","CR","574,66"]
[39486,"KIT PORTA PRONTA DE MADEIRA, FOLHA LEVE (NBR 15930) DE 600 X 2100 MM OU 700 X 2100 MM, DE 35 MM A 40 MM DE ESPESSURA, NUCLEO COLMEIA, ESTRUTURA USINADA PARA FECHADURA, CAPA LISA EM HDF, ACABAMENTO EM PRIMER PARA PINTURA (INCLUI MARCO, ALIZARES E DOBRADICAS)                                                                                                                                                                                                                                         ","UN    ","CR","469,01"]
[39484,"KIT PORTA PRONTA DE MADEIRA, FOLHA LEVE (NBR 15930) DE 800 X 2100 MM, DE 35 MM A 40 MM DE ESPESSURA, COM MARCO EM ACO, NUCLEO COLMEIA, CAPA LISA EM HDF, ACABAMENTO MELAMINICO BRANCO (INCLUI MARCO, ALIZARES, DOBRADICAS E FECHADURA)                                                                                                                                                                                                                                                                    ","UN    ","CR","574,66"]
[39488,"KIT PORTA PRONTA DE MADEIRA, FOLHA LEVE (NBR 15930) DE 800 X 2100 MM, DE 35 MM A 40 MM DE ESPESSURA, NUCLEO COLMEIA, ESTRUTURA USINADA PARA FECHADURA, CAPA LISA EM HDF, ACABAMENTO EM PRIMER PARA PINTURA (INCLUI MARCO, ALIZARES E DOBRADICAS)                                                                                                                                                                                                                                                          ","UN    ","CR","476,68"]
[39485,"KIT PORTA PRONTA DE MADEIRA, FOLHA LEVE (NBR 15930) DE 900 X 2100 MM, DE 35 MM A 40 MM DE ESPESSURA, COM MARCO EM ACO, NUCLEO COLMEIA, CAPA LISA EM HDF, ACABAMENTO MELAMINICO BRANCO (INCLUI MARCO, ALIZARES, DOBRADICAS E FECHADURA)                                                                                                                                                                                                                                                                    ","UN    ","CR","574,66"]
[39489,"KIT PORTA PRONTA DE MADEIRA, FOLHA LEVE (NBR 15930) DE 900 X 2100 MM, DE 35 MM A 40 MM DE ESPESSURA, NUCLEO COLMEIA, ESTRUTURA USINADA PARA FECHADURA, CAPA LISA EM HDF, ACABAMENTO EM PRIMER PARA PINTURA (INCLUI MARCO, ALIZARES E DOBRADICAS)                                                                                                                                                                                                                                                          ","UN    ","CR","484,77"]
[39490,"KIT PORTA PRONTA DE MADEIRA, FOLHA MEDIA (NBR 15930) DE 600 X 2100 MM OU 700 X 2100 MM, DE 35 MM A 40 MM DE ESPESSURA, NUCLEO SEMI-SOLIDO (SARRAFEADO), ESTRUTURA USINADA PARA FECHADURA, CAPA LISA EM HDF, ACABAMENTO MELAMINICO BRANCO (INCLUI MARCO, ALIZARES E DOBRADICAS)                                                                                                                                                                                                                            ","UN    ","CR","722,36"]
[39494,"KIT PORTA PRONTA DE MADEIRA, FOLHA MEDIA (NBR 15930) DE 600 X 2100 MM, DE 35 MM A 40 MM DE ESPESSURA, NUCLEO SEMI-SOLIDO (SARRAFEADO), ESTRUTURA USINADA PARA FECHADURA, CAPA LISA EM HDF, ACABAMENTO EM PRIMER PARA PINTURA (INCLUI MARCO, ALIZARES E DOBRADICAS)                                                                                                                                                                                                                                        ","UN    ","CR","518,72"]
[39495,"KIT PORTA PRONTA DE MADEIRA, FOLHA MEDIA (NBR 15930) DE 700 X 2100 MM, DE 35 MM A 40 MM DE ESPESSURA, NUCLEO SEMI-SOLIDO (SARRAFEADO), ESTRUTURA USINADA PARA FECHADURA, CAPA LISA EM HDF, ACABAMENTO EM PRIMER PARA PINTURA (INCLUI MARCO, ALIZARES E DOBRADICAS)                                                                                                                                                                                                                                        ","UN    ","CR","584,53"]
[39496,"KIT PORTA PRONTA DE MADEIRA, FOLHA MEDIA (NBR 15930) DE 800 X 2100 MM, DE 35 MM A 40 MM DE ESPESSURA,  NUCLEO SEMI-SOLIDO (SARRAFEADO), ESTRUTURA USINADA PARA FECHADURA, CAPA LISA EM HDF, ACABAMENTO EM PRIMER PARA PINTURA (INCLUI MARCO, ALIZARES E DOBRADICAS)                                                                                                                                                                                                                                       ","UN    ","CR","642,98"]
[39492,"KIT PORTA PRONTA DE MADEIRA, FOLHA MEDIA (NBR 15930) DE 800 X 2100 MM, DE 35 MM A 40 MM DE ESPESSURA, NUCLEO SEMI-SOLIDO (SARRAFEADO), ESTRUTURA USINADA PARA FECHADURA, CAPA LISA EM HDF, ACABAMENTO MELAMINICO BRANCO (INCLUI MARCO, ALIZARES E DOBRADICAS)                                                                                                                                                                                                                                             ","UN    ","CR","744,39"]
[39497,"KIT PORTA PRONTA DE MADEIRA, FOLHA MEDIA (NBR 15930) DE 900 X 2100 MM, DE 35 MM A 40 MM DE ESPESSURA, NUCLEO SEMI-SOLIDO (SARRAFEADO), ESTRUTURA USINADA PARA FECHADURA, CAPA LISA EM HDF, ACABAMENTO EM PRIMER PARA PINTURA (INCLUI MARCO, ALIZARES E DOBRADICAS)                                                                                                                                                                                                                                        ","UN    ","CR","672,38"]
[39493,"KIT PORTA PRONTA DE MADEIRA, FOLHA MEDIA (NBR 15930) DE 900 X 2100 MM, DE 35 MM A 40 MM DE ESPESSURA, NUCLEO SEMI-SOLIDO (SARRAFEADO), ESTRUTURA USINADA PARA FECHADURA, CAPA LISA EM HDF, ACABAMENTO MELAMINICO BRANCO (INCLUI MARCO, ALIZARES E DOBRADICAS)                                                                                                                                                                                                                                             ","UN    ","CR","798,43"]
[39500,"KIT PORTA PRONTA DE MADEIRA, FOLHA PESADA (NBR 15930) DE 800 X 2100 MM, DE 40 MM  A 45 MM DE ESPESSURA, NUCLEO SOLIDO, CAPA LISA EM HDF, ACABAMENTO MELAMINICO BRANCO (INCLUI MARCO, ALIZARES, DOBRADICAS E FECHADURA EXTERNA)                                                                                                                                                                                                                                                                            ","UN    ","CR","871,16"]
[39498,"KIT PORTA PRONTA DE MADEIRA, FOLHA PESADA (NBR 15930) DE 800 X 2100 MM, DE 40 MM A 45 MM DE ESPESSURA , NUCLEO SOLIDO, ESTRUTURA USINADA PARA FECHADURA, CAPA LISA EM HDF, ACABAMENTO EM LAMINADO NATURAL COM VERNIZ (INCLUI MARCO, ALIZARES E DOBRADICAS)                                                                                                                                                                                                                                                ","UN    ","CR","1.074,42"]
[43628,"KIT PORTA PRONTA DE MADEIRA, FOLHA PESADA (NBR 15930) DE 800 X 2100 MM, DE 40 MM A 45 MM DE ESPESSURA, COM MARCO EM ACO, NUCLEO SOLIDO, CAPA LISA EM HDF, ACABAMENTO MELAMINICO BRANCO (INCLUI MARCO, ALIZARES, DOBRADICAS E FECHADURA)                                                                                                                                                                                                                                                                   ","UN    ","CR","846,88"]
[39501,"KIT PORTA PRONTA DE MADEIRA, FOLHA PESADA (NBR 15930) DE 900 X 2100 MM, DE 40 MM  A 45 MM DE ESPESSURA, NUCLEO SOLIDO, CAPA LISA EM HDF, ACABAMENTO MELAMINICO BRANCO (INCLUI MARCO, ALIZARES, DOBRADICAS E FECHADURA EXTERNA)                                                                                                                                                                                                                                                                            ","UN    ","CR","894,75"]
[39499,"KIT PORTA PRONTA DE MADEIRA, FOLHA PESADA (NBR 15930) DE 900 X 2100 MM, DE 40 MM A 45 MM DE ESPESSURA , NUCLEO SOLIDO, ESTRUTURA USINADA PARA FECHADURA, CAPA LISA EM HDF, ACABAMENTO EM LAMINADO NATURAL COM VERNIZ (INCLUI MARCO, ALIZARES E DOBRADICAS)                                                                                                                                                                                                                                                ","UN    ","CR","1.089,68"]
[43621,"KIT PORTA PRONTA DE MADEIRA, FOLHA PESADA (NBR 15930) DE 900 X 2100 MM, DE 40 MM A 45 MM DE ESPESSURA, COM MARCO EM ACO, NUCLEO SOLIDO, CAPA LISA EM HDF, ACABAMENTO MELAMINICO BRANCO (INCLUI MARCO, ALIZARES, DOBRADICAS E FECHADURA)                                                                                                                                                                                                                                                                   ","UN    ","CR","899,81"]
[3733,"LADRILHO HIDRAULICO, *20 x 20* CM, E= 2 CM, PADRAO COPACABANA, 2 CORES (PRETO E BRANCO)                                                                                                                                                                                                                                                                                                                                                                                                                   ","M2    ","AS","54,83"]
[3731,"LADRILHO HIDRAULICO, *20 X 20* CM, E= 2 CM, DADOS, COR NATURAL                                                                                                                                                                                                                                                                                                                                                                                                                                            ","M2    ","AS","50,90"]
[38137,"LADRILHO HIDRAULICO, *20 X 20* CM, E= 2 CM, RAMPA, NATURAL                                                                                                                                                                                                                                                                                                                                                                                                                                                ","M2    ","AS","51,20"]
[38135,"LADRILHO HIDRAULICO, *20 X 20* CM, E= 2 CM, TATIL ALERTA OU DIRECIONAL, AMARELO                                                                                                                                                                                                                                                                                                                                                                                                                           ","M2    ","AS","64,90"]
[38138,"LADRILHO HIDRAULICO, *30 X 30* CM, E= 2 CM, MILANO, NATURAL                                                                                                                                                                                                                                                                                                                                                                                                                                               ","M2    ","AS","50,27"]
[3736,"LAJE PRE-MOLDADA CONVENCIONAL (LAJOTAS + VIGOTAS) PARA FORRO, UNIDIRECIONAL, SOBRECARGA DE 100 KG/M2, VAO ATE 4,00 M (SEM COLOCACAO)                                                                                                                                                                                                                                                                                                                                                                      ","M2    ","C ","45,00"]
[3741,"LAJE PRE-MOLDADA CONVENCIONAL (LAJOTAS + VIGOTAS) PARA FORRO, UNIDIRECIONAL, SOBRECARGA DE 100 KG/M2, VAO ATE 4,50 M (SEM COLOCACAO)                                                                                                                                                                                                                                                                                                                                                                      ","M2    ","CR","46,90"]
[3745,"LAJE PRE-MOLDADA CONVENCIONAL (LAJOTAS + VIGOTAS) PARA FORRO, UNIDIRECIONAL, SOBRECARGA 100 KG/M2, VAO ATE 5,00 M (SEM COLOCACAO)                                                                                                                                                                                                                                                                                                                                                                         ","M2    ","CR","50,58"]
[3743,"LAJE PRE-MOLDADA CONVENCIONAL (LAJOTAS + VIGOTAS) PARA PISO, UNIDIRECIONAL, SOBRECARGA DE 200 KG/M2, VAO ATE 3,50 M (SEM COLOCACAO)                                                                                                                                                                                                                                                                                                                                                                       ","M2    ","CR","46,74"]
[3744,"LAJE PRE-MOLDADA CONVENCIONAL (LAJOTAS + VIGOTAS) PARA PISO, UNIDIRECIONAL, SOBRECARGA DE 200 KG/M2, VAO ATE 4,50 M (SEM COLOCACAO)                                                                                                                                                                                                                                                                                                                                                                       ","M2    ","CR","51,45"]
[3739,"LAJE PRE-MOLDADA CONVENCIONAL (LAJOTAS + VIGOTAS) PARA PISO, UNIDIRECIONAL, SOBRECARGA DE 200 KG/M2, VAO ATE 5,00 M (SEM COLOCACAO)                                                                                                                                                                                                                                                                                                                                                                       ","M2    ","CR","54,06"]
[3737,"LAJE PRE-MOLDADA CONVENCIONAL (LAJOTAS + VIGOTAS) PARA PISO, UNIDIRECIONAL, SOBRECARGA DE 350 KG/M2, VAO ATE 4,50 M (SEM COLOCACAO)                                                                                                                                                                                                                                                                                                                                                                       ","M2    ","CR","56,68"]
[3738,"LAJE PRE-MOLDADA CONVENCIONAL (LAJOTAS + VIGOTAS) PARA PISO, UNIDIRECIONAL, SOBRECARGA DE 350 KG/M2, VAO ATE 5,00 M (SEM COLOCACAO)                                                                                                                                                                                                                                                                                                                                                                       ","M2    ","CR","65,40"]
[3747,"LAJE PRE-MOLDADA CONVENCIONAL (LAJOTAS + VIGOTAS) PARA PISO, UNIDIRECIONAL, SOBRECARGA 350 KG/M2 VAO ATE 3,50 M (SEM COLOCACAO)                                                                                                                                                                                                                                                                                                                                                                           ","M2    ","CR","51,45"]
[11649,"LAJE PRE-MOLDADA DE TRANSICAO EXCENTRICA EM CONCRETO ARMADO, DN 1200 MM, FURO CIRCULAR DN 600 MM, ESPESSURA 12 CM                                                                                                                                                                                                                                                                                                                                                                                         ","UN    ","CR","373,25"]
[11650,"LAJE PRE-MOLDADA DE TRANSICAO EXCENTRICA EM CONCRETO ARMADO, DN 1500 MM, FURO CIRCULAR DN 530 MM, ESPESSURA 15 CM                                                                                                                                                                                                                                                                                                                                                                                         ","UN    ","CR","636,19"]
[3742,"LAJE PRE-MOLDADA TRELICADA (LAJOTAS + VIGOTAS) PARA FORRO, UNIDIRECIONAL, SOBRECARGA DE 100 KG/M2, VAO ATE 6,00 M (SEM COLOCACAO)                                                                                                                                                                                                                                                                                                                                                                         ","M2    ","CR","67,84"]
[3746,"LAJE PRE-MOLDADA TRELICADA (LAJOTAS + VIGOTAS) PARA PISO, UNIDIRECIONAL, SOBRECARGA DE 200 KG/M2, VAO ATE 6,00 M (SEM COLOCACAO)                                                                                                                                                                                                                                                                                                                                                                          ","M2    ","CR","79,22"]
[21106,"LAMBRI EM ALUMINIO, DE APROXIMADAMENTE 0,6 KG/M, COM APROXIMADAMENTE 168,0 MM DE LARGURA, 6,0 MM DE ALTURA E 6,0 M DE EXTENSAO                                                                                                                                                                                                                                                                                                                                                                            ","KG    ","AS","41,36"]
[3755,"LAMPADA DE LUZ MISTA 160 W, BASE E27 (220 V)                                                                                                                                                                                                                                                                                                                                                                                                                                                              ","UN    ","CR","16,67"]
[3750,"LAMPADA DE LUZ MISTA 250 W, BASE E27 (220 V)                                                                                                                                                                                                                                                                                                                                                                                                                                                              ","UN    ","CR","22,41"]
[3756,"LAMPADA DE LUZ MISTA 500 W, BASE E40 (220 V)                                                                                                                                                                                                                                                                                                                                                                                                                                                              ","UN    ","CR","41,89"]
[39377,"LAMPADA FLUORESCENTE COMPACTA BRANCA 135 W, BASE E40 (127/220 V)                                                                                                                                                                                                                                                                                                                                                                                                                                          ","UN    ","CR","124,08"]
[38191,"LAMPADA FLUORESCENTE COMPACTA 2U BRANCA 15 W, BASE E27 (127/220 V)                                                                                                                                                                                                                                                                                                                                                                                                                                        ","UN    ","CR","9,24"]
[39381,"LAMPADA FLUORESCENTE COMPACTA 2U/3U BRANCA 9/10 W, BASE E27 (127/220 V)                                                                                                                                                                                                                                                                                                                                                                                                                                   ","UN    ","CR","8,61"]
[38780,"LAMPADA FLUORESCENTE COMPACTA 3U BRANCA 20 W, BASE E27 (127/220 V)                                                                                                                                                                                                                                                                                                                                                                                                                                        ","UN    ","CR","10,54"]
[38781,"LAMPADA FLUORESCENTE ESPIRAL BRANCA 45 W, BASE E27 (127/220 V)                                                                                                                                                                                                                                                                                                                                                                                                                                            ","UN    ","CR","35,59"]
[38192,"LAMPADA FLUORESCENTE ESPIRAL BRANCA 65 W, BASE E27 (127/220 V)                                                                                                                                                                                                                                                                                                                                                                                                                                            ","UN    ","CR","64,40"]
[3753,"LAMPADA FLUORESCENTE TUBULAR T10, DE 20 OU 40 W, BIVOLT                                                                                                                                                                                                                                                                                                                                                                                                                                                   ","UN    ","CR","5,63"]
[38782,"LAMPADA FLUORESCENTE TUBULAR T5 DE 14 W, BIVOLT                                                                                                                                                                                                                                                                                                                                                                                                                                                           ","UN    ","CR","7,34"]
[38778,"LAMPADA FLUORESCENTE TUBULAR T8 DE 16/18 W, BIVOLT                                                                                                                                                                                                                                                                                                                                                                                                                                                        ","UN    ","CR","5,51"]
[38779,"LAMPADA FLUORESCENTE TUBULAR T8 DE 32/36 W, BIVOLT                                                                                                                                                                                                                                                                                                                                                                                                                                                        ","UN    ","CR","5,84"]
[39388,"LAMPADA LED TIPO DICROICA BIVOLT, LUZ BRANCA, 5 W (BASE GU10)                                                                                                                                                                                                                                                                                                                                                                                                                                             ","UN    ","CR","10,93"]
[39387,"LAMPADA LED TUBULAR BIVOLT 18/20 W, BASE G13                                                                                                                                                                                                                                                                                                                                                                                                                                                              ","UN    ","CR","17,04"]
[39386,"LAMPADA LED TUBULAR BIVOLT 9/10 W, BASE G13                                                                                                                                                                                                                                                                                                                                                                                                                                                               ","UN    ","CR","11,88"]
[38194,"LAMPADA LED 10 W BIVOLT BRANCA, FORMATO TRADICIONAL (BASE E27)                                                                                                                                                                                                                                                                                                                                                                                                                                            ","UN    ","C ","8,89"]
[38193,"LAMPADA LED 6 W BIVOLT BRANCA, FORMATO TRADICIONAL (BASE E27)                                                                                                                                                                                                                                                                                                                                                                                                                                             ","UN    ","CR","7,72"]
[12216,"LAMPADA VAPOR DE SODIO OVOIDE 150 W (BASE E40)                                                                                                                                                                                                                                                                                                                                                                                                                                                            ","UN    ","CR","32,20"]
[3757,"LAMPADA VAPOR DE SODIO OVOIDE 250 W (BASE E40)                                                                                                                                                                                                                                                                                                                                                                                                                                                            ","UN    ","CR","37,24"]
[3758,"LAMPADA VAPOR DE SODIO OVOIDE 400 W (BASE E40)                                                                                                                                                                                                                                                                                                                                                                                                                                                            ","UN    ","CR","43,42"]
[12214,"LAMPADA VAPOR MERCURIO 125 W (BASE E27)                                                                                                                                                                                                                                                                                                                                                                                                                                                                   ","UN    ","CR","14,87"]
[3749,"LAMPADA VAPOR MERCURIO 250 W (BASE E40)                                                                                                                                                                                                                                                                                                                                                                                                                                                                   ","UN    ","C ","26,50"]
[3751,"LAMPADA VAPOR MERCURIO 400 W (BASE E40)                                                                                                                                                                                                                                                                                                                                                                                                                                                                   ","UN    ","CR","36,16"]
[39376,"LAMPADA VAPOR METALICO OVOIDE 150 W, BASE E27/E40                                                                                                                                                                                                                                                                                                                                                                                                                                                         ","UN    ","CR","30,49"]
[3752,"LAMPADA VAPOR METALICO TUBULAR 400 W (BASE E40)                                                                                                                                                                                                                                                                                                                                                                                                                                                           ","UN    ","CR","59,66"]
[746,"LAVADORA DE ALTA PRESSAO (LAVA - JATO) PARA AGUA FRIA, PRESSAO DE OPERACAO ENTRE 1400 E 1900 LIB/POL2, VAZAO MAXIMA ENTRE  400 E 700 L/H, POTENCIA DE OPERACAO ENTRE 2,50 E 3,00 CV                                                                                                                                                                                                                                                                                                                       ","UN    ","C ","2.367,00"]
[20269,"LAVATORIO / CUBA DE EMBUTIR, OVAL, DE LOUCA BRANCA, SEM LADRAO, DIMENSOES *50 X 35* CM (L X C)                                                                                                                                                                                                                                                                                                                                                                                                            ","UN    ","CR","67,25"]
[20270,"LAVATORIO / CUBA DE EMBUTIR, OVAL, DE LOUCA COLORIDA, SEM LADRAO, DIMENSOES *50 X 35* CM (L X C)                                                                                                                                                                                                                                                                                                                                                                                                          ","UN    ","CR","74,31"]
[11696,"LAVATORIO / CUBA DE SOBREPOR, OVAL PEQUENA, DE LOUCA BRANCA, SEM LADRAO, DIMENSOES *44 X 31* CM (L X C)                                                                                                                                                                                                                                                                                                                                                                                                   ","UN    ","CR","118,95"]
[10427,"LAVATORIO / CUBA DE SOBREPOR, RETANGULAR, DE LOUCA BRANCA, COM LADRAO, DIMENSOES *52 X 45* CM (L X C)                                                                                                                                                                                                                                                                                                                                                                                                     ","UN    ","CR","332,88"]
[10428,"LAVATORIO / CUBA DE SOBREPOR, RETANGULAR, DE LOUCA COLORIDA, COM LADRAO, DIMENSOES *52 X 45* CM (L X C)                                                                                                                                                                                                                                                                                                                                                                                                   ","UN    ","CR","342,97"]
[36521,"LAVATORIO DE CANTO DE LOUCA BRANCA, SUSPENSO (SEM COLUNA), DIMENSOES *40 X 30* CM (L X C)                                                                                                                                                                                                                                                                                                                                                                                                                 ","UN    ","CR","107,01"]
[36794,"LAVATORIO DE LOUCA BRANCA, COM COLUNA, DIMENSOES *44 X 35* CM (L X C)                                                                                                                                                                                                                                                                                                                                                                                                                                     ","UN    ","CR","113,92"]
[10426,"LAVATORIO DE LOUCA BRANCA, COM COLUNA, DIMENSOES *54 X 44* CM (L X C)                                                                                                                                                                                                                                                                                                                                                                                                                                     ","UN    ","CR","127,57"]
[10425,"LAVATORIO DE LOUCA BRANCA, SUSPENSO (SEM COLUNA), DIMENSOES *40 X 30* CM                                                                                                                                                                                                                                                                                                                                                                                                                                  ","UN    ","CR","64,72"]
[10431,"LAVATORIO DE LOUCA COLORIDA, COM COLUNA, DIMENSOES *54 X 44* CM (L X C)                                                                                                                                                                                                                                                                                                                                                                                                                                   ","UN    ","CR","221,57"]
[10429,"LAVATORIO DE LOUCA COLORIDA, SUSPENSO (SEM COLUNA), DIMENSOES *40 X 30* CM (L X C)                                                                                                                                                                                                                                                                                                                                                                                                                        ","UN    ","CR","109,30"]
[2354,"LEITURISTA OU CADASTRISTA DE REDES DE AGUA E ESGOTO                                                                                                                                                                                                                                                                                                                                                                                                                                                       ","H     ","CR","11,68"]
[40932,"LEITURISTA OU CADASTRISTA DE REDES DE AGUA E ESGOTO (MENSALISTA)                                                                                                                                                                                                                                                                                                                                                                                                                                          ","MES   ","CR","2.051,35"]
[10853,"LETRA ACO INOX (AISI 304), CHAPA NUM. 22, RECORTADO, H= 20 CM (SEM RELEVO)                                                                                                                                                                                                                                                                                                                                                                                                                                ","UN    ","CR","80,65"]
[5093,"LEVANTADOR DE JANELA GUILHOTINA, EM LATAO CROMADO                                                                                                                                                                                                                                                                                                                                                                                                                                                         ","PAR   ","CR","13,88"]
[37768,"LIMPADORA A SUCCAO, TANQUE 12000 L, BASCULAMENTO HIDRAULICO, BOMBA 12 M3/MIN 95% VACUO (INCLUI MONTAGEM, NAO INCLUI CAMINHAO)                                                                                                                                                                                                                                                                                                                                                                             ","UN    ","AS","130.000,00"]
[37773,"LIMPADORA DE SUCCAO TANQUE 7000 L, BOMBA 12 M3/MIN 95% VACUO (INCLUI MONTAGEM, NAO INCLUI CAMINHAO)                                                                                                                                                                                                                                                                                                                                                                                                       ","UN    ","AS","110.391,91"]
[37769,"LIMPADORA DE SUCCAO, TANQUE 11000 L, BOMBA 340 M3/MIN (INCLUI MONTAGEM, NAO INCLUI CAMINHAO)                                                                                                                                                                                                                                                                                                                                                                                                              ","UN    ","AS","184.809,97"]
[37770,"LIMPADORA DE SUCCAO, TANQUE 5500 L, BOMBA 60M3/MIN, VACUO 500 MBAR (INCLUI MONTAGEM, NAO INCLUI CAMINHAO)                                                                                                                                                                                                                                                                                                                                                                                                 ","UN    ","AS","313.652,01"]
[38382,"LINHA DE PEDREIRO LISA 100 M                                                                                                                                                                                                                                                                                                                                                                                                                                                                              ","UN    ","CR","8,83"]
[38383,"LIXA D'AGUA EM FOLHA, GRAO 100                                                                                                                                                                                                                                                                                                                                                                                                                                                                            ","UN    ","CR","1,65"]
[3768,"LIXA EM FOLHA PARA FERRO, NUMERO 150                                                                                                                                                                                                                                                                                                                                                                                                                                                                      ","UN    ","CR","1,88"]
[3767,"LIXA EM FOLHA PARA PAREDE OU MADEIRA, NUMERO 120 (COR VERMELHA)                                                                                                                                                                                                                                                                                                                                                                                                                                           ","UN    ","CR","0,45"]
[13192,"LIXADEIRA ELETRICA ANGULAR PARA CONCRETO, POTENCIA 1.400 W, PRATO DIAMANTADO DE 5''                                                                                                                                                                                                                                                                                                                                                                                                                       ","UN    ","CR","5.239,57"]
[38413,"LIXADEIRA ELETRICA ANGULAR, PARA DISCO DE 7 \" (180 MM), POTENCIA DE 2.200 W, *5.000* RPM, 220 V                                                                                                                                                                                                                                                                                                                                                                                                           ","UN    ","CR","866,55"]
[42440,"LIXEIRA DUPLA, COM CAPACIDADE VOLUMETRICA DE 60L*, FABRICADA EM TUBO DE ACO CARBONO, CESTOS EM CHAPA DE ACO E PINTURA NO PROCESSO ELETROSTATICO - PARA ACADEMIA AO AR LIVRE / ACADEMIA DA TERCEIRA IDADE - ATI                                                                                                                                                                                                                                                                                            ","UN    ","AS","946,93"]
[20193,"LOCACAO DE ANDAIME METALICO TIPO FACHADEIRO, LARGURA DE 1,20 M, ALTURA POR PECA DE 2,0 M, INCLUINDO SAPATAS E ITENS NECESSARIOS A INSTALACAO                                                                                                                                                                                                                                                                                                                                                              ","M2XMES","CR","1,49"]
[10527,"LOCACAO DE ANDAIME METALICO TUBULAR DE ENCAIXE, TIPO DE TORRE, COM LARGURA DE 1 ATE 1,5 M E ALTURA DE *1,00* M (INCLUSO SAPATAS FIXAS OU RODIZIOS)                                                                                                                                                                                                                                                                                                                                                        ","MXMES ","C ","4,50"]
[41805,"LOCACAO DE ANDAIME SUSPENSO OU BALANCIM MANUAL, CAPACIDADE DE CARGA TOTAL DE APROXIMADAMENTE 250 KG/M2, PLATAFORMA DE 1,50 M X 0,80 M (C X L), CABO DE 45 M                                                                                                                                                                                                                                                                                                                                               ","MES   ","AS","450,00"]
[40271,"LOCACAO DE APRUMADOR METALICO DE PILAR, COM ALTURA E ANGULO REGULAVEIS, EXTENSAO DE *1,50* A *2,80* M                                                                                                                                                                                                                                                                                                                                                                                                     ","MES   ","CR","2,92"]
[40287,"LOCACAO DE BARRA DE ANCORAGEM DE 0,80 A 1,20 M DE EXTENSAO, COM ROSCA DE 5/8\", INCLUINDO PORCA E FLANGE                                                                                                                                                                                                                                                                                                                                                                                                   ","MES   ","CR","1,12"]
[40295,"LOCACAO DE BOMBA MANUAL PARA TESTE HIDROSTATICO ATE 30 BAR                                                                                                                                                                                                                                                                                                                                                                                                                                                ","H     ","AS","3,47"]
[745,"LOCACAO DE BOMBA MANUAL PARA TESTE HIDROSTATICO ATE 60 BAR                                                                                                                                                                                                                                                                                                                                                                                                                                                ","H     ","AS","3,67"]
[4084,"LOCACAO DE BOMBA SUBMERSIVEL PARA DRENAGEM E ESGOTAMENTO, MOTOR ELETRICO TRIFASICO, POTENCIA DE 1 CV, DIAMETRO DE RECALQUE DE 2\". FAIXA DE OPERACAO: Q=25 M3/H (+ OU - 1 M3/H) E AMT=2 M; Q=12 M3/H (+ OU - 2 M3/H) E AMT = 12 M (+ OU - 2 M)                                                                                                                                                                                                                                                             ","H     ","AS","1,60"]
[743,"LOCACAO DE BOMBA SUBMERSIVEL PARA DRENAGEM E ESGOTAMENTO, MOTOR ELETRICO TRIFASICO, POTENCIA DE 2 CV, DIAMETRO DE RECALQUE DE 2\". FAIXA DE OPERACAO: Q=35 M3/H (+ OU - 3 M3/H) E AMT=2 M; Q=13 M3/H (+ OU - 3 M3/H) E AMT = 17 M (+ OU - 3 M)                                                                                                                                                                                                                                                             ","H     ","AS","1,60"]
[40293,"LOCACAO DE BOMBA SUBMERSIVEL PARA DRENAGEM E ESGOTAMENTO, MOTOR ELETRICO TRIFASICO, POTENCIA DE 2 CV, DIAMETRO DE RECALQUE DE 3\". FAIXA DE OPERACAO: Q=70 M3/H (+ OU - 2 M3/H) E AMT=2 M; Q=9,5 M3/H (+ OU - 3,5 M3/H) E AMT = 10 M (+ OU - 2 M)                                                                                                                                                                                                                                                          ","H     ","AS","1,92"]
[40294,"LOCACAO DE BOMBA SUBMERSIVEL PARA DRENAGEM E ESGOTAMENTO, MOTOR ELETRICO TRIFASICO, POTENCIA DE 3 CV, DIAMETRO DE RECALQUE DE 2\". FAIXA DE OPERACAO: Q=84 M3/H (+ OU - 2,5 M3/H) E AMT=2 M; Q=9,1 M3/H (+ OU - 2 M3/H) E AMT = 12 M (+ OU - 2 M)                                                                                                                                                                                                                                                          ","H     ","AS","1,60"]
[4085,"LOCACAO DE BOMBA SUBMERSIVEL PARA DRENAGEM E ESGOTAMENTO, MOTOR ELETRICO TRIFASICO, POTENCIA DE 4 CV, DIAMETRO DE RECALQUE DE 3\". FAIXA DE OPERACAO: Q=60 M3/H (+ OU - 1 M3/H) E AMT=2 M; Q=11 M3/H (+ OU - 1 M3/H) E AMT = 23 M (+ OU - 1 M)                                                                                                                                                                                                                                                             ","H     ","AS","2,24"]
[10775,"LOCACAO DE CONTAINER 2,30  X  6,00 M, ALT. 2,50 M, COM 1 SANITARIO, PARA ESCRITORIO, COMPLETO, SEM DIVISORIAS INTERNAS                                                                                                                                                                                                                                                                                                                                                                                    ","MES   ","AS","585,00"]
[10776,"LOCACAO DE CONTAINER 2,30  X  6,00 M, ALT. 2,50 M, PARA ESCRITORIO, SEM DIVISORIAS INTERNAS E SEM SANITARIO                                                                                                                                                                                                                                                                                                                                                                                               ","MES   ","AS","457,03"]
[10779,"LOCACAO DE CONTAINER 2,30 X 4,30 M, ALT. 2,50 M, P/ SANITARIO, C/ 5 BACIAS, 1 LAVATORIO E 4 MICTORIOS                                                                                                                                                                                                                                                                                                                                                                                                     ","MES   ","AS","731,25"]
[10777,"LOCACAO DE CONTAINER 2,30 X 4,30 M, ALT. 2,50 M, PARA SANITARIO, COM 3 BACIAS, 4 CHUVEIROS, 1 LAVATORIO E 1 MICTORIO                                                                                                                                                                                                                                                                                                                                                                                      ","MES   ","AS","664,21"]
[10778,"LOCACAO DE CONTAINER 2,30 X 6,00 M, ALT. 2,50 M,  PARA SANITARIO,  COM 4 BACIAS, 8 CHUVEIROS,1 LAVATORIO E 1 MICTORIO                                                                                                                                                                                                                                                                                                                                                                                     ","MES   ","AS","731,25"]
[40339,"LOCACAO DE CRUZETA PARA ESCORA METALICA                                                                                                                                                                                                                                                                                                                                                                                                                                                                   ","MES   ","CR","1,12"]
[10749,"LOCACAO DE ESCORA METALICA TELESCOPICA, COM ALTURA REGULAVEL DE *1,80* A *3,20* M, COM CAPACIDADE DE CARGA DE NO MINIMO 1000 KGF (10 KN), INCLUSO TRIPE E FORCADO                                                                                                                                                                                                                                                                                                                                         ","MES   ","CR","2,06"]
[40290,"LOCACAO DE FORMA PLASTICA PARA LAJE NERVURADA, DIMENSOES *60* X *60* X *16* CM                                                                                                                                                                                                                                                                                                                                                                                                                            ","MES   ","CR","2,97"]
[3346,"LOCACAO DE GRUPO GERADOR *80 A 125* KVA, MOTOR DIESEL, REBOCAVEL, ACIONAMENTO MANUAL                                                                                                                                                                                                                                                                                                                                                                                                                      ","H     ","C ","13,50"]
[3348,"LOCACAO DE GRUPO GERADOR ACIMA DE * 125 ATE 180* KVA, MOTOR DIESEL, REBOCAVEL, ACIONAMENTO MANUAL                                                                                                                                                                                                                                                                                                                                                                                                         ","H     ","CR","16,15"]
[39833,"LOCACAO DE GRUPO GERADOR DE *260* KVA, DIESEL REBOCAVEL, ACIONAMENTO MANUAL                                                                                                                                                                                                                                                                                                                                                                                                                               ","H     ","CR","22,12"]
[7252,"LOCACAO DE NIVEL OPTICO, COM PRECISAO DE 0,7 MM, AUMENTO DE 32X                                                                                                                                                                                                                                                                                                                                                                                                                                           ","H     ","AS","2,25"]
[4778,"LOCACAO DE PERFURATRIZ PNEUMATICA DE PESO MEDIO, * 18 * KG, PARA ROCHA                                                                                                                                                                                                                                                                                                                                                                                                                                    ","H     ","AS","2,93"]
[4780,"LOCACAO DE PERFURATRIZ PNEUMATICA DE PESO MEDIO, * 24 * KG, PARA ROCHA                                                                                                                                                                                                                                                                                                                                                                                                                                    ","H     ","AS","3,17"]
[10809,"LOCACAO DE TALHA ELETRICA 3 T, VELOCIDADE  2,1 M / MIN, POTENCIA 1,3 KW                                                                                                                                                                                                                                                                                                                                                                                                                                   ","H     ","AS","1,24"]
[10811,"LOCACAO DE TALHA MANUAL DE CORRENTE, CAPACIDADE DE 2 T COM ELEVACAO DE 3 M                                                                                                                                                                                                                                                                                                                                                                                                                                ","H     ","AS","1,06"]
[7247,"LOCACAO DE TEODOLITO ELETRONICO, PRECISAO ANGULAR DE 5 A 7 SEGUNDOS, INCLUINDO TRIPE                                                                                                                                                                                                                                                                                                                                                                                                                      ","H     ","AS","2,25"]
[40291,"LOCACAO DE TORRE METALICA COMPLETA PARA UMA CARGA DE 8 TF (80 KN)  E PE DIREITO DE 6 M, INCLUINDO MODULOS , DIAGONAIS, SAPATAS E FORCADOS                                                                                                                                                                                                                                                                                                                                                                 ","MES   ","CR","156,98"]
[40275,"LOCACAO DE VIGA SANDUICHE METALICA VAZADA PARA TRAVAMENTO DE PILARES, ALTURA DE *8* CM, LARGURA DE *6* CM E EXTENSAO DE 2 M                                                                                                                                                                                                                                                                                                                                                                               ","MES   ","CR","4,50"]
[42408,"LONA PLASTICA EXTRA FORTE PRETA, E = 200 MICRA                                                                                                                                                                                                                                                                                                                                                                                                                                                            ","M2    ","CR","2,41"]
[3777,"LONA PLASTICA PESADA PRETA, E = 150 MICRA                                                                                                                                                                                                                                                                                                                                                                                                                                                                 ","M2    ","C ","1,74"]
[3798,"LUMINARIA ABERTA P/ ILUMINACAO PUBLICA, TIPO X-57 PETERCO OU EQUIV                                                                                                                                                                                                                                                                                                                                                                                                                                        ","UN    ","CR","47,02"]
[38769,"LUMINARIA ARANDELA TIPO MEIA-LUA COM VIDRO FOSCO *30 X 15* CM, PARA 1 LAMPADA, BASE E27, POTENCIA MAXIMA 40/60 W (NAO INCLUI LAMPADA)                                                                                                                                                                                                                                                                                                                                                                     ","UN    ","CR","36,72"]
[39510,"LUMINARIA DE EMBUTIR EM CHAPA DE ACO PARA 2 LAMPADAS FLUORESCENTES DE 14 W COM REFLETOR E ALETAS EM ALUMINIO, COMPLETA (INCLUI REATOR E LAMPADAS)                                                                                                                                                                                                                                                                                                                                                         ","UN    ","CR","148,63"]
[38776,"LUMINARIA DE EMBUTIR EM CHAPA DE ACO PARA 4 LAMPADAS FLUORESCENTES DE 14 W *60 X 60 CM* ALETADA (NAO INCLUI REATOR E LAMPADAS)                                                                                                                                                                                                                                                                                                                                                                            ","UN    ","CR","157,74"]
[38774,"LUMINARIA DE EMERGENCIA 30 LEDS, POTENCIA 2 W, BATERIA DE LITIO, AUTONOMIA DE 6 HORAS                                                                                                                                                                                                                                                                                                                                                                                                                     ","UN    ","CR","22,33"]
[42247,"LUMINARIA DE LED PARA ILUMINACAO PUBLICA, DE 138 W ATE 180 W, INVOLUCRO EM ALUMINIO OU ACO INOX                                                                                                                                                                                                                                                                                                                                                                                                           ","UN    ","CR","762,31"]
[42248,"LUMINARIA DE LED PARA ILUMINACAO PUBLICA, DE 181 W ATE 239 W, INVOLUCRO EM ALUMINIO OU ACO INOX                                                                                                                                                                                                                                                                                                                                                                                                           ","UN    ","CR","885,47"]
[42249,"LUMINARIA DE LED PARA ILUMINACAO PUBLICA, DE 240 W ATE 350 W, INVOLUCRO EM ALUMINIO OU ACO INOX                                                                                                                                                                                                                                                                                                                                                                                                           ","UN    ","CR","1.466,92"]
[42244,"LUMINARIA DE LED PARA ILUMINACAO PUBLICA, DE 33 W ATE 50 W, INVOLUCRO EM ALUMINIO OU ACO INOX                                                                                                                                                                                                                                                                                                                                                                                                             ","UN    ","CR","229,09"]
[42245,"LUMINARIA DE LED PARA ILUMINACAO PUBLICA, DE 51 W ATE 67 W, INVOLUCRO EM ALUMINIO OU ACO INOX                                                                                                                                                                                                                                                                                                                                                                                                             ","UN    ","CR","422,74"]
[42246,"LUMINARIA DE LED PARA ILUMINACAO PUBLICA, DE 68 W ATE 97 W, INVOLUCRO EM ALUMINIO OU ACO INOX                                                                                                                                                                                                                                                                                                                                                                                                             ","UN    ","CR","467,95"]
[42243,"LUMINARIA DE LED PARA ILUMINACAO PUBLICA, DE 98 W ATE 137 W, INVOLUCRO EM ALUMINIO OU ACO INOX                                                                                                                                                                                                                                                                                                                                                                                                            ","UN    ","CR","564,26"]
[38889,"LUMINARIA DE SOBREPOR EM CHAPA DE ACO COM ALETAS PLASTICAS, PARA 1 LAMPADA, BASE E27, POTENCIA MAXIMA 40/60 W (NAO INCLUI LAMPADA)                                                                                                                                                                                                                                                                                                                                                                        ","UN    ","CR","28,15"]
[38784,"LUMINARIA DE SOBREPOR EM CHAPA DE ACO COM ALETAS PLASTICAS, PARA 2 LAMPADAS, BASE E27, POTENCIA MAXIMA 40/60 W (NAO INCLUI LAMPADAS)                                                                                                                                                                                                                                                                                                                                                                      ","UN    ","CR","37,65"]
[3788,"LUMINARIA DE SOBREPOR EM CHAPA DE ACO PARA 1 LAMPADA FLUORESCENTE DE *18* W, ALETADA, COMPLETA (LAMPADA E REATOR INCLUSOS)                                                                                                                                                                                                                                                                                                                                                                                ","UN    ","CR","39,24"]
[12230,"LUMINARIA DE SOBREPOR EM CHAPA DE ACO PARA 1 LAMPADA FLUORESCENTE DE *18* W, PERFIL COMERCIAL (NAO INCLUI REATOR E LAMPADA)                                                                                                                                                                                                                                                                                                                                                                               ","UN    ","CR","10,09"]
[3780,"LUMINARIA DE SOBREPOR EM CHAPA DE ACO PARA 1 LAMPADA FLUORESCENTE DE *36* W, ALETADA, COMPLETA (LAMPADA E REATOR INCLUSOS)                                                                                                                                                                                                                                                                                                                                                                                ","UN    ","C ","57,90"]
[12231,"LUMINARIA DE SOBREPOR EM CHAPA DE ACO PARA 1 LAMPADA FLUORESCENTE DE *36* W, PERFIL COMERCIAL (NAO INCLUI REATOR E LAMPADA)                                                                                                                                                                                                                                                                                                                                                                               ","UN    ","CR","16,78"]
[3811,"LUMINARIA DE SOBREPOR EM CHAPA DE ACO PARA 2 LAMPADAS FLUORESCENTES DE *18* W, ALETADA, COMPLETA (LAMPADAS E REATOR INCLUSOS)                                                                                                                                                                                                                                                                                                                                                                             ","UN    ","CR","54,38"]
[12232,"LUMINARIA DE SOBREPOR EM CHAPA DE ACO PARA 2 LAMPADAS FLUORESCENTES DE *18* W, PERFIL COMERCIAL (NAO INCLUI REATOR E LAMPADAS)                                                                                                                                                                                                                                                                                                                                                                            ","UN    ","CR","17,58"]
[3799,"LUMINARIA DE SOBREPOR EM CHAPA DE ACO PARA 2 LAMPADAS FLUORESCENTES DE *36* W, ALETADA, COMPLETA (LAMPADAS E REATOR INCLUSOS)                                                                                                                                                                                                                                                                                                                                                                             ","UN    ","CR","76,91"]
[12239,"LUMINARIA DE SOBREPOR EM CHAPA DE ACO PARA 2 LAMPADAS FLUORESCENTES DE *36* W, PERFIL COMERCIAL (NAO INCLUI REATOR E LAMPADAS)                                                                                                                                                                                                                                                                                                                                                                            ","UN    ","CR","23,02"]
[38773,"LUMINARIA DE TETO PLAFON/PLAFONIER EM PLASTICO COM BASE E27, POTENCIA MAXIMA 60 W (NAO INCLUI LAMPADA)                                                                                                                                                                                                                                                                                                                                                                                                    ","UN    ","CR","3,69"]
[12271,"LUMINARIA DUPLA P/SINALIZACAO, TIPO WETZEL AS-2/110 OU EQUIV                                                                                                                                                                                                                                                                                                                                                                                                                                              ","UN    ","CR","205,94"]
[38785,"LUMINARIA HERMETICA IP-65 PARA 2 DUAS LAMPADAS DE 14/16/18/20 W (NAO INCLUI REATOR E LAMPADAS)                                                                                                                                                                                                                                                                                                                                                                                                            ","UN    ","CR","97,50"]
[38786,"LUMINARIA HERMETICA IP-65 PARA 2 DUAS LAMPADAS DE 28/32/36/40 W (NAO INCLUI REATOR E LAMPADAS)                                                                                                                                                                                                                                                                                                                                                                                                            ","UN    ","CR","120,10"]
[39385,"LUMINARIA LED PLAFON REDONDO DE SOBREPOR BIVOLT 12/13 W,  D = *17* CM                                                                                                                                                                                                                                                                                                                                                                                                                                     ","UN    ","CR","20,42"]
[39389,"LUMINARIA LED REFLETOR RETANGULAR BIVOLT, LUZ BRANCA, 10 W                                                                                                                                                                                                                                                                                                                                                                                                                                                ","UN    ","CR","22,16"]
[39390,"LUMINARIA LED REFLETOR RETANGULAR BIVOLT, LUZ BRANCA, 30 W                                                                                                                                                                                                                                                                                                                                                                                                                                                ","UN    ","CR","46,46"]
[39391,"LUMINARIA LED REFLETOR RETANGULAR BIVOLT, LUZ BRANCA, 50 W                                                                                                                                                                                                                                                                                                                                                                                                                                                ","UN    ","CR","52,16"]
[3803,"LUMINARIA PLAFON REDONDO COM VIDRO FOSCO DIAMETRO *25* CM, PARA 1 LAMPADA, BASE E27, POTENCIA MAXIMA 40/60 W (NAO INCLUI LAMPADA)                                                                                                                                                                                                                                                                                                                                                                         ","UN    ","CR","34,82"]
[38770,"LUMINARIA PLAFON REDONDO COM VIDRO FOSCO DIAMETRO *30* CM, PARA 2 LAMPADAS, BASE E27, POTENCIA MAXIMA 40/60 W (NAO INCLUI LAMPADAS)                                                                                                                                                                                                                                                                                                                                                                       ","UN    ","CR","40,32"]
[12267,"LUMINARIA PROVA DE TEMPO PETERCO Y.31/1                                                                                                                                                                                                                                                                                                                                                                                                                                                                   ","UN    ","CR","118,16"]
[43265,"LUMINARIA SOLAR LED EXTERNA, TIPO ARANDELA DE PAREDE, EM ALUMINIO, 16 LEDS, LUZ BRANCA, *180* LUMENS, CAPACIDADE DE ILUMINACAO ATE 36 H, RETANGULAR, *13 X 9 X 7* (C X L X A), COM SENSOR DE MOVIMENTO / PRESENCA, BATERIA RECARREGAVEL COM LUZ SOLAR, RESISTENTE AO CALOR, A PROVA DE AGUA E POEIRA/ IMPERMEAVEL, IP65                                                                                                                                                                                   ","UN    ","CR","63,88"]
[12266,"LUMINARIA SPOT DE SOBREPOR EM ALUMINIO COM ALETA PLASTICA PARA 1 LAMPADA, BASE E27, POTENCIA MAXIMA 40/60 W (NAO INCLUI LAMPADA)                                                                                                                                                                                                                                                                                                                                                                          ","UN    ","CR","60,48"]
[39378,"LUMINARIA SPOT DE SOBREPOR EM ALUMINIO COM ALETA PLASTICA PARA 2 LAMPADAS, BASE E27, POTENCIA MAXIMA 40/60 W (NAO INCLUI LAMPADA)                                                                                                                                                                                                                                                                                                                                                                         ","UN    ","CR","42,87"]
[43543,"LUMINARIA TIPO TARTARUGA A PROVA DE TEMPO, GASES, VAPOR E PO, EM ALUMINIO, COM GRADE, BASE E27, POTENCIA MAXIMA 100 W - REF Y 25/1 (NAO INCLUI LAMPADA)                                                                                                                                                                                                                                                                                                                                                   ","UN    ","CR","89,33"]
[38775,"LUMINARIA TIPO TARTARUGA PARA AREA EXTERNA EM ALUMINIO, COM GRADE, PARA 1 LAMPADA, BASE E27, POTENCIA MAXIMA 40/60 W (NAO INCLUI LAMPADA)                                                                                                                                                                                                                                                                                                                                                                 ","UN    ","CR","45,45"]
[21119,"LUVA CPVC, SOLDAVEL, 15 MM, PARA AGUA QUENTE PREDIAL                                                                                                                                                                                                                                                                                                                                                                                                                                                      ","UN    ","AS","1,47"]
[37974,"LUVA CPVC, SOLDAVEL, 22 MM, PARA AGUA QUENTE PREDIAL                                                                                                                                                                                                                                                                                                                                                                                                                                                      ","UN    ","AS","2,18"]
[37975,"LUVA CPVC, SOLDAVEL, 28 MM, PARA AGUA QUENTE PREDIAL                                                                                                                                                                                                                                                                                                                                                                                                                                                      ","UN    ","AS","4,44"]
[37976,"LUVA CPVC, SOLDAVEL, 35 MM, PARA AGUA QUENTE PREDIAL                                                                                                                                                                                                                                                                                                                                                                                                                                                      ","UN    ","AS","9,11"]
[37977,"LUVA CPVC, SOLDAVEL, 42 MM, PARA AGUA QUENTE PREDIAL                                                                                                                                                                                                                                                                                                                                                                                                                                                      ","UN    ","AS","12,53"]
[37978,"LUVA CPVC, SOLDAVEL, 54 MM, PARA AGUA QUENTE PREDIAL                                                                                                                                                                                                                                                                                                                                                                                                                                                      ","UN    ","AS","25,40"]
[37979,"LUVA CPVC, SOLDAVEL, 73 MM, PARA AGUA QUENTE PREDIAL                                                                                                                                                                                                                                                                                                                                                                                                                                                      ","UN    ","AS","109,12"]
[37980,"LUVA CPVC, SOLDAVEL, 89 MM, PARA AGUA QUENTE PREDIAL                                                                                                                                                                                                                                                                                                                                                                                                                                                      ","UN    ","AS","122,63"]
[36147,"LUVA DE BORRACHA ISOLANTE PARA ALTA TENSAO, RESISTENTE A OZONIO, TENSAO DE ENSAIO 2,5 KV (PAR)                                                                                                                                                                                                                                                                                                                                                                                                            ","PAR   ","CR","334,32"]
[12731,"LUVA DE COBRE (REF 600) SEM ANEL DE SOLDA, BOLSA X BOLSA, 104 MM                                                                                                                                                                                                                                                                                                                                                                                                                                          ","UN    ","AS","385,20"]
[12723,"LUVA DE COBRE (REF 600) SEM ANEL DE SOLDA, BOLSA X BOLSA, 15 MM                                                                                                                                                                                                                                                                                                                                                                                                                                           ","UN    ","AS","2,98"]
[12724,"LUVA DE COBRE (REF 600) SEM ANEL DE SOLDA, BOLSA X BOLSA, 22 MM                                                                                                                                                                                                                                                                                                                                                                                                                                           ","UN    ","AS","5,74"]
[12725,"LUVA DE COBRE (REF 600) SEM ANEL DE SOLDA, BOLSA X BOLSA, 28 MM                                                                                                                                                                                                                                                                                                                                                                                                                                           ","UN    ","AS","11,51"]
[12726,"LUVA DE COBRE (REF 600) SEM ANEL DE SOLDA, BOLSA X BOLSA, 35 MM                                                                                                                                                                                                                                                                                                                                                                                                                                           ","UN    ","AS","25,41"]
[12727,"LUVA DE COBRE (REF 600) SEM ANEL DE SOLDA, BOLSA X BOLSA, 42 MM                                                                                                                                                                                                                                                                                                                                                                                                                                           ","UN    ","AS","32,23"]
[12728,"LUVA DE COBRE (REF 600) SEM ANEL DE SOLDA, BOLSA X BOLSA, 54 MM                                                                                                                                                                                                                                                                                                                                                                                                                                           ","UN    ","AS","52,64"]
[12729,"LUVA DE COBRE (REF 600) SEM ANEL DE SOLDA, BOLSA X BOLSA, 66 MM                                                                                                                                                                                                                                                                                                                                                                                                                                           ","UN    ","AS","172,54"]
[12730,"LUVA DE COBRE (REF 600) SEM ANEL DE SOLDA, BOLSA X BOLSA, 79 MM                                                                                                                                                                                                                                                                                                                                                                                                                                           ","UN    ","AS","264,16"]
[3840,"LUVA DE CORRER DEFOFO, PVC, JE, DN 100 MM                                                                                                                                                                                                                                                                                                                                                                                                                                                                 ","UN    ","AS","59,04"]
[3838,"LUVA DE CORRER DEFOFO, PVC, JE, DN 150 MM                                                                                                                                                                                                                                                                                                                                                                                                                                                                 ","UN    ","AS","130,29"]
[3844,"LUVA DE CORRER DEFOFO, PVC, JE, DN 200 MM                                                                                                                                                                                                                                                                                                                                                                                                                                                                 ","UN    ","AS","232,41"]
[3839,"LUVA DE CORRER DEFOFO, PVC, JE, DN 250 MM                                                                                                                                                                                                                                                                                                                                                                                                                                                                 ","UN    ","AS","423,32"]
[3843,"LUVA DE CORRER DEFOFO, PVC, JE, DN 300 MM                                                                                                                                                                                                                                                                                                                                                                                                                                                                 ","UN    ","AS","581,01"]
[3900,"LUVA DE CORRER PARA TUBO ROSCAVEL, PVC, 1 1/2\", PARA AGUA FRIA PREDIAL                                                                                                                                                                                                                                                                                                                                                                                                                                    ","UN    ","CR","46,97"]
[3846,"LUVA DE CORRER PARA TUBO ROSCAVEL, PVC, 1/2\", PARA AGUA FRIA PREDIAL                                                                                                                                                                                                                                                                                                                                                                                                                                      ","UN    ","CR","14,80"]
[3886,"LUVA DE CORRER PARA TUBO ROSCAVEL, PVC, 3/4\", PARA AGUA FRIA PREDIAL                                                                                                                                                                                                                                                                                                                                                                                                                                      ","UN    ","CR","15,59"]
[3854,"LUVA DE CORRER PARA TUBO SOLDAVEL, PVC, 20 MM, PARA AGUA FRIA PREDIAL                                                                                                                                                                                                                                                                                                                                                                                                                                     ","UN    ","CR","8,66"]
[3873,"LUVA DE CORRER PARA TUBO SOLDAVEL, PVC, 25 MM, PARA AGUA FRIA PREDIAL                                                                                                                                                                                                                                                                                                                                                                                                                                     ","UN    ","CR","11,47"]
[38021,"LUVA DE CORRER PARA TUBO SOLDAVEL, PVC, 32 MM, PARA AGUA FRIA PREDIAL                                                                                                                                                                                                                                                                                                                                                                                                                                     ","UN    ","CR","27,42"]
[3847,"LUVA DE CORRER PARA TUBO SOLDAVEL, PVC, 50 MM, PARA AGUA FRIA PREDIAL                                                                                                                                                                                                                                                                                                                                                                                                                                     ","UN    ","CR","31,13"]
[38022,"LUVA DE CORRER PARA TUBO SOLDAVEL, PVC, 60 MM, PARA AGUA FRIA PREDIAL                                                                                                                                                                                                                                                                                                                                                                                                                                     ","UN    ","CR","48,63"]
[3833,"LUVA DE CORRER PVC, JE, DN 100 MM, PARA REDE COLETORA DE ESGOTO (NBR 10569)                                                                                                                                                                                                                                                                                                                                                                                                                               ","UN    ","AS","27,24"]
[3835,"LUVA DE CORRER PVC, JE, DN 150 MM, PARA REDE COLETORA DE ESGOTO (NBR 10569)                                                                                                                                                                                                                                                                                                                                                                                                                               ","UN    ","AS","88,69"]
[3836,"LUVA DE CORRER PVC, JE, DN 200 MM, PARA REDE COLETORA DE ESGOTO (NBR 10569)                                                                                                                                                                                                                                                                                                                                                                                                                               ","UN    ","AS","190,89"]
[3830,"LUVA DE CORRER PVC, JE, DN 250 MM, PARA REDE COLETORA DE ESGOTO (NBR 10569)                                                                                                                                                                                                                                                                                                                                                                                                                               ","UN    ","AS","312,11"]
[3831,"LUVA DE CORRER PVC, JE, DN 300 MM, PARA REDE COLETORA DE ESGOTO (NBR 10569)                                                                                                                                                                                                                                                                                                                                                                                                                               ","UN    ","AS","521,74"]
[37981,"LUVA DE CORRER, CPVC, SOLDAVEL, 15 MM, PARA AGUA QUENTE PREDIAL                                                                                                                                                                                                                                                                                                                                                                                                                                           ","UN    ","AS","5,00"]
[37982,"LUVA DE CORRER, CPVC, SOLDAVEL, 22 MM, PARA AGUA QUENTE PREDIAL                                                                                                                                                                                                                                                                                                                                                                                                                                           ","UN    ","AS","7,59"]
[37983,"LUVA DE CORRER, CPVC, SOLDAVEL, 28 MM, PARA AGUA QUENTE PREDIAL                                                                                                                                                                                                                                                                                                                                                                                                                                           ","UN    ","AS","10,63"]
[37984,"LUVA DE CORRER, CPVC, SOLDAVEL, 35 MM, PARA AGUA QUENTE PREDIAL                                                                                                                                                                                                                                                                                                                                                                                                                                           ","UN    ","AS","18,36"]
[37985,"LUVA DE CORRER, CPVC, SOLDAVEL, 42 MM, PARA AGUA QUENTE PREDIAL                                                                                                                                                                                                                                                                                                                                                                                                                                           ","UN    ","AS","25,71"]
[3826,"LUVA DE CORRER, PVC PBA, JE, DN 100 / DE 110 MM, PARA REDE AGUA (NBR 10351)                                                                                                                                                                                                                                                                                                                                                                                                                               ","UN    ","AS","58,58"]
[3825,"LUVA DE CORRER, PVC PBA, JE, DN 50 / DE 60 MM, PARA REDE AGUA (NBR 10351)                                                                                                                                                                                                                                                                                                                                                                                                                                 ","UN    ","AS","16,85"]
[3827,"LUVA DE CORRER, PVC PBA, JE, DN 75 / DE 85 MM, PARA REDE AGUA (NBR 10351)                                                                                                                                                                                                                                                                                                                                                                                                                                 ","UN    ","AS","36,81"]
[20165,"LUVA DE CORRER, PVC SERIE R, 100 MM, PARA ESGOTO OU AGUAS PLUVIAIS PREDIAIS                                                                                                                                                                                                                                                                                                                                                                                                                               ","UN    ","CR","26,98"]
[20166,"LUVA DE CORRER, PVC SERIE R, 150 MM, PARA ESGOTO OU AGUAS PLUVIAIS PREDIAIS                                                                                                                                                                                                                                                                                                                                                                                                                               ","UN    ","CR","87,19"]
[20164,"LUVA DE CORRER, PVC SERIE R, 75 MM, PARA ESGOTO OU AGUAS PLUVIAIS PREDIAIS                                                                                                                                                                                                                                                                                                                                                                                                                                ","UN    ","CR","14,25"]
[3893,"LUVA DE CORRER, PVC, DN 100 MM, PARA ESGOTO PREDIAL                                                                                                                                                                                                                                                                                                                                                                                                                                                       ","UN    ","CR","17,68"]
[3848,"LUVA DE CORRER, PVC, DN 50 MM, PARA ESGOTO PREDIAL                                                                                                                                                                                                                                                                                                                                                                                                                                                        ","UN    ","CR","10,74"]
[3895,"LUVA DE CORRER, PVC, DN 75 MM, PARA ESGOTO PREDIAL                                                                                                                                                                                                                                                                                                                                                                                                                                                        ","UN    ","CR","11,69"]
[12404,"LUVA DE FERRO GALVANIZADO, COM ROSCA BSP MACHO/FEMEA, DE 3/4\"                                                                                                                                                                                                                                                                                                                                                                                                                                             ","UN    ","AS","10,76"]
[3939,"LUVA DE FERRO GALVANIZADO, COM ROSCA BSP, DE 1 1/2\"                                                                                                                                                                                                                                                                                                                                                                                                                                                       ","UN    ","AS","22,17"]
[3911,"LUVA DE FERRO GALVANIZADO, COM ROSCA BSP, DE 1 1/4\"                                                                                                                                                                                                                                                                                                                                                                                                                                                       ","UN    ","AS","18,11"]
[3908,"LUVA DE FERRO GALVANIZADO, COM ROSCA BSP, DE 1/2\"                                                                                                                                                                                                                                                                                                                                                                                                                                                         ","UN    ","AS","5,85"]
[3910,"LUVA DE FERRO GALVANIZADO, COM ROSCA BSP, DE 1\"                                                                                                                                                                                                                                                                                                                                                                                                                                                           ","UN    ","AS","12,95"]
[3913,"LUVA DE FERRO GALVANIZADO, COM ROSCA BSP, DE 2 1/2\"                                                                                                                                                                                                                                                                                                                                                                                                                                                       ","UN    ","AS","61,93"]
[3912,"LUVA DE FERRO GALVANIZADO, COM ROSCA BSP, DE 2\"                                                                                                                                                                                                                                                                                                                                                                                                                                                           ","UN    ","AS","33,95"]
[3909,"LUVA DE FERRO GALVANIZADO, COM ROSCA BSP, DE 3/4\"                                                                                                                                                                                                                                                                                                                                                                                                                                                         ","UN    ","AS","7,96"]
[3914,"LUVA DE FERRO GALVANIZADO, COM ROSCA BSP, DE 3\"                                                                                                                                                                                                                                                                                                                                                                                                                                                           ","UN    ","AS","93,42"]
[3915,"LUVA DE FERRO GALVANIZADO, COM ROSCA BSP, DE 4\"                                                                                                                                                                                                                                                                                                                                                                                                                                                           ","UN    ","AS","147,32"]
[3916,"LUVA DE FERRO GALVANIZADO, COM ROSCA BSP, DE 5\"                                                                                                                                                                                                                                                                                                                                                                                                                                                           ","UN    ","AS","268,38"]
[3917,"LUVA DE FERRO GALVANIZADO, COM ROSCA BSP, DE 6\"                                                                                                                                                                                                                                                                                                                                                                                                                                                           ","UN    ","AS","442,67"]
[1904,"LUVA DE PRESSAO, EM PVC, DE 20 MM, PARA ELETRODUTO FLEXIVEL                                                                                                                                                                                                                                                                                                                                                                                                                                               ","UN    ","CR","0,59"]
[1899,"LUVA DE PRESSAO, EM PVC, DE 25 MM, PARA ELETRODUTO FLEXIVEL                                                                                                                                                                                                                                                                                                                                                                                                                                               ","UN    ","CR","0,67"]
[1900,"LUVA DE PRESSAO, EM PVC, DE 32 MM, PARA ELETRODUTO FLEXIVEL                                                                                                                                                                                                                                                                                                                                                                                                                                               ","UN    ","CR","1,09"]
[12407,"LUVA DE REDUCAO DE FERRO GALVANIZADO, COM ROSCA BSP MACHO/FEMEA, DE 1 1/2\" X 1\"                                                                                                                                                                                                                                                                                                                                                                                                                           ","UN    ","AS","33,51"]
[12408,"LUVA DE REDUCAO DE FERRO GALVANIZADO, COM ROSCA BSP MACHO/FEMEA, DE 1\" X 1/2\"                                                                                                                                                                                                                                                                                                                                                                                                                             ","UN    ","AS","18,91"]
[12409,"LUVA DE REDUCAO DE FERRO GALVANIZADO, COM ROSCA BSP MACHO/FEMEA, DE 1\" X 3/4\"                                                                                                                                                                                                                                                                                                                                                                                                                             ","UN    ","AS","18,91"]
[12410,"LUVA DE REDUCAO DE FERRO GALVANIZADO, COM ROSCA BSP MACHO/FEMEA, DE 3/4\" X 1/2\"                                                                                                                                                                                                                                                                                                                                                                                                                           ","UN    ","AS","13,03"]
[3936,"LUVA DE REDUCAO DE FERRO GALVANIZADO, COM ROSCA BSP, DE 1 1/2\" X 1 1/4\"                                                                                                                                                                                                                                                                                                                                                                                                                                   ","UN    ","AS","23,54"]
[3922,"LUVA DE REDUCAO DE FERRO GALVANIZADO, COM ROSCA BSP, DE 1 1/2\" X 1/2\"                                                                                                                                                                                                                                                                                                                                                                                                                                     ","UN    ","AS","21,66"]
[3924,"LUVA DE REDUCAO DE FERRO GALVANIZADO, COM ROSCA BSP, DE 1 1/2\" X 1\"                                                                                                                                                                                                                                                                                                                                                                                                                                       ","UN    ","AS","23,54"]
[3923,"LUVA DE REDUCAO DE FERRO GALVANIZADO, COM ROSCA BSP, DE 1 1/2\" X 3/4\"                                                                                                                                                                                                                                                                                                                                                                                                                                     ","UN    ","AS","23,54"]
[3937,"LUVA DE REDUCAO DE FERRO GALVANIZADO, COM ROSCA BSP, DE 1 1/4\" X 1/2\"                                                                                                                                                                                                                                                                                                                                                                                                                                     ","UN    ","AS","19,42"]
[3921,"LUVA DE REDUCAO DE FERRO GALVANIZADO, COM ROSCA BSP, DE 1 1/4\" X 1\"                                                                                                                                                                                                                                                                                                                                                                                                                                       ","UN    ","AS","19,43"]
[3920,"LUVA DE REDUCAO DE FERRO GALVANIZADO, COM ROSCA BSP, DE 1 1/4\" X 3/4\"                                                                                                                                                                                                                                                                                                                                                                                                                                     ","UN    ","AS","19,42"]
[3938,"LUVA DE REDUCAO DE FERRO GALVANIZADO, COM ROSCA BSP, DE 1\" X 1/2\"                                                                                                                                                                                                                                                                                                                                                                                                                                         ","UN    ","AS","12,81"]
[3919,"LUVA DE REDUCAO DE FERRO GALVANIZADO, COM ROSCA BSP, DE 1\" X 3/4\"                                                                                                                                                                                                                                                                                                                                                                                                                                         ","UN    ","AS","13,05"]
[3927,"LUVA DE REDUCAO DE FERRO GALVANIZADO, COM ROSCA BSP, DE 2 1/2\" X 1 1/2\"                                                                                                                                                                                                                                                                                                                                                                                                                                   ","UN    ","AS","66,12"]
[3928,"LUVA DE REDUCAO DE FERRO GALVANIZADO, COM ROSCA BSP, DE 2 1/2\" X 2\"                                                                                                                                                                                                                                                                                                                                                                                                                                       ","UN    ","AS","66,12"]
[3926,"LUVA DE REDUCAO DE FERRO GALVANIZADO, COM ROSCA BSP, DE 2\" X 1 1/2\"                                                                                                                                                                                                                                                                                                                                                                                                                                       ","UN    ","AS","37,69"]
[3935,"LUVA DE REDUCAO DE FERRO GALVANIZADO, COM ROSCA BSP, DE 2\" X 1 1/4\"                                                                                                                                                                                                                                                                                                                                                                                                                                       ","UN    ","AS","37,69"]
[3925,"LUVA DE REDUCAO DE FERRO GALVANIZADO, COM ROSCA BSP, DE 2\" X 1\"                                                                                                                                                                                                                                                                                                                                                                                                                                           ","UN    ","AS","37,69"]
[12406,"LUVA DE REDUCAO DE FERRO GALVANIZADO, COM ROSCA BSP, DE 3/4\" X 1/2\"                                                                                                                                                                                                                                                                                                                                                                                                                                       ","UN    ","AS","9,26"]
[3929,"LUVA DE REDUCAO DE FERRO GALVANIZADO, COM ROSCA BSP, DE 3\" X 1 1/2\"                                                                                                                                                                                                                                                                                                                                                                                                                                       ","UN    ","AS","100,74"]
[3931,"LUVA DE REDUCAO DE FERRO GALVANIZADO, COM ROSCA BSP, DE 3\" X 2 1/2\"                                                                                                                                                                                                                                                                                                                                                                                                                                       ","UN    ","AS","100,74"]
[3930,"LUVA DE REDUCAO DE FERRO GALVANIZADO, COM ROSCA BSP, DE 3\" X 2\"                                                                                                                                                                                                                                                                                                                                                                                                                                           ","UN    ","AS","100,74"]
[3932,"LUVA DE REDUCAO DE FERRO GALVANIZADO, COM ROSCA BSP, DE 4\" X 2 1/2\"                                                                                                                                                                                                                                                                                                                                                                                                                                       ","UN    ","AS","173,96"]
[3933,"LUVA DE REDUCAO DE FERRO GALVANIZADO, COM ROSCA BSP, DE 4\" X 2\"                                                                                                                                                                                                                                                                                                                                                                                                                                           ","UN    ","AS","173,96"]
[3934,"LUVA DE REDUCAO DE FERRO GALVANIZADO, COM ROSCA BSP, DE 4\" X 3\"                                                                                                                                                                                                                                                                                                                                                                                                                                           ","UN    ","AS","173,96"]
[40355,"LUVA DE REDUCAO EM ACO CARBONO, COM ENCAIXE PARA SOLDA DN SW, PRESSAO 3.000 LBS,  3/4 \" X 1/2\"                                                                                                                                                                                                                                                                                                                                                                                                            ","UN    ","AS","11,07"]
[40364,"LUVA DE REDUCAO EM ACO CARBONO, COM ENCAIXE PARA SOLDA DN SW, PRESSAO 3.000 LBS, DN 1 1/2\" X 1 1/4\"                                                                                                                                                                                                                                                                                                                                                                                                       ","UN    ","AS","51,84"]
[40361,"LUVA DE REDUCAO EM ACO CARBONO, COM ENCAIXE PARA SOLDA DN SW, PRESSAO 3.000 LBS, DN 1 1/4\"  X 1\"                                                                                                                                                                                                                                                                                                                                                                                                          ","UN    ","AS","40,54"]
[40358,"LUVA DE REDUCAO EM ACO CARBONO, COM ENCAIXE PARA SOLDA DN SW, PRESSAO 3.000 LBS, DN 1\" X 3/4\"                                                                                                                                                                                                                                                                                                                                                                                                             ","UN    ","AS","15,45"]
[40370,"LUVA DE REDUCAO EM ACO CARBONO, COM ENCAIXE PARA SOLDA DN SW, PRESSAO 3.000 LBS, DN 2 1/2\" X 2\"                                                                                                                                                                                                                                                                                                                                                                                                           ","UN    ","AS","164,49"]
[40367,"LUVA DE REDUCAO EM ACO CARBONO, COM ENCAIXE PARA SOLDA DN SW, PRESSAO 3.000 LBS, DN 2\" X 1 1/2\"                                                                                                                                                                                                                                                                                                                                                                                                           ","UN    ","AS","81,76"]
[40373,"LUVA DE REDUCAO EM ACO CARBONO, COM ENCAIXE PARA SOLDA DN SW, PRESSAO 3.000 LBS, DN 3\" X 2 1/2\"                                                                                                                                                                                                                                                                                                                                                                                                           ","UN    ","AS","222,44"]
[38947,"LUVA DE REDUCAO PARA TUBO PEX, METALICA, PARA CONEXAO COM ANEL DESLIZANTE, DN 20 X 16 MM                                                                                                                                                                                                                                                                                                                                                                                                                  ","UN    ","AS","9,39"]
[38948,"LUVA DE REDUCAO PARA TUBO PEX, METALICA, PARA CONEXAO COM ANEL DESLIZANTE, DN 25 X 16 MM                                                                                                                                                                                                                                                                                                                                                                                                                  ","UN    ","AS","14,99"]
[38949,"LUVA DE REDUCAO PARA TUBO PEX, METALICA, PARA CONEXAO COM ANEL DESLIZANTE, DN 25 X 20 MM                                                                                                                                                                                                                                                                                                                                                                                                                  ","UN    ","AS","16,63"]
[38951,"LUVA DE REDUCAO PARA TUBO PEX, METALICA, PARA CONEXAO COM ANEL DESLIZANTE, DN 32 X 25 MM                                                                                                                                                                                                                                                                                                                                                                                                                  ","UN    ","AS","26,30"]
[39312,"LUVA DE REDUCAO PARA TUBO PEX, PLASTICA, PARA CONEXAO COM CRIMPAGEM, DN 20 X 16 MM                                                                                                                                                                                                                                                                                                                                                                                                                        ","UN    ","AS","20,40"]
[39313,"LUVA DE REDUCAO PARA TUBO PEX, PLASTICA, PARA CONEXAO COM CRIMPAGEM, DN 25 X 16 MM                                                                                                                                                                                                                                                                                                                                                                                                                        ","UN    ","AS","26,63"]
[38950,"LUVA DE REDUCAO PARA TUBO PEX, PLASTICA, PARA CONEXAO COM CRIMPAGEM, DN 32 X 20 MM                                                                                                                                                                                                                                                                                                                                                                                                                        ","UN    ","AS","40,08"]
[39314,"LUVA DE REDUCAO PARA TUBO PEX, PLASTICA, PARA CONEXAO COM CRIMPAGEM, DN 32 X 25 MM                                                                                                                                                                                                                                                                                                                                                                                                                        ","UN    ","AS","42,28"]
[3907,"LUVA DE REDUCAO ROSCAVEL, PVC, 1\" X 3/4\", PARA AGUA FRIA PREDIAL                                                                                                                                                                                                                                                                                                                                                                                                                                          ","UN    ","CR","4,86"]
[3889,"LUVA DE REDUCAO ROSCAVEL, PVC, 3/4\" X 1/2\", PARA AGUA FRIA PREDIAL                                                                                                                                                                                                                                                                                                                                                                                                                                        ","UN    ","CR","3,72"]
[3868,"LUVA DE REDUCAO SOLDAVEL, PVC, 25 MM X 20 MM, PARA AGUA FRIA PREDIAL                                                                                                                                                                                                                                                                                                                                                                                                                                      ","UN    ","CR","1,44"]
[3869,"LUVA DE REDUCAO SOLDAVEL, PVC, 32 MM X 25 MM, PARA AGUA FRIA PREDIAL                                                                                                                                                                                                                                                                                                                                                                                                                                      ","UN    ","CR","4,13"]
[3872,"LUVA DE REDUCAO SOLDAVEL, PVC, 40 MM X 32 MM, PARA AGUA FRIA PREDIAL                                                                                                                                                                                                                                                                                                                                                                                                                                      ","UN    ","CR","5,02"]
[3850,"LUVA DE REDUCAO SOLDAVEL, PVC, 60 MM X 50 MM, PARA AGUA FRIA PREDIAL                                                                                                                                                                                                                                                                                                                                                                                                                                      ","UN    ","CR","12,93"]
[38023,"LUVA DE REDUCAO, PVC, SOLDAVEL, 50 X 25 MM, PARA AGUA FRIA PREDIAL                                                                                                                                                                                                                                                                                                                                                                                                                                        ","UN    ","CR","5,45"]
[37986,"LUVA DE TRANSICAO DE CPVC X PVC, SOLDAVEL, 22 X 25 MM, PARA AGUA QUENTE                                                                                                                                                                                                                                                                                                                                                                                                                                   ","UN    ","AS","1,72"]
[37987,"LUVA DE TRANSICAO, CPVC, SOLDAVEL, 42 MM X 1 1/2\", PARA AGUA QUENTE                                                                                                                                                                                                                                                                                                                                                                                                                                       ","UN    ","AS","128,33"]
[37988,"LUVA DE TRANSICAO, CPVC, SOLDAVEL, 54 MM X 2\", PARA AGUA QUENTE PREDIAL                                                                                                                                                                                                                                                                                                                                                                                                                                   ","UN    ","AS","209,32"]
[21120,"LUVA DE TRANSICAO, CPVC, 15 MM X 1/2\", PARA AGUA QUENTE PREDIAL                                                                                                                                                                                                                                                                                                                                                                                                                                           ","UN    ","AS","10,43"]
[39318,"LUVA DE TRANSICAO, CPVC, 22 MM X 1/2\", PARA AGUA QUENTE                                                                                                                                                                                                                                                                                                                                                                                                                                                   ","UN    ","AS","8,60"]
[20162,"LUVA DUPLA, PVC LEVE, DN 150 MM                                                                                                                                                                                                                                                                                                                                                                                                                                                                           ","UN    ","CR","18,74"]
[40366,"LUVA EM ACO CARBONO, SOLDAVEL, PRESSAO 3.000 LBS, DN 1 1/2\"                                                                                                                                                                                                                                                                                                                                                                                                                                               ","UN    ","AS","40,44"]
[40363,"LUVA EM ACO CARBONO, SOLDAVEL, PRESSAO 3.000 LBS, DN 1 1/4\"                                                                                                                                                                                                                                                                                                                                                                                                                                               ","UN    ","AS","31,63"]
[40354,"LUVA EM ACO CARBONO, SOLDAVEL, PRESSAO 3.000 LBS, DN 1/2\"                                                                                                                                                                                                                                                                                                                                                                                                                                                 ","UN    ","AS","13,77"]
[40360,"LUVA EM ACO CARBONO, SOLDAVEL, PRESSAO 3.000 LBS, DN 1\"                                                                                                                                                                                                                                                                                                                                                                                                                                                   ","UN    ","AS","20,73"]
[40372,"LUVA EM ACO CARBONO, SOLDAVEL, PRESSAO 3.000 LBS, DN 2 1/2\"                                                                                                                                                                                                                                                                                                                                                                                                                                               ","UN    ","AS","128,05"]
[40369,"LUVA EM ACO CARBONO, SOLDAVEL, PRESSAO 3.000 LBS, DN 2\"                                                                                                                                                                                                                                                                                                                                                                                                                                                   ","UN    ","AS","63,73"]
[40357,"LUVA EM ACO CARBONO, SOLDAVEL, PRESSAO 3.000 LBS, DN 3/4\"                                                                                                                                                                                                                                                                                                                                                                                                                                                 ","UN    ","AS","15,45"]
[40375,"LUVA EM ACO CARBONO, SOLDAVEL, PRESSAO 3.000 LBS, DN 3\"                                                                                                                                                                                                                                                                                                                                                                                                                                                   ","UN    ","AS","173,34"]
[1893,"LUVA EM PVC RIGIDO ROSCAVEL, DE 1 1/2\", PARA ELETRODUTO                                                                                                                                                                                                                                                                                                                                                                                                                                                   ","UN    ","CR","2,24"]
[1902,"LUVA EM PVC RIGIDO ROSCAVEL, DE 1 1/4\", PARA ELETRODUTO                                                                                                                                                                                                                                                                                                                                                                                                                                                   ","UN    ","CR","1,63"]
[1901,"LUVA EM PVC RIGIDO ROSCAVEL, DE 1/2\", PARA ELETRODUTO                                                                                                                                                                                                                                                                                                                                                                                                                                                     ","UN    ","CR","0,51"]
[1892,"LUVA EM PVC RIGIDO ROSCAVEL, DE 1\", PARA ELETRODUTO                                                                                                                                                                                                                                                                                                                                                                                                                                                       ","UN    ","CR","1,05"]
[1907,"LUVA EM PVC RIGIDO ROSCAVEL, DE 2 1/2\", PARA ELETRODUTO                                                                                                                                                                                                                                                                                                                                                                                                                                                   ","UN    ","CR","7,20"]
[1894,"LUVA EM PVC RIGIDO ROSCAVEL, DE 2\", PARA ELETRODUTO                                                                                                                                                                                                                                                                                                                                                                                                                                                       ","UN    ","CR","3,24"]
[1891,"LUVA EM PVC RIGIDO ROSCAVEL, DE 3/4\", PARA ELETRODUTO                                                                                                                                                                                                                                                                                                                                                                                                                                                     ","UN    ","CR","0,75"]
[1896,"LUVA EM PVC RIGIDO ROSCAVEL, DE 3\", PARA ELETRODUTO                                                                                                                                                                                                                                                                                                                                                                                                                                                       ","UN    ","CR","9,67"]
[1895,"LUVA EM PVC RIGIDO ROSCAVEL, DE 4\", PARA ELETRODUTO                                                                                                                                                                                                                                                                                                                                                                                                                                                       ","UN    ","CR","17,00"]
[2641,"LUVA PARA ELETRODUTO, EM ACO GALVANIZADO ELETROLITICO, DIAMETRO DE 100 MM (4\")                                                                                                                                                                                                                                                                                                                                                                                                                            ","UN    ","CR","26,07"]
[2636,"LUVA PARA ELETRODUTO, EM ACO GALVANIZADO ELETROLITICO, DIAMETRO DE 15 MM (1/2\")                                                                                                                                                                                                                                                                                                                                                                                                                           ","UN    ","CR","1,68"]
[2637,"LUVA PARA ELETRODUTO, EM ACO GALVANIZADO ELETROLITICO, DIAMETRO DE 20 MM (3/4\")                                                                                                                                                                                                                                                                                                                                                                                                                           ","UN    ","CR","1,78"]
[2638,"LUVA PARA ELETRODUTO, EM ACO GALVANIZADO ELETROLITICO, DIAMETRO DE 25 MM (1\")                                                                                                                                                                                                                                                                                                                                                                                                                             ","UN    ","CR","2,08"]
[2639,"LUVA PARA ELETRODUTO, EM ACO GALVANIZADO ELETROLITICO, DIAMETRO DE 32 MM (1 1/4\")                                                                                                                                                                                                                                                                                                                                                                                                                         ","UN    ","CR","3,68"]
[2644,"LUVA PARA ELETRODUTO, EM ACO GALVANIZADO ELETROLITICO, DIAMETRO DE 40 MM (1 1/2\")                                                                                                                                                                                                                                                                                                                                                                                                                         ","UN    ","CR","5,33"]
[2643,"LUVA PARA ELETRODUTO, EM ACO GALVANIZADO ELETROLITICO, DIAMETRO DE 50 MM (2\")                                                                                                                                                                                                                                                                                                                                                                                                                             ","UN    ","CR","7,43"]
[2640,"LUVA PARA ELETRODUTO, EM ACO GALVANIZADO ELETROLITICO, DIAMETRO DE 65 MM (2 1/2\")                                                                                                                                                                                                                                                                                                                                                                                                                         ","UN    ","CR","10,85"]
[2642,"LUVA PARA ELETRODUTO, EM ACO GALVANIZADO ELETROLITICO, DIAMETRO DE 80 MM (3\")                                                                                                                                                                                                                                                                                                                                                                                                                             ","UN    ","CR","16,52"]
[38943,"LUVA PARA TUBO PEX, METALICO, PARA CONEXAO COM ANEL DESLIZANTE, DN 16 MM                                                                                                                                                                                                                                                                                                                                                                                                                                  ","UN    ","AS","6,93"]
[38944,"LUVA PARA TUBO PEX, METALICO, PARA CONEXAO COM ANEL DESLIZANTE, DN 20 MM                                                                                                                                                                                                                                                                                                                                                                                                                                  ","UN    ","AS","10,72"]
[38945,"LUVA PARA TUBO PEX, METALICO, PARA CONEXAO COM ANEL DESLIZANTE, DN 25 MM                                                                                                                                                                                                                                                                                                                                                                                                                                  ","UN    ","AS","21,74"]
[38946,"LUVA PARA TUBO PEX, METALICO, PARA CONEXAO COM ANEL DESLIZANTE, DN 32 MM                                                                                                                                                                                                                                                                                                                                                                                                                                  ","UN    ","AS","32,42"]
[39308,"LUVA PARA TUBO PEX, PLASTICA, PARA CONEXAO COM CRIMPAGEM, DN 16 MM                                                                                                                                                                                                                                                                                                                                                                                                                                        ","UN    ","AS","14,14"]
[39309,"LUVA PARA TUBO PEX, PLASTICA, PARA CONEXAO COM CRIMPAGEM, DN 20 MM                                                                                                                                                                                                                                                                                                                                                                                                                                        ","UN    ","AS","20,45"]
[39310,"LUVA PARA TUBO PEX, PLASTICA, PARA CONEXAO COM CRIMPAGEM, DN 25 MM                                                                                                                                                                                                                                                                                                                                                                                                                                        ","UN    ","AS","30,98"]
[39311,"LUVA PARA TUBO PEX, PLASTICA, PARA CONEXAO COM CRIMPAGEM, DN 32 MM                                                                                                                                                                                                                                                                                                                                                                                                                                        ","UN    ","AS","46,56"]
[39855,"LUVA PASSANTE DE COBRE (REF 601) SEM ANEL DE SOLDA, BOLSA 15 MM                                                                                                                                                                                                                                                                                                                                                                                                                                           ","UN    ","AS","3,02"]
[39856,"LUVA PASSANTE DE COBRE (REF 601) SEM ANEL DE SOLDA, BOLSA 22 MM                                                                                                                                                                                                                                                                                                                                                                                                                                           ","UN    ","AS","7,11"]
[39857,"LUVA PASSANTE DE COBRE (REF 601) SEM ANEL DE SOLDA, BOLSA 28 MM                                                                                                                                                                                                                                                                                                                                                                                                                                           ","UN    ","AS","11,51"]
[39858,"LUVA PASSANTE DE COBRE (REF 601) SEM ANEL DE SOLDA, BOLSA 35 MM                                                                                                                                                                                                                                                                                                                                                                                                                                           ","UN    ","AS","25,55"]
[39859,"LUVA PASSANTE DE COBRE (REF 601) SEM ANEL DE SOLDA, BOLSA 42 MM                                                                                                                                                                                                                                                                                                                                                                                                                                           ","UN    ","AS","39,38"]
[39860,"LUVA PASSANTE DE COBRE (REF 601) SEM ANEL DE SOLDA, BOLSA 54 MM                                                                                                                                                                                                                                                                                                                                                                                                                                           ","UN    ","AS","60,43"]
[39861,"LUVA PASSANTE DE COBRE (REF 601) SEM ANEL DE SOLDA, BOLSA 66 MM                                                                                                                                                                                                                                                                                                                                                                                                                                           ","UN    ","AS","172,54"]
[38447,"LUVA PPR, SOLDAVEL, DN 110 MM, PARA AGUA QUENTE PREDIAL                                                                                                                                                                                                                                                                                                                                                                                                                                                   ","UN    ","CR","122,28"]
[36320,"LUVA PPR, SOLDAVEL, DN 20 MM, PARA AGUA QUENTE PREDIAL                                                                                                                                                                                                                                                                                                                                                                                                                                                    ","UN    ","CR","1,77"]
[36324,"LUVA PPR, SOLDAVEL, DN 25 MM, PARA AGUA QUENTE PREDIAL                                                                                                                                                                                                                                                                                                                                                                                                                                                    ","UN    ","CR","2,68"]
[38441,"LUVA PPR, SOLDAVEL, DN 32 MM, PARA AGUA QUENTE PREDIAL                                                                                                                                                                                                                                                                                                                                                                                                                                                    ","UN    ","CR","3,53"]
[38442,"LUVA PPR, SOLDAVEL, DN 40 MM, PARA AGUA QUENTE PREDIAL                                                                                                                                                                                                                                                                                                                                                                                                                                                    ","UN    ","CR","8,96"]
[38443,"LUVA PPR, SOLDAVEL, DN 50 MM, PARA AGUA QUENTE PREDIAL                                                                                                                                                                                                                                                                                                                                                                                                                                                    ","UN    ","CR","13,54"]
[38444,"LUVA PPR, SOLDAVEL, DN 63 MM, PARA AGUA QUENTE PREDIAL                                                                                                                                                                                                                                                                                                                                                                                                                                                    ","UN    ","CR","20,16"]
[38445,"LUVA PPR, SOLDAVEL, DN 75 MM, PARA AGUA QUENTE PREDIAL                                                                                                                                                                                                                                                                                                                                                                                                                                                    ","UN    ","CR","47,35"]
[38446,"LUVA PPR, SOLDAVEL, DN 90 MM, PARA AGUA QUENTE PREDIAL                                                                                                                                                                                                                                                                                                                                                                                                                                                    ","UN    ","CR","76,42"]
[3867,"LUVA PVC SOLDAVEL, 110 MM, PARA AGUA FRIA PREDIAL                                                                                                                                                                                                                                                                                                                                                                                                                                                         ","UN    ","CR","86,87"]
[3861,"LUVA PVC SOLDAVEL, 20 MM, PARA AGUA FRIA PREDIAL                                                                                                                                                                                                                                                                                                                                                                                                                                                          ","UN    ","CR","0,72"]
[3904,"LUVA PVC SOLDAVEL, 25 MM, PARA AGUA FRIA PREDIAL                                                                                                                                                                                                                                                                                                                                                                                                                                                          ","UN    ","CR","0,88"]
[3903,"LUVA PVC SOLDAVEL, 32 MM, PARA AGUA FRIA PREDIAL                                                                                                                                                                                                                                                                                                                                                                                                                                                          ","UN    ","CR","2,16"]
[3862,"LUVA PVC SOLDAVEL, 40 MM, PARA AGUA FRIA PREDIAL                                                                                                                                                                                                                                                                                                                                                                                                                                                          ","UN    ","CR","4,40"]
[3863,"LUVA PVC SOLDAVEL, 50 MM, PARA AGUA FRIA PREDIAL                                                                                                                                                                                                                                                                                                                                                                                                                                                          ","UN    ","CR","5,16"]
[3864,"LUVA PVC SOLDAVEL, 60 MM, PARA AGUA FRIA PREDIAL                                                                                                                                                                                                                                                                                                                                                                                                                                                          ","UN    ","CR","13,45"]
[3865,"LUVA PVC SOLDAVEL, 75 MM, PARA AGUA FRIA PREDIAL                                                                                                                                                                                                                                                                                                                                                                                                                                                          ","UN    ","CR","23,40"]
[3866,"LUVA PVC SOLDAVEL, 85 MM, PARA AGUA FRIA PREDIAL                                                                                                                                                                                                                                                                                                                                                                                                                                                          ","UN    ","CR","53,55"]
[3902,"LUVA PVC, ROSCAVEL,  2 1/2\",  AGUA FRIA PREDIAL                                                                                                                                                                                                                                                                                                                                                                                                                                                           ","UN    ","CR","26,04"]
[3878,"LUVA PVC, ROSCAVEL, 1 1/2\",  AGUA FRIA PREDIAL                                                                                                                                                                                                                                                                                                                                                                                                                                                            ","UN    ","CR","8,22"]
[3877,"LUVA PVC, ROSCAVEL, 1 1/4\", AGUA FRIA PREDIAL                                                                                                                                                                                                                                                                                                                                                                                                                                                             ","UN    ","CR","7,52"]
[3879,"LUVA PVC, ROSCAVEL, 2\",  AGUA FRIA PREDIAL                                                                                                                                                                                                                                                                                                                                                                                                                                                                ","UN    ","CR","16,60"]
[3880,"LUVA PVC, ROSCAVEL, 3\", AGUA FRIA PREDIAL                                                                                                                                                                                                                                                                                                                                                                                                                                                                 ","UN    ","CR","37,45"]
[12892,"LUVA RASPA DE COURO, CANO CURTO (PUNHO *7* CM)                                                                                                                                                                                                                                                                                                                                                                                                                                                            ","PAR   ","CR","11,62"]
[3883,"LUVA ROSCAVEL, PVC, 1/2\", AGUA FRIA PREDIAL                                                                                                                                                                                                                                                                                                                                                                                                                                                               ","UN    ","CR","1,73"]
[3876,"LUVA ROSCAVEL, PVC, 1\", AGUA FRIA PREDIAL                                                                                                                                                                                                                                                                                                                                                                                                                                                                 ","UN    ","CR","4,33"]
[3884,"LUVA ROSCAVEL, PVC, 3/4\", AGUA FRIA PREDIAL                                                                                                                                                                                                                                                                                                                                                                                                                                                               ","UN    ","CR","2,59"]
[3837,"LUVA SIMPLES, PVC PBA, JE, DN 100 / DE 110 MM, PARA REDE AGUA (NBR 10351)                                                                                                                                                                                                                                                                                                                                                                                                                                 ","UN    ","AS","50,85"]
[3845,"LUVA SIMPLES, PVC PBA, JE, DN 50 / DE 60 MM, PARA REDE AGUA (NBR 10351)                                                                                                                                                                                                                                                                                                                                                                                                                                   ","UN    ","AS","18,58"]
[11045,"LUVA SIMPLES, PVC PBA, JE, DN 75 / DE 85 MM, PARA REDE AGUA (NBR 10351)                                                                                                                                                                                                                                                                                                                                                                                                                                   ","UN    ","AS","35,83"]
[20170,"LUVA SIMPLES, PVC SERIE R, 100 MM, PARA ESGOTO OU AGUAS PLUVIAIS PREDIAIS                                                                                                                                                                                                                                                                                                                                                                                                                                 ","UN    ","CR","15,18"]
[20171,"LUVA SIMPLES, PVC SERIE R, 150 MM, PARA ESGOTO OU AGUAS PLUVIAIS PREDIAIS                                                                                                                                                                                                                                                                                                                                                                                                                                 ","UN    ","CR","45,11"]
[20167,"LUVA SIMPLES, PVC SERIE R, 40 MM, PARA ESGOTO OU AGUAS PLUVIAIS PREDIAIS                                                                                                                                                                                                                                                                                                                                                                                                                                  ","UN    ","CR","5,64"]
[20168,"LUVA SIMPLES, PVC SERIE R, 50 MM, PARA ESGOTO OU AGUAS PLUVIAIS PREDIAIS                                                                                                                                                                                                                                                                                                                                                                                                                                  ","UN    ","CR","8,84"]
[20169,"LUVA SIMPLES, PVC SERIE R, 75 MM, PARA ESGOTO OU AGUAS PLUVIAIS PREDIAIS                                                                                                                                                                                                                                                                                                                                                                                                                                  ","UN    ","CR","12,52"]
[3899,"LUVA SIMPLES, PVC, SOLDAVEL, DN 100 MM, SERIE NORMAL, PARA ESGOTO PREDIAL                                                                                                                                                                                                                                                                                                                                                                                                                                 ","UN    ","CR","6,63"]
[38676,"LUVA SIMPLES, PVC, SOLDAVEL, DN 150 MM, SERIE NORMAL, PARA ESGOTO PREDIAL                                                                                                                                                                                                                                                                                                                                                                                                                                 ","UN    ","CR","32,10"]
[3897,"LUVA SIMPLES, PVC, SOLDAVEL, DN 40 MM, SERIE NORMAL, PARA ESGOTO PREDIAL                                                                                                                                                                                                                                                                                                                                                                                                                                  ","UN    ","CR","1,39"]
[3875,"LUVA SIMPLES, PVC, SOLDAVEL, DN 50 MM, SERIE NORMAL, PARA ESGOTO PREDIAL                                                                                                                                                                                                                                                                                                                                                                                                                                  ","UN    ","CR","3,02"]
[3898,"LUVA SIMPLES, PVC, SOLDAVEL, DN 75 MM, SERIE NORMAL, PARA ESGOTO PREDIAL                                                                                                                                                                                                                                                                                                                                                                                                                                  ","UN    ","CR","5,72"]
[3855,"LUVA SOLDAVEL COM BUCHA DE LATAO, PVC, 20 MM X 1/2\"                                                                                                                                                                                                                                                                                                                                                                                                                                                       ","UN    ","CR","5,75"]
[3874,"LUVA SOLDAVEL COM BUCHA DE LATAO, PVC, 25 MM X 1/2\"                                                                                                                                                                                                                                                                                                                                                                                                                                                       ","UN    ","CR","6,10"]
[3870,"LUVA SOLDAVEL COM BUCHA DE LATAO, PVC, 25 MM X 3/4\"                                                                                                                                                                                                                                                                                                                                                                                                                                                       ","UN    ","CR","7,58"]
[38678,"LUVA SOLDAVEL COM BUCHA DE LATAO, PVC, 32 MM X 1\"                                                                                                                                                                                                                                                                                                                                                                                                                                                         ","UN    ","CR","20,62"]
[3859,"LUVA SOLDAVEL COM ROSCA, PVC, 20 MM X 1/2\", PARA AGUA FRIA PREDIAL                                                                                                                                                                                                                                                                                                                                                                                                                                        ","UN    ","CR","1,53"]
[3856,"LUVA SOLDAVEL COM ROSCA, PVC, 25 MM X 1/2\", PARA AGUA FRIA PREDIAL                                                                                                                                                                                                                                                                                                                                                                                                                                        ","UN    ","CR","1,94"]
[3906,"LUVA SOLDAVEL COM ROSCA, PVC, 25 MM X 3/4\", PARA AGUA FRIA PREDIAL                                                                                                                                                                                                                                                                                                                                                                                                                                        ","UN    ","CR","1,83"]
[3860,"LUVA SOLDAVEL COM ROSCA, PVC, 32 MM X 1\", PARA AGUA FRIA PREDIAL                                                                                                                                                                                                                                                                                                                                                                                                                                          ","UN    ","CR","5,99"]
[3905,"LUVA SOLDAVEL COM ROSCA, PVC, 40 MM X 1 1/4\", PARA AGUA FRIA PREDIAL                                                                                                                                                                                                                                                                                                                                                                                                                                      ","UN    ","CR","13,27"]
[3871,"LUVA SOLDAVEL COM ROSCA, PVC, 50 MM X 1 1/2\", PARA AGUA FRIA PREDIAL                                                                                                                                                                                                                                                                                                                                                                                                                                      ","UN    ","CR","27,54"]
[37429,"LUVA, PEAD PE 100,  DE 400 MM, PARA ELETROFUSAO                                                                                                                                                                                                                                                                                                                                                                                                                                                           ","UN    ","AS","3.178,65"]
[37426,"LUVA, PEAD PE 100,  DE 63 MM, PARA ELETROFUSAO                                                                                                                                                                                                                                                                                                                                                                                                                                                            ","UN    ","AS","30,57"]
[37427,"LUVA, PEAD PE 100, DE 125 MM, PARA ELETROFUSAO                                                                                                                                                                                                                                                                                                                                                                                                                                                            ","UN    ","AS","72,94"]
[37424,"LUVA, PEAD PE 100, DE 20 MM, PARA ELETROFUSAO                                                                                                                                                                                                                                                                                                                                                                                                                                                             ","UN    ","AS","14,05"]
[37428,"LUVA, PEAD PE 100, DE 200 MM, PARA ELETROFUSAO                                                                                                                                                                                                                                                                                                                                                                                                                                                            ","UN    ","AS","251,36"]
[37425,"LUVA, PEAD PE 100, DE 32 MM, PARA ELETROFUSAO                                                                                                                                                                                                                                                                                                                                                                                                                                                             ","UN    ","AS","15,14"]
[11519,"MACANETA ALAVANCA RETA OCA, EM ZAMAC COM ACABAMENTO CROMADO, COMPRIMENTO APROX DE 15 CM                                                                                                                                                                                                                                                                                                                                                                                                                   ","PAR   ","CR","36,52"]
[11520,"MACANETA ALAVANCA, RETA SIMPLES / OCA, CROMADA, COMPRIMENTO DE 10 A 16 CM, ACABAMENTO PADRAO POPULAR - SOMENTE MACANETAS                                                                                                                                                                                                                                                                                                                                                                                  ","PAR   ","CR","16,88"]
[11518,"MACANETA BOLA, EM ZAMAC COM ACABAMENTO CROMADO, DIAMETRO DE APROX 2 1/2\"                                                                                                                                                                                                                                                                                                                                                                                                                                  ","PAR   ","CR","61,39"]
[38473,"MACARICO DE SOLDA 201 PARA EXTENSAO GLP OU ACETILENO                                                                                                                                                                                                                                                                                                                                                                                                                                                      ","UN    ","CR","115,06"]
[4244,"MACARIQUEIRO                                                                                                                                                                                                                                                                                                                                                                                                                                                                                              ","H     ","CR","14,03"]
[40977,"MACARIQUEIRO (MENSALISTA)                                                                                                                                                                                                                                                                                                                                                                                                                                                                                 ","MES   ","CR","2.465,70"]
[4115,"MADEIRA ROLICA TRATADA, D = 12 A 15 CM, H = 3,00 M, EM EUCALIPTO OU EQUIVALENTE DA REGIAO                                                                                                                                                                                                                                                                                                                                                                                                                 ","M     ","AS","19,84"]
[4119,"MADEIRA ROLICA TRATADA, D = 16 A 20 CM, H = 6,00 M, EM EUCALIPTO OU EQUIVALENTE DA REGIAO                                                                                                                                                                                                                                                                                                                                                                                                                 ","M     ","AS","40,08"]
[2794,"MADEIRA ROLICA TRATADA, D = 25 A 29 CM, H = 6,50 M, EM EUCALIPTO OU EQUIVALENTE DA REGIAO                                                                                                                                                                                                                                                                                                                                                                                                                 ","M     ","AS","106,32"]
[2788,"MADEIRA ROLICA TRATADA, D = 30 A 34 CM, H = 6,50 M, EM EUCALIPTO OU EQUIVALENTE DA REGIAO                                                                                                                                                                                                                                                                                                                                                                                                                 ","M     ","AS","154,89"]
[4006,"MADEIRA SERRADA EM PINUS, MISTA OU EQUIVALENTE DA REGIAO - BRUTA                                                                                                                                                                                                                                                                                                                                                                                                                                          ","M3    ","CR","3.257,80"]
[36151,"MANGOTE DE SEGURANCA EM RASPA DE COURO                                                                                                                                                                                                                                                                                                                                                                                                                                                                    ","UN    ","CR","25,84"]
[37457,"MANGUEIRA CRISTAL PARA NIVEL, LISA, PVC TRANSPARENTE, 3/8\" X1,5 MM                                                                                                                                                                                                                                                                                                                                                                                                                                        ","M     ","CR","2,66"]
[37456,"MANGUEIRA CRISTAL PARA NIVEL, LISA, PVC TRANSPARENTE, 5/16\" X1 MM                                                                                                                                                                                                                                                                                                                                                                                                                                         ","M     ","CR","1,40"]
[37461,"MANGUEIRA CRISTAL TRANCADA, PVC COM REFORCO, COM PRESSAO DE TRABALHO (PT) 250 LBS/POL2, DE 3/4\" X *2,8* MM                                                                                                                                                                                                                                                                                                                                                                                                ","M     ","CR","9,87"]
[37460,"MANGUEIRA CRISTAL TRANCADA, PVC COM REFORCO, PRESSAO DE TRABALHO (PT) 250 LBS/POL2, DE 1\" X *3,4* MM                                                                                                                                                                                                                                                                                                                                                                                                      ","M     ","CR","13,48"]
[37458,"MANGUEIRA CRISTAL, LISA, PVC TRANSPARENTE, 1/2\" X 2 MM                                                                                                                                                                                                                                                                                                                                                                                                                                                    ","M     ","C ","3,95"]
[37454,"MANGUEIRA CRISTAL, LISA, PVC TRANSPARENTE, 1/4\" X1 MM                                                                                                                                                                                                                                                                                                                                                                                                                                                     ","M     ","CR","1,03"]
[37455,"MANGUEIRA CRISTAL, LISA, PVC TRANSPARENTE, 1/4\" X1,5 MM                                                                                                                                                                                                                                                                                                                                                                                                                                                   ","M     ","CR","1,74"]
[37459,"MANGUEIRA CRISTAL, LISA, PVC TRANSPARENTE, 3/4\" X 2 MM                                                                                                                                                                                                                                                                                                                                                                                                                                                    ","M     ","CR","5,54"]
[21029,"MANGUEIRA DE INCENDIO, TIPO 1, DE 1 1/2\", COMPRIMENTO = 15 M, TECIDO EM FIO DE POLIESTER E TUBO INTERNO EM BORRACHA SINTETICA, COM UNIOES ENGATE RAPIDO                                                                                                                                                                                                                                                                                                                                                   ","UN    ","AS","267,33"]
[21030,"MANGUEIRA DE INCENDIO, TIPO 1, DE 1 1/2\", COMPRIMENTO = 20 M, TECIDO EM FIO DE POLIESTER E TUBO INTERNO EM BORRACHA SINTETICA, COM UNIOES ENGATE RAPIDO                                                                                                                                                                                                                                                                                                                                                   ","UN    ","AS","329,53"]
[21031,"MANGUEIRA DE INCENDIO, TIPO 1, DE 1 1/2\", COMPRIMENTO = 25 M, TECIDO EM FIO DE POLIESTER E TUBO INTERNO EM BORRACHA SINTETICA, COM UNIOES ENGATE RAPIDO                                                                                                                                                                                                                                                                                                                                                   ","UN    ","AS","410,25"]
[21032,"MANGUEIRA DE INCENDIO, TIPO 1, DE 1 1/2\", COMPRIMENTO = 30 M, TECIDO EM FIO DE POLIESTER E TUBO INTERNO EM BORRACHA SINTETICA, COM UNIOES ENGATE RAPIDO                                                                                                                                                                                                                                                                                                                                                   ","UN    ","AS","438,05"]
[37527,"MANGUEIRA DE INCENDIO, TIPO 2, DE 1 1/2\", COMPRIMENTO = 15 M, TECIDO EM FIO DE POLIESTER E TUBO INTERNO EM BORRACHA SINTETICA, COM UNIOES ENGATE RAPIDO                                                                                                                                                                                                                                                                                                                                                   ","UN    ","AS","395,70"]
[37528,"MANGUEIRA DE INCENDIO, TIPO 2, DE 1 1/2\", COMPRIMENTO = 20 M, TECIDO EM FIO DE POLIESTER E TUBO INTERNO EM BORRACHA SINTETICA, COM UNIOES                                                                                                                                                                                                                                                                                                                                                                 ","UN    ","AS","471,79"]
[37529,"MANGUEIRA DE INCENDIO, TIPO 2, DE 1 1/2\", COMPRIMENTO = 25 M, TECIDO EM FIO DE POLIESTER E TUBO INTERNO EM BORRACHA SINTETICA, COM UNIOES                                                                                                                                                                                                                                                                                                                                                                 ","UN    ","AS","476,42"]
[37530,"MANGUEIRA DE INCENDIO, TIPO 2, DE 1 1/2\", COMPRIMENTO = 30 M, TECIDO EM FIO DE POLIESTER E TUBO INTERNO EM BORRACHA SINTETICA, COM UNIOES                                                                                                                                                                                                                                                                                                                                                                 ","UN    ","AS","622,00"]
[21034,"MANGUEIRA DE INCENDIO, TIPO 2, DE 2 1/2\", COMPRIMENTO = 15 M, TECIDO EM FIO DE POLIESTER E TUBO INTERNO EM BORRACHA SINTETICA, COM UNIOES ENGATE RAPIDO                                                                                                                                                                                                                                                                                                                                                   ","UN    ","AS","530,68"]
[37531,"MANGUEIRA DE INCENDIO, TIPO 2, DE 2 1/2\", COMPRIMENTO = 20 M, TECIDO EM FIO DE POLIESTER E TUBO INTERNO EM BORRACHA SINTETICA, COM UNIOES                                                                                                                                                                                                                                                                                                                                                                 ","UN    ","AS","668,32"]
[21036,"MANGUEIRA DE INCENDIO, TIPO 2, DE 2 1/2\", COMPRIMENTO = 25 M, TECIDO EM FIO DE POLIESTER E TUBO INTERNO EM BORRACHA SINTETICA, COM UNIOES ENGATE RAPIDO                                                                                                                                                                                                                                                                                                                                                   ","UN    ","AS","812,57"]
[21037,"MANGUEIRA DE INCENDIO, TIPO 2, DE 2 1/2\", COMPRIMENTO = 30 M, TECIDO EM FIO DE POLIESTER E TUBO INTERNO EM BORRACHA SINTETICA, COM UNIOES ENGATE RAPIDO                                                                                                                                                                                                                                                                                                                                                   ","UN    ","AS","926,39"]
[20185,"MANGUEIRA DE PVC FLEXIVEL,TIPO FLAT/ACHATADA, COR LARANJA, D = 1 1/2\" (40 MM), PARA CONDUCAO DE AGUA, SERVICOS LEVES E MEDIOS                                                                                                                                                                                                                                                                                                                                                                             ","M     ","CR","16,04"]
[20260,"MANGUEIRA PARA GAS - GLP, PVC, TRANCADA, DIAMETRO DE 3/8\", COMPRIMENTO DE 1M (NORMATIZADA)                                                                                                                                                                                                                                                                                                                                                                                                                ","UN    ","CR","12,90"]
[37523,"MANIPULADOR TELESCOPICO, POTENCIA DE 101 HP, CAPACIDADE DE CARGA DE 3.500 KG, ALTURA MAXIMA DE ELEVACAO DE 12 M                                                                                                                                                                                                                                                                                                                                                                                           ","UN    ","AS","451.380,11"]
[37515,"MANIPULADOR TELESCOPICO, POTENCIA DE 85 HP, CAPACIDADE DE CARGA DE 3.500 KG, ALTURA MAXIMA DE ELEVACAO DE 12,3 M                                                                                                                                                                                                                                                                                                                                                                                          ","UN    ","AS","401.300,00"]
[12899,"MANOMETRO COM CAIXA EM ACO PINTADO, ESCALA *10* KGF/CM2 (*10* BAR), DIAMETRO NOMINAL DE *63* MM, CONEXAO DE 1/4\"                                                                                                                                                                                                                                                                                                                                                                                          ","UN    ","AS","90,15"]
[12898,"MANOMETRO COM CAIXA EM ACO PINTADO, ESCALA *10* KGF/CM2 (*10* BAR), DIAMETRO NOMINAL DE 100 MM, CONEXAO DE 1/2\"                                                                                                                                                                                                                                                                                                                                                                                           ","UN    ","AS","143,00"]
[42528,"MANTA ALUMINIZADA NAS DUAS FACES, PARA SUBCOBERTURA,  E = *2* MM                                                                                                                                                                                                                                                                                                                                                                                                                                          ","M2    ","AS","7,61"]
[39696,"MANTA ALUMINIZADA 1 FACE PARA SUBCOBERTURA, E = *1* MM                                                                                                                                                                                                                                                                                                                                                                                                                                                    ","M2    ","AS","5,35"]
[39700,"MANTA ANTIRRUIDO DE POLIESTER (PET) PARA CONTRAPISO E = *8* MM                                                                                                                                                                                                                                                                                                                                                                                                                                            ","M2    ","CR","24,49"]
[11621,"MANTA ASFALTICA ELASTOMERICA EM POLIESTER ALUMINIZADA 3 MM, TIPO III, CLASSE B (NBR 9952)                                                                                                                                                                                                                                                                                                                                                                                                                 ","M2    ","CR","48,74"]
[4014,"MANTA ASFALTICA ELASTOMERICA EM POLIESTER 3 MM, TIPO III, CLASSE B, ACABAMENTO PP (NBR 9952)                                                                                                                                                                                                                                                                                                                                                                                                              ","M2    ","CR","50,43"]
[4015,"MANTA ASFALTICA ELASTOMERICA EM POLIESTER 4 MM, TIPO III, CLASSE B, ACABAMENTO PP (NBR 9952)                                                                                                                                                                                                                                                                                                                                                                                                              ","M2    ","CR","61,93"]
[4017,"MANTA ASFALTICA ELASTOMERICA EM POLIESTER 5 MM, TIPO III, CLASSE B, ACABAMENTO PP (NBR 9952)                                                                                                                                                                                                                                                                                                                                                                                                              ","M2    ","CR","90,11"]
[4016,"MANTA ASFALTICA ELASTOMERICA TIPO GLASS 3 MM, TIPO II, CLASSE C, ACABAMENTO PP (NBR 9952)                                                                                                                                                                                                                                                                                                                                                                                                                 ","M2    ","C ","35,59"]
[39699,"MANTA DE BORRACHA ANTIRRUIDO 5 MM                                                                                                                                                                                                                                                                                                                                                                                                                                                                         ","M2    ","CR","14,08"]
[38544,"MANTA DE POLIETILENO EXPANDIDO (PEBD) ANTICHAMAS, E = 8 MM                                                                                                                                                                                                                                                                                                                                                                                                                                                ","M2    ","CR","9,13"]
[38545,"MANTA DE POLIETILENO EXPANDIDO (PEBD), E = 5 MM                                                                                                                                                                                                                                                                                                                                                                                                                                                           ","M2    ","CR","5,87"]
[42527,"MANTA DE POLIETILENO EXPANDIDO, COM 1 FACE METALIZADA PARA SUBCOBERTURA,  E = *5* MM                                                                                                                                                                                                                                                                                                                                                                                                                      ","M2    ","AS","20,10"]
[39323,"MANTA GEOTEXTIL TECIDO DE LAMINETES DE POLIPROPILENO, RESISTENCIA A TRACAO = *25* KN/M                                                                                                                                                                                                                                                                                                                                                                                                                    ","M2    ","CR","22,39"]
[626,"MANTA LIQUIDA DE BASE ASFALTICA MODIFICADA COM A ADICAO DE ELASTOMEROS DILUIDOS EM SOLVENTE ORGANICO, APLICACAO A FRIO (MEMBRANA IMPERMEABILIZANTE ASFASTICA)                                                                                                                                                                                                                                                                                                                                             ","KG    ","C ","14,16"]
[25860,"MANTA TERMOPLASTICA, PEAD, GEOMEMBRANA LISA, E = 0,50 MM ( NBR 15352)                                                                                                                                                                                                                                                                                                                                                                                                                                     ","M2    ","AS","16,04"]
[25861,"MANTA TERMOPLASTICA, PEAD, GEOMEMBRANA LISA, E = 0,75 MM ( NBR 15352)                                                                                                                                                                                                                                                                                                                                                                                                                                     ","M2    ","AS","24,21"]
[25862,"MANTA TERMOPLASTICA, PEAD, GEOMEMBRANA LISA, E = 0,80 MM ( NBR 15352)                                                                                                                                                                                                                                                                                                                                                                                                                                     ","M2    ","AS","25,69"]
[25863,"MANTA TERMOPLASTICA, PEAD, GEOMEMBRANA LISA, E = 1,00 MM ( NBR 15352)                                                                                                                                                                                                                                                                                                                                                                                                                                     ","M2    ","AS","32,12"]
[25864,"MANTA TERMOPLASTICA, PEAD, GEOMEMBRANA LISA, E = 1,50 MM ( NBR 15352)                                                                                                                                                                                                                                                                                                                                                                                                                                     ","M2    ","AS","48,16"]
[25865,"MANTA TERMOPLASTICA, PEAD, GEOMEMBRANA LISA, E = 2,00 MM ( NBR 15352)                                                                                                                                                                                                                                                                                                                                                                                                                                     ","M2    ","AS","64,52"]
[25866,"MANTA TERMOPLASTICA, PEAD, GEOMEMBRANA LISA, E = 2,50 MM ( NBR 15352)                                                                                                                                                                                                                                                                                                                                                                                                                                     ","M2    ","AS","80,12"]
[25868,"MANTA TERMOPLASTICA, PEAD, GEOMEMBRANA TEXTURIZADA EM AMBAS AS FACES, E = 0,50 MM (NBR 15352)                                                                                                                                                                                                                                                                                                                                                                                                             ","M2    ","AS","17,88"]
[25869,"MANTA TERMOPLASTICA, PEAD, GEOMEMBRANA TEXTURIZADA EM AMBAS AS FACES, E = 0,75 MM (NBR 15352)                                                                                                                                                                                                                                                                                                                                                                                                             ","M2    ","AS","25,24"]
[25870,"MANTA TERMOPLASTICA, PEAD, GEOMEMBRANA TEXTURIZADA EM AMBAS AS FACES, E = 0,80 MM (NBR 15352)                                                                                                                                                                                                                                                                                                                                                                                                             ","M2    ","AS","28,61"]
[25871,"MANTA TERMOPLASTICA, PEAD, GEOMEMBRANA TEXTURIZADA EM AMBAS AS FACES, E = 1,00 MM (NBR 15352)                                                                                                                                                                                                                                                                                                                                                                                                             ","M2    ","AS","35,13"]
[25867,"MANTA TERMOPLASTICA, PEAD, GEOMEMBRANA TEXTURIZADA EM AMBAS AS FACES, E = 1,50 MM (NBR 15352)                                                                                                                                                                                                                                                                                                                                                                                                             ","M2    ","AS","52,01"]
[25872,"MANTA TERMOPLASTICA, PEAD, GEOMEMBRANA TEXTURIZADA EM AMBAS AS FACES, E = 2,00 MM (NBR 15352)                                                                                                                                                                                                                                                                                                                                                                                                             ","M2    ","AS","70,29"]
[25873,"MANTA TERMOPLASTICA, PEAD, GEOMEMBRANA TEXTURIZADA EM AMBAS AS FACES, E = 2,50 MM (NBR 15352)                                                                                                                                                                                                                                                                                                                                                                                                             ","M2    ","AS","87,66"]
[11479,"MAQUINA DE 40 MM PARA FECHADURA DE EMBUTIR EXTERNA, EM ACO INOX                                                                                                                                                                                                                                                                                                                                                                                                                                           ","UN    ","CR","25,64"]
[11481,"MAQUINA DE 40 MM PARA FECHADURA, PARA PORTA DE BANHEIRO, EM ACO INOX                                                                                                                                                                                                                                                                                                                                                                                                                                      ","UN    ","CR","23,20"]
[43609,"MAQUINA DE 40 MM PARA FECHADURA, PARA PORTA INTERNA, EM ACO INOX                                                                                                                                                                                                                                                                                                                                                                                                                                          ","UN    ","CR","23,20"]
[11478,"MAQUINA DE 55 MM PARA FECHADURA DE EMBUTIR EXTERNA, EM ACO INOX                                                                                                                                                                                                                                                                                                                                                                                                                                           ","UN    ","CR","44,00"]
[43608,"MAQUINA DE 55 MM PARA FECHADURA, PARA PORTA DE BANHEIRO, EM ACO INOX                                                                                                                                                                                                                                                                                                                                                                                                                                      ","UN    ","CR","33,57"]
[11476,"MAQUINA DE 55 MM PARA FECHADURA, PARA PORTA INTERNA, EM ACO INOX                                                                                                                                                                                                                                                                                                                                                                                                                                          ","UN    ","CR","33,57"]
[40637,"MAQUINA DEMARCADORA DE FAIXA DE TRAFEGO A FRIO, AUTOPROPELIDA, MOTOR DIESEL 38 HP                                                                                                                                                                                                                                                                                                                                                                                                                         ","UN    ","AS","713.081,12"]
[13836,"MAQUINA EXTRUSORA DE CONCRETO PARA GUIAS E SARJETAS, COM MOTOR A DIESEL DE 14 CV                                                                                                                                                                                                                                                                                                                                                                                                                          ","UN    ","AS","55.478,04"]
[14534,"MAQUINA MANUAL TIPO PRENSA PARA PRODUCAO DE BLOCOS E PAVIMENTOS DE CONCRETO, COM MOTOR ELETRICO TRIFASICO PARA VIBRACAO, POTENCIA TOTAL INSTALADA DE 1,5 KW                                                                                                                                                                                                                                                                                                                                               ","UN    ","AS","23.224,58"]
[14619,"MAQUINA PARA CORTE COM DISCO ABRASIVO DE DIAMETRO DE 18'' (450 MM), COM MOTOR ELETRICO TRIFASICO DE 10 CV                                                                                                                                                                                                                                                                                                                                                                                                 ","UN    ","CR","14.810,83"]
[14535,"MAQUINA TIPO PRENSA HIDRAULICA, PARA FABRICACAO DE TUBOS DE CONCRETO PARA AGUAS PLUVIAIS, DN 200 A DN 600 MM X 1000 MM DE COMPRIMENTO, COM MOTOR PRINCIPAL DE 20 CV                                                                                                                                                                                                                                                                                                                                       ","UN    ","AS","230.506,14"]
[39813,"MAQUINA TIPO VASO/TANQUE/JATO DE PRESSAO PORTATIL PARA JATEAMENTO, CONTROLE AUTOMATICO E REMOTO, CAMARA DE 1 SAIDA, 280 L, DIAM. *670* MM, BICO JATO CURTO VENTURI DE 5/16\", MANGUEIRA DE 1\" DE 10 M, COMPLETA (VALVULAS POP UP E DOSADORA, FUNDO CONICO ETC)                                                                                                                                                                                                                                             ","UN    ","AS","25.604,76"]
[40403,"MAQUINA TRANSFORMADORA MONOFASICA PARA SOLDA ELETRICA, TENSAO DE 220 V, FREQUENCIA DE 60 HZ, FAIXA DE CORRENTE ENTRE 80 A (+/- 10 A) E 250 A, POTENCIA ENTRE 14,00 KVA E 15,0 KVA, CICLO DE TRABALHO ENTRE 10% E 20% A 250 A                                                                                                                                                                                                                                                                              ","UN    ","CR","654,23"]
[12868,"MARCENEIRO                                                                                                                                                                                                                                                                                                                                                                                                                                                                                                ","H     ","CR","14,37"]
[40916,"MARCENEIRO (MENSALISTA)                                                                                                                                                                                                                                                                                                                                                                                                                                                                                   ","MES   ","CR","2.524,83"]
[4755,"MARMORISTA / GRANITEIRO                                                                                                                                                                                                                                                                                                                                                                                                                                                                                   ","H     ","CR","17,25"]
[41067,"MARMORISTA / GRANITEIRO (MENSALISTA)                                                                                                                                                                                                                                                                                                                                                                                                                                                                      ","MES   ","CR","3.027,81"]
[38463,"MARTELO DE SOLDADOR/PICADOR DE SOLDA                                                                                                                                                                                                                                                                                                                                                                                                                                                                      ","UN    ","CR","27,95"]
[40703,"MARTELO DEMOLIDOR ELETRICO, COM POTENCIA DE 2.000 W, FREQUENCIA DE 1.000 IMPACTOS POR MINUTO, FORÇA DE IMPACTO ENTRE 60 E 65 J, PESO DE 30 KG                                                                                                                                                                                                                                                                                                                                                             ","UN    ","AS","9.483,98"]
[14531,"MARTELO DEMOLIDOR PNEUMATICO MANUAL, COM REDUCAO DE VIBRACAO, PESO DE 21 KG                                                                                                                                                                                                                                                                                                                                                                                                                               ","UN    ","AS","17.681,71"]
[36533,"MARTELO DEMOLIDOR PNEUMATICO MANUAL, COM REDUCAO DE VIBRACAO, PESO DE 31,5 KG                                                                                                                                                                                                                                                                                                                                                                                                                             ","UN    ","AS","20.347,13"]
[11616,"MARTELO DEMOLIDOR PNEUMATICO MANUAL, PADRAO, PESO DE 32 KG                                                                                                                                                                                                                                                                                                                                                                                                                                                ","UN    ","AS","19.217,56"]
[41898,"MARTELO DEMOLIDOR PNEUMATICO MANUAL, PESO  DE 28 KG, COM SILENCIADOR                                                                                                                                                                                                                                                                                                                                                                                                                                      ","UN    ","AS","21.622,37"]
[13447,"MARTELO PERFURADOR PNEUMATICO MANUAL, DE SUPERFICIE, COM AVANCO DE COLUNA, PESO DE 22 KG                                                                                                                                                                                                                                                                                                                                                                                                                  ","UN    ","AS","39.786,65"]
[14529,"MARTELO PERFURADOR PNEUMATICO MANUAL, HASTE 25 X 75 MM, 21 KG                                                                                                                                                                                                                                                                                                                                                                                                                                             ","UN    ","AS","22.251,66"]
[10747,"MARTELO PERFURADOR PNEUMATICO MANUAL, PESO DE 25 KG, COM SILENCIADOR                                                                                                                                                                                                                                                                                                                                                                                                                                      ","UN    ","AS","21.832,28"]
[36141,"MASCARA DE SEGURANCA PARA SOLDA COM ESCUDO DE CELERON E CARNEIRA DE PLASTICO COM REGULAGEM                                                                                                                                                                                                                                                                                                                                                                                                                ","UN    ","CR","34,88"]
[39434,"MASSA DE REJUNTE EM PO PARA DRYWALL, A BASE DE GESSO, SECAGEM RAPIDA, PARA TRATAMENTO DE JUNTAS DE CHAPA DE GESSO (NECESSITA ADICAO DE AGUA)                                                                                                                                                                                                                                                                                                                                                              ","KG    ","CR","2,83"]
[39433,"MASSA DE REJUNTE PRONTA PARA TRATAMENTO DE JUNTAS DE CHAPA DE GESSO PARA DRYWALL, SEM ADICAO DE AGUA                                                                                                                                                                                                                                                                                                                                                                                                      ","KG    ","CR","2,03"]
[4049,"MASSA EPOXI BICOMPONENTE (MASSA + CATALIZADOR)                                                                                                                                                                                                                                                                                                                                                                                                                                                            ","L     ","CR","32,17"]
[38120,"MASSA EPOXI BICOMPONENTE PARA REPAROS                                                                                                                                                                                                                                                                                                                                                                                                                                                                     ","KG    ","CR","100,77"]
[38877,"MASSA PARA TEXTURA LISA DE BASE ACRILICA, USO INTERNO E EXTERNO                                                                                                                                                                                                                                                                                                                                                                                                                                           ","KG    ","CR","6,04"]
[34546,"MASSA PARA TEXTURA RUSTICA DE BASE ACRILICA, COR BRANCA, USO INTERNO E EXTERNO                                                                                                                                                                                                                                                                                                                                                                                                                            ","KG    ","CR","6,09"]
[10498,"MASSA PARA VIDRO                                                                                                                                                                                                                                                                                                                                                                                                                                                                                          ","KG    ","CR","10,59"]
[4823,"MASSA PLASTICA PARA MARMORE/GRANITO                                                                                                                                                                                                                                                                                                                                                                                                                                                                       ","KG    ","CR","31,92"]
[12357,"MASTRO SIMPLES GALVANIZADO DIAMETRO NOMINAL 1 1/2\", COMPRIMENTO 3 M                                                                                                                                                                                                                                                                                                                                                                                                                                       ","UN    ","CR","156,26"]
[12358,"MASTRO SIMPLES GALVANIZADO DIAMETRO NOMINAL 2\", COMPRIMENTO 3 M                                                                                                                                                                                                                                                                                                                                                                                                                                           ","UN    ","CR","175,76"]
[11079,"MATERIAL FILTRANTE (PEDREGULHO) 0,6 A 25,46 MM (POSTO PEDREIRA/FORNECEDOR, SEM FRETE)                                                                                                                                                                                                                                                                                                                                                                                                                     ","M3    ","CR","1.968,32"]
[11082,"MATERIAL FILTRANTE (PEDREGULHO) 38 A 25,4 MM (POSTO PEDREIRA/FORNECEDOR, SEM FRETE)                                                                                                                                                                                                                                                                                                                                                                                                                       ","M3    ","CR","1.968,32"]
[4058,"MECANICO DE EQUIPAMENTOS PESADOS                                                                                                                                                                                                                                                                                                                                                                                                                                                                          ","H     ","CR","28,16"]
[40974,"MECANICO DE EQUIPAMENTOS PESADOS (MENSALISTA)                                                                                                                                                                                                                                                                                                                                                                                                                                                             ","MES   ","CR","4.945,60"]
[34794,"MECANICO DE REFRIGERACAO                                                                                                                                                                                                                                                                                                                                                                                                                                                                                  ","H     ","CR","17,33"]
[40925,"MECANICO DE REFRIGERACAO (MENSALISTA)                                                                                                                                                                                                                                                                                                                                                                                                                                                                     ","MES   ","CR","3.043,73"]
[13741,"MEDIDOR DE NIVEL ESTATICO E DINAMICO PARA POCO, COMPRIMENTO DE 200 M                                                                                                                                                                                                                                                                                                                                                                                                                                      ","UN    ","CR","2.154,18"]
[3288,"MEIA CANA DE MADEIRA CEDRINHO OU EQUIVALENTE DA REGIAO, ACABAMENTO PARA FORRO PAULISTA, *2,5 X 2,5* CM                                                                                                                                                                                                                                                                                                                                                                                                    ","M     ","AS","5,50"]
[13587,"MEIA CANA DE MADEIRA PINUS OU EQUIVALENTE DA REGIAO, ACABAMENTO PARA FORRO PAULISTA, *2,5 X 2,5* CM                                                                                                                                                                                                                                                                                                                                                                                                       ","M     ","AS","3,32"]
[38598,"MEIA CANALETA DE CONCRETO ESTRUTURAL 14 X 19 X 19 CM, FBK 14 MPA (NBR 6136)                                                                                                                                                                                                                                                                                                                                                                                                                               ","UN    ","CR","2,09"]
[38595,"MEIA CANALETA DE CONCRETO ESTRUTURAL 14 X 19 X 19 CM, FBK 4,5 MPA (NBR 6136)                                                                                                                                                                                                                                                                                                                                                                                                                              ","UN    ","CR","1,77"]
[38592,"MEIO BLOCO DE CONCRETO ESTRUTURAL 14 X 19 X 14 CM, FBK 14 MPA (NBR 6136)                                                                                                                                                                                                                                                                                                                                                                                                                                  ","UN    ","CR","1,78"]
[38588,"MEIO BLOCO DE CONCRETO ESTRUTURAL 14 X 19 X 14 CM, FBK 4,5 MPA (NBR 6136)                                                                                                                                                                                                                                                                                                                                                                                                                                 ","UN    ","CR","1,43"]
[38593,"MEIO BLOCO DE CONCRETO ESTRUTURAL 14 X 19 X 19 CM, FBK 14 MPA (NBR 6136)                                                                                                                                                                                                                                                                                                                                                                                                                                  ","UN    ","CR","1,97"]
[38589,"MEIO BLOCO DE CONCRETO ESTRUTURAL 14 X 19 X 19 CM, FBK 4,5 MPA (NBR 6136)                                                                                                                                                                                                                                                                                                                                                                                                                                 ","UN    ","CR","1,50"]
[38594,"MEIO BLOCO DE CONCRETO ESTRUTURAL 14 X 19 X 34 CM, FBK 14 MPA (NBR 6136)                                                                                                                                                                                                                                                                                                                                                                                                                                  ","UN    ","CR","3,11"]
[34773,"MEIO BLOCO DE VEDACAO DE CONCRETO APARENTE 14 X 19 X 19 CM  (CLASSE C - NBR 6136)                                                                                                                                                                                                                                                                                                                                                                                                                         ","UN    ","CR","1,47"]
[34769,"MEIO BLOCO DE VEDACAO DE CONCRETO APARENTE 19 X 19 X 19 CM (CLASSE C - NBR 6136)                                                                                                                                                                                                                                                                                                                                                                                                                          ","UN    ","CR","1,82"]
[34763,"MEIO BLOCO DE VEDACAO DE CONCRETO APARENTE 9  X 19 X 19 CM (CLASSE C - NBR 6136)                                                                                                                                                                                                                                                                                                                                                                                                                          ","UN    ","CR","1,12"]
[34774,"MEIO BLOCO DE VEDACAO DE CONCRETO 14 X 19 X 19 CM (CLASSE C - NBR 6136)                                                                                                                                                                                                                                                                                                                                                                                                                                   ","UN    ","CR","1,40"]
[34771,"MEIO BLOCO DE VEDACAO DE CONCRETO 19 X 19 X 19 CM (CLASSE C - NBR 6136)                                                                                                                                                                                                                                                                                                                                                                                                                                   ","UN    ","CR","1,68"]
[34764,"MEIO BLOCO DE VEDACAO DE CONCRETO 9 X 19 X 19 CM (CLASSE C - NBR 6136)                                                                                                                                                                                                                                                                                                                                                                                                                                    ","UN    ","CR","1,10"]
[34788,"MEIO BLOCO ESTRUTURAL CERAMICO 14 X 19 X 14 CM, 6,0 MPA (NBR 15270)                                                                                                                                                                                                                                                                                                                                                                                                                                       ","UN    ","CR","1,13"]
[34781,"MEIO BLOCO ESTRUTURAL CERAMICO 14 X 19 X 19 CM, 6,0 MPA (NBR 15270)                                                                                                                                                                                                                                                                                                                                                                                                                                       ","UN    ","CR","1,28"]
[41682,"MEIO-FIO OU GUIA DE CONCRETO PRE MOLDADO, COMP 1 M, *30 X 10/12* CM (H X L1/L2)                                                                                                                                                                                                                                                                                                                                                                                                                           ","UN    ","CR","28,10"]
[41683,"MEIO-FIO OU GUIA DE CONCRETO PRE MOLDADO, COMP 80 CM, *30 X 10/10* (H X L1/L2)                                                                                                                                                                                                                                                                                                                                                                                                                            ","UN    ","CR","20,67"]
[41680,"MEIO-FIO OU GUIA DE CONCRETO PRE-MOLDADO, COMP *39* CM, *19 X 6,5/6,5* CM (H X L1/L2)                                                                                                                                                                                                                                                                                                                                                                                                                     ","UN    ","CR","11,13"]
[41679,"MEIO-FIO OU GUIA DE CONCRETO PRE-MOLDADO, COMP 1 M, *20 X 12/15* CM (H X L1/L2)                                                                                                                                                                                                                                                                                                                                                                                                                           ","UN    ","CR","25,44"]
[41681,"MEIO-FIO OU GUIA DE CONCRETO PRE-MOLDADO, COMP 80 CM, *25 X 08/08* CM (H X L1/L2)                                                                                                                                                                                                                                                                                                                                                                                                                         ","UN    ","CR","17,41"]
[43386,"MEIO-FIO OU GUIA DE CONCRETO PRE-MOLDADO, TIPO CHAPEU PARA BOCA DE LOBO,  DIMENSOES *1,20* X 0,15 X 0,30 M                                                                                                                                                                                                                                                                                                                                                                                                ","UN    ","CR","39,75"]
[4059,"MEIO-FIO OU GUIA DE CONCRETO, PRE-MOLDADO, COMP 1 M, *30 X 12/15* CM (H X L1/L2)                                                                                                                                                                                                                                                                                                                                                                                                                          ","M     ","CR","28,10"]
[4062,"MEIO-FIO OU GUIA DE CONCRETO, PRE-MOLDADO, COMP 1 M, *30 X 15* CM (H X L)                                                                                                                                                                                                                                                                                                                                                                                                                                 ","UN    ","CR","28,10"]
[4061,"MEIO-FIO OU GUIA DE CONCRETO, PRE-MOLDADO, COMP 80 CM, *45 X 12/18* CM (H X L1/L2)                                                                                                                                                                                                                                                                                                                                                                                                                        ","UN    ","CR","34,98"]
[41315,"MEMBRANA IMPERMEABILIZANTE A BASE DE POLIUREIA, BICOMPONENTE, APLICACAO A FRIO                                                                                                                                                                                                                                                                                                                                                                                                                            ","KG    ","CR","87,37"]
[43148,"MEMBRANA IMPERMEABILIZANTE A BASE DE POLIURETANO                                                                                                                                                                                                                                                                                                                                                                                                                                                          ","KG    ","CR","59,31"]
[43147,"MEMBRANA IMPERMEABILIZANTE ACRILICA MONOCOMPONENTE                                                                                                                                                                                                                                                                                                                                                                                                                                                        ","KG    ","CR","22,97"]
[10608,"MESA VIBRATORIA COM DIMENSOES DE 2,0 X 1,0 M, COM MOTOR ELETRICO DE 2 POLOS E POTENCIA DE 3 CV                                                                                                                                                                                                                                                                                                                                                                                                            ","UN    ","AS","7.936,37"]
[4069,"MESTRE DE OBRAS                                                                                                                                                                                                                                                                                                                                                                                                                                                                                           ","H     ","CR","23,75"]
[40819,"MESTRE DE OBRAS (MENSALISTA)                                                                                                                                                                                                                                                                                                                                                                                                                                                                              ","MES   ","CR","4.169,38"]
[34361,"METACAULIM DE ALTA REATIVIDADE/CAULIM CALCINADO                                                                                                                                                                                                                                                                                                                                                                                                                                                           ","KG    ","CR","16,72"]
[36512,"MICRO-TRATOR CORTADOR DE GRAMA COM LARGURA DO CORTE DE 107 CM, COM  2 LAMINAS E DESCARTE LATERAL                                                                                                                                                                                                                                                                                                                                                                                                          ","UN    ","AS","15.630,48"]
[25972,"MICROESFERAS DE VIDRO PARA SINALIZACAO HORIZONTAL VIARIA, TIPO I-B (PREMIX) - NBR 16184                                                                                                                                                                                                                                                                                                                                                                                                                   ","KG    ","CR","13,88"]
[25973,"MICROESFERAS DE VIDRO PARA SINALIZACAO HORIZONTAL VIARIA, TIPO II-A (DROP-ON) - NBR 16184                                                                                                                                                                                                                                                                                                                                                                                                                 ","KG    ","CR","13,88"]
[11697,"MICTORIO COLETIVO ACO INOX (AISI 304), E = 0,8 MM, DE *100 X 40 X 30* CM (C X A X P)                                                                                                                                                                                                                                                                                                                                                                                                                      ","UN    ","CR","551,80"]
[11698,"MICTORIO COLETIVO ACO INOX (AISI 304), E = 0,8 MM, DE *100 X 50 X 35* CM (C X A X P)                                                                                                                                                                                                                                                                                                                                                                                                                      ","UN    ","CR","658,27"]
[10432,"MICTORIO INDICUDUAL, SIFONADO, LOUCA BRANCA, SEM COMPLEMENTOS                                                                                                                                                                                                                                                                                                                                                                                                                                             ","UN    ","CR","248,88"]
[11699,"MICTORIO INDIVIDUAL ACO INOX (AISI 304), E = 0,8 MM, DE *50  X 45  X 35* (C X A X P)                                                                                                                                                                                                                                                                                                                                                                                                                      ","UN    ","CR","727,54"]
[44020,"MICTORIO INDIVIDUAL, SIFONADO, VALVULA EMBUTIDA, DE LOUCA BRANCA, SEM COMPLEMENTOS - PADRAO ALTO                                                                                                                                                                                                                                                                                                                                                                                                          ","UN    ","CR","614,03"]
[37514,"MINICARREGADEIRA SOBRE RODAS, POTENCIA LIQUIDA DE *47* HP, CAPACIDADE NOMINAL DE OPERACAO DE *646* KG                                                                                                                                                                                                                                                                                                                                                                                                     ","UN    ","AS","165.000,00"]
[37519,"MINICARREGADEIRA SOBRE RODAS, POTENCIA LIQUIDA DE *72* HP, CAPACIDADE NOMINAL DE OPERACAO DE *1200* KG                                                                                                                                                                                                                                                                                                                                                                                                    ","UN    ","AS","254.643,41"]
[37520,"MINIESCAVADEIRA SOBRE ESTEIRAS, POTENCIA LIQUIDA DE *30* HP, PESO OPERACIONAL DE *3.500* KG                                                                                                                                                                                                                                                                                                                                                                                                               ","UN    ","AS","250.468,92"]
[37521,"MINIESCAVADEIRA SOBRE ESTEIRAS, POTENCIA LIQUIDA DE *42* HP, PESO OPERACIONAL DE *4.500* KG                                                                                                                                                                                                                                                                                                                                                                                                               ","UN    ","AS","305.572,09"]
[37522,"MINIESCAVADEIRA SOBRE ESTEIRAS, POTENCIA LIQUIDA DE *42* HP, PESO OPERACIONAL DE *5.300* KG                                                                                                                                                                                                                                                                                                                                                                                                               ","UN    ","AS","314.765,46"]
[21109,"MINUTERIA ELETRONICA COLETIVA COM POTENCIA MAXIMA RESISTIVA PARA LAMPADAS FLUORESCENTES DE *300* W ( 110 V ) / *600* W ( 110 V )                                                                                                                                                                                                                                                                                                                                                                          ","UN    ","AS","33,14"]
[36800,"MISTURADOR BASE PARA CHUVEIRO/BANHEIRA, 1/2 \" OU 3/4 \", SOLDAVEL OU ROSCAVEL                                                                                                                                                                                                                                                                                                                                                                                                                              ","UN    ","CR","83,88"]
[11769,"MISTURADOR CROMADO DE MESA BICA BAIXA PARA LAVATORIO (REF 1875)                                                                                                                                                                                                                                                                                                                                                                                                                                           ","UN    ","CR","205,56"]
[36793,"MISTURADOR CROMADO DE PAREDE PARA LAVATORIO (REF 1178)                                                                                                                                                                                                                                                                                                                                                                                                                                                    ","UN    ","CR","332,81"]
[37546,"MISTURADOR DE ARGAMASSA, EIXO HORIZONTAL, CAPACIDADE DE MISTURA 160 KG, MOTOR ELETRICO TRIFASICO 220/380 V, POTENCIA 3 CV                                                                                                                                                                                                                                                                                                                                                                                 ","UN    ","AS","11.402,16"]
[37544,"MISTURADOR DE ARGAMASSA, EIXO HORIZONTAL, CAPACIDADE DE MISTURA 300 KG, MOTOR ELETRICO TRIFASICO 220/380 V, POTENCIA 5 CV                                                                                                                                                                                                                                                                                                                                                                                 ","UN    ","AS","12.059,70"]
[37545,"MISTURADOR DE ARGAMASSA, EIXO HORIZONTAL, CAPACIDADE DE MISTURA 600 KG, MOTOR ELETRICO TRIFASICO 220/380 V, POTENCIA 7,5 CV                                                                                                                                                                                                                                                                                                                                                                               ","UN    ","AS","14.349,43"]
[11771,"MISTURADOR DE PAREDE CROMADO PARA COZINHA BICA MOVEL COM AREJADOR (REF 1258)                                                                                                                                                                                                                                                                                                                                                                                                                              ","UN    ","CR","254,97"]
[39919,"MISTURADOR DUPLO HORIZONTAL DE ALTA TURBULENCIA, CAPACIDADE / VOLUME 2 X 500 LITROS, MOTORES ELETRICOS MINIMO 5 CV CADA,  PARA NATA CIMENTO, ARGAMASSA E OUTROS                                                                                                                                                                                                                                                                                                                                           ","UN    ","AS","57.074,14"]
[38385,"MISTURADOR MANUAL DE TINTAS PARA FURADEIRA, HASTE METALICA *60* CM, COM HELICE  (MEXEDOR DE TINTA)                                                                                                                                                                                                                                                                                                                                                                                                        ","UN    ","CR","36,19"]
[37587,"MISTURADOR MONOCOMANDO PARA CHUVEIRO, BASE BRUTA E ACABAMENTO CROMADO                                                                                                                                                                                                                                                                                                                                                                                                                                     ","UN    ","CR","231,91"]
[11561,"MOLA HIDRAULICA AEREA, PARA PORTAS DE ATE 1.100 MM E PESO DE ATE 85 KG, COM CORPO EM ALUMINIO E BRACO EM ACO, SEM BRACO DE PARADA                                                                                                                                                                                                                                                                                                                                                                         ","UN    ","CR","185,27"]
[43604,"MOLA HIDRAULICA AEREA, PARA PORTAS DE ATE 850 MM E PESO DE ATE 50 KG, COM CORPO EM ALUMINIO E BRACO EM ACO, SEM BRACO DE PARADA                                                                                                                                                                                                                                                                                                                                                                           ","UN    ","CR","98,77"]
[11560,"MOLA HIDRAULICA AEREA, PARA PORTAS DE ATE 950 MM E PESO DE ATE 65 KG, COM CORPO EM ALUMINIO E BRACO EM ACO, SEM BRACO DE PARADA                                                                                                                                                                                                                                                                                                                                                                           ","UN    ","CR","143,00"]
[11499,"MOLA HIDRAULICA DE PISO, PARA PORTAS DE ATE 1100 MM E PESO DE ATE 120 KG, COM CORPO EM ACO INOX                                                                                                                                                                                                                                                                                                                                                                                                           ","UN    ","CR","606,15"]
[34761,"MONTADOR DE ELETROELETRONICOS                                                                                                                                                                                                                                                                                                                                                                                                                                                                             ","H     ","CR","20,02"]
[40924,"MONTADOR DE ELETROELETRONICOS (MENSALISTA)                                                                                                                                                                                                                                                                                                                                                                                                                                                                ","MES   ","CR","3.517,67"]
[25957,"MONTADOR DE ESTRUTURAS METALICAS                                                                                                                                                                                                                                                                                                                                                                                                                                                                          ","H     ","CR","21,38"]
[40983,"MONTADOR DE ESTRUTURAS METALICAS (MENSALISTA)                                                                                                                                                                                                                                                                                                                                                                                                                                                             ","MES   ","CR","3.755,31"]
[2437,"MONTADOR DE MAQUINAS                                                                                                                                                                                                                                                                                                                                                                                                                                                                                      ","H     ","CR","25,18"]
[40921,"MONTADOR DE MAQUINAS (MENSALISTA)                                                                                                                                                                                                                                                                                                                                                                                                                                                                         ","MES   ","CR","4.422,40"]
[14252,"MOTOBOMBA AUTOESCORVANTE MOTOR A GASOLINA, POTENCIA 6,0HP, BOCAIS 3\" X 3\", HM/Q = 5 MCA / 24 M3/H A 52,5 MCA / 5,0 M3/H                                                                                                                                                                                                                                                                                                                                                                                   ","UN    ","CR","2.332,81"]
[730,"MOTOBOMBA AUTOESCORVANTE MOTOR ELETRICO TRIFASICO 7,4HP BOCA DIAMETRO DE SUCCAO X RECLAQUE: 2\"X2\", HM/ Q = 10 M / 73,5 M3/H A 28 M / 8,2 M3 /H                                                                                                                                                                                                                                                                                                                                                            ","UN    ","CR","6.232,84"]
[723,"MOTOBOMBA AUTOESCORVANTE POTENCIA 5,42 HP, BOCAIS SUCCAO X RECALQUE 2\" X 2\", A GASOLINA, DIAMETRO DO ROTOR 122 MM HM/Q = 6 MCA / 33,0 M3/H A 28 MCA / 8,0 M3/H                                                                                                                                                                                                                                                                                                                                            ","UN    ","CR","3.097,94"]
[36502,"MOTOBOMBA CENTRIFUGA, MOTOR A GASOLINA, POTENCIA 5,42 HP, BOCAIS 1 1/2\" X 1\", DIAMETRO ROTOR 143 MM HM/Q = 6 MCA / 16,8 M3/H A 38 MCA / 6,6 M3/H                                                                                                                                                                                                                                                                                                                                                          ","UN    ","CR","2.911,69"]
[36503,"MOTOBOMBA TRASH (PARA AGUA SUJA) AUTO ESCORVANTE, MOTOR GASOLINA DE 6,41 HP, DIAMETROS DE SUCCAO X RECALQUE: 3\" X 3\", HM/Q: 10/60 A 23/0                                                                                                                                                                                                                                                                                                                                                                  ","UN    ","CR","3.590,46"]
[4090,"MOTONIVELADORA POTENCIA BASICA LIQUIDA (PRIMEIRA MARCHA) 125 HP , PESO BRUTO 13843 KG, LARGURA DA LAMINA DE 3,7 M                                                                                                                                                                                                                                                                                                                                                                                         ","UN    ","AS","746.000,00"]
[13227,"MOTONIVELADORA POTENCIA BASICA LIQUIDA (PRIMEIRA MARCHA) 171 HP, PESO BRUTO 14768 KG, LARGURA DA LAMINA DE 3,7 M                                                                                                                                                                                                                                                                                                                                                                                          ","UN    ","AS","926.998,02"]
[10597,"MOTONIVELADORA POTENCIA BASICA LIQUIDA (PRIMEIRA MARCHA) 186 HP, PESO BRUTO 15785 KG, LARGURA DA LAMINA DE 4,3 M                                                                                                                                                                                                                                                                                                                                                                                          ","UN    ","AS","975.785,00"]
[39628,"MOTOR A DIESEL PARA VIBRADOR DE IMERSAO, DE *4,7* CV                                                                                                                                                                                                                                                                                                                                                                                                                                                      ","UN    ","AS","3.942,52"]
[39404,"MOTOR A GASOLINA PARA VIBRADOR DE IMERSAO, 4 TEMPOS, DE 5,5 CV                                                                                                                                                                                                                                                                                                                                                                                                                                            ","UN    ","AS","1.954,97"]
[39402,"MOTOR ELETRICO PARA VIBRADOR DE IMERSAO, DE 2 CV, MONOFASICO, 110/220 V                                                                                                                                                                                                                                                                                                                                                                                                                                   ","UN    ","AS","1.610,52"]
[39403,"MOTOR ELETRICO PARA VIBRADOR DE IMERSAO, DE 2 CV, TRIFASICO, 220/380 V                                                                                                                                                                                                                                                                                                                                                                                                                                    ","UN    ","AS","1.575,49"]
[4093,"MOTORISTA DE CAMINHAO                                                                                                                                                                                                                                                                                                                                                                                                                                                                                     ","H     ","CR","20,44"]
[10512,"MOTORISTA DE CAMINHAO (MENSALISTA)                                                                                                                                                                                                                                                                                                                                                                                                                                                                        ","MES   ","CR","3.589,80"]
[20020,"MOTORISTA DE CAMINHAO-BASCULANTE                                                                                                                                                                                                                                                                                                                                                                                                                                                                          ","H     ","CR","19,27"]
[41038,"MOTORISTA DE CAMINHAO-BASCULANTE (MENSALISTA)                                                                                                                                                                                                                                                                                                                                                                                                                                                             ","MES   ","CR","3.386,10"]
[4094,"MOTORISTA DE CAMINHAO-CARRETA                                                                                                                                                                                                                                                                                                                                                                                                                                                                             ","H     ","CR","27,29"]
[40988,"MOTORISTA DE CAMINHAO-CARRETA (MENSALISTA)                                                                                                                                                                                                                                                                                                                                                                                                                                                                ","MES   ","CR","4.793,96"]
[4095,"MOTORISTA DE CARRO DE PASSEIO                                                                                                                                                                                                                                                                                                                                                                                                                                                                             ","H     ","CR","17,50"]
[40990,"MOTORISTA DE CARRO DE PASSEIO (MENSALISTA)                                                                                                                                                                                                                                                                                                                                                                                                                                                                ","MES   ","CR","3.075,42"]
[4097,"MOTORISTA DE ONIBUS / MICRO-ONIBUS                                                                                                                                                                                                                                                                                                                                                                                                                                                                        ","H     ","CR","19,27"]
[40994,"MOTORISTA DE ONIBUS / MICRO-ONIBUS (MENSALISTA)                                                                                                                                                                                                                                                                                                                                                                                                                                                           ","MES   ","CR","3.386,23"]
[4096,"MOTORISTA OPERADOR DE CAMINHAO COM MUNCK                                                                                                                                                                                                                                                                                                                                                                                                                                                                  ","H     ","CR","15,01"]
[40992,"MOTORISTA OPERADOR DE CAMINHAO COM MUNCK (MENSALISTA)                                                                                                                                                                                                                                                                                                                                                                                                                                                     ","MES   ","CR","2.635,85"]
[13955,"MOTOSSERRA PORTATIL COM MOTOR A GASOLINA DE *60* CC                                                                                                                                                                                                                                                                                                                                                                                                                                                       ","UN    ","CR","3.198,49"]
[4114,"MOURAO CONCRETO CURVO, SECAO \"T\", H = 2,80 M + CURVA COM 0,45 M, COM FUROS PARA FIOS                                                                                                                                                                                                                                                                                                                                                                                                                      ","UN    ","CR","64,40"]
[36797,"MOURAO DE CONCRETO CURVO, *10 X 10* CM, H= *2,60* M + CURVA DE 0,40 M                                                                                                                                                                                                                                                                                                                                                                                                                                     ","UN    ","CR","57,34"]
[4107,"MOURAO DE CONCRETO RETO, SECAO QUADARA *10 X 10* CM, H= *2,30* M                                                                                                                                                                                                                                                                                                                                                                                                                                          ","UN    ","CR","54,07"]
[4102,"MOURAO DE CONCRETO RETO, SECAO QUADRADA, *10 X 10* CM, H= 3,00 M                                                                                                                                                                                                                                                                                                                                                                                                                                          ","UN    ","C ","66,00"]
[36799,"MOURAO DE CONCRETO RETO, TIPO ESTICADOR, *10 X 10* CM, H= 2,50 M                                                                                                                                                                                                                                                                                                                                                                                                                                          ","UN    ","CR","55,66"]
[2747,"MOURAO ROLICO DE MADEIRA TRATADA, D = 16 A 20 CM, H = 2,20 M, EM EUCALIPTO OU EQUIVALENTE DA REGIAO (PARA CERCA)                                                                                                                                                                                                                                                                                                                                                                                          ","M     ","AS","22,49"]
[21138,"MOURAO ROLICO DE MADEIRA TRATADA, D = 8 A 11 CM, H = 2,20 M, EM EUCALIPTO OU EQUIVALENTE DA REGIAO (PARA CERCA)                                                                                                                                                                                                                                                                                                                                                                                           ","M     ","AS","7,13"]
[10826,"MUDA DE ARBUSTO FLORIFERO, CLUSIA/GARDENIA/MOREIA BRANCA/ AZALEIA OU EQUIVALENTE DA REGIAO, H= *50 A 70* CM                                                                                                                                                                                                                                                                                                                                                                                               ","UN    ","CR","143,67"]
[365,"MUDA DE ARBUSTO FOLHAGEM, SANSAO-DO-CAMPO OU EQUIVALENTE DA REGIAO, H= *50 A 70* CM                                                                                                                                                                                                                                                                                                                                                                                                                       ","UN    ","CR","89,08"]
[38639,"MUDA DE ARBUSTO, BUXINHO, H= *50* M                                                                                                                                                                                                                                                                                                                                                                                                                                                                       ","UN    ","CR","344,82"]
[38640,"MUDA DE ARBUSTO, PINGO DE OURO/ VIOLETEIRA, H = *10 A 20* CM                                                                                                                                                                                                                                                                                                                                                                                                                                              ","UN    ","CR","5,17"]
[358,"MUDA DE ARVORE ORNAMENTAL, OITI/AROEIRA SALSA/ANGICO/IPE/JACARANDA OU EQUIVALENTE  DA REGIAO, H= *1* M                                                                                                                                                                                                                                                                                                                                                                                                    ","UN    ","CR","106,32"]
[359,"MUDA DE ARVORE ORNAMENTAL, OITI/AROEIRA SALSA/ANGICO/IPE/JACARANDA OU EQUIVALENTE  DA REGIAO, H= *2* M                                                                                                                                                                                                                                                                                                                                                                                                    ","UN    ","CR","218,39"]
[38641,"MUDA DE PALMEIRA, ARECA, H= *1,50* CM                                                                                                                                                                                                                                                                                                                                                                                                                                                                     ","UN    ","CR","215,51"]
[360,"MUDA DE RASTEIRA/FORRACAO, AMENDOIM RASTEIRO/ONZE HORAS/AZULZINHA/IMPATIENS OU EQUIVALENTE DA REGIAO                                                                                                                                                                                                                                                                                                                                                                                                      ","UN    ","C ","5,00"]
[42430,"MULTIEXERCITADOR COM SEIS FUNCOES, EM TUBO DE ACO CARBONO, PINTURA NO PROCESSO ELETROSTATICO - EQUIPAMENTO DE GINASTICA PARA ACADEMIA AO AR LIVRE / ACADEMIA DA TERCEIRA IDADE - ATI                                                                                                                                                                                                                                                                                                                      ","UN    ","AS","4.929,78"]
[4214,"NIPEL PVC, ROSCAVEL, 1 1/2\",  AGUA FRIA PREDIAL                                                                                                                                                                                                                                                                                                                                                                                                                                                           ","UN    ","CR","10,30"]
[4215,"NIPEL PVC, ROSCAVEL, 1 1/4\",  AGUA FRIA PREDIAL                                                                                                                                                                                                                                                                                                                                                                                                                                                           ","UN    ","CR","6,78"]
[4210,"NIPEL PVC, ROSCAVEL, 1/2\",  AGUA FRIA PREDIAL                                                                                                                                                                                                                                                                                                                                                                                                                                                             ","UN    ","CR","1,14"]
[4212,"NIPEL PVC, ROSCAVEL, 1\",  AGUA FRIA PREDIAL                                                                                                                                                                                                                                                                                                                                                                                                                                                               ","UN    ","CR","3,27"]
[4213,"NIPEL PVC, ROSCAVEL, 2\",  AGUA FRIA PREDIAL                                                                                                                                                                                                                                                                                                                                                                                                                                                               ","UN    ","CR","14,63"]
[4211,"NIPEL PVC, ROSCAVEL, 3/4\",  AGUA FRIA PREDIAL                                                                                                                                                                                                                                                                                                                                                                                                                                                             ","UN    ","CR","1,63"]
[4209,"NIPLE DE FERRO GALVANIZADO, COM ROSCA BSP, DE 1 1/2\"                                                                                                                                                                                                                                                                                                                                                                                                                                                      ","UN    ","AS","21,84"]
[4180,"NIPLE DE FERRO GALVANIZADO, COM ROSCA BSP, DE 1 1/4\"                                                                                                                                                                                                                                                                                                                                                                                                                                                      ","UN    ","AS","16,44"]
[4177,"NIPLE DE FERRO GALVANIZADO, COM ROSCA BSP, DE 1/2\"                                                                                                                                                                                                                                                                                                                                                                                                                                                        ","UN    ","AS","5,46"]
[4179,"NIPLE DE FERRO GALVANIZADO, COM ROSCA BSP, DE 1\"                                                                                                                                                                                                                                                                                                                                                                                                                                                          ","UN    ","AS","11,17"]
[4208,"NIPLE DE FERRO GALVANIZADO, COM ROSCA BSP, DE 2 1/2\"                                                                                                                                                                                                                                                                                                                                                                                                                                                      ","UN    ","AS","51,99"]
[4181,"NIPLE DE FERRO GALVANIZADO, COM ROSCA BSP, DE 2\"                                                                                                                                                                                                                                                                                                                                                                                                                                                          ","UN    ","AS","33,97"]
[4178,"NIPLE DE FERRO GALVANIZADO, COM ROSCA BSP, DE 3/4\"                                                                                                                                                                                                                                                                                                                                                                                                                                                        ","UN    ","AS","7,57"]
[4182,"NIPLE DE FERRO GALVANIZADO, COM ROSCA BSP, DE 3\"                                                                                                                                                                                                                                                                                                                                                                                                                                                          ","UN    ","AS","84,58"]
[4183,"NIPLE DE FERRO GALVANIZADO, COM ROSCA BSP, DE 4\"                                                                                                                                                                                                                                                                                                                                                                                                                                                          ","UN    ","AS","136,17"]
[4184,"NIPLE DE FERRO GALVANIZADO, COM ROSCA BSP, DE 5\"                                                                                                                                                                                                                                                                                                                                                                                                                                                          ","UN    ","AS","300,58"]
[4185,"NIPLE DE FERRO GALVANIZADO, COM ROSCA BSP, DE 6\"                                                                                                                                                                                                                                                                                                                                                                                                                                                          ","UN    ","AS","499,43"]
[4205,"NIPLE DE REDUCAO DE FERRO GALVANIZADO, COM ROSCA BSP, DE 1 1/2\" X 1 1/4\"                                                                                                                                                                                                                                                                                                                                                                                                                                  ","UN    ","AS","28,84"]
[4192,"NIPLE DE REDUCAO DE FERRO GALVANIZADO, COM ROSCA BSP, DE 1 1/2\" X 1\"                                                                                                                                                                                                                                                                                                                                                                                                                                      ","UN    ","AS","28,84"]
[4191,"NIPLE DE REDUCAO DE FERRO GALVANIZADO, COM ROSCA BSP, DE 1 1/2\" X 3/4\"                                                                                                                                                                                                                                                                                                                                                                                                                                    ","UN    ","AS","28,84"]
[4207,"NIPLE DE REDUCAO DE FERRO GALVANIZADO, COM ROSCA BSP, DE 1 1/4\" X 1/2\"                                                                                                                                                                                                                                                                                                                                                                                                                                    ","UN    ","AS","23,21"]
[4206,"NIPLE DE REDUCAO DE FERRO GALVANIZADO, COM ROSCA BSP, DE 1 1/4\" X 1\"                                                                                                                                                                                                                                                                                                                                                                                                                                      ","UN    ","AS","22,54"]
[4190,"NIPLE DE REDUCAO DE FERRO GALVANIZADO, COM ROSCA BSP, DE 1 1/4\" X 3/4\"                                                                                                                                                                                                                                                                                                                                                                                                                                    ","UN    ","AS","22,54"]
[4186,"NIPLE DE REDUCAO DE FERRO GALVANIZADO, COM ROSCA BSP, DE 1/2\" X 1/4\"                                                                                                                                                                                                                                                                                                                                                                                                                                      ","UN    ","AS","6,66"]
[4188,"NIPLE DE REDUCAO DE FERRO GALVANIZADO, COM ROSCA BSP, DE 1\" X 1/2\"                                                                                                                                                                                                                                                                                                                                                                                                                                        ","UN    ","AS","13,60"]
[4189,"NIPLE DE REDUCAO DE FERRO GALVANIZADO, COM ROSCA BSP, DE 1\" X 3/4\"                                                                                                                                                                                                                                                                                                                                                                                                                                        ","UN    ","AS","13,60"]
[4197,"NIPLE DE REDUCAO DE FERRO GALVANIZADO, COM ROSCA BSP, DE 2 1/2\" X 2\"                                                                                                                                                                                                                                                                                                                                                                                                                                      ","UN    ","AS","72,02"]
[4194,"NIPLE DE REDUCAO DE FERRO GALVANIZADO, COM ROSCA BSP, DE 2\" X 1 1/2\"                                                                                                                                                                                                                                                                                                                                                                                                                                      ","UN    ","AS","43,52"]
[4193,"NIPLE DE REDUCAO DE FERRO GALVANIZADO, COM ROSCA BSP, DE 2\" X 1 1/4\"                                                                                                                                                                                                                                                                                                                                                                                                                                      ","UN    ","AS","43,52"]
[4204,"NIPLE DE REDUCAO DE FERRO GALVANIZADO, COM ROSCA BSP, DE 2\" X 1\"                                                                                                                                                                                                                                                                                                                                                                                                                                          ","UN    ","AS","43,52"]
[4187,"NIPLE DE REDUCAO DE FERRO GALVANIZADO, COM ROSCA BSP, DE 3/4\" X 1/2\"                                                                                                                                                                                                                                                                                                                                                                                                                                      ","UN    ","AS","8,67"]
[4202,"NIPLE DE REDUCAO DE FERRO GALVANIZADO, COM ROSCA BSP, DE 3\" X 2 1/2\"                                                                                                                                                                                                                                                                                                                                                                                                                                      ","UN    ","AS","131,53"]
[4203,"NIPLE DE REDUCAO DE FERRO GALVANIZADO, COM ROSCA BSP, DE 3\" X 2\"                                                                                                                                                                                                                                                                                                                                                                                                                                          ","UN    ","AS","116,16"]
[40368,"NIPLE SEXTAVADO EM ACO CARBONO, COM ROSCA BSP, PRESSAO 3.000 LBS, DN 1 1/2\"                                                                                                                                                                                                                                                                                                                                                                                                                               ","UN    ","AS","49,54"]
[40365,"NIPLE SEXTAVADO EM ACO CARBONO, COM ROSCA BSP, PRESSAO 3.000 LBS, DN 1 1/4\"                                                                                                                                                                                                                                                                                                                                                                                                                               ","UN    ","AS","33,42"]
[40356,"NIPLE SEXTAVADO EM ACO CARBONO, COM ROSCA BSP, PRESSAO 3.000 LBS, DN 1/2\"                                                                                                                                                                                                                                                                                                                                                                                                                                 ","UN    ","AS","11,42"]
[40362,"NIPLE SEXTAVADO EM ACO CARBONO, COM ROSCA BSP, PRESSAO 3.000 LBS, DN 1\"                                                                                                                                                                                                                                                                                                                                                                                                                                   ","UN    ","AS","22,14"]
[40374,"NIPLE SEXTAVADO EM ACO CARBONO, COM ROSCA BSP, PRESSAO 3.000 LBS, DN 2 1/2\"                                                                                                                                                                                                                                                                                                                                                                                                                               ","UN    ","AS","129,48"]
[40371,"NIPLE SEXTAVADO EM ACO CARBONO, COM ROSCA BSP, PRESSAO 3.000 LBS, DN 2\"                                                                                                                                                                                                                                                                                                                                                                                                                                   ","UN    ","AS","81,50"]
[40359,"NIPLE SEXTAVADO EM ACO CARBONO, COM ROSCA BSP, PRESSAO 3.000 LBS, DN 3/4\"                                                                                                                                                                                                                                                                                                                                                                                                                                 ","UN    ","AS","14,75"]
[7595,"NIVELADOR                                                                                                                                                                                                                                                                                                                                                                                                                                                                                                 ","H     ","CR","17,91"]
[41094,"NIVELADOR (MENSALISTA)                                                                                                                                                                                                                                                                                                                                                                                                                                                                                    ","MES   ","CR","3.146,94"]
[39609,"NOBREAK TRIFASICO, DE 10 KVA FATOR DE POTENCIA DE 0,8, AUTONOMIA MINIMA DE 30 MINUTOS A PLENA CARGA                                                                                                                                                                                                                                                                                                                                                                                                       ","UN    ","CR","58.992,00"]
[39610,"NOBREAK TRIFASICO, DE 15 KVA FATOR DE POTENCIA DE 0,8, AUTONOMIA MINIMA DE 30 MINUTOS A PLENA CARGA                                                                                                                                                                                                                                                                                                                                                                                                       ","UN    ","CR","86.109,92"]
[39611,"NOBREAK TRIFASICO, DE 20 KVA FATOR DE POTENCIA DE 0,8, AUTONOMIA MINIMA DE 30 MINUTOS A PLENA CARGA                                                                                                                                                                                                                                                                                                                                                                                                       ","UN    ","CR","104.207,09"]
[39612,"NOBREAK TRIFASICO, DE 25 KVA FATOR DE POTENCIA DE 0,8, AUTONOMIA MINIMA DE 30 MINUTOS A PLENA CARGA                                                                                                                                                                                                                                                                                                                                                                                                       ","UN    ","CR","163.242,76"]
[39608,"NOBREAK TRIFASICO, DE 5 KVA FATOR DE POTENCIA DE 0,8, AUTONOMIA MINIMA DE 30 MINUTOS A PLENA CARGA                                                                                                                                                                                                                                                                                                                                                                                                        ","UN    ","CR","47.169,38"]
[38175,"NUMERO / ALGARISMO PARA RESIDENCIA (FACHADA), EM ZAMAC, COM ALTURA DE APROX *45* MM, INCLUSIVE PARAFUSOS                                                                                                                                                                                                                                                                                                                                                                                                  ","UN    ","CR","3,71"]
[38176,"NUMERO / ALGARISMO PARA RESIDENCIA (FACHADA), EM ZAMAC, COM ALTURA DE APROX 125 MM, INCLUSIVE PARAFUSOS                                                                                                                                                                                                                                                                                                                                                                                                   ","UN    ","CR","10,93"]
[36152,"OCULOS DE SEGURANCA CONTRA IMPACTOS COM LENTE INCOLOR, ARMACAO NYLON, COM PROTECAO UVA E UVB                                                                                                                                                                                                                                                                                                                                                                                                              ","UN    ","CR","5,03"]
[11138,"OLEO COMBUSTIVEL BPF A GRANEL                                                                                                                                                                                                                                                                                                                                                                                                                                                                             ","L     ","CR","3,03"]
[4221,"OLEO DIESEL COMBUSTIVEL COMUM                                                                                                                                                                                                                                                                                                                                                                                                                                                                             ","L     ","C ","4,71"]
[4227,"OLEO LUBRIFICANTE PARA MOTORES DE EQUIPAMENTOS PESADOS (CAMINHOES, TRATORES, RETROS E ETC)                                                                                                                                                                                                                                                                                                                                                                                                                ","L     ","C ","26,00"]
[38170,"OLHO MAGICO PARA PORTAS, EM LATAO, COM LENTE DE POLICARBONATO, ANGULO DE *200* GRAUS, ESPESSURA ENTRE *25 E 46* MM, INCLUINDO FECHO JANELA                                                                                                                                                                                                                                                                                                                                                                ","UN    ","CR","16,24"]
[4252,"OPERADOR DE BATE-ESTACAS                                                                                                                                                                                                                                                                                                                                                                                                                                                                                  ","H     ","CR","22,19"]
[40980,"OPERADOR DE BATE-ESTACAS (MENSALISTA)                                                                                                                                                                                                                                                                                                                                                                                                                                                                     ","MES   ","CR","3.899,40"]
[4243,"OPERADOR DE BETONEIRA (CAMINHAO)                                                                                                                                                                                                                                                                                                                                                                                                                                                                          ","H     ","CR","18,42"]
[41031,"OPERADOR DE BETONEIRA (CAMINHAO) (MENSALISTA)                                                                                                                                                                                                                                                                                                                                                                                                                                                             ","MES   ","CR","3.236,72"]
[37666,"OPERADOR DE BETONEIRA ESTACIONARIA / MISTURADOR                                                                                                                                                                                                                                                                                                                                                                                                                                                           ","H     ","CR","17,78"]
[40986,"OPERADOR DE BETONEIRA ESTACIONARIA / MISTURADOR (MENSALISTA)                                                                                                                                                                                                                                                                                                                                                                                                                                              ","MES   ","CR","3.123,53"]
[4250,"OPERADOR DE COMPRESSOR DE AR OU COMPRESSORISTA                                                                                                                                                                                                                                                                                                                                                                                                                                                            ","H     ","CR","20,02"]
[40978,"OPERADOR DE COMPRESSOR DE AR OU COMPRESSORISTA (MENSALISTA)                                                                                                                                                                                                                                                                                                                                                                                                                                               ","MES   ","CR","3.517,24"]
[25960,"OPERADOR DE DEMARCADORA DE FAIXAS DE TRAFEGO                                                                                                                                                                                                                                                                                                                                                                                                                                                              ","H     ","CR","22,68"]
[41043,"OPERADOR DE DEMARCADORA DE FAIXAS DE TRAFEGO (MENSALISTA)                                                                                                                                                                                                                                                                                                                                                                                                                                                 ","MES   ","CR","3.983,64"]
[4234,"OPERADOR DE ESCAVADEIRA                                                                                                                                                                                                                                                                                                                                                                                                                                                                                   ","H     ","C ","24,86"]
[40987,"OPERADOR DE ESCAVADEIRA (MENSALISTA)                                                                                                                                                                                                                                                                                                                                                                                                                                                                      ","MES   ","CR","4.363,91"]
[4253,"OPERADOR DE GUINCHO OU GUINCHEIRO                                                                                                                                                                                                                                                                                                                                                                                                                                                                         ","H     ","CR","16,44"]
[40981,"OPERADOR DE GUINCHO OU GUINCHEIRO (MENSALISTA)                                                                                                                                                                                                                                                                                                                                                                                                                                                            ","MES   ","CR","2.885,64"]
[4254,"OPERADOR DE GUINDASTE                                                                                                                                                                                                                                                                                                                                                                                                                                                                                     ","H     ","CR","18,03"]
[41036,"OPERADOR DE GUINDASTE (MENSALISTA)                                                                                                                                                                                                                                                                                                                                                                                                                                                                        ","MES   ","CR","3.167,92"]
[4251,"OPERADOR DE JATO ABRASIVO OU JATISTA                                                                                                                                                                                                                                                                                                                                                                                                                                                                      ","H     ","CR","22,23"]
[40979,"OPERADOR DE JATO ABRASIVO OU JATISTA (MENSALISTA)                                                                                                                                                                                                                                                                                                                                                                                                                                                         ","MES   ","CR","3.906,68"]
[4230,"OPERADOR DE MAQUINAS E TRATORES DIVERSOS (TERRAPLANAGEM)                                                                                                                                                                                                                                                                                                                                                                                                                                                  ","H     ","CR","21,10"]
[40998,"OPERADOR DE MAQUINAS E TRATORES DIVERSOS (TERRAPLANAGEM) (MENSALISTA)                                                                                                                                                                                                                                                                                                                                                                                                                                     ","MES   ","CR","3.705,60"]
[4257,"OPERADOR DE MARTELETE OU MARTELETEIRO                                                                                                                                                                                                                                                                                                                                                                                                                                                                     ","H     ","CR","17,37"]
[40982,"OPERADOR DE MARTELETE OU MARTELETEIRO (MENSALISTA)                                                                                                                                                                                                                                                                                                                                                                                                                                                        ","MES   ","CR","3.051,71"]
[4240,"OPERADOR DE MOTO SCRAPER                                                                                                                                                                                                                                                                                                                                                                                                                                                                                  ","H     ","CR","23,07"]
[41026,"OPERADOR DE MOTO SCRAPER (MENSALISTA)                                                                                                                                                                                                                                                                                                                                                                                                                                                                     ","MES   ","CR","4.051,56"]
[4239,"OPERADOR DE MOTONIVELADORA                                                                                                                                                                                                                                                                                                                                                                                                                                                                                ","H     ","CR","28,31"]
[41024,"OPERADOR DE MOTONIVELADORA (MENSALISTA)                                                                                                                                                                                                                                                                                                                                                                                                                                                                   ","MES   ","CR","4.970,51"]
[4248,"OPERADOR DE PA CARREGADEIRA                                                                                                                                                                                                                                                                                                                                                                                                                                                                               ","H     ","CR","20,32"]
[41033,"OPERADOR DE PA CARREGADEIRA (MENSALISTA)                                                                                                                                                                                                                                                                                                                                                                                                                                                                  ","MES   ","CR","3.570,05"]
[25959,"OPERADOR DE PAVIMENTADORA / MESA VIBROACABADORA                                                                                                                                                                                                                                                                                                                                                                                                                                                           ","H     ","CR","23,81"]
[41040,"OPERADOR DE PAVIMENTADORA / MESA VIBROACABADORA (MENSALISTA)                                                                                                                                                                                                                                                                                                                                                                                                                                              ","MES   ","CR","4.182,84"]
[4238,"OPERADOR DE ROLO COMPACTADOR                                                                                                                                                                                                                                                                                                                                                                                                                                                                              ","H     ","CR","22,55"]
[41012,"OPERADOR DE ROLO COMPACTADOR (MENSALISTA)                                                                                                                                                                                                                                                                                                                                                                                                                                                                 ","MES   ","CR","3.961,15"]
[4237,"OPERADOR DE TRATOR - EXCLUSIVE AGROPECUARIA                                                                                                                                                                                                                                                                                                                                                                                                                                                               ","H     ","CR","21,36"]
[41002,"OPERADOR DE TRATOR - EXCLUSIVE AGROPECUARIA (MENSALISTA)                                                                                                                                                                                                                                                                                                                                                                                                                                                  ","MES   ","CR","3.750,29"]
[4233,"OPERADOR DE USINA DE ASFALTO, DE SOLOS OU DE CONCRETO                                                                                                                                                                                                                                                                                                                                                                                                                                                     ","H     ","CR","20,44"]
[41001,"OPERADOR DE USINA DE ASFALTO, DE SOLOS OU DE CONCRETO (MENSALISTA)                                                                                                                                                                                                                                                                                                                                                                                                                                        ","MES   ","CR","3.592,08"]
[2,"OXIGENIO, RECARGA PARA CILINDRO DE CONJUNTO OXICORTE GRANDE                                                                                                                                                                                                                                                                                                                                                                                                                                               ","M3    ","AS","11,26"]
[36517,"PA CARREGADEIRA SOBRE RODAS, POTENCIA BRUTA *127* CV, CAPACIDADE DA CACAMBA DE 2,0 A 2,4 M3, PESO OPERACIONAL MAXIMO DE 10330 KG                                                                                                                                                                                                                                                                                                                                                                          ","UN    ","AS","414.696,00"]
[4262,"PA CARREGADEIRA SOBRE RODAS, POTENCIA LIQUIDA 128 HP, CAPACIDADE DA CACAMBA DE 1,7 A 2,8 M3, PESO OPERACIONAL MAXIMO DE 11632 KG                                                                                                                                                                                                                                                                                                                                                                          ","UN    ","AS","467.000,00"]
[4263,"PA CARREGADEIRA SOBRE RODAS, POTENCIA LIQUIDA 197 HP, CAPACIDADE DA CACAMBA DE 2,5 A 3,5 M3, PESO OPERACIONAL MAXIMO DE 18338 KG                                                                                                                                                                                                                                                                                                                                                                          ","UN    ","AS","647.573,30"]
[36518,"PA CARREGADEIRA SOBRE RODAS, POTENCIA LIQUIDA 213 HP, CAPACIDADE DA CACAMBA DE 1,9 A 3,5 M3, PESO OPERACIONAL MAXIMO DE 19234 KG                                                                                                                                                                                                                                                                                                                                                                          ","UN    ","AS","737.237,30"]
[14221,"PA CARREGADEIRA SOBRE RODAS, POTENCIA 152 HP, CAPACIDADE DA CACAMBA DE 1,53 A 2,30 M3, PESO OPERACIONAL MAXIMO DE 10216 KG                                                                                                                                                                                                                                                                                                                                                                                ","UN    ","AS","430.262,65"]
[38402,"PA DE LIXO PLASTICA, CABO LONGO                                                                                                                                                                                                                                                                                                                                                                                                                                                                           ","UN    ","CR","7,26"]
[3412,"PAINEL DE LA DE VIDRO SEM REVESTIMENTO PSI 20, E = 25 MM, DE 1200 X 600 MM                                                                                                                                                                                                                                                                                                                                                                                                                                ","M2    ","AS","21,40"]
[3413,"PAINEL DE LA DE VIDRO SEM REVESTIMENTO PSI 20, E = 50 MM, DE 1200 X 600 MM                                                                                                                                                                                                                                                                                                                                                                                                                                ","M2    ","AS","48,17"]
[39744,"PAINEL DE LA DE VIDRO SEM REVESTIMENTO PSI 40, E = 25 MM, DE 1200 X 600 MM                                                                                                                                                                                                                                                                                                                                                                                                                                ","M2    ","AS","37,40"]
[39745,"PAINEL DE LA DE VIDRO SEM REVESTIMENTO PSI 40, E = 50 MM, DE 1200 X 600 MM                                                                                                                                                                                                                                                                                                                                                                                                                                ","M2    ","AS","78,95"]
[39637,"PAINEL ESTRUTURAL PARA LAJE SECA REVESTIDO EM PLACA CIMENTICIA, DE 1,20 X 2,50 M, E = 23 MM                                                                                                                                                                                                                                                                                                                                                                                                               ","M2    ","CR","124,41"]
[39638,"PAINEL ESTRUTURAL PARA LAJE SECA REVESTIDO EM PLACA CIMENTICIA, DE 1,20 X 2,50 M, E = 40 MM                                                                                                                                                                                                                                                                                                                                                                                                               ","M2    ","CR","231,67"]
[39639,"PAINEL ESTRUTURAL PARA LAJE SECA REVESTIDO EM PLACA CIMENTICIA, DE 1,20 X 2,50 M, E = 55 MM                                                                                                                                                                                                                                                                                                                                                                                                               ","M2    ","CR","305,44"]
[39517,"PAINEL TERMOISOLANTE PARA FECHAMENTOS VERTICAIS (INCLUI PARAFUSOS DE FIXACAO) REVESTIDO EM ACO GALVALUME, LARGURA UTIL DE 1100 MM, REVESTIMENTO COM ESPESSURA DE 0,50 MM, COM PRE-PINTURA NAS DUAS FACES, NUCLEO EM POLIURETANO (PUR) COM ESPESSURA 40/50 MM                                                                                                                                                                                                                                              ","M2    ","AS","335,57"]
[39518,"PAINEL TERMOISOLANTE PARA FECHAMENTOS VERTICAIS (INCLUI PARAFUSOS DE FIXACAO) REVESTIDO EM ACO GALVALUME, LARGURA UTIL DE 1100 MM, REVESTIMENTO COM ESPESSURA DE 0,50 MM, COM PRE-PINTURA NAS DUAS FACES, NUCLEO EM POLIURETANO (PUR) COM ESPESSURA 70/80 MM                                                                                                                                                                                                                                              ","M2    ","AS","397,83"]
[38366,"PAPEL KRAFT BETUMADO                                                                                                                                                                                                                                                                                                                                                                                                                                                                                      ","M2    ","CR","5,17"]
[11703,"PAPELEIRA DE PAREDE EM METAL CROMADO SEM TAMPA                                                                                                                                                                                                                                                                                                                                                                                                                                                            ","UN    ","CR","28,62"]
[37400,"PAPELEIRA PLASTICA TIPO DISPENSER PARA PAPEL HIGIENICO ROLAO                                                                                                                                                                                                                                                                                                                                                                                                                                              ","UN    ","CR","46,59"]
[25400,"PAR DE TABELAS DE BASQUETE EM COMPENSADO NAVAL DE *1,80 X 1,20* M, COM ARO DE METAL E REDE (SEM SUPORTE DE FIXACAO)                                                                                                                                                                                                                                                                                                                                                                                       ","UN    ","CR","1.812,72"]
[4276,"PARA-RAIOS DE DISTRIBUICAO, TENSAO NOMINAL 15 KV, CORRENTE NOMINAL DE DESCARGA 5 KA                                                                                                                                                                                                                                                                                                                                                                                                                       ","UN    ","CR","264,79"]
[4273,"PARA-RAIOS DE DISTRIBUICAO, TENSAO NOMINAL 30 KV, CORRENTE NOMINAL DE DESCARGA 10 KA                                                                                                                                                                                                                                                                                                                                                                                                                      ","UN    ","CR","439,88"]
[4274,"PARA-RAIOS TIPO FRANKLIN 350 MM, EM LATAO CROMADO, DUAS DESCIDAS, PARA PROTECAO DE EDIFICACOES CONTRA DESCARGAS ATMOSFERICAS                                                                                                                                                                                                                                                                                                                                                                              ","UN    ","C ","102,00"]
[39438,"PARAFUSO CABECA TROMBETA E PONTA AGULHA (GN55), COMPRIMENTO 55 MM, EM ACO FOSFATIZADO, PARA FIXAR CHAPA DE GESSO EM PERFIL DRYWALL METALICO MAXIMO 0,7 MM                                                                                                                                                                                                                                                                                                                                                 ","UN    ","AS","0,17"]
[11963,"PARAFUSO DE ACO TIPO CHUMBADOR PARABOLT, DIAMETRO 1/2\", COMPRIMENTO 75 MM                                                                                                                                                                                                                                                                                                                                                                                                                                 ","UN    ","AS","6,25"]
[11964,"PARAFUSO DE ACO TIPO CHUMBADOR PARABOLT, DIAMETRO 3/8\", COMPRIMENTO 75 MM                                                                                                                                                                                                                                                                                                                                                                                                                                 ","UN    ","AS","1,57"]
[4379,"PARAFUSO DE ACO ZINCADO COM ROSCA SOBERBA, CABECA CHATA E FENDA SIMPLES, DIAMETRO 2,5 MM, COMPRIMENTO * 9,5 * MM                                                                                                                                                                                                                                                                                                                                                                                          ","UN    ","AS","0,03"]
[4377,"PARAFUSO DE ACO ZINCADO COM ROSCA SOBERBA, CABECA CHATA E FENDA SIMPLES, DIAMETRO 4,2 MM, COMPRIMENTO * 32 * MM                                                                                                                                                                                                                                                                                                                                                                                           ","UN    ","AS","0,12"]
[4356,"PARAFUSO DE ACO ZINCADO COM ROSCA SOBERBA, CABECA CHATA E FENDA SIMPLES, DIAMETRO 4,8 MM, COMPRIMENTO 45 MM                                                                                                                                                                                                                                                                                                                                                                                               ","UN    ","AS","0,17"]
[13246,"PARAFUSO DE FERRO POLIDO, SEXTAVADO, COM ROSCA INTEIRA, DIAMETRO 5/16\", COMPRIMENTO 3/4\", COM PORCA E ARRUELA LISA LEVE                                                                                                                                                                                                                                                                                                                                                                                   ","UN    ","AS","0,29"]
[4346,"PARAFUSO DE FERRO POLIDO, SEXTAVADO, COM ROSCA PARCIAL, DIAMETRO 5/8\", COMPRIMENTO 6\", COM PORCA E ARRUELA DE PRESSAO MEDIA                                                                                                                                                                                                                                                                                                                                                                               ","UN    ","AS","6,70"]
[11955,"PARAFUSO DE LATAO COM ACABAMENTO CROMADO PARA FIXAR PECA SANITARIA, INCLUI PORCA CEGA, ARRUELA E BUCHA DE NYLON TAMANHO S-10                                                                                                                                                                                                                                                                                                                                                                              ","UN    ","AS","2,93"]
[11960,"PARAFUSO DE LATAO COM ROSCA SOBERBA, CABECA CHATA E FENDA SIMPLES, DIAMETRO 2,5 MM, COMPRIMENTO 12 MM                                                                                                                                                                                                                                                                                                                                                                                                     ","UN    ","AS","0,09"]
[4333,"PARAFUSO DE LATAO COM ROSCA SOBERBA, CABECA CHATA E FENDA SIMPLES, DIAMETRO 3,2 MM, COMPRIMENTO 16 MM                                                                                                                                                                                                                                                                                                                                                                                                     ","UN    ","AS","0,17"]
[4358,"PARAFUSO DE LATAO COM ROSCA SOBERBA, CABECA CHATA E FENDA SIMPLES, DIAMETRO 4,8 MM, COMPRIMENTO 65 MM                                                                                                                                                                                                                                                                                                                                                                                                     ","UN    ","AS","1,34"]
[39435,"PARAFUSO DRY WALL, EM ACO FOSFATIZADO, CABECA TROMBETA E PONTA AGULHA (TA), COMPRIMENTO 25 MM                                                                                                                                                                                                                                                                                                                                                                                                             ","UN    ","AS","0,06"]
[39436,"PARAFUSO DRY WALL, EM ACO FOSFATIZADO, CABECA TROMBETA E PONTA AGULHA (TA), COMPRIMENTO 35 MM                                                                                                                                                                                                                                                                                                                                                                                                             ","UN    ","AS","0,11"]
[39437,"PARAFUSO DRY WALL, EM ACO FOSFATIZADO, CABECA TROMBETA E PONTA AGULHA (TA), COMPRIMENTO 45 MM                                                                                                                                                                                                                                                                                                                                                                                                             ","UN    ","AS","0,15"]
[39439,"PARAFUSO DRY WALL, EM ACO FOSFATIZADO, CABECA TROMBETA E PONTA BROCA (TB), COMPRIMENTO 25 MM                                                                                                                                                                                                                                                                                                                                                                                                              ","UN    ","AS","0,10"]
[39440,"PARAFUSO DRY WALL, EM ACO FOSFATIZADO, CABECA TROMBETA E PONTA BROCA (TB), COMPRIMENTO 35 MM                                                                                                                                                                                                                                                                                                                                                                                                              ","UN    ","AS","0,13"]
[39441,"PARAFUSO DRY WALL, EM ACO FOSFATIZADO, CABECA TROMBETA E PONTA BROCA (TB), COMPRIMENTO 45 MM                                                                                                                                                                                                                                                                                                                                                                                                              ","UN    ","AS","0,17"]
[39442,"PARAFUSO DRY WALL, EM ACO ZINCADO, CABECA LENTILHA E PONTA AGULHA (LA), LARGURA 4,2 MM, COMPRIMENTO 13 MM                                                                                                                                                                                                                                                                                                                                                                                                 ","UN    ","AS","0,12"]
[39443,"PARAFUSO DRY WALL, EM ACO ZINCADO, CABECA LENTILHA E PONTA BROCA (LB), LARGURA 4,2 MM, COMPRIMENTO 13 MM                                                                                                                                                                                                                                                                                                                                                                                                  ","UN    ","AS","0,16"]
[4329,"PARAFUSO EM ACO GALVANIZADO, TIPO MAQUINA, SEXTAVADO, SEM PORCA, DIAMETRO 1/2\", COMPRIMENTO 2\"                                                                                                                                                                                                                                                                                                                                                                                                            ","UN    ","AS","1,43"]
[4383,"PARAFUSO FRANCES METRICO ZINCADO, DIAMETRO 12 MM, COMPRIMENTO 140MM, COM PORCA SEXTAVADA E ARRUELA DE PRESSAO MEDIA                                                                                                                                                                                                                                                                                                                                                                                       ","UN    ","AS","12,93"]
[4344,"PARAFUSO FRANCES METRICO ZINCADO, DIAMETRO 12 MM, COMPRIMENTO 150 MM, COM PORCA SEXTAVADA E ARRUELA DE PRESSAO MEDIA                                                                                                                                                                                                                                                                                                                                                                                      ","UN    ","AS","13,55"]
[436,"PARAFUSO FRANCES M16 EM ACO GALVANIZADO, COMPRIMENTO = 150 MM, DIAMETRO = 16 MM, CABECA ABAULADA                                                                                                                                                                                                                                                                                                                                                                                                          ","UN    ","AS","7,65"]
[442,"PARAFUSO FRANCES M16 EM ACO GALVANIZADO, COMPRIMENTO = 45 MM, DIAMETRO = 16 MM, CABECA ABAULADA                                                                                                                                                                                                                                                                                                                                                                                                           ","UN    ","AS","4,52"]
[11953,"PARAFUSO FRANCES ZINCADO, DIAMETRO 1/2'', COMPRIMENTO 2'', COM PORCA E ARRUELA                                                                                                                                                                                                                                                                                                                                                                                                                            ","UN    ","AS","2,15"]
[4335,"PARAFUSO FRANCES ZINCADO, DIAMETRO 1/2\", COMPRIMENTO 12\", COM PORCA E ARRUELA LISA MEDIA                                                                                                                                                                                                                                                                                                                                                                                                                  ","UN    ","AS","9,10"]
[4334,"PARAFUSO FRANCES ZINCADO, DIAMETRO 1/2\", COMPRIMENTO 15\", COM PORCA E ARRUELA LISA MEDIA                                                                                                                                                                                                                                                                                                                                                                                                                  ","UN    ","AS","12,48"]
[4343,"PARAFUSO FRANCES ZINCADO, DIAMETRO 1/2\", COMPRIMENTO 4\", COM PORCA E ARRUELA                                                                                                                                                                                                                                                                                                                                                                                                                              ","UN    ","AS","3,07"]
[430,"PARAFUSO M16 EM ACO GALVANIZADO, COMPRIMENTO = 125 MM, DIAMETRO = 16 MM, ROSCA MAQUINA, CABECA QUADRADA                                                                                                                                                                                                                                                                                                                                                                                                   ","UN    ","AS","6,85"]
[441,"PARAFUSO M16 EM ACO GALVANIZADO, COMPRIMENTO = 150 MM, DIAMETRO = 16 MM, ROSCA MAQUINA, CABECA QUADRADA                                                                                                                                                                                                                                                                                                                                                                                                   ","UN    ","AS","7,54"]
[431,"PARAFUSO M16 EM ACO GALVANIZADO, COMPRIMENTO = 200 MM, DIAMETRO = 16 MM, ROSCA MAQUINA, CABECA QUADRADA                                                                                                                                                                                                                                                                                                                                                                                                   ","UN    ","AS","9,10"]
[432,"PARAFUSO M16 EM ACO GALVANIZADO, COMPRIMENTO = 250 MM, DIAMETRO = 16 MM, ROSCA MAQUINA, CABECA QUADRADA                                                                                                                                                                                                                                                                                                                                                                                                   ","UN    ","AS","10,04"]
[429,"PARAFUSO M16 EM ACO GALVANIZADO, COMPRIMENTO = 300 MM, DIAMETRO = 16 MM, ROSCA DUPLA                                                                                                                                                                                                                                                                                                                                                                                                                      ","UN    ","AS","13,54"]
[439,"PARAFUSO M16 EM ACO GALVANIZADO, COMPRIMENTO = 300 MM, DIAMETRO = 16 MM, ROSCA MAQUINA, CABECA QUADRADA                                                                                                                                                                                                                                                                                                                                                                                                   ","UN    ","AS","11,54"]
[433,"PARAFUSO M16 EM ACO GALVANIZADO, COMPRIMENTO = 350 MM, DIAMETRO = 16 MM, ROSCA MAQUINA, CABECA QUADRADA                                                                                                                                                                                                                                                                                                                                                                                                   ","UN    ","AS","13,47"]
[437,"PARAFUSO M16 EM ACO GALVANIZADO, COMPRIMENTO = 400 MM, DIAMETRO = 16 MM, ROSCA DUPLA                                                                                                                                                                                                                                                                                                                                                                                                                      ","UN    ","AS","17,89"]
[11790,"PARAFUSO M16 EM ACO GALVANIZADO, COMPRIMENTO = 450 MM, DIAMETRO = 16 MM, ROSCA MAQUINA, CABECA QUADRADA                                                                                                                                                                                                                                                                                                                                                                                                   ","UN    ","AS","20,29"]
[428,"PARAFUSO M16 EM ACO GALVANIZADO, COMPRIMENTO = 500 MM, DIAMETRO = 16 MM, ROSCA MAQUINA, COM CABECA SEXTAVADA E PORCA                                                                                                                                                                                                                                                                                                                                                                                      ","UN    ","AS","22,07"]
[4384,"PARAFUSO NIQUELADO COM ACABAMENTO CROMADO PARA FIXAR PECA SANITARIA, INCLUI PORCA CEGA, ARRUELA E BUCHA DE NYLON TAMANHO S-10                                                                                                                                                                                                                                                                                                                                                                             ","UN    ","AS","14,85"]
[4351,"PARAFUSO NIQUELADO 3 1/2\" COM ACABAMENTO CROMADO PARA FIXAR PECA SANITARIA, INCLUI PORCA CEGA, ARRUELA E BUCHA DE NYLON TAMANHO S-8                                                                                                                                                                                                                                                                                                                                                                       ","UN    ","AS","11,01"]
[11054,"PARAFUSO ROSCA SOBERBA ZINCADO CABECA CHATA FENDA SIMPLES 3,2 X 20 MM (3/4 \")                                                                                                                                                                                                                                                                                                                                                                                                                             ","UN    ","CR","0,05"]
[11055,"PARAFUSO ROSCA SOBERBA ZINCADO CABECA CHATA FENDA SIMPLES 3,5 X 25 MM (1 \")                                                                                                                                                                                                                                                                                                                                                                                                                               ","UN    ","CR","0,08"]
[11056,"PARAFUSO ROSCA SOBERBA ZINCADO CABECA CHATA FENDA SIMPLES 3,8 X 30 MM (1.1/4 \")                                                                                                                                                                                                                                                                                                                                                                                                                           ","UN    ","CR","0,09"]
[11057,"PARAFUSO ROSCA SOBERBA ZINCADO CABECA CHATA FENDA SIMPLES 4,8 X 40 MM (1.1/2 \")                                                                                                                                                                                                                                                                                                                                                                                                                           ","UN    ","CR","0,19"]
[11059,"PARAFUSO ROSCA SOBERBA ZINCADO CABECA CHATA FENDA SIMPLES 5,5 X 50 MM (2 \")                                                                                                                                                                                                                                                                                                                                                                                                                               ","UN    ","CR","0,36"]
[11058,"PARAFUSO ROSCA SOBERBA ZINCADO CABECA CHATA FENDA SIMPLES 5,5 X 65 MM (2.1/2 \")                                                                                                                                                                                                                                                                                                                                                                                                                           ","UN    ","CR","0,47"]
[4380,"PARAFUSO ZINCADO ROSCA SOBERBA 5/16 \" X 120 MM PARA TELHA FIBROCIMENTO                                                                                                                                                                                                                                                                                                                                                                                                                                    ","UN    ","CR","1,59"]
[4299,"PARAFUSO ZINCADO ROSCA SOBERBA, CABECA SEXTAVADA, 5/16 \" X 110 MM, PARA FIXACAO DE TELHA EM MADEIRA                                                                                                                                                                                                                                                                                                                                                                                                       ","UN    ","C ","1,50"]
[4304,"PARAFUSO ZINCADO ROSCA SOBERBA, CABECA SEXTAVADA, 5/16 \" X 150 MM, PARA FIXACAO DE TELHA EM MADEIRA                                                                                                                                                                                                                                                                                                                                                                                                       ","UN    ","CR","2,04"]
[4305,"PARAFUSO ZINCADO ROSCA SOBERBA, CABECA SEXTAVADA, 5/16 \" X 180 MM, PARA FIXACAO DE TELHA EM MADEIRA                                                                                                                                                                                                                                                                                                                                                                                                       ","UN    ","CR","2,38"]
[4306,"PARAFUSO ZINCADO ROSCA SOBERBA, CABECA SEXTAVADA, 5/16 \" X 200 MM, PARA FIXACAO DE TELHA EM MADEIRA                                                                                                                                                                                                                                                                                                                                                                                                       ","UN    ","CR","2,76"]
[4308,"PARAFUSO ZINCADO ROSCA SOBERBA, CABECA SEXTAVADA, 5/16 \" X 230 MM, PARA FIXACAO DE TELHA EM MADEIRA                                                                                                                                                                                                                                                                                                                                                                                                       ","UN    ","CR","5,71"]
[4302,"PARAFUSO ZINCADO ROSCA SOBERBA, CABECA SEXTAVADA, 5/16 \" X 250 MM, PARA FIXACAO DE TELHA EM MADEIRA                                                                                                                                                                                                                                                                                                                                                                                                       ","UN    ","CR","4,28"]
[4300,"PARAFUSO ZINCADO ROSCA SOBERBA, CABECA SEXTAVADA, 5/16 \" X 50 MM, PARA FIXACAO DE TELHA EM MADEIRA                                                                                                                                                                                                                                                                                                                                                                                                        ","UN    ","CR","1,02"]
[4301,"PARAFUSO ZINCADO ROSCA SOBERBA, CABECA SEXTAVADA, 5/16 \" X 85 MM, PARA FIXACAO DE TELHA EM MADEIRA                                                                                                                                                                                                                                                                                                                                                                                                        ","UN    ","CR","1,24"]
[4320,"PARAFUSO ZINCADO 5/16 \" X 250 MM PARA FIXACAO DE TELHA DE FIBROCIMENTO CANALETE 49, INCLUI BUCHA NYLON S-10                                                                                                                                                                                                                                                                                                                                                                                               ","UN    ","CR","3,78"]
[4318,"PARAFUSO ZINCADO 5/16 \" X 85 MM PARA FIXACAO DE TELHA DE FIBROCIMENTO CANALETE 90, INCLUI BUCHA NYLON S-10                                                                                                                                                                                                                                                                                                                                                                                                ","UN    ","CR","1,84"]
[40547,"PARAFUSO ZINCADO, AUTOBROCANTE, FLANGEADO, 4,2 MM X 19 MM                                                                                                                                                                                                                                                                                                                                                                                                                                                 ","CENTO ","AS","18,05"]
[11962,"PARAFUSO ZINCADO, SEXTAVADO, COM ROSCA INTEIRA, DIAMETRO 1/4\", COMPRIMENTO 1/2\"                                                                                                                                                                                                                                                                                                                                                                                                                           ","UN    ","AS","0,14"]
[4332,"PARAFUSO ZINCADO, SEXTAVADO, COM ROSCA INTEIRA, DIAMETRO 3/8\", COMPRIMENTO 2\"                                                                                                                                                                                                                                                                                                                                                                                                                             ","UN    ","AS","0,72"]
[4331,"PARAFUSO ZINCADO, SEXTAVADO, COM ROSCA INTEIRA, DIAMETRO 5/8\", COMPRIMENTO 2 1/4\"                                                                                                                                                                                                                                                                                                                                                                                                                         ","UN    ","AS","2,71"]
[4336,"PARAFUSO ZINCADO, SEXTAVADO, COM ROSCA INTEIRA, DIAMETRO 5/8\", COMPRIMENTO 3\", COM PORCA E ARRUELA DE PRESSAO MEDIA                                                                                                                                                                                                                                                                                                                                                                                       ","UN    ","AS","3,46"]
[13294,"PARAFUSO ZINCADO, SEXTAVADO, COM ROSCA SOBERBA, DIAMETRO 3/8\", COMPRIMENTO 80 MM                                                                                                                                                                                                                                                                                                                                                                                                                          ","UN    ","AS","0,99"]
[11948,"PARAFUSO ZINCADO, SEXTAVADO, COM ROSCA SOBERBA, DIAMETRO 5/16\", COMPRIMENTO 40 MM                                                                                                                                                                                                                                                                                                                                                                                                                         ","UN    ","AS","0,44"]
[4382,"PARAFUSO ZINCADO, SEXTAVADO, COM ROSCA SOBERBA, DIAMETRO 5/16\", COMPRIMENTO 80 MM                                                                                                                                                                                                                                                                                                                                                                                                                         ","UN    ","AS","0,74"]
[4354,"PARAFUSO ZINCADO, SEXTAVADO, GRAU 5, ROSCA INTEIRA, DIAMETRO 1 1/2\", COMPRIMENTO 4\"                                                                                                                                                                                                                                                                                                                                                                                                                       ","UN    ","AS","31,08"]
[40839,"PARAFUSO, ASTM A307 - GRAU A, SEXTAVADO, ZINCADO, DIAMETRO 3/8\" (9,52 MM), COMPRIMENTO 1 \" (25,4 MM)                                                                                                                                                                                                                                                                                                                                                                                                      ","CENTO ","AS","74,80"]
[40552,"PARAFUSO, AUTO ATARRACHANTE, CABECA CHATA, FENDA SIMPLES, 1/4\u0094 (6,35 MM) X 25 MM                                                                                                                                                                                                                                                                                                                                                                                                                          ","CENTO ","AS","30,95"]
[40549,"PARAFUSO, COMUM, ASTM A307, SEXTAVADO, DIAMETRO 1/2\" (12,7 MM), COMPRIMENTO 1\" (25,4 MM)                                                                                                                                                                                                                                                                                                                                                                                                                  ","CENTO ","AS","122,51"]
[4385,"PARALELEPIPEDO GRANITICO OU BASALTICO, PARA PAVIMENTACAO, SEM FRETE (VARIACAO REGIONAL DE PECAS POR M2)                                                                                                                                                                                                                                                                                                                                                                                                   ","MIL   ","CR","881,67"]
[20078,"PASTA LUBRIFICANTE PARA TUBOS E CONEXOES COM JUNTA ELASTICA (USO EM PVC, ACO, POLIETILENO E OUTROS) ( DE *400* G)                                                                                                                                                                                                                                                                                                                                                                                         ","UN    ","CR","21,50"]
[39897,"PASTA PARA SOLDA DE TUBOS E CONEXOES DE COBRE (EMBALAGEM COM 250 G)                                                                                                                                                                                                                                                                                                                                                                                                                                       ","UN    ","AS","55,39"]
[118,"PASTA VEDA JUNTAS/ROSCA, LATA DE *500* G, PARA INSTALACOES DE GAS E OUTROS                                                                                                                                                                                                                                                                                                                                                                                                                                ","UN    ","CR","81,27"]
[4396,"PASTILHA CERAMICA/PORCELANA, REVEST INT/EXT E  PISCINA, CORES BRANCA OU FRIAS, SOLIDAS, SEM MESCLAGEM/MISTURA, ACABAMENTO LISO *2,5 X 2,5* CM                                                                                                                                                                                                                                                                                                                                                             ","M2    ","CR","183,53"]
[36881,"PASTILHA CERAMICA/PORCELANA, REVEST INT/EXT E  PISCINA, CORES BRANCA OU FRIAS, SOLIDAS, SEM MESCLAGEM/MISTURA, ACABAMENTO LISO *5 X 5* CM                                                                                                                                                                                                                                                                                                                                                                 ","M2    ","CR","118,20"]
[4397,"PASTILHA CERAMICA/PORCELANA, REVEST INT/EXT E  PISCINA, CORES LISAS/SOLIDAS, QUENTES, SEM MESCLAGEM/MISTURA, *2,5 X 2,5* CM                                                                                                                                                                                                                                                                                                                                                                               ","M2    ","CR","199,64"]
[36882,"PASTILHA CERAMICA/PORCELANA, REVEST INT/EXT E  PISCINA, CORES LISAS/SOLIDAS, QUENTES, SEM MESCLAGEM/MISTURA, *5 X 5* CM                                                                                                                                                                                                                                                                                                                                                                                   ","M2    ","CR","141,33"]
[4751,"PASTILHEIRO                                                                                                                                                                                                                                                                                                                                                                                                                                                                                               ","H     ","CR","18,44"]
[41066,"PASTILHEIRO (MENSALISTA)                                                                                                                                                                                                                                                                                                                                                                                                                                                                                  ","MES   ","CR","3.237,87"]
[39604,"PATCH CORD, CATEGORIA 5 E, EXTENSAO DE 1,50 M                                                                                                                                                                                                                                                                                                                                                                                                                                                             ","UN    ","CR","13,69"]
[39605,"PATCH CORD, CATEGORIA 5 E, EXTENSAO DE 2,50 M                                                                                                                                                                                                                                                                                                                                                                                                                                                             ","UN    ","CR","18,99"]
[39606,"PATCH CORD, CATEGORIA 6, EXTENSAO DE 1,50 M                                                                                                                                                                                                                                                                                                                                                                                                                                                               ","UN    ","CR","24,12"]
[39607,"PATCH CORD, CATEGORIA 6, EXTENSAO DE 2,50 M                                                                                                                                                                                                                                                                                                                                                                                                                                                               ","UN    ","CR","27,67"]
[39594,"PATCH PANEL, 24 PORTAS, CATEGORIA 5E, COM RACKS DE 19\" E 1 U DE ALTURA                                                                                                                                                                                                                                                                                                                                                                                                                                    ","UN    ","C ","262,00"]
[39596,"PATCH PANEL, 24 PORTAS, CATEGORIA 6, COM RACKS DE 19\" E 1 U DE ALTURA                                                                                                                                                                                                                                                                                                                                                                                                                                     ","UN    ","CR","456,65"]
[39595,"PATCH PANEL, 48 PORTAS, CATEGORIA 5E, COM RACKS DE 19\" E 2 U DE ALTURA                                                                                                                                                                                                                                                                                                                                                                                                                                    ","UN    ","CR","383,32"]
[39597,"PATCH PANEL, 48 PORTAS, CATEGORIA 6, COM RACKS DE 19\" E 2 U DE ALTURA                                                                                                                                                                                                                                                                                                                                                                                                                                     ","UN    ","CR","615,82"]
[10731,"PEDRA ARDOSIA, CINZA, *40 X 40* CM, E= *1 CM                                                                                                                                                                                                                                                                                                                                                                                                                                                              ","M2    ","C ","30,87"]
[4704,"PEDRA ARDOSIA, CINZA, 20  X  40 CM,  E=  *1 CM                                                                                                                                                                                                                                                                                                                                                                                                                                                            ","M2    ","CR","27,86"]
[10730,"PEDRA ARDOSIA, CINZA, 30  X  30,  E= *1 CM                                                                                                                                                                                                                                                                                                                                                                                                                                                                ","M2    ","CR","29,85"]
[4729,"PEDRA BRITADA GRADUADA, CLASSIFICADA (POSTO PEDREIRA/FORNECEDOR, SEM FRETE)                                                                                                                                                                                                                                                                                                                                                                                                                               ","M3    ","CR","95,22"]
[4720,"PEDRA BRITADA N. 0, OU PEDRISCO (4,8 A 9,5 MM) POSTO PEDREIRA/FORNECEDOR, SEM FRETE                                                                                                                                                                                                                                                                                                                                                                                                                       ","M3    ","CR","109,10"]
[4721,"PEDRA BRITADA N. 1 (9,5 a 19 MM) POSTO PEDREIRA/FORNECEDOR, SEM FRETE                                                                                                                                                                                                                                                                                                                                                                                                                                     ","M3    ","CR","94,50"]
[4718,"PEDRA BRITADA N. 2 (19 A 38 MM) POSTO PEDREIRA/FORNECEDOR, SEM FRETE                                                                                                                                                                                                                                                                                                                                                                                                                                      ","M3    ","C ","95,00"]
[4722,"PEDRA BRITADA N. 3 (38 A 50 MM) POSTO PEDREIRA/FORNECEDOR, SEM FRETE                                                                                                                                                                                                                                                                                                                                                                                                                                      ","M3    ","CR","89,26"]
[4723,"PEDRA BRITADA N. 4 (50 A 76 MM) POSTO PEDREIRA/FORNECEDOR, SEM FRETE                                                                                                                                                                                                                                                                                                                                                                                                                                      ","M3    ","CR","88,49"]
[4727,"PEDRA BRITADA N. 5 (76 A 100 MM) POSTO PEDREIRA/FORNECEDOR, SEM FRETE                                                                                                                                                                                                                                                                                                                                                                                                                                     ","M3    ","CR","81,00"]
[4748,"PEDRA BRITADA OU BICA CORRIDA, NAO CLASSIFICADA (POSTO PEDREIRA/FORNECEDOR, SEM FRETE)                                                                                                                                                                                                                                                                                                                                                                                                                    ","M3    ","CR","87,28"]
[4730,"PEDRA DE MAO OU PEDRA RACHAO PARA ARRIMO/FUNDACAO (POSTO PEDREIRA/FORNECEDOR, SEM FRETE)                                                                                                                                                                                                                                                                                                                                                                                                                  ","M3    ","CR","88,82"]
[13186,"PEDRA GRANITICA OU BASALTICA IRREGULAR, FAIXA GRANULOMETRICA 100 A 150 MM PARA PAVIMENTACAO OU CALCAMENTO POLIEDRICO, POSTO PEDREIRA / FORNECEDOR (SEM FRETE)                                                                                                                                                                                                                                                                                                                                             ","M3    ","CR","69,98"]
[10737,"PEDRA GRANITICA OU BASALTO, CACO, RETALHO, CAVACO, TIPO MIRACEMA, MADEIRA, PADUANA, RACHINHA, SANTA ISABEL OU OUTRAS SIMILARES, E=  *1,0 A *2,0 CM                                                                                                                                                                                                                                                                                                                                                        ","M2    ","CR","97,01"]
[10734,"PEDRA GRANITICA, SERRADA, TIPO MIRACEMA, MADEIRA, PADUANA, RACHINHA, SANTA ISABEL OU OUTRAS SIMILARES, *11,5 X  *23 CM, E=  *1,0 A *2,0 CM                                                                                                                                                                                                                                                                                                                                                                ","M2    ","CR","57,71"]
[4708,"PEDRA PORTUGUESA  OU PETIT PAVE, BRANCA OU PRETA                                                                                                                                                                                                                                                                                                                                                                                                                                                          ","M2    ","CR","111,93"]
[4712,"PEDRA QUARTZITO OU CALCARIO LAMINADO, CACO, TIPO CARIRI, ITACOLOMI, LAGOA SANTA, LUMINARIA, PIRENOPOLIS, SAO TOME OU OUTRAS SIMILARES DA REGIAO, E=  *1,5 A *2,5 CM                                                                                                                                                                                                                                                                                                                                       ","M2    ","CR","54,72"]
[4710,"PEDRA QUARTZITO OU CALCARIO LAMINADO, SERRADA, TIPO CARIRI, ITACOLOMI, LAGOA SANTA, LUMINARIA, PIRENOPOLIS, SAO TOME OU OUTRAS SIMILARES DA REGIAO, *20 X *40 CM, E=  *1,5 A *2,5 CM                                                                                                                                                                                                                                                                                                                      ","M2    ","CR","175,49"]
[4746,"PEDREGULHO OU PICARRA DE JAZIDA, AO NATURAL, PARA BASE DE PAVIMENTACAO (RETIRADO NA JAZIDA, SEM TRANSPORTE)                                                                                                                                                                                                                                                                                                                                                                                               ","M3    ","CR","66,34"]
[4750,"PEDREIRO                                                                                                                                                                                                                                                                                                                                                                                                                                                                                                  ","H     ","C ","14,07"]
[41065,"PEDREIRO (MENSALISTA)                                                                                                                                                                                                                                                                                                                                                                                                                                                                                     ","MES   ","CR","2.470,14"]
[34747,"PEITORIL EM MARMORE, POLIDO, BRANCO COMUM, L= *15* CM, E=  *2,0* CM, COM PINGADEIRA                                                                                                                                                                                                                                                                                                                                                                                                                       ","M     ","AS","89,38"]
[4826,"PEITORIL EM MARMORE, POLIDO, BRANCO COMUM, L= *15* CM, E=  *3* CM, CORTE RETO                                                                                                                                                                                                                                                                                                                                                                                                                             ","M     ","AS","96,11"]
[41975,"PEITORIL PRE-MOLDADO EM GRANILITE, MARMORITE OU GRANITINA, L = *15* CM                                                                                                                                                                                                                                                                                                                                                                                                                                    ","M2    ","AS","76,52"]
[4825,"PEITORIL/ SOLEIRA EM MARMORE, POLIDO, BRANCO COMUM, L= *25* CM, E=  *3* CM, CORTE RETO                                                                                                                                                                                                                                                                                                                                                                                                                    ","M     ","AS","133,03"]
[34744,"PELICULA REFLETIVA, GT 7 ANOS PARA SINALIZACAO VERTICAL                                                                                                                                                                                                                                                                                                                                                                                                                                                   ","M2    ","AS","20,92"]
[39430,"PENDURAL OU PRESILHA REGULADORA, EM ACO GALVANIZADO, COM CORPO, MOLA E REBITE, PARA PERFIL TIPO CANALETA DE ESTRUTURA EM FORROS DRYWALL                                                                                                                                                                                                                                                                                                                                                                   ","UN    ","CR","2,25"]
[39573,"PENDURAL OU REGULADOR, COM MOLA, EM ACO GALVANIZADO, PARA PERFIL TIPO T CLICADO DE FORROS REMOVIVEL                                                                                                                                                                                                                                                                                                                                                                                                       ","UN    ","CR","2,22"]
[38410,"PENEIRA ROTATIVA COM MOTOR ELETRICO TRIFASICO DE 2 CV, CILINDRO DE 1 M X 0,60 M, COM FUROS DE 3,17 MM                                                                                                                                                                                                                                                                                                                                                                                                     ","UN    ","AS","13.351,77"]
[41596,"PERFIL \"H\" DE ACO LAMINADO, \"HP\" 250 X 62,0                                                                                                                                                                                                                                                                                                                                                                                                                                                               ","KG    ","AS","13,06"]
[41598,"PERFIL \"H\" DE ACO LAMINADO, \"HP\" 310 X 79,0                                                                                                                                                                                                                                                                                                                                                                                                                                                               ","KG    ","AS","13,06"]
[41594,"PERFIL \"H\" DE ACO LAMINADO, \"W\" 200 X 35,9                                                                                                                                                                                                                                                                                                                                                                                                                                                                ","KG    ","AS","13,27"]
[43663,"PERFIL \"I\" DE ACO LAMINADO, ABAS INCLINADAS, \"I\" 102 X 12,7                                                                                                                                                                                                                                                                                                                                                                                                                                               ","KG    ","AS","10,93"]
[4766,"PERFIL \"I\" DE ACO LAMINADO, ABAS INCLINADAS, \"I\" 152 X 22                                                                                                                                                                                                                                                                                                                                                                                                                                                 ","KG    ","AS","10,30"]
[43664,"PERFIL \"I\" DE ACO LAMINADO, ABAS INCLINADAS, \"I\" 203 X 34,3                                                                                                                                                                                                                                                                                                                                                                                                                                               ","KG    ","AS","10,99"]
[43082,"PERFIL \"I\" DE ACO LAMINADO, ABAS PARALELAS, \"W\", QUALQUER BITOLA                                                                                                                                                                                                                                                                                                                                                                                                                                          ","KG    ","AS","11,98"]
[43665,"PERFIL \"U\" DE ACO LAMINADO, \"U\" 102 X 9,3                                                                                                                                                                                                                                                                                                                                                                                                                                                                 ","KG    ","AS","10,30"]
[10966,"PERFIL \"U\" DE ACO LAMINADO, \"U\" 152 X 15,6                                                                                                                                                                                                                                                                                                                                                                                                                                                                ","KG    ","AS","10,93"]
[43692,"PERFIL \"U\" EM CHAPA ACO DOBRADA, E = 3,04 MM, H = 20 CM, ABAS = 5 CM (4,47 KG/M)                                                                                                                                                                                                                                                                                                                                                                                                                          ","KG    ","AS","10,93"]
[43083,"PERFIL \"U\" ENRIJECIDO DE ACO GALVANIZADO, DOBRADO, 150 X 60 X 20 MM, E = 3,00 MM OU 200 X 75 X 25 MM, E = 3,75 MM                                                                                                                                                                                                                                                                                                                                                                                         ","KG    ","AS","10,38"]
[40535,"PERFIL \"U\" SIMPLES DE ACO GALVANIZADO DOBRADO 75 X *40* MM, E = 2,65 MM                                                                                                                                                                                                                                                                                                                                                                                                                                   ","KG    ","AS","10,38"]
[39427,"PERFIL CANALETA, FORMATO C, EM ACO ZINCADO, PARA ESTRUTURA FORRO DRYWALL, E = 0,5 MM, *46 X 18* (L X H), COMPRIMENTO 3 M                                                                                                                                                                                                                                                                                                                                                                                  ","M     ","CR","5,98"]
[39424,"PERFIL CANTONEIRA L, LISA, EM ACO, 25 X 30 MM, E = 0,5 MM, PARA ESTRUTURA DRYWALL                                                                                                                                                                                                                                                                                                                                                                                                                         ","M     ","CR","3,55"]
[39425,"PERFIL CANTONEIRA L, PERFURADA, EM ACO, 23 X 23 MM, E = 0,5 MM, PARA ESTRUTURA DRYWALL                                                                                                                                                                                                                                                                                                                                                                                                                    ","M     ","CR","3,51"]
[40664,"PERFIL CARTOLA DE ACO GALVANIZADO, *20 X 30 X 10* MM, E =  0,8 MM                                                                                                                                                                                                                                                                                                                                                                                                                                         ","KG    ","AS","21,29"]
[34360,"PERFIL DE ALUMINIO ANODIZADO                                                                                                                                                                                                                                                                                                                                                                                                                                                                              ","KG    ","AS","40,36"]
[20259,"PERFIL DE BORRACHA EPDM MACICO *12 X 15* MM PARA ESQUADRIAS                                                                                                                                                                                                                                                                                                                                                                                                                                               ","M     ","CR","13,30"]
[14077,"PERFIL ELASTOMERICO PRE-FORMADO EM EPMD, PARA JUNTA DE DILATACAO DE PISOS COM POUCA SOLICITACAO, 15 MM DE LARGURA, MOVIMENTACAO DE *11 A 19* MM                                                                                                                                                                                                                                                                                                                                                           ","M     ","CR","203,57"]
[3678,"PERFIL ELASTOMERICO PRE-FORMADO EM EPMD, PARA JUNTA DE DILATACAO DE USO GERAL EM MEDIAS SOLICITACOES, 8 MM DE LARGURA, MOVIMENTACAO DE *5 A 11* MM                                                                                                                                                                                                                                                                                                                                                        ","M     ","CR","92,01"]
[39418,"PERFIL GUIA, FORMATO U, EM ACO ZINCADO, PARA ESTRUTURA PAREDE DRYWALL, E = 0,5 MM, 48  X 3000 MM (L X C)                                                                                                                                                                                                                                                                                                                                                                                                  ","M     ","CR","6,67"]
[39419,"PERFIL GUIA, FORMATO U, EM ACO ZINCADO, PARA ESTRUTURA PAREDE DRYWALL, E = 0,5 MM, 70 X 3000 MM (L X C)                                                                                                                                                                                                                                                                                                                                                                                                   ","M     ","CR","8,13"]
[39420,"PERFIL GUIA, FORMATO U, EM ACO ZINCADO, PARA ESTRUTURA PAREDE DRYWALL, E = 0,5 MM, 90 X 3000 MM (L X C)                                                                                                                                                                                                                                                                                                                                                                                                   ","M     ","CR","8,97"]
[39571,"PERFIL LONGARINA (PRINCIPAL), T CLICADO, EM ACO, BRANCO, PARA FORRO REMOVIVEL, 24 X 3750 MM (L X C)                                                                                                                                                                                                                                                                                                                                                                                                       ","M     ","CR","5,42"]
[39421,"PERFIL MONTANTE, FORMATO C, EM ACO ZINCADO, PARA ESTRUTURA PAREDE DRYWALL, E = 0,5 MM, 48 X 3000 MM (L X C)                                                                                                                                                                                                                                                                                                                                                                                               ","M     ","CR","7,90"]
[39422,"PERFIL MONTANTE, FORMATO C, EM ACO ZINCADO, PARA ESTRUTURA PAREDE DRYWALL, E = 0,5 MM, 70 X 3000 MM (L X C)                                                                                                                                                                                                                                                                                                                                                                                               ","M     ","C ","9,22"]
[39423,"PERFIL MONTANTE, FORMATO C, EM ACO ZINCADO, PARA ESTRUTURA PAREDE DRYWALL, E = 0,5 MM, 90 X 3000 MM (L X C)                                                                                                                                                                                                                                                                                                                                                                                               ","M     ","CR","10,70"]
[39426,"PERFIL RODAPE DE IMPERMEABILIZACAO, FORMATO L, EM ACO ZINCADO, PARA ESTRUTURA DRYWALL, E = 0,5 MM, 220 X 3000 MM (H X C)                                                                                                                                                                                                                                                                                                                                                                                  ","M     ","CR","24,07"]
[39429,"PERFIL TABICA ABERTA, PERFURADA, FORMATO Z, EM ACO GALVANIZADO NATURAL, LARGURA APROXIMADA 40 MM, PARA ESTRUTURA FORRO DRYWALL                                                                                                                                                                                                                                                                                                                                                                            ","M     ","CR","7,59"]
[39428,"PERFIL TABICA FECHADA, LISA, FORMATO Z, EM ACO GALVANIZADO NATURAL, LARGURA TOTAL NA HORIZONTAL *40* MM, PARA ESTRUTURA FORRO DRYWALL                                                                                                                                                                                                                                                                                                                                                                     ","M     ","CR","5,80"]
[39572,"PERFIL TIPO CANTONEIRA EM L, EM ACO GALVANIZADO, BRANCO, PARA FORRO REMOVIVEL, *23* X 3000 MM (L X C)                                                                                                                                                                                                                                                                                                                                                                                                     ","M     ","CR","5,02"]
[39570,"PERFIL TRAVESSA (SECUNDARIO), T CLICADO, EM ACO GALVANIZADO , BRANCO, PARA FORRO REMOVIVEL, 24 X 1250 MM (L X C)                                                                                                                                                                                                                                                                                                                                                                                          ","M     ","CR","5,32"]
[39569,"PERFIL TRAVESSA (SECUNDARIO), T CLICADO, EM ACO GALVANIZADO, BRANCO, PARA FORRO REMOVIVEL, 24 X 625 MM (L X C)                                                                                                                                                                                                                                                                                                                                                                                            ","M     ","CR","5,26"]
[11552,"PERFIL U DE ABAS IGUAIS, EM ALUMINIO, 1/2\" (1,27 X 1,27 CM), PARA PORTA OU JANELA DE CORRER                                                                                                                                                                                                                                                                                                                                                                                                               ","M     ","CR","5,73"]
[40598,"PERFIL UDC (\"U\" DOBRADO DE CHAPA) SIMPLES DE ACO LAMINADO, GALVANIZADO, ASTM A36, 127 X 50 MM, E= 3 MM                                                                                                                                                                                                                                                                                                                                                                                                    ","KG    ","AS","10,12"]
[39029,"PERFILADO PERFURADO DUPLO 38 X 76 MM, CHAPA 22                                                                                                                                                                                                                                                                                                                                                                                                                                                            ","M     ","CR","16,99"]
[39028,"PERFILADO PERFURADO SIMPLES 38 X 38 MM, CHAPA 22                                                                                                                                                                                                                                                                                                                                                                                                                                                          ","M     ","CR","9,89"]
[39328,"PERFILADO PERFURADO 19 X 38 MM, CHAPA 22                                                                                                                                                                                                                                                                                                                                                                                                                                                                  ","M     ","CR","5,44"]
[38541,"PERFURATRIZ COM TORRE METALICA PARA EXECUCAO DE ESTACA HELICE CONTINUA, PROFUNDIDADE MAXIMA DE 30 M, DIAMETRO MAXIMO DE 800 MM, POTENCIA INSTALADA DE 268 HP, MESA ROTATIVA COM TORQUE MAXIMO DE 170 KNM                                                                                                                                                                                                                                                                                                  ","UN    ","AS","2.822.039,45"]
[38542,"PERFURATRIZ COM TORRE METALICA PARA EXECUCAO DE ESTACA HELICE CONTINUA, PROFUNDIDADE MAXIMA DE 32 M, DIAMETRO MAXIMO DE 1000 MM, POTENCIA INSTALADA DE 350 HP, MESA ROTATIVA COM TORQUE MAXIMO DE 263 KNM                                                                                                                                                                                                                                                                                                 ","UN    ","AS","4.388.157,86"]
[38543,"PERFURATRIZ HIDRAULICA COM TRADO CURTO ACOPLADO, PROFUNDIDADE MAXIMA DE 20 M, DIAMETRO MAXIMO DE 1500 MM, POTENCIA INSTALADA DE 137 HP, MESA ROTATIVA COM TORQUE MAXIMO DE 30 KNM (INCLUI MONTAGEM, NAO INCLUI CAMINHAO)                                                                                                                                                                                                                                                                                  ","UN    ","AS","1.074.342,13"]
[40406,"PERFURATRIZ MANUAL, TORQUE MAXIMO 55 KGF.M, POTENCIA 5 CV, COM DIAMETRO MAXIMO 8 1/2\" (INCLUI SUPORTE/CHASSI TIPO MESA)                                                                                                                                                                                                                                                                                                                                                                                   ","UN    ","AS","63.867,34"]
[40789,"PERFURATRIZ MANUAL, TORQUE MAXIMO 83 N.M, POTENCIA 5 CV, COM DIAMETRO MAXIMO 4\" (NAO INCLUI SUPORTE / CHASSI)                                                                                                                                                                                                                                                                                                                                                                                             ","UN    ","AS","9.203,93"]
[40791,"PERFURATRIZ MANUAL, TORQUE MAXIMO 83 N.M, POTENCIA 5 CV, COM DIAMETRO MAXIMO 4\", PARA SOLO GRAMPEADO (INCLUI SUPORTE OU CHASSI TIPO MESA)                                                                                                                                                                                                                                                                                                                                                                 ","UN    ","AS","28.812,33"]
[11651,"PERFURATRIZ PNEUMATICA MANUAL DE PESO MEDIO, 18KG, COMPRIMENTO DE CURSO DE 6 M, DIAMETRO DO PISTAO DE 5,5 CM                                                                                                                                                                                                                                                                                                                                                                                              ","UN    ","AS","15.757,87"]
[40435,"PERFURATRIZ SOBRE ESTEIRA, TORQUE MAXIMO DE 600 KGF, POTENCIA ENTRE 50 E 60 HP, DIAMETRO MAXIMO DE 10\"                                                                                                                                                                                                                                                                                                                                                                                                    ","UN    ","AS","589.375,00"]
[39012,"PERFURATRIZ SOBRE ESTEIRA, TORQUE MAXIMO 600 KGF, PESO MEDIO 1000 KG, POTENCIA 20 HP, DIAMETRO MAXIMO 10\"                                                                                                                                                                                                                                                                                                                                                                                                 ","UN    ","AS","614.931,33"]
[13617,"PICAPE CABINE SIMPLES COM MOTOR 1.6 FLEX, CAMBIO MANUAL, POTENCIA 101/104 CV, 2 PORTAS                                                                                                                                                                                                                                                                                                                                                                                                                    ","UN    ","CR","60.814,67"]
[35274,"PILAR QUADRADO NAO APARELHADO *10 X 10* CM, EM MACARANDUBA, ANGELIM OU EQUIVALENTE DA REGIAO - BRUTA                                                                                                                                                                                                                                                                                                                                                                                                      ","M     ","CR","34,25"]
[35275,"PILAR QUADRADO NAO APARELHADO *15 X 15* CM, EM MACARANDUBA, ANGELIM OU EQUIVALENTE DA REGIAO - BRUTA                                                                                                                                                                                                                                                                                                                                                                                                      ","M     ","CR","72,70"]
[35276,"PILAR QUADRADO NAO APARELHADO *20 X 20* CM, EM MACARANDUBA, ANGELIM OU EQUIVALENTE DA REGIAO - BRUTA                                                                                                                                                                                                                                                                                                                                                                                                      ","M     ","CR","126,50"]
[38386,"PINCEL CHATO (TRINCHA) CERDAS GRIS 1.1/2 \" (38 MM)                                                                                                                                                                                                                                                                                                                                                                                                                                                        ","UN    ","CR","3,88"]
[11091,"PINGADEIRA PLASTICA PARA TELHA DE FIBROCIMENTO CANALETE 49/KALHETA OU CANALETE 90/KALHETAO                                                                                                                                                                                                                                                                                                                                                                                                                ","UN    ","CR","1,83"]
[37586,"PINO DE ACO COM ARRUELA CONICA, DIAMETRO ARRUELA = *23* MM E COMP HASTE = *27* MM (ACAO INDIRETA)                                                                                                                                                                                                                                                                                                                                                                                                         ","CENTO ","AS","44,85"]
[37395,"PINO DE ACO COM FURO, HASTE = 27 MM (ACAO DIRETA)                                                                                                                                                                                                                                                                                                                                                                                                                                                         ","CENTO ","AS","38,56"]
[14147,"PINO DE ACO COM ROSCA 1/4 \", COMPRIMENTO DA HASTE = 30 MM E ROSCA = 20 MM (ACAO DIRETA)                                                                                                                                                                                                                                                                                                                                                                                                                   ","CENTO ","AS","51,15"]
[37396,"PINO DE ACO LISO 1/4 \", HASTE = *36,5* MM (ACAO DIRETA)                                                                                                                                                                                                                                                                                                                                                                                                                                                   ","CENTO ","AS","31,55"]
[37397,"PINO DE ACO LISO 1/4 \", HASTE = *53* MM (ACAO DIRETA)                                                                                                                                                                                                                                                                                                                                                                                                                                                     ","CENTO ","AS","33,05"]
[43606,"PINO GUIA RETO, EM LATAO, CHAPA COM 3 MM DE ESPESSURA E GUIA COM ROLETE DE 9 MM                                                                                                                                                                                                                                                                                                                                                                                                                           ","UN    ","CR","6,86"]
[444,"PINO ROSCA EXTERNA, EM ACO GALVANIZADO, PARA ISOLADOR DE 15KV, DIAMETRO 25 MM, COMPRIMENTO *290* MM                                                                                                                                                                                                                                                                                                                                                                                                       ","UN    ","AS","27,48"]
[445,"PINO ROSCA EXTERNA, EM ACO GALVANIZADO, PARA ISOLADOR DE 25KV, DIAMETRO 35MM, COMPRIMENTO *320* MM                                                                                                                                                                                                                                                                                                                                                                                                        ","UN    ","AS","37,61"]
[4783,"PINTOR                                                                                                                                                                                                                                                                                                                                                                                                                                                                                                    ","H     ","C ","14,88"]
[41079,"PINTOR (MENSALISTA)                                                                                                                                                                                                                                                                                                                                                                                                                                                                                       ","MES   ","CR","2.612,36"]
[12874,"PINTOR DE LETREIROS                                                                                                                                                                                                                                                                                                                                                                                                                                                                                       ","H     ","CR","19,27"]
[41082,"PINTOR DE LETREIROS (MENSALISTA)                                                                                                                                                                                                                                                                                                                                                                                                                                                                          ","MES   ","CR","3.384,63"]
[4785,"PINTOR PARA TINTA EPOXI                                                                                                                                                                                                                                                                                                                                                                                                                                                                                   ","H     ","CR","15,99"]
[41081,"PINTOR PARA TINTA EPOXI (MENSALISTA)                                                                                                                                                                                                                                                                                                                                                                                                                                                                      ","MES   ","CR","2.809,87"]
[4801,"PISO DE BORRACHA CANELADO EM PLACAS 50 X 50 CM, E = *3,5* MM, PARA COLA                                                                                                                                                                                                                                                                                                                                                                                                                                   ","M2    ","CR","67,09"]
[4794,"PISO DE BORRACHA ESPORTIVO EM PLACAS 50 X 50 CM, E = 15 MM, PARA ARGAMASSA, PRETO                                                                                                                                                                                                                                                                                                                                                                                                                         ","M2    ","CR","305,58"]
[4796,"PISO DE BORRACHA FRISADO OU PASTILHADO, PRETO, EM PLACAS 50 X 50 CM, E = 7 MM, PARA ARGAMASSA                                                                                                                                                                                                                                                                                                                                                                                                             ","M2    ","CR","185,61"]
[4800,"PISO DE BORRACHA PASTILHADO EM PLACAS 50 X 50 CM, E = *3,5* MM, PARA COLA, PRETO                                                                                                                                                                                                                                                                                                                                                                                                                          ","M2    ","CR","51,04"]
[4795,"PISO DE BORRACHA PASTILHADO EM PLACAS 50 X 50 CM, E = 15 MM, PARA ARGAMASSA, PRETO                                                                                                                                                                                                                                                                                                                                                                                                                        ","M2    ","CR","297,47"]
[39694,"PISO ELEVADO COM 2 PLACAS DE ACO COM ENCHIMENTO DE CONCRETO CELULAR, INCLUSO BASE/HASTE/CRUZETAS, 60 X 60 CM, H = *28* CM, RESISTENCIA CARGA CONCENTRADA 496 KG (COM COLOCACAO)                                                                                                                                                                                                                                                                                                                           ","M2    ","CR","573,29"]
[1292,"PISO EM CERAMICA ESMALTADA EXTRA, PEI MAIOR OU IGUAL A 4, FORMATO MAIOR QUE 2025 CM2                                                                                                                                                                                                                                                                                                                                                                                                                      ","M2    ","CR","55,04"]
[1287,"PISO EM CERAMICA ESMALTADA EXTRA, PEI MAIOR OU IGUAL A 4, FORMATO MENOR OU IGUAL A 2025 CM2                                                                                                                                                                                                                                                                                                                                                                                                               ","M2    ","C ","27,00"]
[1297,"PISO EM CERAMICA ESMALTADA, COMERCIAL (PADRAO POPULAR), PEI MAIOR OU IGUAL A 3, FORMATO MENOR OU IGUAL A  2025 CM2                                                                                                                                                                                                                                                                                                                                                                                        ","M2    ","CR","22,39"]
[4786,"PISO EM GRANILITE, MARMORITE OU GRANITINA, AGREGADO COR PRETO, CINZA, PALHA OU BRANCO, E=  *8* MM (INCLUSO EXECUCAO)                                                                                                                                                                                                                                                                                                                                                                                      ","M2    ","AS","88,00"]
[10840,"PISO EM GRANITO, POLIDO, TIPO AMENDOA/ AMARELO CAPRI/ AMARELO DOURADO CARIOCA OU OUTROS EQUIVALENTES DA REGIAO, FORMATO MENOR OU IGUAL A 3025 CM2, E=  *2* CM                                                                                                                                                                                                                                                                                                                                             ","M2    ","AS","280,00"]
[10841,"PISO EM GRANITO, POLIDO, TIPO ANDORINHA/ QUARTZ/ CASTELO/ CORUMBA OU OUTROS EQUIVALENTES DA REGIAO, FORMATO MENOR OU IGUAL A 3025 CM2, E=  *2* CM                                                                                                                                                                                                                                                                                                                                                         ","M2    ","AS","211,32"]
[25980,"PISO EM GRANITO, POLIDO, TIPO MARFIM, DALLAS, CARAVELAS OU OUTROS EQUIVALENTES DA REGIAO, FORMATO MENOR OU IGUAL A 3025 CM2, E=  *2* CM                                                                                                                                                                                                                                                                                                                                                                   ","M2    ","AS","270,02"]
[10842,"PISO EM GRANITO, POLIDO, TIPO PRETO SAO GABRIEL/ TIJUCA OU OUTROS EQUIVALENTES DA REGIAO, FORMATO MENOR OU IGUAL A 3025 CM2, E=  *2* CM                                                                                                                                                                                                                                                                                                                                                                   ","M2    ","AS","305,24"]
[21108,"PISO EM PORCELANATO RETIFICADO EXTRA, FORMATO MENOR OU IGUAL A 2025 CM2                                                                                                                                                                                                                                                                                                                                                                                                                                   ","M2    ","CR","73,36"]
[38180,"PISO EM REGUA VINILICA SEMIFLEXIVEL, ENCAIXE CLICADO, E = 4 MM (SEM COLOCACAO)                                                                                                                                                                                                                                                                                                                                                                                                                            ","M2    ","CR","149,44"]
[40648,"PISO EPOXI AUTONIVELANTE, ESPESSURA *4* MM (INCLUSO EXECUCAO)                                                                                                                                                                                                                                                                                                                                                                                                                                             ","M2    ","AS","168,96"]
[40649,"PISO EPOXI MULTILAYER, ESPESSURA *2* MM (INCLUSO EXECUCAO)                                                                                                                                                                                                                                                                                                                                                                                                                                                ","M2    ","AS","98,41"]
[40650,"PISO FULGET (GRANITO LAVADO) EM PLACAS DE *40 X 40* CM, E = 2,0 CM (SEM COLOCACAO)                                                                                                                                                                                                                                                                                                                                                                                                                        ","M2    ","AS","126,72"]
[40651,"PISO FULGET (GRANITO LAVADO) EM PLACAS DE *75 X 75* CM, E = 2,0 CM (SEM COLOCACAO)                                                                                                                                                                                                                                                                                                                                                                                                                        ","M2    ","AS","233,72"]
[40652,"PISO FULGET (GRANITO LAVADO) MOLDADO IN LOCO (INCLUSO EXECUCAO)                                                                                                                                                                                                                                                                                                                                                                                                                                           ","M2    ","AS","125,31"]
[40647,"PISO INDUSTRIAL EM CONCRETO ARMADO DE ACABAMENTO POLIDO, ESPESSURA 12 CM (CIMENTO QUEIMADO) (INCLUSO EXECUCAO)                                                                                                                                                                                                                                                                                                                                                                                            ","M2    ","AS","137,98"]
[40653,"PISO KORODUR (INCLUSO EXECUCAO)                                                                                                                                                                                                                                                                                                                                                                                                                                                                           ","M2    ","AS","105,60"]
[36178,"PISO PODOTATIL DE CONCRETO - DIRECIONAL E ALERTA, *40 X 40 X 2,5* CM                                                                                                                                                                                                                                                                                                                                                                                                                                      ","UN    ","CR","7,96"]
[38195,"PISO PORCELANATO, BORDA RETA, EXTRA, FORMATO MAIOR QUE 2025 CM2                                                                                                                                                                                                                                                                                                                                                                                                                                           ","M2    ","CR","86,64"]
[38181,"PISO TATIL ALERTA OU DIRECIONAL, DE BORRACHA, COLORIDO, 25 X 25 CM, E = 5 MM, PARA COLA                                                                                                                                                                                                                                                                                                                                                                                                                   ","M2    ","CR","204,00"]
[38182,"PISO TATIL DE ALERTA OU DIRECIONAL DE BORRACHA, PRETO, 25 X 25 CM, E = 5 MM, PARA COLA                                                                                                                                                                                                                                                                                                                                                                                                                    ","M2    ","CR","194,32"]
[38186,"PISO TATIL DE ALERTA OU DIRECIONAL, DE BORRACHA, COLORIDO, 25 X 25 CM, E = 12 MM, PARA ARGAMASSA                                                                                                                                                                                                                                                                                                                                                                                                          ","M2    ","CR","505,11"]
[38185,"PISO TATIL DE ALERTA OU DIRECIONAL, DE BORRACHA, PRETO, 25 X 25 CM, E = 12 MM, PARA ARGAMASSA                                                                                                                                                                                                                                                                                                                                                                                                             ","M2    ","CR","449,73"]
[40654,"PISO URETANO, VERSAO REVESTIMENTO AUTONIVELANTE, ESPESSURA VARIÁVEL DE 3 A 4 MM (INCLUSO EXECUCAO)                                                                                                                                                                                                                                                                                                                                                                                                        ","M2    ","AS","164,03"]
[25981,"PISO/ REVESTIMENTO EM GRANITO, POLIDO, TIPO ANDORINHA/ QUARTZ/ CASTELO/ CORUMBA OU OUTROS EQUIVALENTES DA REGIAO, FORMATO MAIOR OU IGUAL A 3025 CM2, E = *2* CM                                                                                                                                                                                                                                                                                                                                           ","M2    ","AS","223,06"]
[4822,"PISO/ REVESTIMENTO EM MARMORE, POLIDO, BRANCO COMUM, FORMATO MAIOR OU IGUAL A 3025 CM2, E = *2* CM                                                                                                                                                                                                                                                                                                                                                                                                        ","M2    ","AS","368,24"]
[4818,"PISO/ REVESTIMENTO EM MARMORE, POLIDO, BRANCO COMUM, FORMATO MENOR OU IGUAL A 3025 CM2, E = *2* CM                                                                                                                                                                                                                                                                                                                                                                                                        ","M2    ","AS","378,50"]
[39567,"PLACA / CHAPA DE GESSO ACARTONADO, ACABAMENTO VINILICO LISO EM UMA DAS FACES, COR BRANCA, BORDA QUADRADA, E = 9,5 MM, *625 X 1250* MM (L X C), PARA FORRO REMOVIVEL                                                                                                                                                                                                                                                                                                                                       ","M2    ","CR","33,65"]
[39566,"PLACA / CHAPA DE GESSO ACARTONADO, ACABAMENTO VINILICO LISO EM UMA DAS FACES, COR BRANCA, BORDA QUADRADA, E = 9,5 MM, *625 X 625* MM (L X C), PARA FORRO REMOVIVEL                                                                                                                                                                                                                                                                                                                                        ","M2    ","CR","38,87"]
[39416,"PLACA / CHAPA DE GESSO ACARTONADO, RESISTENTE A UMIDADE (RU), COR VERDE, E = 12,5 MM, 1200 X 1800 MM (L X C)                                                                                                                                                                                                                                                                                                                                                                                              ","M2    ","CR","20,30"]
[39417,"PLACA / CHAPA DE GESSO ACARTONADO, RESISTENTE A UMIDADE (RU), COR VERDE, E = 12,5 MM, 1200 X 2400 MM (L X C)                                                                                                                                                                                                                                                                                                                                                                                              ","M2    ","CR","21,29"]
[39414,"PLACA / CHAPA DE GESSO ACARTONADO, RESISTENTE AO FOGO (RF), COR ROSA, E = 12,5 MM, 1200 X 1800 MM (L X C)                                                                                                                                                                                                                                                                                                                                                                                                 ","M2    ","CR","19,07"]
[39415,"PLACA / CHAPA DE GESSO ACARTONADO, RESISTENTE AO FOGO (RF), COR ROSA, E = 12,5 MM, 1200 X 2400 MM (L X C)                                                                                                                                                                                                                                                                                                                                                                                                 ","M2    ","CR","20,21"]
[39412,"PLACA / CHAPA DE GESSO ACARTONADO, STANDARD (ST), COR BRANCA, E = 12,5 MM, 1200 X 1800 MM (L X C)                                                                                                                                                                                                                                                                                                                                                                                                         ","M2    ","C ","14,36"]
[39413,"PLACA / CHAPA DE GESSO ACARTONADO, STANDARD (ST), COR BRANCA, E = 12,5 MM, 1200 X 2400 MM (L X C)                                                                                                                                                                                                                                                                                                                                                                                                         ","M2    ","CR","14,22"]
[11062,"PLACA CIMENTICIA LISA E = 10 MM, DE 1,20 X 3,00 M (SEM AMIANTO)                                                                                                                                                                                                                                                                                                                                                                                                                                           ","M2    ","CR","88,97"]
[11063,"PLACA CIMENTICIA LISA E = 6 MM, DE 1,20 X 3,00 M (SEM AMIANTO)                                                                                                                                                                                                                                                                                                                                                                                                                                            ","M2    ","CR","86,14"]
[13521,"PLACA DE ACO ESMALTADA PARA  IDENTIFICACAO DE RUA, *45 CM X 20* CM                                                                                                                                                                                                                                                                                                                                                                                                                                        ","UN    ","AS","74,25"]
[10851,"PLACA DE ACRILICO TRANSPARENTE ADESIVADA PARA SINALIZACAO DE PORTAS, BORDA POLIDA, DE *25 X 8*, E = 6 MM (NAO INCLUI ACESSORIOS PARA FIXACAO)                                                                                                                                                                                                                                                                                                                                                             ","UN    ","AS","57,96"]
[39515,"PLACA DE FIBRA MINERAL PARA FORRO, DE 1250 X 625 MM, E = 15 MM, BORDA RETA, COM PINTURA ANTIMOFO (NAO INCLUI PERFIS)                                                                                                                                                                                                                                                                                                                                                                                      ","UN    ","CR","66,73"]
[39516,"PLACA DE FIBRA MINERAL PARA FORRO, DE 625 X 625 MM, E = 15 MM, BORDA REBAIXADA PARA PERFIL 24 MM, COM PINTURA ANTIMOFO (NAO INCLUI PERFIS)                                                                                                                                                                                                                                                                                                                                                                ","UN    ","CR","56,26"]
[39514,"PLACA D